{"text_format":"1","workbook":"xlsx","n_sheets":5,"sheets":["Sumário","Permanente","Consumo","Serviço","Tabelas Auxiliares"],"not_rendered":{"charts":1,"images":3,"macros":1,"external_links":2,"defined_names":6,"comments":0,"pivot_tables":0},"unopened":[],"bounds":{"document_bytes":16777216,"sheet_cells":100000,"rows_first":2000,"rows_last":500,"rows_between":2000,"halvings":0,"cell_chars":16384,"cell_head_chars":4096},"cells_cut":0,"cells_raw":0,"read":"whole","date_system":"1900"}

{"sheet":"Sumário","index":0,"n_rows":182,"n_cols":10,"rows_kept":182,"cut":false,"hidden":false,"merged":[[0,0,1,0],[0,1,0,3],[20,0,20,7],[72,0,72,7],[112,0,112,7]]}
["OM Apoiadas","Total em Reais"]
[null,"Consumo ","Permanente","Serviço"]
["BASE",{"$f":"SUM(B$23:B$70)","v":1623466.56},{"$f":"SUM(B$75:B$110)","v":1652982.7600000002},{"$f":"SUM(B$115:B$182)","v":1470297}]
["5DE",{"$f":"SUM(C$23:C$70)","v":169820},{"$f":"SUM(C$75:C$110)","v":198440},{"$f":"SUM(C$115:C$182)","v":25000}]
["AD5",{"$f":"SUM(D$23:D$70)","v":54528},{"$f":"SUM(D$75:D$110)","v":575100},{"$f":"SUM(D$115:D$182)","v":154225}]
["11CT",{"$f":"SUM(E$23:E$70)","v":411},{"$f":"SUM(E$75:E$110)","v":2825},{"$f":"SUM(E$115:E$182)","v":0}]
["5CIAPE",{"$f":"SUM(F$23:F$70)","v":41153},{"$f":"SUM(F$75:F$110)","v":12000},{"$f":"SUM(F$115:F$182)","v":25000}]
["CIMH",{"$f":"SUM(G$23:G$70)","v":163898.79999999999},{"$f":"SUM(G$75:G$110)","v":20790},{"$f":"SUM(G$115:G$182)","v":20100}]
["Cia Ap",{"$f":"SUM(H$23:H$70)","v":0},{"$f":"SUM(H$75:H$110)","v":93220.06},{"$f":"SUM(H$115:H$182)","v":11650}]
["5RM",{"$f":"SUM(I$23:I$70)","v":374260},{"$f":"SUM(I$75:I$110)","v":1373700},{"$f":"SUM(I$115:I$182)","v":1116260}]
["5BCOM",{"$f":"SUM(J$23:J$70)","v":0},{"$f":"SUM(J$75:J$110)","v":0},{"$f":"SUM(J$115:J$182)","v":0}]
["TOTAL",{"$f":"SUM(B3:B11)","v":2427537.3600000003},{"$f":"SUM(C3:C11)","v":3929057.8200000003},2822532]
[]
[]
[]
[]
[]
[]
[]
[]
["Material de Consumo"]
["Descrição  – Subitem","BASE","5DE","AD5","11CT","5CIAPE","CIMH","CCIAAP","5RM","5BCOM"]
["COMBUSTIVEIS E LUBRIFICANTES AUTOMOTIVOS",{"$f":"SUMIFS(Consumo!$T$6:$T$50000,Consumo!$A$6:$A$50000,Sumário!B$22,Consumo!$D$6:$D$50000,Sumário!$A23)","v":0},{"$f":"SUMIFS(Consumo!$T$6:$T$50000,Consumo!$A$6:$A$50000,Sumário!C$22,Consumo!$D$6:$D$50000,Sumário!$A23)","v":0},{"$f":"SUMIFS(Consumo!$T$6:$T$50000,Consumo!$A$6:$A$50000,Sumário!D$22,Consumo!$D$6:$D$50000,Sumário!$A23)","v":0},{"$f":"SUMIFS(Consumo!$T$6:$T$50000,Consumo!$A$6:$A$50000,Sumário!E$22,Consumo!$D$6:$D$50000,Sumário!$A23)","v":0},{"$f":"SUMIFS(Consumo!$T$6:$T$50000,Consumo!$A$6:$A$50000,Sumário!F$22,Consumo!$D$6:$D$50000,Sumário!$A23)","v":0},{"$f":"SUMIFS(Consumo!$T$6:$T$50000,Consumo!$A$6:$A$50000,Sumário!G$22,Consumo!$D$6:$D$50000,Sumário!$A23)","v":3220},{"$f":"SUMIFS(Consumo!$T$6:$T$50000,Consumo!$A$6:$A$50000,Sumário!H$22,Consumo!$D$6:$D$50000,Sumário!$A23)","v":0},{"$f":"SUMIFS(Consumo!$T$6:$T$50000,Consumo!$A$6:$A$50000,Sumário!I$22,Consumo!$D$6:$D$50000,Sumário!$A23)","v":0},{"$f":"SUMIFS(Consumo!$T$6:$T$50000,Consumo!$A$6:$A$50000,Sumário!J$22,Consumo!$D$6:$D$50000,Sumário!$A23)","v":0}]
["COMBUSTIVEIS E LUBRIFICANTES DE AVIAÇÃO",{"$f":"SUMIFS(Consumo!$T$6:$T$50000,Consumo!$A$6:$A$50000,Sumário!B$22,Consumo!$D$6:$D$50000,Sumário!$A24)","v":0},{"$f":"SUMIFS(Consumo!$T$6:$T$50000,Consumo!$A$6:$A$50000,Sumário!C$22,Consumo!$D$6:$D$50000,Sumário!$A24)","v":0},{"$f":"SUMIFS(Consumo!$T$6:$T$50000,Consumo!$A$6:$A$50000,Sumário!D$22,Consumo!$D$6:$D$50000,Sumário!$A24)","v":0},{"$f":"SUMIFS(Consumo!$T$6:$T$50000,Consumo!$A$6:$A$50000,Sumário!E$22,Consumo!$D$6:$D$50000,Sumário!$A24)","v":0},{"$f":"SUMIFS(Consumo!$T$6:$T$50000,Consumo!$A$6:$A$50000,Sumário!F$22,Consumo!$D$6:$D$50000,Sumário!$A24)","v":0},{"$f":"SUMIFS(Consumo!$T$6:$T$50000,Consumo!$A$6:$A$50000,Sumário!G$22,Consumo!$D$6:$D$50000,Sumário!$A24)","v":0},{"$f":"SUMIFS(Consumo!$T$6:$T$50000,Consumo!$A$6:$A$50000,Sumário!H$22,Consumo!$D$6:$D$50000,Sumário!$A24)","v":0},{"$f":"SUMIFS(Consumo!$T$6:$T$50000,Consumo!$A$6:$A$50000,Sumário!I$22,Consumo!$D$6:$D$50000,Sumário!$A24)","v":0},{"$f":"SUMIFS(Consumo!$T$6:$T$50000,Consumo!$A$6:$A$50000,Sumário!J$22,Consumo!$D$6:$D$50000,Sumário!$A24)","v":0}]
["COMBUSTIVEIS E LUBRIF. P/ OUTRAS FINALIDADES",{"$f":"SUMIFS(Consumo!$T$6:$T$50000,Consumo!$A$6:$A$50000,Sumário!B$22,Consumo!$D$6:$D$50000,Sumário!$A25)","v":0},{"$f":"SUMIFS(Consumo!$T$6:$T$50000,Consumo!$A$6:$A$50000,Sumário!C$22,Consumo!$D$6:$D$50000,Sumário!$A25)","v":0},{"$f":"SUMIFS(Consumo!$T$6:$T$50000,Consumo!$A$6:$A$50000,Sumário!D$22,Consumo!$D$6:$D$50000,Sumário!$A25)","v":0},{"$f":"SUMIFS(Consumo!$T$6:$T$50000,Consumo!$A$6:$A$50000,Sumário!E$22,Consumo!$D$6:$D$50000,Sumário!$A25)","v":0},{"$f":"SUMIFS(Consumo!$T$6:$T$50000,Consumo!$A$6:$A$50000,Sumário!F$22,Consumo!$D$6:$D$50000,Sumário!$A25)","v":0},{"$f":"SUMIFS(Consumo!$T$6:$T$50000,Consumo!$A$6:$A$50000,Sumário!G$22,Consumo!$D$6:$D$50000,Sumário!$A25)","v":600},{"$f":"SUMIFS(Consumo!$T$6:$T$50000,Consumo!$A$6:$A$50000,Sumário!H$22,Consumo!$D$6:$D$50000,Sumário!$A25)","v":0},{"$f":"SUMIFS(Consumo!$T$6:$T$50000,Consumo!$A$6:$A$50000,Sumário!I$22,Consumo!$D$6:$D$50000,Sumário!$A25)","v":0},{"$f":"SUMIFS(Consumo!$T$6:$T$50000,Consumo!$A$6:$A$50000,Sumário!J$22,Consumo!$D$6:$D$50000,Sumário!$A25)","v":0}]
["GAS E OUTROS MATERIAIS ENGARRAFADOS",{"$f":"SUMIFS(Consumo!$T$6:$T$50000,Consumo!$A$6:$A$50000,Sumário!B$22,Consumo!$D$6:$D$50000,Sumário!$A26)","v":1950},{"$f":"SUMIFS(Consumo!$T$6:$T$50000,Consumo!$A$6:$A$50000,Sumário!C$22,Consumo!$D$6:$D$50000,Sumário!$A26)","v":0},{"$f":"SUMIFS(Consumo!$T$6:$T$50000,Consumo!$A$6:$A$50000,Sumário!D$22,Consumo!$D$6:$D$50000,Sumário!$A26)","v":1950},{"$f":"SUMIFS(Consumo!$T$6:$T$50000,Consumo!$A$6:$A$50000,Sumário!E$22,Consumo!$D$6:$D$50000,Sumário!$A26)","v":0},{"$f":"SUMIFS(Consumo!$T$6:$T$50000,Consumo!$A$6:$A$50000,Sumário!F$22,Consumo!$D$6:$D$50000,Sumário!$A26)","v":1950},{"$f":"SUMIFS(Consumo!$T$6:$T$50000,Consumo!$A$6:$A$50000,Sumário!G$22,Consumo!$D$6:$D$50000,Sumário!$A26)","v":9975},{"$f":"SUMIFS(Consumo!$T$6:$T$50000,Consumo!$A$6:$A$50000,Sumário!H$22,Consumo!$D$6:$D$50000,Sumário!$A26)","v":0},{"$f":"SUMIFS(Consumo!$T$6:$T$50000,Consumo!$A$6:$A$50000,Sumário!I$22,Consumo!$D$6:$D$50000,Sumário!$A26)","v":0},{"$f":"SUMIFS(Consumo!$T$6:$T$50000,Consumo!$A$6:$A$50000,Sumário!J$22,Consumo!$D$6:$D$50000,Sumário!$A26)","v":0}]
["ALIMENTOS PARA ANIMAIS ",{"$f":"SUMIFS(Consumo!$T$6:$T$50000,Consumo!$A$6:$A$50000,Sumário!B$22,Consumo!$D$6:$D$50000,Sumário!$A27)","v":0},{"$f":"SUMIFS(Consumo!$T$6:$T$50000,Consumo!$A$6:$A$50000,Sumário!C$22,Consumo!$D$6:$D$50000,Sumário!$A27)","v":0},{"$f":"SUMIFS(Consumo!$T$6:$T$50000,Consumo!$A$6:$A$50000,Sumário!D$22,Consumo!$D$6:$D$50000,Sumário!$A27)","v":0},{"$f":"SUMIFS(Consumo!$T$6:$T$50000,Consumo!$A$6:$A$50000,Sumário!E$22,Consumo!$D$6:$D$50000,Sumário!$A27)","v":0},{"$f":"SUMIFS(Consumo!$T$6:$T$50000,Consumo!$A$6:$A$50000,Sumário!F$22,Consumo!$D$6:$D$50000,Sumário!$A27)","v":0},{"$f":"SUMIFS(Consumo!$T$6:$T$50000,Consumo!$A$6:$A$50000,Sumário!G$22,Consumo!$D$6:$D$50000,Sumário!$A27)","v":0},{"$f":"SUMIFS(Consumo!$T$6:$T$50000,Consumo!$A$6:$A$50000,Sumário!H$22,Consumo!$D$6:$D$50000,Sumário!$A27)","v":0},{"$f":"SUMIFS(Consumo!$T$6:$T$50000,Consumo!$A$6:$A$50000,Sumário!I$22,Consumo!$D$6:$D$50000,Sumário!$A27)","v":0},{"$f":"SUMIFS(Consumo!$T$6:$T$50000,Consumo!$A$6:$A$50000,Sumário!J$22,Consumo!$D$6:$D$50000,Sumário!$A27)","v":0}]
["GENEROS DE ALIMENTAÇÃO",{"$f":"SUMIFS(Consumo!$T$6:$T$50000,Consumo!$A$6:$A$50000,Sumário!B$22,Consumo!$D$6:$D$50000,Sumário!$A28)","v":0},{"$f":"SUMIFS(Consumo!$T$6:$T$50000,Consumo!$A$6:$A$50000,Sumário!C$22,Consumo!$D$6:$D$50000,Sumário!$A28)","v":0},{"$f":"SUMIFS(Consumo!$T$6:$T$50000,Consumo!$A$6:$A$50000,Sumário!D$22,Consumo!$D$6:$D$50000,Sumário!$A28)","v":0},{"$f":"SUMIFS(Consumo!$T$6:$T$50000,Consumo!$A$6:$A$50000,Sumário!E$22,Consumo!$D$6:$D$50000,Sumário!$A28)","v":0},{"$f":"SUMIFS(Consumo!$T$6:$T$50000,Consumo!$A$6:$A$50000,Sumário!F$22,Consumo!$D$6:$D$50000,Sumário!$A28)","v":0},{"$f":"SUMIFS(Consumo!$T$6:$T$50000,Consumo!$A$6:$A$50000,Sumário!G$22,Consumo!$D$6:$D$50000,Sumário!$A28)","v":5218.1000000000004},{"$f":"SUMIFS(Consumo!$T$6:$T$50000,Consumo!$A$6:$A$50000,Sumário!H$22,Consumo!$D$6:$D$50000,Sumário!$A28)","v":0},{"$f":"SUMIFS(Consumo!$T$6:$T$50000,Consumo!$A$6:$A$50000,Sumário!I$22,Consumo!$D$6:$D$50000,Sumário!$A28)","v":0},{"$f":"SUMIFS(Consumo!$T$6:$T$50000,Consumo!$A$6:$A$50000,Sumário!J$22,Consumo!$D$6:$D$50000,Sumário!$A28)","v":0}]
["MATERIAL FARMACOLOGICO",{"$f":"SUMIFS(Consumo!$T$6:$T$50000,Consumo!$A$6:$A$50000,Sumário!B$22,Consumo!$D$6:$D$50000,Sumário!$A29)","v":23203.8},{"$f":"SUMIFS(Consumo!$T$6:$T$50000,Consumo!$A$6:$A$50000,Sumário!C$22,Consumo!$D$6:$D$50000,Sumário!$A29)","v":0},{"$f":"SUMIFS(Consumo!$T$6:$T$50000,Consumo!$A$6:$A$50000,Sumário!D$22,Consumo!$D$6:$D$50000,Sumário!$A29)","v":0},{"$f":"SUMIFS(Consumo!$T$6:$T$50000,Consumo!$A$6:$A$50000,Sumário!E$22,Consumo!$D$6:$D$50000,Sumário!$A29)","v":0},{"$f":"SUMIFS(Consumo!$T$6:$T$50000,Consumo!$A$6:$A$50000,Sumário!F$22,Consumo!$D$6:$D$50000,Sumário!$A29)","v":0},{"$f":"SUMIFS(Consumo!$T$6:$T$50000,Consumo!$A$6:$A$50000,Sumário!G$22,Consumo!$D$6:$D$50000,Sumário!$A29)","v":0},{"$f":"SUMIFS(Consumo!$T$6:$T$50000,Consumo!$A$6:$A$50000,Sumário!H$22,Consumo!$D$6:$D$50000,Sumário!$A29)","v":0},{"$f":"SUMIFS(Consumo!$T$6:$T$50000,Consumo!$A$6:$A$50000,Sumário!I$22,Consumo!$D$6:$D$50000,Sumário!$A29)","v":0},{"$f":"SUMIFS(Consumo!$T$6:$T$50000,Consumo!$A$6:$A$50000,Sumário!J$22,Consumo!$D$6:$D$50000,Sumário!$A29)","v":0}]
["MATERIAL ODONTOLOGICO",{"$f":"SUMIFS(Consumo!$T$6:$T$50000,Consumo!$A$6:$A$50000,Sumário!B$22,Consumo!$D$6:$D$50000,Sumário!$A30)","v":84232.16},{"$f":"SUMIFS(Consumo!$T$6:$T$50000,Consumo!$A$6:$A$50000,Sumário!C$22,Consumo!$D$6:$D$50000,Sumário!$A30)","v":0},{"$f":"SUMIFS(Consumo!$T$6:$T$50000,Consumo!$A$6:$A$50000,Sumário!D$22,Consumo!$D$6:$D$50000,Sumário!$A30)","v":0},{"$f":"SUMIFS(Consumo!$T$6:$T$50000,Consumo!$A$6:$A$50000,Sumário!E$22,Consumo!$D$6:$D$50000,Sumário!$A30)","v":0},{"$f":"SUMIFS(Consumo!$T$6:$T$50000,Consumo!$A$6:$A$50000,Sumário!F$22,Consumo!$D$6:$D$50000,Sumário!$A30)","v":0},{"$f":"SUMIFS(Consumo!$T$6:$T$50000,Consumo!$A$6:$A$50000,Sumário!G$22,Consumo!$D$6:$D$50000,Sumário!$A30)","v":0},{"$f":"SUMIFS(Consumo!$T$6:$T$50000,Consumo!$A$6:$A$50000,Sumário!H$22,Consumo!$D$6:$D$50000,Sumário!$A30)","v":0},{"$f":"SUMIFS(Consumo!$T$6:$T$50000,Consumo!$A$6:$A$50000,Sumário!I$22,Consumo!$D$6:$D$50000,Sumário!$A30)","v":0},{"$f":"SUMIFS(Consumo!$T$6:$T$50000,Consumo!$A$6:$A$50000,Sumário!J$22,Consumo!$D$6:$D$50000,Sumário!$A30)","v":0}]
["MATERIAL QUIMICO",{"$f":"SUMIFS(Consumo!$T$6:$T$50000,Consumo!$A$6:$A$50000,Sumário!B$22,Consumo!$D$6:$D$50000,Sumário!$A31)","v":0},{"$f":"SUMIFS(Consumo!$T$6:$T$50000,Consumo!$A$6:$A$50000,Sumário!C$22,Consumo!$D$6:$D$50000,Sumário!$A31)","v":0},{"$f":"SUMIFS(Consumo!$T$6:$T$50000,Consumo!$A$6:$A$50000,Sumário!D$22,Consumo!$D$6:$D$50000,Sumário!$A31)","v":0},{"$f":"SUMIFS(Consumo!$T$6:$T$50000,Consumo!$A$6:$A$50000,Sumário!E$22,Consumo!$D$6:$D$50000,Sumário!$A31)","v":0},{"$f":"SUMIFS(Consumo!$T$6:$T$50000,Consumo!$A$6:$A$50000,Sumário!F$22,Consumo!$D$6:$D$50000,Sumário!$A31)","v":0},{"$f":"SUMIFS(Consumo!$T$6:$T$50000,Consumo!$A$6:$A$50000,Sumário!G$22,Consumo!$D$6:$D$50000,Sumário!$A31)","v":0},{"$f":"SUMIFS(Consumo!$T$6:$T$50000,Consumo!$A$6:$A$50000,Sumário!H$22,Consumo!$D$6:$D$50000,Sumário!$A31)","v":0},{"$f":"SUMIFS(Consumo!$T$6:$T$50000,Consumo!$A$6:$A$50000,Sumário!I$22,Consumo!$D$6:$D$50000,Sumário!$A31)","v":0},{"$f":"SUMIFS(Consumo!$T$6:$T$50000,Consumo!$A$6:$A$50000,Sumário!J$22,Consumo!$D$6:$D$50000,Sumário!$A31)","v":0}]
["MATERIAL DE COUDELARIA OU DE USO ZOOTECNICO",{"$f":"SUMIFS(Consumo!$T$6:$T$50000,Consumo!$A$6:$A$50000,Sumário!B$22,Consumo!$D$6:$D$50000,Sumário!$A32)","v":0},{"$f":"SUMIFS(Consumo!$T$6:$T$50000,Consumo!$A$6:$A$50000,Sumário!C$22,Consumo!$D$6:$D$50000,Sumário!$A32)","v":0},{"$f":"SUMIFS(Consumo!$T$6:$T$50000,Consumo!$A$6:$A$50000,Sumário!D$22,Consumo!$D$6:$D$50000,Sumário!$A32)","v":0},{"$f":"SUMIFS(Consumo!$T$6:$T$50000,Consumo!$A$6:$A$50000,Sumário!E$22,Consumo!$D$6:$D$50000,Sumário!$A32)","v":0},{"$f":"SUMIFS(Consumo!$T$6:$T$50000,Consumo!$A$6:$A$50000,Sumário!F$22,Consumo!$D$6:$D$50000,Sumário!$A32)","v":0},{"$f":"SUMIFS(Consumo!$T$6:$T$50000,Consumo!$A$6:$A$50000,Sumário!G$22,Consumo!$D$6:$D$50000,Sumário!$A32)","v":0},{"$f":"SUMIFS(Consumo!$T$6:$T$50000,Consumo!$A$6:$A$50000,Sumário!H$22,Consumo!$D$6:$D$50000,Sumário!$A32)","v":0},{"$f":"SUMIFS(Consumo!$T$6:$T$50000,Consumo!$A$6:$A$50000,Sumário!I$22,Consumo!$D$6:$D$50000,Sumário!$A32)","v":0},{"$f":"SUMIFS(Consumo!$T$6:$T$50000,Consumo!$A$6:$A$50000,Sumário!J$22,Consumo!$D$6:$D$50000,Sumário!$A32)","v":0}]
["MATERIAL DE CACA E PESCA",{"$f":"SUMIFS(Consumo!$T$6:$T$50000,Consumo!$A$6:$A$50000,Sumário!B$22,Consumo!$D$6:$D$50000,Sumário!$A33)","v":0},{"$f":"SUMIFS(Consumo!$T$6:$T$50000,Consumo!$A$6:$A$50000,Sumário!C$22,Consumo!$D$6:$D$50000,Sumário!$A33)","v":0},{"$f":"SUMIFS(Consumo!$T$6:$T$50000,Consumo!$A$6:$A$50000,Sumário!D$22,Consumo!$D$6:$D$50000,Sumário!$A33)","v":0},{"$f":"SUMIFS(Consumo!$T$6:$T$50000,Consumo!$A$6:$A$50000,Sumário!E$22,Consumo!$D$6:$D$50000,Sumário!$A33)","v":0},{"$f":"SUMIFS(Consumo!$T$6:$T$50000,Consumo!$A$6:$A$50000,Sumário!F$22,Consumo!$D$6:$D$50000,Sumário!$A33)","v":0},{"$f":"SUMIFS(Consumo!$T$6:$T$50000,Consumo!$A$6:$A$50000,Sumário!G$22,Consumo!$D$6:$D$50000,Sumário!$A33)","v":0},{"$f":"SUMIFS(Consumo!$T$6:$T$50000,Consumo!$A$6:$A$50000,Sumário!H$22,Consumo!$D$6:$D$50000,Sumário!$A33)","v":0},{"$f":"SUMIFS(Consumo!$T$6:$T$50000,Consumo!$A$6:$A$50000,Sumário!I$22,Consumo!$D$6:$D$50000,Sumário!$A33)","v":0},{"$f":"SUMIFS(Consumo!$T$6:$T$50000,Consumo!$A$6:$A$50000,Sumário!J$22,Consumo!$D$6:$D$50000,Sumário!$A33)","v":0}]
["MATERIAL EDUCATIVO E ESPORTIVO",{"$f":"SUMIFS(Consumo!$T$6:$T$50000,Consumo!$A$6:$A$50000,Sumário!B$22,Consumo!$D$6:$D$50000,Sumário!$A34)","v":0},{"$f":"SUMIFS(Consumo!$T$6:$T$50000,Consumo!$A$6:$A$50000,Sumário!C$22,Consumo!$D$6:$D$50000,Sumário!$A34)","v":0},{"$f":"SUMIFS(Consumo!$T$6:$T$50000,Consumo!$A$6:$A$50000,Sumário!D$22,Consumo!$D$6:$D$50000,Sumário!$A34)","v":0},{"$f":"SUMIFS(Consumo!$T$6:$T$50000,Consumo!$A$6:$A$50000,Sumário!E$22,Consumo!$D$6:$D$50000,Sumário!$A34)","v":0},{"$f":"SUMIFS(Consumo!$T$6:$T$50000,Consumo!$A$6:$A$50000,Sumário!F$22,Consumo!$D$6:$D$50000,Sumário!$A34)","v":0},{"$f":"SUMIFS(Consumo!$T$6:$T$50000,Consumo!$A$6:$A$50000,Sumário!G$22,Consumo!$D$6:$D$50000,Sumário!$A34)","v":0},{"$f":"SUMIFS(Consumo!$T$6:$T$50000,Consumo!$A$6:$A$50000,Sumário!H$22,Consumo!$D$6:$D$50000,Sumário!$A34)","v":0},{"$f":"SUMIFS(Consumo!$T$6:$T$50000,Consumo!$A$6:$A$50000,Sumário!I$22,Consumo!$D$6:$D$50000,Sumário!$A34)","v":0},{"$f":"SUMIFS(Consumo!$T$6:$T$50000,Consumo!$A$6:$A$50000,Sumário!J$22,Consumo!$D$6:$D$50000,Sumário!$A34)","v":0}]
["MATERIAL P/ FESTIVIDADES E HOMENAGENS",{"$f":"SUMIFS(Consumo!$T$6:$T$50000,Consumo!$A$6:$A$50000,Sumário!B$22,Consumo!$D$6:$D$50000,Sumário!$A35)","v":0},{"$f":"SUMIFS(Consumo!$T$6:$T$50000,Consumo!$A$6:$A$50000,Sumário!C$22,Consumo!$D$6:$D$50000,Sumário!$A35)","v":0},{"$f":"SUMIFS(Consumo!$T$6:$T$50000,Consumo!$A$6:$A$50000,Sumário!D$22,Consumo!$D$6:$D$50000,Sumário!$A35)","v":0},{"$f":"SUMIFS(Consumo!$T$6:$T$50000,Consumo!$A$6:$A$50000,Sumário!E$22,Consumo!$D$6:$D$50000,Sumário!$A35)","v":0},{"$f":"SUMIFS(Consumo!$T$6:$T$50000,Consumo!$A$6:$A$50000,Sumário!F$22,Consumo!$D$6:$D$50000,Sumário!$A35)","v":0},{"$f":"SUMIFS(Consumo!$T$6:$T$50000,Consumo!$A$6:$A$50000,Sumário!G$22,Consumo!$D$6:$D$50000,Sumário!$A35)","v":0},{"$f":"SUMIFS(Consumo!$T$6:$T$50000,Consumo!$A$6:$A$50000,Sumário!H$22,Consumo!$D$6:$D$50000,Sumário!$A35)","v":0},{"$f":"SUMIFS(Consumo!$T$6:$T$50000,Consumo!$A$6:$A$50000,Sumário!I$22,Consumo!$D$6:$D$50000,Sumário!$A35)","v":0},{"$f":"SUMIFS(Consumo!$T$6:$T$50000,Consumo!$A$6:$A$50000,Sumário!J$22,Consumo!$D$6:$D$50000,Sumário!$A35)","v":0}]
["MATERIAL DE EXPEDIENTE",{"$f":"SUMIFS(Consumo!$T$6:$T$50000,Consumo!$A$6:$A$50000,Sumário!B$22,Consumo!$D$6:$D$50000,Sumário!$A36)","v":400},{"$f":"SUMIFS(Consumo!$T$6:$T$50000,Consumo!$A$6:$A$50000,Sumário!C$22,Consumo!$D$6:$D$50000,Sumário!$A36)","v":122028},{"$f":"SUMIFS(Consumo!$T$6:$T$50000,Consumo!$A$6:$A$50000,Sumário!D$22,Consumo!$D$6:$D$50000,Sumário!$A36)","v":583},{"$f":"SUMIFS(Consumo!$T$6:$T$50000,Consumo!$A$6:$A$50000,Sumário!E$22,Consumo!$D$6:$D$50000,Sumário!$A36)","v":21},{"$f":"SUMIFS(Consumo!$T$6:$T$50000,Consumo!$A$6:$A$50000,Sumário!F$22,Consumo!$D$6:$D$50000,Sumário!$A36)","v":583},{"$f":"SUMIFS(Consumo!$T$6:$T$50000,Consumo!$A$6:$A$50000,Sumário!G$22,Consumo!$D$6:$D$50000,Sumário!$A36)","v":2300},{"$f":"SUMIFS(Consumo!$T$6:$T$50000,Consumo!$A$6:$A$50000,Sumário!H$22,Consumo!$D$6:$D$50000,Sumário!$A36)","v":0},{"$f":"SUMIFS(Consumo!$T$6:$T$50000,Consumo!$A$6:$A$50000,Sumário!I$22,Consumo!$D$6:$D$50000,Sumário!$A36)","v":0},{"$f":"SUMIFS(Consumo!$T$6:$T$50000,Consumo!$A$6:$A$50000,Sumário!J$22,Consumo!$D$6:$D$50000,Sumário!$A36)","v":0}]
["MATERIAL DE PROCESSAMENTO DE DADOS",{"$f":"SUMIFS(Consumo!$T$6:$T$50000,Consumo!$A$6:$A$50000,Sumário!B$22,Consumo!$D$6:$D$50000,Sumário!$A37)","v":374260},{"$f":"SUMIFS(Consumo!$T$6:$T$50000,Consumo!$A$6:$A$50000,Sumário!C$22,Consumo!$D$6:$D$50000,Sumário!$A37)","v":0},{"$f":"SUMIFS(Consumo!$T$6:$T$50000,Consumo!$A$6:$A$50000,Sumário!D$22,Consumo!$D$6:$D$50000,Sumário!$A37)","v":13375},{"$f":"SUMIFS(Consumo!$T$6:$T$50000,Consumo!$A$6:$A$50000,Sumário!E$22,Consumo!$D$6:$D$50000,Sumário!$A37)","v":0},{"$f":"SUMIFS(Consumo!$T$6:$T$50000,Consumo!$A$6:$A$50000,Sumário!F$22,Consumo!$D$6:$D$50000,Sumário!$A37)","v":0},{"$f":"SUMIFS(Consumo!$T$6:$T$50000,Consumo!$A$6:$A$50000,Sumário!G$22,Consumo!$D$6:$D$50000,Sumário!$A37)","v":0},{"$f":"SUMIFS(Consumo!$T$6:$T$50000,Consumo!$A$6:$A$50000,Sumário!H$22,Consumo!$D$6:$D$50000,Sumário!$A37)","v":0},{"$f":"SUMIFS(Consumo!$T$6:$T$50000,Consumo!$A$6:$A$50000,Sumário!I$22,Consumo!$D$6:$D$50000,Sumário!$A37)","v":374260},{"$f":"SUMIFS(Consumo!$T$6:$T$50000,Consumo!$A$6:$A$50000,Sumário!J$22,Consumo!$D$6:$D$50000,Sumário!$A37)","v":0}]
["MATERIAIS E MEDICAMENTOS P/ USO VETERINARIO",{"$f":"SUMIFS(Consumo!$T$6:$T$50000,Consumo!$A$6:$A$50000,Sumário!B$22,Consumo!$D$6:$D$50000,Sumário!$A38)","v":0},{"$f":"SUMIFS(Consumo!$T$6:$T$50000,Consumo!$A$6:$A$50000,Sumário!C$22,Consumo!$D$6:$D$50000,Sumário!$A38)","v":0},{"$f":"SUMIFS(Consumo!$T$6:$T$50000,Consumo!$A$6:$A$50000,Sumário!D$22,Consumo!$D$6:$D$50000,Sumário!$A38)","v":0},{"$f":"SUMIFS(Consumo!$T$6:$T$50000,Consumo!$A$6:$A$50000,Sumário!E$22,Consumo!$D$6:$D$50000,Sumário!$A38)","v":0},{"$f":"SUMIFS(Consumo!$T$6:$T$50000,Consumo!$A$6:$A$50000,Sumário!F$22,Consumo!$D$6:$D$50000,Sumário!$A38)","v":0},{"$f":"SUMIFS(Consumo!$T$6:$T$50000,Consumo!$A$6:$A$50000,Sumário!G$22,Consumo!$D$6:$D$50000,Sumário!$A38)","v":0},{"$f":"SUMIFS(Consumo!$T$6:$T$50000,Consumo!$A$6:$A$50000,Sumário!H$22,Consumo!$D$6:$D$50000,Sumário!$A38)","v":0},{"$f":"SUMIFS(Consumo!$T$6:$T$50000,Consumo!$A$6:$A$50000,Sumário!I$22,Consumo!$D$6:$D$50000,Sumário!$A38)","v":0},{"$f":"SUMIFS(Consumo!$T$6:$T$50000,Consumo!$A$6:$A$50000,Sumário!J$22,Consumo!$D$6:$D$50000,Sumário!$A38)","v":0}]
["MATERIAL DE ACONDICIONAMENTO E EMBALAGEM",{"$f":"SUMIFS(Consumo!$T$6:$T$50000,Consumo!$A$6:$A$50000,Sumário!B$22,Consumo!$D$6:$D$50000,Sumário!$A39)","v":0},{"$f":"SUMIFS(Consumo!$T$6:$T$50000,Consumo!$A$6:$A$50000,Sumário!C$22,Consumo!$D$6:$D$50000,Sumário!$A39)","v":14722},{"$f":"SUMIFS(Consumo!$T$6:$T$50000,Consumo!$A$6:$A$50000,Sumário!D$22,Consumo!$D$6:$D$50000,Sumário!$A39)","v":0},{"$f":"SUMIFS(Consumo!$T$6:$T$50000,Consumo!$A$6:$A$50000,Sumário!E$22,Consumo!$D$6:$D$50000,Sumário!$A39)","v":0},{"$f":"SUMIFS(Consumo!$T$6:$T$50000,Consumo!$A$6:$A$50000,Sumário!F$22,Consumo!$D$6:$D$50000,Sumário!$A39)","v":0},{"$f":"SUMIFS(Consumo!$T$6:$T$50000,Consumo!$A$6:$A$50000,Sumário!G$22,Consumo!$D$6:$D$50000,Sumário!$A39)","v":540},{"$f":"SUMIFS(Consumo!$T$6:$T$50000,Consumo!$A$6:$A$50000,Sumário!H$22,Consumo!$D$6:$D$50000,Sumário!$A39)","v":0},{"$f":"SUMIFS(Consumo!$T$6:$T$50000,Consumo!$A$6:$A$50000,Sumário!I$22,Consumo!$D$6:$D$50000,Sumário!$A39)","v":0},{"$f":"SUMIFS(Consumo!$T$6:$T$50000,Consumo!$A$6:$A$50000,Sumário!J$22,Consumo!$D$6:$D$50000,Sumário!$A39)","v":0}]
["MATERIAL DE CAMA, MESA E BANHO",{"$f":"SUMIFS(Consumo!$T$6:$T$50000,Consumo!$A$6:$A$50000,Sumário!B$22,Consumo!$D$6:$D$50000,Sumário!$A40)","v":0},{"$f":"SUMIFS(Consumo!$T$6:$T$50000,Consumo!$A$6:$A$50000,Sumário!C$22,Consumo!$D$6:$D$50000,Sumário!$A40)","v":0},{"$f":"SUMIFS(Consumo!$T$6:$T$50000,Consumo!$A$6:$A$50000,Sumário!D$22,Consumo!$D$6:$D$50000,Sumário!$A40)","v":0},{"$f":"SUMIFS(Consumo!$T$6:$T$50000,Consumo!$A$6:$A$50000,Sumário!E$22,Consumo!$D$6:$D$50000,Sumário!$A40)","v":0},{"$f":"SUMIFS(Consumo!$T$6:$T$50000,Consumo!$A$6:$A$50000,Sumário!F$22,Consumo!$D$6:$D$50000,Sumário!$A40)","v":0},{"$f":"SUMIFS(Consumo!$T$6:$T$50000,Consumo!$A$6:$A$50000,Sumário!G$22,Consumo!$D$6:$D$50000,Sumário!$A40)","v":0},{"$f":"SUMIFS(Consumo!$T$6:$T$50000,Consumo!$A$6:$A$50000,Sumário!H$22,Consumo!$D$6:$D$50000,Sumário!$A40)","v":0},{"$f":"SUMIFS(Consumo!$T$6:$T$50000,Consumo!$A$6:$A$50000,Sumário!I$22,Consumo!$D$6:$D$50000,Sumário!$A40)","v":0},{"$f":"SUMIFS(Consumo!$T$6:$T$50000,Consumo!$A$6:$A$50000,Sumário!J$22,Consumo!$D$6:$D$50000,Sumário!$A40)","v":0}]
["MATERIAL DE COPA E COZINHA",{"$f":"SUMIFS(Consumo!$T$6:$T$50000,Consumo!$A$6:$A$50000,Sumário!B$22,Consumo!$D$6:$D$50000,Sumário!$A41)","v":0},{"$f":"SUMIFS(Consumo!$T$6:$T$50000,Consumo!$A$6:$A$50000,Sumário!C$22,Consumo!$D$6:$D$50000,Sumário!$A41)","v":0},{"$f":"SUMIFS(Consumo!$T$6:$T$50000,Consumo!$A$6:$A$50000,Sumário!D$22,Consumo!$D$6:$D$50000,Sumário!$A41)","v":0},{"$f":"SUMIFS(Consumo!$T$6:$T$50000,Consumo!$A$6:$A$50000,Sumário!E$22,Consumo!$D$6:$D$50000,Sumário!$A41)","v":0},{"$f":"SUMIFS(Consumo!$T$6:$T$50000,Consumo!$A$6:$A$50000,Sumário!F$22,Consumo!$D$6:$D$50000,Sumário!$A41)","v":0},{"$f":"SUMIFS(Consumo!$T$6:$T$50000,Consumo!$A$6:$A$50000,Sumário!G$22,Consumo!$D$6:$D$50000,Sumário!$A41)","v":0},{"$f":"SUMIFS(Consumo!$T$6:$T$50000,Consumo!$A$6:$A$50000,Sumário!H$22,Consumo!$D$6:$D$50000,Sumário!$A41)","v":0},{"$f":"SUMIFS(Consumo!$T$6:$T$50000,Consumo!$A$6:$A$50000,Sumário!I$22,Consumo!$D$6:$D$50000,Sumário!$A41)","v":0},{"$f":"SUMIFS(Consumo!$T$6:$T$50000,Consumo!$A$6:$A$50000,Sumário!J$22,Consumo!$D$6:$D$50000,Sumário!$A41)","v":0}]
["MATERIAL DE LIMPEZA E PROD. DE HIGIENIZAÇÃO",{"$f":"SUMIFS(Consumo!$T$6:$T$50000,Consumo!$A$6:$A$50000,Sumário!B$22,Consumo!$D$6:$D$50000,Sumário!$A42)","v":45334.1},{"$f":"SUMIFS(Consumo!$T$6:$T$50000,Consumo!$A$6:$A$50000,Sumário!C$22,Consumo!$D$6:$D$50000,Sumário!$A42)","v":0},{"$f":"SUMIFS(Consumo!$T$6:$T$50000,Consumo!$A$6:$A$50000,Sumário!D$22,Consumo!$D$6:$D$50000,Sumário!$A42)","v":16835},{"$f":"SUMIFS(Consumo!$T$6:$T$50000,Consumo!$A$6:$A$50000,Sumário!E$22,Consumo!$D$6:$D$50000,Sumário!$A42)","v":0},{"$f":"SUMIFS(Consumo!$T$6:$T$50000,Consumo!$A$6:$A$50000,Sumário!F$22,Consumo!$D$6:$D$50000,Sumário!$A42)","v":16835},{"$f":"SUMIFS(Consumo!$T$6:$T$50000,Consumo!$A$6:$A$50000,Sumário!G$22,Consumo!$D$6:$D$50000,Sumário!$A42)","v":10285.700000000001},{"$f":"SUMIFS(Consumo!$T$6:$T$50000,Consumo!$A$6:$A$50000,Sumário!H$22,Consumo!$D$6:$D$50000,Sumário!$A42)","v":0},{"$f":"SUMIFS(Consumo!$T$6:$T$50000,Consumo!$A$6:$A$50000,Sumário!I$22,Consumo!$D$6:$D$50000,Sumário!$A42)","v":0},{"$f":"SUMIFS(Consumo!$T$6:$T$50000,Consumo!$A$6:$A$50000,Sumário!J$22,Consumo!$D$6:$D$50000,Sumário!$A42)","v":0}]
["UNIFORMES, TECIDOS E AVIAMENTOS",{"$f":"SUMIFS(Consumo!$T$6:$T$50000,Consumo!$A$6:$A$50000,Sumário!B$22,Consumo!$D$6:$D$50000,Sumário!$A43)","v":126700},{"$f":"SUMIFS(Consumo!$T$6:$T$50000,Consumo!$A$6:$A$50000,Sumário!C$22,Consumo!$D$6:$D$50000,Sumário!$A43)","v":0},{"$f":"SUMIFS(Consumo!$T$6:$T$50000,Consumo!$A$6:$A$50000,Sumário!D$22,Consumo!$D$6:$D$50000,Sumário!$A43)","v":0},{"$f":"SUMIFS(Consumo!$T$6:$T$50000,Consumo!$A$6:$A$50000,Sumário!E$22,Consumo!$D$6:$D$50000,Sumário!$A43)","v":0},{"$f":"SUMIFS(Consumo!$T$6:$T$50000,Consumo!$A$6:$A$50000,Sumário!F$22,Consumo!$D$6:$D$50000,Sumário!$A43)","v":0},{"$f":"SUMIFS(Consumo!$T$6:$T$50000,Consumo!$A$6:$A$50000,Sumário!G$22,Consumo!$D$6:$D$50000,Sumário!$A43)","v":0},{"$f":"SUMIFS(Consumo!$T$6:$T$50000,Consumo!$A$6:$A$50000,Sumário!H$22,Consumo!$D$6:$D$50000,Sumário!$A43)","v":0},{"$f":"SUMIFS(Consumo!$T$6:$T$50000,Consumo!$A$6:$A$50000,Sumário!I$22,Consumo!$D$6:$D$50000,Sumário!$A43)","v":0},{"$f":"SUMIFS(Consumo!$T$6:$T$50000,Consumo!$A$6:$A$50000,Sumário!J$22,Consumo!$D$6:$D$50000,Sumário!$A43)","v":0}]
["MATERIAL P/ MANUT.DE BENS IMOVEIS/INSTALACOES",{"$f":"SUMIFS(Consumo!$T$6:$T$50000,Consumo!$A$6:$A$50000,Sumário!B$22,Consumo!$D$6:$D$50000,Sumário!$A44)","v":847822.17999999993},{"$f":"SUMIFS(Consumo!$T$6:$T$50000,Consumo!$A$6:$A$50000,Sumário!C$22,Consumo!$D$6:$D$50000,Sumário!$A44)","v":0},{"$f":"SUMIFS(Consumo!$T$6:$T$50000,Consumo!$A$6:$A$50000,Sumário!D$22,Consumo!$D$6:$D$50000,Sumário!$A44)","v":0},{"$f":"SUMIFS(Consumo!$T$6:$T$50000,Consumo!$A$6:$A$50000,Sumário!E$22,Consumo!$D$6:$D$50000,Sumário!$A44)","v":15},{"$f":"SUMIFS(Consumo!$T$6:$T$50000,Consumo!$A$6:$A$50000,Sumário!F$22,Consumo!$D$6:$D$50000,Sumário!$A44)","v":0},{"$f":"SUMIFS(Consumo!$T$6:$T$50000,Consumo!$A$6:$A$50000,Sumário!G$22,Consumo!$D$6:$D$50000,Sumário!$A44)","v":54710},{"$f":"SUMIFS(Consumo!$T$6:$T$50000,Consumo!$A$6:$A$50000,Sumário!H$22,Consumo!$D$6:$D$50000,Sumário!$A44)","v":0},{"$f":"SUMIFS(Consumo!$T$6:$T$50000,Consumo!$A$6:$A$50000,Sumário!I$22,Consumo!$D$6:$D$50000,Sumário!$A44)","v":0},{"$f":"SUMIFS(Consumo!$T$6:$T$50000,Consumo!$A$6:$A$50000,Sumário!J$22,Consumo!$D$6:$D$50000,Sumário!$A44)","v":0}]
["MATERIAL P/ MANUTENCAO DE BENS MOVEIS",{"$f":"SUMIFS(Consumo!$T$6:$T$50000,Consumo!$A$6:$A$50000,Sumário!B$22,Consumo!$D$6:$D$50000,Sumário!$A45)","v":1560},{"$f":"SUMIFS(Consumo!$T$6:$T$50000,Consumo!$A$6:$A$50000,Sumário!C$22,Consumo!$D$6:$D$50000,Sumário!$A45)","v":0},{"$f":"SUMIFS(Consumo!$T$6:$T$50000,Consumo!$A$6:$A$50000,Sumário!D$22,Consumo!$D$6:$D$50000,Sumário!$A45)","v":0},{"$f":"SUMIFS(Consumo!$T$6:$T$50000,Consumo!$A$6:$A$50000,Sumário!E$22,Consumo!$D$6:$D$50000,Sumário!$A45)","v":0},{"$f":"SUMIFS(Consumo!$T$6:$T$50000,Consumo!$A$6:$A$50000,Sumário!F$22,Consumo!$D$6:$D$50000,Sumário!$A45)","v":0},{"$f":"SUMIFS(Consumo!$T$6:$T$50000,Consumo!$A$6:$A$50000,Sumário!G$22,Consumo!$D$6:$D$50000,Sumário!$A45)","v":150},{"$f":"SUMIFS(Consumo!$T$6:$T$50000,Consumo!$A$6:$A$50000,Sumário!H$22,Consumo!$D$6:$D$50000,Sumário!$A45)","v":0},{"$f":"SUMIFS(Consumo!$T$6:$T$50000,Consumo!$A$6:$A$50000,Sumário!I$22,Consumo!$D$6:$D$50000,Sumário!$A45)","v":0},{"$f":"SUMIFS(Consumo!$T$6:$T$50000,Consumo!$A$6:$A$50000,Sumário!J$22,Consumo!$D$6:$D$50000,Sumário!$A45)","v":0}]
["MATERIAL ELETRICO E ELETRONICO",{"$f":"SUMIFS(Consumo!$T$6:$T$50000,Consumo!$A$6:$A$50000,Sumário!B$22,Consumo!$D$6:$D$50000,Sumário!$A46)","v":1560},{"$f":"SUMIFS(Consumo!$T$6:$T$50000,Consumo!$A$6:$A$50000,Sumário!C$22,Consumo!$D$6:$D$50000,Sumário!$A46)","v":10600},{"$f":"SUMIFS(Consumo!$T$6:$T$50000,Consumo!$A$6:$A$50000,Sumário!D$22,Consumo!$D$6:$D$50000,Sumário!$A46)","v":4060},{"$f":"SUMIFS(Consumo!$T$6:$T$50000,Consumo!$A$6:$A$50000,Sumário!E$22,Consumo!$D$6:$D$50000,Sumário!$A46)","v":375},{"$f":"SUMIFS(Consumo!$T$6:$T$50000,Consumo!$A$6:$A$50000,Sumário!F$22,Consumo!$D$6:$D$50000,Sumário!$A46)","v":4060},{"$f":"SUMIFS(Consumo!$T$6:$T$50000,Consumo!$A$6:$A$50000,Sumário!G$22,Consumo!$D$6:$D$50000,Sumário!$A46)","v":0},{"$f":"SUMIFS(Consumo!$T$6:$T$50000,Consumo!$A$6:$A$50000,Sumário!H$22,Consumo!$D$6:$D$50000,Sumário!$A46)","v":0},{"$f":"SUMIFS(Consumo!$T$6:$T$50000,Consumo!$A$6:$A$50000,Sumário!I$22,Consumo!$D$6:$D$50000,Sumário!$A46)","v":0},{"$f":"SUMIFS(Consumo!$T$6:$T$50000,Consumo!$A$6:$A$50000,Sumário!J$22,Consumo!$D$6:$D$50000,Sumário!$A46)","v":0}]
["MATERIAL DE PROTECAO E SEGURANCA",{"$f":"SUMIFS(Consumo!$T$6:$T$50000,Consumo!$A$6:$A$50000,Sumário!B$22,Consumo!$D$6:$D$50000,Sumário!$A47)","v":0},{"$f":"SUMIFS(Consumo!$T$6:$T$50000,Consumo!$A$6:$A$50000,Sumário!C$22,Consumo!$D$6:$D$50000,Sumário!$A47)","v":0},{"$f":"SUMIFS(Consumo!$T$6:$T$50000,Consumo!$A$6:$A$50000,Sumário!D$22,Consumo!$D$6:$D$50000,Sumário!$A47)","v":0},{"$f":"SUMIFS(Consumo!$T$6:$T$50000,Consumo!$A$6:$A$50000,Sumário!E$22,Consumo!$D$6:$D$50000,Sumário!$A47)","v":0},{"$f":"SUMIFS(Consumo!$T$6:$T$50000,Consumo!$A$6:$A$50000,Sumário!F$22,Consumo!$D$6:$D$50000,Sumário!$A47)","v":0},{"$f":"SUMIFS(Consumo!$T$6:$T$50000,Consumo!$A$6:$A$50000,Sumário!G$22,Consumo!$D$6:$D$50000,Sumário!$A47)","v":2200},{"$f":"SUMIFS(Consumo!$T$6:$T$50000,Consumo!$A$6:$A$50000,Sumário!H$22,Consumo!$D$6:$D$50000,Sumário!$A47)","v":0},{"$f":"SUMIFS(Consumo!$T$6:$T$50000,Consumo!$A$6:$A$50000,Sumário!I$22,Consumo!$D$6:$D$50000,Sumário!$A47)","v":0},{"$f":"SUMIFS(Consumo!$T$6:$T$50000,Consumo!$A$6:$A$50000,Sumário!J$22,Consumo!$D$6:$D$50000,Sumário!$A47)","v":0}]
["MATERIAL P/ AUDIO, VIDEO E FOTO",{"$f":"SUMIFS(Consumo!$T$6:$T$50000,Consumo!$A$6:$A$50000,Sumário!B$22,Consumo!$D$6:$D$50000,Sumário!$A48)","v":0},{"$f":"SUMIFS(Consumo!$T$6:$T$50000,Consumo!$A$6:$A$50000,Sumário!C$22,Consumo!$D$6:$D$50000,Sumário!$A48)","v":0},{"$f":"SUMIFS(Consumo!$T$6:$T$50000,Consumo!$A$6:$A$50000,Sumário!D$22,Consumo!$D$6:$D$50000,Sumário!$A48)","v":0},{"$f":"SUMIFS(Consumo!$T$6:$T$50000,Consumo!$A$6:$A$50000,Sumário!E$22,Consumo!$D$6:$D$50000,Sumário!$A48)","v":0},{"$f":"SUMIFS(Consumo!$T$6:$T$50000,Consumo!$A$6:$A$50000,Sumário!F$22,Consumo!$D$6:$D$50000,Sumário!$A48)","v":0},{"$f":"SUMIFS(Consumo!$T$6:$T$50000,Consumo!$A$6:$A$50000,Sumário!G$22,Consumo!$D$6:$D$50000,Sumário!$A48)","v":0},{"$f":"SUMIFS(Consumo!$T$6:$T$50000,Consumo!$A$6:$A$50000,Sumário!H$22,Consumo!$D$6:$D$50000,Sumário!$A48)","v":0},{"$f":"SUMIFS(Consumo!$T$6:$T$50000,Consumo!$A$6:$A$50000,Sumário!I$22,Consumo!$D$6:$D$50000,Sumário!$A48)","v":0},{"$f":"SUMIFS(Consumo!$T$6:$T$50000,Consumo!$A$6:$A$50000,Sumário!J$22,Consumo!$D$6:$D$50000,Sumário!$A48)","v":0}]
["MATERIAL PARA COMUNICACOES",{"$f":"SUMIFS(Consumo!$T$6:$T$50000,Consumo!$A$6:$A$50000,Sumário!B$22,Consumo!$D$6:$D$50000,Sumário!$A49)","v":0},{"$f":"SUMIFS(Consumo!$T$6:$T$50000,Consumo!$A$6:$A$50000,Sumário!C$22,Consumo!$D$6:$D$50000,Sumário!$A49)","v":0},{"$f":"SUMIFS(Consumo!$T$6:$T$50000,Consumo!$A$6:$A$50000,Sumário!D$22,Consumo!$D$6:$D$50000,Sumário!$A49)","v":0},{"$f":"SUMIFS(Consumo!$T$6:$T$50000,Consumo!$A$6:$A$50000,Sumário!E$22,Consumo!$D$6:$D$50000,Sumário!$A49)","v":0},{"$f":"SUMIFS(Consumo!$T$6:$T$50000,Consumo!$A$6:$A$50000,Sumário!F$22,Consumo!$D$6:$D$50000,Sumário!$A49)","v":0},{"$f":"SUMIFS(Consumo!$T$6:$T$50000,Consumo!$A$6:$A$50000,Sumário!G$22,Consumo!$D$6:$D$50000,Sumário!$A49)","v":0},{"$f":"SUMIFS(Consumo!$T$6:$T$50000,Consumo!$A$6:$A$50000,Sumário!H$22,Consumo!$D$6:$D$50000,Sumário!$A49)","v":0},{"$f":"SUMIFS(Consumo!$T$6:$T$50000,Consumo!$A$6:$A$50000,Sumário!I$22,Consumo!$D$6:$D$50000,Sumário!$A49)","v":0},{"$f":"SUMIFS(Consumo!$T$6:$T$50000,Consumo!$A$6:$A$50000,Sumário!J$22,Consumo!$D$6:$D$50000,Sumário!$A49)","v":0}]
["SEMENTES, MUDAS DE PLANTAS E INSUMOS",{"$f":"SUMIFS(Consumo!$T$6:$T$50000,Consumo!$A$6:$A$50000,Sumário!B$22,Consumo!$D$6:$D$50000,Sumário!$A50)","v":0},{"$f":"SUMIFS(Consumo!$T$6:$T$50000,Consumo!$A$6:$A$50000,Sumário!C$22,Consumo!$D$6:$D$50000,Sumário!$A50)","v":0},{"$f":"SUMIFS(Consumo!$T$6:$T$50000,Consumo!$A$6:$A$50000,Sumário!D$22,Consumo!$D$6:$D$50000,Sumário!$A50)","v":0},{"$f":"SUMIFS(Consumo!$T$6:$T$50000,Consumo!$A$6:$A$50000,Sumário!E$22,Consumo!$D$6:$D$50000,Sumário!$A50)","v":0},{"$f":"SUMIFS(Consumo!$T$6:$T$50000,Consumo!$A$6:$A$50000,Sumário!F$22,Consumo!$D$6:$D$50000,Sumário!$A50)","v":0},{"$f":"SUMIFS(Consumo!$T$6:$T$50000,Consumo!$A$6:$A$50000,Sumário!G$22,Consumo!$D$6:$D$50000,Sumário!$A50)","v":0},{"$f":"SUMIFS(Consumo!$T$6:$T$50000,Consumo!$A$6:$A$50000,Sumário!H$22,Consumo!$D$6:$D$50000,Sumário!$A50)","v":0},{"$f":"SUMIFS(Consumo!$T$6:$T$50000,Consumo!$A$6:$A$50000,Sumário!I$22,Consumo!$D$6:$D$50000,Sumário!$A50)","v":0},{"$f":"SUMIFS(Consumo!$T$6:$T$50000,Consumo!$A$6:$A$50000,Sumário!J$22,Consumo!$D$6:$D$50000,Sumário!$A50)","v":0}]
["SUPRIMENTO DE AVIACAO",{"$f":"SUMIFS(Consumo!$T$6:$T$50000,Consumo!$A$6:$A$50000,Sumário!B$22,Consumo!$D$6:$D$50000,Sumário!$A51)","v":0},{"$f":"SUMIFS(Consumo!$T$6:$T$50000,Consumo!$A$6:$A$50000,Sumário!C$22,Consumo!$D$6:$D$50000,Sumário!$A51)","v":0},{"$f":"SUMIFS(Consumo!$T$6:$T$50000,Consumo!$A$6:$A$50000,Sumário!D$22,Consumo!$D$6:$D$50000,Sumário!$A51)","v":0},{"$f":"SUMIFS(Consumo!$T$6:$T$50000,Consumo!$A$6:$A$50000,Sumário!E$22,Consumo!$D$6:$D$50000,Sumário!$A51)","v":0},{"$f":"SUMIFS(Consumo!$T$6:$T$50000,Consumo!$A$6:$A$50000,Sumário!F$22,Consumo!$D$6:$D$50000,Sumário!$A51)","v":0},{"$f":"SUMIFS(Consumo!$T$6:$T$50000,Consumo!$A$6:$A$50000,Sumário!G$22,Consumo!$D$6:$D$50000,Sumário!$A51)","v":0},{"$f":"SUMIFS(Consumo!$T$6:$T$50000,Consumo!$A$6:$A$50000,Sumário!H$22,Consumo!$D$6:$D$50000,Sumário!$A51)","v":0},{"$f":"SUMIFS(Consumo!$T$6:$T$50000,Consumo!$A$6:$A$50000,Sumário!I$22,Consumo!$D$6:$D$50000,Sumário!$A51)","v":0},{"$f":"SUMIFS(Consumo!$T$6:$T$50000,Consumo!$A$6:$A$50000,Sumário!J$22,Consumo!$D$6:$D$50000,Sumário!$A51)","v":0}]
["MATERIAL P/ PRODUCAO INDUSTRIAL",{"$f":"SUMIFS(Consumo!$T$6:$T$50000,Consumo!$A$6:$A$50000,Sumário!B$22,Consumo!$D$6:$D$50000,Sumário!$A52)","v":0},{"$f":"SUMIFS(Consumo!$T$6:$T$50000,Consumo!$A$6:$A$50000,Sumário!C$22,Consumo!$D$6:$D$50000,Sumário!$A52)","v":0},{"$f":"SUMIFS(Consumo!$T$6:$T$50000,Consumo!$A$6:$A$50000,Sumário!D$22,Consumo!$D$6:$D$50000,Sumário!$A52)","v":0},{"$f":"SUMIFS(Consumo!$T$6:$T$50000,Consumo!$A$6:$A$50000,Sumário!E$22,Consumo!$D$6:$D$50000,Sumário!$A52)","v":0},{"$f":"SUMIFS(Consumo!$T$6:$T$50000,Consumo!$A$6:$A$50000,Sumário!F$22,Consumo!$D$6:$D$50000,Sumário!$A52)","v":0},{"$f":"SUMIFS(Consumo!$T$6:$T$50000,Consumo!$A$6:$A$50000,Sumário!G$22,Consumo!$D$6:$D$50000,Sumário!$A52)","v":0},{"$f":"SUMIFS(Consumo!$T$6:$T$50000,Consumo!$A$6:$A$50000,Sumário!H$22,Consumo!$D$6:$D$50000,Sumário!$A52)","v":0},{"$f":"SUMIFS(Consumo!$T$6:$T$50000,Consumo!$A$6:$A$50000,Sumário!I$22,Consumo!$D$6:$D$50000,Sumário!$A52)","v":0},{"$f":"SUMIFS(Consumo!$T$6:$T$50000,Consumo!$A$6:$A$50000,Sumário!J$22,Consumo!$D$6:$D$50000,Sumário!$A52)","v":0}]
["SOBRESSAL. MAQ.E MOTORES NAVIOS E EMBARCACOES",{"$f":"SUMIFS(Consumo!$T$6:$T$50000,Consumo!$A$6:$A$50000,Sumário!B$22,Consumo!$D$6:$D$50000,Sumário!$A53)","v":0},{"$f":"SUMIFS(Consumo!$T$6:$T$50000,Consumo!$A$6:$A$50000,Sumário!C$22,Consumo!$D$6:$D$50000,Sumário!$A53)","v":0},{"$f":"SUMIFS(Consumo!$T$6:$T$50000,Consumo!$A$6:$A$50000,Sumário!D$22,Consumo!$D$6:$D$50000,Sumário!$A53)","v":0},{"$f":"SUMIFS(Consumo!$T$6:$T$50000,Consumo!$A$6:$A$50000,Sumário!E$22,Consumo!$D$6:$D$50000,Sumário!$A53)","v":0},{"$f":"SUMIFS(Consumo!$T$6:$T$50000,Consumo!$A$6:$A$50000,Sumário!F$22,Consumo!$D$6:$D$50000,Sumário!$A53)","v":0},{"$f":"SUMIFS(Consumo!$T$6:$T$50000,Consumo!$A$6:$A$50000,Sumário!G$22,Consumo!$D$6:$D$50000,Sumário!$A53)","v":0},{"$f":"SUMIFS(Consumo!$T$6:$T$50000,Consumo!$A$6:$A$50000,Sumário!H$22,Consumo!$D$6:$D$50000,Sumário!$A53)","v":0},{"$f":"SUMIFS(Consumo!$T$6:$T$50000,Consumo!$A$6:$A$50000,Sumário!I$22,Consumo!$D$6:$D$50000,Sumário!$A53)","v":0},{"$f":"SUMIFS(Consumo!$T$6:$T$50000,Consumo!$A$6:$A$50000,Sumário!J$22,Consumo!$D$6:$D$50000,Sumário!$A53)","v":0}]
["MATERIAL LABORATORIAL",{"$f":"SUMIFS(Consumo!$T$6:$T$50000,Consumo!$A$6:$A$50000,Sumário!B$22,Consumo!$D$6:$D$50000,Sumário!$A54)","v":0},{"$f":"SUMIFS(Consumo!$T$6:$T$50000,Consumo!$A$6:$A$50000,Sumário!C$22,Consumo!$D$6:$D$50000,Sumário!$A54)","v":0},{"$f":"SUMIFS(Consumo!$T$6:$T$50000,Consumo!$A$6:$A$50000,Sumário!D$22,Consumo!$D$6:$D$50000,Sumário!$A54)","v":0},{"$f":"SUMIFS(Consumo!$T$6:$T$50000,Consumo!$A$6:$A$50000,Sumário!E$22,Consumo!$D$6:$D$50000,Sumário!$A54)","v":0},{"$f":"SUMIFS(Consumo!$T$6:$T$50000,Consumo!$A$6:$A$50000,Sumário!F$22,Consumo!$D$6:$D$50000,Sumário!$A54)","v":0},{"$f":"SUMIFS(Consumo!$T$6:$T$50000,Consumo!$A$6:$A$50000,Sumário!G$22,Consumo!$D$6:$D$50000,Sumário!$A54)","v":0},{"$f":"SUMIFS(Consumo!$T$6:$T$50000,Consumo!$A$6:$A$50000,Sumário!H$22,Consumo!$D$6:$D$50000,Sumário!$A54)","v":0},{"$f":"SUMIFS(Consumo!$T$6:$T$50000,Consumo!$A$6:$A$50000,Sumário!I$22,Consumo!$D$6:$D$50000,Sumário!$A54)","v":0},{"$f":"SUMIFS(Consumo!$T$6:$T$50000,Consumo!$A$6:$A$50000,Sumário!J$22,Consumo!$D$6:$D$50000,Sumário!$A54)","v":0}]
["MATERIAL HOSPITALAR",{"$f":"SUMIFS(Consumo!$T$6:$T$50000,Consumo!$A$6:$A$50000,Sumário!B$22,Consumo!$D$6:$D$50000,Sumário!$A55)","v":10733.5},{"$f":"SUMIFS(Consumo!$T$6:$T$50000,Consumo!$A$6:$A$50000,Sumário!C$22,Consumo!$D$6:$D$50000,Sumário!$A55)","v":0},{"$f":"SUMIFS(Consumo!$T$6:$T$50000,Consumo!$A$6:$A$50000,Sumário!D$22,Consumo!$D$6:$D$50000,Sumário!$A55)","v":0},{"$f":"SUMIFS(Consumo!$T$6:$T$50000,Consumo!$A$6:$A$50000,Sumário!E$22,Consumo!$D$6:$D$50000,Sumário!$A55)","v":0},{"$f":"SUMIFS(Consumo!$T$6:$T$50000,Consumo!$A$6:$A$50000,Sumário!F$22,Consumo!$D$6:$D$50000,Sumário!$A55)","v":0},{"$f":"SUMIFS(Consumo!$T$6:$T$50000,Consumo!$A$6:$A$50000,Sumário!G$22,Consumo!$D$6:$D$50000,Sumário!$A55)","v":0},{"$f":"SUMIFS(Consumo!$T$6:$T$50000,Consumo!$A$6:$A$50000,Sumário!H$22,Consumo!$D$6:$D$50000,Sumário!$A55)","v":0},{"$f":"SUMIFS(Consumo!$T$6:$T$50000,Consumo!$A$6:$A$50000,Sumário!I$22,Consumo!$D$6:$D$50000,Sumário!$A55)","v":0},{"$f":"SUMIFS(Consumo!$T$6:$T$50000,Consumo!$A$6:$A$50000,Sumário!J$22,Consumo!$D$6:$D$50000,Sumário!$A55)","v":0}]
["SUPRIMENTO DE PROTECAO AO VOO",{"$f":"SUMIFS(Consumo!$T$6:$T$50000,Consumo!$A$6:$A$50000,Sumário!B$22,Consumo!$D$6:$D$50000,Sumário!$A56)","v":0},{"$f":"SUMIFS(Consumo!$T$6:$T$50000,Consumo!$A$6:$A$50000,Sumário!C$22,Consumo!$D$6:$D$50000,Sumário!$A56)","v":0},{"$f":"SUMIFS(Consumo!$T$6:$T$50000,Consumo!$A$6:$A$50000,Sumário!D$22,Consumo!$D$6:$D$50000,Sumário!$A56)","v":0},{"$f":"SUMIFS(Consumo!$T$6:$T$50000,Consumo!$A$6:$A$50000,Sumário!E$22,Consumo!$D$6:$D$50000,Sumário!$A56)","v":0},{"$f":"SUMIFS(Consumo!$T$6:$T$50000,Consumo!$A$6:$A$50000,Sumário!F$22,Consumo!$D$6:$D$50000,Sumário!$A56)","v":0},{"$f":"SUMIFS(Consumo!$T$6:$T$50000,Consumo!$A$6:$A$50000,Sumário!G$22,Consumo!$D$6:$D$50000,Sumário!$A56)","v":0},{"$f":"SUMIFS(Consumo!$T$6:$T$50000,Consumo!$A$6:$A$50000,Sumário!H$22,Consumo!$D$6:$D$50000,Sumário!$A56)","v":0},{"$f":"SUMIFS(Consumo!$T$6:$T$50000,Consumo!$A$6:$A$50000,Sumário!I$22,Consumo!$D$6:$D$50000,Sumário!$A56)","v":0},{"$f":"SUMIFS(Consumo!$T$6:$T$50000,Consumo!$A$6:$A$50000,Sumário!J$22,Consumo!$D$6:$D$50000,Sumário!$A56)","v":0}]
["MATERIAL P/ MANUTENCAO DE VEICULOS",{"$f":"SUMIFS(Consumo!$T$6:$T$50000,Consumo!$A$6:$A$50000,Sumário!B$22,Consumo!$D$6:$D$50000,Sumário!$A57)","v":87985.820000000051},{"$f":"SUMIFS(Consumo!$T$6:$T$50000,Consumo!$A$6:$A$50000,Sumário!C$22,Consumo!$D$6:$D$50000,Sumário!$A57)","v":0},{"$f":"SUMIFS(Consumo!$T$6:$T$50000,Consumo!$A$6:$A$50000,Sumário!D$22,Consumo!$D$6:$D$50000,Sumário!$A57)","v":0},{"$f":"SUMIFS(Consumo!$T$6:$T$50000,Consumo!$A$6:$A$50000,Sumário!E$22,Consumo!$D$6:$D$50000,Sumário!$A57)","v":0},{"$f":"SUMIFS(Consumo!$T$6:$T$50000,Consumo!$A$6:$A$50000,Sumário!F$22,Consumo!$D$6:$D$50000,Sumário!$A57)","v":0},{"$f":"SUMIFS(Consumo!$T$6:$T$50000,Consumo!$A$6:$A$50000,Sumário!G$22,Consumo!$D$6:$D$50000,Sumário!$A57)","v":0},{"$f":"SUMIFS(Consumo!$T$6:$T$50000,Consumo!$A$6:$A$50000,Sumário!H$22,Consumo!$D$6:$D$50000,Sumário!$A57)","v":0},{"$f":"SUMIFS(Consumo!$T$6:$T$50000,Consumo!$A$6:$A$50000,Sumário!I$22,Consumo!$D$6:$D$50000,Sumário!$A57)","v":0},{"$f":"SUMIFS(Consumo!$T$6:$T$50000,Consumo!$A$6:$A$50000,Sumário!J$22,Consumo!$D$6:$D$50000,Sumário!$A57)","v":0}]
["MATERIAL BIOLOGICO",{"$f":"SUMIFS(Consumo!$T$6:$T$50000,Consumo!$A$6:$A$50000,Sumário!B$22,Consumo!$D$6:$D$50000,Sumário!$A58)","v":0},{"$f":"SUMIFS(Consumo!$T$6:$T$50000,Consumo!$A$6:$A$50000,Sumário!C$22,Consumo!$D$6:$D$50000,Sumário!$A58)","v":0},{"$f":"SUMIFS(Consumo!$T$6:$T$50000,Consumo!$A$6:$A$50000,Sumário!D$22,Consumo!$D$6:$D$50000,Sumário!$A58)","v":0},{"$f":"SUMIFS(Consumo!$T$6:$T$50000,Consumo!$A$6:$A$50000,Sumário!E$22,Consumo!$D$6:$D$50000,Sumário!$A58)","v":0},{"$f":"SUMIFS(Consumo!$T$6:$T$50000,Consumo!$A$6:$A$50000,Sumário!F$22,Consumo!$D$6:$D$50000,Sumário!$A58)","v":0},{"$f":"SUMIFS(Consumo!$T$6:$T$50000,Consumo!$A$6:$A$50000,Sumário!G$22,Consumo!$D$6:$D$50000,Sumário!$A58)","v":0},{"$f":"SUMIFS(Consumo!$T$6:$T$50000,Consumo!$A$6:$A$50000,Sumário!H$22,Consumo!$D$6:$D$50000,Sumário!$A58)","v":0},{"$f":"SUMIFS(Consumo!$T$6:$T$50000,Consumo!$A$6:$A$50000,Sumário!I$22,Consumo!$D$6:$D$50000,Sumário!$A58)","v":0},{"$f":"SUMIFS(Consumo!$T$6:$T$50000,Consumo!$A$6:$A$50000,Sumário!J$22,Consumo!$D$6:$D$50000,Sumário!$A58)","v":0}]
["MATERIAL P/ UTILIZACAO EM GRAFICA",{"$f":"SUMIFS(Consumo!$T$6:$T$50000,Consumo!$A$6:$A$50000,Sumário!B$22,Consumo!$D$6:$D$50000,Sumário!$A59)","v":4725},{"$f":"SUMIFS(Consumo!$T$6:$T$50000,Consumo!$A$6:$A$50000,Sumário!C$22,Consumo!$D$6:$D$50000,Sumário!$A59)","v":0},{"$f":"SUMIFS(Consumo!$T$6:$T$50000,Consumo!$A$6:$A$50000,Sumário!D$22,Consumo!$D$6:$D$50000,Sumário!$A59)","v":4725},{"$f":"SUMIFS(Consumo!$T$6:$T$50000,Consumo!$A$6:$A$50000,Sumário!E$22,Consumo!$D$6:$D$50000,Sumário!$A59)","v":0},{"$f":"SUMIFS(Consumo!$T$6:$T$50000,Consumo!$A$6:$A$50000,Sumário!F$22,Consumo!$D$6:$D$50000,Sumário!$A59)","v":4725},{"$f":"SUMIFS(Consumo!$T$6:$T$50000,Consumo!$A$6:$A$50000,Sumário!G$22,Consumo!$D$6:$D$50000,Sumário!$A59)","v":0},{"$f":"SUMIFS(Consumo!$T$6:$T$50000,Consumo!$A$6:$A$50000,Sumário!H$22,Consumo!$D$6:$D$50000,Sumário!$A59)","v":0},{"$f":"SUMIFS(Consumo!$T$6:$T$50000,Consumo!$A$6:$A$50000,Sumário!I$22,Consumo!$D$6:$D$50000,Sumário!$A59)","v":0},{"$f":"SUMIFS(Consumo!$T$6:$T$50000,Consumo!$A$6:$A$50000,Sumário!J$22,Consumo!$D$6:$D$50000,Sumário!$A59)","v":0}]
["FERRAMENTAS",{"$f":"SUMIFS(Consumo!$T$6:$T$50000,Consumo!$A$6:$A$50000,Sumário!B$22,Consumo!$D$6:$D$50000,Sumário!$A60)","v":0},{"$f":"SUMIFS(Consumo!$T$6:$T$50000,Consumo!$A$6:$A$50000,Sumário!C$22,Consumo!$D$6:$D$50000,Sumário!$A60)","v":0},{"$f":"SUMIFS(Consumo!$T$6:$T$50000,Consumo!$A$6:$A$50000,Sumário!D$22,Consumo!$D$6:$D$50000,Sumário!$A60)","v":0},{"$f":"SUMIFS(Consumo!$T$6:$T$50000,Consumo!$A$6:$A$50000,Sumário!E$22,Consumo!$D$6:$D$50000,Sumário!$A60)","v":0},{"$f":"SUMIFS(Consumo!$T$6:$T$50000,Consumo!$A$6:$A$50000,Sumário!F$22,Consumo!$D$6:$D$50000,Sumário!$A60)","v":0},{"$f":"SUMIFS(Consumo!$T$6:$T$50000,Consumo!$A$6:$A$50000,Sumário!G$22,Consumo!$D$6:$D$50000,Sumário!$A60)","v":5500},{"$f":"SUMIFS(Consumo!$T$6:$T$50000,Consumo!$A$6:$A$50000,Sumário!H$22,Consumo!$D$6:$D$50000,Sumário!$A60)","v":0},{"$f":"SUMIFS(Consumo!$T$6:$T$50000,Consumo!$A$6:$A$50000,Sumário!I$22,Consumo!$D$6:$D$50000,Sumário!$A60)","v":0},{"$f":"SUMIFS(Consumo!$T$6:$T$50000,Consumo!$A$6:$A$50000,Sumário!J$22,Consumo!$D$6:$D$50000,Sumário!$A60)","v":0}]
["MATERIAL P/ REABILITACAO PROFISSIONAL",{"$f":"SUMIFS(Consumo!$T$6:$T$50000,Consumo!$A$6:$A$50000,Sumário!B$22,Consumo!$D$6:$D$50000,Sumário!$A61)","v":0},{"$f":"SUMIFS(Consumo!$T$6:$T$50000,Consumo!$A$6:$A$50000,Sumário!C$22,Consumo!$D$6:$D$50000,Sumário!$A61)","v":0},{"$f":"SUMIFS(Consumo!$T$6:$T$50000,Consumo!$A$6:$A$50000,Sumário!D$22,Consumo!$D$6:$D$50000,Sumário!$A61)","v":0},{"$f":"SUMIFS(Consumo!$T$6:$T$50000,Consumo!$A$6:$A$50000,Sumário!E$22,Consumo!$D$6:$D$50000,Sumário!$A61)","v":0},{"$f":"SUMIFS(Consumo!$T$6:$T$50000,Consumo!$A$6:$A$50000,Sumário!F$22,Consumo!$D$6:$D$50000,Sumário!$A61)","v":0},{"$f":"SUMIFS(Consumo!$T$6:$T$50000,Consumo!$A$6:$A$50000,Sumário!G$22,Consumo!$D$6:$D$50000,Sumário!$A61)","v":0},{"$f":"SUMIFS(Consumo!$T$6:$T$50000,Consumo!$A$6:$A$50000,Sumário!H$22,Consumo!$D$6:$D$50000,Sumário!$A61)","v":0},{"$f":"SUMIFS(Consumo!$T$6:$T$50000,Consumo!$A$6:$A$50000,Sumário!I$22,Consumo!$D$6:$D$50000,Sumário!$A61)","v":0},{"$f":"SUMIFS(Consumo!$T$6:$T$50000,Consumo!$A$6:$A$50000,Sumário!J$22,Consumo!$D$6:$D$50000,Sumário!$A61)","v":0}]
["MATERIAL DE SINALIZACAO VISUAL E OUTROS",{"$f":"SUMIFS(Consumo!$T$6:$T$50000,Consumo!$A$6:$A$50000,Sumário!B$22,Consumo!$D$6:$D$50000,Sumário!$A62)","v":0},{"$f":"SUMIFS(Consumo!$T$6:$T$50000,Consumo!$A$6:$A$50000,Sumário!C$22,Consumo!$D$6:$D$50000,Sumário!$A62)","v":0},{"$f":"SUMIFS(Consumo!$T$6:$T$50000,Consumo!$A$6:$A$50000,Sumário!D$22,Consumo!$D$6:$D$50000,Sumário!$A62)","v":0},{"$f":"SUMIFS(Consumo!$T$6:$T$50000,Consumo!$A$6:$A$50000,Sumário!E$22,Consumo!$D$6:$D$50000,Sumário!$A62)","v":0},{"$f":"SUMIFS(Consumo!$T$6:$T$50000,Consumo!$A$6:$A$50000,Sumário!F$22,Consumo!$D$6:$D$50000,Sumário!$A62)","v":0},{"$f":"SUMIFS(Consumo!$T$6:$T$50000,Consumo!$A$6:$A$50000,Sumário!G$22,Consumo!$D$6:$D$50000,Sumário!$A62)","v":0},{"$f":"SUMIFS(Consumo!$T$6:$T$50000,Consumo!$A$6:$A$50000,Sumário!H$22,Consumo!$D$6:$D$50000,Sumário!$A62)","v":0},{"$f":"SUMIFS(Consumo!$T$6:$T$50000,Consumo!$A$6:$A$50000,Sumário!I$22,Consumo!$D$6:$D$50000,Sumário!$A62)","v":0},{"$f":"SUMIFS(Consumo!$T$6:$T$50000,Consumo!$A$6:$A$50000,Sumário!J$22,Consumo!$D$6:$D$50000,Sumário!$A62)","v":0}]
["MATERIAL TECNICO P/ SELECAO E TREINAMENTO",{"$f":"SUMIFS(Consumo!$T$6:$T$50000,Consumo!$A$6:$A$50000,Sumário!B$22,Consumo!$D$6:$D$50000,Sumário!$A63)","v":0},{"$f":"SUMIFS(Consumo!$T$6:$T$50000,Consumo!$A$6:$A$50000,Sumário!C$22,Consumo!$D$6:$D$50000,Sumário!$A63)","v":0},{"$f":"SUMIFS(Consumo!$T$6:$T$50000,Consumo!$A$6:$A$50000,Sumário!D$22,Consumo!$D$6:$D$50000,Sumário!$A63)","v":0},{"$f":"SUMIFS(Consumo!$T$6:$T$50000,Consumo!$A$6:$A$50000,Sumário!E$22,Consumo!$D$6:$D$50000,Sumário!$A63)","v":0},{"$f":"SUMIFS(Consumo!$T$6:$T$50000,Consumo!$A$6:$A$50000,Sumário!F$22,Consumo!$D$6:$D$50000,Sumário!$A63)","v":0},{"$f":"SUMIFS(Consumo!$T$6:$T$50000,Consumo!$A$6:$A$50000,Sumário!G$22,Consumo!$D$6:$D$50000,Sumário!$A63)","v":0},{"$f":"SUMIFS(Consumo!$T$6:$T$50000,Consumo!$A$6:$A$50000,Sumário!H$22,Consumo!$D$6:$D$50000,Sumário!$A63)","v":0},{"$f":"SUMIFS(Consumo!$T$6:$T$50000,Consumo!$A$6:$A$50000,Sumário!I$22,Consumo!$D$6:$D$50000,Sumário!$A63)","v":0},{"$f":"SUMIFS(Consumo!$T$6:$T$50000,Consumo!$A$6:$A$50000,Sumário!J$22,Consumo!$D$6:$D$50000,Sumário!$A63)","v":0}]
["MATERIAL BIBLIOGRAFICO",{"$f":"SUMIFS(Consumo!$T$6:$T$50000,Consumo!$A$6:$A$50000,Sumário!B$22,Consumo!$D$6:$D$50000,Sumário!$A64)","v":0},{"$f":"SUMIFS(Consumo!$T$6:$T$50000,Consumo!$A$6:$A$50000,Sumário!C$22,Consumo!$D$6:$D$50000,Sumário!$A64)","v":0},{"$f":"SUMIFS(Consumo!$T$6:$T$50000,Consumo!$A$6:$A$50000,Sumário!D$22,Consumo!$D$6:$D$50000,Sumário!$A64)","v":0},{"$f":"SUMIFS(Consumo!$T$6:$T$50000,Consumo!$A$6:$A$50000,Sumário!E$22,Consumo!$D$6:$D$50000,Sumário!$A64)","v":0},{"$f":"SUMIFS(Consumo!$T$6:$T$50000,Consumo!$A$6:$A$50000,Sumário!F$22,Consumo!$D$6:$D$50000,Sumário!$A64)","v":0},{"$f":"SUMIFS(Consumo!$T$6:$T$50000,Consumo!$A$6:$A$50000,Sumário!G$22,Consumo!$D$6:$D$50000,Sumário!$A64)","v":0},{"$f":"SUMIFS(Consumo!$T$6:$T$50000,Consumo!$A$6:$A$50000,Sumário!H$22,Consumo!$D$6:$D$50000,Sumário!$A64)","v":0},{"$f":"SUMIFS(Consumo!$T$6:$T$50000,Consumo!$A$6:$A$50000,Sumário!I$22,Consumo!$D$6:$D$50000,Sumário!$A64)","v":0},{"$f":"SUMIFS(Consumo!$T$6:$T$50000,Consumo!$A$6:$A$50000,Sumário!J$22,Consumo!$D$6:$D$50000,Sumário!$A64)","v":0}]
["AQUISICAO DE SOFTWARES DE BASE",{"$f":"SUMIFS(Consumo!$T$6:$T$50000,Consumo!$A$6:$A$50000,Sumário!B$22,Consumo!$D$6:$D$50000,Sumário!$A65)","v":13000},{"$f":"SUMIFS(Consumo!$T$6:$T$50000,Consumo!$A$6:$A$50000,Sumário!C$22,Consumo!$D$6:$D$50000,Sumário!$A65)","v":22470},{"$f":"SUMIFS(Consumo!$T$6:$T$50000,Consumo!$A$6:$A$50000,Sumário!D$22,Consumo!$D$6:$D$50000,Sumário!$A65)","v":13000},{"$f":"SUMIFS(Consumo!$T$6:$T$50000,Consumo!$A$6:$A$50000,Sumário!E$22,Consumo!$D$6:$D$50000,Sumário!$A65)","v":0},{"$f":"SUMIFS(Consumo!$T$6:$T$50000,Consumo!$A$6:$A$50000,Sumário!F$22,Consumo!$D$6:$D$50000,Sumário!$A65)","v":13000},{"$f":"SUMIFS(Consumo!$T$6:$T$50000,Consumo!$A$6:$A$50000,Sumário!G$22,Consumo!$D$6:$D$50000,Sumário!$A65)","v":0},{"$f":"SUMIFS(Consumo!$T$6:$T$50000,Consumo!$A$6:$A$50000,Sumário!H$22,Consumo!$D$6:$D$50000,Sumário!$A65)","v":0},{"$f":"SUMIFS(Consumo!$T$6:$T$50000,Consumo!$A$6:$A$50000,Sumário!I$22,Consumo!$D$6:$D$50000,Sumário!$A65)","v":0},{"$f":"SUMIFS(Consumo!$T$6:$T$50000,Consumo!$A$6:$A$50000,Sumário!J$22,Consumo!$D$6:$D$50000,Sumário!$A65)","v":0}]
["BANDEIRAS, FLAMULAS E INSIGNIAS",{"$f":"SUMIFS(Consumo!$T$6:$T$50000,Consumo!$A$6:$A$50000,Sumário!B$22,Consumo!$D$6:$D$50000,Sumário!$A66)","v":0},{"$f":"SUMIFS(Consumo!$T$6:$T$50000,Consumo!$A$6:$A$50000,Sumário!C$22,Consumo!$D$6:$D$50000,Sumário!$A66)","v":0},{"$f":"SUMIFS(Consumo!$T$6:$T$50000,Consumo!$A$6:$A$50000,Sumário!D$22,Consumo!$D$6:$D$50000,Sumário!$A66)","v":0},{"$f":"SUMIFS(Consumo!$T$6:$T$50000,Consumo!$A$6:$A$50000,Sumário!E$22,Consumo!$D$6:$D$50000,Sumário!$A66)","v":0},{"$f":"SUMIFS(Consumo!$T$6:$T$50000,Consumo!$A$6:$A$50000,Sumário!F$22,Consumo!$D$6:$D$50000,Sumário!$A66)","v":0},{"$f":"SUMIFS(Consumo!$T$6:$T$50000,Consumo!$A$6:$A$50000,Sumário!G$22,Consumo!$D$6:$D$50000,Sumário!$A66)","v":1200},{"$f":"SUMIFS(Consumo!$T$6:$T$50000,Consumo!$A$6:$A$50000,Sumário!H$22,Consumo!$D$6:$D$50000,Sumário!$A66)","v":0},{"$f":"SUMIFS(Consumo!$T$6:$T$50000,Consumo!$A$6:$A$50000,Sumário!I$22,Consumo!$D$6:$D$50000,Sumário!$A66)","v":0},{"$f":"SUMIFS(Consumo!$T$6:$T$50000,Consumo!$A$6:$A$50000,Sumário!J$22,Consumo!$D$6:$D$50000,Sumário!$A66)","v":0}]
["DISCOTECAS E FILMOTECAS NAO IMOBILIZAVEL",{"$f":"SUMIFS(Consumo!$T$6:$T$50000,Consumo!$A$6:$A$50000,Sumário!B$22,Consumo!$D$6:$D$50000,Sumário!$A67)","v":0},{"$f":"SUMIFS(Consumo!$T$6:$T$50000,Consumo!$A$6:$A$50000,Sumário!C$22,Consumo!$D$6:$D$50000,Sumário!$A67)","v":0},{"$f":"SUMIFS(Consumo!$T$6:$T$50000,Consumo!$A$6:$A$50000,Sumário!D$22,Consumo!$D$6:$D$50000,Sumário!$A67)","v":0},{"$f":"SUMIFS(Consumo!$T$6:$T$50000,Consumo!$A$6:$A$50000,Sumário!E$22,Consumo!$D$6:$D$50000,Sumário!$A67)","v":0},{"$f":"SUMIFS(Consumo!$T$6:$T$50000,Consumo!$A$6:$A$50000,Sumário!F$22,Consumo!$D$6:$D$50000,Sumário!$A67)","v":0},{"$f":"SUMIFS(Consumo!$T$6:$T$50000,Consumo!$A$6:$A$50000,Sumário!G$22,Consumo!$D$6:$D$50000,Sumário!$A67)","v":0},{"$f":"SUMIFS(Consumo!$T$6:$T$50000,Consumo!$A$6:$A$50000,Sumário!H$22,Consumo!$D$6:$D$50000,Sumário!$A67)","v":0},{"$f":"SUMIFS(Consumo!$T$6:$T$50000,Consumo!$A$6:$A$50000,Sumário!I$22,Consumo!$D$6:$D$50000,Sumário!$A67)","v":0},{"$f":"SUMIFS(Consumo!$T$6:$T$50000,Consumo!$A$6:$A$50000,Sumário!J$22,Consumo!$D$6:$D$50000,Sumário!$A67)","v":0}]
["MATERIAL METEOROLOGICO",{"$f":"SUMIFS(Consumo!$T$6:$T$50000,Consumo!$A$6:$A$50000,Sumário!B$22,Consumo!$D$6:$D$50000,Sumário!$A68)","v":0},{"$f":"SUMIFS(Consumo!$T$6:$T$50000,Consumo!$A$6:$A$50000,Sumário!C$22,Consumo!$D$6:$D$50000,Sumário!$A68)","v":0},{"$f":"SUMIFS(Consumo!$T$6:$T$50000,Consumo!$A$6:$A$50000,Sumário!D$22,Consumo!$D$6:$D$50000,Sumário!$A68)","v":0},{"$f":"SUMIFS(Consumo!$T$6:$T$50000,Consumo!$A$6:$A$50000,Sumário!E$22,Consumo!$D$6:$D$50000,Sumário!$A68)","v":0},{"$f":"SUMIFS(Consumo!$T$6:$T$50000,Consumo!$A$6:$A$50000,Sumário!F$22,Consumo!$D$6:$D$50000,Sumário!$A68)","v":0},{"$f":"SUMIFS(Consumo!$T$6:$T$50000,Consumo!$A$6:$A$50000,Sumário!G$22,Consumo!$D$6:$D$50000,Sumário!$A68)","v":0},{"$f":"SUMIFS(Consumo!$T$6:$T$50000,Consumo!$A$6:$A$50000,Sumário!H$22,Consumo!$D$6:$D$50000,Sumário!$A68)","v":0},{"$f":"SUMIFS(Consumo!$T$6:$T$50000,Consumo!$A$6:$A$50000,Sumário!I$22,Consumo!$D$6:$D$50000,Sumário!$A68)","v":0},{"$f":"SUMIFS(Consumo!$T$6:$T$50000,Consumo!$A$6:$A$50000,Sumário!J$22,Consumo!$D$6:$D$50000,Sumário!$A68)","v":0}]
["MATERIAL P/MANUT.CONSERV.DE ESTRADAS E VIAS",{"$f":"SUMIFS(Consumo!$T$6:$T$50000,Consumo!$A$6:$A$50000,Sumário!B$22,Consumo!$D$6:$D$50000,Sumário!$A69)","v":0},{"$f":"SUMIFS(Consumo!$T$6:$T$50000,Consumo!$A$6:$A$50000,Sumário!C$22,Consumo!$D$6:$D$50000,Sumário!$A69)","v":0},{"$f":"SUMIFS(Consumo!$T$6:$T$50000,Consumo!$A$6:$A$50000,Sumário!D$22,Consumo!$D$6:$D$50000,Sumário!$A69)","v":0},{"$f":"SUMIFS(Consumo!$T$6:$T$50000,Consumo!$A$6:$A$50000,Sumário!E$22,Consumo!$D$6:$D$50000,Sumário!$A69)","v":0},{"$f":"SUMIFS(Consumo!$T$6:$T$50000,Consumo!$A$6:$A$50000,Sumário!F$22,Consumo!$D$6:$D$50000,Sumário!$A69)","v":0},{"$f":"SUMIFS(Consumo!$T$6:$T$50000,Consumo!$A$6:$A$50000,Sumário!G$22,Consumo!$D$6:$D$50000,Sumário!$A69)","v":68000},{"$f":"SUMIFS(Consumo!$T$6:$T$50000,Consumo!$A$6:$A$50000,Sumário!H$22,Consumo!$D$6:$D$50000,Sumário!$A69)","v":0},{"$f":"SUMIFS(Consumo!$T$6:$T$50000,Consumo!$A$6:$A$50000,Sumário!I$22,Consumo!$D$6:$D$50000,Sumário!$A69)","v":0},{"$f":"SUMIFS(Consumo!$T$6:$T$50000,Consumo!$A$6:$A$50000,Sumário!J$22,Consumo!$D$6:$D$50000,Sumário!$A69)","v":0}]
["OUTROS MATERIAIS DE CONSUMO",{"$f":"SUMIFS(Consumo!$T$6:$T$50000,Consumo!$A$6:$A$50000,Sumário!B$22,Consumo!$D$6:$D$50000,Sumário!$A70)","v":0},{"$f":"SUMIFS(Consumo!$T$6:$T$50000,Consumo!$A$6:$A$50000,Sumário!C$22,Consumo!$D$6:$D$50000,Sumário!$A70)","v":0},{"$f":"SUMIFS(Consumo!$T$6:$T$50000,Consumo!$A$6:$A$50000,Sumário!D$22,Consumo!$D$6:$D$50000,Sumário!$A70)","v":0},{"$f":"SUMIFS(Consumo!$T$6:$T$50000,Consumo!$A$6:$A$50000,Sumário!E$22,Consumo!$D$6:$D$50000,Sumário!$A70)","v":0},{"$f":"SUMIFS(Consumo!$T$6:$T$50000,Consumo!$A$6:$A$50000,Sumário!F$22,Consumo!$D$6:$D$50000,Sumário!$A70)","v":0},{"$f":"SUMIFS(Consumo!$T$6:$T$50000,Consumo!$A$6:$A$50000,Sumário!G$22,Consumo!$D$6:$D$50000,Sumário!$A70)","v":0},{"$f":"SUMIFS(Consumo!$T$6:$T$50000,Consumo!$A$6:$A$50000,Sumário!H$22,Consumo!$D$6:$D$50000,Sumário!$A70)","v":0},{"$f":"SUMIFS(Consumo!$T$6:$T$50000,Consumo!$A$6:$A$50000,Sumário!I$22,Consumo!$D$6:$D$50000,Sumário!$A70)","v":0},{"$f":"SUMIFS(Consumo!$T$6:$T$50000,Consumo!$A$6:$A$50000,Sumário!J$22,Consumo!$D$6:$D$50000,Sumário!$A70)","v":0}]
[]
[]
["Material de Permanente"]
["Descrição  – Subitem","BASE","5DE","AD5","11CT","5CIAPE","CIMH","CIAAP","5RM","5BCOM"]
["AERONAVES",{"$f":"SUMIFS(Permanente!$T$6:$T$50000,Permanente!$A$6:$A$50000,Sumário!B$74,Permanente!$D$6:$D$50000,Sumário!$A75)","v":0},{"$f":"SUMIFS(Permanente!$T$6:$T$50000,Permanente!$A$6:$A$50000,Sumário!C$74,Permanente!$D$6:$D$50000,Sumário!$A75)","v":0},{"$f":"SUMIFS(Permanente!$T$6:$T$50000,Permanente!$A$6:$A$50000,Sumário!D$74,Permanente!$D$6:$D$50000,Sumário!$A75)","v":0},{"$f":"SUMIFS(Permanente!$T$6:$T$50000,Permanente!$A$6:$A$50000,Sumário!E$74,Permanente!$D$6:$D$50000,Sumário!$A75)","v":0},{"$f":"SUMIFS(Permanente!$T$6:$T$50000,Permanente!$A$6:$A$50000,Sumário!F$74,Permanente!$D$6:$D$50000,Sumário!$A75)","v":0},{"$f":"SUMIFS(Permanente!$T$6:$T$50000,Permanente!$A$6:$A$50000,Sumário!G$74,Permanente!$D$6:$D$50000,Sumário!$A75)","v":0},{"$f":"SUMIFS(Permanente!$T$6:$T$50000,Permanente!$A$6:$A$50000,Sumário!H$74,Permanente!$D$6:$D$50000,Sumário!$A75)","v":0},{"$f":"SUMIFS(Permanente!$T$6:$T$50000,Permanente!$A$6:$A$50000,Sumário!I$74,Permanente!$D$6:$D$50000,Sumário!$A75)","v":0},{"$f":"SUMIFS(Permanente!$T$6:$T$50000,Permanente!$A$6:$A$50000,Sumário!J$74,Permanente!$D$6:$D$50000,Sumário!$A75)","v":0}]
["APARELHOS DE MEDICAO E ORIENTACAO",{"$f":"SUMIFS(Permanente!$T$6:$T$50000,Permanente!$A$6:$A$50000,Sumário!B$74,Permanente!$D$6:$D$50000,Sumário!$A76)","v":0},{"$f":"SUMIFS(Permanente!$T$6:$T$50000,Permanente!$A$6:$A$50000,Sumário!C$74,Permanente!$D$6:$D$50000,Sumário!$A76)","v":0},{"$f":"SUMIFS(Permanente!$T$6:$T$50000,Permanente!$A$6:$A$50000,Sumário!D$74,Permanente!$D$6:$D$50000,Sumário!$A76)","v":0},{"$f":"SUMIFS(Permanente!$T$6:$T$50000,Permanente!$A$6:$A$50000,Sumário!E$74,Permanente!$D$6:$D$50000,Sumário!$A76)","v":0},{"$f":"SUMIFS(Permanente!$T$6:$T$50000,Permanente!$A$6:$A$50000,Sumário!F$74,Permanente!$D$6:$D$50000,Sumário!$A76)","v":0},{"$f":"SUMIFS(Permanente!$T$6:$T$50000,Permanente!$A$6:$A$50000,Sumário!G$74,Permanente!$D$6:$D$50000,Sumário!$A76)","v":0},{"$f":"SUMIFS(Permanente!$T$6:$T$50000,Permanente!$A$6:$A$50000,Sumário!H$74,Permanente!$D$6:$D$50000,Sumário!$A76)","v":0},{"$f":"SUMIFS(Permanente!$T$6:$T$50000,Permanente!$A$6:$A$50000,Sumário!I$74,Permanente!$D$6:$D$50000,Sumário!$A76)","v":0},{"$f":"SUMIFS(Permanente!$T$6:$T$50000,Permanente!$A$6:$A$50000,Sumário!J$74,Permanente!$D$6:$D$50000,Sumário!$A76)","v":0}]
["APARELHOS E EQUIPAMENTOS DE COMUNICACAO",{"$f":"SUMIFS(Permanente!$T$6:$T$50000,Permanente!$A$6:$A$50000,Sumário!B$74,Permanente!$D$6:$D$50000,Sumário!$A77)","v":0},{"$f":"SUMIFS(Permanente!$T$6:$T$50000,Permanente!$A$6:$A$50000,Sumário!C$74,Permanente!$D$6:$D$50000,Sumário!$A77)","v":4000},{"$f":"SUMIFS(Permanente!$T$6:$T$50000,Permanente!$A$6:$A$50000,Sumário!D$74,Permanente!$D$6:$D$50000,Sumário!$A77)","v":0},{"$f":"SUMIFS(Permanente!$T$6:$T$50000,Permanente!$A$6:$A$50000,Sumário!E$74,Permanente!$D$6:$D$50000,Sumário!$A77)","v":0},{"$f":"SUMIFS(Permanente!$T$6:$T$50000,Permanente!$A$6:$A$50000,Sumário!F$74,Permanente!$D$6:$D$50000,Sumário!$A77)","v":0},{"$f":"SUMIFS(Permanente!$T$6:$T$50000,Permanente!$A$6:$A$50000,Sumário!G$74,Permanente!$D$6:$D$50000,Sumário!$A77)","v":0},{"$f":"SUMIFS(Permanente!$T$6:$T$50000,Permanente!$A$6:$A$50000,Sumário!H$74,Permanente!$D$6:$D$50000,Sumário!$A77)","v":0},{"$f":"SUMIFS(Permanente!$T$6:$T$50000,Permanente!$A$6:$A$50000,Sumário!I$74,Permanente!$D$6:$D$50000,Sumário!$A77)","v":0},{"$f":"SUMIFS(Permanente!$T$6:$T$50000,Permanente!$A$6:$A$50000,Sumário!J$74,Permanente!$D$6:$D$50000,Sumário!$A77)","v":0}]
["APAR.EQUIP.UTENS.MED.,ODONT,LABOR.HOSPIT.",{"$f":"SUMIFS(Permanente!$T$6:$T$50000,Permanente!$A$6:$A$50000,Sumário!B$74,Permanente!$D$6:$D$50000,Sumário!$A78)","v":21523.39},{"$f":"SUMIFS(Permanente!$T$6:$T$50000,Permanente!$A$6:$A$50000,Sumário!C$74,Permanente!$D$6:$D$50000,Sumário!$A78)","v":0},{"$f":"SUMIFS(Permanente!$T$6:$T$50000,Permanente!$A$6:$A$50000,Sumário!D$74,Permanente!$D$6:$D$50000,Sumário!$A78)","v":0},{"$f":"SUMIFS(Permanente!$T$6:$T$50000,Permanente!$A$6:$A$50000,Sumário!E$74,Permanente!$D$6:$D$50000,Sumário!$A78)","v":0},{"$f":"SUMIFS(Permanente!$T$6:$T$50000,Permanente!$A$6:$A$50000,Sumário!F$74,Permanente!$D$6:$D$50000,Sumário!$A78)","v":0},{"$f":"SUMIFS(Permanente!$T$6:$T$50000,Permanente!$A$6:$A$50000,Sumário!G$74,Permanente!$D$6:$D$50000,Sumário!$A78)","v":0},{"$f":"SUMIFS(Permanente!$T$6:$T$50000,Permanente!$A$6:$A$50000,Sumário!H$74,Permanente!$D$6:$D$50000,Sumário!$A78)","v":0},{"$f":"SUMIFS(Permanente!$T$6:$T$50000,Permanente!$A$6:$A$50000,Sumário!I$74,Permanente!$D$6:$D$50000,Sumário!$A78)","v":0},{"$f":"SUMIFS(Permanente!$T$6:$T$50000,Permanente!$A$6:$A$50000,Sumário!J$74,Permanente!$D$6:$D$50000,Sumário!$A78)","v":0}]
["APARELHOS E EQUIP. P/ ESPORTES E DIVERSOES",{"$f":"SUMIFS(Permanente!$T$6:$T$50000,Permanente!$A$6:$A$50000,Sumário!B$74,Permanente!$D$6:$D$50000,Sumário!$A79)","v":0},{"$f":"SUMIFS(Permanente!$T$6:$T$50000,Permanente!$A$6:$A$50000,Sumário!C$74,Permanente!$D$6:$D$50000,Sumário!$A79)","v":0},{"$f":"SUMIFS(Permanente!$T$6:$T$50000,Permanente!$A$6:$A$50000,Sumário!D$74,Permanente!$D$6:$D$50000,Sumário!$A79)","v":0},{"$f":"SUMIFS(Permanente!$T$6:$T$50000,Permanente!$A$6:$A$50000,Sumário!E$74,Permanente!$D$6:$D$50000,Sumário!$A79)","v":0},{"$f":"SUMIFS(Permanente!$T$6:$T$50000,Permanente!$A$6:$A$50000,Sumário!F$74,Permanente!$D$6:$D$50000,Sumário!$A79)","v":0},{"$f":"SUMIFS(Permanente!$T$6:$T$50000,Permanente!$A$6:$A$50000,Sumário!G$74,Permanente!$D$6:$D$50000,Sumário!$A79)","v":0},{"$f":"SUMIFS(Permanente!$T$6:$T$50000,Permanente!$A$6:$A$50000,Sumário!H$74,Permanente!$D$6:$D$50000,Sumário!$A79)","v":0},{"$f":"SUMIFS(Permanente!$T$6:$T$50000,Permanente!$A$6:$A$50000,Sumário!I$74,Permanente!$D$6:$D$50000,Sumário!$A79)","v":0},{"$f":"SUMIFS(Permanente!$T$6:$T$50000,Permanente!$A$6:$A$50000,Sumário!J$74,Permanente!$D$6:$D$50000,Sumário!$A79)","v":0}]
["APARELHOS E UTENSILIOS DOMESTICOS",{"$f":"SUMIFS(Permanente!$T$6:$T$50000,Permanente!$A$6:$A$50000,Sumário!B$74,Permanente!$D$6:$D$50000,Sumário!$A80)","v":11398.189999999999},{"$f":"SUMIFS(Permanente!$T$6:$T$50000,Permanente!$A$6:$A$50000,Sumário!C$74,Permanente!$D$6:$D$50000,Sumário!$A80)","v":0},{"$f":"SUMIFS(Permanente!$T$6:$T$50000,Permanente!$A$6:$A$50000,Sumário!D$74,Permanente!$D$6:$D$50000,Sumário!$A80)","v":0},{"$f":"SUMIFS(Permanente!$T$6:$T$50000,Permanente!$A$6:$A$50000,Sumário!E$74,Permanente!$D$6:$D$50000,Sumário!$A80)","v":840},{"$f":"SUMIFS(Permanente!$T$6:$T$50000,Permanente!$A$6:$A$50000,Sumário!F$74,Permanente!$D$6:$D$50000,Sumário!$A80)","v":0},{"$f":"SUMIFS(Permanente!$T$6:$T$50000,Permanente!$A$6:$A$50000,Sumário!G$74,Permanente!$D$6:$D$50000,Sumário!$A80)","v":700},{"$f":"SUMIFS(Permanente!$T$6:$T$50000,Permanente!$A$6:$A$50000,Sumário!H$74,Permanente!$D$6:$D$50000,Sumário!$A80)","v":11398.189999999999},{"$f":"SUMIFS(Permanente!$T$6:$T$50000,Permanente!$A$6:$A$50000,Sumário!I$74,Permanente!$D$6:$D$50000,Sumário!$A80)","v":0},{"$f":"SUMIFS(Permanente!$T$6:$T$50000,Permanente!$A$6:$A$50000,Sumário!J$74,Permanente!$D$6:$D$50000,Sumário!$A80)","v":0}]
["COLECOES E MATERIAIS BIBLIOGRAFICOS",{"$f":"SUMIFS(Permanente!$T$6:$T$50000,Permanente!$A$6:$A$50000,Sumário!B$74,Permanente!$D$6:$D$50000,Sumário!$A81)","v":0},{"$f":"SUMIFS(Permanente!$T$6:$T$50000,Permanente!$A$6:$A$50000,Sumário!C$74,Permanente!$D$6:$D$50000,Sumário!$A81)","v":0},{"$f":"SUMIFS(Permanente!$T$6:$T$50000,Permanente!$A$6:$A$50000,Sumário!D$74,Permanente!$D$6:$D$50000,Sumário!$A81)","v":0},{"$f":"SUMIFS(Permanente!$T$6:$T$50000,Permanente!$A$6:$A$50000,Sumário!E$74,Permanente!$D$6:$D$50000,Sumário!$A81)","v":0},{"$f":"SUMIFS(Permanente!$T$6:$T$50000,Permanente!$A$6:$A$50000,Sumário!F$74,Permanente!$D$6:$D$50000,Sumário!$A81)","v":0},{"$f":"SUMIFS(Permanente!$T$6:$T$50000,Permanente!$A$6:$A$50000,Sumário!G$74,Permanente!$D$6:$D$50000,Sumário!$A81)","v":0},{"$f":"SUMIFS(Permanente!$T$6:$T$50000,Permanente!$A$6:$A$50000,Sumário!H$74,Permanente!$D$6:$D$50000,Sumário!$A81)","v":0},{"$f":"SUMIFS(Permanente!$T$6:$T$50000,Permanente!$A$6:$A$50000,Sumário!I$74,Permanente!$D$6:$D$50000,Sumário!$A81)","v":0},{"$f":"SUMIFS(Permanente!$T$6:$T$50000,Permanente!$A$6:$A$50000,Sumário!J$74,Permanente!$D$6:$D$50000,Sumário!$A81)","v":0}]
["DISCOTECAS E FILMOTECAS",{"$f":"SUMIFS(Permanente!$T$6:$T$50000,Permanente!$A$6:$A$50000,Sumário!B$74,Permanente!$D$6:$D$50000,Sumário!$A82)","v":0},{"$f":"SUMIFS(Permanente!$T$6:$T$50000,Permanente!$A$6:$A$50000,Sumário!C$74,Permanente!$D$6:$D$50000,Sumário!$A82)","v":0},{"$f":"SUMIFS(Permanente!$T$6:$T$50000,Permanente!$A$6:$A$50000,Sumário!D$74,Permanente!$D$6:$D$50000,Sumário!$A82)","v":0},{"$f":"SUMIFS(Permanente!$T$6:$T$50000,Permanente!$A$6:$A$50000,Sumário!E$74,Permanente!$D$6:$D$50000,Sumário!$A82)","v":0},{"$f":"SUMIFS(Permanente!$T$6:$T$50000,Permanente!$A$6:$A$50000,Sumário!F$74,Permanente!$D$6:$D$50000,Sumário!$A82)","v":0},{"$f":"SUMIFS(Permanente!$T$6:$T$50000,Permanente!$A$6:$A$50000,Sumário!G$74,Permanente!$D$6:$D$50000,Sumário!$A82)","v":0},{"$f":"SUMIFS(Permanente!$T$6:$T$50000,Permanente!$A$6:$A$50000,Sumário!H$74,Permanente!$D$6:$D$50000,Sumário!$A82)","v":0},{"$f":"SUMIFS(Permanente!$T$6:$T$50000,Permanente!$A$6:$A$50000,Sumário!I$74,Permanente!$D$6:$D$50000,Sumário!$A82)","v":0},{"$f":"SUMIFS(Permanente!$T$6:$T$50000,Permanente!$A$6:$A$50000,Sumário!J$74,Permanente!$D$6:$D$50000,Sumário!$A82)","v":0}]
["EMBARCACOES",{"$f":"SUMIFS(Permanente!$T$6:$T$50000,Permanente!$A$6:$A$50000,Sumário!B$74,Permanente!$D$6:$D$50000,Sumário!$A83)","v":0},{"$f":"SUMIFS(Permanente!$T$6:$T$50000,Permanente!$A$6:$A$50000,Sumário!C$74,Permanente!$D$6:$D$50000,Sumário!$A83)","v":0},{"$f":"SUMIFS(Permanente!$T$6:$T$50000,Permanente!$A$6:$A$50000,Sumário!D$74,Permanente!$D$6:$D$50000,Sumário!$A83)","v":0},{"$f":"SUMIFS(Permanente!$T$6:$T$50000,Permanente!$A$6:$A$50000,Sumário!E$74,Permanente!$D$6:$D$50000,Sumário!$A83)","v":0},{"$f":"SUMIFS(Permanente!$T$6:$T$50000,Permanente!$A$6:$A$50000,Sumário!F$74,Permanente!$D$6:$D$50000,Sumário!$A83)","v":0},{"$f":"SUMIFS(Permanente!$T$6:$T$50000,Permanente!$A$6:$A$50000,Sumário!G$74,Permanente!$D$6:$D$50000,Sumário!$A83)","v":0},{"$f":"SUMIFS(Permanente!$T$6:$T$50000,Permanente!$A$6:$A$50000,Sumário!H$74,Permanente!$D$6:$D$50000,Sumário!$A83)","v":0},{"$f":"SUMIFS(Permanente!$T$6:$T$50000,Permanente!$A$6:$A$50000,Sumário!I$74,Permanente!$D$6:$D$50000,Sumário!$A83)","v":0},{"$f":"SUMIFS(Permanente!$T$6:$T$50000,Permanente!$A$6:$A$50000,Sumário!J$74,Permanente!$D$6:$D$50000,Sumário!$A83)","v":0}]
["EQUIPAMENTO DE PROTECAO, SEGURANCA E SOCORRO",{"$f":"SUMIFS(Permanente!$T$6:$T$50000,Permanente!$A$6:$A$50000,Sumário!B$74,Permanente!$D$6:$D$50000,Sumário!$A84)","v":0},{"$f":"SUMIFS(Permanente!$T$6:$T$50000,Permanente!$A$6:$A$50000,Sumário!C$74,Permanente!$D$6:$D$50000,Sumário!$A84)","v":1950},{"$f":"SUMIFS(Permanente!$T$6:$T$50000,Permanente!$A$6:$A$50000,Sumário!D$74,Permanente!$D$6:$D$50000,Sumário!$A84)","v":0},{"$f":"SUMIFS(Permanente!$T$6:$T$50000,Permanente!$A$6:$A$50000,Sumário!E$74,Permanente!$D$6:$D$50000,Sumário!$A84)","v":0},{"$f":"SUMIFS(Permanente!$T$6:$T$50000,Permanente!$A$6:$A$50000,Sumário!F$74,Permanente!$D$6:$D$50000,Sumário!$A84)","v":0},{"$f":"SUMIFS(Permanente!$T$6:$T$50000,Permanente!$A$6:$A$50000,Sumário!G$74,Permanente!$D$6:$D$50000,Sumário!$A84)","v":0},{"$f":"SUMIFS(Permanente!$T$6:$T$50000,Permanente!$A$6:$A$50000,Sumário!H$74,Permanente!$D$6:$D$50000,Sumário!$A84)","v":0},{"$f":"SUMIFS(Permanente!$T$6:$T$50000,Permanente!$A$6:$A$50000,Sumário!I$74,Permanente!$D$6:$D$50000,Sumário!$A84)","v":0},{"$f":"SUMIFS(Permanente!$T$6:$T$50000,Permanente!$A$6:$A$50000,Sumário!J$74,Permanente!$D$6:$D$50000,Sumário!$A84)","v":0}]
["INSTRUMENTOS MUSICAIS E ARTISTICOS",{"$f":"SUMIFS(Permanente!$T$6:$T$50000,Permanente!$A$6:$A$50000,Sumário!B$74,Permanente!$D$6:$D$50000,Sumário!$A85)","v":0},{"$f":"SUMIFS(Permanente!$T$6:$T$50000,Permanente!$A$6:$A$50000,Sumário!C$74,Permanente!$D$6:$D$50000,Sumário!$A85)","v":0},{"$f":"SUMIFS(Permanente!$T$6:$T$50000,Permanente!$A$6:$A$50000,Sumário!D$74,Permanente!$D$6:$D$50000,Sumário!$A85)","v":0},{"$f":"SUMIFS(Permanente!$T$6:$T$50000,Permanente!$A$6:$A$50000,Sumário!E$74,Permanente!$D$6:$D$50000,Sumário!$A85)","v":0},{"$f":"SUMIFS(Permanente!$T$6:$T$50000,Permanente!$A$6:$A$50000,Sumário!F$74,Permanente!$D$6:$D$50000,Sumário!$A85)","v":0},{"$f":"SUMIFS(Permanente!$T$6:$T$50000,Permanente!$A$6:$A$50000,Sumário!G$74,Permanente!$D$6:$D$50000,Sumário!$A85)","v":0},{"$f":"SUMIFS(Permanente!$T$6:$T$50000,Permanente!$A$6:$A$50000,Sumário!H$74,Permanente!$D$6:$D$50000,Sumário!$A85)","v":0},{"$f":"SUMIFS(Permanente!$T$6:$T$50000,Permanente!$A$6:$A$50000,Sumário!I$74,Permanente!$D$6:$D$50000,Sumário!$A85)","v":0},{"$f":"SUMIFS(Permanente!$T$6:$T$50000,Permanente!$A$6:$A$50000,Sumário!J$74,Permanente!$D$6:$D$50000,Sumário!$A85)","v":0}]
["MAQUINAS E EQUIPAM. DE NATUREZA INDUSTRIAL",{"$f":"SUMIFS(Permanente!$T$6:$T$50000,Permanente!$A$6:$A$50000,Sumário!B$74,Permanente!$D$6:$D$50000,Sumário!$A86)","v":0},{"$f":"SUMIFS(Permanente!$T$6:$T$50000,Permanente!$A$6:$A$50000,Sumário!C$74,Permanente!$D$6:$D$50000,Sumário!$A86)","v":0},{"$f":"SUMIFS(Permanente!$T$6:$T$50000,Permanente!$A$6:$A$50000,Sumário!D$74,Permanente!$D$6:$D$50000,Sumário!$A86)","v":0},{"$f":"SUMIFS(Permanente!$T$6:$T$50000,Permanente!$A$6:$A$50000,Sumário!E$74,Permanente!$D$6:$D$50000,Sumário!$A86)","v":0},{"$f":"SUMIFS(Permanente!$T$6:$T$50000,Permanente!$A$6:$A$50000,Sumário!F$74,Permanente!$D$6:$D$50000,Sumário!$A86)","v":0},{"$f":"SUMIFS(Permanente!$T$6:$T$50000,Permanente!$A$6:$A$50000,Sumário!G$74,Permanente!$D$6:$D$50000,Sumário!$A86)","v":0},{"$f":"SUMIFS(Permanente!$T$6:$T$50000,Permanente!$A$6:$A$50000,Sumário!H$74,Permanente!$D$6:$D$50000,Sumário!$A86)","v":0},{"$f":"SUMIFS(Permanente!$T$6:$T$50000,Permanente!$A$6:$A$50000,Sumário!I$74,Permanente!$D$6:$D$50000,Sumário!$A86)","v":0},{"$f":"SUMIFS(Permanente!$T$6:$T$50000,Permanente!$A$6:$A$50000,Sumário!J$74,Permanente!$D$6:$D$50000,Sumário!$A86)","v":0}]
["MAQUINAS E EQUIPAMENTOS ENERGETICOS",{"$f":"SUMIFS(Permanente!$T$6:$T$50000,Permanente!$A$6:$A$50000,Sumário!B$74,Permanente!$D$6:$D$50000,Sumário!$A87)","v":0},{"$f":"SUMIFS(Permanente!$T$6:$T$50000,Permanente!$A$6:$A$50000,Sumário!C$74,Permanente!$D$6:$D$50000,Sumário!$A87)","v":0},{"$f":"SUMIFS(Permanente!$T$6:$T$50000,Permanente!$A$6:$A$50000,Sumário!D$74,Permanente!$D$6:$D$50000,Sumário!$A87)","v":0},{"$f":"SUMIFS(Permanente!$T$6:$T$50000,Permanente!$A$6:$A$50000,Sumário!E$74,Permanente!$D$6:$D$50000,Sumário!$A87)","v":0},{"$f":"SUMIFS(Permanente!$T$6:$T$50000,Permanente!$A$6:$A$50000,Sumário!F$74,Permanente!$D$6:$D$50000,Sumário!$A87)","v":0},{"$f":"SUMIFS(Permanente!$T$6:$T$50000,Permanente!$A$6:$A$50000,Sumário!G$74,Permanente!$D$6:$D$50000,Sumário!$A87)","v":0},{"$f":"SUMIFS(Permanente!$T$6:$T$50000,Permanente!$A$6:$A$50000,Sumário!H$74,Permanente!$D$6:$D$50000,Sumário!$A87)","v":0},{"$f":"SUMIFS(Permanente!$T$6:$T$50000,Permanente!$A$6:$A$50000,Sumário!I$74,Permanente!$D$6:$D$50000,Sumário!$A87)","v":0},{"$f":"SUMIFS(Permanente!$T$6:$T$50000,Permanente!$A$6:$A$50000,Sumário!J$74,Permanente!$D$6:$D$50000,Sumário!$A87)","v":0}]
["MAQUINAS E EQUIPAMENTOS GRAFICOS",{"$f":"SUMIFS(Permanente!$T$6:$T$50000,Permanente!$A$6:$A$50000,Sumário!B$74,Permanente!$D$6:$D$50000,Sumário!$A88)","v":0},{"$f":"SUMIFS(Permanente!$T$6:$T$50000,Permanente!$A$6:$A$50000,Sumário!C$74,Permanente!$D$6:$D$50000,Sumário!$A88)","v":0},{"$f":"SUMIFS(Permanente!$T$6:$T$50000,Permanente!$A$6:$A$50000,Sumário!D$74,Permanente!$D$6:$D$50000,Sumário!$A88)","v":0},{"$f":"SUMIFS(Permanente!$T$6:$T$50000,Permanente!$A$6:$A$50000,Sumário!E$74,Permanente!$D$6:$D$50000,Sumário!$A88)","v":0},{"$f":"SUMIFS(Permanente!$T$6:$T$50000,Permanente!$A$6:$A$50000,Sumário!F$74,Permanente!$D$6:$D$50000,Sumário!$A88)","v":0},{"$f":"SUMIFS(Permanente!$T$6:$T$50000,Permanente!$A$6:$A$50000,Sumário!G$74,Permanente!$D$6:$D$50000,Sumário!$A88)","v":0},{"$f":"SUMIFS(Permanente!$T$6:$T$50000,Permanente!$A$6:$A$50000,Sumário!H$74,Permanente!$D$6:$D$50000,Sumário!$A88)","v":0},{"$f":"SUMIFS(Permanente!$T$6:$T$50000,Permanente!$A$6:$A$50000,Sumário!I$74,Permanente!$D$6:$D$50000,Sumário!$A88)","v":0},{"$f":"SUMIFS(Permanente!$T$6:$T$50000,Permanente!$A$6:$A$50000,Sumário!J$74,Permanente!$D$6:$D$50000,Sumário!$A88)","v":0}]
["EQUIPAMENTOS PARA AUDIO, VIDEO E FOTO",{"$f":"SUMIFS(Permanente!$T$6:$T$50000,Permanente!$A$6:$A$50000,Sumário!B$74,Permanente!$D$6:$D$50000,Sumário!$A89)","v":6000},{"$f":"SUMIFS(Permanente!$T$6:$T$50000,Permanente!$A$6:$A$50000,Sumário!C$74,Permanente!$D$6:$D$50000,Sumário!$A89)","v":26050},{"$f":"SUMIFS(Permanente!$T$6:$T$50000,Permanente!$A$6:$A$50000,Sumário!D$74,Permanente!$D$6:$D$50000,Sumário!$A89)","v":22000},{"$f":"SUMIFS(Permanente!$T$6:$T$50000,Permanente!$A$6:$A$50000,Sumário!E$74,Permanente!$D$6:$D$50000,Sumário!$A89)","v":0},{"$f":"SUMIFS(Permanente!$T$6:$T$50000,Permanente!$A$6:$A$50000,Sumário!F$74,Permanente!$D$6:$D$50000,Sumário!$A89)","v":6000},{"$f":"SUMIFS(Permanente!$T$6:$T$50000,Permanente!$A$6:$A$50000,Sumário!G$74,Permanente!$D$6:$D$50000,Sumário!$A89)","v":0},{"$f":"SUMIFS(Permanente!$T$6:$T$50000,Permanente!$A$6:$A$50000,Sumário!H$74,Permanente!$D$6:$D$50000,Sumário!$A89)","v":0},{"$f":"SUMIFS(Permanente!$T$6:$T$50000,Permanente!$A$6:$A$50000,Sumário!I$74,Permanente!$D$6:$D$50000,Sumário!$A89)","v":0},{"$f":"SUMIFS(Permanente!$T$6:$T$50000,Permanente!$A$6:$A$50000,Sumário!J$74,Permanente!$D$6:$D$50000,Sumário!$A89)","v":0}]
["MAQUINAS, UTENSILIOS E EQUIPAMENTOS DIVERSOS",{"$f":"SUMIFS(Permanente!$T$6:$T$50000,Permanente!$A$6:$A$50000,Sumário!B$74,Permanente!$D$6:$D$50000,Sumário!$A90)","v":70595.459999999992},{"$f":"SUMIFS(Permanente!$T$6:$T$50000,Permanente!$A$6:$A$50000,Sumário!C$74,Permanente!$D$6:$D$50000,Sumário!$A90)","v":0},{"$f":"SUMIFS(Permanente!$T$6:$T$50000,Permanente!$A$6:$A$50000,Sumário!D$74,Permanente!$D$6:$D$50000,Sumário!$A90)","v":0},{"$f":"SUMIFS(Permanente!$T$6:$T$50000,Permanente!$A$6:$A$50000,Sumário!E$74,Permanente!$D$6:$D$50000,Sumário!$A90)","v":0},{"$f":"SUMIFS(Permanente!$T$6:$T$50000,Permanente!$A$6:$A$50000,Sumário!F$74,Permanente!$D$6:$D$50000,Sumário!$A90)","v":0},{"$f":"SUMIFS(Permanente!$T$6:$T$50000,Permanente!$A$6:$A$50000,Sumário!G$74,Permanente!$D$6:$D$50000,Sumário!$A90)","v":0},{"$f":"SUMIFS(Permanente!$T$6:$T$50000,Permanente!$A$6:$A$50000,Sumário!H$74,Permanente!$D$6:$D$50000,Sumário!$A90)","v":7136.51},{"$f":"SUMIFS(Permanente!$T$6:$T$50000,Permanente!$A$6:$A$50000,Sumário!I$74,Permanente!$D$6:$D$50000,Sumário!$A90)","v":0},{"$f":"SUMIFS(Permanente!$T$6:$T$50000,Permanente!$A$6:$A$50000,Sumário!J$74,Permanente!$D$6:$D$50000,Sumário!$A90)","v":0}]
["EQUIPAMENTOS DE PROCESSAMENTO DE DADOS",{"$f":"SUMIFS(Permanente!$T$6:$T$50000,Permanente!$A$6:$A$50000,Sumário!B$74,Permanente!$D$6:$D$50000,Sumário!$A91)","v":1373700},{"$f":"SUMIFS(Permanente!$T$6:$T$50000,Permanente!$A$6:$A$50000,Sumário!C$74,Permanente!$D$6:$D$50000,Sumário!$A91)","v":158440},{"$f":"SUMIFS(Permanente!$T$6:$T$50000,Permanente!$A$6:$A$50000,Sumário!D$74,Permanente!$D$6:$D$50000,Sumário!$A91)","v":547100},{"$f":"SUMIFS(Permanente!$T$6:$T$50000,Permanente!$A$6:$A$50000,Sumário!E$74,Permanente!$D$6:$D$50000,Sumário!$A91)","v":0},{"$f":"SUMIFS(Permanente!$T$6:$T$50000,Permanente!$A$6:$A$50000,Sumário!F$74,Permanente!$D$6:$D$50000,Sumário!$A91)","v":0},{"$f":"SUMIFS(Permanente!$T$6:$T$50000,Permanente!$A$6:$A$50000,Sumário!G$74,Permanente!$D$6:$D$50000,Sumário!$A91)","v":0},{"$f":"SUMIFS(Permanente!$T$6:$T$50000,Permanente!$A$6:$A$50000,Sumário!H$74,Permanente!$D$6:$D$50000,Sumário!$A91)","v":0},{"$f":"SUMIFS(Permanente!$T$6:$T$50000,Permanente!$A$6:$A$50000,Sumário!I$74,Permanente!$D$6:$D$50000,Sumário!$A91)","v":1373700},{"$f":"SUMIFS(Permanente!$T$6:$T$50000,Permanente!$A$6:$A$50000,Sumário!J$74,Permanente!$D$6:$D$50000,Sumário!$A91)","v":0}]
["MAQUINAS, INSTALACOES E UTENS. DE ESCRITORIO",{"$f":"SUMIFS(Permanente!$T$6:$T$50000,Permanente!$A$6:$A$50000,Sumário!B$74,Permanente!$D$6:$D$50000,Sumário!$A92)","v":0},{"$f":"SUMIFS(Permanente!$T$6:$T$50000,Permanente!$A$6:$A$50000,Sumário!C$74,Permanente!$D$6:$D$50000,Sumário!$A92)","v":0},{"$f":"SUMIFS(Permanente!$T$6:$T$50000,Permanente!$A$6:$A$50000,Sumário!D$74,Permanente!$D$6:$D$50000,Sumário!$A92)","v":0},{"$f":"SUMIFS(Permanente!$T$6:$T$50000,Permanente!$A$6:$A$50000,Sumário!E$74,Permanente!$D$6:$D$50000,Sumário!$A92)","v":0},{"$f":"SUMIFS(Permanente!$T$6:$T$50000,Permanente!$A$6:$A$50000,Sumário!F$74,Permanente!$D$6:$D$50000,Sumário!$A92)","v":0},{"$f":"SUMIFS(Permanente!$T$6:$T$50000,Permanente!$A$6:$A$50000,Sumário!G$74,Permanente!$D$6:$D$50000,Sumário!$A92)","v":3900},{"$f":"SUMIFS(Permanente!$T$6:$T$50000,Permanente!$A$6:$A$50000,Sumário!H$74,Permanente!$D$6:$D$50000,Sumário!$A92)","v":0},{"$f":"SUMIFS(Permanente!$T$6:$T$50000,Permanente!$A$6:$A$50000,Sumário!I$74,Permanente!$D$6:$D$50000,Sumário!$A92)","v":0},{"$f":"SUMIFS(Permanente!$T$6:$T$50000,Permanente!$A$6:$A$50000,Sumário!J$74,Permanente!$D$6:$D$50000,Sumário!$A92)","v":0}]
["MAQ., FERRAMENTAS E UTENSILIOS DE OFICINA",{"$f":"SUMIFS(Permanente!$T$6:$T$50000,Permanente!$A$6:$A$50000,Sumário!B$74,Permanente!$D$6:$D$50000,Sumário!$A93)","v":4086.17},{"$f":"SUMIFS(Permanente!$T$6:$T$50000,Permanente!$A$6:$A$50000,Sumário!C$74,Permanente!$D$6:$D$50000,Sumário!$A93)","v":0},{"$f":"SUMIFS(Permanente!$T$6:$T$50000,Permanente!$A$6:$A$50000,Sumário!D$74,Permanente!$D$6:$D$50000,Sumário!$A93)","v":0},{"$f":"SUMIFS(Permanente!$T$6:$T$50000,Permanente!$A$6:$A$50000,Sumário!E$74,Permanente!$D$6:$D$50000,Sumário!$A93)","v":1085},{"$f":"SUMIFS(Permanente!$T$6:$T$50000,Permanente!$A$6:$A$50000,Sumário!F$74,Permanente!$D$6:$D$50000,Sumário!$A93)","v":0},{"$f":"SUMIFS(Permanente!$T$6:$T$50000,Permanente!$A$6:$A$50000,Sumário!G$74,Permanente!$D$6:$D$50000,Sumário!$A93)","v":16190},{"$f":"SUMIFS(Permanente!$T$6:$T$50000,Permanente!$A$6:$A$50000,Sumário!H$74,Permanente!$D$6:$D$50000,Sumário!$A93)","v":4086.17},{"$f":"SUMIFS(Permanente!$T$6:$T$50000,Permanente!$A$6:$A$50000,Sumário!I$74,Permanente!$D$6:$D$50000,Sumário!$A93)","v":0},{"$f":"SUMIFS(Permanente!$T$6:$T$50000,Permanente!$A$6:$A$50000,Sumário!J$74,Permanente!$D$6:$D$50000,Sumário!$A93)","v":0}]
["EQUIP. E UTENSILIOS HIDRAULICOS E ELETRICOS",{"$f":"SUMIFS(Permanente!$T$6:$T$50000,Permanente!$A$6:$A$50000,Sumário!B$74,Permanente!$D$6:$D$50000,Sumário!$A94)","v":3054.11},{"$f":"SUMIFS(Permanente!$T$6:$T$50000,Permanente!$A$6:$A$50000,Sumário!C$74,Permanente!$D$6:$D$50000,Sumário!$A94)","v":8000},{"$f":"SUMIFS(Permanente!$T$6:$T$50000,Permanente!$A$6:$A$50000,Sumário!D$74,Permanente!$D$6:$D$50000,Sumário!$A94)","v":0},{"$f":"SUMIFS(Permanente!$T$6:$T$50000,Permanente!$A$6:$A$50000,Sumário!E$74,Permanente!$D$6:$D$50000,Sumário!$A94)","v":900},{"$f":"SUMIFS(Permanente!$T$6:$T$50000,Permanente!$A$6:$A$50000,Sumário!F$74,Permanente!$D$6:$D$50000,Sumário!$A94)","v":0},{"$f":"SUMIFS(Permanente!$T$6:$T$50000,Permanente!$A$6:$A$50000,Sumário!G$74,Permanente!$D$6:$D$50000,Sumário!$A94)","v":0},{"$f":"SUMIFS(Permanente!$T$6:$T$50000,Permanente!$A$6:$A$50000,Sumário!H$74,Permanente!$D$6:$D$50000,Sumário!$A94)","v":3054.11},{"$f":"SUMIFS(Permanente!$T$6:$T$50000,Permanente!$A$6:$A$50000,Sumário!I$74,Permanente!$D$6:$D$50000,Sumário!$A94)","v":0},{"$f":"SUMIFS(Permanente!$T$6:$T$50000,Permanente!$A$6:$A$50000,Sumário!J$74,Permanente!$D$6:$D$50000,Sumário!$A94)","v":0}]
["MAQUINAS E EQUIPAMENTOS AGRIC. E RODOVIARIOS",{"$f":"SUMIFS(Permanente!$T$6:$T$50000,Permanente!$A$6:$A$50000,Sumário!B$74,Permanente!$D$6:$D$50000,Sumário!$A95)","v":65326.350000000006},{"$f":"SUMIFS(Permanente!$T$6:$T$50000,Permanente!$A$6:$A$50000,Sumário!C$74,Permanente!$D$6:$D$50000,Sumário!$A95)","v":0},{"$f":"SUMIFS(Permanente!$T$6:$T$50000,Permanente!$A$6:$A$50000,Sumário!D$74,Permanente!$D$6:$D$50000,Sumário!$A95)","v":0},{"$f":"SUMIFS(Permanente!$T$6:$T$50000,Permanente!$A$6:$A$50000,Sumário!E$74,Permanente!$D$6:$D$50000,Sumário!$A95)","v":0},{"$f":"SUMIFS(Permanente!$T$6:$T$50000,Permanente!$A$6:$A$50000,Sumário!F$74,Permanente!$D$6:$D$50000,Sumário!$A95)","v":0},{"$f":"SUMIFS(Permanente!$T$6:$T$50000,Permanente!$A$6:$A$50000,Sumário!G$74,Permanente!$D$6:$D$50000,Sumário!$A95)","v":0},{"$f":"SUMIFS(Permanente!$T$6:$T$50000,Permanente!$A$6:$A$50000,Sumário!H$74,Permanente!$D$6:$D$50000,Sumário!$A95)","v":65326.350000000006},{"$f":"SUMIFS(Permanente!$T$6:$T$50000,Permanente!$A$6:$A$50000,Sumário!I$74,Permanente!$D$6:$D$50000,Sumário!$A95)","v":0},{"$f":"SUMIFS(Permanente!$T$6:$T$50000,Permanente!$A$6:$A$50000,Sumário!J$74,Permanente!$D$6:$D$50000,Sumário!$A95)","v":0}]
["MOBILIARIO EM GERAL",{"$f":"SUMIFS(Permanente!$T$6:$T$50000,Permanente!$A$6:$A$50000,Sumário!B$74,Permanente!$D$6:$D$50000,Sumário!$A96)","v":73218.73},{"$f":"SUMIFS(Permanente!$T$6:$T$50000,Permanente!$A$6:$A$50000,Sumário!C$74,Permanente!$D$6:$D$50000,Sumário!$A96)","v":0},{"$f":"SUMIFS(Permanente!$T$6:$T$50000,Permanente!$A$6:$A$50000,Sumário!D$74,Permanente!$D$6:$D$50000,Sumário!$A96)","v":6000},{"$f":"SUMIFS(Permanente!$T$6:$T$50000,Permanente!$A$6:$A$50000,Sumário!E$74,Permanente!$D$6:$D$50000,Sumário!$A96)","v":0},{"$f":"SUMIFS(Permanente!$T$6:$T$50000,Permanente!$A$6:$A$50000,Sumário!F$74,Permanente!$D$6:$D$50000,Sumário!$A96)","v":6000},{"$f":"SUMIFS(Permanente!$T$6:$T$50000,Permanente!$A$6:$A$50000,Sumário!G$74,Permanente!$D$6:$D$50000,Sumário!$A96)","v":0},{"$f":"SUMIFS(Permanente!$T$6:$T$50000,Permanente!$A$6:$A$50000,Sumário!H$74,Permanente!$D$6:$D$50000,Sumário!$A96)","v":2218.73},{"$f":"SUMIFS(Permanente!$T$6:$T$50000,Permanente!$A$6:$A$50000,Sumário!I$74,Permanente!$D$6:$D$50000,Sumário!$A96)","v":0},{"$f":"SUMIFS(Permanente!$T$6:$T$50000,Permanente!$A$6:$A$50000,Sumário!J$74,Permanente!$D$6:$D$50000,Sumário!$A96)","v":0}]
["OBRAS DE ARTE E PECAS PARA EXPOSICAO",{"$f":"SUMIFS(Permanente!$T$6:$T$50000,Permanente!$A$6:$A$50000,Sumário!B$74,Permanente!$D$6:$D$50000,Sumário!$A97)","v":0},{"$f":"SUMIFS(Permanente!$T$6:$T$50000,Permanente!$A$6:$A$50000,Sumário!C$74,Permanente!$D$6:$D$50000,Sumário!$A97)","v":0},{"$f":"SUMIFS(Permanente!$T$6:$T$50000,Permanente!$A$6:$A$50000,Sumário!D$74,Permanente!$D$6:$D$50000,Sumário!$A97)","v":0},{"$f":"SUMIFS(Permanente!$T$6:$T$50000,Permanente!$A$6:$A$50000,Sumário!E$74,Permanente!$D$6:$D$50000,Sumário!$A97)","v":0},{"$f":"SUMIFS(Permanente!$T$6:$T$50000,Permanente!$A$6:$A$50000,Sumário!F$74,Permanente!$D$6:$D$50000,Sumário!$A97)","v":0},{"$f":"SUMIFS(Permanente!$T$6:$T$50000,Permanente!$A$6:$A$50000,Sumário!G$74,Permanente!$D$6:$D$50000,Sumário!$A97)","v":0},{"$f":"SUMIFS(Permanente!$T$6:$T$50000,Permanente!$A$6:$A$50000,Sumário!H$74,Permanente!$D$6:$D$50000,Sumário!$A97)","v":0},{"$f":"SUMIFS(Permanente!$T$6:$T$50000,Permanente!$A$6:$A$50000,Sumário!I$74,Permanente!$D$6:$D$50000,Sumário!$A97)","v":0},{"$f":"SUMIFS(Permanente!$T$6:$T$50000,Permanente!$A$6:$A$50000,Sumário!J$74,Permanente!$D$6:$D$50000,Sumário!$A97)","v":0}]
["SEMOVENTES E EQUIPAMENTOS DE MONTARIA",{"$f":"SUMIFS(Permanente!$T$6:$T$50000,Permanente!$A$6:$A$50000,Sumário!B$74,Permanente!$D$6:$D$50000,Sumário!$A98)","v":0},{"$f":"SUMIFS(Permanente!$T$6:$T$50000,Permanente!$A$6:$A$50000,Sumário!C$74,Permanente!$D$6:$D$50000,Sumário!$A98)","v":0},{"$f":"SUMIFS(Permanente!$T$6:$T$50000,Permanente!$A$6:$A$50000,Sumário!D$74,Permanente!$D$6:$D$50000,Sumário!$A98)","v":0},{"$f":"SUMIFS(Permanente!$T$6:$T$50000,Permanente!$A$6:$A$50000,Sumário!E$74,Permanente!$D$6:$D$50000,Sumário!$A98)","v":0},{"$f":"SUMIFS(Permanente!$T$6:$T$50000,Permanente!$A$6:$A$50000,Sumário!F$74,Permanente!$D$6:$D$50000,Sumário!$A98)","v":0},{"$f":"SUMIFS(Permanente!$T$6:$T$50000,Permanente!$A$6:$A$50000,Sumário!G$74,Permanente!$D$6:$D$50000,Sumário!$A98)","v":0},{"$f":"SUMIFS(Permanente!$T$6:$T$50000,Permanente!$A$6:$A$50000,Sumário!H$74,Permanente!$D$6:$D$50000,Sumário!$A98)","v":0},{"$f":"SUMIFS(Permanente!$T$6:$T$50000,Permanente!$A$6:$A$50000,Sumário!I$74,Permanente!$D$6:$D$50000,Sumário!$A98)","v":0},{"$f":"SUMIFS(Permanente!$T$6:$T$50000,Permanente!$A$6:$A$50000,Sumário!J$74,Permanente!$D$6:$D$50000,Sumário!$A98)","v":0}]
["VEICULOS DIVERSOS",{"$f":"SUMIFS(Permanente!$T$6:$T$50000,Permanente!$A$6:$A$50000,Sumário!B$74,Permanente!$D$6:$D$50000,Sumário!$A99)","v":0},{"$f":"SUMIFS(Permanente!$T$6:$T$50000,Permanente!$A$6:$A$50000,Sumário!C$74,Permanente!$D$6:$D$50000,Sumário!$A99)","v":0},{"$f":"SUMIFS(Permanente!$T$6:$T$50000,Permanente!$A$6:$A$50000,Sumário!D$74,Permanente!$D$6:$D$50000,Sumário!$A99)","v":0},{"$f":"SUMIFS(Permanente!$T$6:$T$50000,Permanente!$A$6:$A$50000,Sumário!E$74,Permanente!$D$6:$D$50000,Sumário!$A99)","v":0},{"$f":"SUMIFS(Permanente!$T$6:$T$50000,Permanente!$A$6:$A$50000,Sumário!F$74,Permanente!$D$6:$D$50000,Sumário!$A99)","v":0},{"$f":"SUMIFS(Permanente!$T$6:$T$50000,Permanente!$A$6:$A$50000,Sumário!G$74,Permanente!$D$6:$D$50000,Sumário!$A99)","v":0},{"$f":"SUMIFS(Permanente!$T$6:$T$50000,Permanente!$A$6:$A$50000,Sumário!H$74,Permanente!$D$6:$D$50000,Sumário!$A99)","v":0},{"$f":"SUMIFS(Permanente!$T$6:$T$50000,Permanente!$A$6:$A$50000,Sumário!I$74,Permanente!$D$6:$D$50000,Sumário!$A99)","v":0},{"$f":"SUMIFS(Permanente!$T$6:$T$50000,Permanente!$A$6:$A$50000,Sumário!J$74,Permanente!$D$6:$D$50000,Sumário!$A99)","v":0}]
["VEICULOS FERROVIARIOS",{"$f":"SUMIFS(Permanente!$T$6:$T$50000,Permanente!$A$6:$A$50000,Sumário!B$74,Permanente!$D$6:$D$50000,Sumário!$A100)","v":0},{"$f":"SUMIFS(Permanente!$T$6:$T$50000,Permanente!$A$6:$A$50000,Sumário!C$74,Permanente!$D$6:$D$50000,Sumário!$A100)","v":0},{"$f":"SUMIFS(Permanente!$T$6:$T$50000,Permanente!$A$6:$A$50000,Sumário!D$74,Permanente!$D$6:$D$50000,Sumário!$A100)","v":0},{"$f":"SUMIFS(Permanente!$T$6:$T$50000,Permanente!$A$6:$A$50000,Sumário!E$74,Permanente!$D$6:$D$50000,Sumário!$A100)","v":0},{"$f":"SUMIFS(Permanente!$T$6:$T$50000,Permanente!$A$6:$A$50000,Sumário!F$74,Permanente!$D$6:$D$50000,Sumário!$A100)","v":0},{"$f":"SUMIFS(Permanente!$T$6:$T$50000,Permanente!$A$6:$A$50000,Sumário!G$74,Permanente!$D$6:$D$50000,Sumário!$A100)","v":0},{"$f":"SUMIFS(Permanente!$T$6:$T$50000,Permanente!$A$6:$A$50000,Sumário!H$74,Permanente!$D$6:$D$50000,Sumário!$A100)","v":0},{"$f":"SUMIFS(Permanente!$T$6:$T$50000,Permanente!$A$6:$A$50000,Sumário!I$74,Permanente!$D$6:$D$50000,Sumário!$A100)","v":0},{"$f":"SUMIFS(Permanente!$T$6:$T$50000,Permanente!$A$6:$A$50000,Sumário!J$74,Permanente!$D$6:$D$50000,Sumário!$A100)","v":0}]
["PECAS NAO INCORPORAVEIS A IMOVEIS",{"$f":"SUMIFS(Permanente!$T$6:$T$50000,Permanente!$A$6:$A$50000,Sumário!B$74,Permanente!$D$6:$D$50000,Sumário!$A101)","v":0},{"$f":"SUMIFS(Permanente!$T$6:$T$50000,Permanente!$A$6:$A$50000,Sumário!C$74,Permanente!$D$6:$D$50000,Sumário!$A101)","v":0},{"$f":"SUMIFS(Permanente!$T$6:$T$50000,Permanente!$A$6:$A$50000,Sumário!D$74,Permanente!$D$6:$D$50000,Sumário!$A101)","v":0},{"$f":"SUMIFS(Permanente!$T$6:$T$50000,Permanente!$A$6:$A$50000,Sumário!E$74,Permanente!$D$6:$D$50000,Sumário!$A101)","v":0},{"$f":"SUMIFS(Permanente!$T$6:$T$50000,Permanente!$A$6:$A$50000,Sumário!F$74,Permanente!$D$6:$D$50000,Sumário!$A101)","v":0},{"$f":"SUMIFS(Permanente!$T$6:$T$50000,Permanente!$A$6:$A$50000,Sumário!G$74,Permanente!$D$6:$D$50000,Sumário!$A101)","v":0},{"$f":"SUMIFS(Permanente!$T$6:$T$50000,Permanente!$A$6:$A$50000,Sumário!H$74,Permanente!$D$6:$D$50000,Sumário!$A101)","v":0},{"$f":"SUMIFS(Permanente!$T$6:$T$50000,Permanente!$A$6:$A$50000,Sumário!I$74,Permanente!$D$6:$D$50000,Sumário!$A101)","v":0},{"$f":"SUMIFS(Permanente!$T$6:$T$50000,Permanente!$A$6:$A$50000,Sumário!J$74,Permanente!$D$6:$D$50000,Sumário!$A101)","v":0}]
["VEICULOS DE TRACAO MECANICA",{"$f":"SUMIFS(Permanente!$T$6:$T$50000,Permanente!$A$6:$A$50000,Sumário!B$74,Permanente!$D$6:$D$50000,Sumário!$A102)","v":0},{"$f":"SUMIFS(Permanente!$T$6:$T$50000,Permanente!$A$6:$A$50000,Sumário!C$74,Permanente!$D$6:$D$50000,Sumário!$A102)","v":0},{"$f":"SUMIFS(Permanente!$T$6:$T$50000,Permanente!$A$6:$A$50000,Sumário!D$74,Permanente!$D$6:$D$50000,Sumário!$A102)","v":0},{"$f":"SUMIFS(Permanente!$T$6:$T$50000,Permanente!$A$6:$A$50000,Sumário!E$74,Permanente!$D$6:$D$50000,Sumário!$A102)","v":0},{"$f":"SUMIFS(Permanente!$T$6:$T$50000,Permanente!$A$6:$A$50000,Sumário!F$74,Permanente!$D$6:$D$50000,Sumário!$A102)","v":0},{"$f":"SUMIFS(Permanente!$T$6:$T$50000,Permanente!$A$6:$A$50000,Sumário!G$74,Permanente!$D$6:$D$50000,Sumário!$A102)","v":0},{"$f":"SUMIFS(Permanente!$T$6:$T$50000,Permanente!$A$6:$A$50000,Sumário!H$74,Permanente!$D$6:$D$50000,Sumário!$A102)","v":0},{"$f":"SUMIFS(Permanente!$T$6:$T$50000,Permanente!$A$6:$A$50000,Sumário!I$74,Permanente!$D$6:$D$50000,Sumário!$A102)","v":0},{"$f":"SUMIFS(Permanente!$T$6:$T$50000,Permanente!$A$6:$A$50000,Sumário!J$74,Permanente!$D$6:$D$50000,Sumário!$A102)","v":0}]
["EQUIPAMENTOS, PECAS E ACESSORIOS AERONAUTICOS",{"$f":"SUMIFS(Permanente!$T$6:$T$50000,Permanente!$A$6:$A$50000,Sumário!B$74,Permanente!$D$6:$D$50000,Sumário!$A103)","v":0},{"$f":"SUMIFS(Permanente!$T$6:$T$50000,Permanente!$A$6:$A$50000,Sumário!C$74,Permanente!$D$6:$D$50000,Sumário!$A103)","v":0},{"$f":"SUMIFS(Permanente!$T$6:$T$50000,Permanente!$A$6:$A$50000,Sumário!D$74,Permanente!$D$6:$D$50000,Sumário!$A103)","v":0},{"$f":"SUMIFS(Permanente!$T$6:$T$50000,Permanente!$A$6:$A$50000,Sumário!E$74,Permanente!$D$6:$D$50000,Sumário!$A103)","v":0},{"$f":"SUMIFS(Permanente!$T$6:$T$50000,Permanente!$A$6:$A$50000,Sumário!F$74,Permanente!$D$6:$D$50000,Sumário!$A103)","v":0},{"$f":"SUMIFS(Permanente!$T$6:$T$50000,Permanente!$A$6:$A$50000,Sumário!G$74,Permanente!$D$6:$D$50000,Sumário!$A103)","v":0},{"$f":"SUMIFS(Permanente!$T$6:$T$50000,Permanente!$A$6:$A$50000,Sumário!H$74,Permanente!$D$6:$D$50000,Sumário!$A103)","v":0},{"$f":"SUMIFS(Permanente!$T$6:$T$50000,Permanente!$A$6:$A$50000,Sumário!I$74,Permanente!$D$6:$D$50000,Sumário!$A103)","v":0},{"$f":"SUMIFS(Permanente!$T$6:$T$50000,Permanente!$A$6:$A$50000,Sumário!J$74,Permanente!$D$6:$D$50000,Sumário!$A103)","v":0}]
["EQUIPAMENTOS, PECAS E ACES.DE PROTECAO AO VOO",{"$f":"SUMIFS(Permanente!$T$6:$T$50000,Permanente!$A$6:$A$50000,Sumário!B$74,Permanente!$D$6:$D$50000,Sumário!$A104)","v":0},{"$f":"SUMIFS(Permanente!$T$6:$T$50000,Permanente!$A$6:$A$50000,Sumário!C$74,Permanente!$D$6:$D$50000,Sumário!$A104)","v":0},{"$f":"SUMIFS(Permanente!$T$6:$T$50000,Permanente!$A$6:$A$50000,Sumário!D$74,Permanente!$D$6:$D$50000,Sumário!$A104)","v":0},{"$f":"SUMIFS(Permanente!$T$6:$T$50000,Permanente!$A$6:$A$50000,Sumário!E$74,Permanente!$D$6:$D$50000,Sumário!$A104)","v":0},{"$f":"SUMIFS(Permanente!$T$6:$T$50000,Permanente!$A$6:$A$50000,Sumário!F$74,Permanente!$D$6:$D$50000,Sumário!$A104)","v":0},{"$f":"SUMIFS(Permanente!$T$6:$T$50000,Permanente!$A$6:$A$50000,Sumário!G$74,Permanente!$D$6:$D$50000,Sumário!$A104)","v":0},{"$f":"SUMIFS(Permanente!$T$6:$T$50000,Permanente!$A$6:$A$50000,Sumário!H$74,Permanente!$D$6:$D$50000,Sumário!$A104)","v":0},{"$f":"SUMIFS(Permanente!$T$6:$T$50000,Permanente!$A$6:$A$50000,Sumário!I$74,Permanente!$D$6:$D$50000,Sumário!$A104)","v":0},{"$f":"SUMIFS(Permanente!$T$6:$T$50000,Permanente!$A$6:$A$50000,Sumário!J$74,Permanente!$D$6:$D$50000,Sumário!$A104)","v":0}]
["ACESSORIOS PARA VEICULOS",{"$f":"SUMIFS(Permanente!$T$6:$T$50000,Permanente!$A$6:$A$50000,Sumário!B$74,Permanente!$D$6:$D$50000,Sumário!$A105)","v":0},{"$f":"SUMIFS(Permanente!$T$6:$T$50000,Permanente!$A$6:$A$50000,Sumário!C$74,Permanente!$D$6:$D$50000,Sumário!$A105)","v":0},{"$f":"SUMIFS(Permanente!$T$6:$T$50000,Permanente!$A$6:$A$50000,Sumário!D$74,Permanente!$D$6:$D$50000,Sumário!$A105)","v":0},{"$f":"SUMIFS(Permanente!$T$6:$T$50000,Permanente!$A$6:$A$50000,Sumário!E$74,Permanente!$D$6:$D$50000,Sumário!$A105)","v":0},{"$f":"SUMIFS(Permanente!$T$6:$T$50000,Permanente!$A$6:$A$50000,Sumário!F$74,Permanente!$D$6:$D$50000,Sumário!$A105)","v":0},{"$f":"SUMIFS(Permanente!$T$6:$T$50000,Permanente!$A$6:$A$50000,Sumário!G$74,Permanente!$D$6:$D$50000,Sumário!$A105)","v":0},{"$f":"SUMIFS(Permanente!$T$6:$T$50000,Permanente!$A$6:$A$50000,Sumário!H$74,Permanente!$D$6:$D$50000,Sumário!$A105)","v":0},{"$f":"SUMIFS(Permanente!$T$6:$T$50000,Permanente!$A$6:$A$50000,Sumário!I$74,Permanente!$D$6:$D$50000,Sumário!$A105)","v":0},{"$f":"SUMIFS(Permanente!$T$6:$T$50000,Permanente!$A$6:$A$50000,Sumário!J$74,Permanente!$D$6:$D$50000,Sumário!$A105)","v":0}]
["EQUIPAMENTOS DE MERGULHO E SALVAMENTO",{"$f":"SUMIFS(Permanente!$T$6:$T$50000,Permanente!$A$6:$A$50000,Sumário!B$74,Permanente!$D$6:$D$50000,Sumário!$A106)","v":0},{"$f":"SUMIFS(Permanente!$T$6:$T$50000,Permanente!$A$6:$A$50000,Sumário!C$74,Permanente!$D$6:$D$50000,Sumário!$A106)","v":0},{"$f":"SUMIFS(Permanente!$T$6:$T$50000,Permanente!$A$6:$A$50000,Sumário!D$74,Permanente!$D$6:$D$50000,Sumário!$A106)","v":0},{"$f":"SUMIFS(Permanente!$T$6:$T$50000,Permanente!$A$6:$A$50000,Sumário!E$74,Permanente!$D$6:$D$50000,Sumário!$A106)","v":0},{"$f":"SUMIFS(Permanente!$T$6:$T$50000,Permanente!$A$6:$A$50000,Sumário!F$74,Permanente!$D$6:$D$50000,Sumário!$A106)","v":0},{"$f":"SUMIFS(Permanente!$T$6:$T$50000,Permanente!$A$6:$A$50000,Sumário!G$74,Permanente!$D$6:$D$50000,Sumário!$A106)","v":0},{"$f":"SUMIFS(Permanente!$T$6:$T$50000,Permanente!$A$6:$A$50000,Sumário!H$74,Permanente!$D$6:$D$50000,Sumário!$A106)","v":0},{"$f":"SUMIFS(Permanente!$T$6:$T$50000,Permanente!$A$6:$A$50000,Sumário!I$74,Permanente!$D$6:$D$50000,Sumário!$A106)","v":0},{"$f":"SUMIFS(Permanente!$T$6:$T$50000,Permanente!$A$6:$A$50000,Sumário!J$74,Permanente!$D$6:$D$50000,Sumário!$A106)","v":0}]
["EQUIPAMENTOS, PECAS E ACESSORIOS MARITIMOS",{"$f":"SUMIFS(Permanente!$T$6:$T$50000,Permanente!$A$6:$A$50000,Sumário!B$74,Permanente!$D$6:$D$50000,Sumário!$A107)","v":0},{"$f":"SUMIFS(Permanente!$T$6:$T$50000,Permanente!$A$6:$A$50000,Sumário!C$74,Permanente!$D$6:$D$50000,Sumário!$A107)","v":0},{"$f":"SUMIFS(Permanente!$T$6:$T$50000,Permanente!$A$6:$A$50000,Sumário!D$74,Permanente!$D$6:$D$50000,Sumário!$A107)","v":0},{"$f":"SUMIFS(Permanente!$T$6:$T$50000,Permanente!$A$6:$A$50000,Sumário!E$74,Permanente!$D$6:$D$50000,Sumário!$A107)","v":0},{"$f":"SUMIFS(Permanente!$T$6:$T$50000,Permanente!$A$6:$A$50000,Sumário!F$74,Permanente!$D$6:$D$50000,Sumário!$A107)","v":0},{"$f":"SUMIFS(Permanente!$T$6:$T$50000,Permanente!$A$6:$A$50000,Sumário!G$74,Permanente!$D$6:$D$50000,Sumário!$A107)","v":0},{"$f":"SUMIFS(Permanente!$T$6:$T$50000,Permanente!$A$6:$A$50000,Sumário!H$74,Permanente!$D$6:$D$50000,Sumário!$A107)","v":0},{"$f":"SUMIFS(Permanente!$T$6:$T$50000,Permanente!$A$6:$A$50000,Sumário!I$74,Permanente!$D$6:$D$50000,Sumário!$A107)","v":0},{"$f":"SUMIFS(Permanente!$T$6:$T$50000,Permanente!$A$6:$A$50000,Sumário!J$74,Permanente!$D$6:$D$50000,Sumário!$A107)","v":0}]
["EQUIPAMENTOS E SISTEMA DE PROT.VIG.AMBIENTAL",{"$f":"SUMIFS(Permanente!$T$6:$T$50000,Permanente!$A$6:$A$50000,Sumário!B$74,Permanente!$D$6:$D$50000,Sumário!$A108)","v":0},{"$f":"SUMIFS(Permanente!$T$6:$T$50000,Permanente!$A$6:$A$50000,Sumário!C$74,Permanente!$D$6:$D$50000,Sumário!$A108)","v":0},{"$f":"SUMIFS(Permanente!$T$6:$T$50000,Permanente!$A$6:$A$50000,Sumário!D$74,Permanente!$D$6:$D$50000,Sumário!$A108)","v":0},{"$f":"SUMIFS(Permanente!$T$6:$T$50000,Permanente!$A$6:$A$50000,Sumário!E$74,Permanente!$D$6:$D$50000,Sumário!$A108)","v":0},{"$f":"SUMIFS(Permanente!$T$6:$T$50000,Permanente!$A$6:$A$50000,Sumário!F$74,Permanente!$D$6:$D$50000,Sumário!$A108)","v":0},{"$f":"SUMIFS(Permanente!$T$6:$T$50000,Permanente!$A$6:$A$50000,Sumário!G$74,Permanente!$D$6:$D$50000,Sumário!$A108)","v":0},{"$f":"SUMIFS(Permanente!$T$6:$T$50000,Permanente!$A$6:$A$50000,Sumário!H$74,Permanente!$D$6:$D$50000,Sumário!$A108)","v":0},{"$f":"SUMIFS(Permanente!$T$6:$T$50000,Permanente!$A$6:$A$50000,Sumário!I$74,Permanente!$D$6:$D$50000,Sumário!$A108)","v":0},{"$f":"SUMIFS(Permanente!$T$6:$T$50000,Permanente!$A$6:$A$50000,Sumário!J$74,Permanente!$D$6:$D$50000,Sumário!$A108)","v":0}]
["MATERIAL DE CONSUMO DE USO DURADOURO",{"$f":"SUMIFS(Permanente!$T$6:$T$50000,Permanente!$A$6:$A$50000,Sumário!B$74,Permanente!$D$6:$D$50000,Sumário!$A109)","v":0},{"$f":"SUMIFS(Permanente!$T$6:$T$50000,Permanente!$A$6:$A$50000,Sumário!C$74,Permanente!$D$6:$D$50000,Sumário!$A109)","v":0},{"$f":"SUMIFS(Permanente!$T$6:$T$50000,Permanente!$A$6:$A$50000,Sumário!D$74,Permanente!$D$6:$D$50000,Sumário!$A109)","v":0},{"$f":"SUMIFS(Permanente!$T$6:$T$50000,Permanente!$A$6:$A$50000,Sumário!E$74,Permanente!$D$6:$D$50000,Sumário!$A109)","v":0},{"$f":"SUMIFS(Permanente!$T$6:$T$50000,Permanente!$A$6:$A$50000,Sumário!F$74,Permanente!$D$6:$D$50000,Sumário!$A109)","v":0},{"$f":"SUMIFS(Permanente!$T$6:$T$50000,Permanente!$A$6:$A$50000,Sumário!G$74,Permanente!$D$6:$D$50000,Sumário!$A109)","v":0},{"$f":"SUMIFS(Permanente!$T$6:$T$50000,Permanente!$A$6:$A$50000,Sumário!H$74,Permanente!$D$6:$D$50000,Sumário!$A109)","v":0},{"$f":"SUMIFS(Permanente!$T$6:$T$50000,Permanente!$A$6:$A$50000,Sumário!I$74,Permanente!$D$6:$D$50000,Sumário!$A109)","v":0},{"$f":"SUMIFS(Permanente!$T$6:$T$50000,Permanente!$A$6:$A$50000,Sumário!J$74,Permanente!$D$6:$D$50000,Sumário!$A109)","v":0}]
["OUTROS MATERIAIS PERMANENTES",{"$f":"SUMIFS(Permanente!$T$6:$T$50000,Permanente!$A$6:$A$50000,Sumário!B$74,Permanente!$D$6:$D$50000,Sumário!$A110)","v":24080.36},{"$f":"SUMIFS(Permanente!$T$6:$T$50000,Permanente!$A$6:$A$50000,Sumário!C$74,Permanente!$D$6:$D$50000,Sumário!$A110)","v":0},{"$f":"SUMIFS(Permanente!$T$6:$T$50000,Permanente!$A$6:$A$50000,Sumário!D$74,Permanente!$D$6:$D$50000,Sumário!$A110)","v":0},{"$f":"SUMIFS(Permanente!$T$6:$T$50000,Permanente!$A$6:$A$50000,Sumário!E$74,Permanente!$D$6:$D$50000,Sumário!$A110)","v":0},{"$f":"SUMIFS(Permanente!$T$6:$T$50000,Permanente!$A$6:$A$50000,Sumário!F$74,Permanente!$D$6:$D$50000,Sumário!$A110)","v":0},{"$f":"SUMIFS(Permanente!$T$6:$T$50000,Permanente!$A$6:$A$50000,Sumário!G$74,Permanente!$D$6:$D$50000,Sumário!$A110)","v":0},{"$f":"SUMIFS(Permanente!$T$6:$T$50000,Permanente!$A$6:$A$50000,Sumário!H$74,Permanente!$D$6:$D$50000,Sumário!$A110)","v":0},{"$f":"SUMIFS(Permanente!$T$6:$T$50000,Permanente!$A$6:$A$50000,Sumário!I$74,Permanente!$D$6:$D$50000,Sumário!$A110)","v":0},{"$f":"SUMIFS(Permanente!$T$6:$T$50000,Permanente!$A$6:$A$50000,Sumário!J$74,Permanente!$D$6:$D$50000,Sumário!$A110)","v":0}]
[]
[]
["Material de Serviço"]
["Descrição  – Subitem","BASE","5DE","AD5","11CT","5CIAPE","CIMH","CIAAP","5RM","5BCOM"]
["ASSINATURAS DE PERIODICOS E ANUIDADES",{"$f":"SUMIFS(Serviço!$T$6:$T$50000,Serviço!$A$6:$A$50000,Sumário!B$114,Serviço!$D$6:$D$50000,Sumário!$A115)","v":0},{"$f":"SUMIFS(Serviço!$T$6:$T$50000,Serviço!$A$6:$A$50000,Sumário!C$114,Serviço!$D$6:$D$50000,Sumário!$A115)","v":0},{"$f":"SUMIFS(Serviço!$T$6:$T$50000,Serviço!$A$6:$A$50000,Sumário!D$114,Serviço!$D$6:$D$50000,Sumário!$A115)","v":0},{"$f":"SUMIFS(Serviço!$T$6:$T$50000,Serviço!$A$6:$A$50000,Sumário!E$114,Serviço!$D$6:$D$50000,Sumário!$A115)","v":0},{"$f":"SUMIFS(Serviço!$T$6:$T$50000,Serviço!$A$6:$A$50000,Sumário!F$114,Serviço!$D$6:$D$50000,Sumário!$A115)","v":0},{"$f":"SUMIFS(Serviço!$T$6:$T$50000,Serviço!$A$6:$A$50000,Sumário!G$114,Serviço!$D$6:$D$50000,Sumário!$A115)","v":0},{"$f":"SUMIFS(Serviço!$T$6:$T$50000,Serviço!$A$6:$A$50000,Sumário!H$114,Serviço!$D$6:$D$50000,Sumário!$A115)","v":0},{"$f":"SUMIFS(Serviço!$T$6:$T$50000,Serviço!$A$6:$A$50000,Sumário!I$114,Serviço!$D$6:$D$50000,Sumário!$A115)","v":0},{"$f":"SUMIFS(Serviço!$T$6:$T$50000,Serviço!$A$6:$A$50000,Sumário!J$114,Serviço!$D$6:$D$50000,Sumário!$A115)","v":0}]
["CONDOMINIOS",{"$f":"SUMIFS(Serviço!$T$6:$T$50000,Serviço!$A$6:$A$50000,Sumário!B$114,Serviço!$D$6:$D$50000,Sumário!$A116)","v":0},{"$f":"SUMIFS(Serviço!$T$6:$T$50000,Serviço!$A$6:$A$50000,Sumário!C$114,Serviço!$D$6:$D$50000,Sumário!$A116)","v":0},{"$f":"SUMIFS(Serviço!$T$6:$T$50000,Serviço!$A$6:$A$50000,Sumário!D$114,Serviço!$D$6:$D$50000,Sumário!$A116)","v":0},{"$f":"SUMIFS(Serviço!$T$6:$T$50000,Serviço!$A$6:$A$50000,Sumário!E$114,Serviço!$D$6:$D$50000,Sumário!$A116)","v":0},{"$f":"SUMIFS(Serviço!$T$6:$T$50000,Serviço!$A$6:$A$50000,Sumário!F$114,Serviço!$D$6:$D$50000,Sumário!$A116)","v":0},{"$f":"SUMIFS(Serviço!$T$6:$T$50000,Serviço!$A$6:$A$50000,Sumário!G$114,Serviço!$D$6:$D$50000,Sumário!$A116)","v":0},{"$f":"SUMIFS(Serviço!$T$6:$T$50000,Serviço!$A$6:$A$50000,Sumário!H$114,Serviço!$D$6:$D$50000,Sumário!$A116)","v":0},{"$f":"SUMIFS(Serviço!$T$6:$T$50000,Serviço!$A$6:$A$50000,Sumário!I$114,Serviço!$D$6:$D$50000,Sumário!$A116)","v":0},{"$f":"SUMIFS(Serviço!$T$6:$T$50000,Serviço!$A$6:$A$50000,Sumário!J$114,Serviço!$D$6:$D$50000,Sumário!$A116)","v":0}]
["DIREITOS AUTORAIS",{"$f":"SUMIFS(Serviço!$T$6:$T$50000,Serviço!$A$6:$A$50000,Sumário!B$114,Serviço!$D$6:$D$50000,Sumário!$A117)","v":600},{"$f":"SUMIFS(Serviço!$T$6:$T$50000,Serviço!$A$6:$A$50000,Sumário!C$114,Serviço!$D$6:$D$50000,Sumário!$A117)","v":0},{"$f":"SUMIFS(Serviço!$T$6:$T$50000,Serviço!$A$6:$A$50000,Sumário!D$114,Serviço!$D$6:$D$50000,Sumário!$A117)","v":600},{"$f":"SUMIFS(Serviço!$T$6:$T$50000,Serviço!$A$6:$A$50000,Sumário!E$114,Serviço!$D$6:$D$50000,Sumário!$A117)","v":0},{"$f":"SUMIFS(Serviço!$T$6:$T$50000,Serviço!$A$6:$A$50000,Sumário!F$114,Serviço!$D$6:$D$50000,Sumário!$A117)","v":0},{"$f":"SUMIFS(Serviço!$T$6:$T$50000,Serviço!$A$6:$A$50000,Sumário!G$114,Serviço!$D$6:$D$50000,Sumário!$A117)","v":0},{"$f":"SUMIFS(Serviço!$T$6:$T$50000,Serviço!$A$6:$A$50000,Sumário!H$114,Serviço!$D$6:$D$50000,Sumário!$A117)","v":0},{"$f":"SUMIFS(Serviço!$T$6:$T$50000,Serviço!$A$6:$A$50000,Sumário!I$114,Serviço!$D$6:$D$50000,Sumário!$A117)","v":0},{"$f":"SUMIFS(Serviço!$T$6:$T$50000,Serviço!$A$6:$A$50000,Sumário!J$114,Serviço!$D$6:$D$50000,Sumário!$A117)","v":0}]
["SERVICOS TECNICOS PROFISSIONAIS",{"$f":"SUMIFS(Serviço!$T$6:$T$50000,Serviço!$A$6:$A$50000,Sumário!B$114,Serviço!$D$6:$D$50000,Sumário!$A118)","v":0},{"$f":"SUMIFS(Serviço!$T$6:$T$50000,Serviço!$A$6:$A$50000,Sumário!C$114,Serviço!$D$6:$D$50000,Sumário!$A118)","v":0},{"$f":"SUMIFS(Serviço!$T$6:$T$50000,Serviço!$A$6:$A$50000,Sumário!D$114,Serviço!$D$6:$D$50000,Sumário!$A118)","v":0},{"$f":"SUMIFS(Serviço!$T$6:$T$50000,Serviço!$A$6:$A$50000,Sumário!E$114,Serviço!$D$6:$D$50000,Sumário!$A118)","v":0},{"$f":"SUMIFS(Serviço!$T$6:$T$50000,Serviço!$A$6:$A$50000,Sumário!F$114,Serviço!$D$6:$D$50000,Sumário!$A118)","v":0},{"$f":"SUMIFS(Serviço!$T$6:$T$50000,Serviço!$A$6:$A$50000,Sumário!G$114,Serviço!$D$6:$D$50000,Sumário!$A118)","v":0},{"$f":"SUMIFS(Serviço!$T$6:$T$50000,Serviço!$A$6:$A$50000,Sumário!H$114,Serviço!$D$6:$D$50000,Sumário!$A118)","v":0},{"$f":"SUMIFS(Serviço!$T$6:$T$50000,Serviço!$A$6:$A$50000,Sumário!I$114,Serviço!$D$6:$D$50000,Sumário!$A118)","v":0},{"$f":"SUMIFS(Serviço!$T$6:$T$50000,Serviço!$A$6:$A$50000,Sumário!J$114,Serviço!$D$6:$D$50000,Sumário!$A118)","v":0}]
["CAPATAZIA, ESTIVA E PESAGEM",{"$f":"SUMIFS(Serviço!$T$6:$T$50000,Serviço!$A$6:$A$50000,Sumário!B$114,Serviço!$D$6:$D$50000,Sumário!$A119)","v":0},{"$f":"SUMIFS(Serviço!$T$6:$T$50000,Serviço!$A$6:$A$50000,Sumário!C$114,Serviço!$D$6:$D$50000,Sumário!$A119)","v":0},{"$f":"SUMIFS(Serviço!$T$6:$T$50000,Serviço!$A$6:$A$50000,Sumário!D$114,Serviço!$D$6:$D$50000,Sumário!$A119)","v":0},{"$f":"SUMIFS(Serviço!$T$6:$T$50000,Serviço!$A$6:$A$50000,Sumário!E$114,Serviço!$D$6:$D$50000,Sumário!$A119)","v":0},{"$f":"SUMIFS(Serviço!$T$6:$T$50000,Serviço!$A$6:$A$50000,Sumário!F$114,Serviço!$D$6:$D$50000,Sumário!$A119)","v":0},{"$f":"SUMIFS(Serviço!$T$6:$T$50000,Serviço!$A$6:$A$50000,Sumário!G$114,Serviço!$D$6:$D$50000,Sumário!$A119)","v":0},{"$f":"SUMIFS(Serviço!$T$6:$T$50000,Serviço!$A$6:$A$50000,Sumário!H$114,Serviço!$D$6:$D$50000,Sumário!$A119)","v":0},{"$f":"SUMIFS(Serviço!$T$6:$T$50000,Serviço!$A$6:$A$50000,Sumário!I$114,Serviço!$D$6:$D$50000,Sumário!$A119)","v":0},{"$f":"SUMIFS(Serviço!$T$6:$T$50000,Serviço!$A$6:$A$50000,Sumário!J$114,Serviço!$D$6:$D$50000,Sumário!$A119)","v":0}]
["MANUTENCAO DE SOFTWARE",{"$f":"SUMIFS(Serviço!$T$6:$T$50000,Serviço!$A$6:$A$50000,Sumário!B$114,Serviço!$D$6:$D$50000,Sumário!$A120)","v":0},{"$f":"SUMIFS(Serviço!$T$6:$T$50000,Serviço!$A$6:$A$50000,Sumário!C$114,Serviço!$D$6:$D$50000,Sumário!$A120)","v":0},{"$f":"SUMIFS(Serviço!$T$6:$T$50000,Serviço!$A$6:$A$50000,Sumário!D$114,Serviço!$D$6:$D$50000,Sumário!$A120)","v":0},{"$f":"SUMIFS(Serviço!$T$6:$T$50000,Serviço!$A$6:$A$50000,Sumário!E$114,Serviço!$D$6:$D$50000,Sumário!$A120)","v":0},{"$f":"SUMIFS(Serviço!$T$6:$T$50000,Serviço!$A$6:$A$50000,Sumário!F$114,Serviço!$D$6:$D$50000,Sumário!$A120)","v":0},{"$f":"SUMIFS(Serviço!$T$6:$T$50000,Serviço!$A$6:$A$50000,Sumário!G$114,Serviço!$D$6:$D$50000,Sumário!$A120)","v":0},{"$f":"SUMIFS(Serviço!$T$6:$T$50000,Serviço!$A$6:$A$50000,Sumário!H$114,Serviço!$D$6:$D$50000,Sumário!$A120)","v":0},{"$f":"SUMIFS(Serviço!$T$6:$T$50000,Serviço!$A$6:$A$50000,Sumário!I$114,Serviço!$D$6:$D$50000,Sumário!$A120)","v":0},{"$f":"SUMIFS(Serviço!$T$6:$T$50000,Serviço!$A$6:$A$50000,Sumário!J$114,Serviço!$D$6:$D$50000,Sumário!$A120)","v":0}]
["ARMAZENAGEM",{"$f":"SUMIFS(Serviço!$T$6:$T$50000,Serviço!$A$6:$A$50000,Sumário!B$114,Serviço!$D$6:$D$50000,Sumário!$A121)","v":0},{"$f":"SUMIFS(Serviço!$T$6:$T$50000,Serviço!$A$6:$A$50000,Sumário!C$114,Serviço!$D$6:$D$50000,Sumário!$A121)","v":0},{"$f":"SUMIFS(Serviço!$T$6:$T$50000,Serviço!$A$6:$A$50000,Sumário!D$114,Serviço!$D$6:$D$50000,Sumário!$A121)","v":30000},{"$f":"SUMIFS(Serviço!$T$6:$T$50000,Serviço!$A$6:$A$50000,Sumário!E$114,Serviço!$D$6:$D$50000,Sumário!$A121)","v":0},{"$f":"SUMIFS(Serviço!$T$6:$T$50000,Serviço!$A$6:$A$50000,Sumário!F$114,Serviço!$D$6:$D$50000,Sumário!$A121)","v":0},{"$f":"SUMIFS(Serviço!$T$6:$T$50000,Serviço!$A$6:$A$50000,Sumário!G$114,Serviço!$D$6:$D$50000,Sumário!$A121)","v":0},{"$f":"SUMIFS(Serviço!$T$6:$T$50000,Serviço!$A$6:$A$50000,Sumário!H$114,Serviço!$D$6:$D$50000,Sumário!$A121)","v":0},{"$f":"SUMIFS(Serviço!$T$6:$T$50000,Serviço!$A$6:$A$50000,Sumário!I$114,Serviço!$D$6:$D$50000,Sumário!$A121)","v":0},{"$f":"SUMIFS(Serviço!$T$6:$T$50000,Serviço!$A$6:$A$50000,Sumário!J$114,Serviço!$D$6:$D$50000,Sumário!$A121)","v":0}]
["LOCACAO DE IMOVEIS",{"$f":"SUMIFS(Serviço!$T$6:$T$50000,Serviço!$A$6:$A$50000,Sumário!B$114,Serviço!$D$6:$D$50000,Sumário!$A122)","v":0},{"$f":"SUMIFS(Serviço!$T$6:$T$50000,Serviço!$A$6:$A$50000,Sumário!C$114,Serviço!$D$6:$D$50000,Sumário!$A122)","v":0},{"$f":"SUMIFS(Serviço!$T$6:$T$50000,Serviço!$A$6:$A$50000,Sumário!D$114,Serviço!$D$6:$D$50000,Sumário!$A122)","v":0},{"$f":"SUMIFS(Serviço!$T$6:$T$50000,Serviço!$A$6:$A$50000,Sumário!E$114,Serviço!$D$6:$D$50000,Sumário!$A122)","v":0},{"$f":"SUMIFS(Serviço!$T$6:$T$50000,Serviço!$A$6:$A$50000,Sumário!F$114,Serviço!$D$6:$D$50000,Sumário!$A122)","v":0},{"$f":"SUMIFS(Serviço!$T$6:$T$50000,Serviço!$A$6:$A$50000,Sumário!G$114,Serviço!$D$6:$D$50000,Sumário!$A122)","v":0},{"$f":"SUMIFS(Serviço!$T$6:$T$50000,Serviço!$A$6:$A$50000,Sumário!H$114,Serviço!$D$6:$D$50000,Sumário!$A122)","v":0},{"$f":"SUMIFS(Serviço!$T$6:$T$50000,Serviço!$A$6:$A$50000,Sumário!I$114,Serviço!$D$6:$D$50000,Sumário!$A122)","v":0},{"$f":"SUMIFS(Serviço!$T$6:$T$50000,Serviço!$A$6:$A$50000,Sumário!J$114,Serviço!$D$6:$D$50000,Sumário!$A122)","v":0}]
["LOCACAO DE SOFTWARES",{"$f":"SUMIFS(Serviço!$T$6:$T$50000,Serviço!$A$6:$A$50000,Sumário!B$114,Serviço!$D$6:$D$50000,Sumário!$A123)","v":0},{"$f":"SUMIFS(Serviço!$T$6:$T$50000,Serviço!$A$6:$A$50000,Sumário!C$114,Serviço!$D$6:$D$50000,Sumário!$A123)","v":0},{"$f":"SUMIFS(Serviço!$T$6:$T$50000,Serviço!$A$6:$A$50000,Sumário!D$114,Serviço!$D$6:$D$50000,Sumário!$A123)","v":0},{"$f":"SUMIFS(Serviço!$T$6:$T$50000,Serviço!$A$6:$A$50000,Sumário!E$114,Serviço!$D$6:$D$50000,Sumário!$A123)","v":0},{"$f":"SUMIFS(Serviço!$T$6:$T$50000,Serviço!$A$6:$A$50000,Sumário!F$114,Serviço!$D$6:$D$50000,Sumário!$A123)","v":0},{"$f":"SUMIFS(Serviço!$T$6:$T$50000,Serviço!$A$6:$A$50000,Sumário!G$114,Serviço!$D$6:$D$50000,Sumário!$A123)","v":0},{"$f":"SUMIFS(Serviço!$T$6:$T$50000,Serviço!$A$6:$A$50000,Sumário!H$114,Serviço!$D$6:$D$50000,Sumário!$A123)","v":0},{"$f":"SUMIFS(Serviço!$T$6:$T$50000,Serviço!$A$6:$A$50000,Sumário!I$114,Serviço!$D$6:$D$50000,Sumário!$A123)","v":0},{"$f":"SUMIFS(Serviço!$T$6:$T$50000,Serviço!$A$6:$A$50000,Sumário!J$114,Serviço!$D$6:$D$50000,Sumário!$A123)","v":0}]
["LOCACAO DE MAQUINAS E EQUIPAMENTOS",{"$f":"SUMIFS(Serviço!$T$6:$T$50000,Serviço!$A$6:$A$50000,Sumário!B$114,Serviço!$D$6:$D$50000,Sumário!$A124)","v":0},{"$f":"SUMIFS(Serviço!$T$6:$T$50000,Serviço!$A$6:$A$50000,Sumário!C$114,Serviço!$D$6:$D$50000,Sumário!$A124)","v":0},{"$f":"SUMIFS(Serviço!$T$6:$T$50000,Serviço!$A$6:$A$50000,Sumário!D$114,Serviço!$D$6:$D$50000,Sumário!$A124)","v":0},{"$f":"SUMIFS(Serviço!$T$6:$T$50000,Serviço!$A$6:$A$50000,Sumário!E$114,Serviço!$D$6:$D$50000,Sumário!$A124)","v":0},{"$f":"SUMIFS(Serviço!$T$6:$T$50000,Serviço!$A$6:$A$50000,Sumário!F$114,Serviço!$D$6:$D$50000,Sumário!$A124)","v":0},{"$f":"SUMIFS(Serviço!$T$6:$T$50000,Serviço!$A$6:$A$50000,Sumário!G$114,Serviço!$D$6:$D$50000,Sumário!$A124)","v":0},{"$f":"SUMIFS(Serviço!$T$6:$T$50000,Serviço!$A$6:$A$50000,Sumário!H$114,Serviço!$D$6:$D$50000,Sumário!$A124)","v":0},{"$f":"SUMIFS(Serviço!$T$6:$T$50000,Serviço!$A$6:$A$50000,Sumário!I$114,Serviço!$D$6:$D$50000,Sumário!$A124)","v":0},{"$f":"SUMIFS(Serviço!$T$6:$T$50000,Serviço!$A$6:$A$50000,Sumário!J$114,Serviço!$D$6:$D$50000,Sumário!$A124)","v":0}]
["LOCACAO BENS MOV. OUT.NATUREZAS E INTANGIVEIS",{"$f":"SUMIFS(Serviço!$T$6:$T$50000,Serviço!$A$6:$A$50000,Sumário!B$114,Serviço!$D$6:$D$50000,Sumário!$A125)","v":0},{"$f":"SUMIFS(Serviço!$T$6:$T$50000,Serviço!$A$6:$A$50000,Sumário!C$114,Serviço!$D$6:$D$50000,Sumário!$A125)","v":0},{"$f":"SUMIFS(Serviço!$T$6:$T$50000,Serviço!$A$6:$A$50000,Sumário!D$114,Serviço!$D$6:$D$50000,Sumário!$A125)","v":0},{"$f":"SUMIFS(Serviço!$T$6:$T$50000,Serviço!$A$6:$A$50000,Sumário!E$114,Serviço!$D$6:$D$50000,Sumário!$A125)","v":0},{"$f":"SUMIFS(Serviço!$T$6:$T$50000,Serviço!$A$6:$A$50000,Sumário!F$114,Serviço!$D$6:$D$50000,Sumário!$A125)","v":0},{"$f":"SUMIFS(Serviço!$T$6:$T$50000,Serviço!$A$6:$A$50000,Sumário!G$114,Serviço!$D$6:$D$50000,Sumário!$A125)","v":0},{"$f":"SUMIFS(Serviço!$T$6:$T$50000,Serviço!$A$6:$A$50000,Sumário!H$114,Serviço!$D$6:$D$50000,Sumário!$A125)","v":0},{"$f":"SUMIFS(Serviço!$T$6:$T$50000,Serviço!$A$6:$A$50000,Sumário!I$114,Serviço!$D$6:$D$50000,Sumário!$A125)","v":0},{"$f":"SUMIFS(Serviço!$T$6:$T$50000,Serviço!$A$6:$A$50000,Sumário!J$114,Serviço!$D$6:$D$50000,Sumário!$A125)","v":0}]
["MANUTENCAO E CONSERV. DE BENS IMOVEIS",{"$f":"SUMIFS(Serviço!$T$6:$T$50000,Serviço!$A$6:$A$50000,Sumário!B$114,Serviço!$D$6:$D$50000,Sumário!$A126)","v":300000},{"$f":"SUMIFS(Serviço!$T$6:$T$50000,Serviço!$A$6:$A$50000,Sumário!C$114,Serviço!$D$6:$D$50000,Sumário!$A126)","v":0},{"$f":"SUMIFS(Serviço!$T$6:$T$50000,Serviço!$A$6:$A$50000,Sumário!D$114,Serviço!$D$6:$D$50000,Sumário!$A126)","v":0},{"$f":"SUMIFS(Serviço!$T$6:$T$50000,Serviço!$A$6:$A$50000,Sumário!E$114,Serviço!$D$6:$D$50000,Sumário!$A126)","v":0},{"$f":"SUMIFS(Serviço!$T$6:$T$50000,Serviço!$A$6:$A$50000,Sumário!F$114,Serviço!$D$6:$D$50000,Sumário!$A126)","v":0},{"$f":"SUMIFS(Serviço!$T$6:$T$50000,Serviço!$A$6:$A$50000,Sumário!G$114,Serviço!$D$6:$D$50000,Sumário!$A126)","v":17000},{"$f":"SUMIFS(Serviço!$T$6:$T$50000,Serviço!$A$6:$A$50000,Sumário!H$114,Serviço!$D$6:$D$50000,Sumário!$A126)","v":0},{"$f":"SUMIFS(Serviço!$T$6:$T$50000,Serviço!$A$6:$A$50000,Sumário!I$114,Serviço!$D$6:$D$50000,Sumário!$A126)","v":0},{"$f":"SUMIFS(Serviço!$T$6:$T$50000,Serviço!$A$6:$A$50000,Sumário!J$114,Serviço!$D$6:$D$50000,Sumário!$A126)","v":0}]
["MANUT. E CONSERV. DE MAQUINAS E EQUIPAMENTOS",{"$f":"SUMIFS(Serviço!$T$6:$T$50000,Serviço!$A$6:$A$50000,Sumário!B$114,Serviço!$D$6:$D$50000,Sumário!$A127)","v":6662},{"$f":"SUMIFS(Serviço!$T$6:$T$50000,Serviço!$A$6:$A$50000,Sumário!C$114,Serviço!$D$6:$D$50000,Sumário!$A127)","v":0},{"$f":"SUMIFS(Serviço!$T$6:$T$50000,Serviço!$A$6:$A$50000,Sumário!D$114,Serviço!$D$6:$D$50000,Sumário!$A127)","v":0},{"$f":"SUMIFS(Serviço!$T$6:$T$50000,Serviço!$A$6:$A$50000,Sumário!E$114,Serviço!$D$6:$D$50000,Sumário!$A127)","v":0},{"$f":"SUMIFS(Serviço!$T$6:$T$50000,Serviço!$A$6:$A$50000,Sumário!F$114,Serviço!$D$6:$D$50000,Sumário!$A127)","v":0},{"$f":"SUMIFS(Serviço!$T$6:$T$50000,Serviço!$A$6:$A$50000,Sumário!G$114,Serviço!$D$6:$D$50000,Sumário!$A127)","v":0},{"$f":"SUMIFS(Serviço!$T$6:$T$50000,Serviço!$A$6:$A$50000,Sumário!H$114,Serviço!$D$6:$D$50000,Sumário!$A127)","v":0},{"$f":"SUMIFS(Serviço!$T$6:$T$50000,Serviço!$A$6:$A$50000,Sumário!I$114,Serviço!$D$6:$D$50000,Sumário!$A127)","v":0},{"$f":"SUMIFS(Serviço!$T$6:$T$50000,Serviço!$A$6:$A$50000,Sumário!J$114,Serviço!$D$6:$D$50000,Sumário!$A127)","v":0}]
["SERVICOS DE ESTACIONAMENTO DE VEICULOS",{"$f":"SUMIFS(Serviço!$T$6:$T$50000,Serviço!$A$6:$A$50000,Sumário!B$114,Serviço!$D$6:$D$50000,Sumário!$A128)","v":0},{"$f":"SUMIFS(Serviço!$T$6:$T$50000,Serviço!$A$6:$A$50000,Sumário!C$114,Serviço!$D$6:$D$50000,Sumário!$A128)","v":0},{"$f":"SUMIFS(Serviço!$T$6:$T$50000,Serviço!$A$6:$A$50000,Sumário!D$114,Serviço!$D$6:$D$50000,Sumário!$A128)","v":0},{"$f":"SUMIFS(Serviço!$T$6:$T$50000,Serviço!$A$6:$A$50000,Sumário!E$114,Serviço!$D$6:$D$50000,Sumário!$A128)","v":0},{"$f":"SUMIFS(Serviço!$T$6:$T$50000,Serviço!$A$6:$A$50000,Sumário!F$114,Serviço!$D$6:$D$50000,Sumário!$A128)","v":0},{"$f":"SUMIFS(Serviço!$T$6:$T$50000,Serviço!$A$6:$A$50000,Sumário!G$114,Serviço!$D$6:$D$50000,Sumário!$A128)","v":0},{"$f":"SUMIFS(Serviço!$T$6:$T$50000,Serviço!$A$6:$A$50000,Sumário!H$114,Serviço!$D$6:$D$50000,Sumário!$A128)","v":0},{"$f":"SUMIFS(Serviço!$T$6:$T$50000,Serviço!$A$6:$A$50000,Sumário!I$114,Serviço!$D$6:$D$50000,Sumário!$A128)","v":0},{"$f":"SUMIFS(Serviço!$T$6:$T$50000,Serviço!$A$6:$A$50000,Sumário!J$114,Serviço!$D$6:$D$50000,Sumário!$A128)","v":0}]
["MANUTENCAO E CONSERV. DE VEICULOS",{"$f":"SUMIFS(Serviço!$T$6:$T$50000,Serviço!$A$6:$A$50000,Sumário!B$114,Serviço!$D$6:$D$50000,Sumário!$A129)","v":0},{"$f":"SUMIFS(Serviço!$T$6:$T$50000,Serviço!$A$6:$A$50000,Sumário!C$114,Serviço!$D$6:$D$50000,Sumário!$A129)","v":0},{"$f":"SUMIFS(Serviço!$T$6:$T$50000,Serviço!$A$6:$A$50000,Sumário!D$114,Serviço!$D$6:$D$50000,Sumário!$A129)","v":0},{"$f":"SUMIFS(Serviço!$T$6:$T$50000,Serviço!$A$6:$A$50000,Sumário!E$114,Serviço!$D$6:$D$50000,Sumário!$A129)","v":0},{"$f":"SUMIFS(Serviço!$T$6:$T$50000,Serviço!$A$6:$A$50000,Sumário!F$114,Serviço!$D$6:$D$50000,Sumário!$A129)","v":0},{"$f":"SUMIFS(Serviço!$T$6:$T$50000,Serviço!$A$6:$A$50000,Sumário!G$114,Serviço!$D$6:$D$50000,Sumário!$A129)","v":0},{"$f":"SUMIFS(Serviço!$T$6:$T$50000,Serviço!$A$6:$A$50000,Sumário!H$114,Serviço!$D$6:$D$50000,Sumário!$A129)","v":0},{"$f":"SUMIFS(Serviço!$T$6:$T$50000,Serviço!$A$6:$A$50000,Sumário!I$114,Serviço!$D$6:$D$50000,Sumário!$A129)","v":0},{"$f":"SUMIFS(Serviço!$T$6:$T$50000,Serviço!$A$6:$A$50000,Sumário!J$114,Serviço!$D$6:$D$50000,Sumário!$A129)","v":0}]
["MANUT.E CONS.DE B.MOVEIS DE OUTRAS NATUREZAS",{"$f":"SUMIFS(Serviço!$T$6:$T$50000,Serviço!$A$6:$A$50000,Sumário!B$114,Serviço!$D$6:$D$50000,Sumário!$A130)","v":0},{"$f":"SUMIFS(Serviço!$T$6:$T$50000,Serviço!$A$6:$A$50000,Sumário!C$114,Serviço!$D$6:$D$50000,Sumário!$A130)","v":0},{"$f":"SUMIFS(Serviço!$T$6:$T$50000,Serviço!$A$6:$A$50000,Sumário!D$114,Serviço!$D$6:$D$50000,Sumário!$A130)","v":0},{"$f":"SUMIFS(Serviço!$T$6:$T$50000,Serviço!$A$6:$A$50000,Sumário!E$114,Serviço!$D$6:$D$50000,Sumário!$A130)","v":0},{"$f":"SUMIFS(Serviço!$T$6:$T$50000,Serviço!$A$6:$A$50000,Sumário!F$114,Serviço!$D$6:$D$50000,Sumário!$A130)","v":0},{"$f":"SUMIFS(Serviço!$T$6:$T$50000,Serviço!$A$6:$A$50000,Sumário!G$114,Serviço!$D$6:$D$50000,Sumário!$A130)","v":0},{"$f":"SUMIFS(Serviço!$T$6:$T$50000,Serviço!$A$6:$A$50000,Sumário!H$114,Serviço!$D$6:$D$50000,Sumário!$A130)","v":0},{"$f":"SUMIFS(Serviço!$T$6:$T$50000,Serviço!$A$6:$A$50000,Sumário!I$114,Serviço!$D$6:$D$50000,Sumário!$A130)","v":0},{"$f":"SUMIFS(Serviço!$T$6:$T$50000,Serviço!$A$6:$A$50000,Sumário!J$114,Serviço!$D$6:$D$50000,Sumário!$A130)","v":0}]
["MANUTENCAO E CONSERV. DE ESTRADAS E VIAS",{"$f":"SUMIFS(Serviço!$T$6:$T$50000,Serviço!$A$6:$A$50000,Sumário!B$114,Serviço!$D$6:$D$50000,Sumário!$A131)","v":0},{"$f":"SUMIFS(Serviço!$T$6:$T$50000,Serviço!$A$6:$A$50000,Sumário!C$114,Serviço!$D$6:$D$50000,Sumário!$A131)","v":0},{"$f":"SUMIFS(Serviço!$T$6:$T$50000,Serviço!$A$6:$A$50000,Sumário!D$114,Serviço!$D$6:$D$50000,Sumário!$A131)","v":0},{"$f":"SUMIFS(Serviço!$T$6:$T$50000,Serviço!$A$6:$A$50000,Sumário!E$114,Serviço!$D$6:$D$50000,Sumário!$A131)","v":0},{"$f":"SUMIFS(Serviço!$T$6:$T$50000,Serviço!$A$6:$A$50000,Sumário!F$114,Serviço!$D$6:$D$50000,Sumário!$A131)","v":0},{"$f":"SUMIFS(Serviço!$T$6:$T$50000,Serviço!$A$6:$A$50000,Sumário!G$114,Serviço!$D$6:$D$50000,Sumário!$A131)","v":0},{"$f":"SUMIFS(Serviço!$T$6:$T$50000,Serviço!$A$6:$A$50000,Sumário!H$114,Serviço!$D$6:$D$50000,Sumário!$A131)","v":0},{"$f":"SUMIFS(Serviço!$T$6:$T$50000,Serviço!$A$6:$A$50000,Sumário!I$114,Serviço!$D$6:$D$50000,Sumário!$A131)","v":0},{"$f":"SUMIFS(Serviço!$T$6:$T$50000,Serviço!$A$6:$A$50000,Sumário!J$114,Serviço!$D$6:$D$50000,Sumário!$A131)","v":0}]
["EXPOSICOES, CONGRESSOS E CONFERENCIAS",{"$f":"SUMIFS(Serviço!$T$6:$T$50000,Serviço!$A$6:$A$50000,Sumário!B$114,Serviço!$D$6:$D$50000,Sumário!$A132)","v":0},{"$f":"SUMIFS(Serviço!$T$6:$T$50000,Serviço!$A$6:$A$50000,Sumário!C$114,Serviço!$D$6:$D$50000,Sumário!$A132)","v":0},{"$f":"SUMIFS(Serviço!$T$6:$T$50000,Serviço!$A$6:$A$50000,Sumário!D$114,Serviço!$D$6:$D$50000,Sumário!$A132)","v":0},{"$f":"SUMIFS(Serviço!$T$6:$T$50000,Serviço!$A$6:$A$50000,Sumário!E$114,Serviço!$D$6:$D$50000,Sumário!$A132)","v":0},{"$f":"SUMIFS(Serviço!$T$6:$T$50000,Serviço!$A$6:$A$50000,Sumário!F$114,Serviço!$D$6:$D$50000,Sumário!$A132)","v":0},{"$f":"SUMIFS(Serviço!$T$6:$T$50000,Serviço!$A$6:$A$50000,Sumário!G$114,Serviço!$D$6:$D$50000,Sumário!$A132)","v":0},{"$f":"SUMIFS(Serviço!$T$6:$T$50000,Serviço!$A$6:$A$50000,Sumário!H$114,Serviço!$D$6:$D$50000,Sumário!$A132)","v":0},{"$f":"SUMIFS(Serviço!$T$6:$T$50000,Serviço!$A$6:$A$50000,Sumário!I$114,Serviço!$D$6:$D$50000,Sumário!$A132)","v":0},{"$f":"SUMIFS(Serviço!$T$6:$T$50000,Serviço!$A$6:$A$50000,Sumário!J$114,Serviço!$D$6:$D$50000,Sumário!$A132)","v":0}]
["FESTIVIDADES E HOMENAGENS",{"$f":"SUMIFS(Serviço!$T$6:$T$50000,Serviço!$A$6:$A$50000,Sumário!B$114,Serviço!$D$6:$D$50000,Sumário!$A133)","v":0},{"$f":"SUMIFS(Serviço!$T$6:$T$50000,Serviço!$A$6:$A$50000,Sumário!C$114,Serviço!$D$6:$D$50000,Sumário!$A133)","v":0},{"$f":"SUMIFS(Serviço!$T$6:$T$50000,Serviço!$A$6:$A$50000,Sumário!D$114,Serviço!$D$6:$D$50000,Sumário!$A133)","v":0},{"$f":"SUMIFS(Serviço!$T$6:$T$50000,Serviço!$A$6:$A$50000,Sumário!E$114,Serviço!$D$6:$D$50000,Sumário!$A133)","v":0},{"$f":"SUMIFS(Serviço!$T$6:$T$50000,Serviço!$A$6:$A$50000,Sumário!F$114,Serviço!$D$6:$D$50000,Sumário!$A133)","v":0},{"$f":"SUMIFS(Serviço!$T$6:$T$50000,Serviço!$A$6:$A$50000,Sumário!G$114,Serviço!$D$6:$D$50000,Sumário!$A133)","v":0},{"$f":"SUMIFS(Serviço!$T$6:$T$50000,Serviço!$A$6:$A$50000,Sumário!H$114,Serviço!$D$6:$D$50000,Sumário!$A133)","v":0},{"$f":"SUMIFS(Serviço!$T$6:$T$50000,Serviço!$A$6:$A$50000,Sumário!I$114,Serviço!$D$6:$D$50000,Sumário!$A133)","v":0},{"$f":"SUMIFS(Serviço!$T$6:$T$50000,Serviço!$A$6:$A$50000,Sumário!J$114,Serviço!$D$6:$D$50000,Sumário!$A133)","v":0}]
["VISTOS CONSULARES",{"$f":"SUMIFS(Serviço!$T$6:$T$50000,Serviço!$A$6:$A$50000,Sumário!B$114,Serviço!$D$6:$D$50000,Sumário!$A134)","v":0},{"$f":"SUMIFS(Serviço!$T$6:$T$50000,Serviço!$A$6:$A$50000,Sumário!C$114,Serviço!$D$6:$D$50000,Sumário!$A134)","v":0},{"$f":"SUMIFS(Serviço!$T$6:$T$50000,Serviço!$A$6:$A$50000,Sumário!D$114,Serviço!$D$6:$D$50000,Sumário!$A134)","v":0},{"$f":"SUMIFS(Serviço!$T$6:$T$50000,Serviço!$A$6:$A$50000,Sumário!E$114,Serviço!$D$6:$D$50000,Sumário!$A134)","v":0},{"$f":"SUMIFS(Serviço!$T$6:$T$50000,Serviço!$A$6:$A$50000,Sumário!F$114,Serviço!$D$6:$D$50000,Sumário!$A134)","v":0},{"$f":"SUMIFS(Serviço!$T$6:$T$50000,Serviço!$A$6:$A$50000,Sumário!G$114,Serviço!$D$6:$D$50000,Sumário!$A134)","v":0},{"$f":"SUMIFS(Serviço!$T$6:$T$50000,Serviço!$A$6:$A$50000,Sumário!H$114,Serviço!$D$6:$D$50000,Sumário!$A134)","v":0},{"$f":"SUMIFS(Serviço!$T$6:$T$50000,Serviço!$A$6:$A$50000,Sumário!I$114,Serviço!$D$6:$D$50000,Sumário!$A134)","v":0},{"$f":"SUMIFS(Serviço!$T$6:$T$50000,Serviço!$A$6:$A$50000,Sumário!J$114,Serviço!$D$6:$D$50000,Sumário!$A134)","v":0}]
["LOCACAO DE EQUIPAMENTOS DE PROC. DE DADOS",{"$f":"SUMIFS(Serviço!$T$6:$T$50000,Serviço!$A$6:$A$50000,Sumário!B$114,Serviço!$D$6:$D$50000,Sumário!$A135)","v":0},{"$f":"SUMIFS(Serviço!$T$6:$T$50000,Serviço!$A$6:$A$50000,Sumário!C$114,Serviço!$D$6:$D$50000,Sumário!$A135)","v":0},{"$f":"SUMIFS(Serviço!$T$6:$T$50000,Serviço!$A$6:$A$50000,Sumário!D$114,Serviço!$D$6:$D$50000,Sumário!$A135)","v":60000},{"$f":"SUMIFS(Serviço!$T$6:$T$50000,Serviço!$A$6:$A$50000,Sumário!E$114,Serviço!$D$6:$D$50000,Sumário!$A135)","v":0},{"$f":"SUMIFS(Serviço!$T$6:$T$50000,Serviço!$A$6:$A$50000,Sumário!F$114,Serviço!$D$6:$D$50000,Sumário!$A135)","v":0},{"$f":"SUMIFS(Serviço!$T$6:$T$50000,Serviço!$A$6:$A$50000,Sumário!G$114,Serviço!$D$6:$D$50000,Sumário!$A135)","v":0},{"$f":"SUMIFS(Serviço!$T$6:$T$50000,Serviço!$A$6:$A$50000,Sumário!H$114,Serviço!$D$6:$D$50000,Sumário!$A135)","v":0},{"$f":"SUMIFS(Serviço!$T$6:$T$50000,Serviço!$A$6:$A$50000,Sumário!I$114,Serviço!$D$6:$D$50000,Sumário!$A135)","v":0},{"$f":"SUMIFS(Serviço!$T$6:$T$50000,Serviço!$A$6:$A$50000,Sumário!J$114,Serviço!$D$6:$D$50000,Sumário!$A135)","v":0}]
["PROGRAMA DE ALIMENTACAO DO TRABALHADOR",{"$f":"SUMIFS(Serviço!$T$6:$T$50000,Serviço!$A$6:$A$50000,Sumário!B$114,Serviço!$D$6:$D$50000,Sumário!$A136)","v":0},{"$f":"SUMIFS(Serviço!$T$6:$T$50000,Serviço!$A$6:$A$50000,Sumário!C$114,Serviço!$D$6:$D$50000,Sumário!$A136)","v":0},{"$f":"SUMIFS(Serviço!$T$6:$T$50000,Serviço!$A$6:$A$50000,Sumário!D$114,Serviço!$D$6:$D$50000,Sumário!$A136)","v":0},{"$f":"SUMIFS(Serviço!$T$6:$T$50000,Serviço!$A$6:$A$50000,Sumário!E$114,Serviço!$D$6:$D$50000,Sumário!$A136)","v":0},{"$f":"SUMIFS(Serviço!$T$6:$T$50000,Serviço!$A$6:$A$50000,Sumário!F$114,Serviço!$D$6:$D$50000,Sumário!$A136)","v":0},{"$f":"SUMIFS(Serviço!$T$6:$T$50000,Serviço!$A$6:$A$50000,Sumário!G$114,Serviço!$D$6:$D$50000,Sumário!$A136)","v":0},{"$f":"SUMIFS(Serviço!$T$6:$T$50000,Serviço!$A$6:$A$50000,Sumário!H$114,Serviço!$D$6:$D$50000,Sumário!$A136)","v":0},{"$f":"SUMIFS(Serviço!$T$6:$T$50000,Serviço!$A$6:$A$50000,Sumário!I$114,Serviço!$D$6:$D$50000,Sumário!$A136)","v":0},{"$f":"SUMIFS(Serviço!$T$6:$T$50000,Serviço!$A$6:$A$50000,Sumário!J$114,Serviço!$D$6:$D$50000,Sumário!$A136)","v":0}]
["FORNECIMENTO DE ALIMENTACAO",{"$f":"SUMIFS(Serviço!$T$6:$T$50000,Serviço!$A$6:$A$50000,Sumário!B$114,Serviço!$D$6:$D$50000,Sumário!$A137)","v":0},{"$f":"SUMIFS(Serviço!$T$6:$T$50000,Serviço!$A$6:$A$50000,Sumário!C$114,Serviço!$D$6:$D$50000,Sumário!$A137)","v":0},{"$f":"SUMIFS(Serviço!$T$6:$T$50000,Serviço!$A$6:$A$50000,Sumário!D$114,Serviço!$D$6:$D$50000,Sumário!$A137)","v":0},{"$f":"SUMIFS(Serviço!$T$6:$T$50000,Serviço!$A$6:$A$50000,Sumário!E$114,Serviço!$D$6:$D$50000,Sumário!$A137)","v":0},{"$f":"SUMIFS(Serviço!$T$6:$T$50000,Serviço!$A$6:$A$50000,Sumário!F$114,Serviço!$D$6:$D$50000,Sumário!$A137)","v":0},{"$f":"SUMIFS(Serviço!$T$6:$T$50000,Serviço!$A$6:$A$50000,Sumário!G$114,Serviço!$D$6:$D$50000,Sumário!$A137)","v":0},{"$f":"SUMIFS(Serviço!$T$6:$T$50000,Serviço!$A$6:$A$50000,Sumário!H$114,Serviço!$D$6:$D$50000,Sumário!$A137)","v":0},{"$f":"SUMIFS(Serviço!$T$6:$T$50000,Serviço!$A$6:$A$50000,Sumário!I$114,Serviço!$D$6:$D$50000,Sumário!$A137)","v":0},{"$f":"SUMIFS(Serviço!$T$6:$T$50000,Serviço!$A$6:$A$50000,Sumário!J$114,Serviço!$D$6:$D$50000,Sumário!$A137)","v":0}]
["SERVICOS DE ENERGIA ELETRICA",{"$f":"SUMIFS(Serviço!$T$6:$T$50000,Serviço!$A$6:$A$50000,Sumário!B$114,Serviço!$D$6:$D$50000,Sumário!$A138)","v":0},{"$f":"SUMIFS(Serviço!$T$6:$T$50000,Serviço!$A$6:$A$50000,Sumário!C$114,Serviço!$D$6:$D$50000,Sumário!$A138)","v":0},{"$f":"SUMIFS(Serviço!$T$6:$T$50000,Serviço!$A$6:$A$50000,Sumário!D$114,Serviço!$D$6:$D$50000,Sumário!$A138)","v":0},{"$f":"SUMIFS(Serviço!$T$6:$T$50000,Serviço!$A$6:$A$50000,Sumário!E$114,Serviço!$D$6:$D$50000,Sumário!$A138)","v":0},{"$f":"SUMIFS(Serviço!$T$6:$T$50000,Serviço!$A$6:$A$50000,Sumário!F$114,Serviço!$D$6:$D$50000,Sumário!$A138)","v":0},{"$f":"SUMIFS(Serviço!$T$6:$T$50000,Serviço!$A$6:$A$50000,Sumário!G$114,Serviço!$D$6:$D$50000,Sumário!$A138)","v":0},{"$f":"SUMIFS(Serviço!$T$6:$T$50000,Serviço!$A$6:$A$50000,Sumário!H$114,Serviço!$D$6:$D$50000,Sumário!$A138)","v":0},{"$f":"SUMIFS(Serviço!$T$6:$T$50000,Serviço!$A$6:$A$50000,Sumário!I$114,Serviço!$D$6:$D$50000,Sumário!$A138)","v":0},{"$f":"SUMIFS(Serviço!$T$6:$T$50000,Serviço!$A$6:$A$50000,Sumário!J$114,Serviço!$D$6:$D$50000,Sumário!$A138)","v":0}]
["SERVICOS DE AGUA E ESGOTO",{"$f":"SUMIFS(Serviço!$T$6:$T$50000,Serviço!$A$6:$A$50000,Sumário!B$114,Serviço!$D$6:$D$50000,Sumário!$A139)","v":0},{"$f":"SUMIFS(Serviço!$T$6:$T$50000,Serviço!$A$6:$A$50000,Sumário!C$114,Serviço!$D$6:$D$50000,Sumário!$A139)","v":0},{"$f":"SUMIFS(Serviço!$T$6:$T$50000,Serviço!$A$6:$A$50000,Sumário!D$114,Serviço!$D$6:$D$50000,Sumário!$A139)","v":0},{"$f":"SUMIFS(Serviço!$T$6:$T$50000,Serviço!$A$6:$A$50000,Sumário!E$114,Serviço!$D$6:$D$50000,Sumário!$A139)","v":0},{"$f":"SUMIFS(Serviço!$T$6:$T$50000,Serviço!$A$6:$A$50000,Sumário!F$114,Serviço!$D$6:$D$50000,Sumário!$A139)","v":0},{"$f":"SUMIFS(Serviço!$T$6:$T$50000,Serviço!$A$6:$A$50000,Sumário!G$114,Serviço!$D$6:$D$50000,Sumário!$A139)","v":0},{"$f":"SUMIFS(Serviço!$T$6:$T$50000,Serviço!$A$6:$A$50000,Sumário!H$114,Serviço!$D$6:$D$50000,Sumário!$A139)","v":0},{"$f":"SUMIFS(Serviço!$T$6:$T$50000,Serviço!$A$6:$A$50000,Sumário!I$114,Serviço!$D$6:$D$50000,Sumário!$A139)","v":0},{"$f":"SUMIFS(Serviço!$T$6:$T$50000,Serviço!$A$6:$A$50000,Sumário!J$114,Serviço!$D$6:$D$50000,Sumário!$A139)","v":0}]
["SERVICOS DE GAS",{"$f":"SUMIFS(Serviço!$T$6:$T$50000,Serviço!$A$6:$A$50000,Sumário!B$114,Serviço!$D$6:$D$50000,Sumário!$A140)","v":0},{"$f":"SUMIFS(Serviço!$T$6:$T$50000,Serviço!$A$6:$A$50000,Sumário!C$114,Serviço!$D$6:$D$50000,Sumário!$A140)","v":0},{"$f":"SUMIFS(Serviço!$T$6:$T$50000,Serviço!$A$6:$A$50000,Sumário!D$114,Serviço!$D$6:$D$50000,Sumário!$A140)","v":0},{"$f":"SUMIFS(Serviço!$T$6:$T$50000,Serviço!$A$6:$A$50000,Sumário!E$114,Serviço!$D$6:$D$50000,Sumário!$A140)","v":0},{"$f":"SUMIFS(Serviço!$T$6:$T$50000,Serviço!$A$6:$A$50000,Sumário!F$114,Serviço!$D$6:$D$50000,Sumário!$A140)","v":0},{"$f":"SUMIFS(Serviço!$T$6:$T$50000,Serviço!$A$6:$A$50000,Sumário!G$114,Serviço!$D$6:$D$50000,Sumário!$A140)","v":0},{"$f":"SUMIFS(Serviço!$T$6:$T$50000,Serviço!$A$6:$A$50000,Sumário!H$114,Serviço!$D$6:$D$50000,Sumário!$A140)","v":0},{"$f":"SUMIFS(Serviço!$T$6:$T$50000,Serviço!$A$6:$A$50000,Sumário!I$114,Serviço!$D$6:$D$50000,Sumário!$A140)","v":0},{"$f":"SUMIFS(Serviço!$T$6:$T$50000,Serviço!$A$6:$A$50000,Sumário!J$114,Serviço!$D$6:$D$50000,Sumário!$A140)","v":0}]
["SERVICOS DOMESTICOS",{"$f":"SUMIFS(Serviço!$T$6:$T$50000,Serviço!$A$6:$A$50000,Sumário!B$114,Serviço!$D$6:$D$50000,Sumário!$A141)","v":0},{"$f":"SUMIFS(Serviço!$T$6:$T$50000,Serviço!$A$6:$A$50000,Sumário!C$114,Serviço!$D$6:$D$50000,Sumário!$A141)","v":0},{"$f":"SUMIFS(Serviço!$T$6:$T$50000,Serviço!$A$6:$A$50000,Sumário!D$114,Serviço!$D$6:$D$50000,Sumário!$A141)","v":0},{"$f":"SUMIFS(Serviço!$T$6:$T$50000,Serviço!$A$6:$A$50000,Sumário!E$114,Serviço!$D$6:$D$50000,Sumário!$A141)","v":0},{"$f":"SUMIFS(Serviço!$T$6:$T$50000,Serviço!$A$6:$A$50000,Sumário!F$114,Serviço!$D$6:$D$50000,Sumário!$A141)","v":0},{"$f":"SUMIFS(Serviço!$T$6:$T$50000,Serviço!$A$6:$A$50000,Sumário!G$114,Serviço!$D$6:$D$50000,Sumário!$A141)","v":0},{"$f":"SUMIFS(Serviço!$T$6:$T$50000,Serviço!$A$6:$A$50000,Sumário!H$114,Serviço!$D$6:$D$50000,Sumário!$A141)","v":0},{"$f":"SUMIFS(Serviço!$T$6:$T$50000,Serviço!$A$6:$A$50000,Sumário!I$114,Serviço!$D$6:$D$50000,Sumário!$A141)","v":0},{"$f":"SUMIFS(Serviço!$T$6:$T$50000,Serviço!$A$6:$A$50000,Sumário!J$114,Serviço!$D$6:$D$50000,Sumário!$A141)","v":0}]
["SERVICOS DE COMUNICACAO EM GERAL",{"$f":"SUMIFS(Serviço!$T$6:$T$50000,Serviço!$A$6:$A$50000,Sumário!B$114,Serviço!$D$6:$D$50000,Sumário!$A142)","v":0},{"$f":"SUMIFS(Serviço!$T$6:$T$50000,Serviço!$A$6:$A$50000,Sumário!C$114,Serviço!$D$6:$D$50000,Sumário!$A142)","v":0},{"$f":"SUMIFS(Serviço!$T$6:$T$50000,Serviço!$A$6:$A$50000,Sumário!D$114,Serviço!$D$6:$D$50000,Sumário!$A142)","v":0},{"$f":"SUMIFS(Serviço!$T$6:$T$50000,Serviço!$A$6:$A$50000,Sumário!E$114,Serviço!$D$6:$D$50000,Sumário!$A142)","v":0},{"$f":"SUMIFS(Serviço!$T$6:$T$50000,Serviço!$A$6:$A$50000,Sumário!F$114,Serviço!$D$6:$D$50000,Sumário!$A142)","v":0},{"$f":"SUMIFS(Serviço!$T$6:$T$50000,Serviço!$A$6:$A$50000,Sumário!G$114,Serviço!$D$6:$D$50000,Sumário!$A142)","v":0},{"$f":"SUMIFS(Serviço!$T$6:$T$50000,Serviço!$A$6:$A$50000,Sumário!H$114,Serviço!$D$6:$D$50000,Sumário!$A142)","v":0},{"$f":"SUMIFS(Serviço!$T$6:$T$50000,Serviço!$A$6:$A$50000,Sumário!I$114,Serviço!$D$6:$D$50000,Sumário!$A142)","v":0},{"$f":"SUMIFS(Serviço!$T$6:$T$50000,Serviço!$A$6:$A$50000,Sumário!J$114,Serviço!$D$6:$D$50000,Sumário!$A142)","v":0}]
["SERVICO DE SELECAO E TREINAMENTO",{"$f":"SUMIFS(Serviço!$T$6:$T$50000,Serviço!$A$6:$A$50000,Sumário!B$114,Serviço!$D$6:$D$50000,Sumário!$A143)","v":0},{"$f":"SUMIFS(Serviço!$T$6:$T$50000,Serviço!$A$6:$A$50000,Sumário!C$114,Serviço!$D$6:$D$50000,Sumário!$A143)","v":0},{"$f":"SUMIFS(Serviço!$T$6:$T$50000,Serviço!$A$6:$A$50000,Sumário!D$114,Serviço!$D$6:$D$50000,Sumário!$A143)","v":0},{"$f":"SUMIFS(Serviço!$T$6:$T$50000,Serviço!$A$6:$A$50000,Sumário!E$114,Serviço!$D$6:$D$50000,Sumário!$A143)","v":0},{"$f":"SUMIFS(Serviço!$T$6:$T$50000,Serviço!$A$6:$A$50000,Sumário!F$114,Serviço!$D$6:$D$50000,Sumário!$A143)","v":0},{"$f":"SUMIFS(Serviço!$T$6:$T$50000,Serviço!$A$6:$A$50000,Sumário!G$114,Serviço!$D$6:$D$50000,Sumário!$A143)","v":0},{"$f":"SUMIFS(Serviço!$T$6:$T$50000,Serviço!$A$6:$A$50000,Sumário!H$114,Serviço!$D$6:$D$50000,Sumário!$A143)","v":0},{"$f":"SUMIFS(Serviço!$T$6:$T$50000,Serviço!$A$6:$A$50000,Sumário!I$114,Serviço!$D$6:$D$50000,Sumário!$A143)","v":0},{"$f":"SUMIFS(Serviço!$T$6:$T$50000,Serviço!$A$6:$A$50000,Sumário!J$114,Serviço!$D$6:$D$50000,Sumário!$A143)","v":0}]
["PRODUCOES JORNALISTICAS",{"$f":"SUMIFS(Serviço!$T$6:$T$50000,Serviço!$A$6:$A$50000,Sumário!B$114,Serviço!$D$6:$D$50000,Sumário!$A144)","v":0},{"$f":"SUMIFS(Serviço!$T$6:$T$50000,Serviço!$A$6:$A$50000,Sumário!C$114,Serviço!$D$6:$D$50000,Sumário!$A144)","v":0},{"$f":"SUMIFS(Serviço!$T$6:$T$50000,Serviço!$A$6:$A$50000,Sumário!D$114,Serviço!$D$6:$D$50000,Sumário!$A144)","v":0},{"$f":"SUMIFS(Serviço!$T$6:$T$50000,Serviço!$A$6:$A$50000,Sumário!E$114,Serviço!$D$6:$D$50000,Sumário!$A144)","v":0},{"$f":"SUMIFS(Serviço!$T$6:$T$50000,Serviço!$A$6:$A$50000,Sumário!F$114,Serviço!$D$6:$D$50000,Sumário!$A144)","v":0},{"$f":"SUMIFS(Serviço!$T$6:$T$50000,Serviço!$A$6:$A$50000,Sumário!G$114,Serviço!$D$6:$D$50000,Sumário!$A144)","v":0},{"$f":"SUMIFS(Serviço!$T$6:$T$50000,Serviço!$A$6:$A$50000,Sumário!H$114,Serviço!$D$6:$D$50000,Sumário!$A144)","v":0},{"$f":"SUMIFS(Serviço!$T$6:$T$50000,Serviço!$A$6:$A$50000,Sumário!I$114,Serviço!$D$6:$D$50000,Sumário!$A144)","v":0},{"$f":"SUMIFS(Serviço!$T$6:$T$50000,Serviço!$A$6:$A$50000,Sumário!J$114,Serviço!$D$6:$D$50000,Sumário!$A144)","v":0}]
["SERV.MEDICO",{"$f":"SUMIFS(Serviço!$T$6:$T$50000,Serviço!$A$6:$A$50000,Sumário!B$114,Serviço!$D$6:$D$50000,Sumário!$A145)","v":0},{"$f":"SUMIFS(Serviço!$T$6:$T$50000,Serviço!$A$6:$A$50000,Sumário!C$114,Serviço!$D$6:$D$50000,Sumário!$A145)","v":0},{"$f":"SUMIFS(Serviço!$T$6:$T$50000,Serviço!$A$6:$A$50000,Sumário!D$114,Serviço!$D$6:$D$50000,Sumário!$A145)","v":0},{"$f":"SUMIFS(Serviço!$T$6:$T$50000,Serviço!$A$6:$A$50000,Sumário!E$114,Serviço!$D$6:$D$50000,Sumário!$A145)","v":0},{"$f":"SUMIFS(Serviço!$T$6:$T$50000,Serviço!$A$6:$A$50000,Sumário!F$114,Serviço!$D$6:$D$50000,Sumário!$A145)","v":0},{"$f":"SUMIFS(Serviço!$T$6:$T$50000,Serviço!$A$6:$A$50000,Sumário!G$114,Serviço!$D$6:$D$50000,Sumário!$A145)","v":0},{"$f":"SUMIFS(Serviço!$T$6:$T$50000,Serviço!$A$6:$A$50000,Sumário!H$114,Serviço!$D$6:$D$50000,Sumário!$A145)","v":0},{"$f":"SUMIFS(Serviço!$T$6:$T$50000,Serviço!$A$6:$A$50000,Sumário!I$114,Serviço!$D$6:$D$50000,Sumário!$A145)","v":0},{"$f":"SUMIFS(Serviço!$T$6:$T$50000,Serviço!$A$6:$A$50000,Sumário!J$114,Serviço!$D$6:$D$50000,Sumário!$A145)","v":0}]
["SERVICOS DE ANALISES E PESQUISAS CIENTIFICAS",{"$f":"SUMIFS(Serviço!$T$6:$T$50000,Serviço!$A$6:$A$50000,Sumário!B$114,Serviço!$D$6:$D$50000,Sumário!$A146)","v":0},{"$f":"SUMIFS(Serviço!$T$6:$T$50000,Serviço!$A$6:$A$50000,Sumário!C$114,Serviço!$D$6:$D$50000,Sumário!$A146)","v":0},{"$f":"SUMIFS(Serviço!$T$6:$T$50000,Serviço!$A$6:$A$50000,Sumário!D$114,Serviço!$D$6:$D$50000,Sumário!$A146)","v":0},{"$f":"SUMIFS(Serviço!$T$6:$T$50000,Serviço!$A$6:$A$50000,Sumário!E$114,Serviço!$D$6:$D$50000,Sumário!$A146)","v":0},{"$f":"SUMIFS(Serviço!$T$6:$T$50000,Serviço!$A$6:$A$50000,Sumário!F$114,Serviço!$D$6:$D$50000,Sumário!$A146)","v":0},{"$f":"SUMIFS(Serviço!$T$6:$T$50000,Serviço!$A$6:$A$50000,Sumário!G$114,Serviço!$D$6:$D$50000,Sumário!$A146)","v":0},{"$f":"SUMIFS(Serviço!$T$6:$T$50000,Serviço!$A$6:$A$50000,Sumário!H$114,Serviço!$D$6:$D$50000,Sumário!$A146)","v":0},{"$f":"SUMIFS(Serviço!$T$6:$T$50000,Serviço!$A$6:$A$50000,Sumário!I$114,Serviço!$D$6:$D$50000,Sumário!$A146)","v":0},{"$f":"SUMIFS(Serviço!$T$6:$T$50000,Serviço!$A$6:$A$50000,Sumário!J$114,Serviço!$D$6:$D$50000,Sumário!$A146)","v":0}]
["SERVICOS DE REABILITACAO PROFISSIONAL",{"$f":"SUMIFS(Serviço!$T$6:$T$50000,Serviço!$A$6:$A$50000,Sumário!B$114,Serviço!$D$6:$D$50000,Sumário!$A147)","v":0},{"$f":"SUMIFS(Serviço!$T$6:$T$50000,Serviço!$A$6:$A$50000,Sumário!C$114,Serviço!$D$6:$D$50000,Sumário!$A147)","v":0},{"$f":"SUMIFS(Serviço!$T$6:$T$50000,Serviço!$A$6:$A$50000,Sumário!D$114,Serviço!$D$6:$D$50000,Sumário!$A147)","v":0},{"$f":"SUMIFS(Serviço!$T$6:$T$50000,Serviço!$A$6:$A$50000,Sumário!E$114,Serviço!$D$6:$D$50000,Sumário!$A147)","v":0},{"$f":"SUMIFS(Serviço!$T$6:$T$50000,Serviço!$A$6:$A$50000,Sumário!F$114,Serviço!$D$6:$D$50000,Sumário!$A147)","v":0},{"$f":"SUMIFS(Serviço!$T$6:$T$50000,Serviço!$A$6:$A$50000,Sumário!G$114,Serviço!$D$6:$D$50000,Sumário!$A147)","v":0},{"$f":"SUMIFS(Serviço!$T$6:$T$50000,Serviço!$A$6:$A$50000,Sumário!H$114,Serviço!$D$6:$D$50000,Sumário!$A147)","v":0},{"$f":"SUMIFS(Serviço!$T$6:$T$50000,Serviço!$A$6:$A$50000,Sumário!I$114,Serviço!$D$6:$D$50000,Sumário!$A147)","v":0},{"$f":"SUMIFS(Serviço!$T$6:$T$50000,Serviço!$A$6:$A$50000,Sumário!J$114,Serviço!$D$6:$D$50000,Sumário!$A147)","v":0}]
["SERVICOS DE ASSISTENCIA SOCIAL",{"$f":"SUMIFS(Serviço!$T$6:$T$50000,Serviço!$A$6:$A$50000,Sumário!B$114,Serviço!$D$6:$D$50000,Sumário!$A148)","v":0},{"$f":"SUMIFS(Serviço!$T$6:$T$50000,Serviço!$A$6:$A$50000,Sumário!C$114,Serviço!$D$6:$D$50000,Sumário!$A148)","v":0},{"$f":"SUMIFS(Serviço!$T$6:$T$50000,Serviço!$A$6:$A$50000,Sumário!D$114,Serviço!$D$6:$D$50000,Sumário!$A148)","v":0},{"$f":"SUMIFS(Serviço!$T$6:$T$50000,Serviço!$A$6:$A$50000,Sumário!E$114,Serviço!$D$6:$D$50000,Sumário!$A148)","v":0},{"$f":"SUMIFS(Serviço!$T$6:$T$50000,Serviço!$A$6:$A$50000,Sumário!F$114,Serviço!$D$6:$D$50000,Sumário!$A148)","v":0},{"$f":"SUMIFS(Serviço!$T$6:$T$50000,Serviço!$A$6:$A$50000,Sumário!G$114,Serviço!$D$6:$D$50000,Sumário!$A148)","v":0},{"$f":"SUMIFS(Serviço!$T$6:$T$50000,Serviço!$A$6:$A$50000,Sumário!H$114,Serviço!$D$6:$D$50000,Sumário!$A148)","v":0},{"$f":"SUMIFS(Serviço!$T$6:$T$50000,Serviço!$A$6:$A$50000,Sumário!I$114,Serviço!$D$6:$D$50000,Sumário!$A148)","v":0},{"$f":"SUMIFS(Serviço!$T$6:$T$50000,Serviço!$A$6:$A$50000,Sumário!J$114,Serviço!$D$6:$D$50000,Sumário!$A148)","v":0}]
["SERVICOS DE CRECHES E ASSIST. PRE ESCOLAR",{"$f":"SUMIFS(Serviço!$T$6:$T$50000,Serviço!$A$6:$A$50000,Sumário!B$114,Serviço!$D$6:$D$50000,Sumário!$A149)","v":0},{"$f":"SUMIFS(Serviço!$T$6:$T$50000,Serviço!$A$6:$A$50000,Sumário!C$114,Serviço!$D$6:$D$50000,Sumário!$A149)","v":0},{"$f":"SUMIFS(Serviço!$T$6:$T$50000,Serviço!$A$6:$A$50000,Sumário!D$114,Serviço!$D$6:$D$50000,Sumário!$A149)","v":0},{"$f":"SUMIFS(Serviço!$T$6:$T$50000,Serviço!$A$6:$A$50000,Sumário!E$114,Serviço!$D$6:$D$50000,Sumário!$A149)","v":0},{"$f":"SUMIFS(Serviço!$T$6:$T$50000,Serviço!$A$6:$A$50000,Sumário!F$114,Serviço!$D$6:$D$50000,Sumário!$A149)","v":0},{"$f":"SUMIFS(Serviço!$T$6:$T$50000,Serviço!$A$6:$A$50000,Sumário!G$114,Serviço!$D$6:$D$50000,Sumário!$A149)","v":0},{"$f":"SUMIFS(Serviço!$T$6:$T$50000,Serviço!$A$6:$A$50000,Sumário!H$114,Serviço!$D$6:$D$50000,Sumário!$A149)","v":0},{"$f":"SUMIFS(Serviço!$T$6:$T$50000,Serviço!$A$6:$A$50000,Sumário!I$114,Serviço!$D$6:$D$50000,Sumário!$A149)","v":0},{"$f":"SUMIFS(Serviço!$T$6:$T$50000,Serviço!$A$6:$A$50000,Sumário!J$114,Serviço!$D$6:$D$50000,Sumário!$A149)","v":0}]
["SERVICOS DE PROC. DE DADOS",{"$f":"SUMIFS(Serviço!$T$6:$T$50000,Serviço!$A$6:$A$50000,Sumário!B$114,Serviço!$D$6:$D$50000,Sumário!$A150)","v":1116260},{"$f":"SUMIFS(Serviço!$T$6:$T$50000,Serviço!$A$6:$A$50000,Sumário!C$114,Serviço!$D$6:$D$50000,Sumário!$A150)","v":0},{"$f":"SUMIFS(Serviço!$T$6:$T$50000,Serviço!$A$6:$A$50000,Sumário!D$114,Serviço!$D$6:$D$50000,Sumário!$A150)","v":0},{"$f":"SUMIFS(Serviço!$T$6:$T$50000,Serviço!$A$6:$A$50000,Sumário!E$114,Serviço!$D$6:$D$50000,Sumário!$A150)","v":0},{"$f":"SUMIFS(Serviço!$T$6:$T$50000,Serviço!$A$6:$A$50000,Sumário!F$114,Serviço!$D$6:$D$50000,Sumário!$A150)","v":0},{"$f":"SUMIFS(Serviço!$T$6:$T$50000,Serviço!$A$6:$A$50000,Sumário!G$114,Serviço!$D$6:$D$50000,Sumário!$A150)","v":0},{"$f":"SUMIFS(Serviço!$T$6:$T$50000,Serviço!$A$6:$A$50000,Sumário!H$114,Serviço!$D$6:$D$50000,Sumário!$A150)","v":0},{"$f":"SUMIFS(Serviço!$T$6:$T$50000,Serviço!$A$6:$A$50000,Sumário!I$114,Serviço!$D$6:$D$50000,Sumário!$A150)","v":1116260},{"$f":"SUMIFS(Serviço!$T$6:$T$50000,Serviço!$A$6:$A$50000,Sumário!J$114,Serviço!$D$6:$D$50000,Sumário!$A150)","v":0}]
["SERVICOS DE TELECOMUNICACOES",{"$f":"SUMIFS(Serviço!$T$6:$T$50000,Serviço!$A$6:$A$50000,Sumário!B$114,Serviço!$D$6:$D$50000,Sumário!$A151)","v":0},{"$f":"SUMIFS(Serviço!$T$6:$T$50000,Serviço!$A$6:$A$50000,Sumário!C$114,Serviço!$D$6:$D$50000,Sumário!$A151)","v":0},{"$f":"SUMIFS(Serviço!$T$6:$T$50000,Serviço!$A$6:$A$50000,Sumário!D$114,Serviço!$D$6:$D$50000,Sumário!$A151)","v":0},{"$f":"SUMIFS(Serviço!$T$6:$T$50000,Serviço!$A$6:$A$50000,Sumário!E$114,Serviço!$D$6:$D$50000,Sumário!$A151)","v":0},{"$f":"SUMIFS(Serviço!$T$6:$T$50000,Serviço!$A$6:$A$50000,Sumário!F$114,Serviço!$D$6:$D$50000,Sumário!$A151)","v":0},{"$f":"SUMIFS(Serviço!$T$6:$T$50000,Serviço!$A$6:$A$50000,Sumário!G$114,Serviço!$D$6:$D$50000,Sumário!$A151)","v":0},{"$f":"SUMIFS(Serviço!$T$6:$T$50000,Serviço!$A$6:$A$50000,Sumário!H$114,Serviço!$D$6:$D$50000,Sumário!$A151)","v":0},{"$f":"SUMIFS(Serviço!$T$6:$T$50000,Serviço!$A$6:$A$50000,Sumário!I$114,Serviço!$D$6:$D$50000,Sumário!$A151)","v":0},{"$f":"SUMIFS(Serviço!$T$6:$T$50000,Serviço!$A$6:$A$50000,Sumário!J$114,Serviço!$D$6:$D$50000,Sumário!$A151)","v":0}]
["SERVICOS DE AUDIO, VIDEO E FOTO",{"$f":"SUMIFS(Serviço!$T$6:$T$50000,Serviço!$A$6:$A$50000,Sumário!B$114,Serviço!$D$6:$D$50000,Sumário!$A152)","v":0},{"$f":"SUMIFS(Serviço!$T$6:$T$50000,Serviço!$A$6:$A$50000,Sumário!C$114,Serviço!$D$6:$D$50000,Sumário!$A152)","v":0},{"$f":"SUMIFS(Serviço!$T$6:$T$50000,Serviço!$A$6:$A$50000,Sumário!D$114,Serviço!$D$6:$D$50000,Sumário!$A152)","v":0},{"$f":"SUMIFS(Serviço!$T$6:$T$50000,Serviço!$A$6:$A$50000,Sumário!E$114,Serviço!$D$6:$D$50000,Sumário!$A152)","v":0},{"$f":"SUMIFS(Serviço!$T$6:$T$50000,Serviço!$A$6:$A$50000,Sumário!F$114,Serviço!$D$6:$D$50000,Sumário!$A152)","v":0},{"$f":"SUMIFS(Serviço!$T$6:$T$50000,Serviço!$A$6:$A$50000,Sumário!G$114,Serviço!$D$6:$D$50000,Sumário!$A152)","v":0},{"$f":"SUMIFS(Serviço!$T$6:$T$50000,Serviço!$A$6:$A$50000,Sumário!H$114,Serviço!$D$6:$D$50000,Sumário!$A152)","v":0},{"$f":"SUMIFS(Serviço!$T$6:$T$50000,Serviço!$A$6:$A$50000,Sumário!I$114,Serviço!$D$6:$D$50000,Sumário!$A152)","v":0},{"$f":"SUMIFS(Serviço!$T$6:$T$50000,Serviço!$A$6:$A$50000,Sumário!J$114,Serviço!$D$6:$D$50000,Sumário!$A152)","v":0}]
["SERVICOS DE PRODUCAO INDUSTRIAL",{"$f":"SUMIFS(Serviço!$T$6:$T$50000,Serviço!$A$6:$A$50000,Sumário!B$114,Serviço!$D$6:$D$50000,Sumário!$A153)","v":0},{"$f":"SUMIFS(Serviço!$T$6:$T$50000,Serviço!$A$6:$A$50000,Sumário!C$114,Serviço!$D$6:$D$50000,Sumário!$A153)","v":0},{"$f":"SUMIFS(Serviço!$T$6:$T$50000,Serviço!$A$6:$A$50000,Sumário!D$114,Serviço!$D$6:$D$50000,Sumário!$A153)","v":0},{"$f":"SUMIFS(Serviço!$T$6:$T$50000,Serviço!$A$6:$A$50000,Sumário!E$114,Serviço!$D$6:$D$50000,Sumário!$A153)","v":0},{"$f":"SUMIFS(Serviço!$T$6:$T$50000,Serviço!$A$6:$A$50000,Sumário!F$114,Serviço!$D$6:$D$50000,Sumário!$A153)","v":0},{"$f":"SUMIFS(Serviço!$T$6:$T$50000,Serviço!$A$6:$A$50000,Sumário!G$114,Serviço!$D$6:$D$50000,Sumário!$A153)","v":0},{"$f":"SUMIFS(Serviço!$T$6:$T$50000,Serviço!$A$6:$A$50000,Sumário!H$114,Serviço!$D$6:$D$50000,Sumário!$A153)","v":0},{"$f":"SUMIFS(Serviço!$T$6:$T$50000,Serviço!$A$6:$A$50000,Sumário!I$114,Serviço!$D$6:$D$50000,Sumário!$A153)","v":0},{"$f":"SUMIFS(Serviço!$T$6:$T$50000,Serviço!$A$6:$A$50000,Sumário!J$114,Serviço!$D$6:$D$50000,Sumário!$A153)","v":0}]
["SERVICOS GRAFICOS E EDITORIAIS",{"$f":"SUMIFS(Serviço!$T$6:$T$50000,Serviço!$A$6:$A$50000,Sumário!B$114,Serviço!$D$6:$D$50000,Sumário!$A154)","v":0},{"$f":"SUMIFS(Serviço!$T$6:$T$50000,Serviço!$A$6:$A$50000,Sumário!C$114,Serviço!$D$6:$D$50000,Sumário!$A154)","v":0},{"$f":"SUMIFS(Serviço!$T$6:$T$50000,Serviço!$A$6:$A$50000,Sumário!D$114,Serviço!$D$6:$D$50000,Sumário!$A154)","v":0},{"$f":"SUMIFS(Serviço!$T$6:$T$50000,Serviço!$A$6:$A$50000,Sumário!E$114,Serviço!$D$6:$D$50000,Sumário!$A154)","v":0},{"$f":"SUMIFS(Serviço!$T$6:$T$50000,Serviço!$A$6:$A$50000,Sumário!F$114,Serviço!$D$6:$D$50000,Sumário!$A154)","v":0},{"$f":"SUMIFS(Serviço!$T$6:$T$50000,Serviço!$A$6:$A$50000,Sumário!G$114,Serviço!$D$6:$D$50000,Sumário!$A154)","v":0},{"$f":"SUMIFS(Serviço!$T$6:$T$50000,Serviço!$A$6:$A$50000,Sumário!H$114,Serviço!$D$6:$D$50000,Sumário!$A154)","v":0},{"$f":"SUMIFS(Serviço!$T$6:$T$50000,Serviço!$A$6:$A$50000,Sumário!I$114,Serviço!$D$6:$D$50000,Sumário!$A154)","v":0},{"$f":"SUMIFS(Serviço!$T$6:$T$50000,Serviço!$A$6:$A$50000,Sumário!J$114,Serviço!$D$6:$D$50000,Sumário!$A154)","v":0}]
["SERVICOS DE APOIO AO ENSINO",{"$f":"SUMIFS(Serviço!$T$6:$T$50000,Serviço!$A$6:$A$50000,Sumário!B$114,Serviço!$D$6:$D$50000,Sumário!$A155)","v":0},{"$f":"SUMIFS(Serviço!$T$6:$T$50000,Serviço!$A$6:$A$50000,Sumário!C$114,Serviço!$D$6:$D$50000,Sumário!$A155)","v":0},{"$f":"SUMIFS(Serviço!$T$6:$T$50000,Serviço!$A$6:$A$50000,Sumário!D$114,Serviço!$D$6:$D$50000,Sumário!$A155)","v":0},{"$f":"SUMIFS(Serviço!$T$6:$T$50000,Serviço!$A$6:$A$50000,Sumário!E$114,Serviço!$D$6:$D$50000,Sumário!$A155)","v":0},{"$f":"SUMIFS(Serviço!$T$6:$T$50000,Serviço!$A$6:$A$50000,Sumário!F$114,Serviço!$D$6:$D$50000,Sumário!$A155)","v":0},{"$f":"SUMIFS(Serviço!$T$6:$T$50000,Serviço!$A$6:$A$50000,Sumário!G$114,Serviço!$D$6:$D$50000,Sumário!$A155)","v":0},{"$f":"SUMIFS(Serviço!$T$6:$T$50000,Serviço!$A$6:$A$50000,Sumário!H$114,Serviço!$D$6:$D$50000,Sumário!$A155)","v":0},{"$f":"SUMIFS(Serviço!$T$6:$T$50000,Serviço!$A$6:$A$50000,Sumário!I$114,Serviço!$D$6:$D$50000,Sumário!$A155)","v":0},{"$f":"SUMIFS(Serviço!$T$6:$T$50000,Serviço!$A$6:$A$50000,Sumário!J$114,Serviço!$D$6:$D$50000,Sumário!$A155)","v":0}]
["SERVICOS JUDICIARIOS",{"$f":"SUMIFS(Serviço!$T$6:$T$50000,Serviço!$A$6:$A$50000,Sumário!B$114,Serviço!$D$6:$D$50000,Sumário!$A156)","v":0},{"$f":"SUMIFS(Serviço!$T$6:$T$50000,Serviço!$A$6:$A$50000,Sumário!C$114,Serviço!$D$6:$D$50000,Sumário!$A156)","v":0},{"$f":"SUMIFS(Serviço!$T$6:$T$50000,Serviço!$A$6:$A$50000,Sumário!D$114,Serviço!$D$6:$D$50000,Sumário!$A156)","v":0},{"$f":"SUMIFS(Serviço!$T$6:$T$50000,Serviço!$A$6:$A$50000,Sumário!E$114,Serviço!$D$6:$D$50000,Sumário!$A156)","v":0},{"$f":"SUMIFS(Serviço!$T$6:$T$50000,Serviço!$A$6:$A$50000,Sumário!F$114,Serviço!$D$6:$D$50000,Sumário!$A156)","v":0},{"$f":"SUMIFS(Serviço!$T$6:$T$50000,Serviço!$A$6:$A$50000,Sumário!G$114,Serviço!$D$6:$D$50000,Sumário!$A156)","v":0},{"$f":"SUMIFS(Serviço!$T$6:$T$50000,Serviço!$A$6:$A$50000,Sumário!H$114,Serviço!$D$6:$D$50000,Sumário!$A156)","v":0},{"$f":"SUMIFS(Serviço!$T$6:$T$50000,Serviço!$A$6:$A$50000,Sumário!I$114,Serviço!$D$6:$D$50000,Sumário!$A156)","v":0},{"$f":"SUMIFS(Serviço!$T$6:$T$50000,Serviço!$A$6:$A$50000,Sumário!J$114,Serviço!$D$6:$D$50000,Sumário!$A156)","v":0}]
["SERVICOS FUNERARIOS",{"$f":"SUMIFS(Serviço!$T$6:$T$50000,Serviço!$A$6:$A$50000,Sumário!B$114,Serviço!$D$6:$D$50000,Sumário!$A157)","v":0},{"$f":"SUMIFS(Serviço!$T$6:$T$50000,Serviço!$A$6:$A$50000,Sumário!C$114,Serviço!$D$6:$D$50000,Sumário!$A157)","v":0},{"$f":"SUMIFS(Serviço!$T$6:$T$50000,Serviço!$A$6:$A$50000,Sumário!D$114,Serviço!$D$6:$D$50000,Sumário!$A157)","v":0},{"$f":"SUMIFS(Serviço!$T$6:$T$50000,Serviço!$A$6:$A$50000,Sumário!E$114,Serviço!$D$6:$D$50000,Sumário!$A157)","v":0},{"$f":"SUMIFS(Serviço!$T$6:$T$50000,Serviço!$A$6:$A$50000,Sumário!F$114,Serviço!$D$6:$D$50000,Sumário!$A157)","v":0},{"$f":"SUMIFS(Serviço!$T$6:$T$50000,Serviço!$A$6:$A$50000,Sumário!G$114,Serviço!$D$6:$D$50000,Sumário!$A157)","v":0},{"$f":"SUMIFS(Serviço!$T$6:$T$50000,Serviço!$A$6:$A$50000,Sumário!H$114,Serviço!$D$6:$D$50000,Sumário!$A157)","v":0},{"$f":"SUMIFS(Serviço!$T$6:$T$50000,Serviço!$A$6:$A$50000,Sumário!I$114,Serviço!$D$6:$D$50000,Sumário!$A157)","v":0},{"$f":"SUMIFS(Serviço!$T$6:$T$50000,Serviço!$A$6:$A$50000,Sumário!J$114,Serviço!$D$6:$D$50000,Sumário!$A157)","v":0}]
["SERV. DE CONSERV. E REBENEF. DE MERCADORIAS",{"$f":"SUMIFS(Serviço!$T$6:$T$50000,Serviço!$A$6:$A$50000,Sumário!B$114,Serviço!$D$6:$D$50000,Sumário!$A158)","v":0},{"$f":"SUMIFS(Serviço!$T$6:$T$50000,Serviço!$A$6:$A$50000,Sumário!C$114,Serviço!$D$6:$D$50000,Sumário!$A158)","v":0},{"$f":"SUMIFS(Serviço!$T$6:$T$50000,Serviço!$A$6:$A$50000,Sumário!D$114,Serviço!$D$6:$D$50000,Sumário!$A158)","v":0},{"$f":"SUMIFS(Serviço!$T$6:$T$50000,Serviço!$A$6:$A$50000,Sumário!E$114,Serviço!$D$6:$D$50000,Sumário!$A158)","v":0},{"$f":"SUMIFS(Serviço!$T$6:$T$50000,Serviço!$A$6:$A$50000,Sumário!F$114,Serviço!$D$6:$D$50000,Sumário!$A158)","v":0},{"$f":"SUMIFS(Serviço!$T$6:$T$50000,Serviço!$A$6:$A$50000,Sumário!G$114,Serviço!$D$6:$D$50000,Sumário!$A158)","v":0},{"$f":"SUMIFS(Serviço!$T$6:$T$50000,Serviço!$A$6:$A$50000,Sumário!H$114,Serviço!$D$6:$D$50000,Sumário!$A158)","v":0},{"$f":"SUMIFS(Serviço!$T$6:$T$50000,Serviço!$A$6:$A$50000,Sumário!I$114,Serviço!$D$6:$D$50000,Sumário!$A158)","v":0},{"$f":"SUMIFS(Serviço!$T$6:$T$50000,Serviço!$A$6:$A$50000,Sumário!J$114,Serviço!$D$6:$D$50000,Sumário!$A158)","v":0}]
["SEGUROS EM GERAL",{"$f":"SUMIFS(Serviço!$T$6:$T$50000,Serviço!$A$6:$A$50000,Sumário!B$114,Serviço!$D$6:$D$50000,Sumário!$A159)","v":0},{"$f":"SUMIFS(Serviço!$T$6:$T$50000,Serviço!$A$6:$A$50000,Sumário!C$114,Serviço!$D$6:$D$50000,Sumário!$A159)","v":0},{"$f":"SUMIFS(Serviço!$T$6:$T$50000,Serviço!$A$6:$A$50000,Sumário!D$114,Serviço!$D$6:$D$50000,Sumário!$A159)","v":0},{"$f":"SUMIFS(Serviço!$T$6:$T$50000,Serviço!$A$6:$A$50000,Sumário!E$114,Serviço!$D$6:$D$50000,Sumário!$A159)","v":0},{"$f":"SUMIFS(Serviço!$T$6:$T$50000,Serviço!$A$6:$A$50000,Sumário!F$114,Serviço!$D$6:$D$50000,Sumário!$A159)","v":0},{"$f":"SUMIFS(Serviço!$T$6:$T$50000,Serviço!$A$6:$A$50000,Sumário!G$114,Serviço!$D$6:$D$50000,Sumário!$A159)","v":0},{"$f":"SUMIFS(Serviço!$T$6:$T$50000,Serviço!$A$6:$A$50000,Sumário!H$114,Serviço!$D$6:$D$50000,Sumário!$A159)","v":0},{"$f":"SUMIFS(Serviço!$T$6:$T$50000,Serviço!$A$6:$A$50000,Sumário!I$114,Serviço!$D$6:$D$50000,Sumário!$A159)","v":0},{"$f":"SUMIFS(Serviço!$T$6:$T$50000,Serviço!$A$6:$A$50000,Sumário!J$114,Serviço!$D$6:$D$50000,Sumário!$A159)","v":0}]
["CONFECCAO DE UNIFORMES, BANDEIRAS E FLAMULAS",{"$f":"SUMIFS(Serviço!$T$6:$T$50000,Serviço!$A$6:$A$50000,Sumário!B$114,Serviço!$D$6:$D$50000,Sumário!$A160)","v":11650},{"$f":"SUMIFS(Serviço!$T$6:$T$50000,Serviço!$A$6:$A$50000,Sumário!C$114,Serviço!$D$6:$D$50000,Sumário!$A160)","v":0},{"$f":"SUMIFS(Serviço!$T$6:$T$50000,Serviço!$A$6:$A$50000,Sumário!D$114,Serviço!$D$6:$D$50000,Sumário!$A160)","v":0},{"$f":"SUMIFS(Serviço!$T$6:$T$50000,Serviço!$A$6:$A$50000,Sumário!E$114,Serviço!$D$6:$D$50000,Sumário!$A160)","v":0},{"$f":"SUMIFS(Serviço!$T$6:$T$50000,Serviço!$A$6:$A$50000,Sumário!F$114,Serviço!$D$6:$D$50000,Sumário!$A160)","v":0},{"$f":"SUMIFS(Serviço!$T$6:$T$50000,Serviço!$A$6:$A$50000,Sumário!G$114,Serviço!$D$6:$D$50000,Sumário!$A160)","v":0},{"$f":"SUMIFS(Serviço!$T$6:$T$50000,Serviço!$A$6:$A$50000,Sumário!H$114,Serviço!$D$6:$D$50000,Sumário!$A160)","v":11650},{"$f":"SUMIFS(Serviço!$T$6:$T$50000,Serviço!$A$6:$A$50000,Sumário!I$114,Serviço!$D$6:$D$50000,Sumário!$A160)","v":0},{"$f":"SUMIFS(Serviço!$T$6:$T$50000,Serviço!$A$6:$A$50000,Sumário!J$114,Serviço!$D$6:$D$50000,Sumário!$A160)","v":0}]
["CONFECCAO DE MATERIAL DE ACONDIC. E EMBALAGEM",{"$f":"SUMIFS(Serviço!$T$6:$T$50000,Serviço!$A$6:$A$50000,Sumário!B$114,Serviço!$D$6:$D$50000,Sumário!$A161)","v":0},{"$f":"SUMIFS(Serviço!$T$6:$T$50000,Serviço!$A$6:$A$50000,Sumário!C$114,Serviço!$D$6:$D$50000,Sumário!$A161)","v":0},{"$f":"SUMIFS(Serviço!$T$6:$T$50000,Serviço!$A$6:$A$50000,Sumário!D$114,Serviço!$D$6:$D$50000,Sumário!$A161)","v":0},{"$f":"SUMIFS(Serviço!$T$6:$T$50000,Serviço!$A$6:$A$50000,Sumário!E$114,Serviço!$D$6:$D$50000,Sumário!$A161)","v":0},{"$f":"SUMIFS(Serviço!$T$6:$T$50000,Serviço!$A$6:$A$50000,Sumário!F$114,Serviço!$D$6:$D$50000,Sumário!$A161)","v":0},{"$f":"SUMIFS(Serviço!$T$6:$T$50000,Serviço!$A$6:$A$50000,Sumário!G$114,Serviço!$D$6:$D$50000,Sumário!$A161)","v":0},{"$f":"SUMIFS(Serviço!$T$6:$T$50000,Serviço!$A$6:$A$50000,Sumário!H$114,Serviço!$D$6:$D$50000,Sumário!$A161)","v":0},{"$f":"SUMIFS(Serviço!$T$6:$T$50000,Serviço!$A$6:$A$50000,Sumário!I$114,Serviço!$D$6:$D$50000,Sumário!$A161)","v":0},{"$f":"SUMIFS(Serviço!$T$6:$T$50000,Serviço!$A$6:$A$50000,Sumário!J$114,Serviço!$D$6:$D$50000,Sumário!$A161)","v":0}]
["VALE TRANSPORTE",{"$f":"SUMIFS(Serviço!$T$6:$T$50000,Serviço!$A$6:$A$50000,Sumário!B$114,Serviço!$D$6:$D$50000,Sumário!$A162)","v":0},{"$f":"SUMIFS(Serviço!$T$6:$T$50000,Serviço!$A$6:$A$50000,Sumário!C$114,Serviço!$D$6:$D$50000,Sumário!$A162)","v":0},{"$f":"SUMIFS(Serviço!$T$6:$T$50000,Serviço!$A$6:$A$50000,Sumário!D$114,Serviço!$D$6:$D$50000,Sumário!$A162)","v":0},{"$f":"SUMIFS(Serviço!$T$6:$T$50000,Serviço!$A$6:$A$50000,Sumário!E$114,Serviço!$D$6:$D$50000,Sumário!$A162)","v":0},{"$f":"SUMIFS(Serviço!$T$6:$T$50000,Serviço!$A$6:$A$50000,Sumário!F$114,Serviço!$D$6:$D$50000,Sumário!$A162)","v":0},{"$f":"SUMIFS(Serviço!$T$6:$T$50000,Serviço!$A$6:$A$50000,Sumário!G$114,Serviço!$D$6:$D$50000,Sumário!$A162)","v":0},{"$f":"SUMIFS(Serviço!$T$6:$T$50000,Serviço!$A$6:$A$50000,Sumário!H$114,Serviço!$D$6:$D$50000,Sumário!$A162)","v":0},{"$f":"SUMIFS(Serviço!$T$6:$T$50000,Serviço!$A$6:$A$50000,Sumário!I$114,Serviço!$D$6:$D$50000,Sumário!$A162)","v":0},{"$f":"SUMIFS(Serviço!$T$6:$T$50000,Serviço!$A$6:$A$50000,Sumário!J$114,Serviço!$D$6:$D$50000,Sumário!$A162)","v":0}]
["TRANSPORTE DE SERVIDORES",{"$f":"SUMIFS(Serviço!$T$6:$T$50000,Serviço!$A$6:$A$50000,Sumário!B$114,Serviço!$D$6:$D$50000,Sumário!$A163)","v":0},{"$f":"SUMIFS(Serviço!$T$6:$T$50000,Serviço!$A$6:$A$50000,Sumário!C$114,Serviço!$D$6:$D$50000,Sumário!$A163)","v":0},{"$f":"SUMIFS(Serviço!$T$6:$T$50000,Serviço!$A$6:$A$50000,Sumário!D$114,Serviço!$D$6:$D$50000,Sumário!$A163)","v":0},{"$f":"SUMIFS(Serviço!$T$6:$T$50000,Serviço!$A$6:$A$50000,Sumário!E$114,Serviço!$D$6:$D$50000,Sumário!$A163)","v":0},{"$f":"SUMIFS(Serviço!$T$6:$T$50000,Serviço!$A$6:$A$50000,Sumário!F$114,Serviço!$D$6:$D$50000,Sumário!$A163)","v":0},{"$f":"SUMIFS(Serviço!$T$6:$T$50000,Serviço!$A$6:$A$50000,Sumário!G$114,Serviço!$D$6:$D$50000,Sumário!$A163)","v":0},{"$f":"SUMIFS(Serviço!$T$6:$T$50000,Serviço!$A$6:$A$50000,Sumário!H$114,Serviço!$D$6:$D$50000,Sumário!$A163)","v":0},{"$f":"SUMIFS(Serviço!$T$6:$T$50000,Serviço!$A$6:$A$50000,Sumário!I$114,Serviço!$D$6:$D$50000,Sumário!$A163)","v":0},{"$f":"SUMIFS(Serviço!$T$6:$T$50000,Serviço!$A$6:$A$50000,Sumário!J$114,Serviço!$D$6:$D$50000,Sumário!$A163)","v":0}]
["FRETES E TRANSP. DE ENCOMENDAS",{"$f":"SUMIFS(Serviço!$T$6:$T$50000,Serviço!$A$6:$A$50000,Sumário!B$114,Serviço!$D$6:$D$50000,Sumário!$A164)","v":0},{"$f":"SUMIFS(Serviço!$T$6:$T$50000,Serviço!$A$6:$A$50000,Sumário!C$114,Serviço!$D$6:$D$50000,Sumário!$A164)","v":0},{"$f":"SUMIFS(Serviço!$T$6:$T$50000,Serviço!$A$6:$A$50000,Sumário!D$114,Serviço!$D$6:$D$50000,Sumário!$A164)","v":0},{"$f":"SUMIFS(Serviço!$T$6:$T$50000,Serviço!$A$6:$A$50000,Sumário!E$114,Serviço!$D$6:$D$50000,Sumário!$A164)","v":0},{"$f":"SUMIFS(Serviço!$T$6:$T$50000,Serviço!$A$6:$A$50000,Sumário!F$114,Serviço!$D$6:$D$50000,Sumário!$A164)","v":0},{"$f":"SUMIFS(Serviço!$T$6:$T$50000,Serviço!$A$6:$A$50000,Sumário!G$114,Serviço!$D$6:$D$50000,Sumário!$A164)","v":0},{"$f":"SUMIFS(Serviço!$T$6:$T$50000,Serviço!$A$6:$A$50000,Sumário!H$114,Serviço!$D$6:$D$50000,Sumário!$A164)","v":0},{"$f":"SUMIFS(Serviço!$T$6:$T$50000,Serviço!$A$6:$A$50000,Sumário!I$114,Serviço!$D$6:$D$50000,Sumário!$A164)","v":0},{"$f":"SUMIFS(Serviço!$T$6:$T$50000,Serviço!$A$6:$A$50000,Sumário!J$114,Serviço!$D$6:$D$50000,Sumário!$A164)","v":0}]
["CLASSIFICACAO DE PRODUTOS",{"$f":"SUMIFS(Serviço!$T$6:$T$50000,Serviço!$A$6:$A$50000,Sumário!B$114,Serviço!$D$6:$D$50000,Sumário!$A165)","v":0},{"$f":"SUMIFS(Serviço!$T$6:$T$50000,Serviço!$A$6:$A$50000,Sumário!C$114,Serviço!$D$6:$D$50000,Sumário!$A165)","v":0},{"$f":"SUMIFS(Serviço!$T$6:$T$50000,Serviço!$A$6:$A$50000,Sumário!D$114,Serviço!$D$6:$D$50000,Sumário!$A165)","v":0},{"$f":"SUMIFS(Serviço!$T$6:$T$50000,Serviço!$A$6:$A$50000,Sumário!E$114,Serviço!$D$6:$D$50000,Sumário!$A165)","v":0},{"$f":"SUMIFS(Serviço!$T$6:$T$50000,Serviço!$A$6:$A$50000,Sumário!F$114,Serviço!$D$6:$D$50000,Sumário!$A165)","v":0},{"$f":"SUMIFS(Serviço!$T$6:$T$50000,Serviço!$A$6:$A$50000,Sumário!G$114,Serviço!$D$6:$D$50000,Sumário!$A165)","v":0},{"$f":"SUMIFS(Serviço!$T$6:$T$50000,Serviço!$A$6:$A$50000,Sumário!H$114,Serviço!$D$6:$D$50000,Sumário!$A165)","v":0},{"$f":"SUMIFS(Serviço!$T$6:$T$50000,Serviço!$A$6:$A$50000,Sumário!I$114,Serviço!$D$6:$D$50000,Sumário!$A165)","v":0},{"$f":"SUMIFS(Serviço!$T$6:$T$50000,Serviço!$A$6:$A$50000,Sumário!J$114,Serviço!$D$6:$D$50000,Sumário!$A165)","v":0}]
["VIGILANCIA OSTENSIVA/MONITORADA",{"$f":"SUMIFS(Serviço!$T$6:$T$50000,Serviço!$A$6:$A$50000,Sumário!B$114,Serviço!$D$6:$D$50000,Sumário!$A166)","v":0},{"$f":"SUMIFS(Serviço!$T$6:$T$50000,Serviço!$A$6:$A$50000,Sumário!C$114,Serviço!$D$6:$D$50000,Sumário!$A166)","v":0},{"$f":"SUMIFS(Serviço!$T$6:$T$50000,Serviço!$A$6:$A$50000,Sumário!D$114,Serviço!$D$6:$D$50000,Sumário!$A166)","v":0},{"$f":"SUMIFS(Serviço!$T$6:$T$50000,Serviço!$A$6:$A$50000,Sumário!E$114,Serviço!$D$6:$D$50000,Sumário!$A166)","v":0},{"$f":"SUMIFS(Serviço!$T$6:$T$50000,Serviço!$A$6:$A$50000,Sumário!F$114,Serviço!$D$6:$D$50000,Sumário!$A166)","v":0},{"$f":"SUMIFS(Serviço!$T$6:$T$50000,Serviço!$A$6:$A$50000,Sumário!G$114,Serviço!$D$6:$D$50000,Sumário!$A166)","v":0},{"$f":"SUMIFS(Serviço!$T$6:$T$50000,Serviço!$A$6:$A$50000,Sumário!H$114,Serviço!$D$6:$D$50000,Sumário!$A166)","v":0},{"$f":"SUMIFS(Serviço!$T$6:$T$50000,Serviço!$A$6:$A$50000,Sumário!I$114,Serviço!$D$6:$D$50000,Sumário!$A166)","v":0},{"$f":"SUMIFS(Serviço!$T$6:$T$50000,Serviço!$A$6:$A$50000,Sumário!J$114,Serviço!$D$6:$D$50000,Sumário!$A166)","v":0}]
["LIMPEZA E CONSERVACAO",{"$f":"SUMIFS(Serviço!$T$6:$T$50000,Serviço!$A$6:$A$50000,Sumário!B$114,Serviço!$D$6:$D$50000,Sumário!$A167)","v":10125},{"$f":"SUMIFS(Serviço!$T$6:$T$50000,Serviço!$A$6:$A$50000,Sumário!C$114,Serviço!$D$6:$D$50000,Sumário!$A167)","v":0},{"$f":"SUMIFS(Serviço!$T$6:$T$50000,Serviço!$A$6:$A$50000,Sumário!D$114,Serviço!$D$6:$D$50000,Sumário!$A167)","v":10125},{"$f":"SUMIFS(Serviço!$T$6:$T$50000,Serviço!$A$6:$A$50000,Sumário!E$114,Serviço!$D$6:$D$50000,Sumário!$A167)","v":0},{"$f":"SUMIFS(Serviço!$T$6:$T$50000,Serviço!$A$6:$A$50000,Sumário!F$114,Serviço!$D$6:$D$50000,Sumário!$A167)","v":0},{"$f":"SUMIFS(Serviço!$T$6:$T$50000,Serviço!$A$6:$A$50000,Sumário!G$114,Serviço!$D$6:$D$50000,Sumário!$A167)","v":3100},{"$f":"SUMIFS(Serviço!$T$6:$T$50000,Serviço!$A$6:$A$50000,Sumário!H$114,Serviço!$D$6:$D$50000,Sumário!$A167)","v":0},{"$f":"SUMIFS(Serviço!$T$6:$T$50000,Serviço!$A$6:$A$50000,Sumário!I$114,Serviço!$D$6:$D$50000,Sumário!$A167)","v":0},{"$f":"SUMIFS(Serviço!$T$6:$T$50000,Serviço!$A$6:$A$50000,Sumário!J$114,Serviço!$D$6:$D$50000,Sumário!$A167)","v":0}]
["SERV. DE APOIO ADMIN., TECNICO E OPERACIONAL",{"$f":"SUMIFS(Serviço!$T$6:$T$50000,Serviço!$A$6:$A$50000,Sumário!B$114,Serviço!$D$6:$D$50000,Sumário!$A168)","v":0},{"$f":"SUMIFS(Serviço!$T$6:$T$50000,Serviço!$A$6:$A$50000,Sumário!C$114,Serviço!$D$6:$D$50000,Sumário!$A168)","v":0},{"$f":"SUMIFS(Serviço!$T$6:$T$50000,Serviço!$A$6:$A$50000,Sumário!D$114,Serviço!$D$6:$D$50000,Sumário!$A168)","v":0},{"$f":"SUMIFS(Serviço!$T$6:$T$50000,Serviço!$A$6:$A$50000,Sumário!E$114,Serviço!$D$6:$D$50000,Sumário!$A168)","v":0},{"$f":"SUMIFS(Serviço!$T$6:$T$50000,Serviço!$A$6:$A$50000,Sumário!F$114,Serviço!$D$6:$D$50000,Sumário!$A168)","v":0},{"$f":"SUMIFS(Serviço!$T$6:$T$50000,Serviço!$A$6:$A$50000,Sumário!G$114,Serviço!$D$6:$D$50000,Sumário!$A168)","v":0},{"$f":"SUMIFS(Serviço!$T$6:$T$50000,Serviço!$A$6:$A$50000,Sumário!H$114,Serviço!$D$6:$D$50000,Sumário!$A168)","v":0},{"$f":"SUMIFS(Serviço!$T$6:$T$50000,Serviço!$A$6:$A$50000,Sumário!I$114,Serviço!$D$6:$D$50000,Sumário!$A168)","v":0},{"$f":"SUMIFS(Serviço!$T$6:$T$50000,Serviço!$A$6:$A$50000,Sumário!J$114,Serviço!$D$6:$D$50000,Sumário!$A168)","v":0}]
["HOSPEDAGENS",{"$f":"SUMIFS(Serviço!$T$6:$T$50000,Serviço!$A$6:$A$50000,Sumário!B$114,Serviço!$D$6:$D$50000,Sumário!$A169)","v":0},{"$f":"SUMIFS(Serviço!$T$6:$T$50000,Serviço!$A$6:$A$50000,Sumário!C$114,Serviço!$D$6:$D$50000,Sumário!$A169)","v":0},{"$f":"SUMIFS(Serviço!$T$6:$T$50000,Serviço!$A$6:$A$50000,Sumário!D$114,Serviço!$D$6:$D$50000,Sumário!$A169)","v":0},{"$f":"SUMIFS(Serviço!$T$6:$T$50000,Serviço!$A$6:$A$50000,Sumário!E$114,Serviço!$D$6:$D$50000,Sumário!$A169)","v":0},{"$f":"SUMIFS(Serviço!$T$6:$T$50000,Serviço!$A$6:$A$50000,Sumário!F$114,Serviço!$D$6:$D$50000,Sumário!$A169)","v":0},{"$f":"SUMIFS(Serviço!$T$6:$T$50000,Serviço!$A$6:$A$50000,Sumário!G$114,Serviço!$D$6:$D$50000,Sumário!$A169)","v":0},{"$f":"SUMIFS(Serviço!$T$6:$T$50000,Serviço!$A$6:$A$50000,Sumário!H$114,Serviço!$D$6:$D$50000,Sumário!$A169)","v":0},{"$f":"SUMIFS(Serviço!$T$6:$T$50000,Serviço!$A$6:$A$50000,Sumário!I$114,Serviço!$D$6:$D$50000,Sumário!$A169)","v":0},{"$f":"SUMIFS(Serviço!$T$6:$T$50000,Serviço!$A$6:$A$50000,Sumário!J$114,Serviço!$D$6:$D$50000,Sumário!$A169)","v":0}]
["SERVICOS DE CONTROLE AMBIENTAL",{"$f":"SUMIFS(Serviço!$T$6:$T$50000,Serviço!$A$6:$A$50000,Sumário!B$114,Serviço!$D$6:$D$50000,Sumário!$A170)","v":0},{"$f":"SUMIFS(Serviço!$T$6:$T$50000,Serviço!$A$6:$A$50000,Sumário!C$114,Serviço!$D$6:$D$50000,Sumário!$A170)","v":0},{"$f":"SUMIFS(Serviço!$T$6:$T$50000,Serviço!$A$6:$A$50000,Sumário!D$114,Serviço!$D$6:$D$50000,Sumário!$A170)","v":0},{"$f":"SUMIFS(Serviço!$T$6:$T$50000,Serviço!$A$6:$A$50000,Sumário!E$114,Serviço!$D$6:$D$50000,Sumário!$A170)","v":0},{"$f":"SUMIFS(Serviço!$T$6:$T$50000,Serviço!$A$6:$A$50000,Sumário!F$114,Serviço!$D$6:$D$50000,Sumário!$A170)","v":0},{"$f":"SUMIFS(Serviço!$T$6:$T$50000,Serviço!$A$6:$A$50000,Sumário!G$114,Serviço!$D$6:$D$50000,Sumário!$A170)","v":0},{"$f":"SUMIFS(Serviço!$T$6:$T$50000,Serviço!$A$6:$A$50000,Sumário!H$114,Serviço!$D$6:$D$50000,Sumário!$A170)","v":0},{"$f":"SUMIFS(Serviço!$T$6:$T$50000,Serviço!$A$6:$A$50000,Sumário!I$114,Serviço!$D$6:$D$50000,Sumário!$A170)","v":0},{"$f":"SUMIFS(Serviço!$T$6:$T$50000,Serviço!$A$6:$A$50000,Sumário!J$114,Serviço!$D$6:$D$50000,Sumário!$A170)","v":0}]
["SERVICOS DE COPIAS E REPRODUCAO DE DOCUMENTOS",{"$f":"SUMIFS(Serviço!$T$6:$T$50000,Serviço!$A$6:$A$50000,Sumário!B$114,Serviço!$D$6:$D$50000,Sumário!$A171)","v":0},{"$f":"SUMIFS(Serviço!$T$6:$T$50000,Serviço!$A$6:$A$50000,Sumário!C$114,Serviço!$D$6:$D$50000,Sumário!$A171)","v":0},{"$f":"SUMIFS(Serviço!$T$6:$T$50000,Serviço!$A$6:$A$50000,Sumário!D$114,Serviço!$D$6:$D$50000,Sumário!$A171)","v":0},{"$f":"SUMIFS(Serviço!$T$6:$T$50000,Serviço!$A$6:$A$50000,Sumário!E$114,Serviço!$D$6:$D$50000,Sumário!$A171)","v":0},{"$f":"SUMIFS(Serviço!$T$6:$T$50000,Serviço!$A$6:$A$50000,Sumário!F$114,Serviço!$D$6:$D$50000,Sumário!$A171)","v":0},{"$f":"SUMIFS(Serviço!$T$6:$T$50000,Serviço!$A$6:$A$50000,Sumário!G$114,Serviço!$D$6:$D$50000,Sumário!$A171)","v":0},{"$f":"SUMIFS(Serviço!$T$6:$T$50000,Serviço!$A$6:$A$50000,Sumário!H$114,Serviço!$D$6:$D$50000,Sumário!$A171)","v":0},{"$f":"SUMIFS(Serviço!$T$6:$T$50000,Serviço!$A$6:$A$50000,Sumário!I$114,Serviço!$D$6:$D$50000,Sumário!$A171)","v":0},{"$f":"SUMIFS(Serviço!$T$6:$T$50000,Serviço!$A$6:$A$50000,Sumário!J$114,Serviço!$D$6:$D$50000,Sumário!$A171)","v":0}]
["SERVICOS EM ITENS REPARAVEIS DE AVIACAO",{"$f":"SUMIFS(Serviço!$T$6:$T$50000,Serviço!$A$6:$A$50000,Sumário!B$114,Serviço!$D$6:$D$50000,Sumário!$A172)","v":0},{"$f":"SUMIFS(Serviço!$T$6:$T$50000,Serviço!$A$6:$A$50000,Sumário!C$114,Serviço!$D$6:$D$50000,Sumário!$A172)","v":0},{"$f":"SUMIFS(Serviço!$T$6:$T$50000,Serviço!$A$6:$A$50000,Sumário!D$114,Serviço!$D$6:$D$50000,Sumário!$A172)","v":0},{"$f":"SUMIFS(Serviço!$T$6:$T$50000,Serviço!$A$6:$A$50000,Sumário!E$114,Serviço!$D$6:$D$50000,Sumário!$A172)","v":0},{"$f":"SUMIFS(Serviço!$T$6:$T$50000,Serviço!$A$6:$A$50000,Sumário!F$114,Serviço!$D$6:$D$50000,Sumário!$A172)","v":0},{"$f":"SUMIFS(Serviço!$T$6:$T$50000,Serviço!$A$6:$A$50000,Sumário!G$114,Serviço!$D$6:$D$50000,Sumário!$A172)","v":0},{"$f":"SUMIFS(Serviço!$T$6:$T$50000,Serviço!$A$6:$A$50000,Sumário!H$114,Serviço!$D$6:$D$50000,Sumário!$A172)","v":0},{"$f":"SUMIFS(Serviço!$T$6:$T$50000,Serviço!$A$6:$A$50000,Sumário!I$114,Serviço!$D$6:$D$50000,Sumário!$A172)","v":0},{"$f":"SUMIFS(Serviço!$T$6:$T$50000,Serviço!$A$6:$A$50000,Sumário!J$114,Serviço!$D$6:$D$50000,Sumário!$A172)","v":0}]
["PATROCINIOS",{"$f":"SUMIFS(Serviço!$T$6:$T$50000,Serviço!$A$6:$A$50000,Sumário!B$114,Serviço!$D$6:$D$50000,Sumário!$A173)","v":0},{"$f":"SUMIFS(Serviço!$T$6:$T$50000,Serviço!$A$6:$A$50000,Sumário!C$114,Serviço!$D$6:$D$50000,Sumário!$A173)","v":0},{"$f":"SUMIFS(Serviço!$T$6:$T$50000,Serviço!$A$6:$A$50000,Sumário!D$114,Serviço!$D$6:$D$50000,Sumário!$A173)","v":0},{"$f":"SUMIFS(Serviço!$T$6:$T$50000,Serviço!$A$6:$A$50000,Sumário!E$114,Serviço!$D$6:$D$50000,Sumário!$A173)","v":0},{"$f":"SUMIFS(Serviço!$T$6:$T$50000,Serviço!$A$6:$A$50000,Sumário!F$114,Serviço!$D$6:$D$50000,Sumário!$A173)","v":0},{"$f":"SUMIFS(Serviço!$T$6:$T$50000,Serviço!$A$6:$A$50000,Sumário!G$114,Serviço!$D$6:$D$50000,Sumário!$A173)","v":0},{"$f":"SUMIFS(Serviço!$T$6:$T$50000,Serviço!$A$6:$A$50000,Sumário!H$114,Serviço!$D$6:$D$50000,Sumário!$A173)","v":0},{"$f":"SUMIFS(Serviço!$T$6:$T$50000,Serviço!$A$6:$A$50000,Sumário!I$114,Serviço!$D$6:$D$50000,Sumário!$A173)","v":0},{"$f":"SUMIFS(Serviço!$T$6:$T$50000,Serviço!$A$6:$A$50000,Sumário!J$114,Serviço!$D$6:$D$50000,Sumário!$A173)","v":0}]
["PROMOCAO",{"$f":"SUMIFS(Serviço!$T$6:$T$50000,Serviço!$A$6:$A$50000,Sumário!B$114,Serviço!$D$6:$D$50000,Sumário!$A174)","v":0},{"$f":"SUMIFS(Serviço!$T$6:$T$50000,Serviço!$A$6:$A$50000,Sumário!C$114,Serviço!$D$6:$D$50000,Sumário!$A174)","v":0},{"$f":"SUMIFS(Serviço!$T$6:$T$50000,Serviço!$A$6:$A$50000,Sumário!D$114,Serviço!$D$6:$D$50000,Sumário!$A174)","v":0},{"$f":"SUMIFS(Serviço!$T$6:$T$50000,Serviço!$A$6:$A$50000,Sumário!E$114,Serviço!$D$6:$D$50000,Sumário!$A174)","v":0},{"$f":"SUMIFS(Serviço!$T$6:$T$50000,Serviço!$A$6:$A$50000,Sumário!F$114,Serviço!$D$6:$D$50000,Sumário!$A174)","v":0},{"$f":"SUMIFS(Serviço!$T$6:$T$50000,Serviço!$A$6:$A$50000,Sumário!G$114,Serviço!$D$6:$D$50000,Sumário!$A174)","v":0},{"$f":"SUMIFS(Serviço!$T$6:$T$50000,Serviço!$A$6:$A$50000,Sumário!H$114,Serviço!$D$6:$D$50000,Sumário!$A174)","v":0},{"$f":"SUMIFS(Serviço!$T$6:$T$50000,Serviço!$A$6:$A$50000,Sumário!I$114,Serviço!$D$6:$D$50000,Sumário!$A174)","v":0},{"$f":"SUMIFS(Serviço!$T$6:$T$50000,Serviço!$A$6:$A$50000,Sumário!J$114,Serviço!$D$6:$D$50000,Sumário!$A174)","v":0}]
["SERVICOS DE PUBLICIDADE LEGAL",{"$f":"SUMIFS(Serviço!$T$6:$T$50000,Serviço!$A$6:$A$50000,Sumário!B$114,Serviço!$D$6:$D$50000,Sumário!$A175)","v":0},{"$f":"SUMIFS(Serviço!$T$6:$T$50000,Serviço!$A$6:$A$50000,Sumário!C$114,Serviço!$D$6:$D$50000,Sumário!$A175)","v":0},{"$f":"SUMIFS(Serviço!$T$6:$T$50000,Serviço!$A$6:$A$50000,Sumário!D$114,Serviço!$D$6:$D$50000,Sumário!$A175)","v":0},{"$f":"SUMIFS(Serviço!$T$6:$T$50000,Serviço!$A$6:$A$50000,Sumário!E$114,Serviço!$D$6:$D$50000,Sumário!$A175)","v":0},{"$f":"SUMIFS(Serviço!$T$6:$T$50000,Serviço!$A$6:$A$50000,Sumário!F$114,Serviço!$D$6:$D$50000,Sumário!$A175)","v":0},{"$f":"SUMIFS(Serviço!$T$6:$T$50000,Serviço!$A$6:$A$50000,Sumário!G$114,Serviço!$D$6:$D$50000,Sumário!$A175)","v":0},{"$f":"SUMIFS(Serviço!$T$6:$T$50000,Serviço!$A$6:$A$50000,Sumário!H$114,Serviço!$D$6:$D$50000,Sumário!$A175)","v":0},{"$f":"SUMIFS(Serviço!$T$6:$T$50000,Serviço!$A$6:$A$50000,Sumário!I$114,Serviço!$D$6:$D$50000,Sumário!$A175)","v":0},{"$f":"SUMIFS(Serviço!$T$6:$T$50000,Serviço!$A$6:$A$50000,Sumário!J$114,Serviço!$D$6:$D$50000,Sumário!$A175)","v":0}]
["SERVICOS DE PUBLICIDADE MERCADOLOGICA",{"$f":"SUMIFS(Serviço!$T$6:$T$50000,Serviço!$A$6:$A$50000,Sumário!B$114,Serviço!$D$6:$D$50000,Sumário!$A176)","v":0},{"$f":"SUMIFS(Serviço!$T$6:$T$50000,Serviço!$A$6:$A$50000,Sumário!C$114,Serviço!$D$6:$D$50000,Sumário!$A176)","v":0},{"$f":"SUMIFS(Serviço!$T$6:$T$50000,Serviço!$A$6:$A$50000,Sumário!D$114,Serviço!$D$6:$D$50000,Sumário!$A176)","v":0},{"$f":"SUMIFS(Serviço!$T$6:$T$50000,Serviço!$A$6:$A$50000,Sumário!E$114,Serviço!$D$6:$D$50000,Sumário!$A176)","v":0},{"$f":"SUMIFS(Serviço!$T$6:$T$50000,Serviço!$A$6:$A$50000,Sumário!F$114,Serviço!$D$6:$D$50000,Sumário!$A176)","v":0},{"$f":"SUMIFS(Serviço!$T$6:$T$50000,Serviço!$A$6:$A$50000,Sumário!G$114,Serviço!$D$6:$D$50000,Sumário!$A176)","v":0},{"$f":"SUMIFS(Serviço!$T$6:$T$50000,Serviço!$A$6:$A$50000,Sumário!H$114,Serviço!$D$6:$D$50000,Sumário!$A176)","v":0},{"$f":"SUMIFS(Serviço!$T$6:$T$50000,Serviço!$A$6:$A$50000,Sumário!I$114,Serviço!$D$6:$D$50000,Sumário!$A176)","v":0},{"$f":"SUMIFS(Serviço!$T$6:$T$50000,Serviço!$A$6:$A$50000,Sumário!J$114,Serviço!$D$6:$D$50000,Sumário!$A176)","v":0}]
["SERVICOS DE PUBLICIDADE INSTITUCIONAL",{"$f":"SUMIFS(Serviço!$T$6:$T$50000,Serviço!$A$6:$A$50000,Sumário!B$114,Serviço!$D$6:$D$50000,Sumário!$A177)","v":0},{"$f":"SUMIFS(Serviço!$T$6:$T$50000,Serviço!$A$6:$A$50000,Sumário!C$114,Serviço!$D$6:$D$50000,Sumário!$A177)","v":0},{"$f":"SUMIFS(Serviço!$T$6:$T$50000,Serviço!$A$6:$A$50000,Sumário!D$114,Serviço!$D$6:$D$50000,Sumário!$A177)","v":0},{"$f":"SUMIFS(Serviço!$T$6:$T$50000,Serviço!$A$6:$A$50000,Sumário!E$114,Serviço!$D$6:$D$50000,Sumário!$A177)","v":0},{"$f":"SUMIFS(Serviço!$T$6:$T$50000,Serviço!$A$6:$A$50000,Sumário!F$114,Serviço!$D$6:$D$50000,Sumário!$A177)","v":0},{"$f":"SUMIFS(Serviço!$T$6:$T$50000,Serviço!$A$6:$A$50000,Sumário!G$114,Serviço!$D$6:$D$50000,Sumário!$A177)","v":0},{"$f":"SUMIFS(Serviço!$T$6:$T$50000,Serviço!$A$6:$A$50000,Sumário!H$114,Serviço!$D$6:$D$50000,Sumário!$A177)","v":0},{"$f":"SUMIFS(Serviço!$T$6:$T$50000,Serviço!$A$6:$A$50000,Sumário!I$114,Serviço!$D$6:$D$50000,Sumário!$A177)","v":0},{"$f":"SUMIFS(Serviço!$T$6:$T$50000,Serviço!$A$6:$A$50000,Sumário!J$114,Serviço!$D$6:$D$50000,Sumário!$A177)","v":0}]
["SERVICOS DE PUBLICIDADE DE UTILIDADE PUBLICA",{"$f":"SUMIFS(Serviço!$T$6:$T$50000,Serviço!$A$6:$A$50000,Sumário!B$114,Serviço!$D$6:$D$50000,Sumário!$A178)","v":0},{"$f":"SUMIFS(Serviço!$T$6:$T$50000,Serviço!$A$6:$A$50000,Sumário!C$114,Serviço!$D$6:$D$50000,Sumário!$A178)","v":0},{"$f":"SUMIFS(Serviço!$T$6:$T$50000,Serviço!$A$6:$A$50000,Sumário!D$114,Serviço!$D$6:$D$50000,Sumário!$A178)","v":0},{"$f":"SUMIFS(Serviço!$T$6:$T$50000,Serviço!$A$6:$A$50000,Sumário!E$114,Serviço!$D$6:$D$50000,Sumário!$A178)","v":0},{"$f":"SUMIFS(Serviço!$T$6:$T$50000,Serviço!$A$6:$A$50000,Sumário!F$114,Serviço!$D$6:$D$50000,Sumário!$A178)","v":0},{"$f":"SUMIFS(Serviço!$T$6:$T$50000,Serviço!$A$6:$A$50000,Sumário!G$114,Serviço!$D$6:$D$50000,Sumário!$A178)","v":0},{"$f":"SUMIFS(Serviço!$T$6:$T$50000,Serviço!$A$6:$A$50000,Sumário!H$114,Serviço!$D$6:$D$50000,Sumário!$A178)","v":0},{"$f":"SUMIFS(Serviço!$T$6:$T$50000,Serviço!$A$6:$A$50000,Sumário!I$114,Serviço!$D$6:$D$50000,Sumário!$A178)","v":0},{"$f":"SUMIFS(Serviço!$T$6:$T$50000,Serviço!$A$6:$A$50000,Sumário!J$114,Serviço!$D$6:$D$50000,Sumário!$A178)","v":0}]
["AQUISICAO DE SOFTWARES DE APLICACAO.",{"$f":"SUMIFS(Serviço!$T$6:$T$50000,Serviço!$A$6:$A$50000,Sumário!B$114,Serviço!$D$6:$D$50000,Sumário!$A179)","v":25000},{"$f":"SUMIFS(Serviço!$T$6:$T$50000,Serviço!$A$6:$A$50000,Sumário!C$114,Serviço!$D$6:$D$50000,Sumário!$A179)","v":0},{"$f":"SUMIFS(Serviço!$T$6:$T$50000,Serviço!$A$6:$A$50000,Sumário!D$114,Serviço!$D$6:$D$50000,Sumário!$A179)","v":43500},{"$f":"SUMIFS(Serviço!$T$6:$T$50000,Serviço!$A$6:$A$50000,Sumário!E$114,Serviço!$D$6:$D$50000,Sumário!$A179)","v":0},{"$f":"SUMIFS(Serviço!$T$6:$T$50000,Serviço!$A$6:$A$50000,Sumário!F$114,Serviço!$D$6:$D$50000,Sumário!$A179)","v":25000},{"$f":"SUMIFS(Serviço!$T$6:$T$50000,Serviço!$A$6:$A$50000,Sumário!G$114,Serviço!$D$6:$D$50000,Sumário!$A179)","v":0},{"$f":"SUMIFS(Serviço!$T$6:$T$50000,Serviço!$A$6:$A$50000,Sumário!H$114,Serviço!$D$6:$D$50000,Sumário!$A179)","v":0},{"$f":"SUMIFS(Serviço!$T$6:$T$50000,Serviço!$A$6:$A$50000,Sumário!I$114,Serviço!$D$6:$D$50000,Sumário!$A179)","v":0},{"$f":"SUMIFS(Serviço!$T$6:$T$50000,Serviço!$A$6:$A$50000,Sumário!J$114,Serviço!$D$6:$D$50000,Sumário!$A179)","v":0}]
["MANUT.CONS.EQUIP. DE PROCESSAMENTO DE DADOS",{"$f":"SUMIFS(Serviço!$T$6:$T$50000,Serviço!$A$6:$A$50000,Sumário!B$114,Serviço!$D$6:$D$50000,Sumário!$A180)","v":0},{"$f":"SUMIFS(Serviço!$T$6:$T$50000,Serviço!$A$6:$A$50000,Sumário!C$114,Serviço!$D$6:$D$50000,Sumário!$A180)","v":0},{"$f":"SUMIFS(Serviço!$T$6:$T$50000,Serviço!$A$6:$A$50000,Sumário!D$114,Serviço!$D$6:$D$50000,Sumário!$A180)","v":10000},{"$f":"SUMIFS(Serviço!$T$6:$T$50000,Serviço!$A$6:$A$50000,Sumário!E$114,Serviço!$D$6:$D$50000,Sumário!$A180)","v":0},{"$f":"SUMIFS(Serviço!$T$6:$T$50000,Serviço!$A$6:$A$50000,Sumário!F$114,Serviço!$D$6:$D$50000,Sumário!$A180)","v":0},{"$f":"SUMIFS(Serviço!$T$6:$T$50000,Serviço!$A$6:$A$50000,Sumário!G$114,Serviço!$D$6:$D$50000,Sumário!$A180)","v":0},{"$f":"SUMIFS(Serviço!$T$6:$T$50000,Serviço!$A$6:$A$50000,Sumário!H$114,Serviço!$D$6:$D$50000,Sumário!$A180)","v":0},{"$f":"SUMIFS(Serviço!$T$6:$T$50000,Serviço!$A$6:$A$50000,Sumário!I$114,Serviço!$D$6:$D$50000,Sumário!$A180)","v":0},{"$f":"SUMIFS(Serviço!$T$6:$T$50000,Serviço!$A$6:$A$50000,Sumário!J$114,Serviço!$D$6:$D$50000,Sumário!$A180)","v":0}]
["DESPESAS DE TELEPROCESSAMENTO",{"$f":"SUMIFS(Serviço!$T$6:$T$50000,Serviço!$A$6:$A$50000,Sumário!B$114,Serviço!$D$6:$D$50000,Sumário!$A181)","v":0},{"$f":"SUMIFS(Serviço!$T$6:$T$50000,Serviço!$A$6:$A$50000,Sumário!C$114,Serviço!$D$6:$D$50000,Sumário!$A181)","v":0},{"$f":"SUMIFS(Serviço!$T$6:$T$50000,Serviço!$A$6:$A$50000,Sumário!D$114,Serviço!$D$6:$D$50000,Sumário!$A181)","v":0},{"$f":"SUMIFS(Serviço!$T$6:$T$50000,Serviço!$A$6:$A$50000,Sumário!E$114,Serviço!$D$6:$D$50000,Sumário!$A181)","v":0},{"$f":"SUMIFS(Serviço!$T$6:$T$50000,Serviço!$A$6:$A$50000,Sumário!F$114,Serviço!$D$6:$D$50000,Sumário!$A181)","v":0},{"$f":"SUMIFS(Serviço!$T$6:$T$50000,Serviço!$A$6:$A$50000,Sumário!G$114,Serviço!$D$6:$D$50000,Sumário!$A181)","v":0},{"$f":"SUMIFS(Serviço!$T$6:$T$50000,Serviço!$A$6:$A$50000,Sumário!H$114,Serviço!$D$6:$D$50000,Sumário!$A181)","v":0},{"$f":"SUMIFS(Serviço!$T$6:$T$50000,Serviço!$A$6:$A$50000,Sumário!I$114,Serviço!$D$6:$D$50000,Sumário!$A181)","v":0},{"$f":"SUMIFS(Serviço!$T$6:$T$50000,Serviço!$A$6:$A$50000,Sumário!J$114,Serviço!$D$6:$D$50000,Sumário!$A181)","v":0}]
["OUTROS SERVICOS DE TERCEIROS",{"$f":"SUMIFS(Serviço!$T$6:$T$50000,Serviço!$A$6:$A$50000,Sumário!B$114,Serviço!$D$6:$D$50000,Sumário!$A182)","v":0},{"$f":"SUMIFS(Serviço!$T$6:$T$50000,Serviço!$A$6:$A$50000,Sumário!C$114,Serviço!$D$6:$D$50000,Sumário!$A182)","v":25000},{"$f":"SUMIFS(Serviço!$T$6:$T$50000,Serviço!$A$6:$A$50000,Sumário!D$114,Serviço!$D$6:$D$50000,Sumário!$A182)","v":0},{"$f":"SUMIFS(Serviço!$T$6:$T$50000,Serviço!$A$6:$A$50000,Sumário!E$114,Serviço!$D$6:$D$50000,Sumário!$A182)","v":0},{"$f":"SUMIFS(Serviço!$T$6:$T$50000,Serviço!$A$6:$A$50000,Sumário!F$114,Serviço!$D$6:$D$50000,Sumário!$A182)","v":0},{"$f":"SUMIFS(Serviço!$T$6:$T$50000,Serviço!$A$6:$A$50000,Sumário!G$114,Serviço!$D$6:$D$50000,Sumário!$A182)","v":0},{"$f":"SUMIFS(Serviço!$T$6:$T$50000,Serviço!$A$6:$A$50000,Sumário!H$114,Serviço!$D$6:$D$50000,Sumário!$A182)","v":0},{"$f":"SUMIFS(Serviço!$T$6:$T$50000,Serviço!$A$6:$A$50000,Sumário!I$114,Serviço!$D$6:$D$50000,Sumário!$A182)","v":0},{"$f":"SUMIFS(Serviço!$T$6:$T$50000,Serviço!$A$6:$A$50000,Sumário!J$114,Serviço!$D$6:$D$50000,Sumário!$A182)","v":0}]

{"sheet":"Permanente","index":1,"n_rows":178,"n_cols":20,"rows_kept":178,"cut":false,"hidden":false,"merged":[[0,0,1,2],[3,10,4,10],[3,11,4,11],[3,12,4,12],[2,1,4,1],[2,2,3,3],[2,4,2,19],[3,4,3,5],[3,6,3,7],[3,8,3,9],[3,16,4,16],[3,17,4,17],[3,18,4,18],[3,19,4,19],[3,13,4,13],[3,14,4,14],[3,15,4,15],[2,0,4,0]]}
["Selecione Para Atualizar:"]
[]
["OM","Prioridade","Subitem da Natureza de Despesa",null,"Retirado do Catálogo de Materiais - Material Permanente"]
[null,null,null,null,"Grupo de Materiais ",null,"Classe de Material",null,"Descrição do Material",null,"Descrição Sucinta","Dt Estimada Aquisição","Prioridade Aquisição","Unidade de Fornecimento","Forma Contratação","Custo","Objetivo Estratégico","Qtde estimada","Valor Unit","Valor Total"]
[null,null,"Código subitem","Descrição Subitem","Codigo Grupo","Descrição Grupo","Código Classe","Descrição Classe","CATMAT","Descrição Geral"]
["BASE",11,35,"EQUIPAMENTOS DE PROCESSAMENTO DE DADOS",70,"INFORMÁTICA - EQUIPAMENTOS,  PEÇAS, ACESSÓRIOS E SUPRIMENTOSDE TIC",7050,"EQUIPAMENTOS DE REDE DE TIC - LOCAL E REMOTA","14081","MODEM ROTEADOR","Acces Point ()","1º SEMESTRE 2021","Media","UNIDADE","INTEGRAL","CUSTO FINALÍSTICO - MATERIAL","PDTI",1,600,600]
["BASE",10,35,"EQUIPAMENTOS DE PROCESSAMENTO DE DADOS",70,"INFORMÁTICA - EQUIPAMENTOS,  PEÇAS, ACESSÓRIOS E SUPRIMENTOSDE TIC",7010,"COMPUTADORES","05521","\"COMPUTADOR\"","Computador Desktop","1º SEMESTRE 2021","Alta","UNIDADE","INTEGRAL","CUSTO FINALÍSTICO - MATERIAL","PDTI",170,4200,714000]
["BASE",9,35,"EQUIPAMENTOS DE PROCESSAMENTO DE DADOS",70,"INFORMÁTICA - EQUIPAMENTOS,  PEÇAS, ACESSÓRIOS E SUPRIMENTOSDE TIC",7060,"PEÇAS E ACESSÓRIOS PARA COMPUTADORES","14829","MEMÓRIA PORTÁTIL MICROCOMPUTADOR","HD Externo 2TB","1º SEMESTRE 2021","Baixa","UNIDADE","INTEGRAL","CUSTO FINALÍSTICO - MATERIAL","PDTI",60,300,18000]
["BASE",8,35,"EQUIPAMENTOS DE PROCESSAMENTO DE DADOS",70,"INFORMÁTICA - EQUIPAMENTOS,  PEÇAS, ACESSÓRIOS E SUPRIMENTOSDE TIC",7010,"COMPUTADORES","08435","NOTEBOOK","Notebook","1º SEMESTRE 2021","Alta","UNIDADE","INTEGRAL","CUSTO FINALÍSTICO - MATERIAL","PDTI",60,5200,312000]
["BASE",7,35,"EQUIPAMENTOS DE PROCESSAMENTO DE DADOS",61,"CONDUTORES ELÉTRICOS E EQUIPAMENTOS PARA GERAÇÃO  E  DISTRI-BUIÇÃO DE ENERGIA",6110,"EQUIPAMENTOS DE CONTROLE ELÉTRICO","07068","ESTABILIZADOR TENSÃO","Nobreak 600VA","1º SEMESTRE 2021","Alta","UNIDADE","INTEGRAL","CUSTO FINALÍSTICO - MATERIAL","PDTI",70,300,21000]
["BASE",6,35,"EQUIPAMENTOS DE PROCESSAMENTO DE DADOS",61,"CONDUTORES ELÉTRICOS E EQUIPAMENTOS PARA GERAÇÃO  E  DISTRI-BUIÇÃO DE ENERGIA",6110,"EQUIPAMENTOS DE CONTROLE ELÉTRICO","07068","ESTABILIZADOR TENSÃO","Nobreak 3KVA","1º SEMESTRE 2021","Media","UNIDADE","INTEGRAL","CUSTO FINALÍSTICO - MATERIAL","PDTI",3,3200,9600]
["BASE",5,35,"EQUIPAMENTOS DE PROCESSAMENTO DE DADOS",70,"INFORMÁTICA - EQUIPAMENTOS,  PEÇAS, ACESSÓRIOS E SUPRIMENTOSDE TIC",7050,"EQUIPAMENTOS DE REDE DE TIC - LOCAL E REMOTA","05522","SWITCH","Switch 48 Portas","1º SEMESTRE 2021","Alta","UNIDADE","INTEGRAL","CUSTO FINALÍSTICO - MATERIAL","PDTI",10,7000,70000]
["BASE",4,35,"EQUIPAMENTOS DE PROCESSAMENTO DE DADOS",70,"INFORMÁTICA - EQUIPAMENTOS,  PEÇAS, ACESSÓRIOS E SUPRIMENTOSDE TIC",7050,"EQUIPAMENTOS DE REDE DE TIC - LOCAL E REMOTA","05522","SWITCH","Switch 24 Portas","1º SEMESTRE 2021","Alta","UNIDADE","INTEGRAL","CUSTO FINALÍSTICO - MATERIAL","PDTI",6,4000,24000]
["BASE",3,35,"EQUIPAMENTOS DE PROCESSAMENTO DE DADOS",70,"INFORMÁTICA - EQUIPAMENTOS,  PEÇAS, ACESSÓRIOS E SUPRIMENTOSDE TIC",7050,"EQUIPAMENTOS DE REDE DE TIC - LOCAL E REMOTA","05522","SWITCH","Switch 8 portas","1º SEMESTRE 2021","Alta","UNIDADE","INTEGRAL","CUSTO FINALÍSTICO - MATERIAL","PDTI",15,300,4500]
["BASE",1,35,"EQUIPAMENTOS DE PROCESSAMENTO DE DADOS",70,"INFORMÁTICA - EQUIPAMENTOS,  PEÇAS, ACESSÓRIOS E SUPRIMENTOSDE TIC",7010,"COMPUTADORES","12050","\"SERVIDOR DE REDE\"","Computador Servidor de Rede","1º SEMESTRE 2021","Alta","UNIDADE","INTEGRAL","CUSTO FINALÍSTICO - MATERIAL","PDTI",2,40000,80000]
["BASE",2,35,"EQUIPAMENTOS DE PROCESSAMENTO DE DADOS",70,"INFORMÁTICA - EQUIPAMENTOS,  PEÇAS, ACESSÓRIOS E SUPRIMENTOSDE TIC",7010,"COMPUTADORES","14811","\"SERVIDOR ARQUIVO\"","Storage SAN","1º SEMESTRE 2021","Alta","UNIDADE","INTEGRAL","CUSTO FINALÍSTICO - MATERIAL","PDTI",1,120000,120000]
["BASE",1,33,"EQUIPAMENTOS PARA AUDIO, VIDEO E FOTO",67,"EQUIPAMENTOS FOTOGRÁFICOS",6720,"CÂMARAS FOTOGRÁFICAS","00993","MÁQUINA FOTOGRÁFICA","Máquina fotografica",null,"Alta","UNIDADE","INTEGRAL","CUSTO SUPORTE - MATERIAL",null,2,3000,6000]
["BASE",2,42,"MOBILIARIO EM GERAL",46,"EQUIPAMENTOS PARA PURIFICAÇÃO DE ÁGUAS E TRATAMENTO DE ESGO-TOS",4610,"EQUIPAMENTOS PARA PURIFICAÇÃO DE ÁGUA","15695","APARELHO PURIFICADOR DE ÁGUA","Aparelho com capacidade para 30 militares",null,"Alta","UNIDADE","INTEGRAL","CUSTO SUPORTE - MATERIAL",null,1,6000,6000]
["BASE",1,42,"MOBILIARIO EM GERAL",54,"ESTRUTURAS E ANDAIMES PRÉ-FABRICADOS",5450,"ESTRUTURAS PRÉ-FABRICADAS DIVERSAS","07203","ESTRUTURA METÁLICA","ESTANTE 100% EM AÇO INDUSTRIAL CAPACIDADE 3.6 TON, 900KG POR PRATELEIRA, ESTRUTURA EM AÇO INDUSTRIAL, MONTAGEM SEM PORCAS OU PARAFUSOS, APENAS POR ENCAIXE, ARMAÇÕES EM AÇO E VIGAS REFORÇADAS, LARG 196CM, ALTURA 182CM, PROFUNDIDADE 60 CM ( 25 UNIDADES DE ESTANTE)",2022,"Alta","UNIDADE","INTEGRAL","CUSTO SUPORTE - MATERIAL",null,1,65000,65000]
["BASE",2,34,"MAQUINAS, UTENSILIOS E EQUIPAMENTOS DIVERSOS",54,"ESTRUTURAS E ANDAIMES PRÉ-FABRICADOS",5450,"ESTRUTURAS PRÉ-FABRICADAS DIVERSAS","07203","ESTRUTURA METÁLICA","PALETEIRA MANUAL RODA DUPLA, 25,5 TON 680MM. COMPRIMENTO GARFO, 1150MM",2022,"Alta","UNIDADE","INTEGRAL","CUSTO SUPORTE - MATERIAL",null,1,1800,1800]
["BASE",3,34,"MAQUINAS, UTENSILIOS E EQUIPAMENTOS DIVERSOS",39,"EQUIPAMENTOS PARA MANUSEIO DE MATERIAL",3910,"TRANSPORTADORES","12924","TRANSPORTADOR MECANICO","EMPILHADEIRA ELÉTRICA PATOLADA; AÇO CARBONO, RODA DE POLIURETANO TIPO TANDEM, CAPACIDADE 1.600KG ELEVAÇÃO MÁXIMA 1,6 M. POSIÇÃO OPERADOR EM PÉ ANDANDO. LARG. EXT. GARFO 680MM. LARG. EXT. PATOLA 680MM. ",2022,"Alta","UNIDADE","INTEGRAL","CUSTO SUPORTE - MATERIAL",null,1,36600,36600]
["BASE",1,8,"APAR.EQUIP.UTENS.MED.,ODONT,LABOR.HOSPIT.",65,"EQUIPAMENTOS E ARTIGOS PARA USO MÉDICO, DENTÁRIO E VETERINÁ-RIO",6530,"MOBILIÁRIO, EQUIPAMENTOS, UTENSÍLIOS E  SUPRIMENTOS  HOSPITALARES","02770","APARELHO MONITORAMENTO INTRA-OPERATÓRIO","MONITOR MULTIPARÂMETRO, TIPO: PRÉ CONFIGURADO,MODULAR, PARÂMETROS: ECG, PNI, PI, SPO2, TEMP, RESP, DC, REGISTROS: MÍNIMO 8 CURVAS SIMULTÂNEAS, TIPO DE TELA: TELA LCD CERCA 15\", ALTA RESOLUÇÃO, CARACTERÍSTICAS ADICIONAIS: CONECTIVIDADE DE REDE, COMPONENTES: ALARMES, ACESSÓRIOS: COMPLETO COM CABOS E SENSORES, USO: DE NEONATAL A ADULTO ",2022,"Alta","UNIDADE","INTEGRAL","CUSTO FINALÍSTICO - MATERIAL","COMPOR NOSSA SALA DE URGÊNCIA E EMERGÊNCIA",1,12000,12000]
["BASE",2,8,"APAR.EQUIP.UTENS.MED.,ODONT,LABOR.HOSPIT.",55,"TÁBUAS, ESQUADRIAS, COMPENSADOS E FOLHEADOS DE MADEIRA",5520,"ESQUADRIAS","16285","PORTA VAI-VEM","PORTA VAI-VEM, MATERIAL: CHAPA DE POLIURETANO DE ALTA DENSIDADE, ACABAMENTO: REVESTIDA COM CHAPA DE ABS EM CADA FACE, TIPO DOBRADIÇA: DOBRADIÇAS EM AÇO INOXIDÁVEL, CARACTERÍSTICAS ADICIONAIS: AMORTECEDORES DE IMPACTO,VISOR EM ACRÍLICO,CAXETAS ",2022,"Alta","UNIDADE","INTEGRAL","CUSTO FINALÍSTICO - MATERIAL","MANTER FECHADO O CORREDOR PARA SALA  DE PRONTO SOCORRO",1,1300,1300]
["BASE",3,8,"APAR.EQUIP.UTENS.MED.,ODONT,LABOR.HOSPIT.",55,"TÁBUAS, ESQUADRIAS, COMPENSADOS E FOLHEADOS DE MADEIRA",5520,"ESQUADRIAS","11071","PORTA","PORTA, TIPO: DE CORRER DUAS FOLHAS, LARGURA DA PAREDE: 1,64 M, ESPESSURA: 10 MM, MATERIAL: VIDRO TEMPERADO, ALTURA: 2,10 M ",2022,"Alta","UNIDADE","INTEGRAL","CUSTO FINALÍSTICO - MATERIAL","RESTRINGIR O ACESSO A SECRETARIA DA SEÇÃO DE SAÚDE",1,1300,1300]
["BASE",4,8,"APAR.EQUIP.UTENS.MED.,ODONT,LABOR.HOSPIT.",65,"EQUIPAMENTOS E ARTIGOS PARA USO MÉDICO, DENTÁRIO E VETERINÁ-RIO",6515,"INSTRUMENTOS, EQUIPAMENTOS E SUPRIMENTOS MÉDICOS  E  CIRÚRGICOS","03681","MATERIAL HOSPITALAR","TIPOIA ORTOPÉDICA CANADENSE",2022,"Alta","UNIDADE","INTEGRAL","CUSTO FINALÍSTICO - MATERIAL","PARA PROPOR IMOBILIZAÇÃO DE UM MEMBRO SUPERIOR",5,32.49,162.44999999999999]
["BASE",5,8,"APAR.EQUIP.UTENS.MED.,ODONT,LABOR.HOSPIT.",65,"EQUIPAMENTOS E ARTIGOS PARA USO MÉDICO, DENTÁRIO E VETERINÁ-RIO",6515,"INSTRUMENTOS, EQUIPAMENTOS E SUPRIMENTOS MÉDICOS  E  CIRÚRGICOS","03681","MATERIAL HOSPITALAR","MULETA CANADENSE ALUMÍNIO BRAÇADEIRA FIXA ADULTO UNIDADE ALO",2022,"Alta","UNIDADE","INTEGRAL","CUSTO FINALÍSTICO - MATERIAL","PARA AUXILIAR A EVITAR COLOCAR UM MEMBRO INFERIOR LESIONADO NO CHÃO",5,37,185]
["BASE",6,8,"APAR.EQUIP.UTENS.MED.,ODONT,LABOR.HOSPIT.",65,"EQUIPAMENTOS E ARTIGOS PARA USO MÉDICO, DENTÁRIO E VETERINÁ-RIO",6515,"INSTRUMENTOS, EQUIPAMENTOS E SUPRIMENTOS MÉDICOS  E  CIRÚRGICOS","03681","MATERIAL HOSPITALAR","APARELHO DE PRESSÃO COM BRAÇADEIRA",2022,"Alta","UNIDADE","INTEGRAL","CUSTO FINALÍSTICO - MATERIAL","PARA E MEDIÇÃO DE PRESSÃO ARTERIAL",6,379.99,2279.94]
["BASE",7,8,"APAR.EQUIP.UTENS.MED.,ODONT,LABOR.HOSPIT.",65,"EQUIPAMENTOS E ARTIGOS PARA USO MÉDICO, DENTÁRIO E VETERINÁ-RIO",6515,"INSTRUMENTOS, EQUIPAMENTOS E SUPRIMENTOS MÉDICOS  E  CIRÚRGICOS","00379","ESTETOSCÓPIO","ESTETOSCÓPIO",2022,"Alta","UNIDADE","INTEGRAL","CUSTO FINALÍSTICO - MATERIAL","PARA AUSCULTAR A RESPIRAÇÃO E BATIMENTOS DO CORAÇÃO",6,30,180]
["BASE",8,8,"APAR.EQUIP.UTENS.MED.,ODONT,LABOR.HOSPIT.",65,"EQUIPAMENTOS E ARTIGOS PARA USO MÉDICO, DENTÁRIO E VETERINÁ-RIO",6515,"INSTRUMENTOS, EQUIPAMENTOS E SUPRIMENTOS MÉDICOS  E  CIRÚRGICOS","03681","MATERIAL HOSPITALAR","MACA DIVÃ PARA AMBULATÓRIO – SL",2022,"Alta","UNIDADE","INTEGRAL","CUSTO FINALÍSTICO - MATERIAL","PARA OS ATENDIMENTOS MÉDICOS NOS CONSULTÓRIOS",2,446,892]
["BASE",9,8,"APAR.EQUIP.UTENS.MED.,ODONT,LABOR.HOSPIT.",65,"EQUIPAMENTOS E ARTIGOS PARA USO MÉDICO, DENTÁRIO E VETERINÁ-RIO",6515,"INSTRUMENTOS, EQUIPAMENTOS E SUPRIMENTOS MÉDICOS  E  CIRÚRGICOS","03681","MATERIAL HOSPITALAR","CAMA HOSPITALAR – 2 MOVIMENTOS ARKTUS",2022,"Alta","UNIDADE","INTEGRAL","CUSTO FINALÍSTICO - MATERIAL","PARA ATENDIMENTOS MÉDICOS NA SALA DE EMERGÊNCIA",1,2400,2400]
["BASE",10,8,"APAR.EQUIP.UTENS.MED.,ODONT,LABOR.HOSPIT.",65,"EQUIPAMENTOS E ARTIGOS PARA USO MÉDICO, DENTÁRIO E VETERINÁ-RIO",6515,"INSTRUMENTOS, EQUIPAMENTOS E SUPRIMENTOS MÉDICOS  E  CIRÚRGICOS","03681","MATERIAL HOSPITALAR","BOTA IMOBILIZADORA",2022,"Alta","UNIDADE","INTEGRAL","CUSTO FINALÍSTICO - MATERIAL","PARA IMOBILIZAÇÃO DE TORNOZELO",4,206,824]
["BASE",1,34,"MAQUINAS, UTENSILIOS E EQUIPAMENTOS DIVERSOS",51,"FERRAMENTAS MANUAIS",5130,"FERRAMENTAS MANUAIS ACIONADAS POR FORÇA MOTRIZ","02304","ALICATE AMPERÍMETRO","Alicate amperímetro digital CAT III 600V – 302+",null,"Alta","UNIDADE","INTEGRAL","CUSTO SUPORTE - MATERIAL",null,1,229.9,229.9]
["BASE",2,34,"MAQUINAS, UTENSILIOS E EQUIPAMENTOS DIVERSOS",51,"FERRAMENTAS MANUAIS",5130,"FERRAMENTAS MANUAIS ACIONADAS POR FORÇA MOTRIZ","01355","CARRO TRANSPORTE","Carrinho de Mão 70 Litros Macrotop Mc-70 com Chapa Reforçada",null,"Alta","UNIDADE","INTEGRAL","CUSTO SUPORTE - MATERIAL",null,2,546,1092]
["BASE",3,34,"MAQUINAS, UTENSILIOS E EQUIPAMENTOS DIVERSOS",51,"FERRAMENTAS MANUAIS",5130,"FERRAMENTAS MANUAIS ACIONADAS POR FORÇA MOTRIZ","01355","CARRO TRANSPORTE","Carrinho plataforma assoalho de chapa 800 Kg com pneu maciço",null,"Alta","UNIDADE","INTEGRAL","CUSTO SUPORTE - MATERIAL",null,2,1332.77,2665.54]
["BASE",4,34,"MAQUINAS, UTENSILIOS E EQUIPAMENTOS DIVERSOS",51,"FERRAMENTAS MANUAIS",5130,"FERRAMENTAS MANUAIS ACIONADAS POR FORÇA MOTRIZ","14029","LAVADORA ALTA PRESSÃO","Lavadora de Alta Pressão 1500 psi 2200w 220v",null,"Alta","UNIDADE","INTEGRAL","CUSTO SUPORTE - MATERIAL",null,1,429.9,429.9]
["BASE",5,34,"MAQUINAS, UTENSILIOS E EQUIPAMENTOS DIVERSOS",51,"FERRAMENTAS MANUAIS",5130,"FERRAMENTAS MANUAIS ACIONADAS POR FORÇA MOTRIZ","01054","LIXADEIRA","Lixadeira Orbital 225W DWE6411 Dewalt – 220V",null,"Alta","UNIDADE","INTEGRAL","CUSTO SUPORTE - MATERIAL",null,1,399,399]
["BASE",6,34,"MAQUINAS, UTENSILIOS E EQUIPAMENTOS DIVERSOS",51,"FERRAMENTAS MANUAIS",5130,"FERRAMENTAS MANUAIS ACIONADAS POR FORÇA MOTRIZ","12038","SERRA ELETRICA","Motosserra a Gasolina MS 250 STIHL 2.3Kw 45.4cc",null,"Alta","UNIDADE","INTEGRAL","CUSTO SUPORTE - MATERIAL",null,1,2683.53,2683.53]
["BASE",7,34,"MAQUINAS, UTENSILIOS E EQUIPAMENTOS DIVERSOS",51,"FERRAMENTAS MANUAIS",5130,"FERRAMENTAS MANUAIS ACIONADAS POR FORÇA MOTRIZ","07868","FURADEIRA","Furadeira e Parafusadeira Bosch 400W GSR 7-14E 220V Cabo 4mts",null,"Media","UNIDADE","INTEGRAL","CUSTO SUPORTE - MATERIAL",null,2,330.9,661.8]
["BASE",8,34,"MAQUINAS, UTENSILIOS E EQUIPAMENTOS DIVERSOS",51,"FERRAMENTAS MANUAIS",5130,"FERRAMENTAS MANUAIS ACIONADAS POR FORÇA MOTRIZ","09391","MARTELETE ELETRICO","Martelete Bosch Perfurador Rompedor GBH 2-24D 220v 2,7J",null,"Alta","UNIDADE","INTEGRAL","CUSTO SUPORTE - MATERIAL",null,2,949.3,1898.6]
["BASE",9,34,"MAQUINAS, UTENSILIOS E EQUIPAMENTOS DIVERSOS",51,"FERRAMENTAS MANUAIS",5130,"FERRAMENTAS MANUAIS ACIONADAS POR FORÇA MOTRIZ","12038","SERRA ELETRICA","Serra circular para madeira 7.1/4\" 1.800 watts – DWE575-B2",null,"Alta","UNIDADE","INTEGRAL","CUSTO SUPORTE - MATERIAL",null,1,1176.68,1176.68]
["BASE",10,34,"MAQUINAS, UTENSILIOS E EQUIPAMENTOS DIVERSOS",51,"FERRAMENTAS MANUAIS",5130,"FERRAMENTAS MANUAIS ACIONADAS POR FORÇA MOTRIZ","12038","SERRA ELETRICA","Equadrejadeira 3000mm com eixo inclinável 3 CV 2 polos.",null,"Alta","Unidade","INTEGRAL","CUSTO SUPORTE - MATERIAL",null,1,13822,13822]
["BASE",1,99,"OUTROS MATERIAIS PERMANENTES",49,"EQUIPAMENTOS PARA OFICINAS DE MANUTENÇÃO E REPAROS",4940,"EQUIPAMENTO ESPECIALIZADO DIVERSOS PARA OFICINA  DE  MANUTENÇÃO E REPARO","",null,"CARRO COM FERRAMENTA ADVANTAGE COM 136 PEÇAS COM 5 GAVETAS E 1 PORTA.",null,"Baixa","UNIDADE","INTEGRAL","CUSTO FINALÍSTICO - SERVIÇO","FERRAMENTA PARA MANUTENÇÃO DE VIATURAS",2,5795.57,11591.14]
["BASE",2,99,"OUTROS MATERIAIS PERMANENTES",49,"EQUIPAMENTOS PARA OFICINAS DE MANUTENÇÃO E REPAROS",4940,"EQUIPAMENTO ESPECIALIZADO DIVERSOS PARA OFICINA  DE  MANUTENÇÃO E REPARO","",null,"LAVADORA DE ALTA PRESSÃO 3.200W 220V",null,"Alta","UNIDADE","INTEGRAL","CUSTO FINALÍSTICO - SERVIÇO","PARA LIMPEZA DOS GALPOES DE LONA DA Seç Mnt Trnp",2,4279.0600000000004,8558.1200000000008]
["BASE",3,99,"OUTROS MATERIAIS PERMANENTES",49,"EQUIPAMENTOS PARA OFICINAS DE MANUTENÇÃO E REPAROS",4940,"EQUIPAMENTO ESPECIALIZADO DIVERSOS PARA OFICINA  DE  MANUTENÇÃO E REPARO","",null,"ASPIRADOR DE PÓ E LÍQUIDO 2.000W CAPACIDADE DE 70L 220V",null,"Alta","UNIDADE","INTEGRAL","CUSTO FINALÍSTICO - SERVIÇO","PARA LIMPEZA INTERNA DAS VIATURAS",2,1965.55,3931.1]
["BASE",5,40,"MAQUINAS E EQUIPAMENTOS AGRIC. E RODOVIARIOS",37,"MÁQUINAS E EQUIPAMENTOS AGRÍCOLAS",3750,"IMPLEMENTOS E FERRAMENTAS DE JARDINAGEM","01367","SERRA PODA","Moto poda de galhos a gasolina Modelo HT75 Marca stihl","2º SEMESTRE 2021","Alta","UNIDADE","PARCELADA","CUSTO SUPORTE - MATERIAL","Equipamento para manutenção das áreas de vegetação e gramado do Forte do Pinheirinho que compreende uma área total de 1.530.210,28 m².",2,3942,7884]
["BASE",1,40,"MAQUINAS E EQUIPAMENTOS AGRIC. E RODOVIARIOS",37,"MÁQUINAS E EQUIPAMENTOS AGRÍCOLAS",3750,"IMPLEMENTOS E FERRAMENTAS DE JARDINAGEM","01375","TRATOR JARDIM","Micro trator diesel Modelo TDWT80E ","2º SEMESTRE 2021","Alta","UNIDADE","INTEGRAL","CUSTO SUPORTE - MATERIAL","Equipamento para manutenção das áreas de vegetação e gramado do Forte do Pinheirinho que compreende uma área total de 1.530.210,28 m².",1,25602.15,25602.15]
["BASE",4,40,"MAQUINAS E EQUIPAMENTOS AGRIC. E RODOVIARIOS",37,"MÁQUINAS E EQUIPAMENTOS AGRÍCOLAS",3750,"IMPLEMENTOS E FERRAMENTAS DE JARDINAGEM","01354","APARADOR GRAMA","Roçadeira lateral a gasolina Modelo F220 Marca stihl","2º SEMESTRE 2021","Alta","UNIDADE","INTEGRAL","CUSTO SUPORTE - MATERIAL","Equipamento para manutenção das áreas de vegetação e gramado do Forte do Pinheirinho que compreende uma área total de 1.530.210,28 m².",3,3218.07,9654.2099999999991]
["BASE",2,40,"MAQUINAS E EQUIPAMENTOS AGRIC. E RODOVIARIOS",37,"MÁQUINAS E EQUIPAMENTOS AGRÍCOLAS",3750,"IMPLEMENTOS E FERRAMENTAS DE JARDINAGEM","01375","TRATOR JARDIM","Roçadeira frontal RF-900 P/ MICRO TRATOR","2º SEMESTRE 2021","Alta","UNIDADE","INTEGRAL","CUSTO SUPORTE - MATERIAL","Equipamento para manutenção das áreas de vegetação e gramado do Forte do Pinheirinho que compreende uma área total de 1.530.210,28 m².",1,6089.35,6089.35]
["BASE",6,40,"MAQUINAS E EQUIPAMENTOS AGRIC. E RODOVIARIOS",37,"MÁQUINAS E EQUIPAMENTOS AGRÍCOLAS",3750,"IMPLEMENTOS E FERRAMENTAS DE JARDINAGEM","07274","EXTRATOR GRAMA / ERVA","Soprador costal BR600 Stihl","2º SEMESTRE 2021","Alta","UNIDADE","INTEGRAL","CUSTO SUPORTE - MATERIAL","Equipamento para manutenção das áreas de vegetação e gramado do Forte do Pinheirinho que compreende uma área total de 1.530.210,28 m².",2,3384.97,6769.94]
["BASE",3,12,"APARELHOS E UTENSILIOS DOMESTICOS",38,"EQUIPAMENTOS PARA CONSTRUÇÃO, MINERAÇÃO, TERRAPLENAGEM E MA-NUTENÇÃO DE ESTRADAS",3830,"ACESSÓRIOS PARA CAMINHÕES E TRATORES","04064","CAÇAMBA","SL2100 Reboque Agricola","2º SEMESTRE 2021","Alta","UNIDADE","INTEGRAL","CUSTO SUPORTE - MATERIAL","Equipamento para manutenção das áreas de vegetação e gramado do Forte do Pinheirinho que compreende uma área total de 1.530.210,28 m².",1,6065.67,6065.67]
["BASE",7,38,"MAQ., FERRAMENTAS E UTENSILIOS DE OFICINA",37,"MÁQUINAS E EQUIPAMENTOS AGRÍCOLAS",3750,"IMPLEMENTOS E FERRAMENTAS DE JARDINAGEM","09347","MÁQUINA PODA","Moto serra Modelo 651","2º SEMESTRE 2021","Alta","UNIDADE","INTEGRAL","CUSTO SUPORTE - MATERIAL","Equipamento para manutenção das áreas de vegetação e gramado do Forte do Pinheirinho que compreende uma área total de 1.530.210,28 m².",1,4086.17,4086.17]
["BASE",8,42,"MOBILIARIO EM GERAL",37,"MÁQUINAS E EQUIPAMENTOS AGRÍCOLAS",3750,"IMPLEMENTOS E FERRAMENTAS DE JARDINAGEM","00596","ANCINHO JARDINAGEM","Carrinho plataforma 800kg","2º SEMESTRE 2021","Alta","UNIDADE","INTEGRAL","CUSTO SUPORTE - MATERIAL","Material empregado para transporte de material da reserva.",1,2218.73,2218.73]
["BASE",9,39,"EQUIP. E UTENSILIOS HIDRAULICOS E ELETRICOS",45,"EQUIPAMENTO DE INSTALAÇÕES HIDRÁULICAS E DE AQUECIMENTO",4510,"DISPOSITIVOS E ACESSÓRIOS PARA INSTALAÇÕES HIDRÁULICAS","02046","ACIONAMENTO ELETRICO / MANUAL - TORNEIRA / CHUVEIR","Lavadora de alta pressão  Marca Toyama Modelo TPW2700A","2º SEMESTRE 2021","Alta","UNIDADE","INTEGRAL","CUSTO SUPORTE - MATERIAL","Equipamento utilizado para lavagem de equipamentos de acampamento e para limpeza das áreas do Forte do Pinheirinho.",1,3054.11,3054.11]
["BASE",10,40,"MAQUINAS E EQUIPAMENTOS AGRIC. E RODOVIARIOS",37,"MÁQUINAS E EQUIPAMENTOS AGRÍCOLAS",3750,"IMPLEMENTOS E FERRAMENTAS DE JARDINAGEM","01354","APARADOR GRAMA","Aparador de grama traseiro","2º SEMESTRE 2021","Alta","UNIDADE","INTEGRAL","CUSTO SUPORTE - MATERIAL","Equipamento utilizado para lavagem de equipamentos de acampamento e para limpeza das áreas do Forte do Pinheirinho.",1,9326.7000000000007,9326.7000000000007]
["BASE",17,12,"APARELHOS E UTENSILIOS DOMESTICOS",99,"DIVERSOS",9999,"ITENS DIVERSOS","13531","POTE","Botijão Térmico azul 18L","2º SEMESTRE 2021","Media","UNIDADE","PARCELADA","CUSTO SUPORTE - MATERIAL","Material empregado em atividades de campo e operações.",5,308.39999999999998,1542]
["BASE",18,12,"APARELHOS E UTENSILIOS DOMESTICOS",99,"DIVERSOS",9999,"ITENS DIVERSOS","13531","POTE","Garrafão 12L","2º SEMESTRE 2021","Media","UNIDADE","PARCELADA","CUSTO SUPORTE - MATERIAL","Material empregado em atividades de campo e operações.",5,160.58000000000001,802.9]
["BASE",12,34,"MAQUINAS, UTENSILIOS E EQUIPAMENTOS DIVERSOS",99,"DIVERSOS",9999,"ITENS DIVERSOS","16898","PEÇAS / ACESSÓRIOS EQUIPAMENTOS ESPECIALIZADOS","Empilhadeira hidráulica manual","2º SEMESTRE 2021","Alta","UNIDADE","INTEGRAL","CUSTO SUPORTE - MATERIAL","Material empregado para transporte de material da reserva.",1,4989.4399999999996,4989.4399999999996]
["BASE",14,34,"MAQUINAS, UTENSILIOS E EQUIPAMENTOS DIVERSOS",51,"FERRAMENTAS MANUAIS",9999,"ITENS DIVERSOS","16898","PEÇAS / ACESSÓRIOS EQUIPAMENTOS ESPECIALIZADOS","Carrinho De Mão Tramontina Caçamba Reforçada 65L Extra Forte","2º SEMESTRE 2021","Media","UNIDADE","INTEGRAL","CUSTO SUPORTE - MATERIAL","Material empregado em atividades de manutenção e campo.",2,323.20999999999998,646.41999999999996]
["BASE",13,12,"APARELHOS E UTENSILIOS DOMESTICOS",99,"DIVERSOS",9999,"ITENS DIVERSOS","16898","PEÇAS / ACESSÓRIOS EQUIPAMENTOS ESPECIALIZADOS","Escada 30 degraus","2º SEMESTRE 2021","Alta","UNIDADE","INTEGRAL","CUSTO SUPORTE - MATERIAL","Material empregado em atividades de campo e operações.",2,1262.1500000000001,2524.3000000000002]
["BASE",16,34,"MAQUINAS, UTENSILIOS E EQUIPAMENTOS DIVERSOS",99,"DIVERSOS",9999,"ITENS DIVERSOS","16898","PEÇAS / ACESSÓRIOS EQUIPAMENTOS ESPECIALIZADOS","Ventilador de coluna","2º SEMESTRE 2021","Alta","UNIDADE","PARCELADA","CUSTO SUPORTE - MATERIAL","Material empregado em atividades de campo e operações.",5,300.13,1500.65]
["BASE",15,12,"APARELHOS E UTENSILIOS DOMESTICOS",99,"DIVERSOS",9999,"ITENS DIVERSOS","16898","PEÇAS / ACESSÓRIOS EQUIPAMENTOS ESPECIALIZADOS","Escada 7 degraus","2º SEMESTRE 2021","Alta","UNIDADE","PARCELADA","CUSTO SUPORTE - MATERIAL","Material empregado em atividades de manutenção e campo.",2,231.66,463.32]
["5RM",11,35,"EQUIPAMENTOS DE PROCESSAMENTO DE DADOS",70,"INFORMÁTICA - EQUIPAMENTOS,  PEÇAS, ACESSÓRIOS E SUPRIMENTOSDE TIC",7050,"EQUIPAMENTOS DE REDE DE TIC - LOCAL E REMOTA","14081","MODEM ROTEADOR","Acces Point ()","1º SEMESTRE 2021","Media","UNIDADE","INTEGRAL","CUSTO FINALÍSTICO - MATERIAL","PDTI",1,600,600]
["5RM",10,35,"EQUIPAMENTOS DE PROCESSAMENTO DE DADOS",70,"INFORMÁTICA - EQUIPAMENTOS,  PEÇAS, ACESSÓRIOS E SUPRIMENTOSDE TIC",7010,"COMPUTADORES","05521","\"COMPUTADOR\"","Computador Desktop","1º SEMESTRE 2021","Alta","UNIDADE","INTEGRAL","CUSTO FINALÍSTICO - MATERIAL","PDTI",170,4200,714000]
["5RM",9,35,"EQUIPAMENTOS DE PROCESSAMENTO DE DADOS",70,"INFORMÁTICA - EQUIPAMENTOS,  PEÇAS, ACESSÓRIOS E SUPRIMENTOSDE TIC",7060,"PEÇAS E ACESSÓRIOS PARA COMPUTADORES","14829","MEMÓRIA PORTÁTIL MICROCOMPUTADOR","HD Externo 2TB","1º SEMESTRE 2021","Baixa","UNIDADE","INTEGRAL","CUSTO FINALÍSTICO - MATERIAL","PDTI",60,300,18000]
["5RM",8,35,"EQUIPAMENTOS DE PROCESSAMENTO DE DADOS",70,"INFORMÁTICA - EQUIPAMENTOS,  PEÇAS, ACESSÓRIOS E SUPRIMENTOSDE TIC",7010,"COMPUTADORES","08435","NOTEBOOK","Notebook","1º SEMESTRE 2021","Alta","UNIDADE","INTEGRAL","CUSTO FINALÍSTICO - MATERIAL","PDTI",60,5200,312000]
["5RM",7,35,"EQUIPAMENTOS DE PROCESSAMENTO DE DADOS",61,"CONDUTORES ELÉTRICOS E EQUIPAMENTOS PARA GERAÇÃO  E  DISTRI-BUIÇÃO DE ENERGIA",6110,"EQUIPAMENTOS DE CONTROLE ELÉTRICO","07068","ESTABILIZADOR TENSÃO","Nobreak 600VA","1º SEMESTRE 2021","Alta","UNIDADE","INTEGRAL","CUSTO FINALÍSTICO - MATERIAL","PDTI",70,300,21000]
["5RM",6,35,"EQUIPAMENTOS DE PROCESSAMENTO DE DADOS",61,"CONDUTORES ELÉTRICOS E EQUIPAMENTOS PARA GERAÇÃO  E  DISTRI-BUIÇÃO DE ENERGIA",6110,"EQUIPAMENTOS DE CONTROLE ELÉTRICO","07068","ESTABILIZADOR TENSÃO","Nobreak 3KVA","1º SEMESTRE 2021","Media","UNIDADE","INTEGRAL","CUSTO FINALÍSTICO - MATERIAL","PDTI",3,3200,9600]
["5RM",5,35,"EQUIPAMENTOS DE PROCESSAMENTO DE DADOS",70,"INFORMÁTICA - EQUIPAMENTOS,  PEÇAS, ACESSÓRIOS E SUPRIMENTOSDE TIC",7050,"EQUIPAMENTOS DE REDE DE TIC - LOCAL E REMOTA","05522","SWITCH","Switch 48 Portas","1º SEMESTRE 2021","Alta","UNIDADE","INTEGRAL","CUSTO FINALÍSTICO - MATERIAL","PDTI",10,7000,70000]
["5RM",4,35,"EQUIPAMENTOS DE PROCESSAMENTO DE DADOS",70,"INFORMÁTICA - EQUIPAMENTOS,  PEÇAS, ACESSÓRIOS E SUPRIMENTOSDE TIC",7050,"EQUIPAMENTOS DE REDE DE TIC - LOCAL E REMOTA","05522","SWITCH","Switch 24 Portas","1º SEMESTRE 2021","Alta","UNIDADE","INTEGRAL","CUSTO FINALÍSTICO - MATERIAL","PDTI",6,4000,24000]
["5RM",3,35,"EQUIPAMENTOS DE PROCESSAMENTO DE DADOS",70,"INFORMÁTICA - EQUIPAMENTOS,  PEÇAS, ACESSÓRIOS E SUPRIMENTOSDE TIC",7050,"EQUIPAMENTOS DE REDE DE TIC - LOCAL E REMOTA","05522","SWITCH","Switch 8 portas","1º SEMESTRE 2021","Alta","UNIDADE","INTEGRAL","CUSTO FINALÍSTICO - MATERIAL","PDTI",15,300,4500]
["5RM",1,35,"EQUIPAMENTOS DE PROCESSAMENTO DE DADOS",70,"INFORMÁTICA - EQUIPAMENTOS,  PEÇAS, ACESSÓRIOS E SUPRIMENTOSDE TIC",7010,"COMPUTADORES","12050","\"SERVIDOR DE REDE\"","Computador Servidor de Rede","1º SEMESTRE 2021","Alta","UNIDADE","INTEGRAL","CUSTO FINALÍSTICO - MATERIAL","PDTI",2,40000,80000]
["5RM",2,35,"EQUIPAMENTOS DE PROCESSAMENTO DE DADOS",70,"INFORMÁTICA - EQUIPAMENTOS,  PEÇAS, ACESSÓRIOS E SUPRIMENTOSDE TIC",7010,"COMPUTADORES","14811","\"SERVIDOR ARQUIVO\"","Storage SAN","1º SEMESTRE 2021","Alta","UNIDADE","INTEGRAL","CUSTO FINALÍSTICO - MATERIAL","PDTI",1,120000,120000]
["5DE",null,39,"EQUIP. E UTENSILIOS HIDRAULICOS E ELETRICOS",59,"COMPONENTES DE EQUIPAMENTOS ELÉTRICOS E ELETRÔNICOS",5999,"COMPONENTES ELÉTRICOS E ELETRÔNICOS DIVERSOS","15834","COMPONENTE ELETRÔNICO - DISPLAY 7 SEGMENTOS","notebook para atividades jornalísticas em operaçõestela: tela 15.6\" com bordas finas.\nteclado: teclado em português (padrão abnt2).\nprocessador: 10a geração intel® coretm i7-10510u\nsistema operacional: windows 10 home single language 64 bit – pt(br)\nplaca de vídeo: nvidia® geforce® mx250 2gb gddr5\nmemória ram: 16gb ddr4 2666mhz (16gbx1)\nunidade de estado sólido ssd de 256gb m.2 pcie nvme\nwebcam hd widescreen integrada (720p)\nconectividade: wireless 802.11ac + bluetooth, 1x1 | bateria integrada\nportas: 1 porta usb 3.1 de 1a geração type-ctm (dp/powerdelivery), 2 portas usb 3.1 de 1a geração, 1 porta usb 2.0, leitor de cartão micro sd\n",null,"Media","UNIDADE","INTEGRAL","CUSTO FINALÍSTICO - PESSOAL","em função da pandemia foi criada uma nova demanda de transmissão on line",1,8000,8000]
["5DE",null,6,"APARELHOS E EQUIPAMENTOS DE COMUNICACAO",59,"COMPONENTES DE EQUIPAMENTOS ELÉTRICOS E ELETRÔNICOS",5999,"COMPONENTES ELÉTRICOS E ELETRÔNICOS DIVERSOS","15834","COMPONENTE ELETRÔNICO - DISPLAY 7 SEGMENTOS","smartphone 128gb ou superior com entrada para cartão microsd com 6gb de ram ou superior",null,"Media","UNIDADE","INTEGRAL","CUSTO FINALÍSTICO - PESSOAL","em função da pandemia foi criada uma nova demanda de transmissão on line",2,2000,4000]
["5DE",null,33,"EQUIPAMENTOS PARA AUDIO, VIDEO E FOTO",67,"EQUIPAMENTOS FOTOGRÁFICOS",6720,"CÂMARAS FOTOGRÁFICAS","18844","PEÇA / ACESSÓRIO CÂMARA FOTOGRÁFICA / FILMADORA","bolsa fotográfica para filmadora\ncontando com proteção acolchoada internamente e com rigidez.\n- medidas interiores: 23 x 50 x 19cm;\n- medidas exteriores: 26 x 56 x 25cm;\n- material de confecção: nylon, plástico e espuma;\n- acompanha alça de ombro.\n",null,"Media","UNIDADE","INTEGRAL","CUSTO FINALÍSTICO - PESSOAL","em função da pandemia foi criada uma nova demanda de transmissão on line",3,250,750]
["5DE",null,33,"EQUIPAMENTOS PARA AUDIO, VIDEO E FOTO",67,"EQUIPAMENTOS FOTOGRÁFICOS",6720,"CÂMARAS FOTOGRÁFICAS","18844","PEÇA / ACESSÓRIO CÂMARA FOTOGRÁFICA / FILMADORA","mochila para transporte de notebook 15”, com material externo revestido em nylon impermeável e material interno em tecido acolchoado para proteção do equipamento (uso em operações).",null,"Media","UNIDADE","INTEGRAL","CUSTO FINALÍSTICO - PESSOAL","em função da pandemia foi criada uma nova demanda de transmissão on line",1,300,300]
["5DE",null,24,"EQUIPAMENTO DE PROTECAO, SEGURANCA E SOCORRO",67,"EQUIPAMENTOS FOTOGRÁFICOS",6750,"SUPRIMENTOS FOTOGRÁFICOS","17172","SUPRIMENTOS FOTOGRÁFICOS","amplificador para 8 fones de ouvido\ntodos em um só aparelho. amplificador e distribuidor de mesa para 8 fones, sendo 4 canais com 8 saídas de fones de ouvido. entradas balanceadas estéreo duplas com nível separado e controles de balanço; exibição 6 segmentos de led bargraphs.",null,"Media","UNIDADE","INTEGRAL","CUSTO FINALÍSTICO - PESSOAL","em função da pandemia foi criada uma nova demanda de transmissão on line",1,1950,1950]
["5DE",null,33,"EQUIPAMENTOS PARA AUDIO, VIDEO E FOTO",67,"EQUIPAMENTOS FOTOGRÁFICOS",6751,"SUPRIMENTOS FOTOGRÁFICOS","17173","SUPRIMENTOS FOTOGRÁFICOS","drone radiocontrolado mavic pro 2",null,"Media","UNIDADE","INTEGRAL","CUSTO FINALÍSTICO - PESSOAL","em função da pandemia foi criada uma nova demanda de transmissão on line",1,25000,25000]
["5DE",null,35,"EQUIPAMENTOS DE PROCESSAMENTO DE DADOS",67,"EQUIPAMENTOS FOTOGRÁFICOS",6752,"SUPRIMENTOS FOTOGRÁFICOS","17174","SUPRIMENTOS FOTOGRÁFICOS","drone radiocontrolado mavic inspire 2",null,"Media","UNIDADE","INTEGRAL","CUSTO FINALÍSTICO - PESSOAL","em função da pandemia foi criada uma nova demanda de transmissão on line",1,20000,20000]
["5DE",null,35,"EQUIPAMENTOS DE PROCESSAMENTO DE DADOS",67,"EQUIPAMENTOS FOTOGRÁFICOS",6753,"SUPRIMENTOS FOTOGRÁFICOS","17175","SUPRIMENTOS FOTOGRÁFICOS","distribuidor audio 8 ch p2 p10\nfones de ouvido p10 p2 – 4 saídas para fones com plug p10 e 4 saídas para fones com plug p2. 1 entrada áudio rca stereo. fonte bivolt.",null,"Media","UNIDADE","INTEGRAL","CUSTO FINALÍSTICO - PESSOAL","em função da pandemia foi criada uma nova demanda de transmissão on line",1,500,500]
["5DE",null,35,"EQUIPAMENTOS DE PROCESSAMENTO DE DADOS",67,"EQUIPAMENTOS FOTOGRÁFICOS",6754,"SUPRIMENTOS FOTOGRÁFICOS","17176","SUPRIMENTOS FOTOGRÁFICOS","fone de ouvido overear, 120m w\nalto-falantes de alta potência. produz sonoridade padrão com graves encorpados over-ear 120mw.",null,"Media","UNIDADE","INTEGRAL","CUSTO FINALÍSTICO - PESSOAL","em função da pandemia foi criada uma nova demanda de transmissão on line",1,150,150]
["5DE",null,35,"EQUIPAMENTOS DE PROCESSAMENTO DE DADOS",67,"EQUIPAMENTOS FOTOGRÁFICOS",6755,"SUPRIMENTOS FOTOGRÁFICOS","17177","SUPRIMENTOS FOTOGRÁFICOS","caixa de som\npotência rms 270w rms cada. dimensões aproximadas 15 x 25 x 180 cm.",null,"Media","UNIDADE","INTEGRAL","CUSTO FINALÍSTICO - PESSOAL","em função da pandemia foi criada uma nova demanda de transmissão on line",1,900,900]
["5DE",null,35,"EQUIPAMENTOS DE PROCESSAMENTO DE DADOS",67,"EQUIPAMENTOS FOTOGRÁFICOS",6756,"SUPRIMENTOS FOTOGRÁFICOS","17178","SUPRIMENTOS FOTOGRÁFICOS","pedestal microfone studio rádio\npedestal suporte mesa articulado p/ microfone studio rádio",null,"Media","UNIDADE","INTEGRAL","CUSTO FINALÍSTICO - PESSOAL","em função da pandemia foi criada uma nova demanda de transmissão on line",1,90,90]
["5DE",null,35,"EQUIPAMENTOS DE PROCESSAMENTO DE DADOS",67,"EQUIPAMENTOS FOTOGRÁFICOS",6757,"SUPRIMENTOS FOTOGRÁFICOS","17179","SUPRIMENTOS FOTOGRÁFICOS","01 mesa de som yamaha 08 canais 04 entradas xlr:4 entradas de microfone balanceadas com conectores xlr; 2 entradas de microfone balanceadas com conectores trs 1/4#” (p10); 4 entradas de linha balanceadas com conectores trs ¼” (p10). 2 entradas de linha com conectores rca; 1 entrada linha p2.3 bandas de equalização por canal phantom power (+48v). fonte chaveada automática.\n",null,"Media","UNIDADE","INTEGRAL","CUSTO FINALÍSTICO - PESSOAL","em função da pandemia foi criada uma nova demanda de transmissão on line",1,2250,2250]
["5DE",null,35,"EQUIPAMENTOS DE PROCESSAMENTO DE DADOS",67,"EQUIPAMENTOS FOTOGRÁFICOS",6758,"SUPRIMENTOS FOTOGRÁFICOS","17180","SUPRIMENTOS FOTOGRÁFICOS","amplificador som ambiente controle de volume dos canais 1 e 2 separados. entrada: 2 canais independentes. possui estágio de amplificação em classe ab. auxiliar (rca). potência 2x200w rms alimentação: bivolt.",null,"Media","UNIDADE","INTEGRAL","CUSTO FINALÍSTICO - PESSOAL","em função da pandemia foi criada uma nova demanda de transmissão on line",1,780,780]
["5DE",null,35,"EQUIPAMENTOS DE PROCESSAMENTO DE DADOS",67,"EQUIPAMENTOS FOTOGRÁFICOS",6759,"SUPRIMENTOS FOTOGRÁFICOS","17181","SUPRIMENTOS FOTOGRÁFICOS","microfone condensador (áudio) resposta de frequência adaptada fornece inteligibilidade vocal. minimizar o ruído ambiente. ideal para estúdio de transmissão de rádio / gravação.",null,"Media","UNIDADE","INTEGRAL","CUSTO FINALÍSTICO - PESSOAL","em função da pandemia foi criada uma nova demanda de transmissão on line",1,250,250]
["5DE",null,35,"EQUIPAMENTOS DE PROCESSAMENTO DE DADOS",67,"EQUIPAMENTOS FOTOGRÁFICOS",6760,"SUPRIMENTOS FOTOGRÁFICOS","17182","SUPRIMENTOS FOTOGRÁFICOS","microfone  shure sm 58\nprojetado para uso em performances profissionais de vocal ao vivo, reforço sonoro e gravação em estúdio. tipo cardioide (unidirecional) dinâmico. conector: xlr macho profissional de 3 pinos.",null,"Media","UNIDADE","INTEGRAL","CUSTO FINALÍSTICO - PESSOAL","em função da pandemia foi criada uma nova demanda de transmissão on line",1,1650,1650]
["5DE",null,35,"EQUIPAMENTOS DE PROCESSAMENTO DE DADOS",67,"EQUIPAMENTOS FOTOGRÁFICOS",6761,"SUPRIMENTOS FOTOGRÁFICOS","17183","SUPRIMENTOS FOTOGRÁFICOS","pedestal de mesa com cachimbo para microfone de estúdio, articulado e com proteção individual.",null,"Media","UNIDADE","INTEGRAL","CUSTO FINALÍSTICO - PESSOAL","em função da pandemia foi criada uma nova demanda de transmissão on line",1,150,150]
["5DE",null,35,"EQUIPAMENTOS DE PROCESSAMENTO DE DADOS",67,"EQUIPAMENTOS FOTOGRÁFICOS",6762,"SUPRIMENTOS FOTOGRÁFICOS","17184","SUPRIMENTOS FOTOGRÁFICOS","power play 04 canais marca behringer, com 04 fones akg.",null,"Media","UNIDADE","INTEGRAL","CUSTO FINALÍSTICO - PESSOAL","em função da pandemia foi criada uma nova demanda de transmissão on line",1,1600,1600]
["5DE",null,35,"EQUIPAMENTOS DE PROCESSAMENTO DE DADOS",67,"EQUIPAMENTOS FOTOGRÁFICOS",6763,"SUPRIMENTOS FOTOGRÁFICOS","17185","SUPRIMENTOS FOTOGRÁFICOS","suporte tripé fundo infinito kit com bag; tubos de aço; pintura eletrostática (não risca); pés de borracha; diversos níveis de trava. inclusas lona branca e lona verde para pendurar no suporte / utilização para “choma key”.",null,"Media","UNIDADE","INTEGRAL","CUSTO FINALÍSTICO - PESSOAL","em função da pandemia foi criada uma nova demanda de transmissão on line",1,380,380]
["5DE",null,35,"EQUIPAMENTOS DE PROCESSAMENTO DE DADOS",67,"EQUIPAMENTOS FOTOGRÁFICOS",6764,"SUPRIMENTOS FOTOGRÁFICOS","17186","SUPRIMENTOS FOTOGRÁFICOS","kit estúdio luz contínua 4 pontos de luz e 3 pontos 110v.",null,"Media","UNIDADE","INTEGRAL","CUSTO FINALÍSTICO - PESSOAL","em função da pandemia foi criada uma nova demanda de transmissão on line",2,560,1120]
["5DE",null,35,"EQUIPAMENTOS DE PROCESSAMENTO DE DADOS",67,"EQUIPAMENTOS FOTOGRÁFICOS",6765,"SUPRIMENTOS FOTOGRÁFICOS","17187","SUPRIMENTOS FOTOGRÁFICOS","carregador de pilhas aa e carregador de pilhas aaa, com carregamento (das pilhas recarregáveis) direto à tomada.",null,"Media","UNIDADE","INTEGRAL","CUSTO FINALÍSTICO - PESSOAL","em função da pandemia foi criada uma nova demanda de transmissão on line",2,235,470]
["5DE",null,35,"EQUIPAMENTOS DE PROCESSAMENTO DE DADOS",67,"EQUIPAMENTOS FOTOGRÁFICOS",6766,"SUPRIMENTOS FOTOGRÁFICOS","17188","SUPRIMENTOS FOTOGRÁFICOS","fio de cobre biocolor polarizado para som caixas de 1,5mm com 100m",null,"Media","METRO","INTEGRAL","CUSTO FINALÍSTICO - PESSOAL","em função da pandemia foi criada uma nova demanda de transmissão on line",100,70,7000]
["5DE",null,35,"EQUIPAMENTOS DE PROCESSAMENTO DE DADOS",67,"EQUIPAMENTOS FOTOGRÁFICOS",6767,"SUPRIMENTOS FOTOGRÁFICOS","17189","SUPRIMENTOS FOTOGRÁFICOS","adaptador de áudio usb externo placa de som virtual 7.1. equalizador 12 canais. conectores 2x3.5mm (cabo usb incluído) placa de som usb virtual 7.1; ; placa de som equalizador de 12 canais que permite ajustes pessoais. sistema operacional windows 64 bits.",null,"Media","UNIDADE","INTEGRAL","CUSTO FINALÍSTICO - PESSOAL","em função da pandemia foi criada uma nova demanda de transmissão on line",1,370,370]
["5DE",null,35,"EQUIPAMENTOS DE PROCESSAMENTO DE DADOS",67,"EQUIPAMENTOS FOTOGRÁFICOS",6768,"SUPRIMENTOS FOTOGRÁFICOS","17190","SUPRIMENTOS FOTOGRÁFICOS","placa de captura externa usb. com a placa de captura externa usb você captura vídeo e áudio de qualidade e perfeição. você pode gravar um vídeo. transfira tudo já para seu notebook ou pc. sistema operacional windows 64bits.",null,"Media","UNIDADE","INTEGRAL","CUSTO FINALÍSTICO - PESSOAL","em função da pandemia foi criada uma nova demanda de transmissão on line",1,1500,1500]
["5DE",null,35,"EQUIPAMENTOS DE PROCESSAMENTO DE DADOS",67,"EQUIPAMENTOS FOTOGRÁFICOS",6769,"SUPRIMENTOS FOTOGRÁFICOS","17191","SUPRIMENTOS FOTOGRÁFICOS","plug adaptador de áudio p10 macho (6,35mm) para p2 fêmea (3,5mm) estéreo. entrada p10 saída p2 – tipo estéreo.",null,"Media","UNIDADE","INTEGRAL","CUSTO FINALÍSTICO - PESSOAL","em função da pandemia foi criada uma nova demanda de transmissão on line",3,15,45]
["5DE",null,35,"EQUIPAMENTOS DE PROCESSAMENTO DE DADOS",67,"EQUIPAMENTOS FOTOGRÁFICOS",6770,"SUPRIMENTOS FOTOGRÁFICOS","17192","SUPRIMENTOS FOTOGRÁFICOS","cabo microfone xlr canon  macho macho e fêmea balanceado 3 metros",null,"Media","UNIDADE","INTEGRAL","CUSTO FINALÍSTICO - PESSOAL","em função da pandemia foi criada uma nova demanda de transmissão on line",1,380,380]
["5DE",null,35,"EQUIPAMENTOS DE PROCESSAMENTO DE DADOS",67,"EQUIPAMENTOS FOTOGRÁFICOS",6771,"SUPRIMENTOS FOTOGRÁFICOS","17193","SUPRIMENTOS FOTOGRÁFICOS","plug adaptador de áudio p2 para p10 tipo estéreo",null,"Media","UNIDADE","INTEGRAL","CUSTO FINALÍSTICO - PESSOAL","em função da pandemia foi criada uma nova demanda de transmissão on line",3,35,105]
["5DE",null,35,"EQUIPAMENTOS DE PROCESSAMENTO DE DADOS",67,"EQUIPAMENTOS FOTOGRÁFICOS",6772,"SUPRIMENTOS FOTOGRÁFICOS","17194","SUPRIMENTOS FOTOGRÁFICOS","pré-amplificador de microfone com qualidade de som com conversão digital",null,"Media","UNIDADE","INTEGRAL","CUSTO FINALÍSTICO - PESSOAL","em função da pandemia foi criada uma nova demanda de transmissão on line",1,1300,1300]
["5DE",null,35,"EQUIPAMENTOS DE PROCESSAMENTO DE DADOS",67,"EQUIPAMENTOS FOTOGRÁFICOS",6773,"SUPRIMENTOS FOTOGRÁFICOS","17195","SUPRIMENTOS FOTOGRÁFICOS","lente objetiva sigma 10-20mm 10/20mm, compatível com as câmeras dslr canon",null,"Media","UNIDADE","INTEGRAL","CUSTO FINALÍSTICO - PESSOAL","em função da pandemia foi criada uma nova demanda de transmissão on line",1,3500,3500]
["5DE",null,35,"EQUIPAMENTOS DE PROCESSAMENTO DE DADOS",67,"EQUIPAMENTOS FOTOGRÁFICOS",6774,"SUPRIMENTOS FOTOGRÁFICOS","17196","SUPRIMENTOS FOTOGRÁFICOS","lente objetiva 70/300 mm 70/300 mm, compatível com as câmeras dslr canon",null,"Media","UNIDADE","INTEGRAL","CUSTO FINALÍSTICO - PESSOAL","em função da pandemia foi criada uma nova demanda de transmissão on line",1,6000,6000]
["5DE",null,35,"EQUIPAMENTOS DE PROCESSAMENTO DE DADOS",67,"EQUIPAMENTOS FOTOGRÁFICOS",6775,"SUPRIMENTOS FOTOGRÁFICOS","17197","SUPRIMENTOS FOTOGRÁFICOS","lente objetiva ef 100-400mm  100/400 mm, compatível com as câmeras dslr canon",null,"Media","UNIDADE","INTEGRAL","CUSTO FINALÍSTICO - PESSOAL","em função da pandemia foi criada uma nova demanda de transmissão on line",1,18000,18000]
["5DE",null,35,"EQUIPAMENTOS DE PROCESSAMENTO DE DADOS",67,"EQUIPAMENTOS FOTOGRÁFICOS",6776,"SUPRIMENTOS FOTOGRÁFICOS","17198","SUPRIMENTOS FOTOGRÁFICOS","espuma acústica anti-chamas - norma nbr9178, modelo “caixa de ovos”, espessura da placa 30mm (3 cm), cor cinza grafite. células abertas (para melhor absorção do som).",null,"Media","METRO","INTEGRAL","CUSTO FINALÍSTICO - PESSOAL","em função da pandemia foi criada uma nova demanda de transmissão on line",150,450,67500]
["5DE",null,35,"EQUIPAMENTOS DE PROCESSAMENTO DE DADOS",67,"EQUIPAMENTOS FOTOGRÁFICOS",6777,"SUPRIMENTOS FOTOGRÁFICOS","17199","SUPRIMENTOS FOTOGRÁFICOS","tripê para celular",null,"Media","UNIDADE","INTEGRAL","CUSTO FINALÍSTICO - PESSOAL","em função da pandemia foi criada uma nova demanda de transmissão on line",1,1500,1500]
["5DE",null,35,"EQUIPAMENTOS DE PROCESSAMENTO DE DADOS",67,"EQUIPAMENTOS FOTOGRÁFICOS",6778,"SUPRIMENTOS FOTOGRÁFICOS","17200","SUPRIMENTOS FOTOGRÁFICOS","cabeça hidráulica  para tripê mvh500 ah manfrotto",null,"Media","UNIDADE","INTEGRAL","CUSTO FINALÍSTICO - PESSOAL","em função da pandemia foi criada uma nova demanda de transmissão on line",1,2500,2500]
["5DE",null,35,"EQUIPAMENTOS DE PROCESSAMENTO DE DADOS",67,"EQUIPAMENTOS FOTOGRÁFICOS",6779,"SUPRIMENTOS FOTOGRÁFICOS","17201","SUPRIMENTOS FOTOGRÁFICOS","tripê manfrotto mt 190 x3",null,"Media","UNIDADE","INTEGRAL","CUSTO FINALÍSTICO - PESSOAL","em função da pandemia foi criada uma nova demanda de transmissão on line",1,2500,2500]
["5DE",null,35,"EQUIPAMENTOS DE PROCESSAMENTO DE DADOS",67,"EQUIPAMENTOS FOTOGRÁFICOS",6780,"SUPRIMENTOS FOTOGRÁFICOS","17202","SUPRIMENTOS FOTOGRÁFICOS","go pro hero 5 ou superior",null,"Media","UNIDADE","INTEGRAL","CUSTO FINALÍSTICO - PESSOAL","em função da pandemia foi criada uma nova demanda de transmissão on line",1,3200,3200]
["5DE",null,35,"EQUIPAMENTOS DE PROCESSAMENTO DE DADOS",67,"EQUIPAMENTOS FOTOGRÁFICOS",6781,"SUPRIMENTOS FOTOGRÁFICOS","17203","SUPRIMENTOS FOTOGRÁFICOS","estabilizador para camera dslr",null,"Media","UNIDADE","INTEGRAL","CUSTO FINALÍSTICO - PESSOAL","em função da pandemia foi criada uma nova demanda de transmissão on line",1,3000,3000]
["5DE",null,35,"EQUIPAMENTOS DE PROCESSAMENTO DE DADOS",67,"EQUIPAMENTOS FOTOGRÁFICOS",6782,"SUPRIMENTOS FOTOGRÁFICOS","17204","SUPRIMENTOS FOTOGRÁFICOS","atem mini blackmagic design switcher",null,"Media","UNIDADE","INTEGRAL","CUSTO FINALÍSTICO - PESSOAL","em função da pandemia foi criada uma nova demanda de transmissão on line",1,4200,4200]
["5DE",null,35,"EQUIPAMENTOS DE PROCESSAMENTO DE DADOS",67,"EQUIPAMENTOS FOTOGRÁFICOS",6783,"SUPRIMENTOS FOTOGRÁFICOS","17205","SUPRIMENTOS FOTOGRÁFICOS","filtro polarizador hoya 58mm compativel com lentes canon e nikon ",null,"Media","UNIDADE","INTEGRAL","CUSTO FINALÍSTICO - PESSOAL","em função da pandemia foi criada uma nova demanda de transmissão on line",1,400,400]
["5DE",null,35,"EQUIPAMENTOS DE PROCESSAMENTO DE DADOS",67,"EQUIPAMENTOS FOTOGRÁFICOS",6784,"SUPRIMENTOS FOTOGRÁFICOS","17206","SUPRIMENTOS FOTOGRÁFICOS","filtro polarizador hoya 82mm  compativel com lentes canon e nikon",null,"Media","UNIDADE","INTEGRAL","CUSTO FINALÍSTICO - PESSOAL","em função da pandemia foi criada uma nova demanda de transmissão on line",1,1000,1000]
["5DE",null,35,"EQUIPAMENTOS DE PROCESSAMENTO DE DADOS",67,"EQUIPAMENTOS FOTOGRÁFICOS",6785,"SUPRIMENTOS FOTOGRÁFICOS","17207","SUPRIMENTOS FOTOGRÁFICOS","kit de limpeza de câmera para limpeza dslr sensor de lente de câmera acessórios ferramentas de manutenção de câmera com estojo de transporte",null,"Media","UNIDADE","INTEGRAL","CUSTO FINALÍSTICO - PESSOAL","em função da pandemia foi criada uma nova demanda de transmissão on line",3,350,1050]
["5DE",null,35,"EQUIPAMENTOS DE PROCESSAMENTO DE DADOS",67,"EQUIPAMENTOS FOTOGRÁFICOS",6786,"SUPRIMENTOS FOTOGRÁFICOS","17208","SUPRIMENTOS FOTOGRÁFICOS","cartão de memória 128g memory card sd comum - cartão de memória flash",null,"Media","UNIDADE","INTEGRAL","CUSTO FINALÍSTICO - PESSOAL","em função da pandemia foi criada uma nova demanda de transmissão on line",5,460,2300]
["5DE",null,35,"EQUIPAMENTOS DE PROCESSAMENTO DE DADOS",67,"EQUIPAMENTOS FOTOGRÁFICOS",6787,"SUPRIMENTOS FOTOGRÁFICOS","17209","SUPRIMENTOS FOTOGRÁFICOS","cartão de memória 648g memory card sd comum - cartão de memória flash",null,"Media","UNIDADE","INTEGRAL","CUSTO FINALÍSTICO - PESSOAL","em função da pandemia foi criada uma nova demanda de transmissão on line",4,200,800]
["11CT",null,12,"APARELHOS E UTENSILIOS DOMESTICOS",45,"EQUIPAMENTO DE INSTALAÇÕES HIDRÁULICAS E DE AQUECIMENTO",4510,"DISPOSITIVOS E ACESSÓRIOS PARA INSTALAÇÕES HIDRÁULICAS","04976","CHUVEIRO ELÉTRICO","Informações técnicas:\nMarca: Hydra; Cor: Branca ;Modelo: Fit; Tipo de chuveiro: Eletrônico; Energia de Alimentação: 220 Volts; Potência: 6800 Watts; Fiação Mínima: 4mm²; Pressão de funcionamento:; mínima: 10 k Pa (01 m.c.a.); Máxima: 400 k Pa (40 m.c.a.); Disjuntor: 35 A; Recursos:\n- Espalhador que oferece uma fácil limpeza.;\n- Haste de 30 cm para controlar a temperatura.;\n- Mangueira com ducha manual;\n- Resistência de troca rápida;\n- Resistências independentes;\n- Proteção contra choques;\n- Compatível com D.R.;\n- Aprovado pelo INMETRO;\n- Baixo consumo de energia;\n- Mangueira com sistema higiênico (antiaderente);\nItens inclusos:\n01 Ducha Eletrônica;\n01 Mangueira;\n01 Ducha Manual;\n01 Manual de Instruções;\n01 Termo de Garantia;\n01 Relação de Rede Autorizada.\n","Segundo Semestre","Media","UNIDADE","INTEGRAL","CUSTO SUPORTE - MATERIAL","Aquisição de materiais para vida orgânica do 11º CT",7,120,840]
["11CT",null,39,"EQUIP. E UTENSILIOS HIDRAULICOS E ELETRICOS",51,"FERRAMENTAS MANUAIS",5120,"FERRAMENTAS MANUAIS SEM CORTE, NÃO ACIONADAS  POR  FORÇA  MOTRIZ","03553","BIGORNA","Bigorna 20kg 147x43x71cm","Segundo Semestre","Media","UNIDADE","INTEGRAL","CUSTO SUPORTE - MATERIAL","Aquisição de materiais para vida orgânica do 11º CT",1,700,700]
["11CT",null,39,"EQUIP. E UTENSILIOS HIDRAULICOS E ELETRICOS",51,"FERRAMENTAS MANUAIS",5120,"FERRAMENTAS MANUAIS SEM CORTE, NÃO ACIONADAS  POR  FORÇA  MOTRIZ","01053","TORNO BANCADA","Torno morsa nº 8","Segundo Semestre","Media","UNIDADE","INTEGRAL","CUSTO SUPORTE - MATERIAL","Aquisição de materiais para vida orgânica do 11º CT",1,200,200]
["11CT",null,38,"MAQ., FERRAMENTAS E UTENSILIOS DE OFICINA",32,"MÁQUINAS E EQUIPAMENTOS PARA TRABALHOS EM MADEIRA",3210,"MÁQUINAS PARA SERRARIA E PREPARO DE MADEIRA","09160","MAQUINA DE CARPINTARIA MOTORIZADA","Lixadeira ANGULAR 7’’, 127V 2200W","Segundo Semestre","Media","UNIDADE","INTEGRAL","CUSTO SUPORTE - MATERIAL","Aquisição de materiais para vida orgânica do 11º CT",1,780,780]
["11CT",null,38,"MAQ., FERRAMENTAS E UTENSILIOS DE OFICINA",32,"MÁQUINAS E EQUIPAMENTOS PARA TRABALHOS EM MADEIRA",3210,"MÁQUINAS PARA SERRARIA E PREPARO DE MADEIRA","09160","MAQUINA DE CARPINTARIA MOTORIZADA","lixadeira orbital ¼ de folha","Segundo Semestre","Media","UNIDADE","INTEGRAL","CUSTO SUPORTE - MATERIAL","Aquisição de materiais para vida orgânica do 11º CT",1,305,305]
["5CIAPE",null,33,"EQUIPAMENTOS PARA AUDIO, VIDEO E FOTO",67,"EQUIPAMENTOS FOTOGRÁFICOS",6720,"CÂMARAS FOTOGRÁFICAS","00993","MÁQUINA FOTOGRÁFICA","Máquina fotografica",null,"Alta","UNIDADE",null,null,null,2,3000,6000]
["5CIAPE",null,42,"MOBILIARIO EM GERAL",46,"EQUIPAMENTOS PARA PURIFICAÇÃO DE ÁGUAS E TRATAMENTO DE ESGO-TOS",4610,"EQUIPAMENTOS PARA PURIFICAÇÃO DE ÁGUA","15695","APARELHO PURIFICADOR DE ÁGUA","Aparelho com capacidade para 30 militares",null,"Alta","UNIDADE",null,null,null,1,6000,6000]
["CIAAP",5,40,"MAQUINAS E EQUIPAMENTOS AGRIC. E RODOVIARIOS",37,"MÁQUINAS E EQUIPAMENTOS AGRÍCOLAS",3750,"IMPLEMENTOS E FERRAMENTAS DE JARDINAGEM","01367","SERRA PODA","Moto poda de galhos a gasolina Modelo HT75 Marca stihl","2º SEMESTRE 2021","Alta","UNIDADE","PARCELADA","CUSTO SUPORTE - MATERIAL","Equipamento para manutenção das áreas de vegetação e gramado do Forte do Pinheirinho que compreende uma área total de 1.530.210,28 m².",2,3942,7884]
["CIAAP",1,40,"MAQUINAS E EQUIPAMENTOS AGRIC. E RODOVIARIOS",37,"MÁQUINAS E EQUIPAMENTOS AGRÍCOLAS",3750,"IMPLEMENTOS E FERRAMENTAS DE JARDINAGEM","01375","TRATOR JARDIM","Micro trator diesel Modelo TDWT80E ","2º SEMESTRE 2021","Alta","UNIDADE","INTEGRAL","CUSTO SUPORTE - MATERIAL","Equipamento para manutenção das áreas de vegetação e gramado do Forte do Pinheirinho que compreende uma área total de 1.530.210,28 m².",1,25602.15,25602.15]
["CIAAP",4,40,"MAQUINAS E EQUIPAMENTOS AGRIC. E RODOVIARIOS",37,"MÁQUINAS E EQUIPAMENTOS AGRÍCOLAS",3750,"IMPLEMENTOS E FERRAMENTAS DE JARDINAGEM","01354","APARADOR GRAMA","Roçadeira lateral a gasolina Modelo F220 Marca stihl","2º SEMESTRE 2021","Alta","UNIDADE","INTEGRAL","CUSTO SUPORTE - MATERIAL","Equipamento para manutenção das áreas de vegetação e gramado do Forte do Pinheirinho que compreende uma área total de 1.530.210,28 m².",3,3218.07,9654.2100000000009]
["CIAAP",2,40,"MAQUINAS E EQUIPAMENTOS AGRIC. E RODOVIARIOS",37,"MÁQUINAS E EQUIPAMENTOS AGRÍCOLAS",3750,"IMPLEMENTOS E FERRAMENTAS DE JARDINAGEM","01375","TRATOR JARDIM","Roçadeira frontal RF-900 P/ MICRO TRATOR","2º SEMESTRE 2021","Alta","UNIDADE","INTEGRAL","CUSTO SUPORTE - MATERIAL","Equipamento para manutenção das áreas de vegetação e gramado do Forte do Pinheirinho que compreende uma área total de 1.530.210,28 m².",1,6089.35,6089.35]
["CIAAP",6,40,"MAQUINAS E EQUIPAMENTOS AGRIC. E RODOVIARIOS",37,"MÁQUINAS E EQUIPAMENTOS AGRÍCOLAS",3750,"IMPLEMENTOS E FERRAMENTAS DE JARDINAGEM","07274","EXTRATOR GRAMA / ERVA","Soprador costal BR600 Stihl","2º SEMESTRE 2021","Alta","UNIDADE","INTEGRAL","CUSTO SUPORTE - MATERIAL","Equipamento para manutenção das áreas de vegetação e gramado do Forte do Pinheirinho que compreende uma área total de 1.530.210,28 m².",2,3384.97,6769.94]
["CIAAP",3,12,"APARELHOS E UTENSILIOS DOMESTICOS",38,"EQUIPAMENTOS PARA CONSTRUÇÃO, MINERAÇÃO, TERRAPLENAGEM E MA-NUTENÇÃO DE ESTRADAS",3830,"ACESSÓRIOS PARA CAMINHÕES E TRATORES","04064","CAÇAMBA","SL2100 Reboque Agricola","2º SEMESTRE 2021","Alta","UNIDADE","INTEGRAL","CUSTO SUPORTE - MATERIAL","Equipamento para manutenção das áreas de vegetação e gramado do Forte do Pinheirinho que compreende uma área total de 1.530.210,28 m².",1,6065.67,6065.67]
["CIAAP",7,38,"MAQ., FERRAMENTAS E UTENSILIOS DE OFICINA",37,"MÁQUINAS E EQUIPAMENTOS AGRÍCOLAS",3750,"IMPLEMENTOS E FERRAMENTAS DE JARDINAGEM","09347","MÁQUINA PODA","Moto serra Modelo 651","2º SEMESTRE 2021","Alta","UNIDADE","INTEGRAL","CUSTO SUPORTE - MATERIAL","Equipamento para manutenção das áreas de vegetação e gramado do Forte do Pinheirinho que compreende uma área total de 1.530.210,28 m².",1,4086.17,4086.17]
["CIAAP",8,42,"MOBILIARIO EM GERAL",37,"MÁQUINAS E EQUIPAMENTOS AGRÍCOLAS",3750,"IMPLEMENTOS E FERRAMENTAS DE JARDINAGEM","00596","ANCINHO JARDINAGEM","Carrinho plataforma 800kg","2º SEMESTRE 2021","Alta","UNIDADE","INTEGRAL","CUSTO SUPORTE - MATERIAL","Material empregado para transporte de material da reserva.",1,2218.73,2218.73]
["CIAAP",9,39,"EQUIP. E UTENSILIOS HIDRAULICOS E ELETRICOS",45,"EQUIPAMENTO DE INSTALAÇÕES HIDRÁULICAS E DE AQUECIMENTO",4510,"DISPOSITIVOS E ACESSÓRIOS PARA INSTALAÇÕES HIDRÁULICAS","02046","ACIONAMENTO ELETRICO / MANUAL - TORNEIRA / CHUVEIR","Lavadora de alta pressão  Marca Toyama Modelo TPW2700A","2º SEMESTRE 2021","Alta","UNIDADE","INTEGRAL","CUSTO SUPORTE - MATERIAL","Equipamento utilizado para lavagem de equipamentos de acampamento e para limpeza das áreas do Forte do Pinheirinho.",1,3054.11,3054.11]
["CIAAP",10,40,"MAQUINAS E EQUIPAMENTOS AGRIC. E RODOVIARIOS",37,"MÁQUINAS E EQUIPAMENTOS AGRÍCOLAS",3750,"IMPLEMENTOS E FERRAMENTAS DE JARDINAGEM","01354","APARADOR GRAMA","Aparador de grama traseiro","2º SEMESTRE 2021","Alta","UNIDADE","INTEGRAL","CUSTO SUPORTE - MATERIAL","Equipamento utilizado para lavagem de equipamentos de acampamento e para limpeza das áreas do Forte do Pinheirinho.",1,9326.7000000000007,9326.7000000000007]
["CIAAP",17,12,"APARELHOS E UTENSILIOS DOMESTICOS",99,"DIVERSOS",9999,"ITENS DIVERSOS","13531","POTE","Botijão Térmico azul 18L","2º SEMESTRE 2021","Media","UNIDADE","PARCELADA","CUSTO SUPORTE - MATERIAL","Material empregado em atividades de campo e operações.",5,308.39999999999998,1542]
["CIAAP",18,12,"APARELHOS E UTENSILIOS DOMESTICOS",99,"DIVERSOS",9999,"ITENS DIVERSOS","13531","POTE","Garrafão 12L","2º SEMESTRE 2021","Media","UNIDADE","PARCELADA","CUSTO SUPORTE - MATERIAL","Material empregado em atividades de campo e operações.",5,160.58000000000001,802.90000000000009]
["CIAAP",12,34,"MAQUINAS, UTENSILIOS E EQUIPAMENTOS DIVERSOS",99,"DIVERSOS",9999,"ITENS DIVERSOS","16898","PEÇAS / ACESSÓRIOS EQUIPAMENTOS ESPECIALIZADOS","Empilhadeira hidráulica manual","2º SEMESTRE 2021","Alta","UNIDADE","INTEGRAL","CUSTO SUPORTE - MATERIAL","Material empregado para transporte de material da reserva.",1,4989.4399999999996,4989.4399999999996]
["CIAAP",14,34,"MAQUINAS, UTENSILIOS E EQUIPAMENTOS DIVERSOS",51,"FERRAMENTAS MANUAIS",9999,"ITENS DIVERSOS","16898","PEÇAS / ACESSÓRIOS EQUIPAMENTOS ESPECIALIZADOS","Carrinho De Mão Tramontina Caçamba Reforçada 65L Extra Forte","2º SEMESTRE 2021","Media","UNIDADE","INTEGRAL","CUSTO SUPORTE - MATERIAL","Material empregado em atividades de manutenção e campo.",2,323.20999999999998,646.41999999999996]
["CIAAP",13,12,"APARELHOS E UTENSILIOS DOMESTICOS",99,"DIVERSOS",9999,"ITENS DIVERSOS","16898","PEÇAS / ACESSÓRIOS EQUIPAMENTOS ESPECIALIZADOS","Escada 30 degraus","2º SEMESTRE 2021","Alta","UNIDADE","INTEGRAL","CUSTO SUPORTE - MATERIAL","Material empregado em atividades de campo e operações.",2,1262.1500000000001,2524.3000000000002]
["CIAAP",16,34,"MAQUINAS, UTENSILIOS E EQUIPAMENTOS DIVERSOS",99,"DIVERSOS",9999,"ITENS DIVERSOS","16898","PEÇAS / ACESSÓRIOS EQUIPAMENTOS ESPECIALIZADOS","Ventilador de coluna","2º SEMESTRE 2021","Alta","UNIDADE","PARCELADA","CUSTO SUPORTE - MATERIAL","Material empregado em atividades de campo e operações.",5,300.13,1500.65]
["CIAAP",15,12,"APARELHOS E UTENSILIOS DOMESTICOS",99,"DIVERSOS",9999,"ITENS DIVERSOS","16898","PEÇAS / ACESSÓRIOS EQUIPAMENTOS ESPECIALIZADOS","Escada 7 degraus","2º SEMESTRE 2021","Alta","UNIDADE","PARCELADA","CUSTO SUPORTE - MATERIAL","Material empregado em atividades de manutenção e campo.",2,231.66,463.32]
["AD5",null,33,"EQUIPAMENTOS PARA AUDIO, VIDEO E FOTO",67,"EQUIPAMENTOS FOTOGRÁFICOS",6720,"CÂMARAS FOTOGRÁFICAS","00993","MÁQUINA FOTOGRÁFICA","Máquina fotografica",null,"Alta","UNIDADE",null,null,null,2,3000,6000]
["AD5",null,42,"MOBILIARIO EM GERAL",46,"EQUIPAMENTOS PARA PURIFICAÇÃO DE ÁGUAS E TRATAMENTO DE ESGO-TOS",4610,"EQUIPAMENTOS PARA PURIFICAÇÃO DE ÁGUA","15695","APARELHO PURIFICADOR DE ÁGUA","Aparelho com capacidade para 30 militares",null,"Alta","UNIDADE",null,null,null,1,6000,6000]
["AD5",null,35,"EQUIPAMENTOS DE PROCESSAMENTO DE DADOS",70,"INFORMÁTICA - EQUIPAMENTOS,  PEÇAS, ACESSÓRIOS E SUPRIMENTOSDE TIC",7010,"COMPUTADORES","14176","\"MICROCOMPUTADOR\"","MICROCOMPUTADOR, 16GB DDR4, SSD 120GB, HD 1 TERA, GPU GEFORCE GTX 1650 OC 4GB: PROCESSADOR: CPU AMD RYZEN 5 3600 - 3.6 GHZ (4.2 GHZ MAX TURBO) 32MB CACHE SIX CORE OU SUPERIOR, PLACA MÃE: MB CHIPSET AMD A320M SOCKET AM4, MEMÓRIA: 16GB DDR4 CL16 2666 MHZ (1X16GB, EXPANSÍVEL ATÉ 32GB), HARD DISK (HD) SSD M2.2280 120GB + HD 1 TERA, PLACA DE VÍDEO: GPU NVIDIA GEFORCE GTX 1650 OC 4GB OU SUPERIOR, SISTEMA OPERACIONAL: WINDOWS 10 PRO 64 BITS. GARANTIA: 1 ANO DE GARANTIA.","2º SEMESTRE 2021","Media","UNIDADE",null,null,null,5,10000,50000]
["AD5",null,35,"EQUIPAMENTOS DE PROCESSAMENTO DE DADOS",70,"INFORMÁTICA - EQUIPAMENTOS,  PEÇAS, ACESSÓRIOS E SUPRIMENTOSDE TIC",7010,"COMPUTADORES","08435","NOTEBOOK","Notebook: Placa de Video Geforce Gtx1650 4gb,  HD 1tb + 256gb SSD M2, Processador AMD Ryzem 5 ou superior, tela 15.6”, Memoria RAM 8GB, Processador   - Modelo de Referencia: Acer Nitro 5 Nitro AN515-43-R9K7","2º SEMESTRE 2021","Media","UNIDADE",null,null,null,5,8000,40000]
["AD5",null,35,"EQUIPAMENTOS DE PROCESSAMENTO DE DADOS",70,"INFORMÁTICA - EQUIPAMENTOS,  PEÇAS, ACESSÓRIOS E SUPRIMENTOSDE TIC",7010,"COMPUTADORES","14176","\"MICROCOMPUTADOR\"","MICROCOMPUTADOR, COM MONITOR DE SUPERIOR A 22 POL, MEMÓRIA RAM SUPERIOR A 8 GB, NÚCLEOS POR PROCESSADOR 6 ou +, ARMAZENAMENTO HDD 1TB ou +, ARMAZENAMENTO SSD 480GB ou +, COMPLETO, GARANTIA ON SITE 36 MESES","2º SEMESTRE 2021","Alta","UNIDADE",null,null,null,15,8000,120000]
["AD5",null,35,"EQUIPAMENTOS DE PROCESSAMENTO DE DADOS",70,"INFORMÁTICA - EQUIPAMENTOS,  PEÇAS, ACESSÓRIOS E SUPRIMENTOSDE TIC",7010,"COMPUTADORES","08435","NOTEBOOK","NOTEBOOK, TELA SUPERIOR A 14 POL, INTERATIVIDADE DA TELA SEM INTERATIVIDADE, MEMÓRIA RAM SUPERIOR A 8 GB, NÚCLEOS POR PROCESSADOR 6 ou +, ARMAZENAMENTO HDD 1TB ou + ARMAZENAMENTO SSD 480GB ou +, BATERIA DEFINIDO PELO FABRICANTE, ALIMENTAÇÃO BIVOLT AUTOMÁTICA, SISTEMA OPERACIONAL PROPRIETÁRIO, GARANTIA ON SITE 36 MESES","2º SEMESTRE 2021","Alta","UNIDADE",null,null,null,20,5000,100000]
["AD5",null,35,"EQUIPAMENTOS DE PROCESSAMENTO DE DADOS",70,"INFORMÁTICA - EQUIPAMENTOS,  PEÇAS, ACESSÓRIOS E SUPRIMENTOSDE TIC",7050,"EQUIPAMENTOS DE REDE DE TIC - LOCAL E REMOTA","00212","CONCENTRADOR","CONVERSOR DE MÍDIA GIGABIT MULTIMODO: 1 PORTA SC/UPC 1000M FÊMEA; 1 PORTA RJ 45 1000M (AUTO/MDI/MDIX) FÊMEA; LED INDICADORES: LIGADO, LINK RJ45, LINK FIBRA; FONTE DE ALIMENTAÇÃO EXTERNA BI-VOLT 100-240 VAC -50/60 HZ; DISTÂNCIA MÍNIMA DE ALCANCE DE 0.5 KM, SUPORTE AOS PADRÕES IEEE 802.3AB, IEEE 802.3Z, IEEE 802.3X; CABEAMENTO SUPORTADO 1000BASE-T CAT 5e, CAT 6; CABEAMENTO SUPORTADO 1000BASE-FX FIBRA MULTIMODO (MMF) DE ATÉ 550M METROS. MODELO DE REFERENCIA: M200CM","2º SEMESTRE 2021","Alta","UNIDADE",null,null,null,4,350,1400]
["AD5",null,35,"EQUIPAMENTOS DE PROCESSAMENTO DE DADOS",70,"INFORMÁTICA - EQUIPAMENTOS,  PEÇAS, ACESSÓRIOS E SUPRIMENTOSDE TIC",7010,"COMPUTADORES","19246","TABLET","TABLET, TELA ATÉ 9 POL, MEMÓRIA RAM ATÉ 4 GB, ARMAZENAMENTO INTERNO ATÉ 8 GB, ARMAZENAMENTO EXTERNO ATÉ 32 GB, PROCESSADOR QUAD CORE, CÂMERA FRONTAL ATÉ 8 MPX, CÂMERA TRASEIRA ATÉ 8 MPX, CONECTIVIDADE WI-FI/ 3G/ 4G/ BLUETOOTH, SISTEMA OPERACIONAL OPEN SOURCE. MODELO DE REFERENCIA: SANSUNG GALAXY TAB A T290","2º SEMESTRE 2021","Media","UNIDADE",null,null,null,5,1000,5000]
["AD5",null,33,"EQUIPAMENTOS PARA AUDIO, VIDEO E FOTO",70,"INFORMÁTICA - EQUIPAMENTOS,  PEÇAS, ACESSÓRIOS E SUPRIMENTOSDE TIC",7060,"PEÇAS E ACESSÓRIOS PARA COMPUTADORES","00230","\"MONITOR VÍDEO\"","MONITOR CURVO 24”. MODELO DE REFERENCIA:Acer Nitro 23,6\" (XZ242Q)","2º SEMESTRE 2021","Media","UNIDADE",null,null,null,10,1600,16000]
["AD5",null,35,"EQUIPAMENTOS DE PROCESSAMENTO DE DADOS",70,"INFORMÁTICA - EQUIPAMENTOS,  PEÇAS, ACESSÓRIOS E SUPRIMENTOSDE TIC",7030,"EQUIPAMENTOS DE ARMAZENAMENTO DE DADOS","17653","DISCO RÍGIDO REMOVÍVEL","DISCO RÍGIDO REMOVÍVEL, CAPACIDADE MEMÓRIA:12 TB., INTERFACE: USB 3.0, CARACTERÍSTICAS ADICIONAIS: EXTERNO","2º SEMESTRE 2021","Media","UNIDADE",null,null,null,4,4000,16000]
["AD5",null,35,"EQUIPAMENTOS DE PROCESSAMENTO DE DADOS",70,"INFORMÁTICA - EQUIPAMENTOS,  PEÇAS, ACESSÓRIOS E SUPRIMENTOSDE TIC",7030,"EQUIPAMENTOS DE ARMAZENAMENTO DE DADOS","17653","DISCO RÍGIDO REMOVÍVEL","DISCO RÍGIDO REMOVÍVEL, CAPACIDADE MEMÓRIA:4 TB., INTERFACE: USB 3.0, CARACTERÍSTICAS ADICIONAIS: EXTERNO","2º SEMESTRE 2021","Media","UNIDADE",null,null,null,25,800,20000]
["AD5",null,35,"EQUIPAMENTOS DE PROCESSAMENTO DE DADOS",70,"INFORMÁTICA - EQUIPAMENTOS,  PEÇAS, ACESSÓRIOS E SUPRIMENTOSDE TIC",7050,"EQUIPAMENTOS DE REDE DE TIC - LOCAL E REMOTA","05522","SWITCH","SWITCH/HUB 8 PORTAS 10/100 ou 10/10/1000MBPS – NÃO GERENCIÁVEL.","2º SEMESTRE 2021","Media","UNIDADE",null,null,null,10,200,2000]
["AD5",null,35,"EQUIPAMENTOS DE PROCESSAMENTO DE DADOS",61,"CONDUTORES ELÉTRICOS E EQUIPAMENTOS PARA GERAÇÃO  E  DISTRI-BUIÇÃO DE ENERGIA",6110,"EQUIPAMENTOS DE CONTROLE ELÉTRICO","05807","CONTROLADOR DEMANDA ENERGIA ELÉTRICA","NOBREAK DE 10KVA. MODELO DE REFERENCIA: NHS EXPERT C ONLINE ISOLADOR 10000VA. A GARANTIA DE FUNCIONAMENTO DEVERA SER DE 12 (DOZE) MESES. INSTALADO E ADAPTAÇÕES NECESSÁRIAS NO QUADRO DE ENERGIA.","2º SEMESTRE 2021","Media","UNIDADE",null,null,null,1,20000,20000]
["AD5",null,35,"EQUIPAMENTOS DE PROCESSAMENTO DE DADOS",70,"INFORMÁTICA - EQUIPAMENTOS,  PEÇAS, ACESSÓRIOS E SUPRIMENTOSDE TIC",7010,"COMPUTADORES","14811","\"SERVIDOR ARQUIVO\"","STORAGE – SERVIDOR, TIPO TORRE, Configuração:  02 (dois) processadores Intel Xeon Quad Core E5400 2.4Ghz ou superior Memória RAM: 16GB Sistema: FreeNAS instalado em Pendrive USB 16GB Discos Rígidos: 04 (quatro) HDs 3.5\" SATA 3TB 7200rpm Interfaces de Rede: 04 (quatro) interfaces de rede Gigabit 1000BaseT (RJ45) Alimentação: 02 (duas) fontes de alimentação redundantes de alta performance Sistema operacional: Solução FreeNAS pré-instalada e configurada de acordo com as necessidades.  GARANTIA ON SITE 36 MESES. MODELO DE REFERENCIA: Servidor / Storage iSCSI Dell PowerVault MD1200 (12TB)","2º SEMESTRE 2021","Media","UNIDADE",null,null,null,1,15000,15000]
["AD5",null,35,"EQUIPAMENTOS DE PROCESSAMENTO DE DADOS",70,"INFORMÁTICA - EQUIPAMENTOS,  PEÇAS, ACESSÓRIOS E SUPRIMENTOSDE TIC",7010,"COMPUTADORES","12050","\"SERVIDOR DE REDE\"","SERVIDOR DE REDE PARA BACKUP – SERVIDOR, TIPO TORRE, PROCESSADORES FÍSICOS 4, NÚCLEOS POR PROCESSADOR 4 OU SUPERIOR, MEMÓRIA RAM 16 GB OU SUPERIOR, INTERFACE REDE LAN 2, INTERFACE REDE SAN SEM SAN, ARMAZENAMENTO SATA COM DISCOS SATA 8TB OU SUPERIOR, ARMAZENAMENTO SAS SEM DISCOS SAS, ARMAZENAMENTO SSD COM DISCOS SSD 480GB OU SUPERIOR, FONTE ALIMENTAÇÃO REDUNDANTE (SWAP/HOT PLUG), SEM SISTEMA OPERACIONAL, GARANTIA ON SITE 36 MESES. MODELO DE REFERENCIA: DELL PowerEdge T140","2º SEMESTRE 2021","Media","UNIDADE",null,null,null,2,6000,12000]
["AD5",null,35,"EQUIPAMENTOS DE PROCESSAMENTO DE DADOS",70,"INFORMÁTICA - EQUIPAMENTOS,  PEÇAS, ACESSÓRIOS E SUPRIMENTOSDE TIC",7010,"COMPUTADORES","12050","\"SERVIDOR DE REDE\"","SERVIDOR DE REDE PARA APLICAÇÃO – SERVIDOR, TIPO TORRE, PROCESSADORES FÍSICOS 4, NÚCLEOS POR PROCESSADOR 4 OU SUPERIOR, MEMÓRIA RAM 16 GB OU SUPERIOR, INTERFACE REDE LAN 2, INTERFACE REDE SAN SEM SAN, ARMAZENAMENTO SATA COM DISCOS SATA 8TB OU SUPERIOR, ARMAZENAMENTO SAS SEM DISCOS SAS, ARMAZENAMENTO SSD COM DISCOS SSD 480GB OU SUPERIOR, FONTE ALIMENTAÇÃO REDUNDANTE (SWAP/HOT PLUG), SEM SISTEMA OPERACIONAL, GARANTIA ON SITE 36 MESES. MODELO DE REFERENCIA: DELL PowerEdge T140","2º SEMESTRE 2021","Media","UNIDADE",null,null,null,2,6000,12000]
["AD5",null,35,"EQUIPAMENTOS DE PROCESSAMENTO DE DADOS",67,"EQUIPAMENTOS FOTOGRÁFICOS",6730,"EQUIPAMENTO PARA PROJEÇÃO FOTOGRÁFICA","00907","PROJETOR MULTIMÍDIA","PROJETOR WIRELESS PORTÁTIL COM MODULO LAN WIFI– 3600 LUMES OU SUPERIOR. MODELODE REFERENCIA: PROJETOR EPSON POWERLITE X41+","2º SEMESTRE 2021","Media","UNIDADE",null,null,null,5,6000,30000]
["AD5",null,35,"EQUIPAMENTOS DE PROCESSAMENTO DE DADOS",70,"INFORMÁTICA - EQUIPAMENTOS,  PEÇAS, ACESSÓRIOS E SUPRIMENTOSDE TIC",7060,"PEÇAS E ACESSÓRIOS PARA COMPUTADORES","00230","\"MONITOR VÍDEO\"","MONITOR 21,5” OU SUPERIOR COM ENTRADA HDMI. MODELO DE REFERENCIA: MONITOR LED 21,5\" LG 22BN550Y","2º SEMESTRE 2021","Media","UNIDADE",null,null,null,30,900,27000]
["AD5",null,35,"EQUIPAMENTOS DE PROCESSAMENTO DE DADOS",70,"INFORMÁTICA - EQUIPAMENTOS,  PEÇAS, ACESSÓRIOS E SUPRIMENTOSDE TIC",7020,"IMPRESSORAS","00224","IMPRESSORA LASER","IMPRESSORA WIFI COLORIDA - MULTIFUNCIONAL DE ALTA PERFORMANCE E BAIXO CUSTO DE TINTA POR IMPRESSÃO, COM CONECTIVIDADE WIFI DIRECT QUE FACILITA O USO COMPARTILHADO, E PERMITE ENVIAR DOCUMENTOS PARA IMPRESSÃO DIRETAMENTE DE SEU TABLET OU SMARTPHONE. COM FUNÇÃO DUPLEX, IMPRIME AUTOMATICAMENTE FRENTE E VERSO DA FOLHA, REDUZINDO O CONSUMO DE PAPEL E OTIMIZANDO O RITMO DE TRABALHO. CAPAZ DE IMPRIMIR ATÉ 33 PÁGINAS POR MINUTO COM EXCELENTE RESOLUÇÃO E CORES DURADOURAS. POSSUI RESOLUÇÃO DE ATÉ 5760X1440 DPI, COM TANQUES DE TINTA CAPAZES DE IMPRIMIR ATÉ 7500 PÁGINAS MONO OU 6000 PÁGINAS COLORIDAS COM AS MESMAS GARRAFAS DE TINTA. COM INSTALAÇÃO E CONFIGURAÇÃO FÁCIL, E PAINEL FRONTAL LCD. CONTA COM SCANNER DE BASE PLANA, COM RESOLUÇÃO MÁXIMA DE 5760X1440 DPI, PROPORCIONANDO DIGITALIZAÇÕES DE ÓTIMA QUALIDADE SEJA PARA TEXTOS QUANTO IMAGENS E FOTOGRAFIAS. MODELO DE REFERENCIA: EPSON L4160 ECOTANK.","2º SEMESTRE 2021","Media","UNIDADE",null,null,null,1,2000,2000]
["AD5",null,35,"EQUIPAMENTOS DE PROCESSAMENTO DE DADOS",58,"EQUIPAMENTOS DE COMUNICAÇÕES, DETEÇÃO E RADIAÇÃO COERENTE",5830,"SISTEMAS DE INTERCOMUNICAÇÃO E AMPLIFICAÇÃO DE  VOZ,  EXCETOOS DE AERONAVES","04111","CAIXA ACÚSTICA","CAIXA DE SOM ATIVA: CAIXA ACÚSTICA AMPLIFICADA - MODELO DE REFERENCIA: LEXSEN LXX-15A POWERFUL – 500W RMS, UM WOOFER DE 15”, 97 DB SPL, RESPOSTA DE FREQUÊNCIA DE 50HZ A 20KHZ, AMPLIFICADOR CLASSE H, IMPEDÂNCIA 4 OHMS, REPRODUZ MP3 VIA USB, SC CARD, BLUETOOTH E POSSUI DISPLAY LCD. TRÊS PALAVRAS DEFINEM O QUE É A LXX-15A POWERFUL “POTÊNCIA, APLICABILIDADE E DESEMPENHO”. COM UM WOOFER DE 15”, UM DRIVE DE COMPRESSÃO DE 34 MM E NADA MAIS NADA MENOS QUE 500W DE POTÊNCIA RMS, A LINHA LXX DA LEXSEN AJUDARÁ VOCÊ EM QUALQUER OCASIÃO, SEJA EM IGREJAS, CASAS DE SHOW, ESCOLAS, EVENTOS AO AR LIVRE, ETC... COM RESPOSTA DE FREQUÊNCIA DE 50HZ A 20KHZ A LXX-15A POWERFUL REPRODUZ COM PERFEIÇÃO AS FREQUÊNCIAS SUBGRAVES E ALTAS, SE TORNANDO UM SISTEMA PODEROSO E COMPLETO PARA TODO E QUALQUER TIPO DE MUSICA AO VIVO OU REPRODUÇÃO. ALÉM DISSO, POSSUI RÁDIO FM, ENTRADA USB, SD CARD E CONEXÃO BLUETOOTH. CONECTIVIDADE A LXX-15A POWERFUL DA LEXSEN CONTA COM A TECNOLOGIA BLUETOOTH, PERMITINDO O USUÁRIO ESCUTAR SUAS PLAYLISTS ATRAVÉS DE CONEXÃO WIRELESS. A CAIXA TAMBÉM CONTA ENTRADA USB E ENTRADA PARA SD CARD. WOOFER: 15”; • RESPOSTA DE FREQUÊNCIA: 50HZ A 20KHZ; • DRIVER DE TITÂNIO: 34 MM; • SENSIBILIDADE: 97DB SPL; • 4 OHMS; • AMPLIFICADOR: CLASSE H; • DISPLAY DE LED; • MP3 PLAYER (USB/SD); • FM; • BLUETOOTH; • ENTRADA DE MICROFONE: XLR & ¼’’ JACK; • ENTRADA DE LINE: 2X RCA & XLR; • SAÍDA DE LINE: XLR & ¼” DE JACK; • CONTROLE REMOTO; • DIMENSÕES: • PESO: 20,5KG; • BI VOLT.","2º SEMESTRE 2021","Media","UNIDADE",null,null,null,1,2500,2500]
["AD5",null,35,"EQUIPAMENTOS DE PROCESSAMENTO DE DADOS",71,"MOBILIÁRIOS",7110,"MOBILIÁRIO PARA ESCRITÓRIO","17694","LOUSA INTERATIVA","LOUSA INTERATIVA PARA O COP. MODELO DE REFERENCIA:LOUSA INTERATIVA TRACE BOARD TB-9088 / 88","2º SEMESTRE 2021","Media","UNIDADE",null,null,null,1,5000,5000]
["AD5",null,35,"EQUIPAMENTOS DE PROCESSAMENTO DE DADOS",67,"EQUIPAMENTOS FOTOGRÁFICOS",6730,"EQUIPAMENTO PARA PROJEÇÃO FOTOGRÁFICA","00915","TELA PROJEÇÃO","TELÃO PARA PROJEÇÃO - CARACTERÍSTICAS DO PRODUTO: POLEGADAS: 120\" (4:3) FORMATO: 4:3 (VÍDEO) COR DAS BORDAS: PRETA COR DO PRODUTO: BRANCA VOLTAGEM: NÃO SE APLICA CONSUMO (EM FUNCIONAMENTO): NÃO SE APLICA COR DA ÁREA DE PROJEÇÃO: BRANCA TECIDO: MATTE WHITE (VERSO PRETO) MEDIDAS DA ÁREA DE PROJEÇÃO APROXIMADAMENTE: 2,34 X 1,80 (A) M (PRODUTO ARTESANAL PODE HAVER VARIAÇÕES NAS MEDIDAS DE ATE 5% PARA MAIS OU PARA MENOS). MEDIDAS DO PRODUTO: 2,40 X 8,3 (L) X 6,7 (A) CM MEDIDAS DA CAIXA: 270 X 11,5 (L) X 11 (A) CM ALTURA DO TRIPÉ: ATÉ 2,80 MT. PESO DO PRODUTO: 18.0 KG PESO DA EMBALAGEM: 18.0 KG MODELO DE REFERENCIA: GTTM120V FORNECEDOR: GRM TECNOLOGIA E SERVIÇOS LTDA.","2º SEMESTRE 2021","Media","UNIDADE",null,null,null,2,800,1600]
["AD5",null,35,"EQUIPAMENTOS DE PROCESSAMENTO DE DADOS",77,"INSTRUMENTOS MUSICAIS, FONÓGRAFOS E RÁDIOS DOMÉSTICOS",7730,"FONÓGRAFOS, RÁDIOS E TELEVISORES DE TIPO DOMÉSTICO","12609","TELEVISOR","TV 75” PARA AUDITORIO. MODELO DE REFERENCIA: SAMSUNG QN75Q60RAG","2º SEMESTRE 2021","Media","UNIDADE",null,null,null,1,10000,10000]
["AD5",null,35,"EQUIPAMENTOS DE PROCESSAMENTO DE DADOS",61,"CONDUTORES ELÉTRICOS E EQUIPAMENTOS PARA GERAÇÃO  E  DISTRI-BUIÇÃO DE ENERGIA",6110,"EQUIPAMENTOS DE CONTROLE ELÉTRICO","17098","EQUIPAMENTOS DE CONTROLE ELÉTRICO","NOBREAK 3000VA ou SUPERIOR. MODELO DE REFERENCIA: modelo NHS Premium 3000VA","2º SEMESTRE 2021","Alta","UNIDADE",null,null,null,1,4500,4500]
["AD5",null,35,"EQUIPAMENTOS DE PROCESSAMENTO DE DADOS",70,"INFORMÁTICA - EQUIPAMENTOS,  PEÇAS, ACESSÓRIOS E SUPRIMENTOSDE TIC",7050,"EQUIPAMENTOS DE REDE DE TIC - LOCAL E REMOTA","05522","SWITCH","SWITCH/HUB 16 PORTAS 10/100Mbps","2º SEMESTRE 2021","Media","UNIDADE",null,null,null,5,400,2000]
["AD5",null,35,"EQUIPAMENTOS DE PROCESSAMENTO DE DADOS",70,"INFORMÁTICA - EQUIPAMENTOS,  PEÇAS, ACESSÓRIOS E SUPRIMENTOSDE TIC",7050,"EQUIPAMENTOS DE REDE DE TIC - LOCAL E REMOTA","05522","SWITCH","SWITCH 24PORTAS Gigabit gerenciável","2º SEMESTRE 2021","Media","UNIDADE",null,null,null,4,2000,8000]
["AD5",null,35,"EQUIPAMENTOS DE PROCESSAMENTO DE DADOS",70,"INFORMÁTICA - EQUIPAMENTOS,  PEÇAS, ACESSÓRIOS E SUPRIMENTOSDE TIC",7050,"EQUIPAMENTOS DE REDE DE TIC - LOCAL E REMOTA","05522","SWITCH","SWITCH 48PORTAS Gigabit gerenciável","2º SEMESTRE 2021","Alta","UNIDADE",null,null,null,3,3000,9000]
["AD5",null,35,"EQUIPAMENTOS DE PROCESSAMENTO DE DADOS",61,"CONDUTORES ELÉTRICOS E EQUIPAMENTOS PARA GERAÇÃO  E  DISTRI-BUIÇÃO DE ENERGIA",6110,"EQUIPAMENTOS DE CONTROLE ELÉTRICO","07068","ESTABILIZADOR TENSÃO","ESTABILIZADOR DE TENSÃO 1000VA. MODELO DE REFERECIA: TSHARA POWEREST HOME 1000VA","2º SEMESTRE 2021","Media","UNIDADE",null,null,null,50,350,17500]
["AD5",null,35,"EQUIPAMENTOS DE PROCESSAMENTO DE DADOS",63,"SISTEMAS DE ALARME, SINALIZAÇÃO E DETECÇÃO PARA SEGURANÇA",6350,"SISTEMAS DIVERSOS DE SINALIZAÇÃO, ALARME E DETECÇÃO PARA  SEGURANÇA","18261","SISTEMA SEGURANÇA","CAMERA DE VIGILANCIA – CARACTERÍSTICAS: COMPATÍVEL COM 4 TECNOLOGIAS: HDCVI + HDTVI + AHD + ANALÓGICO, RESOLUÇÃO HD (720P), SENSOR MEGAPIXEL ¼”, LENTE DE 2,8, ALCANCE IR DE 20 M, CASE PLÁSTICO, PROTEÇÃO ANTI-UV, IR INTELIGENTE, IP66 (EXCETO PARA OS MODELOS DOME), PROTEÇÃO CONTRA SURTOS DE TENSÃO, 1 ANO DE GARANTIA, PARA REALIZAR A TROCA DESTAS TECNOLOGIAS DEVE-SE UTILIZAR O ACESSÓRIO VHD CONTROL. ESPECIFICAÇÕES: SENSOR: 1/4” MEGAPIXEL CMOS 1, PIXELS EFETIVO:S 1280 (H) X 720 (V) , LINHAS HORIZONTAIS: 1280H, RESOLUÇÃO REAL¹: HD (720P) - MODO HDCVI, AHD E HDTVI, LENTE: 2,8 MM, ÂNGULO DE VISÃO (H)² X (V): 57° X 32°, ALCANCE IR: 20 M, IR INTELIGENTE: SIM , QUANTITADADE DE LED´S: 12 LEDS, COMPRIMENTO DE ONDA LED IR: 850 NM, FORMATO DO VÍDEO: HDCVI / AHD / HDTVI (V2.0) / ANALÓGICO (NTSC), SAÍDA DE VÍDEO: 75 O (BNC) \nRELAÇÃO SINAL RUÍDO: >65 DB, SENSIBILIDADE: 0.05 LUX / F2.0 (AGC ON), 0 LUX IR ON, VELOCIDADE DO OBTURADOR: 1/30 A 1/100000S, SINCRONISMO: INTERNO, ÍRIS: ELETRÔNICA, DAY NIGHT: AUTOMÁTICO, COLORIDO E PB AUTOMÁTICO, AGC - CONTROLE AUTOMÁTICO DE GANHO: SIM , COMPENSAÇÃO DE LUZ DE FUNDO: BLC / HLC / DWDR / OFF, BALANÇO DE BRANCO ATW / RAST. AUTOM. / MANUAL / LAMP. / SÓDIO / INTERNO / EXT.1 / EXT. 2,  CONEXÕES SAÍDA DE VÍDEO: BNC FÊMEA, ALIMENTAÇÃO: CONECTOR P4 FÊMEA , CARACTERISTICAS ELÉTRICAS: CONSUMO MÁXIMO DE CORRENTE: 220 MA, CONSUMO MÁXIMO DE POTÊNCIA: 2,7 W, TENSÃO: 12 VCC 1, PROTEÇÃO ANTISSURTO: 500 V (VÍDEO E ALIMENTAÇÃO), CARACTERISTICAS MECÂNICAS COR CASE: BRANCO , TIPO CASE / MATERIAL: DOME / PLÁSTICO, GRAU DE PROTEÇÃO: NA LOCAL DE INSTALAÇÃO: INTERNO, CARACTERISTICAS AMBIENTAIS: TEMPERATURA DE ARMAZENAMENTO (-)10 °C A 60 °C, TEMPERATURA DE OPERAÇÃO (-)10 °C A 60 °C, UMIDADE RELATIVA DE ARMAZENAMENTO 20% A 90% RH, UMIDADE RELATIVA DE OPERAÇÃO 20% A 90% RH. DIMENSÕES: PESO: 0,100 KG, LARGURA: 9 CM, ALTURA: 9 CM, ROFUNDIDADE: 7 CM. MODELO DE REFERENCIA: VHD 1120 D G3","2º SEMESTRE 2021","Media","UNIDADE",null,null,null,10,200,2000]
["AD5",null,35,"EQUIPAMENTOS DE PROCESSAMENTO DE DADOS",63,"SISTEMAS DE ALARME, SINALIZAÇÃO E DETECÇÃO PARA SEGURANÇA",6350,"SISTEMAS DIVERSOS DE SINALIZAÇÃO, ALARME E DETECÇÃO PARA  SEGURANÇA","18261","SISTEMA SEGURANÇA","POWER BALUN DE 1 CANAL - BALUN COM RESOLUÇÃO ATÉ FULL HD, FUNÇÃO BIDIRECIONAL E COMPATÍVEL COM ASA TECNOLOGIAS HDCVI, HDTVI,AHD E ANALÓGICA (CVBS). MODELO DE REFERENCIA: VB 1001 WP","2º SEMESTRE 2021","Media","UNIDADE",null,null,null,10,200,2000]
["AD5",null,35,"EQUIPAMENTOS DE PROCESSAMENTO DE DADOS",70,"INFORMÁTICA - EQUIPAMENTOS,  PEÇAS, ACESSÓRIOS E SUPRIMENTOSDE TIC",7030,"EQUIPAMENTOS DE ARMAZENAMENTO DE DADOS","14009","GAVETA DISCO RÍGIDO","DOCK STATION USB 2 HD CASE 2.5/3.5 SATA HDD COM LEITOR DE CARTOES UNIVERSAL - ESTAÇÃO PORTÁTIL QUE PERMITE CONECTAR HDS AO COMPUTADOR ATRAVÉS DE UMA INTERFACE USB 2.0 OU E-SATA. O DISPOSITIVO POSSIBILITA O USO DE 2 DISCOS RIGIDOS DE 2,5 OU 3,5 QUE UTILIZAM A TECNOLOGIA IDE/SATA QUE TENHAM ATÉ 2 TB DE CAPACIDADE. SUPORTA CARTÕES CF, SD, XD, MS (MINI SD, T-FLASH/MICRO SD). COM O DOCKING STATION O USUÁRIO PODE UTILIZAR UM HD PARA BACKUP, POR EXEMPLO, SEM TER QUE ABRIR A MÁQUINA PARA CONECTÁ-LO À PLACA-MÃE OU SEM A NECESSIDADE DE INSERI-LO EM UM CASE DE HD EXTERNO. ALÉM DISSO, O USUÁRIO NÃO PRECISA DESLIGAR O COMPUTADOR PARA DESCONECTAR O DISPOSITIVO. SUPORTA TODOS OS 2,5 / 3,5 IDE E 2.5 / 3.5 SATA DISCO RÍGIDO DE QUALQUER CAPACIDADE. FUNÇÃO ONE TOUCH BACKUP (OTB) (NA PORTA USB APENAS). SUPORTA ATÉ 64 GB CARTÕES DE MEMÓRIA. USB 1.1, USB 2.0, SATA1 E SATA 2 COMPATÍVEL. USB2.0 VELOCIDADE DE TRANSFERÊNCIA TAXA DE DADOS DE ATÉ 480MB / S (MÁX.), SATA2 TAXA DE TRANSFERÊNCIA ATÉ 1.5GB/3GB/S. APENAS PLUG AND PLAY, HOT-SWAPPABLE. INDICADORES EM LED. APOIO AO WIN 7, WINDOWS 98/98/SE/ME/2000/XP/VISTA E MAC OS 9.X, OU SUPERIOR. ESPECIFICAÇÕES TÉCNICAS: TIPO: DOCKING STATION. ENTRADA: 100-240V, 50/60HZ, 1.0A. OUTPUT: 12.0V-2000MA. 5.0V-3500MA. PADRÃO PLUG: EUA (QP3). INTERFACE DE SAÍDA: USB MINI 5 PINOS. 2 PORT USB 2.0 HUB, 5 CARD READER SLOTS, E-SATA PORTO. 3.5 PORTA IDE, 1/2 PORTAS SATA. SLOT CF: CF 1/CF 2/EXTREME CF/EXTREME3 CF/ULTRA2 CF / HS CF / MD. MS SLOT: MS / MS DUO / MS PRO / MS PRO DUO / MS MAGICGATE / MS MAGICGATE PRO / MS DUO MAGICGATE / MS PRO DUO MAGICGATE / MS EXTREMA. PRO/EXTREME3MS PRO/ULTRA2 MS PRO / HS MS MAGICGATE PRO / HS MS MAGICGATE PRO DUO / MS ROM / MS SELECT. SLOT SD: SD / MINI SD / SD EXTREMA / EXTREMO 3 SD / ULTRA 2 SD / MMC 1/MMC 2/MMC 4.0/RS MMC / HS RS MMC / MICRO SD (T-FLASH). SLOT X-MEMÓRIA: X-MEMÓRIA. F-SLOT: MEMÓRIA TF. TAMANHO: 18CM X 11CM X 10CM. PESO: 262G. MATERIAL UTILIZADO NA FABRICAÇÃO: PLÁSTICO, METAL E CIRCUITO ELETRÔNICO. MODELO DE REFERENCIA: ESTAÇÃO PORTÁTIL PARA HD KP-HD005 - KNUP","2º SEMESTRE 2021","Media","UNIDADE",null,null,null,5,300,1500]
["AD5",null,35,"EQUIPAMENTOS DE PROCESSAMENTO DE DADOS",70,"INFORMÁTICA - EQUIPAMENTOS,  PEÇAS, ACESSÓRIOS E SUPRIMENTOSDE TIC",6350,"SISTEMAS DIVERSOS DE SINALIZAÇÃO, ALARME E DETECÇÃO PARA  SEGURANÇA","18261","SISTEMA SEGURANÇA","KIT 6 CÂMERAS DE SEGURANÇA FULL HD INTELBRAS VHD 1220 B G6 + DVR INTELBRAS 08 CANAIS FULL HD MHDX 3108 + HD WD PURPLE 1TB + ACESSÓRIOS","2º SEMESTRE 2021","Media","UNIDADE",null,null,null,2,2800,5600]
["AD5",null,35,"EQUIPAMENTOS DE PROCESSAMENTO DE DADOS",70,"INFORMÁTICA - EQUIPAMENTOS,  PEÇAS, ACESSÓRIOS E SUPRIMENTOSDE TIC",6350,"SISTEMAS DIVERSOS DE SINALIZAÇÃO, ALARME E DETECÇÃO PARA  SEGURANÇA","18261","SISTEMA SEGURANÇA"," CAMERA DE VIGILANCIA EXTERNA - ESPECIFICAÇÕES TÉCNICAS:     PIXELS EFETIVOS: 1280 (H) X 720 (V)  LINHAS HORIZONTAIS: 1280H  RESOLUÇÃO REAL: HD (720P) - MODO HDCVI, AHD E HDTVI - 600TVL - MODO ANALÓGICO (CVBS)  ALCANCE: IR 20 M  IR INTELIGENTE: SIM  LENTE: 2,8 MM  SAÍDA DE VÍDEO: BNC FÊMEA  ALIMENTAÇÃO CONECTOR: P4 FÊMEA  TENSÃO: 12 VCC . MODELO DE REFERENCIA: CÂMERA MULTI HD AHD 1 MEGA 2.8 MM VHD 1120 B G3 INTELBRAS","2º SEMESTRE 2021","Media","UNIDADE",null,null,null,5,200,1000]
["AD5",null,35,"EQUIPAMENTOS DE PROCESSAMENTO DE DADOS",70,"INFORMÁTICA - EQUIPAMENTOS,  PEÇAS, ACESSÓRIOS E SUPRIMENTOSDE TIC",7050,"EQUIPAMENTOS DE REDE DE TIC - LOCAL E REMOTA","00237","ROTEADOR","ROTEADOR WIRELESS DUAL BAND- ESPECIFICAÇÕES TÉCNICAS TIPO DE DISPOSITIVO ROTEADOR SEM FIO - SWITCH DE 4 PORTAS (INTEGRADO) TIPO DE CAIXA DESKTOP QTD DE PORTAS WAN 1 PROTOCOLO DE LINK DE DADOS ETHERNET, FAST ETHERNET, IEEE 802.11B, IEEE 802.11A, IEEE 802.11G, IEEE 802.11N, IEEE 802.11AC BANDA DE FREQUÊNCIA 2,4 GHZ / 5 GHZ TAXA DE TRANSFERÊNCIA DE DADOS 1.35 GBPS PROTOCOLO DE TRANSPORTE/REDE PPTP, L2TP, IPSEC, PPPOE, FTP, DHCP, DDNS CARACTERÍSTICAS PREVENÇÃO CONTRA ATAQUES DOS, SERVIDOR DA IMPRESSORA, FILTRO DE ENDEREÇOS MAC, SUPORTE IPV6, SUPORTE SISTEMA (WDS) DE DISTRIBUIÇÃO SEM FIO, CONTROLE PARENTAL, FILTRAGEM DE ENDEREÇO DE IP, APOIO DE MULTIMÉDIA WI-FI (WMM), SUPORTE DE SERVIDOR VIRTUAL, WI-FI PROTECTED SETUP (WPS), SERVIDOR DHCP, SUPORTE SAMBA, SERVIDOR FTP, REENCAMINHAMENTO DE PORTA, BOTÃO DE REINÍCIO, CONTROLO DE LARGURA DE BANDA, SUPORTE IPV4, CRIAÇÃO DE ROTAS, STATEFUL PACKET INSPECTION FIREWALL (SPIF), CLIENTE DHCP PADRÕES DE CONFORMIDADE IEEE 802.11B, IEEE 802.11A, IEEE 802.11G, IEEE 802.11N, UPNP, IEEE 802.11AC DIMENSÕES (LXPXA) 23 CM X 14.4 CM X 3.7 CM REQUISITOS DO SISTEMA UNIX, APPLE MACOS, NOVELL NETWARE, LINUX, MICROSOFT WINDOWS XP / VISTA / 7 / 8 / 8.1 / 10. MODELO DE REFERENCIA: TP-LINK AC1350","2º SEMESTRE 2021","Media","UNIDADE",null,null,null,5,500,2500]
["CIMH",1,36,"MAQUINAS, INSTALACOES E UTENS. DE ESCRITORIO",74,"MÁQUINAS PARA ESCRITÓRIO, SISTEMAS DE PROCESSAMENTO DE  TEX-TO E FICHÁRIOS DE CLASSIFICAÇÃO VISÍVEL",7490,"MÁQUINAS DIVERSAS PARA ESCRITÓRIO","15875","FOTOCOPIADORA IMPRESSORA","Impressora multifuncional a lazer 220V","1º SEMESTRE 2022","Alta","UNIDADE","INTEGRAL","CUSTO FINALÍSTICO - MATERIAL","Suprir necessidade das seções dessa OM.",1,3900,3900]
["CIMH",2,38,"MAQ., FERRAMENTAS E UTENSILIOS DE OFICINA",49,"EQUIPAMENTOS PARA OFICINAS DE MANUTENÇÃO E REPAROS",4940,"EQUIPAMENTO ESPECIALIZADO DIVERSOS PARA OFICINA  DE  MANUTENÇÃO E REPARO","06477","ELEVADOR ELÉTRICO DE VEÍCULO","Aquisição de elevador automotivo trifásico, Tensão: 220V","1º SEMESTRE 2022","Media","UNIDADE","INTEGRAL","CUSTO FINALÍSTICO - MATERIAL","Suprir necessidade de garagem dessa OM.",1,10200,10200]
["CIMH",6,38,"MAQ., FERRAMENTAS E UTENSILIOS DE OFICINA",49,"EQUIPAMENTOS PARA OFICINAS DE MANUTENÇÃO E REPAROS",4910,"EQUIPAMENTO ESPECIALIZADO PARA OFICINA DE MANUTENÇÃO E  REPARO DE VEÍCULOS MOTORIZADOS","04713","CAVALETE ENSAIO OFICINA","carrinho com ferramentas, 7 Gavetas- 2 Gavetas: 51 x26 x 55 cm- 5 Gavetas: 51 x26 x 85 cm","2º SEMESTRE 2022","Media","UNIDADE","INTEGRAL","CUSTO FINALÍSTICO - MATERIAL","Suprir necessidade de garagem dessa OM.",1,1500,1500]
["CIMH",5,38,"MAQ., FERRAMENTAS E UTENSILIOS DE OFICINA",73,"EQUIPAMENTOS PARA PREPARAR E SERVIR ALIMENTOS",7310,"EQUIPAMENTOS PARA COZINHAR, ASSAR E SERVIR ALIMENTOS","02932","AQUECEDOR DE XÍCARAS","Aquecedor de louças 220V, estrutura em aço inox","2º SEMESTRE 2022","Alta","UNIDADE","INTEGRAL","CUSTO FINALÍSTICO - MATERIAL","Suprir necessidade de Rancho dessa OM.",1,2900,2900]
["CIMH",4,38,"MAQ., FERRAMENTAS E UTENSILIOS DE OFICINA",49,"EQUIPAMENTOS PARA OFICINAS DE MANUTENÇÃO E REPAROS",4910,"EQUIPAMENTO ESPECIALIZADO PARA OFICINA DE MANUTENÇÃO E  REPARO DE VEÍCULOS MOTORIZADOS","16969","PEÇAS / ACESSÓRIOS EQUIPAMENTOS OFICINA MANUTENÇÃO","Chave de impacto pneumatica","1º SEMESTRE 2022","Media","UNIDADE","INTEGRAL","CUSTO FINALÍSTICO - MATERIAL","Suprir necessidade da da garagem dessa OM.",1,1590,1590]
["CIMH",3,12,"APARELHOS E UTENSILIOS DOMESTICOS",73,"EQUIPAMENTOS PARA PREPARAR E SERVIR ALIMENTOS",7310,"EQUIPAMENTOS PARA COZINHAR, ASSAR E SERVIR ALIMENTOS","08105","FRITADEIRA","Fritadeira elétrica, 220V 7L","2º SEMESTRE 2022","Media","UNIDADE","INTEGRAL","CUSTO FINALÍSTICO - MATERIAL","Suprir necessidade de Rancho dessa OM.",1,700,700]

{"sheet":"Consumo","index":2,"n_rows":1751,"n_cols":20,"rows_kept":1751,"cut":false,"hidden":false,"merged":[[0,0,1,2],[3,10,4,10],[3,11,4,11],[3,12,4,12],[2,1,4,1],[2,2,3,3],[2,4,2,19],[3,4,3,5],[3,6,3,7],[3,8,3,9],[3,16,4,16],[3,17,4,17],[3,18,4,18],[3,19,4,19],[3,13,4,13],[3,14,4,14],[3,15,4,15],[2,0,4,0]]}
["Selecione Para Atualizar:"]
[]
["OM","Prioridade","Subitem da Natureza de Despesa",null,"Retirado do Catálogo de Materiais - Material Consumo"]
[null,null,null,null,"Grupo de Materiais ",null,"Classe de Material",null,"Descrição do Material",null,"Descrição Sucinta","Dt Estimada Aquisição","Prioridade Aquisição","Unidade de Fornecimento","Forma Contratação","Custo","Objetivo Estratégico","Qtde estimada","Valor Unit","Valor Total"]
[null,null,"Código subitem","Descrição Subitem","Codigo Grupo","Descrição Grupo","Código Classe","Descrição Classe","CATMAT","Descrição Geral"]
["BASE",null,17,"MATERIAL DE PROCESSAMENTO DE DADOS",70,"INFORMÁTICA - EQUIPAMENTOS,  PEÇAS, ACESSÓRIOS E SUPRIMENTOSDE TIC",7080,"PEÇAS, ACESSÓRIOS E FERRAMENTAS PARA REDES DE TIC","00208","CABO REDE COMPUTADOR","Caixa de Cabo cat6","1º SEMESTRE 2021","Alta","CAIXA","INTEGRAL","CUSTO SUPORTE - MATERIAL","PDTI",10,800,8000]
["BASE",null,17,"MATERIAL DE PROCESSAMENTO DE DADOS",70,"INFORMÁTICA - EQUIPAMENTOS,  PEÇAS, ACESSÓRIOS E SUPRIMENTOSDE TIC",7080,"PEÇAS, ACESSÓRIOS E FERRAMENTAS PARA REDES DE TIC","00208","CABO REDE COMPUTADOR","Caixa de Cabo cat6 Blindado","1º SEMESTRE 2021","Alta","CAIXA","INTEGRAL","CUSTO SUPORTE - MATERIAL","PDTI",2,1200,2400]
["BASE",null,17,"MATERIAL DE PROCESSAMENTO DE DADOS",70,"INFORMÁTICA - EQUIPAMENTOS,  PEÇAS, ACESSÓRIOS E SUPRIMENTOSDE TIC",7030,"EQUIPAMENTOS DE ARMAZENAMENTO DE DADOS","00244","UNIDADE DISCO","Hard Disk (SSD)","1º SEMESTRE 2021","Alta","UNIDADE","INTEGRAL","CUSTO SUPORTE - MATERIAL","PDTI",250,500,125000]
["BASE",null,17,"MATERIAL DE PROCESSAMENTO DE DADOS",70,"INFORMÁTICA - EQUIPAMENTOS,  PEÇAS, ACESSÓRIOS E SUPRIMENTOSDE TIC",7030,"EQUIPAMENTOS DE ARMAZENAMENTO DE DADOS","00244","UNIDADE DISCO","Hard Disk (SATA)","1º SEMESTRE 2021","Alta","UNIDADE","INTEGRAL","CUSTO SUPORTE - MATERIAL","PDTI",15,380,5700]
["BASE",null,17,"MATERIAL DE PROCESSAMENTO DE DADOS",70,"INFORMÁTICA - EQUIPAMENTOS,  PEÇAS, ACESSÓRIOS E SUPRIMENTOSDE TIC",7060,"PEÇAS E ACESSÓRIOS PARA COMPUTADORES","05409","MOUSE COMPUTADOR","Mouse","1º SEMESTRE 2021","Alta","UNIDADE","INTEGRAL","CUSTO FINALÍSTICO - MATERIAL","PDTI",300,15,4500]
["BASE",null,17,"MATERIAL DE PROCESSAMENTO DE DADOS",70,"INFORMÁTICA - EQUIPAMENTOS,  PEÇAS, ACESSÓRIOS E SUPRIMENTOSDE TIC",7060,"PEÇAS E ACESSÓRIOS PARA COMPUTADORES","06669","MONITOR COMPUTADOR","Monitor de Compurador","1º SEMESTRE 2021","Alta","UNIDADE","INTEGRAL","CUSTO FINALÍSTICO - MATERIAL","PDTI",170,1000,170000]
["BASE",null,17,"MATERIAL DE PROCESSAMENTO DE DADOS",70,"INFORMÁTICA - EQUIPAMENTOS,  PEÇAS, ACESSÓRIOS E SUPRIMENTOSDE TIC",7060,"PEÇAS E ACESSÓRIOS PARA COMPUTADORES","16415","FONTE ESTAÇÃO TRABALHO","Fonte de Compurador","1º SEMESTRE 2021","Alta","UNIDADE","INTEGRAL","CUSTO FINALÍSTICO - MATERIAL","PDTI",70,110,7700]
["BASE",null,17,"MATERIAL DE PROCESSAMENTO DE DADOS",70,"INFORMÁTICA - EQUIPAMENTOS,  PEÇAS, ACESSÓRIOS E SUPRIMENTOSDE TIC",7060,"PEÇAS E ACESSÓRIOS PARA COMPUTADORES","00214","CONVERSOR VÍDEO","Adaptador DVI - VGA","2º SEMESTRE 2021","Alta","UNIDADE","INTEGRAL","CUSTO FINALÍSTICO - MATERIAL","PDTI",60,20,1200]
["BASE",null,17,"MATERIAL DE PROCESSAMENTO DE DADOS",70,"INFORMÁTICA - EQUIPAMENTOS,  PEÇAS, ACESSÓRIOS E SUPRIMENTOSDE TIC",7060,"PEÇAS E ACESSÓRIOS PARA COMPUTADORES","14256","PENTE DE MEMÓRIA","Memória DDR2","2º SEMESTRE 2021","Alta","UNIDADE","INTEGRAL","CUSTO FINALÍSTICO - MATERIAL","PDTI",20,110,2200]
["BASE",null,17,"MATERIAL DE PROCESSAMENTO DE DADOS",70,"INFORMÁTICA - EQUIPAMENTOS,  PEÇAS, ACESSÓRIOS E SUPRIMENTOSDE TIC",7060,"PEÇAS E ACESSÓRIOS PARA COMPUTADORES","14256","PENTE DE MEMÓRIA","Memória DDR3","1º SEMESTRE 2021","Alta","UNIDADE","INTEGRAL","CUSTO FINALÍSTICO - MATERIAL","PDTI",40,130,5200]
["BASE",null,17,"MATERIAL DE PROCESSAMENTO DE DADOS",70,"INFORMÁTICA - EQUIPAMENTOS,  PEÇAS, ACESSÓRIOS E SUPRIMENTOSDE TIC",7060,"PEÇAS E ACESSÓRIOS PARA COMPUTADORES","14256","PENTE DE MEMÓRIA","Memória DDR4","1º SEMESTRE 2021","Alta","UNIDADE","INTEGRAL","CUSTO FINALÍSTICO - MATERIAL","PDTI",40,130,5200]
["BASE",null,17,"MATERIAL DE PROCESSAMENTO DE DADOS",70,"INFORMÁTICA - EQUIPAMENTOS,  PEÇAS, ACESSÓRIOS E SUPRIMENTOSDE TIC",7060,"PEÇAS E ACESSÓRIOS PARA COMPUTADORES","00235","PLACA CONTROLADORA VÍDEO","Placa de Vídeo","2º SEMESTRE 2021","Alta","UNIDADE","INTEGRAL","CUSTO FINALÍSTICO - MATERIAL","PDTI",50,160,8000]
["BASE",1,17,"MATERIAL DE PROCESSAMENTO DE DADOS",70,"INFORMÁTICA - EQUIPAMENTOS,  PEÇAS, ACESSÓRIOS E SUPRIMENTOSDE TIC",7060,"PEÇAS E ACESSÓRIOS PARA COMPUTADORES","13510","TECLADO MICROCOMPUTADOR","Teclado","1º SEMESTRE 2021","Alta","UNIDADE","INTEGRAL","CUSTO FINALÍSTICO - MATERIAL","PDTI",300,35,10500]
["BASE",2,17,"MATERIAL DE PROCESSAMENTO DE DADOS",70,"INFORMÁTICA - EQUIPAMENTOS,  PEÇAS, ACESSÓRIOS E SUPRIMENTOSDE TIC",7060,"PEÇAS E ACESSÓRIOS PARA COMPUTADORES","15410","ADAPTADOR CONECTOR","RJ45","2º SEMESTRE 2021","Alta","PACOTE","INTEGRAL","CUSTO FINALÍSTICO - MATERIAL","PDTI",2000,0.3,600]
["BASE",3,17,"MATERIAL DE PROCESSAMENTO DE DADOS",70,"INFORMÁTICA - EQUIPAMENTOS,  PEÇAS, ACESSÓRIOS E SUPRIMENTOSDE TIC",7060,"PEÇAS E ACESSÓRIOS PARA COMPUTADORES","00214","CONVERSOR VÍDEO","Cabo HDMI","1º SEMESTRE 2021","Alta","UNIDADE","INTEGRAL","CUSTO FINALÍSTICO - MATERIAL","PDTI",60,80,4800]
["BASE",4,17,"MATERIAL DE PROCESSAMENTO DE DADOS",70,"INFORMÁTICA - EQUIPAMENTOS,  PEÇAS, ACESSÓRIOS E SUPRIMENTOSDE TIC",7080,"PEÇAS, ACESSÓRIOS E FERRAMENTAS PARA REDES DE TIC","14610","ANALISADOR CABEAMENTO REDE","Zumbidor","1º SEMESTRE 2021","Alta","UNIDADE","INTEGRAL","CUSTO FINALÍSTICO - MATERIAL","PDTI",2,130,260]
["BASE",5,17,"MATERIAL DE PROCESSAMENTO DE DADOS",70,"INFORMÁTICA - EQUIPAMENTOS,  PEÇAS, ACESSÓRIOS E SUPRIMENTOSDE TIC",7080,"PEÇAS, ACESSÓRIOS E FERRAMENTAS PARA REDES DE TIC","14755","ORGANIZADOR CABOS","\"Espiral Tube\"","1º SEMESTRE 2021","Media","METRO","INTEGRAL","CUSTO FINALÍSTICO - MATERIAL","PDTI",200,10,2000]
["BASE",6,17,"MATERIAL DE PROCESSAMENTO DE DADOS",70,"INFORMÁTICA - EQUIPAMENTOS,  PEÇAS, ACESSÓRIOS E SUPRIMENTOSDE TIC",7080,"PEÇAS, ACESSÓRIOS E FERRAMENTAS PARA REDES DE TIC","11508","REDE INFORMÁTICA - PEÇA / ACESSÓRIO","Patch Panel","1º SEMESTRE 2021","Baixa","UNIDADE","INTEGRAL","CUSTO FINALÍSTICO - MATERIAL","PDTI",10,300,3000]
["BASE",7,17,"MATERIAL DE PROCESSAMENTO DE DADOS",70,"INFORMÁTICA - EQUIPAMENTOS,  PEÇAS, ACESSÓRIOS E SUPRIMENTOSDE TIC",7080,"PEÇAS, ACESSÓRIOS E FERRAMENTAS PARA REDES DE TIC","00231","PLACA REDE","Placa de Rede","1º SEMESTRE 2021","Baixa","UNIDADE","INTEGRAL","CUSTO FINALÍSTICO - MATERIAL","PDTI",30,100,3000]
["BASE",8,17,"MATERIAL DE PROCESSAMENTO DE DADOS",59,"COMPONENTES DE EQUIPAMENTOS ELÉTRICOS E ELETRÔNICOS",5915,"FILTROS E REDES","07488","FILTRO LINHA","Filtro e Linha","1º SEMESTRE 2021","Alta","UNIDADE","INTEGRAL","CUSTO FINALÍSTICO - MATERIAL","PDTI",100,50,5000]
["BASE",4,47,"AQUISICAO DE SOFTWARES DE BASE",70,"INFORMÁTICA - EQUIPAMENTOS,  PEÇAS, ACESSÓRIOS E SUPRIMENTOSDE TIC",7099,"OUTROS","12100","SISTEMA  ( EQUIPAMENTO / SOFTWARE ) GERENCIAMENTO","ADOBE CREATIVE","1º SEMESTRE 2021","Alta","PACOTE",null,null,null,2,6500,13000]
["BASE",5,4,"GAS E OUTROS MATERIAIS ENGARRAFADOS",45,"EQUIPAMENTO DE INSTALAÇÕES HIDRÁULICAS E DE AQUECIMENTO",4520,"EQUIPAMENTOS PARA CALEFAÇÃO E AQUECEDORES DOMÉSTICOS DE ÁGUA","02918","AQUECEDOR DE AGUA A GAS","Aquecedor dos alojamentos","1º SEMESTRE 2021","Alta","METRO CÚBICO",null,null,null,10,195,1950]
["BASE",6,22,"MATERIAL DE LIMPEZA E PROD. DE HIGIENIZAÇÃO",79,"EQUIPAMENTOS E MATERIAIS PARA LIMPEZA",7920,"VASSOURAS, ESCOVAS, RODOS, ESPONJAS E ESFREGÕES","13327","VASSOURA","Vassoura","1º SEMESTRE 2021","Baixa","UNIDADE",null,null,null,40,12,480]
["BASE",7,22,"MATERIAL DE LIMPEZA E PROD. DE HIGIENIZAÇÃO",79,"EQUIPAMENTOS E MATERIAIS PARA LIMPEZA",7930,"COMPOSTOS E PREPARADOS PARA LIMPEZA E POLIMENTO","11865","SABÃO PÓ","sabão em pó","1º SEMESTRE 2021","Media","CAIXA",null,null,null,50,9.5,475]
["BASE",8,22,"MATERIAL DE LIMPEZA E PROD. DE HIGIENIZAÇÃO",79,"EQUIPAMENTOS E MATERIAIS PARA LIMPEZA",7930,"COMPOSTOS E PREPARADOS PARA LIMPEZA E POLIMENTO","14576","AROMATIZANTE AMBIENTAL","frasco em aerossol","2º SEMESTRE 2021","Baixa","UNIDADE",null,null,null,100,6.5,650]
["BASE",9,26,"MATERIAL ELETRICO E ELETRONICO",70,"INFORMÁTICA - EQUIPAMENTOS,  PEÇAS, ACESSÓRIOS E SUPRIMENTOSDE TIC",7060,"PEÇAS E ACESSÓRIOS PARA COMPUTADORES","15410","ADAPTADOR CONECTOR","Adaptador para USB","2º SEMESTRE 2021","Media","UNIDADE",null,null,null,80,12,960]
["BASE",10,26,"MATERIAL ELETRICO E ELETRONICO",46,"EQUIPAMENTOS PARA PURIFICAÇÃO DE ÁGUAS E TRATAMENTO DE ESGO-TOS",4610,"EQUIPAMENTOS PARA PURIFICAÇÃO DE ÁGUA","13361","VELA DE FILTRO","Vela para filtro Libel ","1º SEMESTRE 2021","Alta","UNIDADE",null,null,null,12,50,600]
["BASE",11,41,"MATERIAL P/ UTILIZACAO EM GRAFICA",76,"LIVROS, MAPAS E OUTRAS PUBLICAÇÕES",7690,"IMPRESSOS DIVERSOS","08306","IMPRESSO PRONTO","conforme demanda E7","1º SEMESTRE 2021","Media","FOLHA",null,null,null,20,80,1600]
["BASE",12,22,"MATERIAL DE LIMPEZA E PROD. DE HIGIENIZAÇÃO",79,"EQUIPAMENTOS E MATERIAIS PARA LIMPEZA",7930,"COMPOSTOS E PREPARADOS PARA LIMPEZA E POLIMENTO","11200","SOLUÇÃO LIMPEZA MULTIUSO","Limpeza de vidros","2º SEMESTRE 2021","Baixa","VASILHAME",null,null,null,100,5.3,530]
["BASE",13,22,"MATERIAL DE LIMPEZA E PROD. DE HIGIENIZAÇÃO",79,"EQUIPAMENTOS E MATERIAIS PARA LIMPEZA",7930,"COMPOSTOS E PREPARADOS PARA LIMPEZA E POLIMENTO","06136","DETERGENTE","Líquido 500 ml","1º SEMESTRE 2021","Baixa","VASILHAME",null,null,null,300,8,2400]
["BASE",14,16,"MATERIAL DE EXPEDIENTE",79,"EQUIPAMENTOS E MATERIAIS PARA LIMPEZA",7930,"COMPOSTOS E PREPARADOS PARA LIMPEZA E POLIMENTO","16496","LIMPA PNEU","Líquido 500 ml","2º SEMESTRE 2021","Baixa","VASILHAME",null,null,null,100,4,400]
["BASE",15,41,"MATERIAL P/ UTILIZACAO EM GRAFICA",99,"DIVERSOS",9999,"ITENS DIVERSOS","17350","BRINDE","Impressão gráfica folheto","1º SEMESTRE 2021","Media","UNIDADE",null,null,null,2500,1.25,3125]
["BASE",16,22,"MATERIAL DE LIMPEZA E PROD. DE HIGIENIZAÇÃO",85,"ARTIGOS DE HIGIENE",8540,"ARTIGOS DE PAPEL PARA HIGIENE","10383","PAPEL HIGIÊNICO",null,"2º SEMESTRE 2021","Media","FARDO",null,null,null,1000,4.3,4300]
["BASE",17,22,"MATERIAL DE LIMPEZA E PROD. DE HIGIENIZAÇÃO",85,"ARTIGOS DE HIGIENE",8540,"ARTIGOS DE PAPEL PARA HIGIENE","08122","GUARDANAPO DE PAPEL",null,"2º SEMESTRE 2021","Media","FARDO",null,null,null,1000,8,8000]
["BASE",1,22,"MATERIAL DE LIMPEZA E PROD. DE HIGIENIZAÇÃO",91,"COMBUSTÍVEIS, LUBRIFICANTES, ÓLEOS E CERAS",7930,"COMPOSTOS E PREPARADOS PARA LIMPEZA E POLIMENTO","",null,"QUEROSENE 5L",null,null,"GALÃO","INTEGRAL","CUSTO SUPORTE - MATERIAL",null,300,7.5,2250]
["BASE",2,22,"MATERIAL DE LIMPEZA E PROD. DE HIGIENIZAÇÃO",79,"EQUIPAMENTOS E MATERIAIS PARA LIMPEZA",7920,"VASSOURAS, ESCOVAS, RODOS, ESPONJAS E ESFREGÕES","11781","RODO","RODO",2022,null,"UNIDADE","INTEGRAL","CUSTO SUPORTE - MATERIAL",null,300,3.47,1041]
["BASE",3,22,"MATERIAL DE LIMPEZA E PROD. DE HIGIENIZAÇÃO",79,"EQUIPAMENTOS E MATERIAIS PARA LIMPEZA",7930,"COMPOSTOS E PREPARADOS PARA LIMPEZA E POLIMENTO","11867","SABAO LIQUIDO","SABONETE LÍQUIDO",2022,null,"GALÃO","INTEGRAL","CUSTO SUPORTE - MATERIAL",null,300,8.5,2550]
["BASE",4,22,"MATERIAL DE LIMPEZA E PROD. DE HIGIENIZAÇÃO",79,"EQUIPAMENTOS E MATERIAIS PARA LIMPEZA",7930,"COMPOSTOS E PREPARADOS PARA LIMPEZA E POLIMENTO","11867","SABAO LIQUIDO","SABÃO LIQUIDO 5L",2022,null,"GALÃO","INTEGRAL","CUSTO SUPORTE - MATERIAL",null,200,2.74,548]
["BASE",5,22,"MATERIAL DE LIMPEZA E PROD. DE HIGIENIZAÇÃO",79,"EQUIPAMENTOS E MATERIAIS PARA LIMPEZA",7930,"COMPOSTOS E PREPARADOS PARA LIMPEZA E POLIMENTO","11865","SABÃO PÓ","SABÃO PÓ 1KG",2022,null,"GRAMAS","INTEGRAL","CUSTO SUPORTE - MATERIAL",null,1500,2.6,3900]
["BASE",6,25,"MATERIAL P/ MANUTENCAO DE BENS MOVEIS",81,"RECIPIENTES E MATERIAIS PARA ACONDICIONAMENTO E EMBALAGEM",8105,"SACOS E BOLSAS","11903","SACO PLÁSTICO LIXO","SACO DE LIXO PRETO 20 L C/ 100UN",2022,null,"PACOTE","INTEGRAL","CUSTO SUPORTE - MATERIAL",null,1500,1.04,1560]
["BASE",7,22,"MATERIAL DE LIMPEZA E PROD. DE HIGIENIZAÇÃO",79,"EQUIPAMENTOS E MATERIAIS PARA LIMPEZA",7920,"VASSOURAS, ESCOVAS, RODOS, ESPONJAS E ESFREGÕES","11903","SACO PLÁSTICO LIXO","SACO DE LIXO AZUL  20 L C/ 100UN",2022,null,"PACOTE","INTEGRAL","CUSTO SUPORTE - MATERIAL",null,1500,1.02,1530]
["BASE",8,22,"MATERIAL DE LIMPEZA E PROD. DE HIGIENIZAÇÃO",79,"EQUIPAMENTOS E MATERIAIS PARA LIMPEZA",7920,"VASSOURAS, ESCOVAS, RODOS, ESPONJAS E ESFREGÕES","11903","SACO PLÁSTICO LIXO","SACO DE LIXO PRETO 50 L C/ 100UN",2022,null,"PACOTE","INTEGRAL","CUSTO SUPORTE - MATERIAL",null,1000,1.03,1030]
["BASE",9,22,"MATERIAL DE LIMPEZA E PROD. DE HIGIENIZAÇÃO",79,"EQUIPAMENTOS E MATERIAIS PARA LIMPEZA",7920,"VASSOURAS, ESCOVAS, RODOS, ESPONJAS E ESFREGÕES","11903","SACO PLÁSTICO LIXO","SACO DE LIXO AZUL 50 L C/ 100UN",2022,null,"PACOTE","INTEGRAL","CUSTO SUPORTE - MATERIAL",null,1000,1.04,1040]
["BASE",10,22,"MATERIAL DE LIMPEZA E PROD. DE HIGIENIZAÇÃO",79,"EQUIPAMENTOS E MATERIAIS PARA LIMPEZA",7920,"VASSOURAS, ESCOVAS, RODOS, ESPONJAS E ESFREGÕES","11903","SACO PLÁSTICO LIXO","SACO DE LIXO PRETO 100 L C/ 100UN",2022,null,"PACOTE","INTEGRAL","CUSTO SUPORTE - MATERIAL",null,2000,1.2,2400]
["BASE",11,22,"MATERIAL DE LIMPEZA E PROD. DE HIGIENIZAÇÃO",79,"EQUIPAMENTOS E MATERIAIS PARA LIMPEZA",7920,"VASSOURAS, ESCOVAS, RODOS, ESPONJAS E ESFREGÕES","11903","SACO PLÁSTICO LIXO","SACO DE LIXO AZUL 100 L C/ 100UN",2022,null,"PACOTE","INTEGRAL","CUSTO SUPORTE - MATERIAL",null,2000,1.23,2460]
["BASE",12,22,"MATERIAL DE LIMPEZA E PROD. DE HIGIENIZAÇÃO",79,"EQUIPAMENTOS E MATERIAIS PARA LIMPEZA",7920,"VASSOURAS, ESCOVAS, RODOS, ESPONJAS E ESFREGÕES","04583","CARRINHO LIMPEZA MULTIFUNÇÃO","TOALHA DE PAPEL PCT C/ 02 ROLOS",2022,null,"PACOTE","INTEGRAL","CUSTO SUPORTE - MATERIAL",null,2000,2.63,5260]
["BASE",13,22,"MATERIAL DE LIMPEZA E PROD. DE HIGIENIZAÇÃO",79,"EQUIPAMENTOS E MATERIAIS PARA LIMPEZA",7920,"VASSOURAS, ESCOVAS, RODOS, ESPONJAS E ESFREGÕES","17729","PRENDEDOR DE CABELO","TOUCA DESCARTÁVEL TNT CLIPADA / Nº 19 C/ 100 UN",2022,null,"PACOTE","INTEGRAL","CUSTO SUPORTE - MATERIAL",null,400,7.35,2940]
["BASE",14,22,"MATERIAL DE LIMPEZA E PROD. DE HIGIENIZAÇÃO",79,"EQUIPAMENTOS E MATERIAIS PARA LIMPEZA",7920,"VASSOURAS, ESCOVAS, RODOS, ESPONJAS E ESFREGÕES","13327","VASSOURA","VASSOURA NYLON",2022,null,"UNIDADE","INTEGRAL","CUSTO SUPORTE - MATERIAL",null,250,3.25,812.5]
["BASE",15,22,"MATERIAL DE LIMPEZA E PROD. DE HIGIENIZAÇÃO",79,"EQUIPAMENTOS E MATERIAIS PARA LIMPEZA",7920,"VASSOURAS, ESCOVAS, RODOS, ESPONJAS E ESFREGÕES","13327","VASSOURA","VASSOURA PELO SINTÉTICO ",2022,null,"UNIDADE","INTEGRAL","CUSTO SUPORTE - MATERIAL",null,80,3.85,308]
["BASE",16,22,"MATERIAL DE LIMPEZA E PROD. DE HIGIENIZAÇÃO",79,"EQUIPAMENTOS E MATERIAIS PARA LIMPEZA",7920,"VASSOURAS, ESCOVAS, RODOS, ESPONJAS E ESFREGÕES","13327","VASSOURA","VASSOURA TIPO PIAÇAVA",2022,null,"UNIDADE","INTEGRAL","CUSTO SUPORTE - MATERIAL",null,80,3.12,249.6]
["BASE",1,9,"MATERIAL FARMACOLOGICO",65,"EQUIPAMENTOS E ARTIGOS PARA USO MÉDICO, DENTÁRIO E VETERINÁ-RIO",6505,"DROGAS E MEDICAMENTOS","18232","acetilcisteína","Acetilcisteína 40 mg/ml ","1º SEMESTRE 2022","Alta","FRASCO","INTEGRAL","CUSTO FINALÍSTICO - MATERIAL","PARA MANTER O ESTOQUE DA ENFERMARIA ABASTECIDO",50,7.8,390]
["BASE",2,9,"MATERIAL FARMACOLOGICO",65,"EQUIPAMENTOS E ARTIGOS PARA USO MÉDICO, DENTÁRIO E VETERINÁ-RIO",6505,"DROGAS E MEDICAMENTOS","01854","aciclovir","Aciclovir, dosagem 200 mg","1º SEMESTRE 2022","Baixa","CÁPSULA","INTEGRAL","CUSTO FINALÍSTICO - MATERIAL","PARA MANTER O ESTOQUE DA ENFERMARIA ABASTECIDO",300,0.28000000000000003,84]
["BASE",3,9,"MATERIAL FARMACOLOGICO",65,"EQUIPAMENTOS E ARTIGOS PARA USO MÉDICO, DENTÁRIO E VETERINÁ-RIO",6505,"DROGAS E MEDICAMENTOS","01854","aciclovir","Aciclovir, dosagem 50 mg/g","1º SEMESTRE 2022","Alta","BISNAGA","INTEGRAL","CUSTO FINALÍSTICO - MATERIAL","PARA MANTER O ESTOQUE DA ENFERMARIA ABASTECIDO",200,2.74,548]
["BASE",4,9,"MATERIAL FARMACOLOGICO",65,"EQUIPAMENTOS E ARTIGOS PARA USO MÉDICO, DENTÁRIO E VETERINÁ-RIO",6505,"DROGAS E MEDICAMENTOS","17914","ÁCIDO ACETILSALICÍLICO","Ácido acetilsalicitico, dosagem 100mg","1º SEMESTRE 2022","Alta","CÁPSULA","INTEGRAL","CUSTO FINALÍSTICO - MATERIAL","PARA MANTER O ESTOQUE DA ENFERMARIA ABASTECIDO",200,0.06,12]
["BASE",5,9,"MATERIAL FARMACOLOGICO",65,"EQUIPAMENTOS E ARTIGOS PARA USO MÉDICO, DENTÁRIO E VETERINÁ-RIO",6505,"DROGAS E MEDICAMENTOS","19287","albendazol","Albendazol","1º SEMESTRE 2022","Baixa","CÁPSULA","INTEGRAL","CUSTO FINALÍSTICO - MATERIAL","PARA MANTER O ESTOQUE DA ENFERMARIA ABASTECIDO",200,0.4,80]
["BASE",6,9,"MATERIAL FARMACOLOGICO",65,"EQUIPAMENTOS E ARTIGOS PARA USO MÉDICO, DENTÁRIO E VETERINÁ-RIO",6505,"DROGAS E MEDICAMENTOS","18739","amoxicilina","Amoxicilina + clavulanato ","1º SEMESTRE 2022","Baixa","CÁPSULA","INTEGRAL","CUSTO FINALÍSTICO - MATERIAL","PARA MANTER O ESTOQUE DA ENFERMARIA ABASTECIDO",1400,2.15,3010]
["BASE",7,9,"MATERIAL FARMACOLOGICO",65,"EQUIPAMENTOS E ARTIGOS PARA USO MÉDICO, DENTÁRIO E VETERINÁ-RIO",6505,"DROGAS E MEDICAMENTOS","18739","amoxicilina","Amoxicilina, dosagem 500mg","1º SEMESTRE 2022","Baixa","CÁPSULA","INTEGRAL","CUSTO FINALÍSTICO - MATERIAL","PARA MANTER O ESTOQUE DA ENFERMARIA ABASTECIDO",50,9.5,475]
["BASE",8,9,"MATERIAL FARMACOLOGICO",65,"EQUIPAMENTOS E ARTIGOS PARA USO MÉDICO, DENTÁRIO E VETERINÁ-RIO",6505,"DROGAS E MEDICAMENTOS","",null,"Azitromicina, dosagem 500 mg","1º SEMESTRE 2022","Baixa","CÁPSULA","INTEGRAL","CUSTO FINALÍSTICO - MATERIAL","PARA MANTER O ESTOQUE DA ENFERMARIA ABASTECIDO",400,0.53,212]
["BASE",9,9,"MATERIAL FARMACOLOGICO",65,"EQUIPAMENTOS E ARTIGOS PARA USO MÉDICO, DENTÁRIO E VETERINÁ-RIO",6505,"DROGAS E MEDICAMENTOS","",null,"Benzilpenicilina, dosagem 1.200.000UI","1º SEMESTRE 2022","Media","FRASCO","INTEGRAL","CUSTO FINALÍSTICO - MATERIAL","PARA MANTER O ESTOQUE DA ENFERMARIA ABASTECIDO",200,9.44,1888]
["BASE",10,9,"MATERIAL FARMACOLOGICO",65,"EQUIPAMENTOS E ARTIGOS PARA USO MÉDICO, DENTÁRIO E VETERINÁ-RIO",6505,"DROGAS E MEDICAMENTOS","",null,"Betametasona, composição: dipropionato, apresentação: associada com betametasona fosfato, dosagem: 5mg + 2mg, uso: injetável","1º SEMESTRE 2022","Alta","AMPOLA","INTEGRAL","CUSTO FINALÍSTICO - MATERIAL","PARA MANTER O ESTOQUE DA ENFERMARIA ABASTECIDO",200,3.82,764]
["BASE",11,9,"MATERIAL FARMACOLOGICO",65,"EQUIPAMENTOS E ARTIGOS PARA USO MÉDICO, DENTÁRIO E VETERINÁ-RIO",6505,"DROGAS E MEDICAMENTOS","",null,"Bromoprida, dosagem: 10 mg","1º SEMESTRE 2022","Alta","AMPOLA","INTEGRAL","CUSTO FINALÍSTICO - MATERIAL","PARA MANTER O ESTOQUE DA ENFERMARIA ABASTECIDO",200,1.2,240]
["BASE",12,9,"MATERIAL FARMACOLOGICO",65,"EQUIPAMENTOS E ARTIGOS PARA USO MÉDICO, DENTÁRIO E VETERINÁ-RIO",6505,"DROGAS E MEDICAMENTOS","",null,"Budesonida, apresentação: aerossol nasal, concentração: 32mcg,dose, características adicionais: frasco com válvula dosificadora","1º SEMESTRE 2022","Media","FRASCO","INTEGRAL","CUSTO FINALÍSTICO - MATERIAL","PARA MANTER O ESTOQUE DA ENFERMARIA ABASTECIDO",50,12.8,640]
["BASE",13,9,"MATERIAL FARMACOLOGICO",65,"EQUIPAMENTOS E ARTIGOS PARA USO MÉDICO, DENTÁRIO E VETERINÁ-RIO",6505,"DROGAS E MEDICAMENTOS","",null,"Butilbrometo de escopolamina + dipirona sódica (buscopan composto), dosagem 4mg/ml + 500mg/ml","1º SEMESTRE 2022","Alta","AMPOLA","INTEGRAL","CUSTO FINALÍSTICO - MATERIAL","PARA MANTER O ESTOQUE DA ENFERMARIA ABASTECIDO",200,1.48,296]
["BASE",14,9,"MATERIAL FARMACOLOGICO",65,"EQUIPAMENTOS E ARTIGOS PARA USO MÉDICO, DENTÁRIO E VETERINÁ-RIO",6505,"DROGAS E MEDICAMENTOS","",null,"Butilbrometo de escopolamina 20mg/ml","1º SEMESTRE 2022","Alta","AMPOLA","INTEGRAL","CUSTO FINALÍSTICO - MATERIAL","PARA MANTER O ESTOQUE DA ENFERMARIA ABASTECIDO",200,0.9,180]
["BASE",15,9,"MATERIAL FARMACOLOGICO",65,"EQUIPAMENTOS E ARTIGOS PARA USO MÉDICO, DENTÁRIO E VETERINÁ-RIO",6505,"DROGAS E MEDICAMENTOS","",null,"Captopril, dosagem 25mg","1º SEMESTRE 2022","Alta","CÁPSULA","INTEGRAL","CUSTO FINALÍSTICO - MATERIAL","PARA MANTER O ESTOQUE DA ENFERMARIA ABASTECIDO",50,7.0000000000000007E-2,3.5]
["BASE",16,9,"MATERIAL FARMACOLOGICO",65,"EQUIPAMENTOS E ARTIGOS PARA USO MÉDICO, DENTÁRIO E VETERINÁ-RIO",6505,"DROGAS E MEDICAMENTOS","",null,"Cefalexina, dosagem: 500 mg","1º SEMESTRE 2022","Alta","CÁPSULA","INTEGRAL","CUSTO FINALÍSTICO - MATERIAL","PARA MANTER O ESTOQUE DA ENFERMARIA ABASTECIDO",500,0.4,200]
["BASE",17,9,"MATERIAL FARMACOLOGICO",65,"EQUIPAMENTOS E ARTIGOS PARA USO MÉDICO, DENTÁRIO E VETERINÁ-RIO",6505,"DROGAS E MEDICAMENTOS","",null,"Ceftriaxona sódica, concentração: 1 g, forma farmaceutica: pó p, solução injetável","1º SEMESTRE 2022","Media","FRASCO","INTEGRAL","CUSTO FINALÍSTICO - MATERIAL","PARA MANTER O ESTOQUE DA ENFERMARIA ABASTECIDO",200,8,1600]
["BASE",18,9,"MATERIAL FARMACOLOGICO",65,"EQUIPAMENTOS E ARTIGOS PARA USO MÉDICO, DENTÁRIO E VETERINÁ-RIO",6505,"DROGAS E MEDICAMENTOS","",null,"Cetoprofeno injetável, intramuscular, dosagem 50mg/2ml","1º SEMESTRE 2022","Alta","AMPOLA","INTEGRAL","CUSTO FINALÍSTICO - MATERIAL","PARA MANTER O ESTOQUE DA ENFERMARIA ABASTECIDO",400,1.43,572]
["BASE",19,9,"MATERIAL FARMACOLOGICO",65,"EQUIPAMENTOS E ARTIGOS PARA USO MÉDICO, DENTÁRIO E VETERINÁ-RIO",6505,"DROGAS E MEDICAMENTOS","",null,"Cetoprofeno, concentraçao: 100 mg, endovenoso","1º SEMESTRE 2022","Baixa","FRASCO","INTEGRAL","CUSTO FINALÍSTICO - MATERIAL","PARA MANTER O ESTOQUE DA ENFERMARIA ABASTECIDO",200,3.63,726]
["BASE",20,9,"MATERIAL FARMACOLOGICO",65,"EQUIPAMENTOS E ARTIGOS PARA USO MÉDICO, DENTÁRIO E VETERINÁ-RIO",6505,"DROGAS E MEDICAMENTOS","",null,"Cetoprofeno, dosagem 100 mg","1º SEMESTRE 2022","Media","CÁPSULA","INTEGRAL","CUSTO FINALÍSTICO - MATERIAL","PARA MANTER O ESTOQUE DA ENFERMARIA ABASTECIDO",500,1.21,605]
["BASE",21,9,"MATERIAL FARMACOLOGICO",65,"EQUIPAMENTOS E ARTIGOS PARA USO MÉDICO, DENTÁRIO E VETERINÁ-RIO",6505,"DROGAS E MEDICAMENTOS","",null,"Ciprofloxacino + desametasona","1º SEMESTRE 2022","Media","FRASCO","INTEGRAL","CUSTO FINALÍSTICO - MATERIAL","PARA MANTER O ESTOQUE DA ENFERMARIA ABASTECIDO",50,10.42,521]
["BASE",22,9,"MATERIAL FARMACOLOGICO",65,"EQUIPAMENTOS E ARTIGOS PARA USO MÉDICO, DENTÁRIO E VETERINÁ-RIO",6505,"DROGAS E MEDICAMENTOS","",null,"Ciprofloxacino dosagem 500mg","1º SEMESTRE 2022","Baixa","CÁPSULA","INTEGRAL","CUSTO FINALÍSTICO - MATERIAL","PARA MANTER O ESTOQUE DA ENFERMARIA ABASTECIDO",500,0.24,120]
["BASE",23,9,"MATERIAL FARMACOLOGICO",65,"EQUIPAMENTOS E ARTIGOS PARA USO MÉDICO, DENTÁRIO E VETERINÁ-RIO",6505,"DROGAS E MEDICAMENTOS","",null,"Clonazepam 2mg","1º SEMESTRE 2022","Alta","CÁPSULA","INTEGRAL","CUSTO FINALÍSTICO - MATERIAL","PARA MANTER O ESTOQUE DA ENFERMARIA ABASTECIDO",60,0.08,4.8]
["BASE",24,9,"MATERIAL FARMACOLOGICO",65,"EQUIPAMENTOS E ARTIGOS PARA USO MÉDICO, DENTÁRIO E VETERINÁ-RIO",6505,"DROGAS E MEDICAMENTOS","",null,"Clopidogrel, dosagem 75 mg","1º SEMESTRE 2022","Media","CÁPSULA","INTEGRAL","CUSTO FINALÍSTICO - MATERIAL","PARA MANTER O ESTOQUE DA ENFERMARIA ABASTECIDO",200,0.62,124]
["BASE",25,9,"MATERIAL FARMACOLOGICO",65,"EQUIPAMENTOS E ARTIGOS PARA USO MÉDICO, DENTÁRIO E VETERINÁ-RIO",6505,"DROGAS E MEDICAMENTOS","",null,"Cloridrato de Fexofenadina 120mg","1º SEMESTRE 2022","Media","CÁPSULA","INTEGRAL","CUSTO FINALÍSTICO - MATERIAL","PARA MANTER O ESTOQUE DA ENFERMARIA ABASTECIDO",200,0.93,186]
["BASE",26,9,"MATERIAL FARMACOLOGICO",65,"EQUIPAMENTOS E ARTIGOS PARA USO MÉDICO, DENTÁRIO E VETERINÁ-RIO",6505,"DROGAS E MEDICAMENTOS","",null,"Cloridrato de lidocaína","1º SEMESTRE 2022","Media","AMPOLA","INTEGRAL","CUSTO FINALÍSTICO - MATERIAL","PARA MANTER O ESTOQUE DA ENFERMARIA ABASTECIDO",100,0.8,80]
["BASE",27,9,"MATERIAL FARMACOLOGICO",65,"EQUIPAMENTOS E ARTIGOS PARA USO MÉDICO, DENTÁRIO E VETERINÁ-RIO",6505,"DROGAS E MEDICAMENTOS","",null,"Cloridrato De Prometazina 25 Mg","1º SEMESTRE 2022","Alta","CÁPSULA","INTEGRAL","CUSTO FINALÍSTICO - MATERIAL","PARA MANTER O ESTOQUE DA ENFERMARIA ABASTECIDO",100,0.21,21]
["BASE",28,9,"MATERIAL FARMACOLOGICO",65,"EQUIPAMENTOS E ARTIGOS PARA USO MÉDICO, DENTÁRIO E VETERINÁ-RIO",6505,"DROGAS E MEDICAMENTOS","",null,"Cloridrato de ranitida, dosagem 150mg","1º SEMESTRE 2022","Alta","CÁPSULA","INTEGRAL","CUSTO FINALÍSTICO - MATERIAL","PARA MANTER O ESTOQUE DA ENFERMARIA ABASTECIDO",100,0.18,18]
["BASE",29,9,"MATERIAL FARMACOLOGICO",65,"EQUIPAMENTOS E ARTIGOS PARA USO MÉDICO, DENTÁRIO E VETERINÁ-RIO",6505,"DROGAS E MEDICAMENTOS","",null,"Cloridrato de ranitida, dosagem 50mg/2ml","1º SEMESTRE 2022","Alta","AMPOLA","INTEGRAL","CUSTO FINALÍSTICO - MATERIAL","PARA MANTER O ESTOQUE DA ENFERMARIA ABASTECIDO",200,0.63,126]
["BASE",30,9,"MATERIAL FARMACOLOGICO",65,"EQUIPAMENTOS E ARTIGOS PARA USO MÉDICO, DENTÁRIO E VETERINÁ-RIO",6505,"DROGAS E MEDICAMENTOS","",null,"Cloridrato de Tramadol, dosagem 50 mg","1º SEMESTRE 2022","Media","CÁPSULA","INTEGRAL","CUSTO FINALÍSTICO - MATERIAL","PARA MANTER O ESTOQUE DA ENFERMARIA ABASTECIDO",100,0.17,17]
["BASE",31,9,"MATERIAL FARMACOLOGICO",65,"EQUIPAMENTOS E ARTIGOS PARA USO MÉDICO, DENTÁRIO E VETERINÁ-RIO",6505,"DROGAS E MEDICAMENTOS","",null,"Cloridrato de Tramadol, dosagem 50mg/2ml","1º SEMESTRE 2022","Media","AMPOLA","INTEGRAL","CUSTO FINALÍSTICO - MATERIAL","PARA MANTER O ESTOQUE DA ENFERMARIA ABASTECIDO",200,1.21,242]
["BASE",32,9,"MATERIAL FARMACOLOGICO",65,"EQUIPAMENTOS E ARTIGOS PARA USO MÉDICO, DENTÁRIO E VETERINÁ-RIO",6505,"DROGAS E MEDICAMENTOS","",null,"Dexametasona creme, dosagem 10 g","1º SEMESTRE 2022","Media","BISNAGA","INTEGRAL","CUSTO FINALÍSTICO - MATERIAL","PARA MANTER O ESTOQUE DA ENFERMARIA ABASTECIDO",100,0.3,30]
["BASE",33,9,"MATERIAL FARMACOLOGICO",65,"EQUIPAMENTOS E ARTIGOS PARA USO MÉDICO, DENTÁRIO E VETERINÁ-RIO",6505,"DROGAS E MEDICAMENTOS","",null,"Dexametasona dosagem 0,5 mg","1º SEMESTRE 2022","Alta","CÁPSULA","INTEGRAL","CUSTO FINALÍSTICO - MATERIAL","PARA MANTER O ESTOQUE DA ENFERMARIA ABASTECIDO",500,0.36,180]
["BASE",34,9,"MATERIAL FARMACOLOGICO",65,"EQUIPAMENTOS E ARTIGOS PARA USO MÉDICO, DENTÁRIO E VETERINÁ-RIO",6505,"DROGAS E MEDICAMENTOS","",null,"Dexametasona, dosagem: 4 mg,ml, solução injetável","1º SEMESTRE 2022","Alta","AMPOLA","INTEGRAL","CUSTO FINALÍSTICO - MATERIAL","PARA MANTER O ESTOQUE DA ENFERMARIA ABASTECIDO",200,0.79,158]
["BASE",35,9,"MATERIAL FARMACOLOGICO",65,"EQUIPAMENTOS E ARTIGOS PARA USO MÉDICO, DENTÁRIO E VETERINÁ-RIO",6505,"DROGAS E MEDICAMENTOS","",null,"dexclorfeniramina 2mg","1º SEMESTRE 2022","Alta","CÁPSULA","INTEGRAL","CUSTO FINALÍSTICO - MATERIAL","PARA MANTER O ESTOQUE DA ENFERMARIA ABASTECIDO",200,0.09,18]
["BASE",36,9,"MATERIAL FARMACOLOGICO",65,"EQUIPAMENTOS E ARTIGOS PARA USO MÉDICO, DENTÁRIO E VETERINÁ-RIO",6505,"DROGAS E MEDICAMENTOS","",null,"Diazepam, dosagem 10 mg","1º SEMESTRE 2022","Alta","CÁPSULA","INTEGRAL","CUSTO FINALÍSTICO - MATERIAL","PARA MANTER O ESTOQUE DA ENFERMARIA ABASTECIDO",100,0.1,10]
["BASE",37,9,"MATERIAL FARMACOLOGICO",65,"EQUIPAMENTOS E ARTIGOS PARA USO MÉDICO, DENTÁRIO E VETERINÁ-RIO",6505,"DROGAS E MEDICAMENTOS","",null,"Diazepam, Dosagem 5 Mg/Ml ","1º SEMESTRE 2022","Alta","AMPOLA","INTEGRAL","CUSTO FINALÍSTICO - MATERIAL","PARA MANTER O ESTOQUE DA ENFERMARIA ABASTECIDO",50,0.7,35]
["BASE",38,9,"MATERIAL FARMACOLOGICO",65,"EQUIPAMENTOS E ARTIGOS PARA USO MÉDICO, DENTÁRIO E VETERINÁ-RIO",6505,"DROGAS E MEDICAMENTOS","",null,"Diclofenaco dietilamônio gel, dosagem 11,6mg/g","1º SEMESTRE 2022","Baixa","BISNAGA","INTEGRAL","CUSTO FINALÍSTICO - MATERIAL","PARA MANTER O ESTOQUE DA ENFERMARIA ABASTECIDO",100,6.62,662]
["BASE",39,9,"MATERIAL FARMACOLOGICO",65,"EQUIPAMENTOS E ARTIGOS PARA USO MÉDICO, DENTÁRIO E VETERINÁ-RIO",6505,"DROGAS E MEDICAMENTOS","",null,"Diclofenaco potássico,  dosagem 25mg/ml","1º SEMESTRE 2022","Alta","AMPOLA","INTEGRAL","CUSTO FINALÍSTICO - MATERIAL","PARA MANTER O ESTOQUE DA ENFERMARIA ABASTECIDO",200,0.65,130]
["BASE",40,9,"MATERIAL FARMACOLOGICO",65,"EQUIPAMENTOS E ARTIGOS PARA USO MÉDICO, DENTÁRIO E VETERINÁ-RIO",6505,"DROGAS E MEDICAMENTOS","",null,"Diclofenaco sódico, dosagem 50 mg","1º SEMESTRE 2022","Media","CÁPSULA","INTEGRAL","CUSTO FINALÍSTICO - MATERIAL","PARA MANTER O ESTOQUE DA ENFERMARIA ABASTECIDO",1000,0.09,90]
["BASE",41,9,"MATERIAL FARMACOLOGICO",65,"EQUIPAMENTOS E ARTIGOS PARA USO MÉDICO, DENTÁRIO E VETERINÁ-RIO",6505,"DROGAS E MEDICAMENTOS","",null,"Dinitrato de Isossorbida 5 mg","1º SEMESTRE 2022","Baixa","CÁPSULA","INTEGRAL","CUSTO FINALÍSTICO - MATERIAL","PARA MANTER O ESTOQUE DA ENFERMARIA ABASTECIDO",200,0.31,62]
["BASE",42,9,"MATERIAL FARMACOLOGICO",65,"EQUIPAMENTOS E ARTIGOS PARA USO MÉDICO, DENTÁRIO E VETERINÁ-RIO",6505,"DROGAS E MEDICAMENTOS","",null,"Dipirona sódica, dosagem 1g/2ml","1º SEMESTRE 2022","Alta","AMPOLA","INTEGRAL","CUSTO FINALÍSTICO - MATERIAL","PARA MANTER O ESTOQUE DA ENFERMARIA ABASTECIDO",200,0.47,94]
["BASE",43,9,"MATERIAL FARMACOLOGICO",65,"EQUIPAMENTOS E ARTIGOS PARA USO MÉDICO, DENTÁRIO E VETERINÁ-RIO",6505,"DROGAS E MEDICAMENTOS","",null,"Dipirona sódica, dosagem 500 mg","1º SEMESTRE 2022","Alta","CÁPSULA","INTEGRAL","CUSTO FINALÍSTICO - MATERIAL","PARA MANTER O ESTOQUE DA ENFERMARIA ABASTECIDO",1000,0.1,100]
["BASE",44,9,"MATERIAL FARMACOLOGICO",65,"EQUIPAMENTOS E ARTIGOS PARA USO MÉDICO, DENTÁRIO E VETERINÁ-RIO",6505,"DROGAS E MEDICAMENTOS","",null,"Doxiciclina, dosagem 100 mg","1º SEMESTRE 2022","Alta","CÁPSULA","INTEGRAL","CUSTO FINALÍSTICO - MATERIAL","PARA MANTER O ESTOQUE DA ENFERMARIA ABASTECIDO",300,0.2,60]
["BASE",45,9,"MATERIAL FARMACOLOGICO",65,"EQUIPAMENTOS E ARTIGOS PARA USO MÉDICO, DENTÁRIO E VETERINÁ-RIO",6505,"DROGAS E MEDICAMENTOS","",null,"Dropropizina 15mg/5ml","1º SEMESTRE 2022","Alta","FRASCO","INTEGRAL","CUSTO FINALÍSTICO - MATERIAL","PARA MANTER O ESTOQUE DA ENFERMARIA ABASTECIDO",50,5.17,258.5]
["BASE",46,9,"MATERIAL FARMACOLOGICO",65,"EQUIPAMENTOS E ARTIGOS PARA USO MÉDICO, DENTÁRIO E VETERINÁ-RIO",6505,"DROGAS E MEDICAMENTOS","",null,"Flexalgin – paracetamol, carisoprodol, diclofenaco sódico e cafeína, dosagem 300mg, 125mg, 50mg e 30 mg","1º SEMESTRE 2022","Alta","CÁPSULA","INTEGRAL","CUSTO FINALÍSTICO - MATERIAL","PARA MANTER O ESTOQUE DA ENFERMARIA ABASTECIDO",1000,0.21,210]
["BASE",47,9,"MATERIAL FARMACOLOGICO",65,"EQUIPAMENTOS E ARTIGOS PARA USO MÉDICO, DENTÁRIO E VETERINÁ-RIO",6505,"DROGAS E MEDICAMENTOS","",null,"Fluoxetina, dosagem: 20 mg","1º SEMESTRE 2022","Baixa","CÁPSULA","INTEGRAL","CUSTO FINALÍSTICO - MATERIAL","PARA MANTER O ESTOQUE DA ENFERMARIA ABASTECIDO",200,0.08,16]
["BASE",48,9,"MATERIAL FARMACOLOGICO",65,"EQUIPAMENTOS E ARTIGOS PARA USO MÉDICO, DENTÁRIO E VETERINÁ-RIO",6505,"DROGAS E MEDICAMENTOS","",null,"Glicose 50% 5 ml","1º SEMESTRE 2022","Media","AMPOLA","INTEGRAL","CUSTO FINALÍSTICO - MATERIAL","PARA MANTER O ESTOQUE DA ENFERMARIA ABASTECIDO",300,0.23,69]
["BASE",49,9,"MATERIAL FARMACOLOGICO",65,"EQUIPAMENTOS E ARTIGOS PARA USO MÉDICO, DENTÁRIO E VETERINÁ-RIO",6505,"DROGAS E MEDICAMENTOS","",null,"Haloperidol, concentração: 5 mg,ml,","1º SEMESTRE 2022","Alta","AMPOLA","INTEGRAL","CUSTO FINALÍSTICO - MATERIAL","PARA MANTER O ESTOQUE DA ENFERMARIA ABASTECIDO",50,1.45,72.5]
["BASE",50,9,"MATERIAL FARMACOLOGICO",65,"EQUIPAMENTOS E ARTIGOS PARA USO MÉDICO, DENTÁRIO E VETERINÁ-RIO",6505,"DROGAS E MEDICAMENTOS","",null,"Hidrocortisona, composição: sal acetato, concentração: 100 mg, forma farmacêutica: pó liófilo p, injetável","1º SEMESTRE 2022","Baixa","FRASCO","INTEGRAL","CUSTO FINALÍSTICO - MATERIAL","PARA MANTER O ESTOQUE DA ENFERMARIA ABASTECIDO",50,2.4300000000000002,121.5]
["BASE",51,9,"MATERIAL FARMACOLOGICO",65,"EQUIPAMENTOS E ARTIGOS PARA USO MÉDICO, DENTÁRIO E VETERINÁ-RIO",6505,"DROGAS E MEDICAMENTOS","",null,"Hidrocortisona, composição: sal acetato, concentração: 500 mg, forma farmacêutica: pó liófilo p, injetável","1º SEMESTRE 2022","Baixa","FRASCO","INTEGRAL","CUSTO FINALÍSTICO - MATERIAL","PARA MANTER O ESTOQUE DA ENFERMARIA ABASTECIDO",100,4.8,480]
["BASE",52,9,"MATERIAL FARMACOLOGICO",65,"EQUIPAMENTOS E ARTIGOS PARA USO MÉDICO, DENTÁRIO E VETERINÁ-RIO",6505,"DROGAS E MEDICAMENTOS","",null,"Ibuprofeno, dosagem: 600 mg","1º SEMESTRE 2022","Alta","CÁPSULA","INTEGRAL","CUSTO FINALÍSTICO - MATERIAL","PARA MANTER O ESTOQUE DA ENFERMARIA ABASTECIDO",1000,0.16,160]
["BASE",53,9,"MATERIAL FARMACOLOGICO",65,"EQUIPAMENTOS E ARTIGOS PARA USO MÉDICO, DENTÁRIO E VETERINÁ-RIO",6505,"DROGAS E MEDICAMENTOS","",null,"Itraconazol, dosagem: 100 mg","1º SEMESTRE 2022","Baixa","CÁPSULA","INTEGRAL","CUSTO FINALÍSTICO - MATERIAL","PARA MANTER O ESTOQUE DA ENFERMARIA ABASTECIDO",200,0.95,190]
["BASE",54,9,"MATERIAL FARMACOLOGICO",65,"EQUIPAMENTOS E ARTIGOS PARA USO MÉDICO, DENTÁRIO E VETERINÁ-RIO",6505,"DROGAS E MEDICAMENTOS","",null,"Ivermectina, concentração: 6 mg","1º SEMESTRE 2022","Alta","CÁPSULA","INTEGRAL","CUSTO FINALÍSTICO - MATERIAL","PARA MANTER O ESTOQUE DA ENFERMARIA ABASTECIDO",200,0.22,44]
["BASE",55,9,"MATERIAL FARMACOLOGICO",65,"EQUIPAMENTOS E ARTIGOS PARA USO MÉDICO, DENTÁRIO E VETERINÁ-RIO",6505,"DROGAS E MEDICAMENTOS","",null,"Loperamida cloridrato, concentração: 2mg","1º SEMESTRE 2022","Media","CÁPSULA","INTEGRAL","CUSTO FINALÍSTICO - MATERIAL","PARA MANTER O ESTOQUE DA ENFERMARIA ABASTECIDO",200,0.09,18]
["BASE",56,9,"MATERIAL FARMACOLOGICO",65,"EQUIPAMENTOS E ARTIGOS PARA USO MÉDICO, DENTÁRIO E VETERINÁ-RIO",6505,"DROGAS E MEDICAMENTOS","",null,"Loratadina, concentração: 10mg","1º SEMESTRE 2022","Alta","CÁPSULA","INTEGRAL","CUSTO FINALÍSTICO - MATERIAL","PARA MANTER O ESTOQUE DA ENFERMARIA ABASTECIDO",200,0.16,32]
["BASE",57,9,"MATERIAL FARMACOLOGICO",65,"EQUIPAMENTOS E ARTIGOS PARA USO MÉDICO, DENTÁRIO E VETERINÁ-RIO",6505,"DROGAS E MEDICAMENTOS","",null,"massageol spray – salicilato de metila","1º SEMESTRE 2022","Baixa","FRASCO","INTEGRAL","CUSTO FINALÍSTICO - MATERIAL","PARA MANTER O ESTOQUE DA ENFERMARIA ABASTECIDO",200,14.09,2818]
["BASE",58,9,"MATERIAL FARMACOLOGICO",65,"EQUIPAMENTOS E ARTIGOS PARA USO MÉDICO, DENTÁRIO E VETERINÁ-RIO",6505,"DROGAS E MEDICAMENTOS","",null,"Metoclopramida, dosagem 10mg","1º SEMESTRE 2022","Alta","CÁPSULA","INTEGRAL","CUSTO FINALÍSTICO - MATERIAL","PARA MANTER O ESTOQUE DA ENFERMARIA ABASTECIDO",300,0.22,66]
["BASE",59,9,"MATERIAL FARMACOLOGICO",65,"EQUIPAMENTOS E ARTIGOS PARA USO MÉDICO, DENTÁRIO E VETERINÁ-RIO",6505,"DROGAS E MEDICAMENTOS","",null,"Metoclopramida, dosagem 10mg/2ml","1º SEMESTRE 2022","Alta","AMPOLA","INTEGRAL","CUSTO FINALÍSTICO - MATERIAL","PARA MANTER O ESTOQUE DA ENFERMARIA ABASTECIDO",100,0.21,21]
["BASE",60,9,"MATERIAL FARMACOLOGICO",65,"EQUIPAMENTOS E ARTIGOS PARA USO MÉDICO, DENTÁRIO E VETERINÁ-RIO",6505,"DROGAS E MEDICAMENTOS","",null,"Metronidazol 250mg","1º SEMESTRE 2022","Media","CÁPSULA","INTEGRAL","CUSTO FINALÍSTICO - MATERIAL","PARA MANTER O ESTOQUE DA ENFERMARIA ABASTECIDO",100,0.12,12]
["BASE",61,9,"MATERIAL FARMACOLOGICO",65,"EQUIPAMENTOS E ARTIGOS PARA USO MÉDICO, DENTÁRIO E VETERINÁ-RIO",6505,"DROGAS E MEDICAMENTOS","",null,"Miconazol, dosagem 20mg","1º SEMESTRE 2022","Baixa","BISNAGA","INTEGRAL","CUSTO FINALÍSTICO - MATERIAL","PARA MANTER O ESTOQUE DA ENFERMARIA ABASTECIDO",100,2.58,258]
["BASE",62,9,"MATERIAL FARMACOLOGICO",65,"EQUIPAMENTOS E ARTIGOS PARA USO MÉDICO, DENTÁRIO E VETERINÁ-RIO",6505,"DROGAS E MEDICAMENTOS","",null,"Midazolan, dosagem 15mg/3ml","1º SEMESTRE 2022","Alta","AMPOLA","INTEGRAL","CUSTO FINALÍSTICO - MATERIAL","PARA MANTER O ESTOQUE DA ENFERMARIA ABASTECIDO",50,1.24,62]
["BASE",63,9,"MATERIAL FARMACOLOGICO",65,"EQUIPAMENTOS E ARTIGOS PARA USO MÉDICO, DENTÁRIO E VETERINÁ-RIO",6505,"DROGAS E MEDICAMENTOS","",null,"Nimesulida, dosagem 100 mg","1º SEMESTRE 2022","Media","CÁPSULA","INTEGRAL","CUSTO FINALÍSTICO - MATERIAL","PARA MANTER O ESTOQUE DA ENFERMARIA ABASTECIDO",1000,0.1,100]
["BASE",64,9,"MATERIAL FARMACOLOGICO",65,"EQUIPAMENTOS E ARTIGOS PARA USO MÉDICO, DENTÁRIO E VETERINÁ-RIO",6505,"DROGAS E MEDICAMENTOS","",null,"Nitazoxanida 500 mg","1º SEMESTRE 2022","Baixa","CÁPSULA","INTEGRAL","CUSTO FINALÍSTICO - MATERIAL","PARA MANTER O ESTOQUE DA ENFERMARIA ABASTECIDO",200,4.37,874]
["BASE",65,9,"MATERIAL FARMACOLOGICO",65,"EQUIPAMENTOS E ARTIGOS PARA USO MÉDICO, DENTÁRIO E VETERINÁ-RIO",6505,"DROGAS E MEDICAMENTOS","",null,"Omeprazol, 40mg + ampola diluente com 10mL","1º SEMESTRE 2022","Alta","AMPOLA","INTEGRAL","CUSTO FINALÍSTICO - MATERIAL","PARA MANTER O ESTOQUE DA ENFERMARIA ABASTECIDO",100,6.7,670]
["BASE",66,9,"MATERIAL FARMACOLOGICO",65,"EQUIPAMENTOS E ARTIGOS PARA USO MÉDICO, DENTÁRIO E VETERINÁ-RIO",6505,"DROGAS E MEDICAMENTOS","",null,"Omeprazol, dosagem 20mg","1º SEMESTRE 2022","Alta","CÁPSULA","INTEGRAL","CUSTO FINALÍSTICO - MATERIAL","PARA MANTER O ESTOQUE DA ENFERMARIA ABASTECIDO",400,7.0000000000000007E-2,28]
["BASE",67,9,"MATERIAL FARMACOLOGICO",65,"EQUIPAMENTOS E ARTIGOS PARA USO MÉDICO, DENTÁRIO E VETERINÁ-RIO",6505,"DROGAS E MEDICAMENTOS","",null,"Ondansetrona, dosagem 2mg/ml","1º SEMESTRE 2022","Alta","AMPOLA","INTEGRAL","CUSTO FINALÍSTICO - MATERIAL","PARA MANTER O ESTOQUE DA ENFERMARIA ABASTECIDO",100,1.44,144]
["BASE",68,9,"MATERIAL FARMACOLOGICO",65,"EQUIPAMENTOS E ARTIGOS PARA USO MÉDICO, DENTÁRIO E VETERINÁ-RIO",6505,"DROGAS E MEDICAMENTOS","",null,"Pantoprazol 40mg","1º SEMESTRE 2022","Media","CÁPSULA","INTEGRAL","CUSTO FINALÍSTICO - MATERIAL","PARA MANTER O ESTOQUE DA ENFERMARIA ABASTECIDO",100,0.26,26]
["BASE",69,9,"MATERIAL FARMACOLOGICO",65,"EQUIPAMENTOS E ARTIGOS PARA USO MÉDICO, DENTÁRIO E VETERINÁ-RIO",6505,"DROGAS E MEDICAMENTOS","",null,"Paracetamol 500mg","1º SEMESTRE 2022","Alta","CÁPSULA","INTEGRAL","CUSTO FINALÍSTICO - MATERIAL","PARA MANTER O ESTOQUE DA ENFERMARIA ABASTECIDO",500,0.05,25]
["BASE",70,9,"MATERIAL FARMACOLOGICO",65,"EQUIPAMENTOS E ARTIGOS PARA USO MÉDICO, DENTÁRIO E VETERINÁ-RIO",6505,"DROGAS E MEDICAMENTOS","",null,"Paracetamol 750mg","1º SEMESTRE 2022","Alta","CÁPSULA","INTEGRAL","CUSTO FINALÍSTICO - MATERIAL","PARA MANTER O ESTOQUE DA ENFERMARIA ABASTECIDO",1000,0.1,100]
["BASE",71,9,"MATERIAL FARMACOLOGICO",65,"EQUIPAMENTOS E ARTIGOS PARA USO MÉDICO, DENTÁRIO E VETERINÁ-RIO",6505,"DROGAS E MEDICAMENTOS","",null,"Prednisona, dosagem  20 Mg","1º SEMESTRE 2022","Alta","CÁPSULA","INTEGRAL","CUSTO FINALÍSTICO - MATERIAL","PARA MANTER O ESTOQUE DA ENFERMARIA ABASTECIDO",300,0.17,51]
["BASE",72,9,"MATERIAL FARMACOLOGICO",65,"EQUIPAMENTOS E ARTIGOS PARA USO MÉDICO, DENTÁRIO E VETERINÁ-RIO",6505,"DROGAS E MEDICAMENTOS","",null,"pregabalina, concentração 75 mg","1º SEMESTRE 2022","Alta","CÁPSULA","INTEGRAL","CUSTO FINALÍSTICO - MATERIAL","PARA MANTER O ESTOQUE DA ENFERMARIA ABASTECIDO",50,0.95,47.5]
["BASE",73,9,"MATERIAL FARMACOLOGICO",65,"EQUIPAMENTOS E ARTIGOS PARA USO MÉDICO, DENTÁRIO E VETERINÁ-RIO",6505,"DROGAS E MEDICAMENTOS","",null,"Propranolol 40mg","1º SEMESTRE 2022","Alta","CÁPSULA","INTEGRAL","CUSTO FINALÍSTICO - MATERIAL","PARA MANTER O ESTOQUE DA ENFERMARIA ABASTECIDO",100,0.04,4]
["BASE",74,9,"MATERIAL FARMACOLOGICO",65,"EQUIPAMENTOS E ARTIGOS PARA USO MÉDICO, DENTÁRIO E VETERINÁ-RIO",6505,"DROGAS E MEDICAMENTOS","",null,"Soro fisiológico 250 ml","1º SEMESTRE 2022","Media","MILILITRO","INTEGRAL","CUSTO FINALÍSTICO - MATERIAL","PARA MANTER O ESTOQUE DA ENFERMARIA ABASTECIDO",100,1.68,168]
["BASE",75,9,"MATERIAL FARMACOLOGICO",65,"EQUIPAMENTOS E ARTIGOS PARA USO MÉDICO, DENTÁRIO E VETERINÁ-RIO",6505,"DROGAS E MEDICAMENTOS","",null,"Soro fisiológico 500 ml","1º SEMESTRE 2022","Media","MILILITRO","INTEGRAL","CUSTO FINALÍSTICO - MATERIAL","PARA MANTER O ESTOQUE DA ENFERMARIA ABASTECIDO",100,3.19,319]
["BASE",76,9,"MATERIAL FARMACOLOGICO",65,"EQUIPAMENTOS E ARTIGOS PARA USO MÉDICO, DENTÁRIO E VETERINÁ-RIO",6505,"DROGAS E MEDICAMENTOS","",null,"Soro glicosado 5% 500ml","1º SEMESTRE 2022","Media","MILILITRO","INTEGRAL","CUSTO FINALÍSTICO - MATERIAL","PARA MANTER O ESTOQUE DA ENFERMARIA ABASTECIDO",50,2.4900000000000002,124.5]
["BASE",77,36,"MATERIAL HOSPITALAR",65,"EQUIPAMENTOS E ARTIGOS PARA USO MÉDICO, DENTÁRIO E VETERINÁ-RIO",6515,"INSTRUMENTOS, EQUIPAMENTOS E SUPRIMENTOS MÉDICOS  E  CIRÚRGICOS","",null,"Agulha 40x0,12 mm","1º SEMESTRE 2022","Media","CAIXA COM 100 UNIDADES","INTEGRAL","CUSTO FINALÍSTICO - MATERIAL","PARA MANTER O ESTOQUE DA ENFERMARIA ABASTECIDO",300,6.7,2010]
["BASE",78,36,"MATERIAL HOSPITALAR",65,"EQUIPAMENTOS E ARTIGOS PARA USO MÉDICO, DENTÁRIO E VETERINÁ-RIO",6505,"DROGAS E MEDICAMENTOS","",null,"Alcool 70º gel 500ml","1º SEMESTRE 2022","Alta","MILILITRO","INTEGRAL","CUSTO FINALÍSTICO - MATERIAL","PARA MANTER O ESTOQUE DA ENFERMARIA ABASTECIDO",200,3.8,760]
["BASE",79,36,"MATERIAL HOSPITALAR",65,"EQUIPAMENTOS E ARTIGOS PARA USO MÉDICO, DENTÁRIO E VETERINÁ-RIO",6505,"DROGAS E MEDICAMENTOS","",null,"Alcool 70º liquido 500ml","1º SEMESTRE 2022","Alta","MILILITRO","INTEGRAL","CUSTO FINALÍSTICO - MATERIAL","PARA MANTER O ESTOQUE DA ENFERMARIA ABASTECIDO",200,4.09,818]
["BASE",80,36,"MATERIAL HOSPITALAR",65,"EQUIPAMENTOS E ARTIGOS PARA USO MÉDICO, DENTÁRIO E VETERINÁ-RIO",6532,"VESTUÁRIO HOSPITALAR E CIRÚRGICO E ITENS CORRELATOS DE  FINALIDADES ESPECIAIS","",null,"Avental hospitalar","1º SEMESTRE 2022","Alta","UNIDADE","INTEGRAL","CUSTO FINALÍSTICO - MATERIAL","PARA MANTER O ESTOQUE DA ENFERMARIA ABASTECIDO",1000,2.2000000000000002,2200]
["BASE",81,36,"MATERIAL HOSPITALAR",65,"EQUIPAMENTOS E ARTIGOS PARA USO MÉDICO, DENTÁRIO E VETERINÁ-RIO",6530,"MOBILIÁRIO, EQUIPAMENTOS, UTENSÍLIOS E  SUPRIMENTOS  HOSPITALARES","",null,"Caixa de pérfuro 3,5 L","1º SEMESTRE 2022","Alta","UNIDADE","INTEGRAL","CUSTO FINALÍSTICO - MATERIAL","PARA MANTER O ESTOQUE DA ENFERMARIA ABASTECIDO",100,1.8,180]
["BASE",82,36,"MATERIAL HOSPITALAR",65,"EQUIPAMENTOS E ARTIGOS PARA USO MÉDICO, DENTÁRIO E VETERINÁ-RIO",6515,"INSTRUMENTOS, EQUIPAMENTOS E SUPRIMENTOS MÉDICOS  E  CIRÚRGICOS","",null,"Cateter n° 20 Cateter periférico, material cateter: polímero radiopaco, aplicação: venoso, material agulha: agulha aço inox, diametro: 20 gau, comprimento: cerca 30 mm, componente adicional: c, asa de fixação, tubo extensor c, clamp, conector: conector padrão c, injetor lateral, componente 2: c, sistema segurança segundo nr,32, tipo uso: estéril, descartável, embalagem individual","1º SEMESTRE 2022","Alta","UNIDADE","INTEGRAL","CUSTO FINALÍSTICO - MATERIAL","PARA MANTER O ESTOQUE DA ENFERMARIA ABASTECIDO",200,1.49,298]
["BASE",83,36,"MATERIAL HOSPITALAR",65,"EQUIPAMENTOS E ARTIGOS PARA USO MÉDICO, DENTÁRIO E VETERINÁ-RIO",6515,"INSTRUMENTOS, EQUIPAMENTOS E SUPRIMENTOS MÉDICOS  E  CIRÚRGICOS","",null,"Cateter n° 22 Cateter periférico, material cateter: polímero radiopaco, aplicação: venoso, material agulha: agulha aço inox, diametro: 22 gau, comprimento: cerca 25 mm, componente adicional: c, asa de fixação, tubo extensor c, clamp, conector: conector padrão c, injetor lateral, componente 2: c, sistema segurança segundo nr,32, tipo uso: estéril, descartável, embalagem individual","1º SEMESTRE 2022","Alta","UNIDADE","INTEGRAL","CUSTO FINALÍSTICO - MATERIAL","PARA MANTER O ESTOQUE DA ENFERMARIA ABASTECIDO",200,2.0499999999999998,410]
["BASE",84,36,"MATERIAL HOSPITALAR",65,"EQUIPAMENTOS E ARTIGOS PARA USO MÉDICO, DENTÁRIO E VETERINÁ-RIO",6515,"INSTRUMENTOS, EQUIPAMENTOS E SUPRIMENTOS MÉDICOS  E  CIRÚRGICOS","",null,"Cateter n° 24 Cateter periférico, material cateter: polímero radiopaco, aplicação: venoso, material agulha: agulha aço inox, diametro: 24 gau, comprimento: cerca 15 mm, conector: conector padrão, componente 1: câmara refluxo c, filtro, componente 2: c, sistema segurança segundo nr,32, tipo uso: estéril, descartável, embalagem individual","1º SEMESTRE 2022","Baixa","UNIDADE","INTEGRAL","CUSTO FINALÍSTICO - MATERIAL","PARA MANTER O ESTOQUE DA ENFERMARIA ABASTECIDO",200,1.85,370]
["BASE",85,36,"MATERIAL HOSPITALAR",65,"EQUIPAMENTOS E ARTIGOS PARA USO MÉDICO, DENTÁRIO E VETERINÁ-RIO",6515,"INSTRUMENTOS, EQUIPAMENTOS E SUPRIMENTOS MÉDICOS  E  CIRÚRGICOS","",null,"Cateter oxigenoterapia, material tubo: pvc flexível grau médico, tipo: tipo óculos,pronga silicone contorno arredondado, tipo uso: descartável, esterilidade: estéril, tamanho: adulto, características adicionais: a prova de deformação e torção,2,10m, tipo adaptador: conector universal","1º SEMESTRE 2022","Media","UNIDADE","INTEGRAL","CUSTO FINALÍSTICO - MATERIAL","PARA MANTER O ESTOQUE DA ENFERMARIA ABASTECIDO",50,0.91,45.5]
["BASE",86,36,"MATERIAL HOSPITALAR",65,"EQUIPAMENTOS E ARTIGOS PARA USO MÉDICO, DENTÁRIO E VETERINÁ-RIO",6532,"VESTUÁRIO HOSPITALAR E CIRÚRGICO E ITENS CORRELATOS DE  FINALIDADES ESPECIAIS","",null,"Luva para procedimento cirúrgico, material: isenta de látex, tamanho: tamanho p (6 a 7)","1º SEMESTRE 2022","Alta","UNIDADE","INTEGRAL","CUSTO FINALÍSTICO - MATERIAL","PARA MANTER O ESTOQUE DA ENFERMARIA ABASTECIDO",100,9,900]
["BASE",87,36,"MATERIAL HOSPITALAR",65,"EQUIPAMENTOS E ARTIGOS PARA USO MÉDICO, DENTÁRIO E VETERINÁ-RIO",6532,"VESTUÁRIO HOSPITALAR E CIRÚRGICO E ITENS CORRELATOS DE  FINALIDADES ESPECIAIS","",null,"Luva segurança, material: 100% látex nitrílico, tamanho: M","1º SEMESTRE 2022","Alta","CAIXA COM 100 UNIDADES","INTEGRAL","CUSTO FINALÍSTICO - MATERIAL","PARA MANTER O ESTOQUE DA ENFERMARIA ABASTECIDO",50,6.92,346]
["BASE",88,36,"MATERIAL HOSPITALAR",65,"EQUIPAMENTOS E ARTIGOS PARA USO MÉDICO, DENTÁRIO E VETERINÁ-RIO",6532,"VESTUÁRIO HOSPITALAR E CIRÚRGICO E ITENS CORRELATOS DE  FINALIDADES ESPECIAIS","",null,"Máscara descartável","1º SEMESTRE 2022","Alta","CAIXA COM 50 UNIDADES","INTEGRAL","CUSTO FINALÍSTICO - MATERIAL","PARA MANTER O ESTOQUE DA ENFERMARIA ABASTECIDO",100,4.58,458]
["BASE",89,22,"MATERIAL DE LIMPEZA E PROD. DE HIGIENIZAÇÃO",79,"EQUIPAMENTOS E MATERIAIS PARA LIMPEZA",7930,"COMPOSTOS E PREPARADOS PARA LIMPEZA E POLIMENTO","",null,"Saco branco leitoso","1º SEMESTRE 2022","Alta","PACOTE","INTEGRAL","CUSTO FINALÍSTICO - MATERIAL","PARA MANTER O ESTOQUE DA ENFERMARIA ABASTECIDO",100,1.8,180]
["BASE",90,36,"MATERIAL HOSPITALAR",79,"EQUIPAMENTOS E MATERIAIS PARA LIMPEZA",7930,"COMPOSTOS E PREPARADOS PARA LIMPEZA E POLIMENTO","",null,"Saco laranja (químico)","1º SEMESTRE 2022","Alta","PACOTE","INTEGRAL","CUSTO FINALÍSTICO - MATERIAL","PARA MANTER O ESTOQUE DA ENFERMARIA ABASTECIDO",100,4.9800000000000004,498]
["BASE",91,36,"MATERIAL HOSPITALAR",65,"EQUIPAMENTOS E ARTIGOS PARA USO MÉDICO, DENTÁRIO E VETERINÁ-RIO",6515,"INSTRUMENTOS, EQUIPAMENTOS E SUPRIMENTOS MÉDICOS  E  CIRÚRGICOS","",null,"Seringa 03 ml","1º SEMESTRE 2022","Baixa","UNIDADE","INTEGRAL","CUSTO FINALÍSTICO - MATERIAL","PARA MANTER O ESTOQUE DA ENFERMARIA ABASTECIDO",200,0.94,188]
["BASE",92,36,"MATERIAL HOSPITALAR",65,"EQUIPAMENTOS E ARTIGOS PARA USO MÉDICO, DENTÁRIO E VETERINÁ-RIO",6515,"INSTRUMENTOS, EQUIPAMENTOS E SUPRIMENTOS MÉDICOS  E  CIRÚRGICOS","",null,"Seringa 05 ml","1º SEMESTRE 2022","Baixa","UNIDADE","INTEGRAL","CUSTO FINALÍSTICO - MATERIAL","PARA MANTER O ESTOQUE DA ENFERMARIA ABASTECIDO",200,0.65,130]
["BASE",93,36,"MATERIAL HOSPITALAR",65,"EQUIPAMENTOS E ARTIGOS PARA USO MÉDICO, DENTÁRIO E VETERINÁ-RIO",6515,"INSTRUMENTOS, EQUIPAMENTOS E SUPRIMENTOS MÉDICOS  E  CIRÚRGICOS","",null,"Seringa 10 ml","1º SEMESTRE 2022","Baixa","UNIDADE","INTEGRAL","CUSTO FINALÍSTICO - MATERIAL","PARA MANTER O ESTOQUE DA ENFERMARIA ABASTECIDO",200,0.48,96]
["BASE",94,36,"MATERIAL HOSPITALAR",65,"EQUIPAMENTOS E ARTIGOS PARA USO MÉDICO, DENTÁRIO E VETERINÁ-RIO",6515,"INSTRUMENTOS, EQUIPAMENTOS E SUPRIMENTOS MÉDICOS  E  CIRÚRGICOS","",null,"Seringa 20 ml","1º SEMESTRE 2022","Media","UNIDADE","INTEGRAL","CUSTO FINALÍSTICO - MATERIAL","PARA MANTER O ESTOQUE DA ENFERMARIA ABASTECIDO",100,0.46,46]
["BASE",95,10,"MATERIAL ODONTOLOGICO",65,"EQUIPAMENTOS E ARTIGOS PARA USO MÉDICO, DENTÁRIO E VETERINÁ-RIO",6520,"INSTRUMENTOS, EQUIPAMENTOS E SUPRIMENTOS DENTÁRIOS","",null,"ARTICAÍNA, COMPOSIÇÃO: ASSOCIADA COM EPINEFRINA, CONCENTRAÇÃO: 4% + 1,100.000, FORMA FARMACÊUTICA: SOLUÇÃO INJETÁVEL","1º SEMESTRE 2022","Alta","AMPOLA","INTEGRAL","CUSTO FINALÍSTICO - MATERIAL","PARA MANTER O ESTOQUE DA ENFERMARIA ABASTECIDO",100,102,10200]
["BASE",96,10,"MATERIAL ODONTOLOGICO",65,"EQUIPAMENTOS E ARTIGOS PARA USO MÉDICO, DENTÁRIO E VETERINÁ-RIO",6532,"VESTUÁRIO HOSPITALAR E CIRÚRGICO E ITENS CORRELATOS DE  FINALIDADES ESPECIAIS","",null,"ROLO PARA ESTERILIZAÇÃO 300MM X 100 M PACK GC - ZERMATT","1º SEMESTRE 2022","Baixa","UNIDADE","INTEGRAL","CUSTO FINALÍSTICO - MATERIAL","PARA MANTER O ESTOQUE DA ENFERMARIA ABASTECIDO",25,190,4750]
["BASE",97,10,"MATERIAL ODONTOLOGICO",65,"EQUIPAMENTOS E ARTIGOS PARA USO MÉDICO, DENTÁRIO E VETERINÁ-RIO",6532,"VESTUÁRIO HOSPITALAR E CIRÚRGICO E ITENS CORRELATOS DE  FINALIDADES ESPECIAIS","",null,"INDICADOR QUÍMICO PARA AUTOCLAVE PACOTE COM 200 UNIDADES","1º SEMESTRE 2022","Alta","UNIDADE","INTEGRAL","CUSTO FINALÍSTICO - MATERIAL","PARA MANTER O ESTOQUE DA ENFERMARIA ABASTECIDO",100,120,12000]
["BASE",98,10,"MATERIAL ODONTOLOGICO",65,"EQUIPAMENTOS E ARTIGOS PARA USO MÉDICO, DENTÁRIO E VETERINÁ-RIO",6532,"VESTUÁRIO HOSPITALAR E CIRÚRGICO E ITENS CORRELATOS DE  FINALIDADES ESPECIAIS","",null,"INDICADOR BIOLÓGICO ALLPRIME","1º SEMESTRE 2022","Media","UNIDADE","INTEGRAL","CUSTO FINALÍSTICO - MATERIAL","PARA MANTER O ESTOQUE DA ENFERMARIA ABASTECIDO",50,30,1500]
["BASE",99,10,"MATERIAL ODONTOLOGICO",65,"EQUIPAMENTOS E ARTIGOS PARA USO MÉDICO, DENTÁRIO E VETERINÁ-RIO",6510,"MATERIAIS CIRÚRGICOS PARA CURATIVOS","",null,"CAMPO CIRÚRGICO COM FENESTRA 80X80 KIT COM 30 PEÇAS ","1º SEMESTRE 2022","Alta","UNIDADE","INTEGRAL","CUSTO FINALÍSTICO - MATERIAL","PARA MANTER O ESTOQUE DA ENFERMARIA ABASTECIDO",3,1000,3000]
["BASE",100,10,"MATERIAL ODONTOLOGICO",65,"EQUIPAMENTOS E ARTIGOS PARA USO MÉDICO, DENTÁRIO E VETERINÁ-RIO",6532,"VESTUÁRIO HOSPITALAR E CIRÚRGICO E ITENS CORRELATOS DE  FINALIDADES ESPECIAIS","",null,"Luva segurança, material: 100% látex nitrílico, tamanho: P","1º SEMESTRE 2022","Media","CAIXA COM 100 UNIDADES","INTEGRAL","CUSTO FINALÍSTICO - MATERIAL","PARA MANTER O ESTOQUE DA ENFERMARIA ABASTECIDO",100,32,3200]
["BASE",101,10,"MATERIAL ODONTOLOGICO",65,"EQUIPAMENTOS E ARTIGOS PARA USO MÉDICO, DENTÁRIO E VETERINÁ-RIO",6532,"VESTUÁRIO HOSPITALAR E CIRÚRGICO E ITENS CORRELATOS DE  FINALIDADES ESPECIAIS","",null,"Luva segurança, material: 100% látex nitrílico, tamanho: PP","1º SEMESTRE 2022","Alta","CAIXA COM 100 UNIDADES","INTEGRAL","CUSTO FINALÍSTICO - MATERIAL","PARA MANTER O ESTOQUE DA ENFERMARIA ABASTECIDO",100,32,3200]
["BASE",102,10,"MATERIAL ODONTOLOGICO",65,"EQUIPAMENTOS E ARTIGOS PARA USO MÉDICO, DENTÁRIO E VETERINÁ-RIO",6515,"INSTRUMENTOS, EQUIPAMENTOS E SUPRIMENTOS MÉDICOS  E  CIRÚRGICOS","",null,"MEDIDOR DE GLICOSE + 100 TIRAS  DE GLICOSE ON CALL PLUS II + 100 LANCETAS ","1º SEMESTRE 2022","Alta","UNIDADE","INTEGRAL","CUSTO FINALÍSTICO - MATERIAL","PARA MANTER O ESTOQUE DA ENFERMARIA ABASTECIDO",3,160,480]
["BASE",103,36,"MATERIAL HOSPITALAR",65,"EQUIPAMENTOS E ARTIGOS PARA USO MÉDICO, DENTÁRIO E VETERINÁ-RIO",6515,"INSTRUMENTOS, EQUIPAMENTOS E SUPRIMENTOS MÉDICOS  E  CIRÚRGICOS","",null,"AMBÚ EM SILICONE COM RESERVATÓRIO – ADULTO ","1º SEMESTRE 2022","Media","UNIDADE","INTEGRAL","CUSTO FINALÍSTICO - MATERIAL","PARA MANTER O ESTOQUE DA ENFERMARIA ABASTECIDO",4,200,800]
["BASE",104,36,"MATERIAL HOSPITALAR",65,"EQUIPAMENTOS E ARTIGOS PARA USO MÉDICO, DENTÁRIO E VETERINÁ-RIO",6515,"INSTRUMENTOS, EQUIPAMENTOS E SUPRIMENTOS MÉDICOS  E  CIRÚRGICOS","",null,"PINÇA CURVA HEMOSTÁTICA ","1º SEMESTRE 2022","Alta","UNIDADE","INTEGRAL","CUSTO FINALÍSTICO - MATERIAL","PARA MANTER O ESTOQUE DA ENFERMARIA ABASTECIDO",10,18,180]
["BASE",105,10,"MATERIAL ODONTOLOGICO",65,"EQUIPAMENTOS E ARTIGOS PARA USO MÉDICO, DENTÁRIO E VETERINÁ-RIO",6515,"INSTRUMENTOS, EQUIPAMENTOS E SUPRIMENTOS MÉDICOS  E  CIRÚRGICOS","",null,"ESCAVADOR DE DENTINA ","1º SEMESTRE 2022","Alta","UNIDADE","INTEGRAL","CUSTO FINALÍSTICO - MATERIAL","PARA MANTER O ESTOQUE DA ENFERMARIA ABASTECIDO",10,15,150]
["BASE",106,10,"MATERIAL ODONTOLOGICO",65,"EQUIPAMENTOS E ARTIGOS PARA USO MÉDICO, DENTÁRIO E VETERINÁ-RIO",6515,"INSTRUMENTOS, EQUIPAMENTOS E SUPRIMENTOS MÉDICOS  E  CIRÚRGICOS","",null,"CABO DE ESPELHO EM ALUMÍNIO  ","1º SEMESTRE 2022","Alta","UNIDADE","INTEGRAL","CUSTO FINALÍSTICO - MATERIAL","PARA MANTER O ESTOQUE DA ENFERMARIA ABASTECIDO",10,10,100]
["BASE",107,10,"MATERIAL ODONTOLOGICO",65,"EQUIPAMENTOS E ARTIGOS PARA USO MÉDICO, DENTÁRIO E VETERINÁ-RIO",6515,"INSTRUMENTOS, EQUIPAMENTOS E SUPRIMENTOS MÉDICOS  E  CIRÚRGICOS","",null,"CABO DE BISTURI Nº 3","1º SEMESTRE 2022","Alta","UNIDADE","INTEGRAL","CUSTO FINALÍSTICO - MATERIAL","PARA MANTER O ESTOQUE DA ENFERMARIA ABASTECIDO",10,10,100]
["BASE",108,10,"MATERIAL ODONTOLOGICO",65,"EQUIPAMENTOS E ARTIGOS PARA USO MÉDICO, DENTÁRIO E VETERINÁ-RIO",6515,"INSTRUMENTOS, EQUIPAMENTOS E SUPRIMENTOS MÉDICOS  E  CIRÚRGICOS","",null,"ESPELHO ODONTOLÓGICO ","1º SEMESTRE 2022","Alta","UNIDADE","INTEGRAL","CUSTO FINALÍSTICO - MATERIAL","PARA MANTER O ESTOQUE DA ENFERMARIA ABASTECIDO",10,5,50]
["BASE",109,10,"MATERIAL ODONTOLOGICO",65,"EQUIPAMENTOS E ARTIGOS PARA USO MÉDICO, DENTÁRIO E VETERINÁ-RIO",6515,"INSTRUMENTOS, EQUIPAMENTOS E SUPRIMENTOS MÉDICOS  E  CIRÚRGICOS","",null,"SONDA EXPLORADORA ODONTOLÓGICA ","1º SEMESTRE 2022","Alta","UNIDADE","INTEGRAL","CUSTO FINALÍSTICO - MATERIAL","PARA MANTER O ESTOQUE DA ENFERMARIA ABASTECIDO",10,8,80]
["BASE",110,10,"MATERIAL ODONTOLOGICO",65,"EQUIPAMENTOS E ARTIGOS PARA USO MÉDICO, DENTÁRIO E VETERINÁ-RIO",6515,"INSTRUMENTOS, EQUIPAMENTOS E SUPRIMENTOS MÉDICOS  E  CIRÚRGICOS","",null,"PINÇA ANATÔMICA DISSECÇÃO ","1º SEMESTRE 2022","Alta","UNIDADE","INTEGRAL","CUSTO FINALÍSTICO - MATERIAL","PARA MANTER O ESTOQUE DA ENFERMARIA ABASTECIDO",10,17,170]
["BASE",111,10,"MATERIAL ODONTOLOGICO",65,"EQUIPAMENTOS E ARTIGOS PARA USO MÉDICO, DENTÁRIO E VETERINÁ-RIO",6515,"INSTRUMENTOS, EQUIPAMENTOS E SUPRIMENTOS MÉDICOS  E  CIRÚRGICOS","",null,"PINÇA ANATÔMICA DENTE DE RATO","1º SEMESTRE 2022","Alta","UNIDADE","INTEGRAL","CUSTO FINALÍSTICO - MATERIAL","PARA MANTER O ESTOQUE DA ENFERMARIA ABASTECIDO",10,17,170]
["BASE",112,10,"MATERIAL ODONTOLOGICO",65,"EQUIPAMENTOS E ARTIGOS PARA USO MÉDICO, DENTÁRIO E VETERINÁ-RIO",6515,"INSTRUMENTOS, EQUIPAMENTOS E SUPRIMENTOS MÉDICOS  E  CIRÚRGICOS","",null,"PINÇA KELLY CURVA ","1º SEMESTRE 2022","Alta","UNIDADE","INTEGRAL","CUSTO FINALÍSTICO - MATERIAL","PARA MANTER O ESTOQUE DA ENFERMARIA ABASTECIDO",10,28,280]
["BASE",113,10,"MATERIAL ODONTOLOGICO",65,"EQUIPAMENTOS E ARTIGOS PARA USO MÉDICO, DENTÁRIO E VETERINÁ-RIO",6520,"INSTRUMENTOS, EQUIPAMENTOS E SUPRIMENTOS DENTÁRIOS","",null,"CONDICIONADOR DENTAL, TIPO ÁCIDO FOSFÓRICO, CONCENTRAÇÃO 37%, ASPECTO FÍSICO GEL ","1º SEMESTRE 2022","Alta","UNIDADE","INTEGRAL","CUSTO FINALÍSTICO - MATERIAL","PARA MANTER O ESTOQUE DA ENFERMARIA ABASTECIDO",75,545,40875]
["BASE",114,10,"MATERIAL ODONTOLOGICO",65,"EQUIPAMENTOS E ARTIGOS PARA USO MÉDICO, DENTÁRIO E VETERINÁ-RIO",6520,"INSTRUMENTOS, EQUIPAMENTOS E SUPRIMENTOS DENTÁRIOS","",null,"AFASTADOR ODONTOLOGICO, MATERIAL WM SILICONE, TIPO ABRIDOR DE BOCA ","1º SEMESTRE 2022","Alta","UNIDADE","INTEGRAL","CUSTO FINALÍSTICO - MATERIAL","PARA MANTER O ESTOQUE DA ENFERMARIA ABASTECIDO",5,11.9,59.5]
["BASE",115,10,"MATERIAL ODONTOLOGICO",65,"EQUIPAMENTOS E ARTIGOS PARA USO MÉDICO, DENTÁRIO E VETERINÁ-RIO",6520,"INSTRUMENTOS, EQUIPAMENTOS E SUPRIMENTOS DENTÁRIOS","",null,"AFASTADOR ODONTOLÓGICO, MATERIAL PLÁSTICO, TIPO LABIAL C/ RETRATOR DE BOCHECHAE LÍNGUA,","1º SEMESTRE 2022","Alta","UNIDADE","INTEGRAL","CUSTO FINALÍSTICO - MATERIAL","PARA MANTER O ESTOQUE DA ENFERMARIA ABASTECIDO",10,11.9,119]
["BASE",116,10,"MATERIAL ODONTOLOGICO",65,"EQUIPAMENTOS E ARTIGOS PARA USO MÉDICO, DENTÁRIO E VETERINÁ-RIO",6520,"INSTRUMENTOS, EQUIPAMENTOS E SUPRIMENTOS DENTÁRIOS","",null,"LIDOCAÍNA CLORIDRATO, COMPOSIÇÃO ASSOCIADA COM EPINEFRINA, CONCENTRAÇÃO 2% + 1:80.000","1º SEMESTRE 2022","Alta","UNIDADE","INTEGRAL","CUSTO FINALÍSTICO - MATERIAL","PARA MANTER O ESTOQUE DA ENFERMARIA ABASTECIDO",20,99.9,1998]
["BASE",117,10,"MATERIAL ODONTOLOGICO",65,"EQUIPAMENTOS E ARTIGOS PARA USO MÉDICO, DENTÁRIO E VETERINÁ-RIO",6520,"INSTRUMENTOS, EQUIPAMENTOS E SUPRIMENTOS DENTÁRIOS","",null,"CIMENTO DE IONÔMERO DE VIDRO, TIPO RESINOSO, ATIVAÇÃO FOTOPOLIMERIZÁVEL, APRESENTAÇÃO CONJUNTO COMPLETO ","1º SEMESTRE 2022","Alta","UNIDADE","INTEGRAL","CUSTO FINALÍSTICO - MATERIAL","PARA MANTER O ESTOQUE DA ENFERMARIA ABASTECIDO",10,48.09,480.9]
["BASE",118,10,"MATERIAL ODONTOLOGICO",65,"EQUIPAMENTOS E ARTIGOS PARA USO MÉDICO, DENTÁRIO E VETERINÁ-RIO",6520,"INSTRUMENTOS, EQUIPAMENTOS E SUPRIMENTOS DENTÁRIOS","",null,"ACESSÓRIOS - USO ODONTOLÓGICO, TIPO SUPORTE ORGANIZADOR DE RESINA COMPOSTA, MATERIAL ACRÍLICO, CARACTERÍSTICAS ADICIONAIS P/ CERCA DE 25 SERINGAS ","1º SEMESTRE 2022","Alta","UNIDADE","INTEGRAL","CUSTO FINALÍSTICO - MATERIAL","PARA MANTER O ESTOQUE DA ENFERMARIA ABASTECIDO",2,38.83,77.66]
["BASE",119,10,"MATERIAL ODONTOLOGICO",65,"EQUIPAMENTOS E ARTIGOS PARA USO MÉDICO, DENTÁRIO E VETERINÁ-RIO",6520,"INSTRUMENTOS, EQUIPAMENTOS E SUPRIMENTOS DENTÁRIOS","",null,"TIRA ABRASIVA - USO ODONTOLÓGICO, MATERIAL AÇO INOXIDÁVEL DIAMANTADO, TIPO CENTRO CENTRO NEUTRO, COMPRIMENTO CERCA DE 150 MM, LARGURA CERCA DE 3 MM, APRESENTAÇÃO SERRILHADA, TIPO USO ESTERILIZÁVEL ","1º SEMESTRE 2022","Alta","UNIDADE","INTEGRAL","CUSTO FINALÍSTICO - MATERIAL","PARA MANTER O ESTOQUE DA ENFERMARIA ABASTECIDO",10,15,150]
["BASE",120,10,"MATERIAL ODONTOLOGICO",65,"EQUIPAMENTOS E ARTIGOS PARA USO MÉDICO, DENTÁRIO E VETERINÁ-RIO",6520,"INSTRUMENTOS, EQUIPAMENTOS E SUPRIMENTOS DENTÁRIOS","",null,"SILANO - AGENTE DE ADESÃO, COMPONENTE MONOCOMPONENTE ","1º SEMESTRE 2022","Alta","UNIDADE","INTEGRAL","CUSTO FINALÍSTICO - MATERIAL","PARA MANTER O ESTOQUE DA ENFERMARIA ABASTECIDO",2,124.7,249.4]
["BASE",121,10,"MATERIAL ODONTOLOGICO",65,"EQUIPAMENTOS E ARTIGOS PARA USO MÉDICO, DENTÁRIO E VETERINÁ-RIO",6520,"INSTRUMENTOS, EQUIPAMENTOS E SUPRIMENTOS DENTÁRIOS","",null,"CIMENTO ODONTOLÓGICO, TIPO TAMPÃO ALVEOLAR C/ AÇÃO CICATRIZANTE, CARACTERÍSTICA ADICIONAL SEM EUGENOL, ASPECTO FÍSICO PÓ ","1º SEMESTRE 2022","Alta","UNIDADE","INTEGRAL","CUSTO FINALÍSTICO - MATERIAL","PARA MANTER O ESTOQUE DA ENFERMARIA ABASTECIDO",4,19,76]
["BASE",122,10,"MATERIAL ODONTOLOGICO",65,"EQUIPAMENTOS E ARTIGOS PARA USO MÉDICO, DENTÁRIO E VETERINÁ-RIO",6520,"INSTRUMENTOS, EQUIPAMENTOS E SUPRIMENTOS DENTÁRIOS","",null,"PASTA PROFILÁTICA, COMPOSIÇÃO BÁSICA PEDRA POMES, COMPOSIÇÃO LAURIL SULFATO DESÓDIO, CARACTERÍSTICAS ADICIONAIS COM FLUOR ","1º SEMESTRE 2022","Alta","UNIDADE","INTEGRAL","CUSTO FINALÍSTICO - MATERIAL","PARA MANTER O ESTOQUE DA ENFERMARIA ABASTECIDO",4,9.9,39.6]
["BASE",123,10,"MATERIAL ODONTOLOGICO",65,"EQUIPAMENTOS E ARTIGOS PARA USO MÉDICO, DENTÁRIO E VETERINÁ-RIO",6520,"INSTRUMENTOS, EQUIPAMENTOS E SUPRIMENTOS DENTÁRIOS","",null,"SUGADOR, MATERIAL RESINA ABS/POLIPROPILENO/PVC, TIPO SANGUE, APRESENTAÇÃO EMBALAGEM INDIVIDUAL, TIPO USO ESTÉRIL, DESCARTÁVEL ","1º SEMESTRE 2022","Alta","UNIDADE","INTEGRAL","CUSTO FINALÍSTICO - MATERIAL","PARA MANTER O ESTOQUE DA ENFERMARIA ABASTECIDO",10,43.78,437.8]
["BASE",124,10,"MATERIAL ODONTOLOGICO",65,"EQUIPAMENTOS E ARTIGOS PARA USO MÉDICO, DENTÁRIO E VETERINÁ-RIO",6520,"INSTRUMENTOS, EQUIPAMENTOS E SUPRIMENTOS DENTÁRIOS","",null,"HIDRÓXIDO DE CÁLCIO, TIPO PASTA ","1º SEMESTRE 2022","Alta","UNIDADE","INTEGRAL","CUSTO FINALÍSTICO - MATERIAL","PARA MANTER O ESTOQUE DA ENFERMARIA ABASTECIDO",5,31.9,159.5]
["BASE",125,10,"MATERIAL ODONTOLOGICO",65,"EQUIPAMENTOS E ARTIGOS PARA USO MÉDICO, DENTÁRIO E VETERINÁ-RIO",6520,"INSTRUMENTOS, EQUIPAMENTOS E SUPRIMENTOS DENTÁRIOS","",null,"HIPOCLORITO DE SÓDIO, ASPECTO FÍSICO SOLUÇÃO AQUOSA, CONCENTRAÇÃO ATÉ 2,5% DE CLORO ATIVO ","1º SEMESTRE 2022","Alta","MILILITRO","INTEGRAL","CUSTO FINALÍSTICO - MATERIAL","PARA MANTER O ESTOQUE DA ENFERMARIA ABASTECIDO",10,7.98,79.8]
["BASE",1,24,"MATERIAL P/ MANUT.DE BENS IMOVEIS/INSTALACOES",53,"FERRAGENS E ABRASIVOS",5340,"FERRAGENS DIVERSAS","02271","ALDRABA","Porta cadeado, aldabra, 2 1/2 pol, ferro galvanizado",44663,"Media","UNIDADE","INTEGRAL","CUSTO SUPORTE - MATERIAL",null,100,6.9,690]
["BASE",2,24,"MATERIAL P/ MANUT.DE BENS IMOVEIS/INSTALACOES",53,"FERRAGENS E ABRASIVOS",5340,"FERRAGENS DIVERSAS","02271","ALDRABA","Porta cadeado, aldabra, 3 1/2 pol, ferro galvanizado",44663,"Media","UNIDADE","INTEGRAL","CUSTO SUPORTE - MATERIAL",null,30,10.08,302.39999999999998]
["BASE",3,24,"MATERIAL P/ MANUT.DE BENS IMOVEIS/INSTALACOES",53,"FERRAGENS E ABRASIVOS",5340,"FERRAGENS DIVERSAS","02271","ALDRABA","Porta cadeado, aldabra, 5 pol, ferro galvanizado",44663,"Media","UNIDADE","INTEGRAL","CUSTO SUPORTE - MATERIAL",null,30,12.17,365.1]
["BASE",4,24,"MATERIAL P/ MANUT.DE BENS IMOVEIS/INSTALACOES",47,"CANOS, TUBOS, MANGUEIRAS E ACESSÓRIOS",4730,"ACESSÓRIOS E FERRAGENS ESPECIAIS PARA  MANGUEIRAS, CANOS  E TUBOS","14778","BRAÇADEIRA ASPERSOR","Abraçadeira, material: metal galvanizado, aplicação: fixação mangueira, diâmetro amarração: 1 pol",44663,"Media","UNIDADE","INTEGRAL","CUSTO SUPORTE - MATERIAL",null,40,3.52,140.80000000000001]
["BASE",5,24,"MATERIAL P/ MANUT.DE BENS IMOVEIS/INSTALACOES",47,"CANOS, TUBOS, MANGUEIRAS E ACESSÓRIOS",4730,"ACESSÓRIOS E FERRAGENS ESPECIAIS PARA  MANGUEIRAS, CANOS  E TUBOS","14778","BRAÇADEIRA ASPERSOR","Abraçadeira, material: metal galvanizado, aplicação: fixação mangueira, diâmetro amarração: 2 pol",44663,"Media","UNIDADE","INTEGRAL","CUSTO SUPORTE - MATERIAL",null,40,4.3499999999999996,174]
["BASE",6,24,"MATERIAL P/ MANUT.DE BENS IMOVEIS/INSTALACOES",47,"CANOS, TUBOS, MANGUEIRAS E ACESSÓRIOS",4730,"ACESSÓRIOS E FERRAGENS ESPECIAIS PARA  MANGUEIRAS, CANOS  E TUBOS","14778","BRAÇADEIRA ASPERSOR","Abraçadeira, material: metal galvanizado, aplicação: fixação mangueira, diâmetro amarração: 3 pol",44754,"Media","UNIDADE","INTEGRAL","CUSTO SUPORTE - MATERIAL",null,40,5.03,201.2]
["BASE",7,24,"MATERIAL P/ MANUT.DE BENS IMOVEIS/INSTALACOES",53,"FERRAGENS E ABRASIVOS",5340,"FERRAGENS DIVERSAS","02271","ALDRABA","Aldrava de ferro com pitão 16 x 50",44754,"Media","UNIDADE","INTEGRAL","CUSTO SUPORTE - MATERIAL",null,10,5,50]
["BASE",8,24,"MATERIAL P/ MANUT.DE BENS IMOVEIS/INSTALACOES",53,"FERRAGENS E ABRASIVOS",5340,"FERRAGENS DIVERSAS","02271","ALDRABA","Aldrava de ferro com pitão 19 x 80",44754,"Media","UNIDADE","INTEGRAL","CUSTO SUPORTE - MATERIAL",null,10,5,50]
["BASE",9,24,"MATERIAL P/ MANUT.DE BENS IMOVEIS/INSTALACOES",53,"FERRAGENS E ABRASIVOS",5340,"FERRAGENS DIVERSAS","02271","ALDRABA","Aldrava de ferro com pitão 20 x 100",44754,"Media","UNIDADE","INTEGRAL","CUSTO SUPORTE - MATERIAL",null,10,5,50]
["BASE",10,24,"MATERIAL P/ MANUT.DE BENS IMOVEIS/INSTALACOES",53,"FERRAGENS E ABRASIVOS",5340,"FERRAGENS DIVERSAS","02271","ALDRABA","Aldrava de ferro com pitão 22 x 140",44663,"Media","UNIDADE","INTEGRAL","CUSTO SUPORTE - MATERIAL",null,10,5,50]
["BASE",11,24,"MATERIAL P/ MANUT.DE BENS IMOVEIS/INSTALACOES",56,"MATERIAIS PARA CONSTRUÇÃO",5660,"CERCAS, GRADES E PORTÕES","00901","ARAME FARPADO","Arame farpado, material: aço, diâmetro: 2,76 mm, tratamento superficial: galvanizado, características adicionais: concertina clipada (dupla) 300mm",44663,"Media","METRO","INTEGRAL","CUSTO SUPORTE - MATERIAL",null,4,150,600]
["BASE",12,24,"MATERIAL P/ MANUT.DE BENS IMOVEIS/INSTALACOES",56,"MATERIAIS PARA CONSTRUÇÃO",5660,"CERCAS, GRADES E PORTÕES","00901","ARAME FARPADO","Arame farpado, material: aço, diâmetro: 2,76 mm, tratamento superficial: galvanizado, características adicionais: concertina simples 300mm",44663,"Media","METRO","INTEGRAL","CUSTO SUPORTE - MATERIAL",null,2,150,300]
["BASE",13,24,"MATERIAL P/ MANUT.DE BENS IMOVEIS/INSTALACOES",95,"BARRAS, CHAPAS E PERFILADOS METÁLICOS",9505,"ARAMES DE FERRO E DE AÇO, NÃO UTILIZÁVEIS EM ELETRICIDADE","02969","ARAME GALVANIZADO","Arame galvanizado, material: aço carbono, tipo: nº 16",44663,"Media","METRO","INTEGRAL","CUSTO SUPORTE - MATERIAL",null,10,29.86,298.60000000000002]
["BASE",14,24,"MATERIAL P/ MANUT.DE BENS IMOVEIS/INSTALACOES",95,"BARRAS, CHAPAS E PERFILADOS METÁLICOS",9505,"ARAMES DE FERRO E DE AÇO, NÃO UTILIZÁVEIS EM ELETRICIDADE","02969","ARAME GALVANIZADO","Arame galvanizado, material: arame galvanizado, tipo: nº 18",44663,"Media","METRO","INTEGRAL","CUSTO SUPORTE - MATERIAL",null,10,26.7,267]
["BASE",15,24,"MATERIAL P/ MANUT.DE BENS IMOVEIS/INSTALACOES",95,"BARRAS, CHAPAS E PERFILADOS METÁLICOS",9505,"ARAMES DE FERRO E DE AÇO, NÃO UTILIZÁVEIS EM ELETRICIDADE","02969","ARAME GALVANIZADO","Arame galvanizado, material: metal, tipo: nº 12",44663,"Media","METRO","INTEGRAL","CUSTO SUPORTE - MATERIAL",null,10,18,180]
["BASE",16,24,"MATERIAL P/ MANUT.DE BENS IMOVEIS/INSTALACOES",95,"BARRAS, CHAPAS E PERFILADOS METÁLICOS",9505,"ARAMES DE FERRO E DE AÇO, NÃO UTILIZÁVEIS EM ELETRICIDADE","02969","ARAME GALVANIZADO","Arame galvanizado, material: metal, tipo: nº 14, diâmetro fio: 2,10 mm",44663,"Media","METRO","INTEGRAL","CUSTO SUPORTE - MATERIAL",null,10,23.54,235.4]
["BASE",17,24,"MATERIAL P/ MANUT.DE BENS IMOVEIS/INSTALACOES",53,"FERRAGENS E ABRASIVOS",5306,"PARAFUSOS COM PORCA","15217","PARAFUSO COM BUCHA E PORCA","Bucha com parafuso philips nr 10, c/ 100 und",44663,"Media","UNIDADE","INTEGRAL","CUSTO SUPORTE - MATERIAL",null,10,50,500]
["BASE",18,24,"MATERIAL P/ MANUT.DE BENS IMOVEIS/INSTALACOES",53,"FERRAGENS E ABRASIVOS",5306,"PARAFUSOS COM PORCA","15217","PARAFUSO COM BUCHA E PORCA","Bucha com parafuso philips nr 6, c/ 100 und",44663,"Media","UNIDADE","INTEGRAL","CUSTO SUPORTE - MATERIAL",null,10,42,420]
["BASE",19,24,"MATERIAL P/ MANUT.DE BENS IMOVEIS/INSTALACOES",53,"FERRAGENS E ABRASIVOS",5306,"PARAFUSOS COM PORCA","15217","PARAFUSO COM BUCHA E PORCA","Bucha com parafuso philips nr 8, c/ 100 und",44663,"Media","UNIDADE","INTEGRAL","CUSTO SUPORTE - MATERIAL",null,10,84,840]
["BASE",20,24,"MATERIAL P/ MANUT.DE BENS IMOVEIS/INSTALACOES",53,"FERRAGENS E ABRASIVOS",5306,"PARAFUSOS COM PORCA","15217","PARAFUSO COM BUCHA E PORCA","Bucha para parede 10mm, c/ 100 und",44663,"Media","UNIDADE","INTEGRAL","CUSTO SUPORTE - MATERIAL",null,4,30,120]
["BASE",21,24,"MATERIAL P/ MANUT.DE BENS IMOVEIS/INSTALACOES",53,"FERRAGENS E ABRASIVOS",5306,"PARAFUSOS COM PORCA","15217","PARAFUSO COM BUCHA E PORCA","Bucha para parede 6mm, c/ 100 und",44663,"Media","Unidade","INTEGRAL","CUSTO SUPORTE - MATERIAL",null,4,27,108]
["BASE",22,24,"MATERIAL P/ MANUT.DE BENS IMOVEIS/INSTALACOES",53,"FERRAGENS E ABRASIVOS",5306,"PARAFUSOS COM PORCA","15217","PARAFUSO COM BUCHA E PORCA","Bucha para parede 8mm, c/ 100 und",44663,"Media","Unidade","INTEGRAL","CUSTO SUPORTE - MATERIAL",null,4,37.89,151.56]
["BASE",23,24,"MATERIAL P/ MANUT.DE BENS IMOVEIS/INSTALACOES",53,"FERRAGENS E ABRASIVOS",5335,"TELAS METÁLICAS","00580","TELA METÁLICA","Calha metálica, material: alumínio, comprimento 3m, largura 20cm, profundidade 20cm",44663,"Media","Unidade","INTEGRAL","CUSTO SUPORTE - MATERIAL",null,10,49,490]
["BASE",24,24,"MATERIAL P/ MANUT.DE BENS IMOVEIS/INSTALACOES",99,"DIVERSOS",9999,"ITENS DIVERSOS","11347","CANTONEIRA","Cantoneira metal ferroso, material: ferro, largura abas iguais: 3,4 pol, espessura: 1,8 pol, comprimento: 6 m",44663,"Media","Unidade","INTEGRAL","CUSTO SUPORTE - MATERIAL",null,10,46,460]
["BASE",25,24,"MATERIAL P/ MANUT.DE BENS IMOVEIS/INSTALACOES",99,"DIVERSOS",9999,"ITENS DIVERSOS","11347","CANTONEIRA","Cantoneira metal ferroso, material: ferro, tipo: abas iguais, largura abas iguais: 1,2 pol, espessura: 1,8 pol, comprimento: 6 m, características adicionais: acabamento divisória",44663,"Media","Unidade","INTEGRAL","CUSTO SUPORTE - MATERIAL",null,10,40,400]
["BASE",26,24,"MATERIAL P/ MANUT.DE BENS IMOVEIS/INSTALACOES",99,"DIVERSOS",9999,"ITENS DIVERSOS","11347","CANTONEIRA","Cantoneira metal não ferroso, material: aço inox aisi 304, comprimento: 6 m, tipo: abas iguais, tamanho abas: 1 pol, espessura abas: 1,8 pol",44663,"Media","Unidade","INTEGRAL","CUSTO SUPORTE - MATERIAL",null,10,60,600]
["BASE",27,24,"MATERIAL P/ MANUT.DE BENS IMOVEIS/INSTALACOES",99,"DIVERSOS",9999,"ITENS DIVERSOS","11347","CANTONEIRA","Cantoneira metal não ferroso, material: aço inox aisi 304, comprimento: 6 m, tipo: abas iguais, tamanho abas: 3,4 pol, espessura abas: 1,8 pol",44663,"Media","Unidade","INTEGRAL","CUSTO SUPORTE - MATERIAL",null,10,95,950]
["BASE",28,24,"MATERIAL P/ MANUT.DE BENS IMOVEIS/INSTALACOES",51,"FERRAMENTAS MANUAIS",5133,"BROCAS, ALARGADORES, ESCARIADORES, MANUAIS E PARA USO EM  MÁQUINAS","18615","CONJUNTO BROCA","Conjunto broca, material: aço rápido, aplicação: metal, componentes: 5 peças de 5,6,8,10,12 mm",44663,"Media","Unidade","INTEGRAL","CUSTO SUPORTE - MATERIAL",null,8,72,576]
["BASE",29,24,"MATERIAL P/ MANUT.DE BENS IMOVEIS/INSTALACOES",51,"FERRAMENTAS MANUAIS",5133,"BROCAS, ALARGADORES, ESCARIADORES, MANUAIS E PARA USO EM  MÁQUINAS","18615","CONJUNTO BROCA","Conjunto broca, material: aço, aplicação: madeira, componentes: 7 peças de 3, 4, 5, 6, 7, 8 e 10mm, tipo: cilíndrica com 3 pontas",44663,"Media","Unidade","INTEGRAL","CUSTO SUPORTE - MATERIAL",null,8,119,952]
["BASE",30,24,"MATERIAL P/ MANUT.DE BENS IMOVEIS/INSTALACOES",51,"FERRAMENTAS MANUAIS",5133,"BROCAS, ALARGADORES, ESCARIADORES, MANUAIS E PARA USO EM  MÁQUINAS","18615","CONJUNTO BROCA","Conjunto broca, material: vídea, aplicação: concreto, componentes: 8 peças de 3; 4, 5, 6,\n7, 8, 9 e 10mm",44663,"Media","Unidade","INTEGRAL","CUSTO SUPORTE - MATERIAL",null,8,122.95,983.6]
["BASE",31,24,"MATERIAL P/ MANUT.DE BENS IMOVEIS/INSTALACOES",53,"FERRAGENS E ABRASIVOS",5306,"PARAFUSOS COM PORCA","15217","PARAFUSO COM BUCHA E PORCA","Conjunto bucha e parafuso para fixação de vaso e lavatório",44663,"Media","Unidade","INTEGRAL","CUSTO SUPORTE - MATERIAL",null,30,32.549999999999997,976.5]
["BASE",32,24,"MATERIAL P/ MANUT.DE BENS IMOVEIS/INSTALACOES",53,"FERRAGENS E ABRASIVOS",5340,"FERRAGENS DIVERSAS","13880","DOBRADIÇA","Dobradiça de 2pol, com parafusos",44663,"Media","Unidade","INTEGRAL","CUSTO SUPORTE - MATERIAL",null,20,6,120]
["BASE",33,24,"MATERIAL P/ MANUT.DE BENS IMOVEIS/INSTALACOES",53,"FERRAGENS E ABRASIVOS",5340,"FERRAGENS DIVERSAS","13880","DOBRADIÇA","Dobradiça de 4pol, com parafusos",44663,"Media","Unidade","INTEGRAL","CUSTO SUPORTE - MATERIAL",null,130,5,650]
["BASE",34,24,"MATERIAL P/ MANUT.DE BENS IMOVEIS/INSTALACOES",53,"FERRAGENS E ABRASIVOS",5340,"FERRAGENS DIVERSAS","13880","DOBRADIÇA","Dobradiça de 6pol, com parafusos",44663,"Media","Unidade","INTEGRAL","CUSTO SUPORTE - MATERIAL",null,20,7.86,157.19999999999999]
["BASE",35,24,"MATERIAL P/ MANUT.DE BENS IMOVEIS/INSTALACOES",95,"BARRAS, CHAPAS E PERFILADOS METÁLICOS",9505,"ARAMES DE FERRO E DE AÇO, NÃO UTILIZÁVEIS EM ELETRICIDADE","02962","ARAME","Estribo espessura 4,2mm, 15cm x 25cm",44663,"Media","Unidade","INTEGRAL","CUSTO SUPORTE - MATERIAL",null,80,3,240]
["BASE",36,24,"MATERIAL P/ MANUT.DE BENS IMOVEIS/INSTALACOES",95,"BARRAS, CHAPAS E PERFILADOS METÁLICOS",9545,"PLACAS, CHAPAS, FITAS E LAMINADOS FINOS DE METAIS PRECIOSOS","02962","ARAME","Estribo espessura 4,2mm, 7cm x 12cm",44754,"Media","Unidade","INTEGRAL","CUSTO SUPORTE - MATERIAL",null,80,3,240]
["BASE",37,24,"MATERIAL P/ MANUT.DE BENS IMOVEIS/INSTALACOES",53,"FERRAGENS E ABRASIVOS",5340,"FERRAGENS DIVERSAS","00566","FECHADURA","Fechadura externa com 2 cópias de chaves, em aço zincado e cromado, lingueta, trinco, testa e cubo em aço cromado.",44663,"Media","Unidade","INTEGRAL","CUSTO SUPORTE - MATERIAL",null,30,52,1560]
["BASE",38,24,"MATERIAL P/ MANUT.DE BENS IMOVEIS/INSTALACOES",53,"FERRAGENS E ABRASIVOS",5340,"FERRAGENS DIVERSAS","00566","FECHADURA","Fechadura para banheiro com trava interna, em aço zincado e cromado, lingueta, trinco, testa e cubo em aço cromado.",44663,"Media","Unidade","INTEGRAL","CUSTO SUPORTE - MATERIAL",null,25,56.8,1420]
["BASE",39,24,"MATERIAL P/ MANUT.DE BENS IMOVEIS/INSTALACOES",53,"FERRAGENS E ABRASIVOS",5340,"FERRAGENS DIVERSAS","00566","FECHADURA","Fechadura para porta de vidro de abrir, cor a definir, vidros 6, 8 e 10mm, em latão",44663,"Media","Unidade","INTEGRAL","CUSTO SUPORTE - MATERIAL",null,10,92,920]
["BASE",40,24,"MATERIAL P/ MANUT.DE BENS IMOVEIS/INSTALACOES",53,"FERRAGENS E ABRASIVOS",5340,"FERRAGENS DIVERSAS","00566","FECHADURA","Fechadura, material caixa: metal, componentes: duas chaves, tipo: tetra, aplicação: porta",44663,"Media","Unidade","INTEGRAL","CUSTO SUPORTE - MATERIAL",null,30,58.9,1767]
["BASE",41,24,"MATERIAL P/ MANUT.DE BENS IMOVEIS/INSTALACOES",95,"BARRAS, CHAPAS E PERFILADOS METÁLICOS",9510,"BARRAS E VERGALHÕES DE FERRO E DE AÇO","02047","FERRO CHATO","Ferro de construção 1/2”, 6m",44663,"Media","Metro","INTEGRAL","CUSTO SUPORTE - MATERIAL",null,20,29,580]
["BASE",42,24,"MATERIAL P/ MANUT.DE BENS IMOVEIS/INSTALACOES",95,"BARRAS, CHAPAS E PERFILADOS METÁLICOS",9510,"BARRAS E VERGALHÕES DE FERRO E DE AÇO","02047","FERRO CHATO","Ferro de construção 1/4”, 6m",44663,"Media","Metro","INTEGRAL","CUSTO SUPORTE - MATERIAL",null,20,36.81,736.2]
["BASE",43,24,"MATERIAL P/ MANUT.DE BENS IMOVEIS/INSTALACOES",53,"FERRAGENS E ABRASIVOS",5305,"PARAFUSOS SEM PORCA","18793","PARAFUSO","Parafuso autobrocante 12x1 ½",44663,"Media","Centena","INTEGRAL","CUSTO SUPORTE - MATERIAL",null,10,54.5,545]
["BASE",44,24,"MATERIAL P/ MANUT.DE BENS IMOVEIS/INSTALACOES",53,"FERRAGENS E ABRASIVOS",5305,"PARAFUSOS SEM PORCA","18793","PARAFUSO","Parafuso cromado p/ fixar espelho e vidro, 17mm x 15 mm estilo botão francês",44663,"Media","Centena","INTEGRAL","CUSTO SUPORTE - MATERIAL",null,30,9.8000000000000007,294]
["BASE",45,24,"MATERIAL P/ MANUT.DE BENS IMOVEIS/INSTALACOES",53,"FERRAGENS E ABRASIVOS",5305,"PARAFUSOS SEM PORCA","18793","PARAFUSO","Parafuso fixação cumeeira, em aço, zincado, compr 20cm, diâm 5mm, rosca soberba, c/ anel borracha flexível p/ vedação.",44663,"Media","Centena","INTEGRAL","CUSTO SUPORTE - MATERIAL",null,10,29,290]
["BASE",46,24,"MATERIAL P/ MANUT.DE BENS IMOVEIS/INSTALACOES",53,"FERRAGENS E ABRASIVOS",5305,"PARAFUSOS SEM PORCA","18793","PARAFUSO","Parafuso fixação telhado, aço carbono zincado, compr 11cm, diâm 5mm, rosca soberba, c/ anel borracha flexível p/ vedação",44663,"Media","Centena","INTEGRAL","CUSTO SUPORTE - MATERIAL",null,4,95,380]
["BASE",47,24,"MATERIAL P/ MANUT.DE BENS IMOVEIS/INSTALACOES",53,"FERRAGENS E ABRASIVOS",5305,"PARAFUSOS SEM PORCA","10439","PARAFUSO METÁLICO","Parafuso metálico, cabeça fenda, 8mm x 5cm",44663,"Media","Centena","INTEGRAL","CUSTO SUPORTE - MATERIAL",null,3,29.97,89.91]
["BASE",48,24,"MATERIAL P/ MANUT.DE BENS IMOVEIS/INSTALACOES",53,"FERRAGENS E ABRASIVOS",5305,"PARAFUSOS SEM PORCA","10453","PARAFUSO CABEÇA CHATA","Parafuso p/ madeira, cabeça chata ponta agulha, p/ forro madeira, ferro zincado, 4,2x13mm",44663,"Media","Centena","INTEGRAL","CUSTO SUPORTE - MATERIAL",null,5,25.5,127.5]
["BASE",49,24,"MATERIAL P/ MANUT.DE BENS IMOVEIS/INSTALACOES",53,"FERRAGENS E ABRASIVOS",5305,"PARAFUSOS SEM PORCA","10453","PARAFUSO CABEÇA CHATA","Parafuso p/ madeira, cabeça chata, fenda cruzada phillips, ferro zincado, 5,0x60mm",44663,"Media","Centena","INTEGRAL","CUSTO SUPORTE - MATERIAL",null,5,38.479999999999997,192.4]
["BASE",50,24,"MATERIAL P/ MANUT.DE BENS IMOVEIS/INSTALACOES",53,"FERRAGENS E ABRASIVOS",5305,"PARAFUSOS SEM PORCA","10453","PARAFUSO CABEÇA CHATA","Parafuso philips, cabeça chata, com tratamento antiferrugem nº 10",44663,"Media","Centena","INTEGRAL","CUSTO SUPORTE - MATERIAL",null,5,14.9,74.5]
["BASE",51,24,"MATERIAL P/ MANUT.DE BENS IMOVEIS/INSTALACOES",53,"FERRAGENS E ABRASIVOS",5305,"PARAFUSOS SEM PORCA","10453","PARAFUSO CABEÇA CHATA","Parafuso philips, cabeça chata, com tratamento antiferrugem nº 12",44663,"Media","Centena","INTEGRAL","CUSTO SUPORTE - MATERIAL",null,5,21.85,109.25]
["BASE",52,24,"MATERIAL P/ MANUT.DE BENS IMOVEIS/INSTALACOES",53,"FERRAGENS E ABRASIVOS",5305,"PARAFUSOS SEM PORCA","10453","PARAFUSO CABEÇA CHATA","Parafuso philips, cabeça chata, com tratamento antiferrugem nº 4",44754,"Media","Centena","INTEGRAL","CUSTO SUPORTE - MATERIAL",null,5,11.64,58.2]
["BASE",53,24,"MATERIAL P/ MANUT.DE BENS IMOVEIS/INSTALACOES",53,"FERRAGENS E ABRASIVOS",5305,"PARAFUSOS SEM PORCA","10453","PARAFUSO CABEÇA CHATA","Parafuso philips, cabeça chata, com tratamento antiferrugem nº 6",44754,"Media","Centena","INTEGRAL","CUSTO SUPORTE - MATERIAL",null,5,5,25]
["BASE",54,24,"MATERIAL P/ MANUT.DE BENS IMOVEIS/INSTALACOES",53,"FERRAGENS E ABRASIVOS",5305,"PARAFUSOS SEM PORCA","10453","PARAFUSO CABEÇA CHATA","Parafuso philips, cabeça chata, com tratamento antiferrugem nº 8",44754,"Media","Centena","INTEGRAL","CUSTO SUPORTE - MATERIAL",null,5,9.64,48.2]
["BASE",55,24,"MATERIAL P/ MANUT.DE BENS IMOVEIS/INSTALACOES",53,"FERRAGENS E ABRASIVOS",5315,"PREGOS, CHAVETAS E PINOS","13621","PREGO","Prego Aço Galvanizado U 1,1x19mm",44754,"Media","Unidade","INTEGRAL","CUSTO SUPORTE - MATERIAL",null,5,27,135]
["BASE",56,24,"MATERIAL P/ MANUT.DE BENS IMOVEIS/INSTALACOES",53,"FERRAGENS E ABRASIVOS",5315,"PREGOS, CHAVETAS E PINOS","13621","PREGO","Prego inox 10 x 10, com cabeça",44754,"Media","Unidade","INTEGRAL","CUSTO SUPORTE - MATERIAL",null,10,17.989999999999998,179.9]
["BASE",57,24,"MATERIAL P/ MANUT.DE BENS IMOVEIS/INSTALACOES",53,"FERRAGENS E ABRASIVOS",5315,"PREGOS, CHAVETAS E PINOS","13621","PREGO","Prego inox 10 x 10, sem cabeça",44754,"Media","Unidade","INTEGRAL","CUSTO SUPORTE - MATERIAL",null,10,19.989999999999998,199.9]
["BASE",58,24,"MATERIAL P/ MANUT.DE BENS IMOVEIS/INSTALACOES",53,"FERRAGENS E ABRASIVOS",5315,"PREGOS, CHAVETAS E PINOS","13621","PREGO","Prego inox 13 x 18 sem cabeça",44663,"Media","Unidade","INTEGRAL","CUSTO SUPORTE - MATERIAL",null,10,20.51,205.1]
["BASE",59,24,"MATERIAL P/ MANUT.DE BENS IMOVEIS/INSTALACOES",53,"FERRAGENS E ABRASIVOS",5315,"PREGOS, CHAVETAS E PINOS","13621","PREGO","Prego inox 17 x 27 com cabeça",44663,"Media","Unidade","INTEGRAL","CUSTO SUPORTE - MATERIAL",null,25,26.25,656.25]
["BASE",60,24,"MATERIAL P/ MANUT.DE BENS IMOVEIS/INSTALACOES",53,"FERRAGENS E ABRASIVOS",5315,"PREGOS, CHAVETAS E PINOS","13621","PREGO","Prego inox 21 x 45 com cabeça",44663,"Media","Unidade","INTEGRAL","CUSTO SUPORTE - MATERIAL",null,10,23,230]
["BASE",61,24,"MATERIAL P/ MANUT.DE BENS IMOVEIS/INSTALACOES",53,"FERRAGENS E ABRASIVOS",5320,"REBITES","00610","REBITE POP","Rebite pop, material: alumínio, tipo: repuxo, tipo aba: comum, diâmetro corpo: 3,20 mm, comprimento: 16 mm",44663,"Media","Centena","INTEGRAL","CUSTO SUPORTE - MATERIAL",null,10,15,150]
["BASE",62,24,"MATERIAL P/ MANUT.DE BENS IMOVEIS/INSTALACOES",47,"CANOS, TUBOS, MANGUEIRAS E ACESSÓRIOS",4730,"ACESSÓRIOS E FERRAGENS ESPECIAIS PARA  MANGUEIRAS, CANOS  E TUBOS","14482","CONJUNTO REPARO REGISTRO","Registro esfera, material: metal cromado, tipo: manual, bitola: 1,2\", tipo fixação: roscável",44663,"Media","Unidade","INTEGRAL","CUSTO SUPORTE - MATERIAL",null,10,21,210]
["BASE",63,24,"MATERIAL P/ MANUT.DE BENS IMOVEIS/INSTALACOES",47,"CANOS, TUBOS, MANGUEIRAS E ACESSÓRIOS",4730,"ACESSÓRIOS E FERRAGENS ESPECIAIS PARA  MANGUEIRAS, CANOS  E TUBOS","14482","CONJUNTO REPARO REGISTRO","Registro esfera, material: metal cromado, tipo: manual, bitola: 3,4\", tipo fixação: roscável",44663,"Media","Unidade","INTEGRAL","CUSTO SUPORTE - MATERIAL",null,10,24.9,249]
["BASE",64,24,"MATERIAL P/ MANUT.DE BENS IMOVEIS/INSTALACOES",53,"FERRAGENS E ABRASIVOS",5335,"TELAS METÁLICAS","00580","TELA METÁLICA","Tela metálica, material: aço galvanizado, tipo abertura malha: metal expandido, tamanho abertura malha: 50 x 20 mm, diâmetro fio: 3 mm, comprimento: 2 m, altura: 1 m",44754,"Media","Metro","INTEGRAL","CUSTO SUPORTE - MATERIAL",null,5,190,950]
["BASE",65,24,"MATERIAL P/ MANUT.DE BENS IMOVEIS/INSTALACOES",53,"FERRAGENS E ABRASIVOS",5335,"TELAS METÁLICAS","00580","TELA METÁLICA","Tela metálica, material: aço galvanizado, tipo tela: arame, tipo abertura malha: quadrangular, tamanho abertura malha: 25,4 mm, diâmetro fio: 3,20 mm, largura: 1000 mm",44754,"Media","Metro","INTEGRAL","CUSTO SUPORTE - MATERIAL",null,3,280,840]
["BASE",66,24,"MATERIAL P/ MANUT.DE BENS IMOVEIS/INSTALACOES",53,"FERRAGENS E ABRASIVOS",5335,"TELAS METÁLICAS","00580","TELA METÁLICA","Tela metálica, material: aço galvanizado, tipo tela: soldada, tipo abertura malha: quadrangular, tamanho abertura malha: 15 x 15 cm, diâmetro fio: 4,20 mm, comprimento: 3 m, altura: 2 m, aplicação: construção civil, características adicionais: fabricação de acordo normas abnt",44754,"Media","Metro","INTEGRAL","CUSTO SUPORTE - MATERIAL",null,5,130,650]
["BASE",67,24,"MATERIAL P/ MANUT.DE BENS IMOVEIS/INSTALACOES",53,"FERRAGENS E ABRASIVOS",5335,"TELAS METÁLICAS","00580","TELA METÁLICA","Tela metálica, material: arame galvanizado, tipo tela: alambrado, tipo abertura malha: losangular, tamanho abertura malha: 100 x 50 mm, diâmetro fio: 2,20 mm, comprimento: 25 m, altura: 1,50 m",44754,"Media","ROLO","INTEGRAL","CUSTO SUPORTE - MATERIAL",null,2,670,1340]
["BASE",68,24,"MATERIAL P/ MANUT.DE BENS IMOVEIS/INSTALACOES",53,"FERRAGENS E ABRASIVOS",5335,"TELAS METÁLICAS","00580","TELA METÁLICA","Tela metálica, material: metal, tipo tela: ondulado, tipo abertura malha: quadrangular, tamanho abertura malha: 1,20 x 1,20 cm, diâmetro fio: 2,11 mm, comprimento: 2 m, altura: 2 m",44754,"Media","Metro","INTEGRAL","CUSTO SUPORTE - MATERIAL",null,5,225.69,1128.45]
["BASE",69,24,"MATERIAL P/ MANUT.DE BENS IMOVEIS/INSTALACOES",56,"MATERIAIS PARA CONSTRUÇÃO",5650,"MATERIAIS PARA TELHADOS E REVESTIMENTO DE PAREDES","00813","TELHA","Telha, material: alumínio e zinco, tipo: trapezoidal, comprimento: 5 m, largura: 1,10 m",44754,"Media","Unidade","INTEGRAL","CUSTO SUPORTE - MATERIAL",null,2,344.87,689.74]
["BASE",70,24,"MATERIAL P/ MANUT.DE BENS IMOVEIS/INSTALACOES",56,"MATERIAIS PARA CONSTRUÇÃO",5650,"MATERIAIS PARA TELHADOS E REVESTIMENTO DE PAREDES","00813","TELHA","Telha, material: zinco, tipo: trapezoidal, comprimento: 2,20 m, largura: 110 m",44754,"Media","Unidade","INTEGRAL","CUSTO SUPORTE - MATERIAL",null,10,80,800]
["BASE",71,24,"MATERIAL P/ MANUT.DE BENS IMOVEIS/INSTALACOES",47,"CANOS, TUBOS, MANGUEIRAS E ACESSÓRIOS",4710,"CANOS E TUBOS","13642","TUBO AÇO","Tubo aço carbono com costura, diâmetro nominal: 2 pol, espessura paredes: 4,7 mm, comprimento: 6 m",44663,"Media","Metro","INTEGRAL","CUSTO SUPORTE - MATERIAL",null,7,134.62,942.34]
["BASE",72,24,"MATERIAL P/ MANUT.DE BENS IMOVEIS/INSTALACOES",47,"CANOS, TUBOS, MANGUEIRAS E ACESSÓRIOS",4710,"CANOS E TUBOS","13642","TUBO AÇO","Tubo aço, especificação: aço carbono, comprimento: 6 m, características adicionais: preto com costura, diâmetro nominal: 1 1,4 pol, espessura parede: 3 mm",44663,"Media","Metro","INTEGRAL","CUSTO SUPORTE - MATERIAL",null,7,115.82,810.74]
["BASE",73,24,"MATERIAL P/ MANUT.DE BENS IMOVEIS/INSTALACOES",47,"CANOS, TUBOS, MANGUEIRAS E ACESSÓRIOS",4710,"CANOS E TUBOS","13642","TUBO AÇO","Tubo aço, especificação: aço carbono, comprimento: 6 m, características adicionais: preto com costura, diâmetro nominal: 2 1,2 pol, espessura parede: 3 mm",44663,"Media","Metro","INTEGRAL","CUSTO SUPORTE - MATERIAL",null,7,141,987]
["BASE",74,24,"MATERIAL P/ MANUT.DE BENS IMOVEIS/INSTALACOES",47,"CANOS, TUBOS, MANGUEIRAS E ACESSÓRIOS",4710,"CANOS E TUBOS","13642","TUBO AÇO","Tubo aço, especificação: aço carbono, comprimento: 6 m, características adicionais: preto com costura, diâmetro nominal: 3 pol, espessura parede: 3 mm",44663,"Media","Metro","INTEGRAL","CUSTO SUPORTE - MATERIAL",null,7,141,987]
["BASE",75,24,"MATERIAL P/ MANUT.DE BENS IMOVEIS/INSTALACOES",95,"BARRAS, CHAPAS E PERFILADOS METÁLICOS",9510,"BARRAS E VERGALHÕES DE FERRO E DE AÇO","13390","VERGALHÃO","Vergalhão, material: aço carbono, bitola: 1,2 pol, comprimento: 1 m, características adicionais: roscado",44663,"Media","Unidade","INTEGRAL","CUSTO SUPORTE - MATERIAL",null,7,104.4,730.8]
["BASE",76,24,"MATERIAL P/ MANUT.DE BENS IMOVEIS/INSTALACOES",95,"BARRAS, CHAPAS E PERFILADOS METÁLICOS",9510,"BARRAS E VERGALHÕES DE FERRO E DE AÇO","13390","VERGALHÃO","Vergalhão, material: aço carbono, bitola: 1,4 pol, comprimento: 1 m, características adicionais: roscado",44663,"Media","Unidade","INTEGRAL","CUSTO SUPORTE - MATERIAL",null,10,35,350]
["BASE",77,24,"MATERIAL P/ MANUT.DE BENS IMOVEIS/INSTALACOES",95,"BARRAS, CHAPAS E PERFILADOS METÁLICOS",9510,"BARRAS E VERGALHÕES DE FERRO E DE AÇO","13390","VERGALHÃO","Vergalhão, material: aço carbono, bitola: 3,8 pol, comprimento: 3 m, características adicionais: roscado",44754,"Media","Unidade","INTEGRAL","CUSTO SUPORTE - MATERIAL",null,10,85.4,854]
["BASE",78,24,"MATERIAL P/ MANUT.DE BENS IMOVEIS/INSTALACOES",95,"BARRAS, CHAPAS E PERFILADOS METÁLICOS",9510,"BARRAS E VERGALHÕES DE FERRO E DE AÇO","13390","VERGALHÃO","Vergalhão, material: aço carbono, bitola: 5,16 pol, comprimento: 3 m, características adicionais: roscado",44754,"Media","Unidade","INTEGRAL","CUSTO SUPORTE - MATERIAL",null,10,47.1,471]
["BASE",79,24,"MATERIAL P/ MANUT.DE BENS IMOVEIS/INSTALACOES",41,"EQUIPAMENTOS PARA REFRIGERAÇÃO, AR CONDICIONADO E CIRCULAÇÃODE AR",4130,"COMPONENTES DE EQUIPAMENTOS PARA REFRIGERAÇÃO E AR  CONDICIONADO","13530","REFIL","Abastecimento de gás Argônio para solda",44663,"Media","M³","INTEGRAL","CUSTO SUPORTE - MATERIAL",null,1,630,630]
["BASE",80,24,"MATERIAL P/ MANUT.DE BENS IMOVEIS/INSTALACOES",41,"EQUIPAMENTOS PARA REFRIGERAÇÃO, AR CONDICIONADO E CIRCULAÇÃODE AR",4130,"COMPONENTES DE EQUIPAMENTOS PARA REFRIGERAÇÃO E AR  CONDICIONADO","13530","REFIL","Abastecimento de gás Gás Acetileno  para solda",44663,"Media","M³","INTEGRAL","CUSTO SUPORTE - MATERIAL",null,1,257.49,257.49]
["BASE",81,24,"MATERIAL P/ MANUT.DE BENS IMOVEIS/INSTALACOES",41,"EQUIPAMENTOS PARA REFRIGERAÇÃO, AR CONDICIONADO E CIRCULAÇÃODE AR",4130,"COMPONENTES DE EQUIPAMENTOS PARA REFRIGERAÇÃO E AR  CONDICIONADO","13530","REFIL","Abastecimento de gás Gás Oxigênio para solda",44663,"Media","M³","INTEGRAL","CUSTO SUPORTE - MATERIAL",null,1,236,236]
["BASE",82,24,"MATERIAL P/ MANUT.DE BENS IMOVEIS/INSTALACOES",34,"MAQUINAS PARA TRABALHO EM METAIS",3439,"SUPRIMENTOS E ACESSÓRIOS PARA SOLDAS DIVERSAS, FRACAS E  FORTES","12434","PEÇAS E ACESSÓRIOS SOLDA","Anti Respingo para Solda em Pasta 350 gramas",44663,"Media","Unidade","INTEGRAL","CUSTO SUPORTE - MATERIAL",null,5,35,175]
["BASE",83,24,"MATERIAL P/ MANUT.DE BENS IMOVEIS/INSTALACOES",95,"BARRAS, CHAPAS E PERFILADOS METÁLICOS",9505,"ARAMES DE FERRO E DE AÇO, NÃO UTILIZÁVEIS EM ELETRICIDADE","02962","ARAME","Arame Mig para solda 0,8mm com gás. Rolo com 15kg.",44663,"Media","Unidade","INTEGRAL","CUSTO SUPORTE - MATERIAL",null,1,322.83999999999997,322.83999999999997]
["BASE",84,24,"MATERIAL P/ MANUT.DE BENS IMOVEIS/INSTALACOES",95,"BARRAS, CHAPAS E PERFILADOS METÁLICOS",9505,"ARAMES DE FERRO E DE AÇO, NÃO UTILIZÁVEIS EM ELETRICIDADE","02961","ARAME AÇO RECOZIDO","Arame recozido 1,2mm",44663,"Media","Kg","INTEGRAL","CUSTO SUPORTE - MATERIAL",null,10,23,230]
["BASE",85,24,"MATERIAL P/ MANUT.DE BENS IMOVEIS/INSTALACOES",53,"FERRAGENS E ABRASIVOS",5310,"PORCAS E ARRUELAS","00642","ARRUELA","Arruela Lisa, normal zincada. Tamanho:  1/4” pacote com 200 unidades",44754,"Media","Unidade","INTEGRAL","CUSTO SUPORTE - MATERIAL",null,1,46.35,46.35]
["BASE",86,24,"MATERIAL P/ MANUT.DE BENS IMOVEIS/INSTALACOES",53,"FERRAGENS E ABRASIVOS",5310,"PORCAS E ARRUELAS","00642","ARRUELA","Arruela Lisa, normal zincada. Tamanho: 1/2” pacote com 100",44754,"Media","Unidade","INTEGRAL","CUSTO SUPORTE - MATERIAL",null,1,30.74,30.74]
["BASE",87,24,"MATERIAL P/ MANUT.DE BENS IMOVEIS/INSTALACOES",53,"FERRAGENS E ABRASIVOS",5310,"PORCAS E ARRUELAS","00642","ARRUELA","Arruela Lisa, normal zincada. Tamanho: 3/8” pacote com 100 unidades",44754,"Media","Unidade","INTEGRAL","CUSTO SUPORTE - MATERIAL",null,1,13.85,13.85]
["BASE",88,24,"MATERIAL P/ MANUT.DE BENS IMOVEIS/INSTALACOES",53,"FERRAGENS E ABRASIVOS",5310,"PORCAS E ARRUELAS","00642","ARRUELA","Arruela Lisa, normal zincada. Tamanho: 5/16” pacote com 100 unidades",44754,"Media","Unidade","INTEGRAL","CUSTO SUPORTE - MATERIAL",null,1,55,55]
["BASE",89,24,"MATERIAL P/ MANUT.DE BENS IMOVEIS/INSTALACOES",53,"FERRAGENS E ABRASIVOS",5310,"PORCAS E ARRUELAS","00642","ARRUELA","Cabo galvanizado 4mm, rolo com 500m",44754,"Media","Unidade","INTEGRAL","CUSTO SUPORTE - MATERIAL",null,2,60,120]
["BASE",90,24,"MATERIAL P/ MANUT.DE BENS IMOVEIS/INSTALACOES",95,"BARRAS, CHAPAS E PERFILADOS METÁLICOS",9510,"BARRAS E VERGALHÕES DE FERRO E DE AÇO","03350","BARRA AÇO","Barra chata, material aço carbono, formato seção: chata, largura: 1/2 pol, espessura 1/8 pol , comprimento 6m",44754,"Media","Unidade","INTEGRAL","CUSTO SUPORTE - MATERIAL",null,10,61,610]
["BASE",91,24,"MATERIAL P/ MANUT.DE BENS IMOVEIS/INSTALACOES",95,"BARRAS, CHAPAS E PERFILADOS METÁLICOS",9510,"BARRAS E VERGALHÕES DE FERRO E DE AÇO","03350","BARRA AÇO","Barra chata, material aço carbono, formato seção: chata, largura: 1pol, espessura: 1/8pol, comprimento 6m.",44754,"Media","Unidade","INTEGRAL","CUSTO SUPORTE - MATERIAL",null,10,36.799999999999997,368]
["BASE",92,24,"MATERIAL P/ MANUT.DE BENS IMOVEIS/INSTALACOES",95,"BARRAS, CHAPAS E PERFILADOS METÁLICOS",9510,"BARRAS E VERGALHÕES DE FERRO E DE AÇO","03350","BARRA AÇO","Barra redonda, material aço carbono, 12,5mm, comprimento 6m",44754,"Media","Unidade","INTEGRAL","CUSTO SUPORTE - MATERIAL",null,10,69.72,697.2]
["BASE",93,24,"MATERIAL P/ MANUT.DE BENS IMOVEIS/INSTALACOES",95,"BARRAS, CHAPAS E PERFILADOS METÁLICOS",9510,"BARRAS E VERGALHÕES DE FERRO E DE AÇO","03350","BARRA AÇO","Barra redonda, material aço carbono, 20mm, comprimento 6m",44754,"Media","Unidade","INTEGRAL","CUSTO SUPORTE - MATERIAL",null,7,116.27,813.89]
["BASE",94,24,"MATERIAL P/ MANUT.DE BENS IMOVEIS/INSTALACOES",40,"CORDAS, CABOS, CORRENTES E SEUS ACESSÓRIOS",4020,"CABOS DE FIBRA, CORDOALHAS E BARBANTES","05852","CORDA FIBRA","Cabo galvanizado 4mm, rolo com 500m",44754,"Media","Rolo","INTEGRAL","CUSTO SUPORTE - MATERIAL",null,0,901,0]
["BASE",95,24,"MATERIAL P/ MANUT.DE BENS IMOVEIS/INSTALACOES",99,"DIVERSOS",9999,"ITENS DIVERSOS","11347","CANTONEIRA","Cantoneira de Alumínio 5/8 X 1/8 pol, com 6 metros.",44754,"Media","Unidade","INTEGRAL","CUSTO SUPORTE - MATERIAL",null,7,124.56,871.92]
["BASE",96,24,"MATERIAL P/ MANUT.DE BENS IMOVEIS/INSTALACOES",99,"DIVERSOS",9999,"ITENS DIVERSOS","11347","CANTONEIRA","Cantoneira de Alumínio 7/8 X 1/8 pol, com  6 metros.",44754,"Media","Unidade","INTEGRAL","CUSTO SUPORTE - MATERIAL",null,10,62.43,624.29999999999995]
["BASE",97,24,"MATERIAL P/ MANUT.DE BENS IMOVEIS/INSTALACOES",95,"BARRAS, CHAPAS E PERFILADOS METÁLICOS",9515,"PLACAS, CHAPAS, FITAS E LAMINADOS FINOS DE FERRO E DE AÇO","04844","CHAPA GALVANIZADA","Chapa alumínio, largura 60 cm, aplicação calha construção civil, espessura 0,4mm",44754,"Media","Metro","INTEGRAL","CUSTO SUPORTE - MATERIAL",null,4,230,920]
["BASE",98,24,"MATERIAL P/ MANUT.DE BENS IMOVEIS/INSTALACOES",95,"BARRAS, CHAPAS E PERFILADOS METÁLICOS",9515,"PLACAS, CHAPAS, FITAS E LAMINADOS FINOS DE FERRO E DE AÇO","04844","CHAPA GALVANIZADA","Chapa de aço galvanizada Nr 16, dimensões: 1,55x1200x2000mm.",44754,"Media","Unidade","INTEGRAL","CUSTO SUPORTE - MATERIAL",null,2,450,900]
["BASE",99,24,"MATERIAL P/ MANUT.DE BENS IMOVEIS/INSTALACOES",95,"BARRAS, CHAPAS E PERFILADOS METÁLICOS",9515,"PLACAS, CHAPAS, FITAS E LAMINADOS FINOS DE FERRO E DE AÇO","04844","CHAPA GALVANIZADA","Chapa de aço galvanizada Nr 18, dimensões: 1,20x1200x2000mm.",44754,"Media","Unidade","INTEGRAL","CUSTO SUPORTE - MATERIAL",null,2,300,600]
["BASE",100,24,"MATERIAL P/ MANUT.DE BENS IMOVEIS/INSTALACOES",95,"BARRAS, CHAPAS E PERFILADOS METÁLICOS",9515,"PLACAS, CHAPAS, FITAS E LAMINADOS FINOS DE FERRO E DE AÇO","04844","CHAPA GALVANIZADA","Chapa de aço galvanizada Nr 22, dimensões: 0,80x1000x2000mm.",44754,"Media","Unidade","INTEGRAL","CUSTO SUPORTE - MATERIAL",null,2,202,404]
["BASE",101,24,"MATERIAL P/ MANUT.DE BENS IMOVEIS/INSTALACOES",95,"BARRAS, CHAPAS E PERFILADOS METÁLICOS",9515,"PLACAS, CHAPAS, FITAS E LAMINADOS FINOS DE FERRO E DE AÇO","04844","CHAPA GALVANIZADA","Chapa Lambril Ondulado, aço galvanizado, dimesões: 110 x 200cm - 0,95mm, que atenda as Normas ABNT NBR 7008 ZC.",44754,"Media","Unidade","INTEGRAL","CUSTO SUPORTE - MATERIAL",null,2,300,600]
["BASE",102,24,"MATERIAL P/ MANUT.DE BENS IMOVEIS/INSTALACOES",40,"CORDAS, CABOS, CORRENTES E SEUS ACESSÓRIOS",4010,"CORRENTES E CABOS DE AÇO","05903","CORRENTE DE ACO","Corrente galvanizada elo 6mm.",44754,"Media","Metro","INTEGRAL","CUSTO SUPORTE - MATERIAL",null,10,25.86,258.60000000000002]
["BASE",103,24,"MATERIAL P/ MANUT.DE BENS IMOVEIS/INSTALACOES",34,"MAQUINAS PARA TRABALHO EM METAIS",5345,"DISCOS E PEDRAS ABRASIVOS","14901","DISCO CORTE","Disco de corte para ferro 7\" x 7/8\"",44663,"Media","Unidade","INTEGRAL","CUSTO SUPORTE - MATERIAL",null,100,8,800]
["BASE",104,24,"MATERIAL P/ MANUT.DE BENS IMOVEIS/INSTALACOES",53,"FERRAGENS E ABRASIVOS",5345,"DISCOS E PEDRAS ABRASIVOS","00569","DISCO DESBASTE","Disco de Desbaste para metal. Diâmetro: 115 X 22,23mm. Espessura: 6mm. Similar ou melhor qualidade a marca BOSCH.",44663,"Media","Unidade","INTEGRAL","CUSTO SUPORTE - MATERIAL",null,25,11.16,279]
["BASE",105,24,"MATERIAL P/ MANUT.DE BENS IMOVEIS/INSTALACOES",53,"FERRAGENS E ABRASIVOS",5345,"DISCOS E PEDRAS ABRASIVOS","00569","DISCO DESBASTE","Disco de Desbaste para Metal. Diâmetro: 180 X 22,23mm. Espessura: 6mm. Similar ou melhor qualidade a marca BOSCH.",44663,"Media","Unidade","INTEGRAL","CUSTO SUPORTE - MATERIAL",null,25,15,375]
["BASE",106,24,"MATERIAL P/ MANUT.DE BENS IMOVEIS/INSTALACOES",53,"FERRAGENS E ABRASIVOS",5345,"DISCOS E PEDRAS ABRASIVOS","00569","DISCO DESBASTE","Disco de Desbaste, para inox 4.1/2\" X 1/4\" X 7/8\". Similar ou melhor qualidade a marca BOSCH.",44663,"Media","unidade","INTEGRAL","CUSTO SUPORTE - MATERIAL",null,25,12,300]
["BASE",107,24,"MATERIAL P/ MANUT.DE BENS IMOVEIS/INSTALACOES",53,"FERRAGENS E ABRASIVOS",5345,"DISCOS E PEDRAS ABRASIVOS","00569","DISCO DESBASTE","Disco de Desbaste, para inox 7\" X 1/4\" X 7/8\". Similar ou melhor qualidade a marca BOSCH.",44663,"Media","unidade","INTEGRAL","CUSTO SUPORTE - MATERIAL",null,25,22.9,572.5]
["BASE",108,24,"MATERIAL P/ MANUT.DE BENS IMOVEIS/INSTALACOES",53,"FERRAGENS E ABRASIVOS",5345,"DISCOS E PEDRAS ABRASIVOS","17002","DISCOS E PEDRAS ABRASIVOS","Disco Flap de Zircônio e Óxido de Alumínio: 7\" x 7/8\" para ferro",44663,"Media","Unidade","INTEGRAL","CUSTO SUPORTE - MATERIAL",null,25,18.87,471.75]
["BASE",109,24,"MATERIAL P/ MANUT.DE BENS IMOVEIS/INSTALACOES",34,"MAQUINAS PARA TRABALHO EM METAIS",3439,"SUPRIMENTOS E ACESSÓRIOS PARA SOLDAS DIVERSAS, FRACAS E  FORTES","01157","ELETRODO SOLDA","Eletrodo revestido para Solda E 6013 2,5mm (Lata 1Kg).",44663,"Media","Unidade","INTEGRAL","CUSTO SUPORTE - MATERIAL",null,20,21.2,424]
["BASE",110,24,"MATERIAL P/ MANUT.DE BENS IMOVEIS/INSTALACOES",34,"MAQUINAS PARA TRABALHO EM METAIS",3439,"SUPRIMENTOS E ACESSÓRIOS PARA SOLDAS DIVERSAS, FRACAS E  FORTES","01157","ELETRODO SOLDA","Eletrodo revestido para Solda E 6013 3,25mm",44663,"Media","Kg","INTEGRAL","CUSTO SUPORTE - MATERIAL",null,5,30.24,151.19999999999999]
["BASE",111,24,"MATERIAL P/ MANUT.DE BENS IMOVEIS/INSTALACOES",34,"MAQUINAS PARA TRABALHO EM METAIS",3439,"SUPRIMENTOS E ACESSÓRIOS PARA SOLDAS DIVERSAS, FRACAS E  FORTES","01157","ELETRODO SOLDA","Eletrodo revestido para Solda E 7018 3,25mm",44663,"Media","Kg","INTEGRAL","CUSTO SUPORTE - MATERIAL",null,2,40.4,80.8]
["BASE",112,24,"MATERIAL P/ MANUT.DE BENS IMOVEIS/INSTALACOES",34,"MAQUINAS PARA TRABALHO EM METAIS",3439,"SUPRIMENTOS E ACESSÓRIOS PARA SOLDAS DIVERSAS, FRACAS E  FORTES","01157","ELETRODO SOLDA","Eletrodo revestido, 2,5mm, para  solda ferro fundido    .",44663,"Media","Kg","INTEGRAL","CUSTO SUPORTE - MATERIAL",null,2,63,126]
["BASE",113,24,"MATERIAL P/ MANUT.DE BENS IMOVEIS/INSTALACOES",34,"MAQUINAS PARA TRABALHO EM METAIS",3439,"SUPRIMENTOS E ACESSÓRIOS PARA SOLDAS DIVERSAS, FRACAS E  FORTES","01157","ELETRODO SOLDA","Eletrodo revestido, 2,5mm, para Solda - alumínio    ",44663,"Media","Unidade","INTEGRAL","CUSTO SUPORTE - MATERIAL",null,5,57.5,287.5]
["BASE",114,24,"MATERIAL P/ MANUT.DE BENS IMOVEIS/INSTALACOES",34,"MAQUINAS PARA TRABALHO EM METAIS",3439,"SUPRIMENTOS E ACESSÓRIOS PARA SOLDAS DIVERSAS, FRACAS E  FORTES","01157","ELETRODO SOLDA","Eletrodo revestido, 2,5mm, para Solda - inox    .",44663,"Media","Kg","INTEGRAL","CUSTO SUPORTE - MATERIAL",null,5,124.25,621.25]
["BASE",115,24,"MATERIAL P/ MANUT.DE BENS IMOVEIS/INSTALACOES",34,"MAQUINAS PARA TRABALHO EM METAIS",3426,"EQUIPAMENTOS PARA ACABAMENTO EM METAL","06694","EQUIPAMENTO DE ESTANHAGEM","Esquadro Magnético para Soldador",44663,"Media","Unidade","INTEGRAL","CUSTO SUPORTE - MATERIAL",null,4,79.989999999999995,319.95999999999998]
["BASE",116,24,"MATERIAL P/ MANUT.DE BENS IMOVEIS/INSTALACOES",34,"MAQUINAS PARA TRABALHO EM METAIS",3439,"SUPRIMENTOS E ACESSÓRIOS PARA SOLDAS DIVERSAS, FRACAS E  FORTES","01141","SOLDA ESTANHO","Estanho em Fio para Solda. Conteúdo: 0,025 Kg.",44663,"Media","Unidade","INTEGRAL","CUSTO SUPORTE - MATERIAL",null,4,100,400]
["BASE",117,24,"MATERIAL P/ MANUT.DE BENS IMOVEIS/INSTALACOES",80,"PINCÉIS, TINTAS, VEDANTES E ADESIVOS",8010,"TINTAS, VERNIZES E PRODUTOS CORRELATOS","12742","TINTA AUTOMOTIVA","Fundo para ferro primer, galão 3,6",44663,"Media","Galão","INTEGRAL","CUSTO SUPORTE - MATERIAL",null,5,62.9,314.5]
["BASE",118,24,"MATERIAL P/ MANUT.DE BENS IMOVEIS/INSTALACOES",53,"FERRAGENS E ABRASIVOS",5350,"MATERIAIS ABRASIVOS","00585","LIXA","lixa para ferro grãos de 100.",44663,"Media","PACOTE","INTEGRAL","CUSTO SUPORTE - MATERIAL",null,4,50,200]
["BASE",119,24,"MATERIAL P/ MANUT.DE BENS IMOVEIS/INSTALACOES",53,"FERRAGENS E ABRASIVOS",5350,"MATERIAIS ABRASIVOS","00585","LIXA","lixa para ferro grãos de 200.",44663,"Media","PACOTE","INTEGRAL","CUSTO SUPORTE - MATERIAL",null,4,50,200]
["BASE",120,24,"MATERIAL P/ MANUT.DE BENS IMOVEIS/INSTALACOES",53,"FERRAGENS E ABRASIVOS",5350,"MATERIAIS ABRASIVOS","00585","LIXA","lixa para ferro grãos de 400.",44663,"Media","PACOTE","INTEGRAL","CUSTO SUPORTE - MATERIAL",null,4,50,200]
["BASE",121,24,"MATERIAL P/ MANUT.DE BENS IMOVEIS/INSTALACOES",53,"FERRAGENS E ABRASIVOS",5350,"MATERIAIS ABRASIVOS","00585","LIXA","lixa para ferro grãos de 500.",44663,"Media","PACOTE","INTEGRAL","CUSTO SUPORTE - MATERIAL",null,4,50,200]
["BASE",122,24,"MATERIAL P/ MANUT.DE BENS IMOVEIS/INSTALACOES",34,"MAQUINAS PARA TRABALHO EM METAIS",3433,"EQUIPAMENTO PARA SOLDA A GÁS, CORTE POR AQUECIMENTO E DE  METALIZAÇÃO","01027","MAÇARICO CORTE","Maçarico corte, tipo gás acetileno série 1502, temperatura chama até 3.100 ¨c,capacidade cilindro 1 m3, tipo chama neutra, características adicionais bico de corte nº 04",44663,"Media","Unidade","INTEGRAL","CUSTO SUPORTE - MATERIAL",null,10,33.869999999999997,338.7]
["BASE",123,24,"MATERIAL P/ MANUT.DE BENS IMOVEIS/INSTALACOES",34,"MAQUINAS PARA TRABALHO EM METAIS",3433,"EQUIPAMENTO PARA SOLDA A GÁS, CORTE POR AQUECIMENTO E DE  METALIZAÇÃO","01027","MAÇARICO CORTE","Maçarico corte, tipo gás acetileno série 3502, temperatura chama até 3.100 ¨c,capacidade cilindro 1 m3, tipo chama neutra, características adicionais bico de corte nº 03",44663,"Media","Unidade","INTEGRAL","CUSTO SUPORTE - MATERIAL",null,10,49.97,499.7]
["BASE",124,24,"MATERIAL P/ MANUT.DE BENS IMOVEIS/INSTALACOES",53,"FERRAGENS E ABRASIVOS",5350,"MATERIAIS ABRASIVOS","01221","ABRASIVO","Massa plástica com catalizador, embalagem com 400g",44663,"Media","Unidade","INTEGRAL","CUSTO SUPORTE - MATERIAL",null,40,15,600]
["BASE",125,24,"MATERIAL P/ MANUT.DE BENS IMOVEIS/INSTALACOES",95,"BARRAS, CHAPAS E PERFILADOS METÁLICOS",9545,"PLACAS, CHAPAS, FITAS E LAMINADOS FINOS DE METAIS PRECIOSOS","03381","BARRA METAL PRECIOSO","Metal de adição, vareta para solda TIG aço carbono ER 70-S3  2,5mm",44663,"Media","Kg","INTEGRAL","CUSTO SUPORTE - MATERIAL",null,2,129,258]
["BASE",126,24,"MATERIAL P/ MANUT.DE BENS IMOVEIS/INSTALACOES",95,"BARRAS, CHAPAS E PERFILADOS METÁLICOS",9545,"PLACAS, CHAPAS, FITAS E LAMINADOS FINOS DE METAIS PRECIOSOS","03381","BARRA METAL PRECIOSO","Metal de adição, vareta para solda TIG alumínio ER 4047  2,4mm",44663,"Media","Kg","INTEGRAL","CUSTO SUPORTE - MATERIAL",null,2,125,250]
["BASE",127,24,"MATERIAL P/ MANUT.DE BENS IMOVEIS/INSTALACOES",95,"BARRAS, CHAPAS E PERFILADOS METÁLICOS",9545,"PLACAS, CHAPAS, FITAS E LAMINADOS FINOS DE METAIS PRECIOSOS","03381","BARRA METAL PRECIOSO","Metal de adição, vareta para solda TIG inox 308L 2,5mm",44663,"Media","Kg","INTEGRAL","CUSTO SUPORTE - MATERIAL",null,2,280,560]
["BASE",128,24,"MATERIAL P/ MANUT.DE BENS IMOVEIS/INSTALACOES",53,"FERRAGENS E ABRASIVOS",5305,"PARAFUSOS SEM PORCA","18793","PARAFUSO","Parafuso auto brocante cabeça flangeada phillips 4,2 X 13mm – 100 peças",44663,"Media","Unidade","INTEGRAL","CUSTO SUPORTE - MATERIAL",null,10,25,250]
["BASE",129,24,"MATERIAL P/ MANUT.DE BENS IMOVEIS/INSTALACOES",53,"FERRAGENS E ABRASIVOS",5305,"PARAFUSOS SEM PORCA","18793","PARAFUSO","Parafuso auto brocante cabeça flangeada phillips 4,2 X 25mm – 100 peças",44663,"Media","Unidade","INTEGRAL","CUSTO SUPORTE - MATERIAL",null,10,29,290]
["BASE",130,24,"MATERIAL P/ MANUT.DE BENS IMOVEIS/INSTALACOES",95,"BARRAS, CHAPAS E PERFILADOS METÁLICOS",9520,"PERFIS ESTRUTURAIS DE FERRO E AÇO","10656","PERFILADO AÇO","Perfil  de aço galvanizado, dimensões: 50 X 25 X 10 X 2mm, comprimento de 6m.",44663,"Media","Unidade","INTEGRAL","CUSTO SUPORTE - MATERIAL",null,7,130,910]
["BASE",131,24,"MATERIAL P/ MANUT.DE BENS IMOVEIS/INSTALACOES",95,"BARRAS, CHAPAS E PERFILADOS METÁLICOS",9520,"PERFIS ESTRUTURAIS DE FERRO E AÇO","10656","PERFILADO AÇO","Perfil  de aço galvanizado, dimensões: 75 X 40 X 15 X 2mm, comprimento de 6m.",44663,"Media","Unidade","INTEGRAL","CUSTO SUPORTE - MATERIAL",null,4,159,636]
["BASE",132,24,"MATERIAL P/ MANUT.DE BENS IMOVEIS/INSTALACOES",95,"BARRAS, CHAPAS E PERFILADOS METÁLICOS",9520,"PERFIS ESTRUTURAIS DE FERRO E AÇO","10656","PERFILADO AÇO","Perfil de aço galvanizado em “U” , 2 Polegadas X 1 Polegadas, espessura: 2.00mm, comprimento: 6 metros.",44663,"Media","Unidade","INTEGRAL","CUSTO SUPORTE - MATERIAL",null,7,109.3,765.1]
["BASE",133,24,"MATERIAL P/ MANUT.DE BENS IMOVEIS/INSTALACOES",95,"BARRAS, CHAPAS E PERFILADOS METÁLICOS",9520,"PERFIS ESTRUTURAIS DE FERRO E AÇO","10650","PERFIL METAL FERROSO","Perfil Drywall Canaleta, com 3 metros",44754,"Media","Unidade","INTEGRAL","CUSTO SUPORTE - MATERIAL",null,10,26.7,267]
["BASE",134,24,"MATERIAL P/ MANUT.DE BENS IMOVEIS/INSTALACOES",95,"BARRAS, CHAPAS E PERFILADOS METÁLICOS",9520,"PERFIS ESTRUTURAIS DE FERRO E AÇO","10650","PERFIL METAL FERROSO","Perfil Drywall Cantoneira, com 3 metros",44754,"Media","Unidade","INTEGRAL","CUSTO SUPORTE - MATERIAL",null,10,25,250]
["BASE",135,24,"MATERIAL P/ MANUT.DE BENS IMOVEIS/INSTALACOES",95,"BARRAS, CHAPAS E PERFILADOS METÁLICOS",9520,"PERFIS ESTRUTURAIS DE FERRO E AÇO","10650","PERFIL METAL FERROSO","Perfil Drywall Guia, com 3 metros",44754,"Media","Unidade","INTEGRAL","CUSTO SUPORTE - MATERIAL",null,10,36,360]
["BASE",136,24,"MATERIAL P/ MANUT.DE BENS IMOVEIS/INSTALACOES",95,"BARRAS, CHAPAS E PERFILADOS METÁLICOS",9520,"PERFIS ESTRUTURAIS DE FERRO E AÇO","10650","PERFIL METAL FERROSO","Perfil Drywall Montante, com 3 metros",44754,"Media","Unidade","INTEGRAL","CUSTO SUPORTE - MATERIAL",null,10,26.7,267]
["BASE",137,24,"MATERIAL P/ MANUT.DE BENS IMOVEIS/INSTALACOES",95,"BARRAS, CHAPAS E PERFILADOS METÁLICOS",9520,"PERFIS ESTRUTURAIS DE FERRO E AÇO","10650","PERFIL METAL FERROSO","Perfil Drywall Tabica, com 3 metros",44754,"Media","Unidade","INTEGRAL","CUSTO SUPORTE - MATERIAL",null,1,25.5,25.5]
["BASE",138,24,"MATERIAL P/ MANUT.DE BENS IMOVEIS/INSTALACOES",95,"BARRAS, CHAPAS E PERFILADOS METÁLICOS",9520,"PERFIS ESTRUTURAIS DE FERRO E AÇO","10650","PERFIL METAL FERROSO","Perfil galvanizado 1,25 pol, espessura 1/8 pol, comprimento de 6m",44754,"Media","Unidade","INTEGRAL","CUSTO SUPORTE - MATERIAL",null,0,68.55,0]
["BASE",139,24,"MATERIAL P/ MANUT.DE BENS IMOVEIS/INSTALACOES",95,"BARRAS, CHAPAS E PERFILADOS METÁLICOS",9520,"PERFIS ESTRUTURAIS DE FERRO E AÇO","10650","PERFIL METAL FERROSO","Perfil galvanizado 3 pol 6m",44754,"Media","Unidade","INTEGRAL","CUSTO SUPORTE - MATERIAL",null,6,120.66,723.96]
["BASE",140,24,"MATERIAL P/ MANUT.DE BENS IMOVEIS/INSTALACOES",95,"BARRAS, CHAPAS E PERFILADOS METÁLICOS",9520,"PERFIS ESTRUTURAIS DE FERRO E AÇO","10650","PERFIL METAL FERROSO","Perfil T Para Forro PVC, com 3 metros",44754,"Media","Unidade","INTEGRAL","CUSTO SUPORTE - MATERIAL",null,10,21.9,219]
["BASE",141,24,"MATERIAL P/ MANUT.DE BENS IMOVEIS/INSTALACOES",53,"FERRAGENS E ABRASIVOS",5340,"FERRAGENS DIVERSAS","00563","PORTA-CADEADO","Porta cadeado, aldabra, 2 1/2 pol, ferro galvanizado",44663,"Media","Unidade","INTEGRAL","CUSTO SUPORTE - MATERIAL",null,10,19,190]
["BASE",142,24,"MATERIAL P/ MANUT.DE BENS IMOVEIS/INSTALACOES",53,"FERRAGENS E ABRASIVOS",5340,"FERRAGENS DIVERSAS","00563","PORTA-CADEADO","Porta cadeado, aldabra, 3 1/2 pol, ferro galvanizado",44663,"Media","Unidade","INTEGRAL","CUSTO SUPORTE - MATERIAL",null,10,27.55,275.5]
["BASE",143,24,"MATERIAL P/ MANUT.DE BENS IMOVEIS/INSTALACOES",53,"FERRAGENS E ABRASIVOS",5340,"FERRAGENS DIVERSAS","00563","PORTA-CADEADO","Porta cadeado, aldabra, 5 pol, ferro galvanizado",44663,"Media","Unidade","INTEGRAL","CUSTO SUPORTE - MATERIAL",null,10,31,310]
["BASE",144,24,"MATERIAL P/ MANUT.DE BENS IMOVEIS/INSTALACOES",53,"FERRAGENS E ABRASIVOS",5320,"REBITES","00610","REBITE POP","Rebite pop, material: alumínio, tipo: repuxo, tipo aba: comum, diâmetro corpo: 2,20 mm, comprimento: 16 mm. pacote com 100 unidade",44663,"Media","Unidade","INTEGRAL","CUSTO SUPORTE - MATERIAL",null,10,19,190]
["BASE",145,24,"MATERIAL P/ MANUT.DE BENS IMOVEIS/INSTALACOES",41,"EQUIPAMENTOS PARA REFRIGERAÇÃO, AR CONDICIONADO E CIRCULAÇÃODE AR",4130,"COMPONENTES DE EQUIPAMENTOS PARA REFRIGERAÇÃO E AR  CONDICIONADO","13530","REFIL","Refil para gás co2 400g.",44663,"Media","Unidade","INTEGRAL","CUSTO SUPORTE - MATERIAL",null,2,37,74]
["BASE",146,24,"MATERIAL P/ MANUT.DE BENS IMOVEIS/INSTALACOES",41,"EQUIPAMENTOS PARA REFRIGERAÇÃO, AR CONDICIONADO E CIRCULAÇÃODE AR",4130,"COMPONENTES DE EQUIPAMENTOS PARA REFRIGERAÇÃO E AR  CONDICIONADO","13530","REFIL","Refil, cilindro, gás Mapp para maçarico, com 400g.",44663,"Media","Unidade","INTEGRAL","CUSTO SUPORTE - MATERIAL",null,10,54,540]
["BASE",147,24,"MATERIAL P/ MANUT.DE BENS IMOVEIS/INSTALACOES",31,"ROLAMENTOS E MANCAIS",3110,"ROLAMENTOS ANTIFRICÇÃO NÃO MONTADOS","11801","ROLAMENTO","Rolamento de rolete para carrinho de plataforma, diâmetro interno 1 polegada, diâmetro externo 41mm, comprimento 61mm.",44663,"Media","Unidade","INTEGRAL","CUSTO SUPORTE - MATERIAL",null,6,98,588]
["BASE",148,24,"MATERIAL P/ MANUT.DE BENS IMOVEIS/INSTALACOES",31,"ROLAMENTOS E MANCAIS",3110,"ROLAMENTOS ANTIFRICÇÃO NÃO MONTADOS","11801","ROLAMENTO","Rolamento de rolo cônico, 30210, diâmetro interno 50mm, diâmetro externo 90mm e largura 21,75mm.",44663,"Media","Unidade","INTEGRAL","CUSTO SUPORTE - MATERIAL",null,6,82,492]
["BASE",149,24,"MATERIAL P/ MANUT.DE BENS IMOVEIS/INSTALACOES",31,"ROLAMENTOS E MANCAIS",3110,"ROLAMENTOS ANTIFRICÇÃO NÃO MONTADOS","11801","ROLAMENTO","Rolamento rígido de esfera 30x62x16mm.",44663,"Media","Unidade","INTEGRAL","CUSTO SUPORTE - MATERIAL",null,14,35,490]
["BASE",150,24,"MATERIAL P/ MANUT.DE BENS IMOVEIS/INSTALACOES",31,"ROLAMENTOS E MANCAIS",3110,"ROLAMENTOS ANTIFRICÇÃO NÃO MONTADOS","11801","ROLAMENTO","Rolamento rígido de esfera, 6002, medidas 10x30x9mm.",44663,"Media","Unidade","INTEGRAL","CUSTO SUPORTE - MATERIAL",null,10,12,120]
["BASE",151,24,"MATERIAL P/ MANUT.DE BENS IMOVEIS/INSTALACOES",31,"ROLAMENTOS E MANCAIS",3110,"ROLAMENTOS ANTIFRICÇÃO NÃO MONTADOS","11801","ROLAMENTO","Rolamento rígido de esfera, 6902, medidas 15x28x7mm.",44663,"Media","Unidade","INTEGRAL","CUSTO SUPORTE - MATERIAL",null,8,58.21,465.68]
["BASE",152,24,"MATERIAL P/ MANUT.DE BENS IMOVEIS/INSTALACOES",31,"ROLAMENTOS E MANCAIS",3110,"ROLAMENTOS ANTIFRICÇÃO NÃO MONTADOS","11801","ROLAMENTO","Roldana para portão correr em U 2 1/2\", rolamento duplo aço galvanizado.",44663,"Media","Unidade","INTEGRAL","CUSTO SUPORTE - MATERIAL",null,10,37.5,375]
["BASE",153,24,"MATERIAL P/ MANUT.DE BENS IMOVEIS/INSTALACOES",31,"ROLAMENTOS E MANCAIS",3110,"ROLAMENTOS ANTIFRICÇÃO NÃO MONTADOS","11801","ROLAMENTO","Roldana para portão correr em U 2\",  rolamento duplo aço galvanizado.",44663,"Media","Unidade","INTEGRAL","CUSTO SUPORTE - MATERIAL",null,10,50,500]
["BASE",154,24,"MATERIAL P/ MANUT.DE BENS IMOVEIS/INSTALACOES",31,"ROLAMENTOS E MANCAIS",3110,"ROLAMENTOS ANTIFRICÇÃO NÃO MONTADOS","11801","ROLAMENTO","Roldana para portão correr em V 2 1/2\", rolamento duplo aço galvanizado.",44663,"Media","Unidade","INTEGRAL","CUSTO SUPORTE - MATERIAL",null,10,45,450]
["BASE",155,24,"MATERIAL P/ MANUT.DE BENS IMOVEIS/INSTALACOES",31,"ROLAMENTOS E MANCAIS",3110,"ROLAMENTOS ANTIFRICÇÃO NÃO MONTADOS","11801","ROLAMENTO","Roldanas para portão de correr em V 2 pol 16mm aço galvanizado.",44663,"Media","Unidade","INTEGRAL","CUSTO SUPORTE - MATERIAL",null,10,36,360]
["BASE",156,24,"MATERIAL P/ MANUT.DE BENS IMOVEIS/INSTALACOES",53,"FERRAGENS E ABRASIVOS",5335,"TELAS METÁLICAS","00580","TELA METÁLICA","Tela para serralheiro malha 2,5 x 2,5 – altura 1,02 e fio de 2mm.",44663,"Media","m²","INTEGRAL","CUSTO SUPORTE - MATERIAL",null,1,420,420]
["BASE",157,24,"MATERIAL P/ MANUT.DE BENS IMOVEIS/INSTALACOES",51,"FERRAMENTAS MANUAIS",5130,"FERRAMENTAS MANUAIS ACIONADAS POR FORÇA MOTRIZ","12688","TESOURA HIDRAULICA","Tesoura Avião Reta 10\".",44663,"Media","Unidade","INTEGRAL","CUSTO SUPORTE - MATERIAL",null,3,45.02,135.06]
["BASE",158,24,"MATERIAL P/ MANUT.DE BENS IMOVEIS/INSTALACOES",51,"FERRAMENTAS MANUAIS",5130,"FERRAMENTAS MANUAIS ACIONADAS POR FORÇA MOTRIZ","12688","TESOURA HIDRAULICA","Tesoura para cortar chapa 12”. Similar ou melhor qualidade a marca stanley.",44663,"Media","Unidade","INTEGRAL","CUSTO SUPORTE - MATERIAL",null,3,95.7,287.10000000000002]
["BASE",159,24,"MATERIAL P/ MANUT.DE BENS IMOVEIS/INSTALACOES",56,"MATERIAIS PARA CONSTRUÇÃO",5630,"TUBOS E CONDUTOS, NÃO METÁLICOS, PARA CONSTRUÇÃO","00814","TUBO CONCRETO","Tubo metalon galvanizado, formato quadrado, espessura chapa 18/ 1,26 mm, seção 15 x 15 mm, comprimento 6 m.",44663,"Media","Unidade","INTEGRAL","CUSTO SUPORTE - MATERIAL",null,1,90,90]
["BASE",160,24,"MATERIAL P/ MANUT.DE BENS IMOVEIS/INSTALACOES",56,"MATERIAIS PARA CONSTRUÇÃO",5630,"TUBOS E CONDUTOS, NÃO METÁLICOS, PARA CONSTRUÇÃO","00814","TUBO CONCRETO","Tubo metalon galvanizado, formato quadrado, espessura chapa 18/ 1,26 mm, seção 40 x 40 mm, comprimento 6 m.",44663,"Media","Unidade","INTEGRAL","CUSTO SUPORTE - MATERIAL",null,1,89,89]
["BASE",161,24,"MATERIAL P/ MANUT.DE BENS IMOVEIS/INSTALACOES",56,"MATERIAIS PARA CONSTRUÇÃO",5630,"TUBOS E CONDUTOS, NÃO METÁLICOS, PARA CONSTRUÇÃO","00814","TUBO CONCRETO","Tubo metalon galvanizado, formato quadrangular, espessura chapa 18/ 1,26 mm, seção 25 x 25 mm, aplicação estruturas metálicas em geral/portas e portões",44663,"Media","Unidade","INTEGRAL","CUSTO SUPORTE - MATERIAL",null,1,84,84]
["BASE",162,24,"MATERIAL P/ MANUT.DE BENS IMOVEIS/INSTALACOES",56,"MATERIAIS PARA CONSTRUÇÃO",5630,"TUBOS E CONDUTOS, NÃO METÁLICOS, PARA CONSTRUÇÃO","00814","TUBO CONCRETO","Tubo metalon galvanizado, formato redondo, espessura chapa 18/ 1,26 mm, diâmetro 1/2 polegada, comprimento 6 m.",44663,"Media","Unidade","INTEGRAL","CUSTO SUPORTE - MATERIAL",null,1,97.3,97.3]
["BASE",163,24,"MATERIAL P/ MANUT.DE BENS IMOVEIS/INSTALACOES",56,"MATERIAIS PARA CONSTRUÇÃO",5630,"TUBOS E CONDUTOS, NÃO METÁLICOS, PARA CONSTRUÇÃO","00814","TUBO CONCRETO","Tubo metalon galvanizado, formato redondo, espessura chapa 18/ 1,26 mm, diâmetro 25 mm, comprimento 6 m.",44663,"Media","Unidade","INTEGRAL","CUSTO SUPORTE - MATERIAL",null,1,97.29,97.29]
["BASE",164,24,"MATERIAL P/ MANUT.DE BENS IMOVEIS/INSTALACOES",56,"MATERIAIS PARA CONSTRUÇÃO",5630,"TUBOS E CONDUTOS, NÃO METÁLICOS, PARA CONSTRUÇÃO","00814","TUBO CONCRETO","Tubo metalon galvanizado, formato redondo, espessura chapa 18/ 1,26 mm, diâmetro 32 mm, comprimento 6 m.",44663,"Media","Unidade","INTEGRAL","CUSTO SUPORTE - MATERIAL",null,1,78,78]
["BASE",165,24,"MATERIAL P/ MANUT.DE BENS IMOVEIS/INSTALACOES",56,"MATERIAIS PARA CONSTRUÇÃO",5630,"TUBOS E CONDUTOS, NÃO METÁLICOS, PARA CONSTRUÇÃO","00814","TUBO CONCRETO","Tubo metalon galvanizado, formato retangular, espessura chapa 18 mm, seção 20 x 30 mm, tipo aço sae 1020",44663,"Media","Unidade","INTEGRAL","CUSTO SUPORTE - MATERIAL",null,1,115,115]
["BASE",166,24,"MATERIAL P/ MANUT.DE BENS IMOVEIS/INSTALACOES",56,"MATERIAIS PARA CONSTRUÇÃO",5630,"TUBOS E CONDUTOS, NÃO METÁLICOS, PARA CONSTRUÇÃO","00814","TUBO CONCRETO","Tubo metalon galvanizado, formato retangular, espessura chapa 18/ 1,26 mm, seção 50 x 30 mm, comprimento 6 m, aplicação construção.",44663,"Media","Unidade","INTEGRAL","CUSTO SUPORTE - MATERIAL",null,1,137.30000000000001,137.30000000000001]
["BASE",167,24,"MATERIAL P/ MANUT.DE BENS IMOVEIS/INSTALACOES",95,"BARRAS, CHAPAS E PERFILADOS METÁLICOS",9520,"PERFIS ESTRUTURAIS DE FERRO E AÇO","10650","PERFIL METAL FERROSO","Vareta Solda Foscoper 3/32 2,40mm x 46cm, ",44663,"Media","kg","INTEGRAL","CUSTO SUPORTE - MATERIAL",null,2,14.8,29.6]
["BASE",168,24,"MATERIAL P/ MANUT.DE BENS IMOVEIS/INSTALACOES",51,"FERRAMENTAS MANUAIS",5110,"FERRAMENTAS MANUAIS DE CORTE, NÃO ACIONADAS POR FORÇA MOTRIZ","00818","FOICE","Foice roçadeira com Cabo de Eucalipto. Comprimento do cabo: 120cm. Similar ou melhor qualidade a marca TRAMONTINA.",44663,"Media","Unidade","INTEGRAL","CUSTO SUPORTE - MATERIAL",null,4,35.9,143.6]
["BASE",169,24,"MATERIAL P/ MANUT.DE BENS IMOVEIS/INSTALACOES",56,"MATERIAIS PARA CONSTRUÇÃO",5640,"PAINEL DE PAPELÃO,PAPEL EMPREGADO EM CONSTRUÇÃO E MATERIAIS DE ISOLAMENTO TÉRMICO","07778","FORRO TETO","Forro de fibra mineral branco 16mm x 625mm x 1250mm.",44663,"Media","Unidade","INTEGRAL","CUSTO SUPORTE - MATERIAL",null,4,282.27,1129.08]
["BASE",170,24,"MATERIAL P/ MANUT.DE BENS IMOVEIS/INSTALACOES",56,"MATERIAIS PARA CONSTRUÇÃO",5680,"MATERIAIS DIVERSOS PARA CONSTRUÇÃO","11351","PVC - FORRO / REVESTIMENTO","Forro PVC liso resistente a umidade, 8mm x 20cm x 3m branco gelo. Similar ou melhor qualidade a marca Polifort",44663,"Media","m²","INTEGRAL","CUSTO SUPORTE - MATERIAL",null,10,21.9,219]
["BASE",171,24,"MATERIAL P/ MANUT.DE BENS IMOVEIS/INSTALACOES",80,"PINCÉIS, TINTAS, VEDANTES E ADESIVOS",8010,"TINTAS, VERNIZES E PRODUTOS CORRELATOS","12742","TINTA AUTOMOTIVA","Fundo primer cinza claro 18 litros.",44663,"Media","Balde","INTEGRAL","CUSTO SUPORTE - MATERIAL",null,8,157.5,1260]
["BASE",172,24,"MATERIAL P/ MANUT.DE BENS IMOVEIS/INSTALACOES",41,"EQUIPAMENTOS PARA REFRIGERAÇÃO, AR CONDICIONADO E CIRCULAÇÃODE AR",4130,"COMPONENTES DE EQUIPAMENTOS PARA REFRIGERAÇÃO E AR  CONDICIONADO","13530","REFIL","Gás Freon r22 13,62KGDAC (3102) Chemours.",44663,"Media","Unidade","INTEGRAL","CUSTO SUPORTE - MATERIAL",null,2,656.9,1313.8]
["BASE",173,24,"MATERIAL P/ MANUT.DE BENS IMOVEIS/INSTALACOES",41,"EQUIPAMENTOS PARA REFRIGERAÇÃO, AR CONDICIONADO E CIRCULAÇÃODE AR",4130,"COMPONENTES DE EQUIPAMENTOS PARA REFRIGERAÇÃO E AR  CONDICIONADO","13530","REFIL","Gás MAP/PRO 400gr.",44663,"Media","Unidade","INTEGRAL","CUSTO SUPORTE - MATERIAL",null,0,56.9,0]
["BASE",174,24,"MATERIAL P/ MANUT.DE BENS IMOVEIS/INSTALACOES",41,"EQUIPAMENTOS PARA REFRIGERAÇÃO, AR CONDICIONADO E CIRCULAÇÃODE AR",4130,"COMPONENTES DE EQUIPAMENTOS PARA REFRIGERAÇÃO E AR  CONDICIONADO","13530","REFIL","Gás UVA R410A 11,35KGDAC (8008) Chemours.",44663,"Media","Unidade","INTEGRAL","CUSTO SUPORTE - MATERIAL",null,2,558.99,1117.98]
["BASE",175,24,"MATERIAL P/ MANUT.DE BENS IMOVEIS/INSTALACOES",56,"MATERIAIS PARA CONSTRUÇÃO",5680,"MATERIAIS DIVERSOS PARA CONSTRUÇÃO","07993","GESSO","Gesso em pó de secagem lenta embalagem de 1 KG.",44663,"Media","Saco","INTEGRAL","CUSTO SUPORTE - MATERIAL",null,10,26.24,262.39999999999998]
["BASE",176,24,"MATERIAL P/ MANUT.DE BENS IMOVEIS/INSTALACOES",56,"MATERIAIS PARA CONSTRUÇÃO",5680,"MATERIAIS DIVERSOS PARA CONSTRUÇÃO","07993","GESSO","Gesso em pó de secagem rápida embalagem de 1 KG.",44663,"Media","Saco","INTEGRAL","CUSTO SUPORTE - MATERIAL",null,50,2.59,129.5]
["BASE",177,24,"MATERIAL P/ MANUT.DE BENS IMOVEIS/INSTALACOES",80,"PINCÉIS, TINTAS, VEDANTES E ADESIVOS",8010,"TINTAS, VERNIZES E PRODUTOS CORRELATOS","14378","TINTA GRAFITE","Grafite Pó Bisnaga 25g.",44663,"Media","Unidade","INTEGRAL","CUSTO SUPORTE - MATERIAL",null,20,5.9,118]
["BASE",178,24,"MATERIAL P/ MANUT.DE BENS IMOVEIS/INSTALACOES",75,"UTENSÍLIOS DE ESCRITÓRIO E MATERIAL DE EXPEDIENTE",7520,"ACESSÓRIOS E DISPOSITIVOS PARA ESCRITÓRIO","00027","GRAMPEADOR","Grampeador Alta Pressão Tapeceiro metálico profissional Regulagem para grampos de 4 a 14mm. Peso: 550g\n- acompanha grampos.",44663,"Media","Unidade","INTEGRAL","CUSTO SUPORTE - MATERIAL",null,4,35.9,143.6]
["BASE",179,24,"MATERIAL P/ MANUT.DE BENS IMOVEIS/INSTALACOES",95,"BARRAS, CHAPAS E PERFILADOS METÁLICOS",9525,"ARAMES DE METAL NÃO FERROSO, NÃO UTILIZÁVEIS EM ELETRICIDADE","02965","ARAME DE GRAMPEAR","Grampo Aço Galvanizado para arame farpado 1x9 1kg.",44663,"Media","Pacote","INTEGRAL","CUSTO SUPORTE - MATERIAL",null,10,11.49,114.9]
["BASE",180,24,"MATERIAL P/ MANUT.DE BENS IMOVEIS/INSTALACOES",75,"UTENSÍLIOS DE ESCRITÓRIO E MATERIAL DE EXPEDIENTE",7510,"ARTIGOS PARA ESCRITÓRIO","00028","GRAMPO GRAMPEADOR","Grampo Grampeador Tapeceiro. Similar ou melhor qualidade a marca MTX. Acompanha 1000 grampos.",44663,"Media","caixa","INTEGRAL","CUSTO SUPORTE - MATERIAL",null,10,41.9,419]
["BASE",181,24,"MATERIAL P/ MANUT.DE BENS IMOVEIS/INSTALACOES",91,"COMBUSTÍVEIS, LUBRIFICANTES, ÓLEOS E CERAS",9150,"ÓLEOS E GRAXAS PARA CORTE, LUBRIFICAÇÃO E SISTEMAS  HIDRÁULICOS","00609","GRAXA","Graxa lubrificante e conservação.",44754,"Media","Unidade","INTEGRAL","CUSTO SUPORTE - MATERIAL",null,2,232,464]
["BASE",182,24,"MATERIAL P/ MANUT.DE BENS IMOVEIS/INSTALACOES",91,"COMBUSTÍVEIS, LUBRIFICANTES, ÓLEOS E CERAS",9150,"ÓLEOS E GRAXAS PARA CORTE, LUBRIFICAÇÃO E SISTEMAS  HIDRÁULICOS","00609","GRAXA","Graxa multiuso especial para rolamentos cor azul. Peso Liquido 500 gramas.",44754,"Media","Lata","INTEGRAL","CUSTO SUPORTE - MATERIAL",null,4,42.21,168.84]
["BASE",183,24,"MATERIAL P/ MANUT.DE BENS IMOVEIS/INSTALACOES",80,"PINCÉIS, TINTAS, VEDANTES E ADESIVOS",8030,"COMPOSTOS PRESERVATIVOS E VEDANTES","13986","IMPERMEABILIZANTE/REJUVENESCEDOR BORRACHA","Impermeabilizante Balde 18 Litros para aplicação em lages de cobertura, terraços, áreas frias (banheiros, cozinhas, áreas de serviço). Similar ou melhor qualidade a marca VEDAPREN.",44754,"Media","LATA","INTEGRAL","CUSTO SUPORTE - MATERIAL",null,10,150,1500]
["BASE",184,24,"MATERIAL P/ MANUT.DE BENS IMOVEIS/INSTALACOES",80,"PINCÉIS, TINTAS, VEDANTES E ADESIVOS",8010,"TINTAS, VERNIZES E PRODUTOS CORRELATOS","13986","IMPERMEABILIZANTE/REJUVENESCEDOR BORRACHA","Impermeabilizante Primer Manta 18L Preto. Similar ou melhor qualidade a marca Vedacit.",44754,"Media","Unidade","INTEGRAL","CUSTO SUPORTE - MATERIAL",null,2,269.89999999999998,539.79999999999995]
["BASE",185,24,"MATERIAL P/ MANUT.DE BENS IMOVEIS/INSTALACOES",37,"MÁQUINAS E EQUIPAMENTOS AGRÍCOLAS",3740,"EQUIPAMENTO PARA CONTROLE DE PRAGAS, DOENÇAS E GEADAS","03762","BOMBA DE INSETICIDA","Inseticida especial para cupins, Conservante total de madeira. Eficaz contra cupim de madeira seca. Embalagem: 900ml.",44754,"Media","Galão","INTEGRAL","CUSTO SUPORTE - MATERIAL",null,3,25.6,76.8]
["BASE",186,24,"MATERIAL P/ MANUT.DE BENS IMOVEIS/INSTALACOES",56,"MATERIAIS PARA CONSTRUÇÃO",5670,"COMPONENTES PRÉ-FABRICADOS PARA CONSTRUÇÃO","08522","JANELA","Janela 3 Folhas Correr 1,50 X 1,20 Alumínio cor branca.",44754,"Media","Unidade","INTEGRAL","CUSTO SUPORTE - MATERIAL",null,1,377.91,377.91]
["BASE",187,24,"MATERIAL P/ MANUT.DE BENS IMOVEIS/INSTALACOES",51,"FERRAMENTAS MANUAIS",5110,"FERRAMENTAS MANUAIS DE CORTE, NÃO ACIONADAS POR FORÇA MOTRIZ","12044","SERRA TICO-TICO MANUAL","Jogo com 10 laminas de serra tico tico. 08 Lâminas de serra para madeira e 02 Lâminas de serra para metal.",44754,"Media","Conjunto","INTEGRAL","CUSTO SUPORTE - MATERIAL",null,4,59.9,239.6]
["BASE",188,24,"MATERIAL P/ MANUT.DE BENS IMOVEIS/INSTALACOES",51,"FERRAMENTAS MANUAIS",5133,"BROCAS, ALARGADORES, ESCARIADORES, MANUAIS E PARA USO EM  MÁQUINAS","18615","CONJUNTO BROCA","Jogo de broca chata para madeira 7 peças com medidas: 1/4\", 5/16\", 3/8\", 1/2\", 5/8\", 3/4\", 1\". Acompanha estojo.",44754,"Media","Conjunto","INTEGRAL","CUSTO SUPORTE - MATERIAL",null,4,33.58,134.32]
["BASE",189,24,"MATERIAL P/ MANUT.DE BENS IMOVEIS/INSTALACOES",51,"FERRAMENTAS MANUAIS",5133,"BROCAS, ALARGADORES, ESCARIADORES, MANUAIS E PARA USO EM  MÁQUINAS","18615","CONJUNTO BROCA","Jogo de brocas de três pontas para madeira,  8 peças, de 3, 4, 5, 6, 7, 8, 9 e 10 mm. Material aço carbono. Acompanha estojo.",44754,"Media","Conjunto","INTEGRAL","CUSTO SUPORTE - MATERIAL",null,4,16.86,67.44]
["BASE",190,24,"MATERIAL P/ MANUT.DE BENS IMOVEIS/INSTALACOES",51,"FERRAMENTAS MANUAIS",5130,"FERRAMENTAS MANUAIS ACIONADAS POR FORÇA MOTRIZ","02894","APERTADEIRA MANUAL CATRACA","Jogo de catraca reversível com 33 soquetes, 12 bits, 1 extensor, 1 chave, 1 catraca, 1 adaptador, 1 estojo. Material: Aço cromado.",44754,"Media","Jogo","INTEGRAL","CUSTO SUPORTE - MATERIAL",null,4,209.9,839.6]
["BASE",191,24,"MATERIAL P/ MANUT.DE BENS IMOVEIS/INSTALACOES",51,"FERRAMENTAS MANUAIS",5120,"FERRAMENTAS MANUAIS SEM CORTE, NÃO ACIONADAS  POR  FORÇA  MOTRIZ","14637","JOGO CHAVE","Jogo de Chave Allen com 8 Peças. Medidas: 2, 2.5, 3, 4, 5, 6, 8 e 10 mm. Similar ou melhor qualidade a marca: GEDORE.",44754,"Media","Unidade","INTEGRAL","CUSTO SUPORTE - MATERIAL",null,4,33.29,133.16]
["BASE",192,24,"MATERIAL P/ MANUT.DE BENS IMOVEIS/INSTALACOES",51,"FERRAMENTAS MANUAIS",5120,"FERRAMENTAS MANUAIS SEM CORTE, NÃO ACIONADAS  POR  FORÇA  MOTRIZ","14637","JOGO CHAVE","Jogo De Chave Combinada Fixa e Estrela 06mm à 22 mm. 12 Pçs. Chaves Fixas. Tamanhos: 6, 7, 8, 9, 10, 11, 12, 13, 14, 17, 19 e 22mm. Acompanha Embalagem Plástica.",44754,"Media","Jogo","INTEGRAL","CUSTO SUPORTE - MATERIAL",null,4,149,596]
["BASE",193,24,"MATERIAL P/ MANUT.DE BENS IMOVEIS/INSTALACOES",51,"FERRAMENTAS MANUAIS",5180,"JOGOS E CONJUNTOS DE FERRAMENTAS MANUAIS","08546","JOGO DE FERRAMENTA","Jogo de chave de fenda e phillips, ponta magnetizada. Cabo com dupla injeção emborrachado. Composição: 8 peças, com medidas: - Fenda: 3x 75 (1/8x3\"), 5x75 (3/16x3\"), 6x38 (1/4x1.1/2\"), 6x150 (1/4x6\") - Phillips: 0x75 (1/8x3\"), 2x38 (1/4x1.1/2\"), 1x100 (3/16x4\"), 2x150 (1/4x6\") similar ou melhor qualidade a marca BLACK JACK.",44754,"Media","Conjunto","INTEGRAL","CUSTO SUPORTE - MATERIAL",null,4,72,288]
["BASE",194,24,"MATERIAL P/ MANUT.DE BENS IMOVEIS/INSTALACOES",53,"FERRAGENS E ABRASIVOS",5345,"DISCOS E PEDRAS ABRASIVOS","14901","DISCO CORTE","Jogo de Serra Copo Bi Metal com 9 Peças de 3/4 pol. a 2.1/4 pol. Embalagem composta por 9 peças, sendo: 6 Serras copo com diâmetros: 3/4\" (19mm); 7/8\" (22mm); 1.1/8\" (29mm); 1.1/2\" (38mm); 1.3/4\" (44mm); 2.1/4\" (57mm) Acompanha: 1 Adaptador mandril, 1 Mandril 1/4\" (9/16~1.3/16), 1 Hexagonal 7/16\" (1.1/4\"~6\") e maleta para a acomodação dos acessórios.",44754,"Media","Conjunto","INTEGRAL","CUSTO SUPORTE - MATERIAL",null,2,350,700]
["BASE",195,24,"MATERIAL P/ MANUT.DE BENS IMOVEIS/INSTALACOES",51,"FERRAMENTAS MANUAIS",5120,"FERRAMENTAS MANUAIS SEM CORTE, NÃO ACIONADAS  POR  FORÇA  MOTRIZ","14667","PONTEIRO","Kit Bits Ponteira Imantada Philips. Mini 25mm Pack C/10 Pçs. CHAVES: PH0, PH1, PH2, PH3",44754,"Media","Unidade","INTEGRAL","CUSTO SUPORTE - MATERIAL",null,10,20.9,209]
["BASE",196,24,"MATERIAL P/ MANUT.DE BENS IMOVEIS/INSTALACOES",47,"CANOS, TUBOS, MANGUEIRAS E ACESSÓRIOS",4730,"ACESSÓRIOS E FERRAGENS ESPECIAIS PARA  MANGUEIRAS, CANOS  E TUBOS","00625","UNIÃO SOLDÁVEL","cano PVC marron 25mmx3 ",44663,"Media","UNIDADE","INTEGRAL","CUSTO SUPORTE - MATERIAL",null,10,15.49,154.9]
["BASE",197,24,"MATERIAL P/ MANUT.DE BENS IMOVEIS/INSTALACOES",47,"CANOS, TUBOS, MANGUEIRAS E ACESSÓRIOS",4730,"ACESSÓRIOS E FERRAGENS ESPECIAIS PARA  MANGUEIRAS, CANOS  E TUBOS","00625","UNIÃO SOLDÁVEL","cano PVC marron 20mm 1m",44663,"Media","UNIDADE","INTEGRAL","CUSTO SUPORTE - MATERIAL",null,10,6.78,67.8]
["BASE",198,24,"MATERIAL P/ MANUT.DE BENS IMOVEIS/INSTALACOES",47,"CANOS, TUBOS, MANGUEIRAS E ACESSÓRIOS",4730,"ACESSÓRIOS E FERRAGENS ESPECIAIS PARA  MANGUEIRAS, CANOS  E TUBOS","00625","UNIÃO SOLDÁVEL","cano PVC 100mm 3m",44663,"Media","UNIDADE","INTEGRAL","CUSTO SUPORTE - MATERIAL",null,10,36.99,369.9]
["BASE",199,24,"MATERIAL P/ MANUT.DE BENS IMOVEIS/INSTALACOES",47,"CANOS, TUBOS, MANGUEIRAS E ACESSÓRIOS",4730,"ACESSÓRIOS E FERRAGENS ESPECIAIS PARA  MANGUEIRAS, CANOS  E TUBOS","00625","UNIÃO SOLDÁVEL","cano PVC esgoto 50mm 3m",44663,"Media","UNIDADE","INTEGRAL","CUSTO SUPORTE - MATERIAL",null,10,26.07,260.7]
["BASE",200,24,"MATERIAL P/ MANUT.DE BENS IMOVEIS/INSTALACOES",47,"CANOS, TUBOS, MANGUEIRAS E ACESSÓRIOS",4730,"ACESSÓRIOS E FERRAGENS ESPECIAIS PARA  MANGUEIRAS, CANOS  E TUBOS","00625","UNIÃO SOLDÁVEL","cano PVC esgoto 100mm 1m",44663,"Media","UNIDADE","INTEGRAL","CUSTO SUPORTE - MATERIAL",null,10,26.9,269]
["BASE",201,24,"MATERIAL P/ MANUT.DE BENS IMOVEIS/INSTALACOES",47,"CANOS, TUBOS, MANGUEIRAS E ACESSÓRIOS",4730,"ACESSÓRIOS E FERRAGENS ESPECIAIS PARA  MANGUEIRAS, CANOS  E TUBOS","00625","UNIÃO SOLDÁVEL","cano PVC 40mm 6m",44663,"Media","UNIDADE","INTEGRAL","CUSTO SUPORTE - MATERIAL",null,10,25.91,259.10000000000002]
["BASE",202,24,"MATERIAL P/ MANUT.DE BENS IMOVEIS/INSTALACOES",47,"CANOS, TUBOS, MANGUEIRAS E ACESSÓRIOS",4730,"ACESSÓRIOS E FERRAGENS ESPECIAIS PARA  MANGUEIRAS, CANOS  E TUBOS","00625","UNIÃO SOLDÁVEL","cano PVC 150mm 6m",44663,"Media","UNIDADE","INTEGRAL","CUSTO SUPORTE - MATERIAL",null,7,129.9,909.3]
["BASE",203,24,"MATERIAL P/ MANUT.DE BENS IMOVEIS/INSTALACOES",47,"CANOS, TUBOS, MANGUEIRAS E ACESSÓRIOS",4730,"ACESSÓRIOS E FERRAGENS ESPECIAIS PARA  MANGUEIRAS, CANOS  E TUBOS","00625","UNIÃO SOLDÁVEL","joelho PVC 20mm 25",44663,"Media","UNIDADE","INTEGRAL","CUSTO SUPORTE - MATERIAL",null,40,3.1,124]
["BASE",204,24,"MATERIAL P/ MANUT.DE BENS IMOVEIS/INSTALACOES",47,"CANOS, TUBOS, MANGUEIRAS E ACESSÓRIOS",4730,"ACESSÓRIOS E FERRAGENS ESPECIAIS PARA  MANGUEIRAS, CANOS  E TUBOS","00625","UNIÃO SOLDÁVEL","joelho PVC 50mm 90",44663,"Media","UNIDADE","INTEGRAL","CUSTO SUPORTE - MATERIAL",null,40,4.97,198.8]
["BASE",205,24,"MATERIAL P/ MANUT.DE BENS IMOVEIS/INSTALACOES",47,"CANOS, TUBOS, MANGUEIRAS E ACESSÓRIOS",4730,"ACESSÓRIOS E FERRAGENS ESPECIAIS PARA  MANGUEIRAS, CANOS  E TUBOS","00625","UNIÃO SOLDÁVEL","joelho PVC 100mm 90",44663,"Media","UNIDADE","INTEGRAL","CUSTO SUPORTE - MATERIAL",null,30,8.49,254.7]
["BASE",206,24,"MATERIAL P/ MANUT.DE BENS IMOVEIS/INSTALACOES",47,"CANOS, TUBOS, MANGUEIRAS E ACESSÓRIOS",4730,"ACESSÓRIOS E FERRAGENS ESPECIAIS PARA  MANGUEIRAS, CANOS  E TUBOS","00625","UNIÃO SOLDÁVEL","joelho PVC 100mm 45",44663,"Media","UNIDADE","INTEGRAL","CUSTO SUPORTE - MATERIAL",null,30,8.19,245.7]
["BASE",207,24,"MATERIAL P/ MANUT.DE BENS IMOVEIS/INSTALACOES",47,"CANOS, TUBOS, MANGUEIRAS E ACESSÓRIOS",4730,"ACESSÓRIOS E FERRAGENS ESPECIAIS PARA  MANGUEIRAS, CANOS  E TUBOS","16964","ACESSÓRIOS E FERRAGENS ESPECIAIS PARA  MANGUEIRAS,  CANOS  ETUBOS","Cola para PVC 175g",44663,"Media","UNIDADE","INTEGRAL","CUSTO SUPORTE - MATERIAL",null,30,19.79,593.70000000000005]
["BASE",208,24,"MATERIAL P/ MANUT.DE BENS IMOVEIS/INSTALACOES",56,"MATERIAIS PARA CONSTRUÇÃO",5670,"COMPONENTES PRÉ-FABRICADOS PARA CONSTRUÇÃO","04117","CAIXA D'ÁGUA","2 Caixa d'água, redonda de polietileno, 1000 L, certificada pela abnt na nbr 13.210 e 14.799, cor azul, com tampa",44754,"Media","UNIDADE","INTEGRAL","CUSTO SUPORTE - MATERIAL",null,2,400,800]
["BASE",209,24,"MATERIAL P/ MANUT.DE BENS IMOVEIS/INSTALACOES",47,"CANOS, TUBOS, MANGUEIRAS E ACESSÓRIOS",4730,"ACESSÓRIOS E FERRAGENS ESPECIAIS PARA  MANGUEIRAS, CANOS  E TUBOS","00625","UNIÃO SOLDÁVEL","Adaptador em PVC marrom soldável c/flanges, p/ caixa d’água, 25 mm, qualidade similara tigre ou amanco, para agua.",44663,"Media","UNIDADE","INTEGRAL","CUSTO SUPORTE - MATERIAL",null,60,13.62,817.2]
["BASE",210,24,"MATERIAL P/ MANUT.DE BENS IMOVEIS/INSTALACOES",47,"CANOS, TUBOS, MANGUEIRAS E ACESSÓRIOS",4730,"ACESSÓRIOS E FERRAGENS ESPECIAIS PARA  MANGUEIRAS, CANOS  E TUBOS","00625","UNIÃO SOLDÁVEL","Adaptador em PVC marrom soldável c/flanges, p/ caixa d’água, 32 mm, qualidade similar a tigre ou amanco, para agua.",44663,"Media","UNIDADE","INTEGRAL","CUSTO SUPORTE - MATERIAL",null,50,16.79,839.5]
["BASE",211,24,"MATERIAL P/ MANUT.DE BENS IMOVEIS/INSTALACOES",47,"CANOS, TUBOS, MANGUEIRAS E ACESSÓRIOS",4730,"ACESSÓRIOS E FERRAGENS ESPECIAIS PARA  MANGUEIRAS, CANOS  E TUBOS","00625","UNIÃO SOLDÁVEL","Adaptador em PVC marrom soldável c/flanges, p/ caixa d’água, 50 mm, qualidade similar a tigre ou amanco, para agua.",44663,"Media","UNIDADE","INTEGRAL","CUSTO SUPORTE - MATERIAL",null,40,33.9,1356]
["BASE",212,24,"MATERIAL P/ MANUT.DE BENS IMOVEIS/INSTALACOES",47,"CANOS, TUBOS, MANGUEIRAS E ACESSÓRIOS",4730,"ACESSÓRIOS E FERRAGENS ESPECIAIS PARA  MANGUEIRAS, CANOS  E TUBOS","00625","UNIÃO SOLDÁVEL","Adaptador em PVC marrom, soldável c/ anel p/ caixa d’água, 32 mm, qualidade similar a tigre ou amanco, para agua.",44663,"Media","UNIDADE","INTEGRAL","CUSTO SUPORTE - MATERIAL",null,30,28.03,840.9]
["BASE",213,24,"MATERIAL P/ MANUT.DE BENS IMOVEIS/INSTALACOES",47,"CANOS, TUBOS, MANGUEIRAS E ACESSÓRIOS",4730,"ACESSÓRIOS E FERRAGENS ESPECIAIS PARA  MANGUEIRAS, CANOS  E TUBOS","00625","UNIÃO SOLDÁVEL","Adaptador em PVC marrom, soldável c/anel p/ caixa d’água, 25 mm, qualidade similar a tigre ou amanco, para agua.",44663,"Media","UNIDADE","INTEGRAL","CUSTO SUPORTE - MATERIAL",null,30,11.7,351]
["BASE",214,24,"MATERIAL P/ MANUT.DE BENS IMOVEIS/INSTALACOES",47,"CANOS, TUBOS, MANGUEIRAS E ACESSÓRIOS",4730,"ACESSÓRIOS E FERRAGENS ESPECIAIS PARA  MANGUEIRAS, CANOS  E TUBOS","00625","UNIÃO SOLDÁVEL","Adaptador em PVC marrom, soldável c/anel p/ caixa d’água, 50 mm, qualidade similar a tigre ou amanco, para agua.",44663,"Media","UNIDADE","INTEGRAL","CUSTO SUPORTE - MATERIAL",null,30,16.79,503.7]
["BASE",215,24,"MATERIAL P/ MANUT.DE BENS IMOVEIS/INSTALACOES",47,"CANOS, TUBOS, MANGUEIRAS E ACESSÓRIOS",4730,"ACESSÓRIOS E FERRAGENS ESPECIAIS PARA  MANGUEIRAS, CANOS  E TUBOS","00625","UNIÃO SOLDÁVEL","Adaptador em PVC marrom, soldável curto c/ bolsa e rosca p/ registro, 25 mm, qualidade similar a tigre / amanco, p/ agua.",44663,"Media","UNIDADE","INTEGRAL","CUSTO SUPORTE - MATERIAL",null,100,0.84,84]
["BASE",216,24,"MATERIAL P/ MANUT.DE BENS IMOVEIS/INSTALACOES",47,"CANOS, TUBOS, MANGUEIRAS E ACESSÓRIOS",4730,"ACESSÓRIOS E FERRAGENS ESPECIAIS PARA  MANGUEIRAS, CANOS  E TUBOS","00625","UNIÃO SOLDÁVEL","Adaptador em PVC marrom, soldável curto c/ bolsa e rosca p/ registro, 32 mm, qualidade similar a tigre / amanco, p/ agua.",44663,"Media","UNIDADE","INTEGRAL","CUSTO SUPORTE - MATERIAL",null,45,2.09,94.05]
["BASE",217,24,"MATERIAL P/ MANUT.DE BENS IMOVEIS/INSTALACOES",47,"CANOS, TUBOS, MANGUEIRAS E ACESSÓRIOS",4730,"ACESSÓRIOS E FERRAGENS ESPECIAIS PARA  MANGUEIRAS, CANOS  E TUBOS","00625","UNIÃO SOLDÁVEL","Adaptador em PVC marrom, soldável curto c/ bolsa e rosca p/ registro, 50 mm, qualidade similar a tigre / amanco, p/ agua.",44663,"Media","UNIDADE","INTEGRAL","CUSTO SUPORTE - MATERIAL",null,60,4.59,275.39999999999998]
["BASE",218,24,"MATERIAL P/ MANUT.DE BENS IMOVEIS/INSTALACOES",80,"PINCÉIS, TINTAS, VEDANTES E ADESIVOS",8040,"ADESIVOS","02104","ADESIVO COLAGEM","Adesivo plástico para tubos e conexões hidráulicas de PVC, bisnaga 175 gramas, incolor.",44663,"Media","UNIDADE","INTEGRAL","CUSTO SUPORTE - MATERIAL",null,60,8.99,539.4]
["BASE",219,24,"MATERIAL P/ MANUT.DE BENS IMOVEIS/INSTALACOES",47,"CANOS, TUBOS, MANGUEIRAS E ACESSÓRIOS",4730,"ACESSÓRIOS E FERRAGENS ESPECIAIS PARA  MANGUEIRAS, CANOS  E TUBOS","00621","ANEL BORRACHA","Anel de vedação com guia para vaso sanitário",44663,"Media","UNIDADE","INTEGRAL","CUSTO SUPORTE - MATERIAL",null,60,9.36,561.6]
["BASE",220,24,"MATERIAL P/ MANUT.DE BENS IMOVEIS/INSTALACOES",45,"EQUIPAMENTO DE INSTALAÇÕES HIDRÁULICAS E DE AQUECIMENTO",4510,"DISPOSITIVOS E ACESSÓRIOS PARA INSTALAÇÕES HIDRÁULICAS","17358","ASSENTO VASO SANITÁRIO","Assento branco vaso sanitário em polietileno com espuma, tampa ovalada, almofadado, com peças de fixação.",44663,"Media","UNIDADE","INTEGRAL","CUSTO SUPORTE - MATERIAL",null,10,66.16,661.6]
["BASE",221,24,"MATERIAL P/ MANUT.DE BENS IMOVEIS/INSTALACOES",45,"EQUIPAMENTO DE INSTALAÇÕES HIDRÁULICAS E DE AQUECIMENTO",4510,"DISPOSITIVOS E ACESSÓRIOS PARA INSTALAÇÕES HIDRÁULICAS","17358","ASSENTO VASO SANITÁRIO","Assento vaso sanitário, universal, material plástico, cor branca, com tampa, com peças de fixação.",44663,"Media","UNIDADE","INTEGRAL","CUSTO SUPORTE - MATERIAL",null,15,39.9,598.5]
["BASE",222,24,"MATERIAL P/ MANUT.DE BENS IMOVEIS/INSTALACOES",45,"EQUIPAMENTO DE INSTALAÇÕES HIDRÁULICAS E DE AQUECIMENTO",4510,"DISPOSITIVOS E ACESSÓRIOS PARA INSTALAÇÕES HIDRÁULICAS","08747","LAVATÓRIO","Bacia, lavatório de banheiro (pia), medidas aproximadas 50x40cm, porcelana/cerâmica, ovalada, branca.",44663,"Media","UNIDADE","INTEGRAL","CUSTO SUPORTE - MATERIAL",null,10,80,800]
["BASE",223,24,"MATERIAL P/ MANUT.DE BENS IMOVEIS/INSTALACOES",47,"CANOS, TUBOS, MANGUEIRAS E ACESSÓRIOS",4710,"CANOS E TUBOS","13098","TUBO ALUMÍNIO","Braço chuveiro, material alumínio, acabamento cromado, comprimento 30, bitola 1/2´.",44663,"Media","UNIDADE","INTEGRAL","CUSTO SUPORTE - MATERIAL",null,65,5.26,341.9]
["BASE",224,24,"MATERIAL P/ MANUT.DE BENS IMOVEIS/INSTALACOES",56,"MATERIAIS PARA CONSTRUÇÃO",5670,"COMPONENTES PRÉ-FABRICADOS PARA CONSTRUÇÃO","04117","CAIXA D'ÁGUA","Caixa d'água, redonda de polietileno, 15000 L, certificada pela abnt na nbr 13.210 e 14.799, cor azul, com tampa",44754,"Media","UNIDADE","INTEGRAL","CUSTO SUPORTE - MATERIAL",null,0,7889,0]
["BASE",225,24,"MATERIAL P/ MANUT.DE BENS IMOVEIS/INSTALACOES",45,"EQUIPAMENTO DE INSTALAÇÕES HIDRÁULICAS E DE AQUECIMENTO",4510,"DISPOSITIVOS E ACESSÓRIOS PARA INSTALAÇÕES HIDRÁULICAS","04109","CAIXA / COMPONENTES - CAIXA SANITÁRIA","Caixa descarga branca de plástico, capacidade 6 L, sem engate flexível, suporte fixação e completo para uso",44754,"Media","UNIDADE","INTEGRAL","CUSTO SUPORTE - MATERIAL",null,15,35.9,538.5]
["BASE",226,24,"MATERIAL P/ MANUT.DE BENS IMOVEIS/INSTALACOES",45,"EQUIPAMENTO DE INSTALAÇÕES HIDRÁULICAS E DE AQUECIMENTO",4510,"DISPOSITIVOS E ACESSÓRIOS PARA INSTALAÇÕES HIDRÁULICAS","04109","CAIXA / COMPONENTES - CAIXA SANITÁRIA","Caixa descarga branca de plástico, capacidade 9 L, sem engate flexível, suporte fixação e completo para uso.",44754,"Media","UNIDADE","INTEGRAL","CUSTO SUPORTE - MATERIAL",null,15,35.9,538.5]
["BASE",227,24,"MATERIAL P/ MANUT.DE BENS IMOVEIS/INSTALACOES",47,"CANOS, TUBOS, MANGUEIRAS E ACESSÓRIOS",4730,"ACESSÓRIOS E FERRAGENS ESPECIAIS PARA  MANGUEIRAS, CANOS  E TUBOS","00625","UNIÃO SOLDÁVEL","Cap soldável, tipo cano PVC, branco, diâmetro 100 mm, qualidade similar a tigre ou amanco, aplicacao esgoto",44663,"Media","UNIDADE","INTEGRAL","CUSTO SUPORTE - MATERIAL",null,25,12.49,312.25]
["BASE",228,24,"MATERIAL P/ MANUT.DE BENS IMOVEIS/INSTALACOES",47,"CANOS, TUBOS, MANGUEIRAS E ACESSÓRIOS",4730,"ACESSÓRIOS E FERRAGENS ESPECIAIS PARA  MANGUEIRAS, CANOS  E TUBOS","00625","UNIÃO SOLDÁVEL","Cap soldável, tipo cano PVC, branco, diâmetro 150 mm, qualidade similar a tigre ou amanco, aplicacao esgoto",44663,"Media","UNIDADE","INTEGRAL","CUSTO SUPORTE - MATERIAL",null,25,16.79,419.75]
["BASE",229,24,"MATERIAL P/ MANUT.DE BENS IMOVEIS/INSTALACOES",47,"CANOS, TUBOS, MANGUEIRAS E ACESSÓRIOS",4730,"ACESSÓRIOS E FERRAGENS ESPECIAIS PARA  MANGUEIRAS, CANOS  E TUBOS","00625","UNIÃO SOLDÁVEL","Cap soldável, tipo cano PVC, branco, diâmetro 40 mm, qualidade similar a tigre ou amanco, aplicacao esgoto",44663,"Media","UNIDADE","INTEGRAL","CUSTO SUPORTE - MATERIAL",null,70,4.01,280.7]
["BASE",230,24,"MATERIAL P/ MANUT.DE BENS IMOVEIS/INSTALACOES",47,"CANOS, TUBOS, MANGUEIRAS E ACESSÓRIOS",4730,"ACESSÓRIOS E FERRAGENS ESPECIAIS PARA  MANGUEIRAS, CANOS  E TUBOS","00625","UNIÃO SOLDÁVEL","Cap soldável, tipo cano PVC, branco, diâmetro 50 mm, qualidade similar a tigre ou amanco, aplicação esgoto",44663,"Media","UNIDADE","INTEGRAL","CUSTO SUPORTE - MATERIAL",null,70,5.59,391.3]
["BASE",231,24,"MATERIAL P/ MANUT.DE BENS IMOVEIS/INSTALACOES",47,"CANOS, TUBOS, MANGUEIRAS E ACESSÓRIOS",4730,"ACESSÓRIOS E FERRAGENS ESPECIAIS PARA  MANGUEIRAS, CANOS  E TUBOS","00625","UNIÃO SOLDÁVEL","Cap soldável, tipo cano PVC, marrom, diâmetro 25 mm, qualidade similar a tigre ou amanco, aplicação água",44663,"Media","UNIDADE","INTEGRAL","CUSTO SUPORTE - MATERIAL",null,50,1.41,70.5]
["BASE",232,24,"MATERIAL P/ MANUT.DE BENS IMOVEIS/INSTALACOES",47,"CANOS, TUBOS, MANGUEIRAS E ACESSÓRIOS",4730,"ACESSÓRIOS E FERRAGENS ESPECIAIS PARA  MANGUEIRAS, CANOS  E TUBOS","00625","UNIÃO SOLDÁVEL","Cap soldável, tipo cano PVC, marrom, diâmetro 32 mm, qualidade similar a tigre ou amanco, aplicação água",44663,"Media","UNIDADE","INTEGRAL","CUSTO SUPORTE - MATERIAL",null,50,2.0499999999999998,102.5]
["BASE",233,24,"MATERIAL P/ MANUT.DE BENS IMOVEIS/INSTALACOES",47,"CANOS, TUBOS, MANGUEIRAS E ACESSÓRIOS",4730,"ACESSÓRIOS E FERRAGENS ESPECIAIS PARA  MANGUEIRAS, CANOS  E TUBOS","00625","UNIÃO SOLDÁVEL","Cap soldável, tipo cano PVC, marrom, diâmetro 50 mm, qualidade similar a tigre ou amanco, aplicação água",44663,"Media","UNIDADE","INTEGRAL","CUSTO SUPORTE - MATERIAL",null,50,9.49,474.5]
["BASE",234,24,"MATERIAL P/ MANUT.DE BENS IMOVEIS/INSTALACOES",45,"EQUIPAMENTO DE INSTALAÇÕES HIDRÁULICAS E DE AQUECIMENTO",4510,"DISPOSITIVOS E ACESSÓRIOS PARA INSTALAÇÕES HIDRÁULICAS","04976","CHUVEIRO ELÉTRICO","Chuveiro elétrico c/ 8 temperaturas regulada em haste, 6800w, c /mangueira, dimensão 16x30x35cm, 220v",44663,"Media","UNIDADE","INTEGRAL","CUSTO SUPORTE - MATERIAL",null,15,60.9,913.5]
["BASE",235,24,"MATERIAL P/ MANUT.DE BENS IMOVEIS/INSTALACOES",45,"EQUIPAMENTO DE INSTALAÇÕES HIDRÁULICAS E DE AQUECIMENTO",4510,"DISPOSITIVOS E ACESSÓRIOS PARA INSTALAÇÕES HIDRÁULICAS","04976","CHUVEIRO ELÉTRICO","Chuveiro elétrico, 3 temperaturas, com seletor, 5500w, c/ mangueira, dimensões 17,5 x 34 x 23 cm, 110v.",44663,"Media","UNIDADE","INTEGRAL","CUSTO SUPORTE - MATERIAL",null,15,55.89,838.35]
["BASE",236,24,"MATERIAL P/ MANUT.DE BENS IMOVEIS/INSTALACOES",45,"EQUIPAMENTO DE INSTALAÇÕES HIDRÁULICAS E DE AQUECIMENTO",4510,"DISPOSITIVOS E ACESSÓRIOS PARA INSTALAÇÕES HIDRÁULICAS","04976","CHUVEIRO ELÉTRICO","Chuveiro elétrico, 3 temperaturas, com seletor, 5500w, c/ mangueira, dimensões 17,5 x 34 x 23 cm, 220v.",44663,"Media","UNIDADE","INTEGRAL","CUSTO SUPORTE - MATERIAL",null,20,49.9,998]
["BASE",237,24,"MATERIAL P/ MANUT.DE BENS IMOVEIS/INSTALACOES",45,"EQUIPAMENTO DE INSTALAÇÕES HIDRÁULICAS E DE AQUECIMENTO",4510,"DISPOSITIVOS E ACESSÓRIOS PARA INSTALAÇÕES HIDRÁULICAS","04976","CHUVEIRO ELÉTRICO","Chuveiro elétrico, branco, 3 temperaturas, com seletor, 5500w, mangueira com ducha manual, 110v.",44663,"Media","UNIDADE","INTEGRAL","CUSTO SUPORTE - MATERIAL",null,15,52.8,792]
["BASE",238,24,"MATERIAL P/ MANUT.DE BENS IMOVEIS/INSTALACOES",45,"EQUIPAMENTO DE INSTALAÇÕES HIDRÁULICAS E DE AQUECIMENTO",4510,"DISPOSITIVOS E ACESSÓRIOS PARA INSTALAÇÕES HIDRÁULICAS","04976","CHUVEIRO ELÉTRICO","Chuveiro elétrico, branco, 3 temperaturas, com seletor, 5500w, mangueira com ducha manual, 220v.",44663,"Media","UNIDADE","INTEGRAL","CUSTO SUPORTE - MATERIAL",null,8,169.9,1359.2]
["BASE",239,24,"MATERIAL P/ MANUT.DE BENS IMOVEIS/INSTALACOES",47,"CANOS, TUBOS, MANGUEIRAS E ACESSÓRIOS",4730,"ACESSÓRIOS E FERRAGENS ESPECIAIS PARA  MANGUEIRAS, CANOS  E TUBOS","00625","UNIÃO SOLDÁVEL","Conexão “T”, soldável, tipo cano PVC, branco, diâmetro 100 mm, qualidade similar a tigre ou amanco, aplicação esgoto",44663,"Media","UNIDADE","INTEGRAL","CUSTO SUPORTE - MATERIAL",null,40,5.5,220]
["BASE",240,24,"MATERIAL P/ MANUT.DE BENS IMOVEIS/INSTALACOES",47,"CANOS, TUBOS, MANGUEIRAS E ACESSÓRIOS",4730,"ACESSÓRIOS E FERRAGENS ESPECIAIS PARA  MANGUEIRAS, CANOS  E TUBOS","00625","UNIÃO SOLDÁVEL","Conexão “T”, soldável, tipo cano PVC, branco, diâmetro 150 mm, qualidade similar a tigre ou amanco, aplicação esgoto.",44663,"Media","UNIDADE","INTEGRAL","CUSTO SUPORTE - MATERIAL",null,40,10.79,431.6]
["BASE",241,24,"MATERIAL P/ MANUT.DE BENS IMOVEIS/INSTALACOES",47,"CANOS, TUBOS, MANGUEIRAS E ACESSÓRIOS",4730,"ACESSÓRIOS E FERRAGENS ESPECIAIS PARA  MANGUEIRAS, CANOS  E TUBOS","00625","UNIÃO SOLDÁVEL","Conexão “T”, soldável, tipo cano PVC, branco, diâmetro 25 mm, qualidade similar a tigre ou amanco, aplicacao esgoto.",44663,"Media","UNIDADE","INTEGRAL","CUSTO SUPORTE - MATERIAL",null,60,13.9,834]
["BASE",242,24,"MATERIAL P/ MANUT.DE BENS IMOVEIS/INSTALACOES",47,"CANOS, TUBOS, MANGUEIRAS E ACESSÓRIOS",4730,"ACESSÓRIOS E FERRAGENS ESPECIAIS PARA  MANGUEIRAS, CANOS  E TUBOS","00625","UNIÃO SOLDÁVEL","Conexão “T”, soldável, tipo cano PVC, branco, diâmetro 32 mm, qualidade similar a tigre ou amanco, aplicacao esgoto.",44663,"Media","UNIDADE","INTEGRAL","CUSTO SUPORTE - MATERIAL",null,60,13.9,834]
["BASE",243,24,"MATERIAL P/ MANUT.DE BENS IMOVEIS/INSTALACOES",47,"CANOS, TUBOS, MANGUEIRAS E ACESSÓRIOS",4730,"ACESSÓRIOS E FERRAGENS ESPECIAIS PARA  MANGUEIRAS, CANOS  E TUBOS","00625","UNIÃO SOLDÁVEL","Conexão “T”, soldável, tipo cano PVC, branco, diâmetro 40 mm, qualidade similar a tigre ou amanco, aplicação esgoto ",44663,"Media","UNIDADE","INTEGRAL","CUSTO SUPORTE - MATERIAL",null,60,8.9,534]
["BASE",244,24,"MATERIAL P/ MANUT.DE BENS IMOVEIS/INSTALACOES",47,"CANOS, TUBOS, MANGUEIRAS E ACESSÓRIOS",4730,"ACESSÓRIOS E FERRAGENS ESPECIAIS PARA  MANGUEIRAS, CANOS  E TUBOS","00625","UNIÃO SOLDÁVEL","Conexão “T”, soldável, tipo cano PVC, branco, diâmetro 50 mm, qualidade similar a tigre ou amanco, aplicacao esgoto.",44663,"Media","UNIDADE","INTEGRAL","CUSTO SUPORTE - MATERIAL",null,60,5.49,329.4]
["BASE",245,24,"MATERIAL P/ MANUT.DE BENS IMOVEIS/INSTALACOES",47,"CANOS, TUBOS, MANGUEIRAS E ACESSÓRIOS",4730,"ACESSÓRIOS E FERRAGENS ESPECIAIS PARA  MANGUEIRAS, CANOS  E TUBOS","00625","UNIÃO SOLDÁVEL","Conexão “T”, soldável, tipo cano PVC, marrom, diâmetro 50 mm, qualidade similar a tigre ou amanco, aplicacao esgoto.",44663,"Media","UNIDADE","INTEGRAL","CUSTO SUPORTE - MATERIAL",null,30,21.4,642]
["BASE",246,24,"MATERIAL P/ MANUT.DE BENS IMOVEIS/INSTALACOES",47,"CANOS, TUBOS, MANGUEIRAS E ACESSÓRIOS",4730,"ACESSÓRIOS E FERRAGENS ESPECIAIS PARA  MANGUEIRAS, CANOS  E TUBOS","00625","UNIÃO SOLDÁVEL","Conexão “Y”, soldável, tipo cano PVC, branco, diâmetro 100 mm, qualidade similar a tigre ou amanco, aplicação esgoto.",44663,"Media","UNIDADE","INTEGRAL","CUSTO SUPORTE - MATERIAL",null,35,20.9,731.5]
["BASE",247,24,"MATERIAL P/ MANUT.DE BENS IMOVEIS/INSTALACOES",47,"CANOS, TUBOS, MANGUEIRAS E ACESSÓRIOS",4730,"ACESSÓRIOS E FERRAGENS ESPECIAIS PARA  MANGUEIRAS, CANOS  E TUBOS","00625","UNIÃO SOLDÁVEL","Conexão “Y”, soldável, tipo cano PVC, branco, diâmetro 150 mm, qualidade similar a tigre ou amanco, aplicação esgoto.",44663,"Media","UNIDADE","INTEGRAL","CUSTO SUPORTE - MATERIAL",null,35,5.5,192.5]
["BASE",248,24,"MATERIAL P/ MANUT.DE BENS IMOVEIS/INSTALACOES",47,"CANOS, TUBOS, MANGUEIRAS E ACESSÓRIOS",4730,"ACESSÓRIOS E FERRAGENS ESPECIAIS PARA  MANGUEIRAS, CANOS  E TUBOS","00625","UNIÃO SOLDÁVEL","Conexão “Y”, soldável, tipo cano PVC, branco, diâmetro 40 mm, qualidade similar a tigre ou amanco, aplicação esgoto.",44663,"Media","UNIDADE","INTEGRAL","CUSTO SUPORTE - MATERIAL",null,45,8.89,400.05]
["BASE",249,24,"MATERIAL P/ MANUT.DE BENS IMOVEIS/INSTALACOES",47,"CANOS, TUBOS, MANGUEIRAS E ACESSÓRIOS",4730,"ACESSÓRIOS E FERRAGENS ESPECIAIS PARA  MANGUEIRAS, CANOS  E TUBOS","00625","UNIÃO SOLDÁVEL","Conexão “Y”, soldável, tipo cano PVC, branco, diâmetro 50 mm, qualidade similar a tigre ou amanco, aplicação esgoto.",44663,"Media","UNIDADE","INTEGRAL","CUSTO SUPORTE - MATERIAL",null,45,10.79,485.55]
["BASE",250,24,"MATERIAL P/ MANUT.DE BENS IMOVEIS/INSTALACOES",47,"CANOS, TUBOS, MANGUEIRAS E ACESSÓRIOS",4730,"ACESSÓRIOS E FERRAGENS ESPECIAIS PARA  MANGUEIRAS, CANOS  E TUBOS","00625","UNIÃO SOLDÁVEL","Conexão curva 45o, soldável, em PVC, branco, diâmetro 100 mm, qualidade similar a tigre ou amanco, aplicação esgoto.",44663,"Media","UNIDADE","INTEGRAL","CUSTO SUPORTE - MATERIAL",null,10,100,1000]
["BASE",251,24,"MATERIAL P/ MANUT.DE BENS IMOVEIS/INSTALACOES",47,"CANOS, TUBOS, MANGUEIRAS E ACESSÓRIOS",4730,"ACESSÓRIOS E FERRAGENS ESPECIAIS PARA  MANGUEIRAS, CANOS  E TUBOS","00625","UNIÃO SOLDÁVEL","Conexão curva 45o, soldável, em PVC, branco, diâmetro 150 mm, qualidade similar a tigre ou amanco, aplicação esgoto.",44663,"Media","UNIDADE","INTEGRAL","CUSTO SUPORTE - MATERIAL",null,10,85.53,855.3]
["BASE",252,24,"MATERIAL P/ MANUT.DE BENS IMOVEIS/INSTALACOES",47,"CANOS, TUBOS, MANGUEIRAS E ACESSÓRIOS",4730,"ACESSÓRIOS E FERRAGENS ESPECIAIS PARA  MANGUEIRAS, CANOS  E TUBOS","00625","UNIÃO SOLDÁVEL","Conexão curva 45o, soldável, em PVC, branco, diâmetro 40 mm, qualidade similar a tigre ou amanco, aplicação esgoto.",44663,"Media","UNIDADE","INTEGRAL","CUSTO SUPORTE - MATERIAL",null,20,32.9,658]
["BASE",253,24,"MATERIAL P/ MANUT.DE BENS IMOVEIS/INSTALACOES",47,"CANOS, TUBOS, MANGUEIRAS E ACESSÓRIOS",4730,"ACESSÓRIOS E FERRAGENS ESPECIAIS PARA  MANGUEIRAS, CANOS  E TUBOS","00625","UNIÃO SOLDÁVEL","Conexão curva 45o, soldável, em PVC, branco, diâmetro 50 mm, qualidade similar a tigre ou amanco, aplicação esgoto.",44663,"Media","UNIDADE","INTEGRAL","CUSTO SUPORTE - MATERIAL",null,50,15.9,795]
["BASE",254,24,"MATERIAL P/ MANUT.DE BENS IMOVEIS/INSTALACOES",47,"CANOS, TUBOS, MANGUEIRAS E ACESSÓRIOS",4730,"ACESSÓRIOS E FERRAGENS ESPECIAIS PARA  MANGUEIRAS, CANOS  E TUBOS","00625","UNIÃO SOLDÁVEL","Conexão curva 45o, soldável, tipo cano PVC, marrom, diâmetro 25 mm, qualidade similar a tigre ou amanco, para agua.",44663,"Media","UNIDADE","INTEGRAL","CUSTO SUPORTE - MATERIAL",null,50,2.99,149.5]
["BASE",255,24,"MATERIAL P/ MANUT.DE BENS IMOVEIS/INSTALACOES",47,"CANOS, TUBOS, MANGUEIRAS E ACESSÓRIOS",4730,"ACESSÓRIOS E FERRAGENS ESPECIAIS PARA  MANGUEIRAS, CANOS  E TUBOS","00625","UNIÃO SOLDÁVEL","Conexão curva 45o, soldável, tipo cano PVC, marrom, diâmetro 32 mm, qualidade similar a tigre ou amanco, para agua.",44663,"Media","UNIDADE","INTEGRAL","CUSTO SUPORTE - MATERIAL",null,50,3.7,185]
["BASE",256,24,"MATERIAL P/ MANUT.DE BENS IMOVEIS/INSTALACOES",47,"CANOS, TUBOS, MANGUEIRAS E ACESSÓRIOS",4730,"ACESSÓRIOS E FERRAGENS ESPECIAIS PARA  MANGUEIRAS, CANOS  E TUBOS","00625","UNIÃO SOLDÁVEL","Conexão curva 45o, soldável, tipo cano PVC, marrom, diâmetro 50 mm, qualidade similar a tigre ou amanco, para agua.",44663,"Media","UNIDADE","INTEGRAL","CUSTO SUPORTE - MATERIAL",null,30,21.9,657]
["BASE",257,24,"MATERIAL P/ MANUT.DE BENS IMOVEIS/INSTALACOES",47,"CANOS, TUBOS, MANGUEIRAS E ACESSÓRIOS",4730,"ACESSÓRIOS E FERRAGENS ESPECIAIS PARA  MANGUEIRAS, CANOS  E TUBOS","00625","UNIÃO SOLDÁVEL","Conexão curva 90o, soldável, em PVC, branco, diâmetro 100 mm, qualidade similar a tigre ou amanco, aplicação esgoto.",44663,"Media","UNIDADE","INTEGRAL","CUSTO SUPORTE - MATERIAL",null,30,28.87,866.1]
["BASE",258,24,"MATERIAL P/ MANUT.DE BENS IMOVEIS/INSTALACOES",47,"CANOS, TUBOS, MANGUEIRAS E ACESSÓRIOS",4730,"ACESSÓRIOS E FERRAGENS ESPECIAIS PARA  MANGUEIRAS, CANOS  E TUBOS","00625","UNIÃO SOLDÁVEL","Conexão curva 90o, soldável, em PVC, branco, diâmetro 150 mm, qualidade similar a tigre ou amanco, aplicação esgoto.",44663,"Media","UNIDADE","INTEGRAL","CUSTO SUPORTE - MATERIAL",null,50,10.9,545]
["BASE",259,24,"MATERIAL P/ MANUT.DE BENS IMOVEIS/INSTALACOES",47,"CANOS, TUBOS, MANGUEIRAS E ACESSÓRIOS",4730,"ACESSÓRIOS E FERRAGENS ESPECIAIS PARA  MANGUEIRAS, CANOS  E TUBOS","00625","UNIÃO SOLDÁVEL","Conexão curva 90o, soldável, em PVC, branco, diâmetro 40 mm, qualidade similar a tigre ou amanco, aplicação esgoto.",44663,"Media","UNIDADE","INTEGRAL","CUSTO SUPORTE - MATERIAL",null,60,10.73,643.79999999999995]
["BASE",260,24,"MATERIAL P/ MANUT.DE BENS IMOVEIS/INSTALACOES",47,"CANOS, TUBOS, MANGUEIRAS E ACESSÓRIOS",4730,"ACESSÓRIOS E FERRAGENS ESPECIAIS PARA  MANGUEIRAS, CANOS  E TUBOS","00625","UNIÃO SOLDÁVEL","Conexão curva 90o, soldável, em PVC, branco, diâmetro 50 mm, qualidade similar a tigre ou amanco, aplicação esgoto.",44663,"Media","UNIDADE","INTEGRAL","CUSTO SUPORTE - MATERIAL",null,30,14.86,445.8]
["BASE",261,24,"MATERIAL P/ MANUT.DE BENS IMOVEIS/INSTALACOES",47,"CANOS, TUBOS, MANGUEIRAS E ACESSÓRIOS",4730,"ACESSÓRIOS E FERRAGENS ESPECIAIS PARA  MANGUEIRAS, CANOS  E TUBOS","00625","UNIÃO SOLDÁVEL","Conexão curva 90o, soldável, tipo cano PVC, marrom, diâmetro 25 mm, qualidade similar a tigre ou amanco, para agua.",44663,"Media","UNIDADE","INTEGRAL","CUSTO SUPORTE - MATERIAL",null,100,4.78,478]
["BASE",262,24,"MATERIAL P/ MANUT.DE BENS IMOVEIS/INSTALACOES",47,"CANOS, TUBOS, MANGUEIRAS E ACESSÓRIOS",4730,"ACESSÓRIOS E FERRAGENS ESPECIAIS PARA  MANGUEIRAS, CANOS  E TUBOS","00625","UNIÃO SOLDÁVEL","Conexão curva 90o, soldável, tipo cano PVC, marrom, diâmetro 32 mm, qualidade similar a tigre ou amanco, para agua.",44663,"Media","UNIDADE","INTEGRAL","CUSTO SUPORTE - MATERIAL",null,50,9.7799999999999994,489]
["BASE",263,24,"MATERIAL P/ MANUT.DE BENS IMOVEIS/INSTALACOES",47,"CANOS, TUBOS, MANGUEIRAS E ACESSÓRIOS",4730,"ACESSÓRIOS E FERRAGENS ESPECIAIS PARA  MANGUEIRAS, CANOS  E TUBOS","00625","UNIÃO SOLDÁVEL","Conexão curva 90o, soldável, tipo cano PVC, marrom, diâmetro 50 mm, qualidade similar a tigre ou amanco, para agua.",44663,"Media","UNIDADE","INTEGRAL","CUSTO SUPORTE - MATERIAL",null,20,21.9,438]
["BASE",264,24,"MATERIAL P/ MANUT.DE BENS IMOVEIS/INSTALACOES",47,"CANOS, TUBOS, MANGUEIRAS E ACESSÓRIOS",4730,"ACESSÓRIOS E FERRAGENS ESPECIAIS PARA  MANGUEIRAS, CANOS  E TUBOS","00625","UNIÃO SOLDÁVEL","Conexão joelho 45o, soldável, em PVC, branco, diâmetro 100 mm, qualidade similar a tigre ou amanco, aplicação esgoto.",44663,"Media","UNIDADE","INTEGRAL","CUSTO SUPORTE - MATERIAL",null,35,3.92,137.19999999999999]
["BASE",265,24,"MATERIAL P/ MANUT.DE BENS IMOVEIS/INSTALACOES",47,"CANOS, TUBOS, MANGUEIRAS E ACESSÓRIOS",4730,"ACESSÓRIOS E FERRAGENS ESPECIAIS PARA  MANGUEIRAS, CANOS  E TUBOS","00625","UNIÃO SOLDÁVEL","Conexão joelho 45o, soldável, em PVC, branco, diâmetro 40 mm, qualidade similar a tigre ou amanco, aplicação esgoto.",44663,"Media","UNIDADE","INTEGRAL","CUSTO SUPORTE - MATERIAL",null,35,0.7,24.5]
["BASE",266,24,"MATERIAL P/ MANUT.DE BENS IMOVEIS/INSTALACOES",47,"CANOS, TUBOS, MANGUEIRAS E ACESSÓRIOS",4730,"ACESSÓRIOS E FERRAGENS ESPECIAIS PARA  MANGUEIRAS, CANOS  E TUBOS","00625","UNIÃO SOLDÁVEL","Conexão joelho 45o, soldável, em PVC, branco, diâmetro 50mm, qualidade similar a tigre ou amanco, aplicação esgoto.",44663,"Media","UNIDADE","INTEGRAL","CUSTO SUPORTE - MATERIAL",null,35,2.4900000000000002,87.15]
["BASE",267,24,"MATERIAL P/ MANUT.DE BENS IMOVEIS/INSTALACOES",47,"CANOS, TUBOS, MANGUEIRAS E ACESSÓRIOS",4730,"ACESSÓRIOS E FERRAGENS ESPECIAIS PARA  MANGUEIRAS, CANOS  E TUBOS","00625","UNIÃO SOLDÁVEL","Conexão joelho 45o, soldável, em PVC, marrom, diâmetro 25 mm, qualidade similar a tigre ou amanco, aplicação agua.",44663,"Media","UNIDADE","INTEGRAL","CUSTO SUPORTE - MATERIAL",null,80,6.59,527.20000000000005]
["BASE",268,24,"MATERIAL P/ MANUT.DE BENS IMOVEIS/INSTALACOES",47,"CANOS, TUBOS, MANGUEIRAS E ACESSÓRIOS",4730,"ACESSÓRIOS E FERRAGENS ESPECIAIS PARA  MANGUEIRAS, CANOS  E TUBOS","00625","UNIÃO SOLDÁVEL","Conexão joelho 45o, soldável, em PVC, marrom, diâmetro 32 mm, qualidade similar a tigre ou amanco, aplicação agua",44663,"Media","UNIDADE","INTEGRAL","CUSTO SUPORTE - MATERIAL",null,100,6.49,649]
["BASE",269,24,"MATERIAL P/ MANUT.DE BENS IMOVEIS/INSTALACOES",47,"CANOS, TUBOS, MANGUEIRAS E ACESSÓRIOS",4730,"ACESSÓRIOS E FERRAGENS ESPECIAIS PARA  MANGUEIRAS, CANOS  E TUBOS","00625","UNIÃO SOLDÁVEL","Conexão joelho 45o, soldável, em PVC, marrom, diâmetro 50 mm, qualidade similar a tigre ou amanco, aplicação agua.",44663,"Media","UNIDADE","INTEGRAL","CUSTO SUPORTE - MATERIAL",null,100,5.63,563]
["BASE",270,24,"MATERIAL P/ MANUT.DE BENS IMOVEIS/INSTALACOES",47,"CANOS, TUBOS, MANGUEIRAS E ACESSÓRIOS",4730,"ACESSÓRIOS E FERRAGENS ESPECIAIS PARA  MANGUEIRAS, CANOS  E TUBOS","00625","UNIÃO SOLDÁVEL","Conexão joelho 45o, soldável, em PVC,branco, diâmetro 150 mm, qualidade similar a tigre ou amanco, aplicação esgoto.",44663,"Media","UNIDADE","INTEGRAL","CUSTO SUPORTE - MATERIAL",null,20,39.9,798]
["BASE",271,24,"MATERIAL P/ MANUT.DE BENS IMOVEIS/INSTALACOES",47,"CANOS, TUBOS, MANGUEIRAS E ACESSÓRIOS",4730,"ACESSÓRIOS E FERRAGENS ESPECIAIS PARA  MANGUEIRAS, CANOS  E TUBOS","00625","UNIÃO SOLDÁVEL","Conexão joelho 90o, soldável, em PVC, branco, diâmetro 100 mm, qualidade similar a tigre ou amanco, aplicação esgoto.",44663,"Media","UNIDADE","INTEGRAL","CUSTO SUPORTE - MATERIAL",null,40,2.09,83.6]
["BASE",272,24,"MATERIAL P/ MANUT.DE BENS IMOVEIS/INSTALACOES",47,"CANOS, TUBOS, MANGUEIRAS E ACESSÓRIOS",4730,"ACESSÓRIOS E FERRAGENS ESPECIAIS PARA  MANGUEIRAS, CANOS  E TUBOS","00625","UNIÃO SOLDÁVEL","Conexão joelho 90o, soldável, em PVC, branco, diâmetro 150 mm, qualidade similar a tigre ou amanco, aplicação esgoto.",44663,"Media","UNIDADE","INTEGRAL","CUSTO SUPORTE - MATERIAL",null,40,4.92,196.8]
["BASE",273,24,"MATERIAL P/ MANUT.DE BENS IMOVEIS/INSTALACOES",47,"CANOS, TUBOS, MANGUEIRAS E ACESSÓRIOS",4730,"ACESSÓRIOS E FERRAGENS ESPECIAIS PARA  MANGUEIRAS, CANOS  E TUBOS","00625","UNIÃO SOLDÁVEL","Conexão joelho 90o, soldável, em PVC, branco, diâmetro 40 mm, qualidade similar a tigre ou amanco, aplicação esgoto.",44663,"Media","UNIDADE","INTEGRAL","CUSTO SUPORTE - MATERIAL",null,40,3.9,156]
["BASE",274,24,"MATERIAL P/ MANUT.DE BENS IMOVEIS/INSTALACOES",47,"CANOS, TUBOS, MANGUEIRAS E ACESSÓRIOS",4730,"ACESSÓRIOS E FERRAGENS ESPECIAIS PARA  MANGUEIRAS, CANOS  E TUBOS","00625","UNIÃO SOLDÁVEL","Conexão joelho 90o, soldável, em PVC, branco, diâmetro 50 mm, qualidade similar a tigre ou amanco, aplicação esgoto.",44663,"Media","UNIDADE","INTEGRAL","CUSTO SUPORTE - MATERIAL",null,40,2.48,99.2]
["BASE",275,24,"MATERIAL P/ MANUT.DE BENS IMOVEIS/INSTALACOES",47,"CANOS, TUBOS, MANGUEIRAS E ACESSÓRIOS",4730,"ACESSÓRIOS E FERRAGENS ESPECIAIS PARA  MANGUEIRAS, CANOS  E TUBOS","00625","UNIÃO SOLDÁVEL","Conexão joelho 90o, soldável, em PVC, marrom, diâmetro 25 mm, qualidade similar a tigre ou amanco, aplicação agua.",44663,"Media","UNIDADE","INTEGRAL","CUSTO SUPORTE - MATERIAL",null,100,5.19,519]
["BASE",276,24,"MATERIAL P/ MANUT.DE BENS IMOVEIS/INSTALACOES",47,"CANOS, TUBOS, MANGUEIRAS E ACESSÓRIOS",4730,"ACESSÓRIOS E FERRAGENS ESPECIAIS PARA  MANGUEIRAS, CANOS  E TUBOS","00625","UNIÃO SOLDÁVEL","Conexão joelho 90o, soldável, em PVC, marrom, diâmetro 32 mm, qualidade similar a tigre ou amanco, aplicação agua.",44663,"Media","UNIDADE","INTEGRAL","CUSTO SUPORTE - MATERIAL",null,100,2.4900000000000002,249]
["BASE",277,24,"MATERIAL P/ MANUT.DE BENS IMOVEIS/INSTALACOES",47,"CANOS, TUBOS, MANGUEIRAS E ACESSÓRIOS",4730,"ACESSÓRIOS E FERRAGENS ESPECIAIS PARA  MANGUEIRAS, CANOS  E TUBOS","00625","UNIÃO SOLDÁVEL","Conexão joelho 90o, soldável, em PVC, marrom, diâmetro 50 mm, qualidade similar a tigre ou amanco, aplicação agua.",44663,"Media","UNIDADE","INTEGRAL","CUSTO SUPORTE - MATERIAL",null,100,6.99,699]
["BASE",278,24,"MATERIAL P/ MANUT.DE BENS IMOVEIS/INSTALACOES",47,"CANOS, TUBOS, MANGUEIRAS E ACESSÓRIOS",4730,"ACESSÓRIOS E FERRAGENS ESPECIAIS PARA  MANGUEIRAS, CANOS  E TUBOS","00625","UNIÃO SOLDÁVEL","Conexão luva, soldável, tipo cano PVC, branco, diâmetro 100 mm, qualidade similar a tigre ou amanco, aplicação esgoto",44663,"Media","UNIDADE","INTEGRAL","CUSTO SUPORTE - MATERIAL",null,25,6.89,172.25]
["BASE",279,24,"MATERIAL P/ MANUT.DE BENS IMOVEIS/INSTALACOES",47,"CANOS, TUBOS, MANGUEIRAS E ACESSÓRIOS",4730,"ACESSÓRIOS E FERRAGENS ESPECIAIS PARA  MANGUEIRAS, CANOS  E TUBOS","00625","UNIÃO SOLDÁVEL","Conexão luva, soldável, tipo cano PVC, branco, diâmetro 100 mm, qualidade similar a tigre ou amanco, aplicação esgoto",44663,"Media","UNIDADE","INTEGRAL","CUSTO SUPORTE - MATERIAL",null,25,5.88,147]
["BASE",280,24,"MATERIAL P/ MANUT.DE BENS IMOVEIS/INSTALACOES",47,"CANOS, TUBOS, MANGUEIRAS E ACESSÓRIOS",4730,"ACESSÓRIOS E FERRAGENS ESPECIAIS PARA  MANGUEIRAS, CANOS  E TUBOS","00625","UNIÃO SOLDÁVEL","Conexão luva, soldável, tipo cano PVC, branco, diâmetro 150 mm, qualidade similar a tigre ou amanco, aplicação esgoto.",44663,"Media","UNIDADE","INTEGRAL","CUSTO SUPORTE - MATERIAL",null,15,39.9,598.5]
["BASE",281,24,"MATERIAL P/ MANUT.DE BENS IMOVEIS/INSTALACOES",47,"CANOS, TUBOS, MANGUEIRAS E ACESSÓRIOS",4730,"ACESSÓRIOS E FERRAGENS ESPECIAIS PARA  MANGUEIRAS, CANOS  E TUBOS","00625","UNIÃO SOLDÁVEL","Conexão luva, soldável, tipo cano PVC, branco, diâmetro 40 mm, qualidade similar a tigre ou amanco, aplicação esgoto.",44663,"Media","UNIDADE","INTEGRAL","CUSTO SUPORTE - MATERIAL",null,50,2.39,119.5]
["BASE",282,24,"MATERIAL P/ MANUT.DE BENS IMOVEIS/INSTALACOES",47,"CANOS, TUBOS, MANGUEIRAS E ACESSÓRIOS",4730,"ACESSÓRIOS E FERRAGENS ESPECIAIS PARA  MANGUEIRAS, CANOS  E TUBOS","00625","UNIÃO SOLDÁVEL","Conexão luva, soldável, tipo cano PVC, branco, diâmetro 50 mm, qualidade similar a tigre ou amanco, aplicação esgoto.",44663,"Media","UNIDADE","INTEGRAL","CUSTO SUPORTE - MATERIAL",null,40,2.9,116]
["BASE",283,24,"MATERIAL P/ MANUT.DE BENS IMOVEIS/INSTALACOES",47,"CANOS, TUBOS, MANGUEIRAS E ACESSÓRIOS",4730,"ACESSÓRIOS E FERRAGENS ESPECIAIS PARA  MANGUEIRAS, CANOS  E TUBOS","00625","UNIÃO SOLDÁVEL","Conexão luva, soldável, tipo cano PVC, marrom, diâmetro 25 mm, qualidade similar a tigre ou amanco, aplicação agua.",44663,"Media","UNIDADE","INTEGRAL","CUSTO SUPORTE - MATERIAL",null,100,0.9,90]
["BASE",284,24,"MATERIAL P/ MANUT.DE BENS IMOVEIS/INSTALACOES",47,"CANOS, TUBOS, MANGUEIRAS E ACESSÓRIOS",4730,"ACESSÓRIOS E FERRAGENS ESPECIAIS PARA  MANGUEIRAS, CANOS  E TUBOS","00625","UNIÃO SOLDÁVEL","Conexão luva, soldável, tipo cano PVC, marrom, diâmetro 32 mm, qualidade similar a tigre ou amanco, aplicação agua.",44663,"Media","UNIDADE","INTEGRAL","CUSTO SUPORTE - MATERIAL",null,100,1.99,199]
["BASE",285,24,"MATERIAL P/ MANUT.DE BENS IMOVEIS/INSTALACOES",47,"CANOS, TUBOS, MANGUEIRAS E ACESSÓRIOS",4730,"ACESSÓRIOS E FERRAGENS ESPECIAIS PARA  MANGUEIRAS, CANOS  E TUBOS","00625","UNIÃO SOLDÁVEL","Conexão luva, soldável, tipo cano PVC, marrom, diâmetro 50 mm, qualidade similar a tigre ou amanco, aplicação agua.",44663,"Media","UNIDADE","INTEGRAL","CUSTO SUPORTE - MATERIAL",null,25,25.97,649.25]
["BASE",286,24,"MATERIAL P/ MANUT.DE BENS IMOVEIS/INSTALACOES",47,"CANOS, TUBOS, MANGUEIRAS E ACESSÓRIOS",4730,"ACESSÓRIOS E FERRAGENS ESPECIAIS PARA  MANGUEIRAS, CANOS  E TUBOS","00621","ANEL BORRACHA","Espude de borracha para encanamento 40 mm de vaso sanitário.",44663,"Media","UNIDADE","INTEGRAL","CUSTO SUPORTE - MATERIAL",null,25,36.9,922.5]
["BASE",287,24,"MATERIAL P/ MANUT.DE BENS IMOVEIS/INSTALACOES",80,"PINCÉIS, TINTAS, VEDANTES E ADESIVOS",8030,"COMPOSTOS PRESERVATIVOS E VEDANTES","07552","FITA ADESIVA ANTICORROSIVA","Fita veda rosca, 18 mm x 50 m, a base de resina, com efeito lubrificante, suporta temperaturas de -20 C a 50C.",44663,"Media","UNIDADE","INTEGRAL","CUSTO SUPORTE - MATERIAL",null,25,19.989999999999998,499.75]
["BASE",288,24,"MATERIAL P/ MANUT.DE BENS IMOVEIS/INSTALACOES",47,"CANOS, TUBOS, MANGUEIRAS E ACESSÓRIOS",4720,"MANGUEIRAS E TUBULAÇÕES FLEXÍVEIS","00615","MANGUEIRA HIDRÁULICA","Mangueira p/ jardim 3/4\", cor verde, compr 20 m, camadas: intpvc flexível; interm fio poliéster trançado; ext PVC flexível.",44663,"Media","UNIDADE","INTEGRAL","CUSTO SUPORTE - MATERIAL",null,6,135,810]
["BASE",289,24,"MATERIAL P/ MANUT.DE BENS IMOVEIS/INSTALACOES",48,"VÁLVULAS",4820,"VÁLVULAS NÃO ACIONADAS POR FORÇA MOTRIZ","14461","REGISTRO ESFERA","Registro de esfera ½\" PVC",44663,"Media","UNIDADE","INTEGRAL","CUSTO SUPORTE - MATERIAL",null,70,13.9,973]
["BASE",290,24,"MATERIAL P/ MANUT.DE BENS IMOVEIS/INSTALACOES",48,"VÁLVULAS",4820,"VÁLVULAS NÃO ACIONADAS POR FORÇA MOTRIZ","14461","REGISTRO ESFERA","Registro de esfera ½” metal.",44663,"Media","UNIDADE","INTEGRAL","CUSTO SUPORTE - MATERIAL",null,15,77.900000000000006,1168.5]
["BASE",291,24,"MATERIAL P/ MANUT.DE BENS IMOVEIS/INSTALACOES",48,"VÁLVULAS",4820,"VÁLVULAS NÃO ACIONADAS POR FORÇA MOTRIZ","14461","REGISTRO ESFERA","Registro de esfera ¾\" PVC.",44663,"Media","UNIDADE","INTEGRAL","CUSTO SUPORTE - MATERIAL",null,30,24.9,747]
["BASE",292,24,"MATERIAL P/ MANUT.DE BENS IMOVEIS/INSTALACOES",48,"VÁLVULAS",4820,"VÁLVULAS NÃO ACIONADAS POR FORÇA MOTRIZ","14461","REGISTRO ESFERA","Registro de esfera de metal ¾\".",44663,"Media","UNIDADE","INTEGRAL","CUSTO SUPORTE - MATERIAL",null,65,4.22,274.3]
["BASE",293,24,"MATERIAL P/ MANUT.DE BENS IMOVEIS/INSTALACOES",48,"VÁLVULAS",4820,"VÁLVULAS NÃO ACIONADAS POR FORÇA MOTRIZ","14461","REGISTRO ESFERA","Registro de esfera galvanizado ¾”.",44663,"Media","UNIDADE","INTEGRAL","CUSTO SUPORTE - MATERIAL",null,15,59.31,889.65]
["BASE",294,24,"MATERIAL P/ MANUT.DE BENS IMOVEIS/INSTALACOES",48,"VÁLVULAS",4820,"VÁLVULAS NÃO ACIONADAS POR FORÇA MOTRIZ","14461","REGISTRO ESFERA","Registro de pressão ½” de PVC.",44663,"Media","UNIDADE","INTEGRAL","CUSTO SUPORTE - MATERIAL",null,15,23.9,358.5]
["BASE",295,24,"MATERIAL P/ MANUT.DE BENS IMOVEIS/INSTALACOES",48,"VÁLVULAS",4820,"VÁLVULAS NÃO ACIONADAS POR FORÇA MOTRIZ","14461","REGISTRO ESFERA","Registro de pressão ¾” de PVC.",44663,"Media","UNIDADE","INTEGRAL","CUSTO SUPORTE - MATERIAL",null,50,7.77,388.5]
["BASE",296,24,"MATERIAL P/ MANUT.DE BENS IMOVEIS/INSTALACOES",48,"VÁLVULAS",4820,"VÁLVULAS NÃO ACIONADAS POR FORÇA MOTRIZ","15206","REGULADOR PRESSÃO ÁGUA","Registro de pressão para chuveiro, ½”, metal, acabamento cromado.",44663,"Media","UNIDADE","INTEGRAL","CUSTO SUPORTE - MATERIAL",null,10,88.9,889]
["BASE",297,24,"MATERIAL P/ MANUT.DE BENS IMOVEIS/INSTALACOES",48,"VÁLVULAS",4820,"VÁLVULAS NÃO ACIONADAS POR FORÇA MOTRIZ","15206","REGULADOR PRESSÃO ÁGUA","Registro de pressão para chuveiro, ¾”, metal, acabamento cromado.",44663,"Media","UNIDADE","INTEGRAL","CUSTO SUPORTE - MATERIAL",null,10,74.900000000000006,749]
["BASE",298,24,"MATERIAL P/ MANUT.DE BENS IMOVEIS/INSTALACOES",80,"PINCÉIS, TINTAS, VEDANTES E ADESIVOS",8040,"ADESIVOS","12066","SILICONE ADESIVO","Silicone para vedação, com fungicida, incolor, multiuso, bisnaga de 280 gramas",44663,"Media","UNIDADE","INTEGRAL","CUSTO SUPORTE - MATERIAL",null,10,10.98,109.8]
["BASE",299,24,"MATERIAL P/ MANUT.DE BENS IMOVEIS/INSTALACOES",45,"EQUIPAMENTO DE INSTALAÇÕES HIDRÁULICAS E DE AQUECIMENTO",4510,"DISPOSITIVOS E ACESSÓRIOS PARA INSTALAÇÕES HIDRÁULICAS","12820","TORNEIRA","Torneira cromada para cozinha de mesa, bica alta, alta resistência a corrosão e riscos, bitola de ½”, bica móvel 360°.",44663,"Media","UNIDADE","INTEGRAL","CUSTO SUPORTE - MATERIAL",null,5,211.79,1058.95]
["BASE",300,24,"MATERIAL P/ MANUT.DE BENS IMOVEIS/INSTALACOES",45,"EQUIPAMENTO DE INSTALAÇÕES HIDRÁULICAS E DE AQUECIMENTO",4510,"DISPOSITIVOS E ACESSÓRIOS PARA INSTALAÇÕES HIDRÁULICAS","12820","TORNEIRA","Torneira cromada para cozinha de mesa, bica alta, alta resistência a corrosão e riscos, bitola de ¾”, bica móvel 360°.",44663,"Media","UNIDADE","INTEGRAL","CUSTO SUPORTE - MATERIAL",null,5,182.3,911.5]
["BASE",301,24,"MATERIAL P/ MANUT.DE BENS IMOVEIS/INSTALACOES",45,"EQUIPAMENTO DE INSTALAÇÕES HIDRÁULICAS E DE AQUECIMENTO",4510,"DISPOSITIVOS E ACESSÓRIOS PARA INSTALAÇÕES HIDRÁULICAS","12820","TORNEIRA","Torneira metal, 30 cm, ½”, para pia.",44663,"Media","UNIDADE","INTEGRAL","CUSTO SUPORTE - MATERIAL",null,10,63.13,631.29999999999995]
["BASE",302,24,"MATERIAL P/ MANUT.DE BENS IMOVEIS/INSTALACOES",45,"EQUIPAMENTO DE INSTALAÇÕES HIDRÁULICAS E DE AQUECIMENTO",4510,"DISPOSITIVOS E ACESSÓRIOS PARA INSTALAÇÕES HIDRÁULICAS","12820","TORNEIRA","Torneira para jardim latão ½, alavanca de acionamento, sistema de dupla fixação.",44663,"Media","UNIDADE","INTEGRAL","CUSTO SUPORTE - MATERIAL",null,45,11.99,539.54999999999995]
["BASE",303,24,"MATERIAL P/ MANUT.DE BENS IMOVEIS/INSTALACOES",45,"EQUIPAMENTO DE INSTALAÇÕES HIDRÁULICAS E DE AQUECIMENTO",4510,"DISPOSITIVOS E ACESSÓRIOS PARA INSTALAÇÕES HIDRÁULICAS","12820","TORNEIRA","Torneira para jardim, com bico para mangueira, preta, 1/2”, em plástico.",44663,"Media","UNIDADE","INTEGRAL","CUSTO SUPORTE - MATERIAL",null,25,39.9,997.5]
["BASE",304,24,"MATERIAL P/ MANUT.DE BENS IMOVEIS/INSTALACOES",47,"CANOS, TUBOS, MANGUEIRAS E ACESSÓRIOS",4730,"ACESSÓRIOS E FERRAGENS ESPECIAIS PARA  MANGUEIRAS, CANOS  E TUBOS","13546","CONEXÃO HIDRÁULICA","Tubo de ligação ajustável com anel expansor, para vaso sanitário, ½” x 25 cm, latão cromado.",44663,"Media","UNIDADE","INTEGRAL","CUSTO SUPORTE - MATERIAL",null,25,36.6,915]
["BASE",305,24,"MATERIAL P/ MANUT.DE BENS IMOVEIS/INSTALACOES",47,"CANOS, TUBOS, MANGUEIRAS E ACESSÓRIOS",4730,"ACESSÓRIOS E FERRAGENS ESPECIAIS PARA  MANGUEIRAS, CANOS  E TUBOS","13546","CONEXÃO HIDRÁULICA","Tubo descarga, em PVC, diâmetro 40, comprimento 1,60, pressão 7,50, c/ curva e bolsa de ligação, tipo soldável, sobrepor.",44663,"Media","UNIDADE","INTEGRAL","CUSTO SUPORTE - MATERIAL",null,25,30.47,761.75]
["BASE",306,24,"MATERIAL P/ MANUT.DE BENS IMOVEIS/INSTALACOES",47,"CANOS, TUBOS, MANGUEIRAS E ACESSÓRIOS",4730,"ACESSÓRIOS E FERRAGENS ESPECIAIS PARA  MANGUEIRAS, CANOS  E TUBOS","13546","CONEXÃO HIDRÁULICA","Tubo plástico, soldável, em PVC, branco, diâmetro 100 mm, comprimento 6 m, qualidade similar a tigre ou amanco, para esgoto.",44663,"Media","UNIDADE","INTEGRAL","CUSTO SUPORTE - MATERIAL",null,10,196.79,1967.9]
["BASE",307,24,"MATERIAL P/ MANUT.DE BENS IMOVEIS/INSTALACOES",47,"CANOS, TUBOS, MANGUEIRAS E ACESSÓRIOS",4730,"ACESSÓRIOS E FERRAGENS ESPECIAIS PARA  MANGUEIRAS, CANOS  E TUBOS","13546","CONEXÃO HIDRÁULICA","Tubo plástico, soldável, em PVC, branco, diâmetro 150 mm, comprimento 6 m, qualidade similar a tigre ou amanco, para esgoto",44663,"Media","UNIDADE","INTEGRAL","CUSTO SUPORTE - MATERIAL",null,35,16.899999999999999,591.5]
["BASE",308,24,"MATERIAL P/ MANUT.DE BENS IMOVEIS/INSTALACOES",47,"CANOS, TUBOS, MANGUEIRAS E ACESSÓRIOS",4730,"ACESSÓRIOS E FERRAGENS ESPECIAIS PARA  MANGUEIRAS, CANOS  E TUBOS","13546","CONEXÃO HIDRÁULICA","Tubo plástico, soldável, em PVC, branco, diâmetro 40 mm, comprimento 6 m, qualidade similar a tigre ou amanco, para esgoto.",44663,"Media","UNIDADE","INTEGRAL","CUSTO SUPORTE - MATERIAL",null,35,30.47,1066.45]
["BASE",309,24,"MATERIAL P/ MANUT.DE BENS IMOVEIS/INSTALACOES",47,"CANOS, TUBOS, MANGUEIRAS E ACESSÓRIOS",4730,"ACESSÓRIOS E FERRAGENS ESPECIAIS PARA  MANGUEIRAS, CANOS  E TUBOS","13546","CONEXÃO HIDRÁULICA","Tubo plástico, soldável, em PVC, branco, diâmetro 50 mm, comprimento 6 m, qualidade similar a tigre ou amanco, para esgoto.",44663,"Media","UNIDADE","INTEGRAL","CUSTO SUPORTE - MATERIAL",null,35,115.9,4056.5]
["BASE",310,24,"MATERIAL P/ MANUT.DE BENS IMOVEIS/INSTALACOES",47,"CANOS, TUBOS, MANGUEIRAS E ACESSÓRIOS",4730,"ACESSÓRIOS E FERRAGENS ESPECIAIS PARA  MANGUEIRAS, CANOS  E TUBOS","13546","CONEXÃO HIDRÁULICA","Tubo plástico, soldável, em PVC, marrom, diâmetro 25 mm, comprimento 6 m, qualidade similar a tigre ou amanco, para água.",44663,"Media","UNIDADE","INTEGRAL","CUSTO SUPORTE - MATERIAL",null,30,94.89,2846.7]
["BASE",311,24,"MATERIAL P/ MANUT.DE BENS IMOVEIS/INSTALACOES",47,"CANOS, TUBOS, MANGUEIRAS E ACESSÓRIOS",4730,"ACESSÓRIOS E FERRAGENS ESPECIAIS PARA  MANGUEIRAS, CANOS  E TUBOS","13546","CONEXÃO HIDRÁULICA","Tubo plástico, soldável, em PVC, marrom, diâmetro 32 mm, comprimento 6 m, qualidade similar a tigre ou amanco, para água.",44663,"Media","UNIDADE","INTEGRAL","CUSTO SUPORTE - MATERIAL",null,30,74.900000000000006,2247]
["BASE",312,24,"MATERIAL P/ MANUT.DE BENS IMOVEIS/INSTALACOES",47,"CANOS, TUBOS, MANGUEIRAS E ACESSÓRIOS",4730,"ACESSÓRIOS E FERRAGENS ESPECIAIS PARA  MANGUEIRAS, CANOS  E TUBOS","13546","CONEXÃO HIDRÁULICA","Tubo plástico, soldável, em PVC, marrom, diâmetro 50 mm, comprimento 6 m, qualidade similar a tigre ou amanco, para água.",44663,"Media","UNIDADE","INTEGRAL","CUSTO SUPORTE - MATERIAL",null,30,43.9,1317]
["BASE",313,24,"MATERIAL P/ MANUT.DE BENS IMOVEIS/INSTALACOES",47,"CANOS, TUBOS, MANGUEIRAS E ACESSÓRIOS",4730,"ACESSÓRIOS E FERRAGENS ESPECIAIS PARA  MANGUEIRAS, CANOS  E TUBOS","13546","CONEXÃO HIDRÁULICA","União soldável, tipo cano PVC, branco, diâmetro 100 mm, qualidade similar a tigre ou amanco, aplicação esgoto.",44663,"Media","UNIDADE","INTEGRAL","CUSTO SUPORTE - MATERIAL",null,40,118.79,4751.6000000000004]
["BASE",314,24,"MATERIAL P/ MANUT.DE BENS IMOVEIS/INSTALACOES",47,"CANOS, TUBOS, MANGUEIRAS E ACESSÓRIOS",4730,"ACESSÓRIOS E FERRAGENS ESPECIAIS PARA  MANGUEIRAS, CANOS  E TUBOS","13546","CONEXÃO HIDRÁULICA","União soldável, tipo cano PVC, branco, diâmetro 150 mm, qualidade similar a tigre ou amanco, aplicação esgoto.",44663,"Media","UNIDADE","INTEGRAL","CUSTO SUPORTE - MATERIAL",null,30,22,660]
["BASE",315,24,"MATERIAL P/ MANUT.DE BENS IMOVEIS/INSTALACOES",47,"CANOS, TUBOS, MANGUEIRAS E ACESSÓRIOS",4730,"ACESSÓRIOS E FERRAGENS ESPECIAIS PARA  MANGUEIRAS, CANOS  E TUBOS","13546","CONEXÃO HIDRÁULICA","União soldável, tipo cano PVC, branco, diâmetro 40 mm, qualidade similar a tigre ou amanco, aplicação esgoto.",44663,"Media","UNIDADE","INTEGRAL","CUSTO SUPORTE - MATERIAL",null,35,15,525]
["BASE",316,24,"MATERIAL P/ MANUT.DE BENS IMOVEIS/INSTALACOES",47,"CANOS, TUBOS, MANGUEIRAS E ACESSÓRIOS",4730,"ACESSÓRIOS E FERRAGENS ESPECIAIS PARA  MANGUEIRAS, CANOS  E TUBOS","13546","CONEXÃO HIDRÁULICA","União soldável, tipo cano PVC, branco, diâmetro 50 mm, qualidade similar a tigre ou amanco, aplicação esgoto.",44663,"Media","UNIDADE","INTEGRAL","CUSTO SUPORTE - MATERIAL",null,35,10.9,381.5]
["BASE",317,24,"MATERIAL P/ MANUT.DE BENS IMOVEIS/INSTALACOES",47,"CANOS, TUBOS, MANGUEIRAS E ACESSÓRIOS",4730,"ACESSÓRIOS E FERRAGENS ESPECIAIS PARA  MANGUEIRAS, CANOS  E TUBOS","13546","CONEXÃO HIDRÁULICA","União soldável, tipo cano PVC, marrom, diâmetro 25 mm, qualidade similar a tigre ou amanco, aplicação agua.",44663,"Media","UNIDADE","INTEGRAL","CUSTO SUPORTE - MATERIAL",null,35,8.19,286.64999999999998]
["BASE",318,24,"MATERIAL P/ MANUT.DE BENS IMOVEIS/INSTALACOES",47,"CANOS, TUBOS, MANGUEIRAS E ACESSÓRIOS",4730,"ACESSÓRIOS E FERRAGENS ESPECIAIS PARA  MANGUEIRAS, CANOS  E TUBOS","13546","CONEXÃO HIDRÁULICA","União soldável, tipo cano PVC, marrom, diâmetro 32 mm, qualidade similar a tigre ou amanco, aplicação agua.",44663,"Media","UNIDADE","INTEGRAL","CUSTO SUPORTE - MATERIAL",null,40,13.4,536]
["BASE",319,24,"MATERIAL P/ MANUT.DE BENS IMOVEIS/INSTALACOES",47,"CANOS, TUBOS, MANGUEIRAS E ACESSÓRIOS",4730,"ACESSÓRIOS E FERRAGENS ESPECIAIS PARA  MANGUEIRAS, CANOS  E TUBOS","13546","CONEXÃO HIDRÁULICA","União soldável, tipo cano PVC, marrom, diâmetro 50 mm, qualidade similar a tigre ou amanco, aplicação agua.",44663,"Media","UNIDADE","INTEGRAL","CUSTO SUPORTE - MATERIAL",null,40,30.47,1218.8]
["BASE",320,24,"MATERIAL P/ MANUT.DE BENS IMOVEIS/INSTALACOES",48,"VÁLVULAS",4810,"VÁLVULAS ACIONADAS POR FORÇA MOTRIZ","03125","ATUADOR HIDRAÚLICO","Válvula de descarga 50 mm",44663,"Media","UNIDADE","INTEGRAL","CUSTO SUPORTE - MATERIAL",null,30,63.9,1917]
["BASE",321,24,"MATERIAL P/ MANUT.DE BENS IMOVEIS/INSTALACOES",48,"VÁLVULAS",4810,"VÁLVULAS ACIONADAS POR FORÇA MOTRIZ","13271","VALVULA DISPERSORA","Válvula de descarga para mictório.",44663,"Media","UNIDADE","INTEGRAL","CUSTO SUPORTE - MATERIAL",null,50,55.9,2795]
["BASE",322,24,"MATERIAL P/ MANUT.DE BENS IMOVEIS/INSTALACOES",48,"VÁLVULAS",4810,"VÁLVULAS ACIONADAS POR FORÇA MOTRIZ","13271","VALVULA DISPERSORA","Válvula de descarga.",44663,"Media","UNIDADE","INTEGRAL","CUSTO SUPORTE - MATERIAL",null,50,129.9,6495]
["BASE",323,24,"MATERIAL P/ MANUT.DE BENS IMOVEIS/INSTALACOES",48,"VÁLVULAS",4810,"VÁLVULAS ACIONADAS POR FORÇA MOTRIZ","13253","VALVULA DE COMANDO HIDRAULICO","Válvula de retenção soldável, 25 mm, em PVC.",44663,"Media","UNIDADE","INTEGRAL","CUSTO SUPORTE - MATERIAL",null,30,57.5,1725]
["BASE",324,24,"MATERIAL P/ MANUT.DE BENS IMOVEIS/INSTALACOES",48,"VÁLVULAS",4810,"VÁLVULAS ACIONADAS POR FORÇA MOTRIZ","13253","VALVULA DE COMANDO HIDRAULICO","Válvula de retenção soldável, 32 mm, em PVC.",44663,"Media","UNIDADE","INTEGRAL","CUSTO SUPORTE - MATERIAL",null,30,46.64,1399.2]
["BASE",325,24,"MATERIAL P/ MANUT.DE BENS IMOVEIS/INSTALACOES",48,"VÁLVULAS",4810,"VÁLVULAS ACIONADAS POR FORÇA MOTRIZ","13253","VALVULA DE COMANDO HIDRAULICO","Válvula de retenção soldável, 50 mm, em PVC.",44663,"Media","UNIDADE","INTEGRAL","CUSTO SUPORTE - MATERIAL",null,30,91.02,2730.6]
["BASE",326,24,"MATERIAL P/ MANUT.DE BENS IMOVEIS/INSTALACOES",48,"VÁLVULAS",4810,"VÁLVULAS ACIONADAS POR FORÇA MOTRIZ","13253","VALVULA DE COMANDO HIDRAULICO","Válvula escoamento, material, diâmetro 100 mm, qualidade similar a tigre ou amanco, aplicação esgoto",44663,"Media","UNIDADE","INTEGRAL","CUSTO SUPORTE - MATERIAL",null,35,134.85,4719.75]
["BASE",327,24,"MATERIAL P/ MANUT.DE BENS IMOVEIS/INSTALACOES",48,"VÁLVULAS",4810,"VÁLVULAS ACIONADAS POR FORÇA MOTRIZ","13253","VALVULA DE COMANDO HIDRAULICO","Vaso sanitário c/ cx acoplada, capcx acoplada de 3 a 6 litros, sistema ecoflush, c/ válvula descarga, cor a definir",44663,"Media","UNIDADE","INTEGRAL","CUSTO SUPORTE - MATERIAL",null,10,224.8,2248]
["BASE",328,24,"MATERIAL P/ MANUT.DE BENS IMOVEIS/INSTALACOES",80,"PINCÉIS, TINTAS, VEDANTES E ADESIVOS",8030,"COMPOSTOS PRESERVATIVOS E VEDANTES","05493","COMPOSTO RESISTENTE A AGUA","Vedante torneira, ½”, de borracha, com 3.",44663,"Media","UNIDADE","INTEGRAL","CUSTO SUPORTE - MATERIAL",null,40,13.9,556]
["BASE",329,24,"MATERIAL P/ MANUT.DE BENS IMOVEIS/INSTALACOES",80,"PINCÉIS, TINTAS, VEDANTES E ADESIVOS",8030,"COMPOSTOS PRESERVATIVOS E VEDANTES","05493","COMPOSTO RESISTENTE A AGUA","Vedante torneira, ½”, PVC, com 3.",44663,"Media","UNIDADE","INTEGRAL","CUSTO SUPORTE - MATERIAL",null,40,3.8,152]
["BASE",330,24,"MATERIAL P/ MANUT.DE BENS IMOVEIS/INSTALACOES",47,"CANOS, TUBOS, MANGUEIRAS E ACESSÓRIOS",4730,"ACESSÓRIOS E FERRAGENS ESPECIAIS PARA  MANGUEIRAS, CANOS  E TUBOS","00622","NIPLE PARA TUBOS CANOS - ROSCÁVEL","Niple ¾ /  ½  ",44663,"Media","UNIDADE","INTEGRAL","CUSTO SUPORTE - MATERIAL",null,25,25,625]
["BASE",331,24,"MATERIAL P/ MANUT.DE BENS IMOVEIS/INSTALACOES",47,"CANOS, TUBOS, MANGUEIRAS E ACESSÓRIOS",4730,"ACESSÓRIOS E FERRAGENS ESPECIAIS PARA  MANGUEIRAS, CANOS  E TUBOS","00622","NIPLE PARA TUBOS CANOS - ROSCÁVEL","Plug ¾  /  ½ ",44663,"Media","UNIDADE","INTEGRAL","CUSTO SUPORTE - MATERIAL",null,20,11.79,235.8]
["BASE",332,24,"MATERIAL P/ MANUT.DE BENS IMOVEIS/INSTALACOES",47,"CANOS, TUBOS, MANGUEIRAS E ACESSÓRIOS",4730,"ACESSÓRIOS E FERRAGENS ESPECIAIS PARA  MANGUEIRAS, CANOS  E TUBOS","00626","UNIÃO ROSCÁVEL","Tampão roscado ¾ / ½  com malha 60 cm ",44663,"Media","UNIDADE","INTEGRAL","CUSTO SUPORTE - MATERIAL",null,25,10.9,272.5]
["BASE",333,24,"MATERIAL P/ MANUT.DE BENS IMOVEIS/INSTALACOES",45,"EQUIPAMENTO DE INSTALAÇÕES HIDRÁULICAS E DE AQUECIMENTO",4510,"DISPOSITIVOS E ACESSÓRIOS PARA INSTALAÇÕES HIDRÁULICAS","18793","PARAFUSO","Parafuso para vaso ",44663,"Media","UNIDADE","INTEGRAL","CUSTO SUPORTE - MATERIAL",null,30,4.3,129]
["BASE",334,24,"MATERIAL P/ MANUT.DE BENS IMOVEIS/INSTALACOES",45,"EQUIPAMENTO DE INSTALAÇÕES HIDRÁULICAS E DE AQUECIMENTO",4510,"DISPOSITIVOS E ACESSÓRIOS PARA INSTALAÇÕES HIDRÁULICAS","04109","CAIXA / COMPONENTES - CAIXA SANITÁRIA","Kit reparo  de caixa acoplada (universal)",44663,"Media","UNIDADE","INTEGRAL","CUSTO SUPORTE - MATERIAL",null,15,69.069999999999993,1036.05]
["BASE",335,24,"MATERIAL P/ MANUT.DE BENS IMOVEIS/INSTALACOES",48,"VÁLVULAS",4820,"VÁLVULAS NÃO ACIONADAS POR FORÇA MOTRIZ","11558","REGISTRO PEÇAS E COMPONENTES","kit reparo registro (universal)  com acabamento",44663,"Media","UNIDADE","INTEGRAL","CUSTO SUPORTE - MATERIAL",null,10,103.48,1034.8]
["BASE",336,24,"MATERIAL P/ MANUT.DE BENS IMOVEIS/INSTALACOES",56,"MATERIAIS PARA CONSTRUÇÃO",5670,"COMPONENTES PRÉ-FABRICADOS PARA CONSTRUÇÃO","04117","CAIXA D'ÁGUA","Caixa d'água 500 L",44663,"Media","UNIDADE","INTEGRAL","CUSTO SUPORTE - MATERIAL",null,3,219.9,659.7]
["BASE",337,24,"MATERIAL P/ MANUT.DE BENS IMOVEIS/INSTALACOES",45,"EQUIPAMENTO DE INSTALAÇÕES HIDRÁULICAS E DE AQUECIMENTO",4510,"DISPOSITIVOS E ACESSÓRIOS PARA INSTALAÇÕES HIDRÁULICAS","12820","TORNEIRA","Torneira p/ parede",44663,"Media","UNIDADE","INTEGRAL","CUSTO SUPORTE - MATERIAL",null,10,38.590000000000003,385.9]
["BASE",338,24,"MATERIAL P/ MANUT.DE BENS IMOVEIS/INSTALACOES",48,"VÁLVULAS",4510,"DISPOSITIVOS E ACESSÓRIOS PARA INSTALAÇÕES HIDRÁULICAS","12820","TORNEIRA","Torneira para pia de banheiro com temporizador",44663,"Media","UNIDADE","INTEGRAL","CUSTO SUPORTE - MATERIAL",null,20,104.89,2097.8000000000002]
["BASE",339,24,"MATERIAL P/ MANUT.DE BENS IMOVEIS/INSTALACOES",47,"CANOS, TUBOS, MANGUEIRAS E ACESSÓRIOS",4710,"CANOS E TUBOS","00659","TUBO PVC SOLDÁVEL","Tubo PVC 200mm x 6m para esgoto",44663,"Media","UNIDADE","INTEGRAL","CUSTO SUPORTE - MATERIAL",null,20,114.9,2298]
["BASE",340,24,"MATERIAL P/ MANUT.DE BENS IMOVEIS/INSTALACOES",47,"CANOS, TUBOS, MANGUEIRAS E ACESSÓRIOS",4730,"ACESSÓRIOS E FERRAGENS ESPECIAIS PARA  MANGUEIRAS, CANOS  E TUBOS","14778","BRAÇADEIRA ASPERSOR","Abraçadeira de Nylon 3,60 x 150 mm com 100 Unidades",44663,"Media","UNIDADE","INTEGRAL","CUSTO SUPORTE - MATERIAL",null,8,18.14,145.12]
["BASE",341,24,"MATERIAL P/ MANUT.DE BENS IMOVEIS/INSTALACOES",47,"CANOS, TUBOS, MANGUEIRAS E ACESSÓRIOS",4730,"ACESSÓRIOS E FERRAGENS ESPECIAIS PARA  MANGUEIRAS, CANOS  E TUBOS","14778","BRAÇADEIRA ASPERSOR","Abraçadeira de Nylon 4,80 x 200 mm com 100 Unidades",44663,"Media","UNIDADE","INTEGRAL","CUSTO SUPORTE - MATERIAL",null,8,22,176]
["BASE",342,24,"MATERIAL P/ MANUT.DE BENS IMOVEIS/INSTALACOES",47,"CANOS, TUBOS, MANGUEIRAS E ACESSÓRIOS",4730,"ACESSÓRIOS E FERRAGENS ESPECIAIS PARA  MANGUEIRAS, CANOS  E TUBOS","14778","BRAÇADEIRA ASPERSOR","Abraçadeira de Rosca Sem Fim. Material em aço inox. 10mm 3.1/2 X 4 C/ 25 peças.",44663,"Media","UNIDADE","INTEGRAL","CUSTO SUPORTE - MATERIAL",null,10,12.29,122.9]
["BASE",343,24,"MATERIAL P/ MANUT.DE BENS IMOVEIS/INSTALACOES",47,"CANOS, TUBOS, MANGUEIRAS E ACESSÓRIOS",4730,"ACESSÓRIOS E FERRAGENS ESPECIAIS PARA  MANGUEIRAS, CANOS  E TUBOS","14778","BRAÇADEIRA ASPERSOR","Abraçadeira de Rosca Sem Fim. Material em aço inox. 10mm 5/8 X 3/4 C/ 100 peças.",44663,"Media","UNIDADE","INTEGRAL","CUSTO SUPORTE - MATERIAL",null,5,126.72,633.6]
["BASE",344,24,"MATERIAL P/ MANUT.DE BENS IMOVEIS/INSTALACOES",80,"PINCÉIS, TINTAS, VEDANTES E ADESIVOS",8040,"ADESIVOS","02104","ADESIVO COLAGEM","Adesivo Epoxi, produto bi componente, sendo um endurecedor e o composto, contendo a resina epoxi, recipientes contendo 1 Kg. Similar ou melhor qualidade a marca VEDACIT.",44663,"Media","QUILOGRAMA","INTEGRAL","CUSTO SUPORTE - MATERIAL",null,15,124.09,1861.35]
["BASE",345,24,"MATERIAL P/ MANUT.DE BENS IMOVEIS/INSTALACOES",51,"FERRAMENTAS MANUAIS",5110,"FERRAMENTAS MANUAIS DE CORTE, NÃO ACIONADAS POR FORÇA MOTRIZ","02305","ALICATE BICO","Alicate de Bico Longo 6 à 8 polegadas. Cabo emborrachado.",44663,"Media","UNIDADE","INTEGRAL","CUSTO SUPORTE - MATERIAL",null,10,18,180]
["BASE",346,24,"MATERIAL P/ MANUT.DE BENS IMOVEIS/INSTALACOES",51,"FERRAMENTAS MANUAIS",5110,"FERRAMENTAS MANUAIS DE CORTE, NÃO ACIONADAS POR FORÇA MOTRIZ","00690","ALICATE BICO MEIA CANA","Alicate de Bico Meia Cana Longo com corte 6 polegadas. Com isolação elétrica de 1.000 volts. Conforme norma NR10. Similar ou melhor qualidade a TRAMONTINA.",44663,"Media","UNIDADE","INTEGRAL","CUSTO SUPORTE - MATERIAL",null,10,32.020000000000003,320.2]
["BASE",347,24,"MATERIAL P/ MANUT.DE BENS IMOVEIS/INSTALACOES",51,"FERRAMENTAS MANUAIS",5120,"FERRAMENTAS MANUAIS SEM CORTE, NÃO ACIONADAS  POR  FORÇA  MOTRIZ","02311","ALICATE DE PRESSÃO","Alicate de Pressão 10 pol. Material em aço cromo vanádio. Abertura máxima da boca: 1.1/8\" (28 mm). Similar ou melhor qualidade a marca GEDORE",44663,"Media","UNIDADE","INTEGRAL","CUSTO SUPORTE - MATERIAL",null,10,47.9,479]
["BASE",348,24,"MATERIAL P/ MANUT.DE BENS IMOVEIS/INSTALACOES",51,"FERRAMENTAS MANUAIS",5110,"FERRAMENTAS MANUAIS DE CORTE, NÃO ACIONADAS POR FORÇA MOTRIZ","00693","ALICATE DESCASCAR FIO","Alicate Descascador de Fios, de 6 polegadas, estilo europeu, com parafuso para selecionar a espessura apropriada,",44663,"Media","UNIDADE","INTEGRAL","CUSTO SUPORTE - MATERIAL",null,10,57.54,575.4]
["BASE",349,24,"MATERIAL P/ MANUT.DE BENS IMOVEIS/INSTALACOES",51,"FERRAMENTAS MANUAIS",5120,"FERRAMENTAS MANUAIS SEM CORTE, NÃO ACIONADAS  POR  FORÇA  MOTRIZ","18713","ALICATE","Alicate Nivelamento Porcelanato Piso",44663,"Media","UNIDADE","INTEGRAL","CUSTO SUPORTE - MATERIAL",null,10,70.38,703.8]
["BASE",350,24,"MATERIAL P/ MANUT.DE BENS IMOVEIS/INSTALACOES",51,"FERRAMENTAS MANUAIS",5120,"FERRAMENTAS MANUAIS SEM CORTE, NÃO ACIONADAS  POR  FORÇA  MOTRIZ","02318","ALICATE REBITADOR PEÇAS / ACESSÓRIOS","Alicate Rebitador, manual profissional com 4 bicos. Similar ou melhor qualidade a marca VONDER.",44663,"Media","UNIDADE","INTEGRAL","CUSTO SUPORTE - MATERIAL",null,10,35.9,359]
["BASE",351,24,"MATERIAL P/ MANUT.DE BENS IMOVEIS/INSTALACOES",51,"FERRAMENTAS MANUAIS",5110,"FERRAMENTAS MANUAIS DE CORTE, NÃO ACIONADAS POR FORÇA MOTRIZ","16073","TORQUÊS","Alicate Torques, fabricado em aço cromo níquel. Ideal para trabalhos pesados para carpintaria com cabo antideslizante.Comprimento: 6 Pol.",44663,"Media","UNIDADE","INTEGRAL","CUSTO SUPORTE - MATERIAL",null,10,80,800]
["BASE",352,24,"MATERIAL P/ MANUT.DE BENS IMOVEIS/INSTALACOES",51,"FERRAMENTAS MANUAIS",5110,"FERRAMENTAS MANUAIS DE CORTE, NÃO ACIONADAS POR FORÇA MOTRIZ","00702","ALICATE UNIVERSAL","Alicate Universal Profissional, de 8 polegadas Isolação elétrica de 1.000 volts C.A. Similar ou melhor qualidade a marca TRAMONTINA.",44663,"Media","UNIDADE","INTEGRAL","CUSTO SUPORTE - MATERIAL",null,10,24.99,249.9]
["BASE",353,24,"MATERIAL P/ MANUT.DE BENS IMOVEIS/INSTALACOES",53,"FERRAGENS E ABRASIVOS",5340,"FERRAGENS DIVERSAS","11805","ROLDANA","Amortecedor Lateral, Batedor Superior para Roldana, Cunha para Regulagem, Capuchinho 1038/1200.",44663,"Media","UNIDADE","INTEGRAL","CUSTO SUPORTE - MATERIAL",null,1,269.02999999999997,269.02999999999997]
["BASE",354,24,"MATERIAL P/ MANUT.DE BENS IMOVEIS/INSTALACOES",51,"FERRAMENTAS MANUAIS",5120,"FERRAMENTAS MANUAIS SEM CORTE, NÃO ACIONADAS  POR  FORÇA  MOTRIZ","",null,"Aplicador de Silicone, tipo pistola. Corpo em meia cana e gatilho fabricado em chapa de aço. Possui gatilho e mola para retrocesso da haste.",44663,"Media","UNIDADE","INTEGRAL","CUSTO SUPORTE - MATERIAL",null,30,13.85,415.5]
["BASE",355,24,"MATERIAL P/ MANUT.DE BENS IMOVEIS/INSTALACOES",80,"PINCÉIS, TINTAS, VEDANTES E ADESIVOS",8040,"ADESIVOS","",null,"Arame Farpado Galvanizado - 16 BWG. NBR 6317. Diâmetro do fio: 1,6mm rolo com 250m. Similar ou melhor qualidade a marca GUERDAU.",44663,"Media","UNIDADE","INTEGRAL","CUSTO SUPORTE - MATERIAL",null,3,268.73,806.19]
["BASE",356,24,"MATERIAL P/ MANUT.DE BENS IMOVEIS/INSTALACOES",56,"MATERIAIS PARA CONSTRUÇÃO",5680,"MATERIAIS DIVERSOS PARA CONSTRUÇÃO","11106","MATERIAL PARA MANUTENÇÃO BENS IMÓVEIS","Arame Galvanizado nº 12.",44663,"Media","UNIDADE","INTEGRAL","CUSTO SUPORTE - MATERIAL",null,10,12.4,124]
["BASE",357,24,"MATERIAL P/ MANUT.DE BENS IMOVEIS/INSTALACOES",56,"MATERIAIS PARA CONSTRUÇÃO",5680,"MATERIAIS DIVERSOS PARA CONSTRUÇÃO","11106","MATERIAL PARA MANUTENÇÃO BENS IMÓVEIS","Arame Galvanizado nº 16.",44663,"Media","UNIDADE","INTEGRAL","CUSTO SUPORTE - MATERIAL",null,10,29.9,299]
["BASE",358,24,"MATERIAL P/ MANUT.DE BENS IMOVEIS/INSTALACOES",56,"MATERIAIS PARA CONSTRUÇÃO",5680,"MATERIAIS DIVERSOS PARA CONSTRUÇÃO","11106","MATERIAL PARA MANUTENÇÃO BENS IMÓVEIS","Arame Galvanizado nº 18.",44663,"Media","UNIDADE","INTEGRAL","CUSTO SUPORTE - MATERIAL",null,10,16.559999999999999,165.6]
["BASE",359,24,"MATERIAL P/ MANUT.DE BENS IMOVEIS/INSTALACOES",56,"MATERIAIS PARA CONSTRUÇÃO",5680,"MATERIAIS DIVERSOS PARA CONSTRUÇÃO","11106","MATERIAL PARA MANUTENÇÃO BENS IMÓVEIS","Arame Recozido nº 12. 2,77 mm.",44663,"Media","UNIDADE","INTEGRAL","CUSTO SUPORTE - MATERIAL",null,10,22.18,221.8]
["BASE",360,24,"MATERIAL P/ MANUT.DE BENS IMOVEIS/INSTALACOES",56,"MATERIAIS PARA CONSTRUÇÃO",5680,"MATERIAIS DIVERSOS PARA CONSTRUÇÃO","11106","MATERIAL PARA MANUTENÇÃO BENS IMÓVEIS","Arame Recozido nº 18. 1,24 mm.",44663,"Media","UNIDADE","INTEGRAL","CUSTO SUPORTE - MATERIAL",null,10,22.19,221.9]
["BASE",361,24,"MATERIAL P/ MANUT.DE BENS IMOVEIS/INSTALACOES",56,"MATERIAIS PARA CONSTRUÇÃO",5680,"MATERIAIS DIVERSOS PARA CONSTRUÇÃO","11106","MATERIAL PARA MANUTENÇÃO BENS IMÓVEIS","Arco de Serra, lâmina da serra 12 polegadas, regulável, material cabo polipropileno.",44663,"Media","UNIDADE","INTEGRAL","CUSTO SUPORTE - MATERIAL",null,15,42.9,643.5]
["BASE",362,24,"MATERIAL P/ MANUT.DE BENS IMOVEIS/INSTALACOES",56,"MATERIAIS PARA CONSTRUÇÃO",5610,"MATERIAIS DE ORIGEM MINERAL PARA CONSTRUÇÃO, A GRANEL","00862","AREIA","Areia lavada fina.",44663,"Media","UNIDADE","INTEGRAL","CUSTO SUPORTE - MATERIAL",null,15,130.19999999999999,1953]
["BASE",363,24,"MATERIAL P/ MANUT.DE BENS IMOVEIS/INSTALACOES",56,"MATERIAIS PARA CONSTRUÇÃO",5610,"MATERIAIS DE ORIGEM MINERAL PARA CONSTRUÇÃO, A GRANEL","00862","AREIA","Areia lavada média.",44663,"Media","METRO CÚBICO","INTEGRAL","CUSTO SUPORTE - MATERIAL",null,15,554.91,8323.65]
["BASE",364,24,"MATERIAL P/ MANUT.DE BENS IMOVEIS/INSTALACOES",56,"MATERIAIS PARA CONSTRUÇÃO",5610,"MATERIAIS DE ORIGEM MINERAL PARA CONSTRUÇÃO, A GRANEL","14331","ARGAMASSA","Argamassa AC – III - Similar ou melhor que VOTORANTIM.",44663,"Media","METRO CÚBICO","INTEGRAL","CUSTO SUPORTE - MATERIAL",null,20,34.15,683]
["BASE",365,24,"MATERIAL P/ MANUT.DE BENS IMOVEIS/INSTALACOES",56,"MATERIAIS PARA CONSTRUÇÃO",5680,"MATERIAIS DIVERSOS PARA CONSTRUÇÃO","11106","MATERIAL PARA MANUTENÇÃO BENS IMÓVEIS","Avental de Segurança, confeccionado em couro bovino tipo raspa, com fechamento em tiras de couro bovino tipo raspa fivelas e arrebites metálicos, sem manga, tipo açougueiro (Soldador).",44663,"Media","UNIDADE","INTEGRAL","CUSTO SUPORTE - MATERIAL",null,10,21.9,219]
["BASE",366,24,"MATERIAL P/ MANUT.DE BENS IMOVEIS/INSTALACOES",56,"MATERIAIS PARA CONSTRUÇÃO",5680,"MATERIAIS DIVERSOS PARA CONSTRUÇÃO","11106","MATERIAL PARA MANUTENÇÃO BENS IMÓVEIS","Balde Plástico 20 Litros",44663,"Media","UNIDADE","INTEGRAL","CUSTO SUPORTE - MATERIAL",null,20,11.88,237.6]
["BASE",367,24,"MATERIAL P/ MANUT.DE BENS IMOVEIS/INSTALACOES",56,"MATERIAIS PARA CONSTRUÇÃO",5680,"MATERIAIS DIVERSOS PARA CONSTRUÇÃO","11106","MATERIAL PARA MANUTENÇÃO BENS IMÓVEIS","Balde, material chapa aço, tamanho médio, material alça arame galvanizado, capacidade 10L,  para concreto. Similar ou melhor qualidade a marca VONDER.",44663,"Media","UNIDADE","INTEGRAL","CUSTO SUPORTE - MATERIAL",null,8,28.9,231.2]
["BASE",368,24,"MATERIAL P/ MANUT.DE BENS IMOVEIS/INSTALACOES",56,"MATERIAIS PARA CONSTRUÇÃO",5680,"MATERIAIS DIVERSOS PARA CONSTRUÇÃO","11106","MATERIAL PARA MANUTENÇÃO BENS IMÓVEIS","Bobina de Cabo de Aço, revestido em PVC,  1/8’’ ou 3,18mm. Rolo com 50mts.",44663,"Media","UNIDADE","INTEGRAL","CUSTO SUPORTE - MATERIAL",null,1,112.23,112.23]
["BASE",369,24,"MATERIAL P/ MANUT.DE BENS IMOVEIS/INSTALACOES",56,"MATERIAIS PARA CONSTRUÇÃO",5680,"MATERIAIS DIVERSOS PARA CONSTRUÇÃO","11106","MATERIAL PARA MANUTENÇÃO BENS IMÓVEIS","Bobina de Fio de Nylon Quadrado, 3,0mm,  2kg para roçadeira. 245 a 250m.",44663,"Media","UNIDADE","INTEGRAL","CUSTO SUPORTE - MATERIAL",null,1,155.19999999999999,155.19999999999999]
["BASE",370,24,"MATERIAL P/ MANUT.DE BENS IMOVEIS/INSTALACOES",56,"MATERIAIS PARA CONSTRUÇÃO",5680,"MATERIAIS DIVERSOS PARA CONSTRUÇÃO","11106","MATERIAL PARA MANUTENÇÃO BENS IMÓVEIS","Bobina de Fio de Nylon Redonda, 3,0mm,  2kg para roçadeira. 245 a 250m.",44663,"Media","UNIDADE","INTEGRAL","CUSTO SUPORTE - MATERIAL",null,1,170.1,170.1]
["BASE",371,24,"MATERIAL P/ MANUT.DE BENS IMOVEIS/INSTALACOES",56,"MATERIAIS PARA CONSTRUÇÃO",5680,"MATERIAIS DIVERSOS PARA CONSTRUÇÃO","11106","MATERIAL PARA MANUTENÇÃO BENS IMÓVEIS","Bolsa em Lona para Ferramentas, com cabo tubular Vonder. C 490 mm x L 240 mm x A 320 mm. Cor: amarela e preta, capacidade máxima de carga: 15 kg. Similar ou melhor qualidade a marca Vonder.",44663,"Media","UNIDADE","INTEGRAL","CUSTO SUPORTE - MATERIAL",null,1,219.45,219.45]
["BASE",372,24,"MATERIAL P/ MANUT.DE BENS IMOVEIS/INSTALACOES",56,"MATERIAIS PARA CONSTRUÇÃO",5680,"MATERIAIS DIVERSOS PARA CONSTRUÇÃO","11106","MATERIAL PARA MANUTENÇÃO BENS IMÓVEIS","Bota de borracha cano longo nº 44. Similar ou melhor qualidade a marca VONDER.",44663,"Media","UNIDADE","INTEGRAL","CUSTO SUPORTE - MATERIAL",null,1,59.74,59.74]
["BASE",373,24,"MATERIAL P/ MANUT.DE BENS IMOVEIS/INSTALACOES",56,"MATERIAIS PARA CONSTRUÇÃO",5680,"MATERIAIS DIVERSOS PARA CONSTRUÇÃO","11106","MATERIAL PARA MANUTENÇÃO BENS IMÓVEIS","Bota de Borracha Cano Longo, nº 42. Similar ou melhor qualidade a marca VONDER.",44663,"Media","UNIDADE","INTEGRAL","CUSTO SUPORTE - MATERIAL",null,1,36.43,36.43]
["BASE",374,24,"MATERIAL P/ MANUT.DE BENS IMOVEIS/INSTALACOES",56,"MATERIAIS PARA CONSTRUÇÃO",5680,"MATERIAIS DIVERSOS PARA CONSTRUÇÃO","11106","MATERIAL PARA MANUTENÇÃO BENS IMÓVEIS","Botão Francês Médio, em metal, para fixação de espelhos e vidros. Conteúdo da embalagem: 4 unidades.",44663,"Media","UNIDADE","INTEGRAL","CUSTO SUPORTE - MATERIAL",null,0,30.73,0]
["BASE",375,24,"MATERIAL P/ MANUT.DE BENS IMOVEIS/INSTALACOES",56,"MATERIAIS PARA CONSTRUÇÃO",5610,"MATERIAIS DE ORIGEM MINERAL PARA CONSTRUÇÃO, A GRANEL","00863","BRITA","Brita número 0, pedrisco. ",44663,"Media","UNIDADE","INTEGRAL","CUSTO SUPORTE - MATERIAL",null,15,107.41,1611.15]
["BASE",376,24,"MATERIAL P/ MANUT.DE BENS IMOVEIS/INSTALACOES",56,"MATERIAIS PARA CONSTRUÇÃO",5610,"MATERIAIS DE ORIGEM MINERAL PARA CONSTRUÇÃO, A GRANEL","00863","BRITA","Brita número 1.",44663,"Media","UNIDADE","INTEGRAL","CUSTO SUPORTE - MATERIAL",null,15,491.93,7378.95]
["BASE",377,24,"MATERIAL P/ MANUT.DE BENS IMOVEIS/INSTALACOES",51,"FERRAMENTAS MANUAIS",5133,"BROCAS, ALARGADORES, ESCARIADORES, MANUAIS E PARA USO EM  MÁQUINAS","03879","BROCA","Broca de Aço Rápido, 10mm, para metais. Similar ou melhor qualidade a marca VONDER.",44663,"Media","UNIDADE","INTEGRAL","CUSTO SUPORTE - MATERIAL",null,2,10.4,20.8]
["BASE",378,24,"MATERIAL P/ MANUT.DE BENS IMOVEIS/INSTALACOES",51,"FERRAMENTAS MANUAIS",5133,"BROCAS, ALARGADORES, ESCARIADORES, MANUAIS E PARA USO EM  MÁQUINAS","03879","BROCA","Broca de Aço Rápido, 12mm, para metais. Similar ou melhor qualidade a marca VONDER.",44663,"Media","UNIDADE","INTEGRAL","CUSTO SUPORTE - MATERIAL",null,2,59,118]
["BASE",379,24,"MATERIAL P/ MANUT.DE BENS IMOVEIS/INSTALACOES",51,"FERRAMENTAS MANUAIS",5133,"BROCAS, ALARGADORES, ESCARIADORES, MANUAIS E PARA USO EM  MÁQUINAS","03879","BROCA","Broca de Aço Rápido, 3mm, para metais. Similar ou melhor qualidade a marca VONDER.",44663,"Media","UNIDADE","INTEGRAL","CUSTO SUPORTE - MATERIAL",null,2,35,70]
["BASE",380,24,"MATERIAL P/ MANUT.DE BENS IMOVEIS/INSTALACOES",51,"FERRAMENTAS MANUAIS",5133,"BROCAS, ALARGADORES, ESCARIADORES, MANUAIS E PARA USO EM  MÁQUINAS","03879","BROCA","Broca de Aço Rápido, 4,5mm, para metais. Similar ou melhor qualidade a marca VONDER.",44663,"Media","UNIDADE","INTEGRAL","CUSTO SUPORTE - MATERIAL",null,2,9.9,19.8]
["BASE",381,24,"MATERIAL P/ MANUT.DE BENS IMOVEIS/INSTALACOES",51,"FERRAMENTAS MANUAIS",5133,"BROCAS, ALARGADORES, ESCARIADORES, MANUAIS E PARA USO EM  MÁQUINAS","03879","BROCA","Broca de Aço Rápido, 4mm, para metais. Similar ou melhor qualidade a marca VONDER.",44663,"Media","UNIDADE","INTEGRAL","CUSTO SUPORTE - MATERIAL",null,2,13.35,26.7]
["BASE",382,24,"MATERIAL P/ MANUT.DE BENS IMOVEIS/INSTALACOES",51,"FERRAMENTAS MANUAIS",5133,"BROCAS, ALARGADORES, ESCARIADORES, MANUAIS E PARA USO EM  MÁQUINAS","03879","BROCA","Broca de Aço Rápido, 5mm, para metais. Similar ou melhor qualidade a marca VONDER.",44663,"Media","UNIDADE","INTEGRAL","CUSTO SUPORTE - MATERIAL",null,2,6.45,12.9]
["BASE",383,24,"MATERIAL P/ MANUT.DE BENS IMOVEIS/INSTALACOES",51,"FERRAMENTAS MANUAIS",5133,"BROCAS, ALARGADORES, ESCARIADORES, MANUAIS E PARA USO EM  MÁQUINAS","03879","BROCA","Broca de Aço Rápido, 6mm, para metais. Similar ou melhor qualidade a marca VONDER.",44663,"Media","UNIDADE","INTEGRAL","CUSTO SUPORTE - MATERIAL",null,2,28.57,57.14]
["BASE",384,24,"MATERIAL P/ MANUT.DE BENS IMOVEIS/INSTALACOES",51,"FERRAMENTAS MANUAIS",5133,"BROCAS, ALARGADORES, ESCARIADORES, MANUAIS E PARA USO EM  MÁQUINAS","03879","BROCA","Broca de Aço Rápido, 8mm, para metais. Similar ou melhor qualidade a marca VONDER.",44663,"Media","UNIDADE","INTEGRAL","CUSTO SUPORTE - MATERIAL",null,2,13.18,26.36]
["BASE",385,24,"MATERIAL P/ MANUT.DE BENS IMOVEIS/INSTALACOES",51,"FERRAMENTAS MANUAIS",5133,"BROCAS, ALARGADORES, ESCARIADORES, MANUAIS E PARA USO EM  MÁQUINAS","03879","BROCA","Broca SDS Plus, tamanho 15cm X 10mm.",44663,"Media","UNIDADE","INTEGRAL","CUSTO SUPORTE - MATERIAL",null,2,8.3800000000000008,16.760000000000002]
["BASE",386,24,"MATERIAL P/ MANUT.DE BENS IMOVEIS/INSTALACOES",51,"FERRAMENTAS MANUAIS",5133,"BROCAS, ALARGADORES, ESCARIADORES, MANUAIS E PARA USO EM  MÁQUINAS","03879","BROCA","Broca SDS Plus, tamanho 15cm X 6mm.",44663,"Media","UNIDADE","INTEGRAL","CUSTO SUPORTE - MATERIAL",null,2,15.44,30.88]
["BASE",387,24,"MATERIAL P/ MANUT.DE BENS IMOVEIS/INSTALACOES",51,"FERRAMENTAS MANUAIS",5133,"BROCAS, ALARGADORES, ESCARIADORES, MANUAIS E PARA USO EM  MÁQUINAS","03879","BROCA","Broca SDS Plus, tamanho 15cm X 8mm.",44663,"Media","UNIDADE","INTEGRAL","CUSTO SUPORTE - MATERIAL",null,2,26.58,53.16]
["BASE",388,24,"MATERIAL P/ MANUT.DE BENS IMOVEIS/INSTALACOES",51,"FERRAMENTAS MANUAIS",5133,"BROCAS, ALARGADORES, ESCARIADORES, MANUAIS E PARA USO EM  MÁQUINAS","03879","BROCA","Broca SDS Plus, tamanho 20cm X 10mm.",44663,"Media","UNIDADE","INTEGRAL","CUSTO SUPORTE - MATERIAL",null,2,11.6,23.2]
["BASE",389,24,"MATERIAL P/ MANUT.DE BENS IMOVEIS/INSTALACOES",51,"FERRAMENTAS MANUAIS",5133,"BROCAS, ALARGADORES, ESCARIADORES, MANUAIS E PARA USO EM  MÁQUINAS","03879","BROCA","Broca SDS Plus, tamanho 20cm X 6mm.",44663,"Media","UNIDADE","INTEGRAL","CUSTO SUPORTE - MATERIAL",null,2,6.33,12.66]
["BASE",390,24,"MATERIAL P/ MANUT.DE BENS IMOVEIS/INSTALACOES",51,"FERRAMENTAS MANUAIS",5133,"BROCAS, ALARGADORES, ESCARIADORES, MANUAIS E PARA USO EM  MÁQUINAS","03879","BROCA","Broca SDS Plus, tamanho 20cm X 8mm.",44663,"Media","UNIDADE","INTEGRAL","CUSTO SUPORTE - MATERIAL",null,2,11.6,23.2]
["BASE",391,24,"MATERIAL P/ MANUT.DE BENS IMOVEIS/INSTALACOES",51,"FERRAMENTAS MANUAIS",5133,"BROCAS, ALARGADORES, ESCARIADORES, MANUAIS E PARA USO EM  MÁQUINAS","03879","BROCA","Broca SDS Plus, tamanho 30cm X 10mm.",44663,"Media","UNIDADE","INTEGRAL","CUSTO SUPORTE - MATERIAL",null,2,40.67,81.34]
["BASE",392,24,"MATERIAL P/ MANUT.DE BENS IMOVEIS/INSTALACOES",51,"FERRAMENTAS MANUAIS",5133,"BROCAS, ALARGADORES, ESCARIADORES, MANUAIS E PARA USO EM  MÁQUINAS","03879","BROCA","Broca SDS Plus, tamanho 30cm X 6mm.",44663,"Media","UNIDADE","INTEGRAL","CUSTO SUPORTE - MATERIAL",null,2,43.52,87.04]
["BASE",393,24,"MATERIAL P/ MANUT.DE BENS IMOVEIS/INSTALACOES",51,"FERRAMENTAS MANUAIS",5133,"BROCAS, ALARGADORES, ESCARIADORES, MANUAIS E PARA USO EM  MÁQUINAS","03879","BROCA","Broca SDS Plus, tamanho 30cm X 8mm.",44663,"Media","UNIDADE","INTEGRAL","CUSTO SUPORTE - MATERIAL",null,2,20.81,41.62]
["BASE",394,24,"MATERIAL P/ MANUT.DE BENS IMOVEIS/INSTALACOES",51,"FERRAMENTAS MANUAIS",5133,"BROCAS, ALARGADORES, ESCARIADORES, MANUAIS E PARA USO EM  MÁQUINAS","03879","BROCA","Broca Widea 10,0mm.",44663,"Media","UNIDADE","INTEGRAL","CUSTO SUPORTE - MATERIAL",null,2,36.9,73.8]
["BASE",395,24,"MATERIAL P/ MANUT.DE BENS IMOVEIS/INSTALACOES",51,"FERRAMENTAS MANUAIS",5133,"BROCAS, ALARGADORES, ESCARIADORES, MANUAIS E PARA USO EM  MÁQUINAS","03879","BROCA","Broca Widea 6,0mm.",44663,"Media","UNIDADE","INTEGRAL","CUSTO SUPORTE - MATERIAL",null,2,12.83,25.66]
["BASE",396,24,"MATERIAL P/ MANUT.DE BENS IMOVEIS/INSTALACOES",51,"FERRAMENTAS MANUAIS",5133,"BROCAS, ALARGADORES, ESCARIADORES, MANUAIS E PARA USO EM  MÁQUINAS","03879","BROCA","Broca Widea 8,0mm.",44663,"Media","UNIDADE","INTEGRAL","CUSTO SUPORTE - MATERIAL",null,2,16.78,33.56]
["BASE",397,24,"MATERIAL P/ MANUT.DE BENS IMOVEIS/INSTALACOES",56,"MATERIAIS PARA CONSTRUÇÃO",5630,"TUBOS E CONDUTOS, NÃO METÁLICOS, PARA CONSTRUÇÃO","11106","MATERIAL PARA MANUTENÇÃO BENS IMÓVEIS","Bucha de Fixação em Geral, com anel nº 06. Material plástico. Pacote com 100 unidades.",44663,"Media","PACOTE","INTEGRAL","CUSTO SUPORTE - MATERIAL",null,3,21.2,63.6]
["BASE",398,24,"MATERIAL P/ MANUT.DE BENS IMOVEIS/INSTALACOES",56,"MATERIAIS PARA CONSTRUÇÃO",5680,"MATERIAIS DIVERSOS PARA CONSTRUÇÃO","11106","MATERIAL PARA MANUTENÇÃO BENS IMÓVEIS","Bucha de Fixação em Geral, com anel nº 08. Material plástico. Pacote com 100 unidades.",44663,"Media","PACOTE","INTEGRAL","CUSTO SUPORTE - MATERIAL",null,3,28.23,84.69]
["BASE",399,24,"MATERIAL P/ MANUT.DE BENS IMOVEIS/INSTALACOES",56,"MATERIAIS PARA CONSTRUÇÃO",5680,"MATERIAIS DIVERSOS PARA CONSTRUÇÃO","11106","MATERIAL PARA MANUTENÇÃO BENS IMÓVEIS","Bucha de Fixação em Geral, com anel nº 10. Material plástico. Pacote com 100 unidades.",44663,"Media","PACOTE","INTEGRAL","CUSTO SUPORTE - MATERIAL",null,3,21.33,63.99]
["BASE",400,24,"MATERIAL P/ MANUT.DE BENS IMOVEIS/INSTALACOES",56,"MATERIAIS PARA CONSTRUÇÃO",5680,"MATERIAIS DIVERSOS PARA CONSTRUÇÃO","11106","MATERIAL PARA MANUTENÇÃO BENS IMÓVEIS","Bucha de Fixação em Geral, com anel nº 12. Material plástico. Pacote com 100 unidades.",44663,"Media","PACOTE","INTEGRAL","CUSTO SUPORTE - MATERIAL",null,3,13.89,41.67]
["BASE",401,24,"MATERIAL P/ MANUT.DE BENS IMOVEIS/INSTALACOES",56,"MATERIAIS PARA CONSTRUÇÃO",5680,"MATERIAIS DIVERSOS PARA CONSTRUÇÃO","11106","MATERIAL PARA MANUTENÇÃO BENS IMÓVEIS","Bucha de Fixação Fly, para gesso, drywall, forro e teto de gesso. Nº 4. Pacote com 50 unidades.",44663,"Media","PACOTE","INTEGRAL","CUSTO SUPORTE - MATERIAL",null,3,24.9,74.7]
["BASE",402,24,"MATERIAL P/ MANUT.DE BENS IMOVEIS/INSTALACOES",56,"MATERIAIS PARA CONSTRUÇÃO",5680,"MATERIAIS DIVERSOS PARA CONSTRUÇÃO","11106","MATERIAL PARA MANUTENÇÃO BENS IMÓVEIS","Bucha de Fixação Fly, para gesso, drywall, forro e teto de gesso. Nº 2. Pacote com 50 unidades.",44663,"Media","PACOTE","INTEGRAL","CUSTO SUPORTE - MATERIAL",null,3,28.15,84.45]
["BASE",403,24,"MATERIAL P/ MANUT.DE BENS IMOVEIS/INSTALACOES",56,"MATERIAIS PARA CONSTRUÇÃO",5680,"MATERIAIS DIVERSOS PARA CONSTRUÇÃO","11106","MATERIAL PARA MANUTENÇÃO BENS IMÓVEIS","Bucha de Fixação Fly, para gesso, drywall, forro e teto de gesso. Nº 3. Pacote com 50 unidades.",44663,"Media","PACOTE","INTEGRAL","CUSTO SUPORTE - MATERIAL",null,3,57.96,173.88]
["BASE",404,24,"MATERIAL P/ MANUT.DE BENS IMOVEIS/INSTALACOES",56,"MATERIAIS PARA CONSTRUÇÃO",5680,"MATERIAIS DIVERSOS PARA CONSTRUÇÃO","11106","MATERIAL PARA MANUTENÇÃO BENS IMÓVEIS","Cabo de Aço Galvanizado 5mm. Fabricado e testado conforme ABNT ISO 2408: 2008",44663,"Media","METRO","INTEGRAL","CUSTO SUPORTE - MATERIAL",null,0,442.85,0]
["BASE",405,24,"MATERIAL P/ MANUT.DE BENS IMOVEIS/INSTALACOES",53,"FERRAGENS E ABRASIVOS",5340,"FERRAGENS DIVERSAS","00554","CADEADO","Cadeado 50mm, material em latão maciço. Conforme NBR 15271. Com duas chaves. Similar ou melhor qualidade a marca PADO.",44663,"Media","UNIDADE","INTEGRAL","CUSTO SUPORTE - MATERIAL",null,10,33.65,336.5]
["BASE",406,24,"MATERIAL P/ MANUT.DE BENS IMOVEIS/INSTALACOES",53,"FERRAGENS E ABRASIVOS",5340,"FERRAGENS DIVERSAS","00554","CADEADO","Cadeado de 20mm, material em latão maciço. Conforme NBR 15271. Com duas chaves. Similar ou melhor qualidade a marca PADO.",44663,"Media","UNIDADE","INTEGRAL","CUSTO SUPORTE - MATERIAL",null,10,12.34,123.4]
["BASE",407,24,"MATERIAL P/ MANUT.DE BENS IMOVEIS/INSTALACOES",53,"FERRAGENS E ABRASIVOS",5340,"FERRAGENS DIVERSAS","00554","CADEADO","Cadeado de 30mm, material em latão maciço. Conforme NBR 15271. Com duas chaves. Similar ou melhor qualidade a marca PADO.",44663,"Media","UNIDADE","INTEGRAL","CUSTO SUPORTE - MATERIAL",null,10,16.309999999999999,163.1]
["BASE",408,24,"MATERIAL P/ MANUT.DE BENS IMOVEIS/INSTALACOES",53,"FERRAGENS E ABRASIVOS",5340,"FERRAGENS DIVERSAS","00554","CADEADO","Cadeado de 40mm, material em latão maciço. Conforme NBR 15271. Com duas chaves. Similar ou melhor qualidade a marca PADO.",44663,"Media","UNIDADE","INTEGRAL","CUSTO SUPORTE - MATERIAL",null,10,25.43,254.3]
["BASE",409,24,"MATERIAL P/ MANUT.DE BENS IMOVEIS/INSTALACOES",56,"MATERIAIS PARA CONSTRUÇÃO",5680,"MATERIAIS DIVERSOS PARA CONSTRUÇÃO","11106","MATERIAL PARA MANUTENÇÃO BENS IMÓVEIS","Caixa Sanfonada de Metal Azul 5 Gavetas, para erramentas, 40 X 20 X 21cm (C X L X A).",44663,"Media","UNIDADE","INTEGRAL","CUSTO SUPORTE - MATERIAL",null,3,99.9,299.7]
["BASE",410,24,"MATERIAL P/ MANUT.DE BENS IMOVEIS/INSTALACOES",56,"MATERIAIS PARA CONSTRUÇÃO",5680,"MATERIAIS DIVERSOS PARA CONSTRUÇÃO","11106","MATERIAL PARA MANUTENÇÃO BENS IMÓVEIS","Caixa Sanfonada de Metal Azul 5 Gavetas, para ferramentas, dimensões: 50 X 20 X 21cm (C X A X L).",44663,"Media","UNIDADE","INTEGRAL","CUSTO SUPORTE - MATERIAL",null,3,96.12,288.36]
["BASE",411,24,"MATERIAL P/ MANUT.DE BENS IMOVEIS/INSTALACOES",56,"MATERIAIS PARA CONSTRUÇÃO",5610,"MATERIAIS DE ORIGEM MINERAL PARA CONSTRUÇÃO, A GRANEL","00864","CAL VIVA","Cal Virgem, para construção civil, de 20 KG.",44663,"Media","QUILOGRAMA","INTEGRAL","CUSTO SUPORTE - MATERIAL",null,40,11.38,455.2]
["BASE",412,24,"MATERIAL P/ MANUT.DE BENS IMOVEIS/INSTALACOES",56,"MATERIAIS PARA CONSTRUÇÃO",5680,"MATERIAIS DIVERSOS PARA CONSTRUÇÃO","00591","CÂMARA AR PNEU","Câmara de Ar para Carrinhos de Mão. Pressão máxima recomendada: 25 libras/pol², Largura / Diâmetro: 3,25x8. Similar ou melhor qualidade a marca Vonder.",44663,"Media","UNIDADE","INTEGRAL","CUSTO SUPORTE - MATERIAL",null,10,38.61,386.1]
["BASE",413,24,"MATERIAL P/ MANUT.DE BENS IMOVEIS/INSTALACOES",59,"COMPONENTES DE EQUIPAMENTOS ELÉTRICOS E ELETRÔNICOS",5975,"FERRAGENS E SUPRIMENTOS DE ELETRICIDADE","14260","CANALETA","Canaleta, cor branca com adesivo 20mm x 12mm x 2m.",44663,"Media","UNIDADE","INTEGRAL","CUSTO SUPORTE - MATERIAL",null,30,9.9,297]
["BASE",414,24,"MATERIAL P/ MANUT.DE BENS IMOVEIS/INSTALACOES",56,"MATERIAIS PARA CONSTRUÇÃO",5680,"MATERIAIS DIVERSOS PARA CONSTRUÇÃO","11351","PVC - FORRO / REVESTIMENTO","Canto para forro Externo PVC.",44663,"Media","UNIDADE","INTEGRAL","CUSTO SUPORTE - MATERIAL",null,20,16.34,326.8]
["BASE",415,24,"MATERIAL P/ MANUT.DE BENS IMOVEIS/INSTALACOES",56,"MATERIAIS PARA CONSTRUÇÃO",5680,"MATERIAIS DIVERSOS PARA CONSTRUÇÃO","11351","PVC - FORRO / REVESTIMENTO","Canto para forro Interno PVC.",44663,"Media","UNIDADE","INTEGRAL","CUSTO SUPORTE - MATERIAL",null,20,17.98,359.6]
["BASE",416,24,"MATERIAL P/ MANUT.DE BENS IMOVEIS/INSTALACOES",42,"EQUIPAMENTO PARA COMBATE A INCÊNDIO, RESGATE E SEGURANÇA",4240,"EQUIPAMENTO PARA SEGURANÇA E SALVAMENTO","01372","CAPACETE SEGURANÇA","Capacete Completo com Suspensão com Jugular e fechamento em Catraca. Para uso na indústria, tipo II, Classe B, incluindo trabalhos com energia elétrica. Projetado em conjunto com a suspensão, para limitar o risco de objetos que podem cair sobre a cabeça, reduzindo a força de impacto e penetração na parte superior do casco, de acordo com a norma NBR 8221:2003. Composto de casco e sistema de suspensão com jugular, sendo a carneira e a coroa separáveis e, fixadas ao casco através de quatro pontos de fixação e jugular removível. INDICAÇÃO DE USO: Uso na indústria e trabalhos com energia elétrica (até 30.000 V).",44663,"Media","UNIDADE","INTEGRAL","CUSTO SUPORTE - MATERIAL",null,20,43.9,878]
["BASE",417,24,"MATERIAL P/ MANUT.DE BENS IMOVEIS/INSTALACOES",41,"EQUIPAMENTOS PARA REFRIGERAÇÃO, AR CONDICIONADO E CIRCULAÇÃODE AR",4130,"COMPONENTES DE EQUIPAMENTOS PARA REFRIGERAÇÃO E AR  CONDICIONADO","13530","REFIL","Carga para Cilindro de Gás Oxigênio",44663,"Media","UNIDADE","INTEGRAL","CUSTO SUPORTE - MATERIAL",null,1,119,119]
["BASE",418,24,"MATERIAL P/ MANUT.DE BENS IMOVEIS/INSTALACOES",37,"MÁQUINAS E EQUIPAMENTOS AGRÍCOLAS",3750,"IMPLEMENTOS E FERRAMENTAS DE JARDINAGEM","16912","PEÇAS / COMPONENTES - JARDINAGEM","Carretel de Nylon Automático para Roçadeiras.",44663,"Media","UNIDADE","INTEGRAL","CUSTO SUPORTE - MATERIAL",null,10,38.9,389]
["BASE",419,24,"MATERIAL P/ MANUT.DE BENS IMOVEIS/INSTALACOES",99,"DIVERSOS",9999,"ITENS DIVERSOS","01355","CARRO TRANSPORTE","Carrinho de Mão Extraforte. Fabricado segundo norma ABNT NBR 16269. Caçamba metálica reforçada de 0,9mm (chapa 20), com capacidade para 65 litros, braço metálico tubular de 1,5mm, Pneu maciço 3.0/8\". Similar ou melhor qualidade a marca TRAMONTINA.",44663,"Media","UNIDADE","INTEGRAL","CUSTO SUPORTE - MATERIAL",null,4,279.99,1119.96]
["BASE",420,24,"MATERIAL P/ MANUT.DE BENS IMOVEIS/INSTALACOES",99,"DIVERSOS",9999,"ITENS DIVERSOS","01355","CARRO TRANSPORTE","Carrinho Duplo Reforçado de aço Carbono c/ rolamento Côncavo p/ trilho Stanley 48×48, Dimensões recomendadas 900×2700.",44663,"Media","UNIDADE","INTEGRAL","CUSTO SUPORTE - MATERIAL",null,4,55.79,223.16]
["BASE",421,24,"MATERIAL P/ MANUT.DE BENS IMOVEIS/INSTALACOES",99,"DIVERSOS",9999,"ITENS DIVERSOS","01355","CARRO TRANSPORTE","Carrinho Plataforma, produzido em aço, com chapa em madeira, 4 rodas RM-8B. Comprimento: 1500 x 800 mm capacidade 600Kg com pneu maciço. Similar ou melhor qualidade a VONDER.",44663,"Media","UNIDADE","INTEGRAL","CUSTO SUPORTE - MATERIAL",null,1,798.48,798.48]
["BASE",422,24,"MATERIAL P/ MANUT.DE BENS IMOVEIS/INSTALACOES",51,"FERRAMENTAS MANUAIS",5110,"FERRAMENTAS MANUAIS DE CORTE, NÃO ACIONADAS POR FORÇA MOTRIZ","00817","CAVADEIRA GOIVA","Cavadeira Articulada, com 2 cabos de madeira nobre, com salva-mão de plástico, tamanho 1.70m e pintura esmalte. Largura das pás da cavadeira articulada (C): 175,0 mm.",44663,"Media","UNIDADE","INTEGRAL","CUSTO SUPORTE - MATERIAL",null,2,44.8,89.6]
["BASE",423,24,"MATERIAL P/ MANUT.DE BENS IMOVEIS/INSTALACOES",56,"MATERIAIS PARA CONSTRUÇÃO",5640,"PAINEL DE PAPELÃO,PAPEL EMPREGADO EM CONSTRUÇÃO E MATERIAIS DE ISOLAMENTO TÉRMICO","10862","PLACA PARA CONSTRUCAO","Chapa de Drywall Standard 2,00mx60cm Branca.",44663,"Media","UNIDADE","INTEGRAL","CUSTO SUPORTE - MATERIAL",null,8,34.9,279.2]
["BASE",424,24,"MATERIAL P/ MANUT.DE BENS IMOVEIS/INSTALACOES",51,"FERRAMENTAS MANUAIS",5120,"FERRAMENTAS MANUAIS SEM CORTE, NÃO ACIONADAS  POR  FORÇA  MOTRIZ","04876","CHAVE FIXA","Chave para Tubo. Corpo em ferro molecular. Mordente forjado em aço cromo molibdênio. Construção de perfil em duplo “I” para maior resistência e durabilidade. Tamanho 18”. Similar ou melhor Qualidade a marca GEDORE.",44663,"Media","UNIDADE","INTEGRAL","CUSTO SUPORTE - MATERIAL",null,1,57.33,57.33]
["BASE",425,24,"MATERIAL P/ MANUT.DE BENS IMOVEIS/INSTALACOES",51,"FERRAMENTAS MANUAIS",5120,"FERRAMENTAS MANUAIS SEM CORTE, NÃO ACIONADAS  POR  FORÇA  MOTRIZ","04876","CHAVE FIXA","Chave para Tubo. Corpo em ferro molecular. Mordente forjado em aço cromo molibdênio. Construção de perfil em duplo “I” para maior resistência e durabilidade. Tamanho 24”. Similar ou melhor Qualidade a marca GEDORE.",44663,"Media","UNIDADE","INTEGRAL","CUSTO SUPORTE - MATERIAL",null,1,154.74,154.74]
["BASE",426,24,"MATERIAL P/ MANUT.DE BENS IMOVEIS/INSTALACOES",51,"FERRAMENTAS MANUAIS",5120,"FERRAMENTAS MANUAIS SEM CORTE, NÃO ACIONADAS  POR  FORÇA  MOTRIZ","04876","CHAVE FIXA","Chaves Ajustável Oxidada 18 polegadas. Similar ou melhor qualidade a marca TRAMONTINA ou GEDORE.",44663,"Media","UNIDADE","INTEGRAL","CUSTO SUPORTE - MATERIAL",null,1,293.55,293.55]
["BASE",427,24,"MATERIAL P/ MANUT.DE BENS IMOVEIS/INSTALACOES",41,"EQUIPAMENTOS PARA REFRIGERAÇÃO, AR CONDICIONADO E CIRCULAÇÃODE AR",4120,"EQUIPAMENTO DE AR CONDICIONADO","13559","EQUIPAMENTO DE REFRIGERAÇÃO","Cilindro de Argônio 7 M³ para Solda Mig e Tig com carga.",44663,"Media","METRO CÚBICO","INTEGRAL","CUSTO SUPORTE - MATERIAL",null,1,1199.9000000000001,1199.9000000000001]
["BASE",428,24,"MATERIAL P/ MANUT.DE BENS IMOVEIS/INSTALACOES",56,"MATERIAIS PARA CONSTRUÇÃO",5610,"MATERIAIS DE ORIGEM MINERAL PARA CONSTRUÇÃO, A GRANEL","00867","CIMENTO PORTLAND","Cimento CP II, saco de 50Kg.",44663,"Media","UNIDADE","INTEGRAL","CUSTO SUPORTE - MATERIAL",null,80,32.770000000000003,2621.6]
["BASE",429,24,"MATERIAL P/ MANUT.DE BENS IMOVEIS/INSTALACOES",56,"MATERIAIS PARA CONSTRUÇÃO",5680,"MATERIAIS DIVERSOS PARA CONSTRUÇÃO","06835","EQUIPAMENTO PARA PROTENSAO","Cinturão Paraquedista de Segurança. Especificações Técnicas: Fitas: poliéster - 45mm de largura, alta tenacidade; Costuras: fio de nylon 6.6 - alta tenacidade; Acolchoamento em tecido aerado (respirável): cintura; Elementos metálicos: aço galvanizado; Regulagem/ fechamento: pernas e cintura. Elementos de engate para proteção contra queda:\ndorsal (1 argola metálica). Elementos de engate para posicionamento: laterais (2 argolas metálicas). Compacto anatômico em liga polimérica injetada: dorsal (p/ posicionamento das fitas e argola dorsal); laterais (p/ posicionamento das fitas). Outros componentes: Presilhas compactadoras de fita (liga polimérica injetada); Cinta abdominal; Indicador de queda; Fita de fechamento peitoral (poliéster-20mm de largura) c/ fivela de engate rápido. CA: 35309. Similar ou melhor qualidade a marca: ALTISEG.",44663,"Media","UNIDADE","INTEGRAL","CUSTO SUPORTE - MATERIAL",null,2,89.9,179.8]
["BASE",430,24,"MATERIAL P/ MANUT.DE BENS IMOVEIS/INSTALACOES",75,"UTENSÍLIOS DE ESCRITÓRIO E MATERIAL DE EXPEDIENTE",7510,"ARTIGOS PARA ESCRITÓRIO","00011","CLIPE","Clips grampo em metal para cabo de aço  1/8 Pol. ",44663,"Media","UNIDADE","INTEGRAL","CUSTO SUPORTE - MATERIAL",null,40,4.2,168]
["BASE",431,24,"MATERIAL P/ MANUT.DE BENS IMOVEIS/INSTALACOES",75,"UTENSÍLIOS DE ESCRITÓRIO E MATERIAL DE EXPEDIENTE",7510,"ARTIGOS PARA ESCRITÓRIO","00011","CLIPE","Clips grampo em metal para cabo de aço ¼ Pol. ",44663,"Media","UNIDADE","INTEGRAL","CUSTO SUPORTE - MATERIAL",null,40,1.69,67.599999999999994]
["BASE",432,24,"MATERIAL P/ MANUT.DE BENS IMOVEIS/INSTALACOES",80,"PINCÉIS, TINTAS, VEDANTES E ADESIVOS",8040,"ADESIVOS","13894","COLA","Cola de Contato Extra Universal. Aplicação: para colagem de borracha vulcanizadas, couro, EVA, cabedal e forro lado interno, madeira, revestimentos em couro, tecidos, fibras laminados, decorativos, etc. Conteúdo: Embalagem com 730g.",44663,"Media","UNIDADE","INTEGRAL","CUSTO SUPORTE - MATERIAL",null,4,79,316]
["BASE",433,24,"MATERIAL P/ MANUT.DE BENS IMOVEIS/INSTALACOES",80,"PINCÉIS, TINTAS, VEDANTES E ADESIVOS",8040,"ADESIVOS","13894","COLA","Cola Instantânea, embalagem com 100g. Uso indicado para: Tecido, madeira balsa, “eucatex”, MDF, cortiça, poliestireno, papel, papelão, papel cartão, acrílico, couro, PVC, madeira eucalipto, pinus, renda e outros.",44663,"Media","UNIDADE","INTEGRAL","CUSTO SUPORTE - MATERIAL",null,50,7.6,380]
["BASE",434,24,"MATERIAL P/ MANUT.DE BENS IMOVEIS/INSTALACOES",80,"PINCÉIS, TINTAS, VEDANTES E ADESIVOS",8040,"ADESIVOS","13894","COLA","Cola para PVC, frasco 175g. Para uso em Tubos e conexões. Similar ou melhor qualidade a marca TIGRE.",44663,"Media","QUILOGRAMA","INTEGRAL","CUSTO SUPORTE - MATERIAL",null,8,49.9,399.2]
["BASE",435,24,"MATERIAL P/ MANUT.DE BENS IMOVEIS/INSTALACOES",51,"FERRAMENTAS MANUAIS",5120,"FERRAMENTAS MANUAIS SEM CORTE, NÃO ACIONADAS  POR  FORÇA  MOTRIZ","00599","COLHER PEDREIRO","Colher de pedreiro, em aço oval 6 pol, material cabo madeira.",44663,"Media","UNIDADE","INTEGRAL","CUSTO SUPORTE - MATERIAL",null,3,23.59,70.77]
["BASE",436,24,"MATERIAL P/ MANUT.DE BENS IMOVEIS/INSTALACOES",51,"FERRAMENTAS MANUAIS",5120,"FERRAMENTAS MANUAIS SEM CORTE, NÃO ACIONADAS  POR  FORÇA  MOTRIZ","00599","COLHER PEDREIRO","Colher de pedreiro, em aço oval 8 pol, material cabo madeira.",44663,"Media","UNIDADE","INTEGRAL","CUSTO SUPORTE - MATERIAL",null,3,29.9,89.7]
["BASE",437,24,"MATERIAL P/ MANUT.DE BENS IMOVEIS/INSTALACOES",42,"EQUIPAMENTO PARA COMBATE A INCÊNDIO, RESGATE E SEGURANÇA",4240,"EQUIPAMENTO PARA SEGURANÇA E SALVAMENTO","04712","CAVALETE CONTROLE TRÂNSITO","Cone de PVC rígido para sinalização cor laranja  com faixa refletiva na cor branca. Tamanho 75 cm. Altura das faixas - duas faixas de 10 cm. Retro refletância das faixas: 250 candelas conforme a NBR 14.644.",44663,"Media","UNIDADE","INTEGRAL","CUSTO SUPORTE - MATERIAL",null,8,31.9,255.2]
["BASE",438,24,"MATERIAL P/ MANUT.DE BENS IMOVEIS/INSTALACOES",40,"CORDAS, CABOS, CORRENTES E SEUS ACESSÓRIOS",4020,"CABOS DE FIBRA, CORDOALHAS E BARBANTES","05854","CORDA","Corda 12mm trançada, material em poliamida, para trabalho em altura rolo com 50m.",44663,"Media","UNIDADE","INTEGRAL","CUSTO SUPORTE - MATERIAL",null,1,243.99,243.99]
["BASE",439,24,"MATERIAL P/ MANUT.DE BENS IMOVEIS/INSTALACOES",40,"CORDAS, CABOS, CORRENTES E SEUS ACESSÓRIOS",4020,"CABOS DE FIBRA, CORDOALHAS E BARBANTES","05854","CORDA","Corda Semi-Estática Laranja 11,5 MM Norma NR35 - 50 Metros.",44663,"Media","UNIDADE","INTEGRAL","CUSTO SUPORTE - MATERIAL",null,1,112.9,112.9]
["BASE",440,24,"MATERIAL P/ MANUT.DE BENS IMOVEIS/INSTALACOES",40,"CORDAS, CABOS, CORRENTES E SEUS ACESSÓRIOS",4020,"CABOS DE FIBRA, CORDOALHAS E BARBANTES","05854","CORDA","Corda Trançada em Poliéster 2mm. Rolo com 1 KG – multifunção 165m à 175m. Nas cores verde ou preta.",44663,"Media","UNIDADE","INTEGRAL","CUSTO SUPORTE - MATERIAL",null,1,119,119]
["BASE",441,24,"MATERIAL P/ MANUT.DE BENS IMOVEIS/INSTALACOES",40,"CORDAS, CABOS, CORRENTES E SEUS ACESSÓRIOS",4020,"CABOS DE FIBRA, CORDOALHAS E BARBANTES","05854","CORDA","Corda Trançada em Poliéster 6mm – multifunção, rolo de 150m. Nas cores verde ou preta.",44663,"Media","UNIDADE","INTEGRAL","CUSTO SUPORTE - MATERIAL",null,1,189,189]
["BASE",442,24,"MATERIAL P/ MANUT.DE BENS IMOVEIS/INSTALACOES",40,"CORDAS, CABOS, CORRENTES E SEUS ACESSÓRIOS",4020,"CABOS DE FIBRA, CORDOALHAS E BARBANTES","05854","CORDA","Corda Trançada em Poliéster 8mm – multifunção, rolo de 228m. Nas cores verde ou preta.",44663,"Media","UNIDADE","INTEGRAL","CUSTO SUPORTE - MATERIAL",null,1,311.24,311.24]
["BASE",443,24,"MATERIAL P/ MANUT.DE BENS IMOVEIS/INSTALACOES",42,"EQUIPAMENTO PARA COMBATE A INCÊNDIO, RESGATE E SEGURANÇA",4240,"EQUIPAMENTO PARA SEGURANÇA E SALVAMENTO","04046","CABO SEGURANÇA","Corrente de PVC 10mm, preta e amarela.",44663,"Media","UNIDADE","INTEGRAL","CUSTO SUPORTE - MATERIAL",null,2,12.75,25.5]
["BASE",444,24,"MATERIAL P/ MANUT.DE BENS IMOVEIS/INSTALACOES",40,"CORDAS, CABOS, CORRENTES E SEUS ACESSÓRIOS",4010,"CORRENTES E CABOS DE AÇO","05903","CORRENTE DE ACO","Corrente galvanizada elo 6mm.",44663,"Media","UNIDADE","INTEGRAL","CUSTO SUPORTE - MATERIAL",null,2,48,96]
["BASE",445,24,"MATERIAL P/ MANUT.DE BENS IMOVEIS/INSTALACOES",51,"FERRAMENTAS MANUAIS",5130,"FERRAMENTAS MANUAIS ACIONADAS POR FORÇA MOTRIZ","05924","CORTADOR MANUAL / ELÉTRICO","Cortador de Pisos e Azulejos Profissional. Indicados para cortar pisos cerâmicos e porcelanatos com até 10 mm de espessura, Guias em aço carbono cromado. Base e suporte das guias em chapa de aço carbono com pintura esletrostática a pó. Tamanho entre 1m à 1,2m. Sililar ou melhor qualidade a marca CORTAG.",44663,"Media","UNIDADE","INTEGRAL","CUSTO SUPORTE - MATERIAL",null,2,390.71,781.42]
["BASE",446,24,"MATERIAL P/ MANUT.DE BENS IMOVEIS/INSTALACOES",51,"FERRAMENTAS MANUAIS",5110,"FERRAMENTAS MANUAIS DE CORTE, NÃO ACIONADAS POR FORÇA MOTRIZ","05923","CORTADOR DE VIDRO","Cortador de Vidro com Diamante. Uso industrial Acompanha bisnaga para abastecer o reservatório. Utilizado na aplicação de cortes de vidros. Similar ou melhor qualidade a marca Kala",44663,"Media","UNIDADE","INTEGRAL","CUSTO SUPORTE - MATERIAL",null,5,19.989999999999998,99.95]
["BASE",447,24,"MATERIAL P/ MANUT.DE BENS IMOVEIS/INSTALACOES",56,"MATERIAIS PARA CONSTRUÇÃO",5650,"MATERIAIS PARA TELHADOS E REVESTIMENTO DE PAREDES","00972","CUMEEIRA","Cumeira 25º para eternit 6mm.",44663,"Media","UNIDADE","INTEGRAL","CUSTO SUPORTE - MATERIAL",null,15,67.680000000000007,1015.2]
["BASE",448,24,"MATERIAL P/ MANUT.DE BENS IMOVEIS/INSTALACOES",56,"MATERIAIS PARA CONSTRUÇÃO",5650,"MATERIAIS PARA TELHADOS E REVESTIMENTO DE PAREDES","00972","CUMEEIRA","Cumeira 45 para eternit 6mm.",44663,"Media","UNIDADE","INTEGRAL","CUSTO SUPORTE - MATERIAL",null,15,41.7,625.5]
["BASE",449,24,"MATERIAL P/ MANUT.DE BENS IMOVEIS/INSTALACOES",56,"MATERIAIS PARA CONSTRUÇÃO",5680,"MATERIAIS DIVERSOS PARA CONSTRUÇÃO","11106","MATERIAL PARA MANUTENÇÃO BENS IMÓVEIS","Cunha niveladora, pacote 100 peças",44663,"Media","UNIDADE","INTEGRAL","CUSTO SUPORTE - MATERIAL",null,3,46.41,139.22999999999999]
["BASE",450,24,"MATERIAL P/ MANUT.DE BENS IMOVEIS/INSTALACOES",51,"FERRAMENTAS MANUAIS",5110,"FERRAMENTAS MANUAIS DE CORTE, NÃO ACIONADAS POR FORÇA MOTRIZ","06084","DESEMPENADEIRA MANUAL","Desempenadeira de Aço Lisa. (C)x(L) 12 à 14 cm x 25 à 30cm. Com cabo fechado de madeira.",44663,"Media","UNIDADE","INTEGRAL","CUSTO SUPORTE - MATERIAL",null,3,19.440000000000001,58.32]
["BASE",451,24,"MATERIAL P/ MANUT.DE BENS IMOVEIS/INSTALACOES",51,"FERRAMENTAS MANUAIS",5110,"FERRAMENTAS MANUAIS DE CORTE, NÃO ACIONADAS POR FORÇA MOTRIZ","06084","DESEMPENADEIRA MANUAL","Desempenadeira de PVC para grafiato 150 x 260 mm. Similiar ou melhor qualidade a marca VONDER.",44663,"Media","UNIDADE","INTEGRAL","CUSTO SUPORTE - MATERIAL",null,3,22.36,67.08]
["BASE",452,24,"MATERIAL P/ MANUT.DE BENS IMOVEIS/INSTALACOES",51,"FERRAMENTAS MANUAIS",5110,"FERRAMENTAS MANUAIS DE CORTE, NÃO ACIONADAS POR FORÇA MOTRIZ","06084","DESEMPENADEIRA MANUAL","Desempenadeira Dentada Metálica. Material em aço carbono. Utilizada para formar sulcos na massa, para assentamento de lajotas e azulejos. Medida da haste: 270 mm. Similiar ou melhor qualidade a marca Tramontina.",44663,"Media","UNIDADE","INTEGRAL","CUSTO SUPORTE - MATERIAL",null,3,30.89,92.67]
["BASE",453,24,"MATERIAL P/ MANUT.DE BENS IMOVEIS/INSTALACOES",51,"FERRAMENTAS MANUAIS",5110,"FERRAMENTAS MANUAIS DE CORTE, NÃO ACIONADAS POR FORÇA MOTRIZ","06084","DESEMPENADEIRA MANUAL","Desempenadeira Madeira Lisa 27x16cm",44663,"Media","UNIDADE","INTEGRAL","CUSTO SUPORTE - MATERIAL",null,3,14.34,43.02]
["BASE",454,24,"MATERIAL P/ MANUT.DE BENS IMOVEIS/INSTALACOES",51,"FERRAMENTAS MANUAIS",5110,"FERRAMENTAS MANUAIS DE CORTE, NÃO ACIONADAS POR FORÇA MOTRIZ","06084","DESEMPENADEIRA MANUAL","Desempenadeira Plástica sem Dentes. Comprimento: 240 mm x Largura: 140 mm. Similiar ou melhor qualidade a marca TRAMONTINA.",44663,"Media","UNIDADE","INTEGRAL","CUSTO SUPORTE - MATERIAL",null,3,24.94,74.819999999999993]
["BASE",455,24,"MATERIAL P/ MANUT.DE BENS IMOVEIS/INSTALACOES",91,"COMBUSTÍVEIS, LUBRIFICANTES, ÓLEOS E CERAS",9150,"ÓLEOS E GRAXAS PARA CORTE, LUBRIFICAÇÃO E SISTEMAS  HIDRÁULICOS","14780","DESENGRIMPANTE","Desengripante Spray. Para uso em: manutenção industrial, mecânica, lubrificar, proteger, limpar, eliminar umidade e penetrar. Com canudo extensor e válvula 180º exclusiva que permite o uso com a lata de cabeça para baixo. Conteúdo: 300 ml. Similar ou melhor qualidade a Marca WD-40",44663,"Media","UNIDADE","INTEGRAL","CUSTO SUPORTE - MATERIAL",null,15,15.87,238.05]
["BASE",456,24,"MATERIAL P/ MANUT.DE BENS IMOVEIS/INSTALACOES",53,"FERRAGENS E ABRASIVOS",5345,"DISCOS E PEDRAS ABRASIVOS","14901","DISCO CORTE","Disco 10” para serra esquadria 254mm com 100 dentes, com furação 25mm. Similar ou melhor qualidade a marca STANLEY.",44663,"Media","UNIDADE","INTEGRAL","CUSTO SUPORTE - MATERIAL",null,15,14.5,217.5]
["BASE",457,24,"MATERIAL P/ MANUT.DE BENS IMOVEIS/INSTALACOES",53,"FERRAGENS E ABRASIVOS",5345,"DISCOS E PEDRAS ABRASIVOS","14901","DISCO CORTE","Disco 10” para serra esquadria 254mm com 60 dentes, com furação 25mm. Similar ou melhor qualidade a marca STANLEY.",44663,"Media","UNIDADE","INTEGRAL","CUSTO SUPORTE - MATERIAL",null,5,184.9,924.5]
["BASE",458,24,"MATERIAL P/ MANUT.DE BENS IMOVEIS/INSTALACOES",53,"FERRAGENS E ABRASIVOS",5345,"DISCOS E PEDRAS ABRASIVOS","14901","DISCO CORTE","Disco 10” para serra esquadria 254mm com 80 dentes, com furação 25mm. Similar ou melhor qualidade a marca STANLEY.",44663,"Media","UNIDADE","INTEGRAL","CUSTO SUPORTE - MATERIAL",null,5,190,950]
["BASE",459,24,"MATERIAL P/ MANUT.DE BENS IMOVEIS/INSTALACOES",53,"FERRAGENS E ABRASIVOS",5345,"DISCOS E PEDRAS ABRASIVOS","14901","DISCO CORTE","Disco 3 em 1, Corte, Desbaste e Acabamento. Em Aço Inox, dimensões: 115 X 2,5 X 22,23mm. Similar ou melhor qualidade a marca BOSCH.",44663,"Media","UNIDADE","INTEGRAL","CUSTO SUPORTE - MATERIAL",null,15,22.28,334.2]
["BASE",460,24,"MATERIAL P/ MANUT.DE BENS IMOVEIS/INSTALACOES",53,"FERRAGENS E ABRASIVOS",5345,"DISCOS E PEDRAS ABRASIVOS","14901","DISCO CORTE","Disco de Corte 115 X 1,0 X 22,23mm Inox. Similar ou melhor qualidade a marca  BOSCH.",44663,"Media","UNIDADE","INTEGRAL","CUSTO SUPORTE - MATERIAL",null,15,28.2,423]
["BASE",461,24,"MATERIAL P/ MANUT.DE BENS IMOVEIS/INSTALACOES",53,"FERRAGENS E ABRASIVOS",5345,"DISCOS E PEDRAS ABRASIVOS","14901","DISCO CORTE","Disco de Corte 7\" X 1/16\" X 7/8\" Inox. Similar ou melhor qualidade a marca  BOSCH.",44663,"Media","UNIDADE","INTEGRAL","CUSTO SUPORTE - MATERIAL",null,15,28.2,423]
["BASE",462,24,"MATERIAL P/ MANUT.DE BENS IMOVEIS/INSTALACOES",53,"FERRAGENS E ABRASIVOS",5345,"DISCOS E PEDRAS ABRASIVOS","14901","DISCO CORTE","Disco de corte de Esmerilhadeira 4 1/2\", para madeira com pregos, madeira com resto de alvenaria, meteriais sintéticos, drywall, plástico, PVC, gesso e tubos de cobre. Acabamento: Aço, Carboneto de Tungstênio. Dimensões: 115 X 22,23mm. - Espessura do corte 1,2mm, 80m/s Rotação max: 13.300 min-1. Similar ou melhor qualidade a marca  BOSCH.",44663,"Media","UNIDADE","INTEGRAL","CUSTO SUPORTE - MATERIAL",null,30,6.47,194.1]
["BASE",463,24,"MATERIAL P/ MANUT.DE BENS IMOVEIS/INSTALACOES",53,"FERRAGENS E ABRASIVOS",5345,"DISCOS E PEDRAS ABRASIVOS","14901","DISCO CORTE","Disco de Corte Diamantado Turbo 110 x 20 mm. Indicado para uso em: granitos, mármores, pedras decorativas, alvenaria e telhas de fibrocimento. Rotação máxima: 15.000 rpm. Similar ou melhor qualidade a marca STARRETT",44663,"Media","UNIDADE","INTEGRAL","CUSTO SUPORTE - MATERIAL",null,30,11.69,350.7]
["BASE",464,24,"MATERIAL P/ MANUT.DE BENS IMOVEIS/INSTALACOES",53,"FERRAGENS E ABRASIVOS",5345,"DISCOS E PEDRAS ABRASIVOS","14901","DISCO CORTE","Disco de Corte Diamantado Turbo 115 x 22,23mm. Indicado para uso em: granitos, mármores, pedras decorativas, alvenaria e telhas de fibrocimento. Rotação máxima: 15.000 rpm. Similar ou melhor qualidade a marca STARRETT",44663,"Media","UNIDADE","INTEGRAL","CUSTO SUPORTE - MATERIAL",null,30,17.899999999999999,537]
["BASE",465,24,"MATERIAL P/ MANUT.DE BENS IMOVEIS/INSTALACOES",53,"FERRAGENS E ABRASIVOS",5345,"DISCOS E PEDRAS ABRASIVOS","14901","DISCO CORTE","Disco de Corte Multimateriais (menos madeira)  7\" X 1/16\"  X 7/8\". 80m/s Rotação max: 8.500 min-1. Similar ou melhor qualidade a marca  Bosch.",44663,"Media","UNIDADE","INTEGRAL","CUSTO SUPORTE - MATERIAL",null,23,40,920]
["BASE",466,24,"MATERIAL P/ MANUT.DE BENS IMOVEIS/INSTALACOES",53,"FERRAGENS E ABRASIVOS",5345,"DISCOS E PEDRAS ABRASIVOS","14901","DISCO CORTE","Disco de Corte Multimateriais (menos madeira) 115 X 1,00 X 22,23mm. 80m/s Rotação max: 13.800 min-1. Similar ou melhor qualidade a marca  Bosch",44663,"Media","UNIDADE","INTEGRAL","CUSTO SUPORTE - MATERIAL",null,23,43.48,1000.04]
["BASE",467,24,"MATERIAL P/ MANUT.DE BENS IMOVEIS/INSTALACOES",53,"FERRAGENS E ABRASIVOS",5345,"DISCOS E PEDRAS ABRASIVOS","00569","DISCO DESBASTE","Disco de Desbaste tipo Flap 4.1/2\" grana 120. Similar ou melhor qualidade a marca BOSCH.",44663,"Media","UNIDADE","INTEGRAL","CUSTO SUPORTE - MATERIAL",null,23,22.12,508.76]
["BASE",468,24,"MATERIAL P/ MANUT.DE BENS IMOVEIS/INSTALACOES",53,"FERRAGENS E ABRASIVOS",5345,"DISCOS E PEDRAS ABRASIVOS","00569","DISCO DESBASTE","Disco de Desbaste tipo Flap 4.1/2\" grana 40. Similar ou melhor qualidade a marca BOSCH.",44663,"Media","UNIDADE","INTEGRAL","CUSTO SUPORTE - MATERIAL",null,8,75.900000000000006,607.20000000000005]
["BASE",469,24,"MATERIAL P/ MANUT.DE BENS IMOVEIS/INSTALACOES",53,"FERRAGENS E ABRASIVOS",5345,"DISCOS E PEDRAS ABRASIVOS","00569","DISCO DESBASTE","Disco de Desbaste tipo Flap 4.1/2\" grana 60. Similar ou melhor qualidade a marca BOSCH.",44663,"Media","UNIDADE","INTEGRAL","CUSTO SUPORTE - MATERIAL",null,15,35.6,534]
["BASE",470,24,"MATERIAL P/ MANUT.DE BENS IMOVEIS/INSTALACOES",53,"FERRAGENS E ABRASIVOS",5345,"DISCOS E PEDRAS ABRASIVOS","00569","DISCO DESBASTE","Disco de Desbaste tipo Flap 4.1/2\" grana 80. Similar ou melhor qualidade a marca BOSCH.",44663,"Media","UNIDADE","INTEGRAL","CUSTO SUPORTE - MATERIAL",null,15,18.2,273]
["BASE",471,24,"MATERIAL P/ MANUT.DE BENS IMOVEIS/INSTALACOES",53,"FERRAGENS E ABRASIVOS",5345,"DISCOS E PEDRAS ABRASIVOS","00569","DISCO DESBASTE","Disco de Desbaste tipo Flap 7\" grana 120. Similar ou melhor qualidade a marca BOSCH.",44663,"Media","UNIDADE","INTEGRAL","CUSTO SUPORTE - MATERIAL",null,8,45,360]
["BASE",472,24,"MATERIAL P/ MANUT.DE BENS IMOVEIS/INSTALACOES",53,"FERRAGENS E ABRASIVOS",5345,"DISCOS E PEDRAS ABRASIVOS","00569","DISCO DESBASTE","Disco de Desbaste tipo Flap 7\" grana 40. Similar ou melhor qualidade a marca BOSCH.",44663,"Media","UNIDADE","INTEGRAL","CUSTO SUPORTE - MATERIAL",null,15,17.95,269.25]
["BASE",473,24,"MATERIAL P/ MANUT.DE BENS IMOVEIS/INSTALACOES",53,"FERRAGENS E ABRASIVOS",5345,"DISCOS E PEDRAS ABRASIVOS","00569","DISCO DESBASTE","Disco de Desbaste tipo Flap 7\" grana 60. Similar ou melhor qualidade a marca BOSCH.",44663,"Media","UNIDADE","INTEGRAL","CUSTO SUPORTE - MATERIAL",null,8,64.849999999999994,518.79999999999995]
["BASE",474,24,"MATERIAL P/ MANUT.DE BENS IMOVEIS/INSTALACOES",53,"FERRAGENS E ABRASIVOS",5345,"DISCOS E PEDRAS ABRASIVOS","00569","DISCO DESBASTE","Disco de Desbaste tipo Flap 7\" grana 80. Similar ou melhor qualidade a marca BOSCH.",44663,"Media","UNIDADE","INTEGRAL","CUSTO SUPORTE - MATERIAL",null,5,32,160]
["BASE",475,24,"MATERIAL P/ MANUT.DE BENS IMOVEIS/INSTALACOES",51,"FERRAMENTAS MANUAIS",5130,"FERRAMENTAS MANUAIS ACIONADAS POR FORÇA MOTRIZ","16083","ESMERILHADEIRA","Disco de Esquadrejadeira 250mm furação 25mm com 80 dentes para mdf.",44663,"Media","UNIDADE","INTEGRAL","CUSTO SUPORTE - MATERIAL",null,3,169.55,508.65]
["BASE",476,24,"MATERIAL P/ MANUT.DE BENS IMOVEIS/INSTALACOES",51,"FERRAMENTAS MANUAIS",5130,"FERRAMENTAS MANUAIS ACIONADAS POR FORÇA MOTRIZ","16083","ESMERILHADEIRA","Disco de Esquadrejadeira 300mm furação 30mm com 60 dentes para mdf.",44663,"Media","UNIDADE","INTEGRAL","CUSTO SUPORTE - MATERIAL",null,3,189.38,568.14]
["BASE",477,24,"MATERIAL P/ MANUT.DE BENS IMOVEIS/INSTALACOES",51,"FERRAMENTAS MANUAIS",5130,"FERRAMENTAS MANUAIS ACIONADAS POR FORÇA MOTRIZ","16083","ESMERILHADEIRA","Disco de Esquadrejadeira 300mm furação 30mm com 80 dentes para mdf.",44663,"Media","UNIDADE","INTEGRAL","CUSTO SUPORTE - MATERIAL",null,3,208.91,626.73]
["BASE",478,24,"MATERIAL P/ MANUT.DE BENS IMOVEIS/INSTALACOES",53,"FERRAGENS E ABRASIVOS",5345,"DISCOS E PEDRAS ABRASIVOS","14901","DISCO CORTE","Disco de Pedra de Esmeril para uso geral",44663,"Media","UNIDADE","INTEGRAL","CUSTO SUPORTE - MATERIAL",null,10,14.56,145.6]
["BASE",479,24,"MATERIAL P/ MANUT.DE BENS IMOVEIS/INSTALACOES",53,"FERRAGENS E ABRASIVOS",5345,"DISCOS E PEDRAS ABRASIVOS","14901","DISCO CORTE","Disco de Serra 4.3/8\"x20mm especial serra mármore madeira. Composição com grãos de carbureto de tungstênio. Similar ou melhor qualidade a marca BOSCH",44663,"Media","UNIDADE","INTEGRAL","CUSTO SUPORTE - MATERIAL",null,8,28.78,230.24]
["BASE",480,24,"MATERIAL P/ MANUT.DE BENS IMOVEIS/INSTALACOES",53,"FERRAGENS E ABRASIVOS",5345,"DISCOS E PEDRAS ABRASIVOS","14901","DISCO CORTE","Disco de Serra Mármore. Tamanho 110mm x 20mm. Similar ou melhor qualidade a marca BOSCH.",44663,"Media","UNIDADE","INTEGRAL","CUSTO SUPORTE - MATERIAL",null,10,12.26,122.6]
["BASE",481,24,"MATERIAL P/ MANUT.DE BENS IMOVEIS/INSTALACOES",53,"FERRAGENS E ABRASIVOS",5345,"DISCOS E PEDRAS ABRASIVOS","00568","DISCO DIAMANTADO","Disco Diamantado FPP – Continuo para porcelanato. Tamanho 110mmx20mm. Similar ou melhor qualidade a marca BOSCH.",44663,"Media","UNIDADE","INTEGRAL","CUSTO SUPORTE - MATERIAL",null,8,33.29,266.32]
["BASE",482,24,"MATERIAL P/ MANUT.DE BENS IMOVEIS/INSTALACOES",53,"FERRAGENS E ABRASIVOS",5345,"DISCOS E PEDRAS ABRASIVOS","00568","DISCO DIAMANTADO","Disco Diamantado para Porcelanato Liso 110 mm. 80m/s Rotação max: 13.800 min-1. Diâmetro do furo: 20mm. Similar ou melhor qualidade a marca BOSCH.",44663,"Media","UNIDADE","INTEGRAL","CUSTO SUPORTE - MATERIAL",null,5,31.66,158.30000000000001]
["BASE",483,24,"MATERIAL P/ MANUT.DE BENS IMOVEIS/INSTALACOES",53,"FERRAGENS E ABRASIVOS",5345,"DISCOS E PEDRAS ABRASIVOS","00568","DISCO DIAMANTADO","Disco Diamantado segmentado seco – 105mm x 20mm marmore/ concreto alvenaria",44663,"Media","UNIDADE","INTEGRAL","CUSTO SUPORTE - MATERIAL",null,10,6.26,62.6]
["BASE",484,24,"MATERIAL P/ MANUT.DE BENS IMOVEIS/INSTALACOES",53,"FERRAGENS E ABRASIVOS",5345,"DISCOS E PEDRAS ABRASIVOS","14901","DISCO CORTE","Disco para Serra Circular 7 ¼”  184 x 20/ 16mm 5/8” 40 dentes de widea.",44663,"Media","UNIDADE","INTEGRAL","CUSTO SUPORTE - MATERIAL",null,5,30.68,153.4]
["BASE",485,24,"MATERIAL P/ MANUT.DE BENS IMOVEIS/INSTALACOES",53,"FERRAGENS E ABRASIVOS",5345,"DISCOS E PEDRAS ABRASIVOS","14901","DISCO CORTE","Disco Suporte para o disco de lixa de 4.1/2, rotação máxima 12.000 rpm, flexível com perfil alto, confeccionado em borracha, 4 1/2 – 114mm.",44663,"Media","UNIDADE","INTEGRAL","CUSTO SUPORTE - MATERIAL",null,7,21.91,153.37]
["BASE",486,24,"MATERIAL P/ MANUT.DE BENS IMOVEIS/INSTALACOES",56,"MATERIAIS PARA CONSTRUÇÃO",5680,"MATERIAIS DIVERSOS PARA CONSTRUÇÃO","11351","PVC - FORRO / REVESTIMENTO","Emenda “H” para forro PVC Rígida Branco 6m",44663,"Media","UNIDADE","INTEGRAL","CUSTO SUPORTE - MATERIAL",null,3,72.12,216.36]
["BASE",487,24,"MATERIAL P/ MANUT.DE BENS IMOVEIS/INSTALACOES",51,"FERRAMENTAS MANUAIS",5110,"FERRAMENTAS MANUAIS DE CORTE, NÃO ACIONADAS POR FORÇA MOTRIZ","06595","ENXADA","Enxada de Aço Carbono Temperada, com cabo em madeira.",44663,"Media","UNIDADE","INTEGRAL","CUSTO SUPORTE - MATERIAL",null,5,57.86,289.3]
["BASE",488,24,"MATERIAL P/ MANUT.DE BENS IMOVEIS/INSTALACOES",42,"EQUIPAMENTO PARA COMBATE A INCÊNDIO, RESGATE E SEGURANÇA",4240,"EQUIPAMENTO PARA SEGURANÇA E SALVAMENTO","06883","ESCADA EXTENSÍVEL","Escada de Alumínio Extensível 2 lados com 16 à 20 degraus. Alcance de 4,50m à 5m. Similar ou melhor qualidade a marca MOR.",44663,"Media","UNIDADE","INTEGRAL","CUSTO SUPORTE - MATERIAL",null,3,131.68,395.04]
["BASE",489,24,"MATERIAL P/ MANUT.DE BENS IMOVEIS/INSTALACOES",42,"EQUIPAMENTO PARA COMBATE A INCÊNDIO, RESGATE E SEGURANÇA",4240,"EQUIPAMENTO PARA SEGURANÇA E SALVAMENTO","06883","ESCADA EXTENSÍVEL","Escada Doméstica 6 degraus. Material em alumínio. Capacidade 120Kg. Conforme portaria do INMETRO N° 615 e 616. Similar ou melhor qualidade a marca MOR.",44663,"Media","UNIDADE","INTEGRAL","CUSTO SUPORTE - MATERIAL",null,2,3.44,6.88]
["BASE",490,24,"MATERIAL P/ MANUT.DE BENS IMOVEIS/INSTALACOES",51,"FERRAMENTAS MANUAIS",5120,"FERRAMENTAS MANUAIS SEM CORTE, NÃO ACIONADAS  POR  FORÇA  MOTRIZ","14036","ESPÁTULA","Escapula para bucha 10 com 100 Pçs.",44663,"Media","UNIDADE","INTEGRAL","CUSTO SUPORTE - MATERIAL",null,3,3.44,10.32]
["BASE",491,24,"MATERIAL P/ MANUT.DE BENS IMOVEIS/INSTALACOES",51,"FERRAMENTAS MANUAIS",5120,"FERRAMENTAS MANUAIS SEM CORTE, NÃO ACIONADAS  POR  FORÇA  MOTRIZ","14036","ESPÁTULA","Escapula para bucha 6 com 100 Pçs.",44663,"Media","UNIDADE","INTEGRAL","CUSTO SUPORTE - MATERIAL",null,3,23.04,69.12]
["BASE",492,24,"MATERIAL P/ MANUT.DE BENS IMOVEIS/INSTALACOES",51,"FERRAMENTAS MANUAIS",5120,"FERRAMENTAS MANUAIS SEM CORTE, NÃO ACIONADAS  POR  FORÇA  MOTRIZ","14036","ESPÁTULA","Escapula para bucha 8 com 100 Pçs.",44663,"Media","UNIDADE","INTEGRAL","CUSTO SUPORTE - MATERIAL",null,1,39.32,39.32]
["BASE",493,24,"MATERIAL P/ MANUT.DE BENS IMOVEIS/INSTALACOES",51,"FERRAMENTAS MANUAIS",5120,"FERRAMENTAS MANUAIS SEM CORTE, NÃO ACIONADAS  POR  FORÇA  MOTRIZ","15387","ESCOVA","Escova de Aço circular 75 mm tipo  Copo  Arame de Aço Latonado Ondulado M14.",44663,"Media","UNIDADE","INTEGRAL","CUSTO SUPORTE - MATERIAL",null,5,13.76,68.8]
["BASE",494,24,"MATERIAL P/ MANUT.DE BENS IMOVEIS/INSTALACOES",51,"FERRAMENTAS MANUAIS",5120,"FERRAMENTAS MANUAIS SEM CORTE, NÃO ACIONADAS  POR  FORÇA  MOTRIZ","15387","ESCOVA","Escova de Aço para esmeril em aço 6 x ¾ x ½.",44663,"Media","UNIDADE","INTEGRAL","CUSTO SUPORTE - MATERIAL",null,5,22.5,112.5]
["BASE",495,24,"MATERIAL P/ MANUT.DE BENS IMOVEIS/INSTALACOES",51,"FERRAMENTAS MANUAIS",5120,"FERRAMENTAS MANUAIS SEM CORTE, NÃO ACIONADAS  POR  FORÇA  MOTRIZ","15387","ESCOVA","Escova de Aço para esmeril em latão 6 x ¾ x ½.",44663,"Media","UNIDADE","INTEGRAL","CUSTO SUPORTE - MATERIAL",null,5,28.21,141.05000000000001]
["BASE",496,24,"MATERIAL P/ MANUT.DE BENS IMOVEIS/INSTALACOES",51,"FERRAMENTAS MANUAIS",5120,"FERRAMENTAS MANUAIS SEM CORTE, NÃO ACIONADAS  POR  FORÇA  MOTRIZ","15387","ESCOVA","Escova de Aço para remoção de ferrugem e pintura com cabo plástico ergonômico e 4 fileiras de cerdas em aço.",44663,"Media","UNIDADE","INTEGRAL","CUSTO SUPORTE - MATERIAL",null,10,7.31,73.099999999999994]
["BASE",497,24,"MATERIAL P/ MANUT.DE BENS IMOVEIS/INSTALACOES",56,"MATERIAIS PARA CONSTRUÇÃO",5680,"MATERIAIS DIVERSOS PARA CONSTRUÇÃO","11106","MATERIAL PARA MANUTENÇÃO BENS IMÓVEIS","Espaçador n2,5mm p/ nivelador piso porcelanato cerâmica.",44663,"Media","UNIDADE","INTEGRAL","CUSTO SUPORTE - MATERIAL",null,5,30.68,153.4]
["BASE",498,24,"MATERIAL P/ MANUT.DE BENS IMOVEIS/INSTALACOES",56,"MATERIAIS PARA CONSTRUÇÃO",5680,"MATERIAIS DIVERSOS PARA CONSTRUÇÃO","11106","MATERIAL PARA MANUTENÇÃO BENS IMÓVEIS","Espaçador Piso/Azulejo 3mm com 100 unidades.",44663,"Media","UNIDADE","INTEGRAL","CUSTO SUPORTE - MATERIAL",null,2,17.899999999999999,35.799999999999997]
["BASE",499,24,"MATERIAL P/ MANUT.DE BENS IMOVEIS/INSTALACOES",56,"MATERIAIS PARA CONSTRUÇÃO",5680,"MATERIAIS DIVERSOS PARA CONSTRUÇÃO","11106","MATERIAL PARA MANUTENÇÃO BENS IMÓVEIS","Espaçador Piso/Azulejo 5mm com 100 unidades.",44663,"Media","UNIDADE","INTEGRAL","CUSTO SUPORTE - MATERIAL",null,2,5.84,11.68]
["BASE",500,24,"MATERIAL P/ MANUT.DE BENS IMOVEIS/INSTALACOES",51,"FERRAMENTAS MANUAIS",5120,"FERRAMENTAS MANUAIS SEM CORTE, NÃO ACIONADAS  POR  FORÇA  MOTRIZ","14036","ESPÁTULA","Espatula de Aço com cabo plástico. Tamanho: 2” ou 50mm. Similar ou melhor qualidade a marca VONDER.",44663,"Media","UNIDADE","INTEGRAL","CUSTO SUPORTE - MATERIAL",null,5,14.9,74.5]
["BASE",501,24,"MATERIAL P/ MANUT.DE BENS IMOVEIS/INSTALACOES",51,"FERRAMENTAS MANUAIS",5120,"FERRAMENTAS MANUAIS SEM CORTE, NÃO ACIONADAS  POR  FORÇA  MOTRIZ","14036","ESPÁTULA","Espatula de Aço com cabo plástico. Tamanho: 4” ou 100mm. Similar ou melhor qualidade a marca VONDER.",44663,"Media","UNIDADE","INTEGRAL","CUSTO SUPORTE - MATERIAL",null,5,20,100]
["BASE",502,24,"MATERIAL P/ MANUT.DE BENS IMOVEIS/INSTALACOES",51,"FERRAMENTAS MANUAIS",5120,"FERRAMENTAS MANUAIS SEM CORTE, NÃO ACIONADAS  POR  FORÇA  MOTRIZ","14036","ESPÁTULA","Espátula, material lâmina metal, material cabo plástico PVC, tamanho 10cm, aplicação massa e raspagem.",44663,"Media","UNIDADE","INTEGRAL","CUSTO SUPORTE - MATERIAL",null,5,7.79,38.950000000000003]
["BASE",503,24,"MATERIAL P/ MANUT.DE BENS IMOVEIS/INSTALACOES",51,"FERRAMENTAS MANUAIS",5120,"FERRAMENTAS MANUAIS SEM CORTE, NÃO ACIONADAS  POR  FORÇA  MOTRIZ","14036","ESPÁTULA","Espátula, material lâmina metal, material cabo plástico PVC, tamanho 4cm, aplicação massa e raspagem.",44663,"Media","UNIDADE","INTEGRAL","CUSTO SUPORTE - MATERIAL",null,5,4.4000000000000004,22]
["BASE",504,24,"MATERIAL P/ MANUT.DE BENS IMOVEIS/INSTALACOES",51,"FERRAMENTAS MANUAIS",5120,"FERRAMENTAS MANUAIS SEM CORTE, NÃO ACIONADAS  POR  FORÇA  MOTRIZ","14036","ESPÁTULA","Espátula, material lâmina metal, material cabo plástico PVC, tamanho 6cm, aplicação massa e raspagem.",44663,"Media","UNIDADE","INTEGRAL","CUSTO SUPORTE - MATERIAL",null,5,15,75]
["BASE",505,24,"MATERIAL P/ MANUT.DE BENS IMOVEIS/INSTALACOES",51,"FERRAMENTAS MANUAIS",5120,"FERRAMENTAS MANUAIS SEM CORTE, NÃO ACIONADAS  POR  FORÇA  MOTRIZ","14036","ESPÁTULA","Espátula, material lâmina metal, material cabo plástico, tamanho entre 10cm, aplicação massa e raspagem.",44663,"Media","UNIDADE","INTEGRAL","CUSTO SUPORTE - MATERIAL",null,5,4.18,20.9]
["BASE",506,24,"MATERIAL P/ MANUT.DE BENS IMOVEIS/INSTALACOES",51,"FERRAMENTAS MANUAIS",5120,"FERRAMENTAS MANUAIS SEM CORTE, NÃO ACIONADAS  POR  FORÇA  MOTRIZ","14036","ESPÁTULA","Espátula: material lâmina metal, material cabo plástico, tamanho 04cm, aplicação massa e raspagem.",44663,"Media","UNIDADE","INTEGRAL","CUSTO SUPORTE - MATERIAL",null,5,15.31,76.55]
["BASE",507,24,"MATERIAL P/ MANUT.DE BENS IMOVEIS/INSTALACOES",51,"FERRAMENTAS MANUAIS",5120,"FERRAMENTAS MANUAIS SEM CORTE, NÃO ACIONADAS  POR  FORÇA  MOTRIZ","14036","ESPÁTULA","Espátula: material lâmina metal, material cabo plástico, tamanho 12cm. Para aplicação massa e raspagem.",44663,"Media","UNIDADE","INTEGRAL","CUSTO SUPORTE - MATERIAL",null,5,7.79,38.950000000000003]
["BASE",508,24,"MATERIAL P/ MANUT.DE BENS IMOVEIS/INSTALACOES",51,"FERRAMENTAS MANUAIS",5120,"FERRAMENTAS MANUAIS SEM CORTE, NÃO ACIONADAS  POR  FORÇA  MOTRIZ","14036","ESPÁTULA","Espelho 4mm.",44663,"Media","UNIDADE","INTEGRAL","CUSTO SUPORTE - MATERIAL",null,5,333.89,1669.45]
["BASE",509,24,"MATERIAL P/ MANUT.DE BENS IMOVEIS/INSTALACOES",56,"MATERIAIS PARA CONSTRUÇÃO",5650,"MATERIAIS PARA TELHADOS E REVESTIMENTO DE PAREDES","00813","TELHA","Espigão aba plana reta eternit 20º 6mm.",44663,"Media","UNIDADE","INTEGRAL","CUSTO SUPORTE - MATERIAL",null,5,24.69,123.45]
["BASE",510,24,"MATERIAL P/ MANUT.DE BENS IMOVEIS/INSTALACOES",56,"MATERIAIS PARA CONSTRUÇÃO",5680,"MATERIAIS DIVERSOS PARA CONSTRUÇÃO","11106","MATERIAL PARA MANUTENÇÃO BENS IMÓVEIS","Espuma Expansiva para enchimento, isolamento e vedação de lacunas, fendas e aberturas no interior e exterior de edifícios. Conteúdo: 720 gramas. Similar ou melhor Qualidade a marca TYTAN.",44663,"Media","UNIDADE","INTEGRAL","CUSTO SUPORTE - MATERIAL",null,5,45.47,227.35]
["BASE",511,24,"MATERIAL P/ MANUT.DE BENS IMOVEIS/INSTALACOES",51,"FERRAMENTAS MANUAIS",5120,"FERRAMENTAS MANUAIS SEM CORTE, NÃO ACIONADAS  POR  FORÇA  MOTRIZ","04939","FERRAMENTA","Esquadro profissional de alumínio, Largura 12” com escala em milímetro e polegada, calibragem 90º e 45º.",44663,"Media","UNIDADE","INTEGRAL","CUSTO SUPORTE - MATERIAL",null,5,62.23,311.14999999999998]
["BASE",512,24,"MATERIAL P/ MANUT.DE BENS IMOVEIS/INSTALACOES",53,"FERRAGENS E ABRASIVOS",5340,"FERRAGENS DIVERSAS","00566","FECHADURA","Fechadura Aço Inox 18mm para Porta de Correr 901 Similar ou melhor qualidade a marca: STAM.",44663,"Media","UNIDADE","INTEGRAL","CUSTO SUPORTE - MATERIAL",null,5,45.47,227.35]
["BASE",513,24,"MATERIAL P/ MANUT.DE BENS IMOVEIS/INSTALACOES",53,"FERRAGENS E ABRASIVOS",5340,"FERRAGENS DIVERSAS","00566","FECHADURA","Fechadura Externa para porta de ferro em Aço Inox e Latão 601-602/03. Similar ou melhor qualidade STAM.",44663,"Media","UNIDADE","INTEGRAL","CUSTO SUPORTE - MATERIAL",null,5,41.38,206.9]
["BASE",514,24,"MATERIAL P/ MANUT.DE BENS IMOVEIS/INSTALACOES",53,"FERRAGENS E ABRASIVOS",5340,"FERRAGENS DIVERSAS","00566","FECHADURA","Fechadura Externa roseta em aço 55mm. Cor alumínio. Com máquina.",44663,"Media","UNIDADE","INTEGRAL","CUSTO SUPORTE - MATERIAL",null,5,66.150000000000006,330.75]
["BASE",515,24,"MATERIAL P/ MANUT.DE BENS IMOVEIS/INSTALACOES",53,"FERRAGENS E ABRASIVOS",5340,"FERRAGENS DIVERSAS","00566","FECHADURA","Fechadura Externa Tetra fort. Completa com maçaneta tipo alavanca. Cor Cromado ou alumínio. Conjunto máquina: 40mm, Material Aço e Latão. Similar ou melhor qualidade a marca Aliança. Com duas ou três chaves.",44663,"Media","UNIDADE","INTEGRAL","CUSTO SUPORTE - MATERIAL",null,5,103.65,518.25]
["BASE",516,24,"MATERIAL P/ MANUT.DE BENS IMOVEIS/INSTALACOES",53,"FERRAGENS E ABRASIVOS",5340,"FERRAGENS DIVERSAS","00566","FECHADURA","Fechadura externa tetra fort. Completa com maçaneta tipo alavanca. Cor Cromado ou alumínio. Conjunto máquina: 55mm, Material Aço e Latão. Similar ou melhor qualidade a marca Aliança. Com duas ou três chaves.",44663,"Media","UNIDADE","INTEGRAL","CUSTO SUPORTE - MATERIAL",null,5,76,380]
["BASE",517,24,"MATERIAL P/ MANUT.DE BENS IMOVEIS/INSTALACOES",53,"FERRAGENS E ABRASIVOS",5340,"FERRAGENS DIVERSAS","00566","FECHADURA","Fechadura Externa Tetra Roseta, completa em aço 55mm, cor alumínio. Com máquina.",44663,"Media","UNIDADE","INTEGRAL","CUSTO SUPORTE - MATERIAL",null,5,93.27,466.35]
["BASE",518,24,"MATERIAL P/ MANUT.DE BENS IMOVEIS/INSTALACOES",53,"FERRAGENS E ABRASIVOS",5340,"FERRAGENS DIVERSAS","00566","FECHADURA","Fechadura Externa Tetra. Espelho 40mm completa, Inox, com máquina.",44663,"Media","UNIDADE","INTEGRAL","CUSTO SUPORTE - MATERIAL",null,5,159.99,799.95]
["BASE",519,24,"MATERIAL P/ MANUT.DE BENS IMOVEIS/INSTALACOES",53,"FERRAGENS E ABRASIVOS",5340,"FERRAGENS DIVERSAS","00566","FECHADURA","Fechadura interna completa, em aço com espelho cromada acetinada 55mm com máquina.",44663,"Media","UNIDADE","INTEGRAL","CUSTO SUPORTE - MATERIAL",null,5,175.04,875.2]
["BASE",520,24,"MATERIAL P/ MANUT.DE BENS IMOVEIS/INSTALACOES",53,"FERRAGENS E ABRASIVOS",5340,"FERRAGENS DIVERSAS","00566","FECHADURA","Fechadura interna para banheiro com maçaneta tipo alavanca em alumínio e espelho em aço inoxidável. Dimensão da Máquina da Fechadura 40 mm.",44663,"Media","UNIDADE","INTEGRAL","CUSTO SUPORTE - MATERIAL",null,5,58.9,294.5]
["BASE",521,24,"MATERIAL P/ MANUT.DE BENS IMOVEIS/INSTALACOES",53,"FERRAGENS E ABRASIVOS",5340,"FERRAGENS DIVERSAS","00566","FECHADURA","Fechadura Interna para porta de ferro em Aço Inox e Latão 601-602/03. Similar ou melhor qualidade Stam.",44663,"Media","UNIDADE","INTEGRAL","CUSTO SUPORTE - MATERIAL",null,5,50.1,250.5]
["BASE",522,24,"MATERIAL P/ MANUT.DE BENS IMOVEIS/INSTALACOES",53,"FERRAGENS E ABRASIVOS",5340,"FERRAGENS DIVERSAS","00566","FECHADURA","Fechadura Interna roseta completa em aço 40mm cor alumínio. Com máquina.",44663,"Media","UNIDADE","INTEGRAL","CUSTO SUPORTE - MATERIAL",null,5,77.62,388.1]
["BASE",523,24,"MATERIAL P/ MANUT.DE BENS IMOVEIS/INSTALACOES",53,"FERRAGENS E ABRASIVOS",5340,"FERRAGENS DIVERSAS","00566","FECHADURA","Fechadura Interna roseta completa, aço 55mm cor alumínio. Com Máquina.",44663,"Media","UNIDADE","INTEGRAL","CUSTO SUPORTE - MATERIAL",null,5,36.950000000000003,184.75]
["BASE",524,24,"MATERIAL P/ MANUT.DE BENS IMOVEIS/INSTALACOES",53,"FERRAGENS E ABRASIVOS",5340,"FERRAGENS DIVERSAS","00566","FECHADURA","Fechadura para Gaveta de 32mm.",44663,"Media","UNIDADE","INTEGRAL","CUSTO SUPORTE - MATERIAL",null,8,12.68,101.44]
["BASE",525,24,"MATERIAL P/ MANUT.DE BENS IMOVEIS/INSTALACOES",53,"FERRAGENS E ABRASIVOS",5340,"FERRAGENS DIVERSAS","00566","FECHADURA","Fechadura Sobrepor para Portão, 100mm. Similar ou melhor qualidade a marca: STAM.",44663,"Media","UNIDADE","INTEGRAL","CUSTO SUPORTE - MATERIAL",null,5,72.900000000000006,364.5]
["BASE",526,24,"MATERIAL P/ MANUT.DE BENS IMOVEIS/INSTALACOES",75,"UTENSÍLIOS DE ESCRITÓRIO E MATERIAL DE EXPEDIENTE",7510,"ARTIGOS PARA ESCRITÓRIO","14929","FITA","Fita Adesiva de Demarcação de Solo 48mm X 30m. Na cor indicada pelo órgão solicitante.",44663,"Media","UNIDADE","INTEGRAL","CUSTO SUPORTE - MATERIAL",null,5,24.9,124.5]
["BASE",527,24,"MATERIAL P/ MANUT.DE BENS IMOVEIS/INSTALACOES",75,"UTENSÍLIOS DE ESCRITÓRIO E MATERIAL DE EXPEDIENTE",7510,"ARTIGOS PARA ESCRITÓRIO","14929","FITA","Fita adesiva Silver Tape Multi Uso. Alta resistência a água. Material de polietileno com trançado de tecido de algodão  Tamanho: 45mm x 5 metros. Cor: prata.",44663,"Media","UNIDADE","INTEGRAL","CUSTO SUPORTE - MATERIAL",null,5,41.5,207.5]
["BASE",528,24,"MATERIAL P/ MANUT.DE BENS IMOVEIS/INSTALACOES",75,"UTENSÍLIOS DE ESCRITÓRIO E MATERIAL DE EXPEDIENTE",7510,"ARTIGOS PARA ESCRITÓRIO","14929","FITA","Fita Adesiva Transparente Dupla Face Extra Forte 19mm x 5 metros.",44663,"Media","UNIDADE","INTEGRAL","CUSTO SUPORTE - MATERIAL",null,5,43.7,218.5]
["BASE",529,24,"MATERIAL P/ MANUT.DE BENS IMOVEIS/INSTALACOES",75,"UTENSÍLIOS DE ESCRITÓRIO E MATERIAL DE EXPEDIENTE",7510,"ARTIGOS PARA ESCRITÓRIO","14929","FITA","Fita ancoragem com olhal em aço passante 22KN com 200cm. Olhais em aço carbono. Fita em poliéster de alta resistência 50mm. Carga de trabalho máxima: 200Kg.",44663,"Media","UNIDADE","INTEGRAL","CUSTO SUPORTE - MATERIAL",null,4,27.9,111.6]
["BASE",530,24,"MATERIAL P/ MANUT.DE BENS IMOVEIS/INSTALACOES",75,"UTENSÍLIOS DE ESCRITÓRIO E MATERIAL DE EXPEDIENTE",7510,"ARTIGOS PARA ESCRITÓRIO","14929","FITA","Fita Antiderrapante 50mm x5m cor: Cinza. Similar ou melhor qualidade a marca VONDER.",44663,"Media","UNIDADE","INTEGRAL","CUSTO SUPORTE - MATERIAL",null,5,28.9,144.5]
["BASE",531,24,"MATERIAL P/ MANUT.DE BENS IMOVEIS/INSTALACOES",75,"UTENSÍLIOS DE ESCRITÓRIO E MATERIAL DE EXPEDIENTE",7510,"ARTIGOS PARA ESCRITÓRIO","14929","FITA","Fita zebrada para isolamento de área. Tamanho: 70mx200m.",44663,"Media","UNIDADE","INTEGRAL","CUSTO SUPORTE - MATERIAL",null,10,12.5,125]
["BASE",532,24,"MATERIAL P/ MANUT.DE BENS IMOVEIS/INSTALACOES",80,"PINCÉIS, TINTAS, VEDANTES E ADESIVOS",8030,"COMPOSTOS PRESERVATIVOS E VEDANTES","09119","MANTA ASFÁLTICA","Manta Asfáltica Auto Adesiva Aluminizada - 30cm X 10m.",44663,"Media","UNIDADE","INTEGRAL","CUSTO SUPORTE - MATERIAL",null,4,53.9,215.6]
["BASE",533,24,"MATERIAL P/ MANUT.DE BENS IMOVEIS/INSTALACOES",51,"FERRAMENTAS MANUAIS",5120,"FERRAMENTAS MANUAIS SEM CORTE, NÃO ACIONADAS  POR  FORÇA  MOTRIZ","09390","MARRETA","Marreta, material borracha, material com cabo de madeira, peso 500g, características adicionais face dupla, comprimento de 22cm à 25cm.",44663,"Media","UNIDADE","INTEGRAL","CUSTO SUPORTE - MATERIAL",null,8,36.92,295.36]
["BASE",534,24,"MATERIAL P/ MANUT.DE BENS IMOVEIS/INSTALACOES",51,"FERRAMENTAS MANUAIS",5120,"FERRAMENTAS MANUAIS SEM CORTE, NÃO ACIONADAS  POR  FORÇA  MOTRIZ","09390","MARRETA","Marreta, material ferro, material cabo madeira, peso 2 kg.",44663,"Media","UNIDADE","INTEGRAL","CUSTO SUPORTE - MATERIAL",null,5,36,180]
["BASE",535,24,"MATERIAL P/ MANUT.DE BENS IMOVEIS/INSTALACOES",51,"FERRAMENTAS MANUAIS",5120,"FERRAMENTAS MANUAIS SEM CORTE, NÃO ACIONADAS  POR  FORÇA  MOTRIZ","09390","MARRETA","Marreta, material ferro, material cabo madeira, peso 5 kg.",44663,"Media","UNIDADE","INTEGRAL","CUSTO SUPORTE - MATERIAL",null,5,69,345]
["BASE",536,24,"MATERIAL P/ MANUT.DE BENS IMOVEIS/INSTALACOES",51,"FERRAMENTAS MANUAIS",5120,"FERRAMENTAS MANUAIS SEM CORTE, NÃO ACIONADAS  POR  FORÇA  MOTRIZ","16217","MARTELO","Martelo de unha tipo curvo, 27mm. Cabo de fibra emborrachado para maior firmeza no uso. Similar ou melhor qualidade a marca LEETOOLS.",44663,"Media","UNIDADE","INTEGRAL","CUSTO SUPORTE - MATERIAL",null,10,31,310]
["BASE",537,24,"MATERIAL P/ MANUT.DE BENS IMOVEIS/INSTALACOES",42,"EQUIPAMENTO PARA COMBATE A INCÊNDIO, RESGATE E SEGURANÇA",4240,"EQUIPAMENTO PARA SEGURANÇA E SALVAMENTO","02740","MÁSCARA AUTÔNOMA","Máscara de solda eletrônica ajustável com tonalidade de funcionamento: 9 a 13.  - Tempo de ativação escuro/claro: ajustável 0,1 a 0,9s.  Similar ou melhor qualidade a gw 913. com garantia de 12 meses.",44663,"Media","UNIDADE","INTEGRAL","CUSTO SUPORTE - MATERIAL",null,3,119.9,359.7]
["BASE",538,24,"MATERIAL P/ MANUT.DE BENS IMOVEIS/INSTALACOES",56,"MATERIAIS PARA CONSTRUÇÃO",5680,"MATERIAIS DIVERSOS PARA CONSTRUÇÃO","11106","MATERIAL PARA MANUTENÇÃO BENS IMÓVEIS","Massa para vidro de fácil aplicação. Para ser usado em qualquer tipo de vidro. De alta durabilidade.",44663,"Media","UNIDADE","INTEGRAL","CUSTO SUPORTE - MATERIAL",null,8,33.9,271.2]
["BASE",539,24,"MATERIAL P/ MANUT.DE BENS IMOVEIS/INSTALACOES",56,"MATERIAIS PARA CONSTRUÇÃO",5680,"MATERIAIS DIVERSOS PARA CONSTRUÇÃO","11106","MATERIAL PARA MANUTENÇÃO BENS IMÓVEIS","Massa plástica com catalizador. Cor: Branco. Indicação: para corrigir imperfeições na funilaria superfícies metálicas e colagem de peças na marmoraria e inox. Conteúdo da embalagem: 1Kg",44663,"Media","UNIDADE","INTEGRAL","CUSTO SUPORTE - MATERIAL",null,5,9.69,48.45]
["BASE",540,24,"MATERIAL P/ MANUT.DE BENS IMOVEIS/INSTALACOES",56,"MATERIAIS PARA CONSTRUÇÃO",5680,"MATERIAIS DIVERSOS PARA CONSTRUÇÃO","11106","MATERIAL PARA MANUTENÇÃO BENS IMÓVEIS","Massa Pronta Interno e Externo Cinza 20kg",44663,"Media","UNIDADE","INTEGRAL","CUSTO SUPORTE - MATERIAL",null,5,11.76,58.8]
["BASE",541,24,"MATERIAL P/ MANUT.DE BENS IMOVEIS/INSTALACOES",56,"MATERIAIS PARA CONSTRUÇÃO",5680,"MATERIAIS DIVERSOS PARA CONSTRUÇÃO","11351","PVC - FORRO / REVESTIMENTO","Moldura meia cana em PVC para forro cor: branco gelo. similar ou melhor qualidade a marca Polifort 4m.",44663,"Media","UNIDADE","INTEGRAL","CUSTO SUPORTE - MATERIAL",null,5,23.6,118]
["BASE",542,24,"MATERIAL P/ MANUT.DE BENS IMOVEIS/INSTALACOES",51,"FERRAMENTAS MANUAIS",5120,"FERRAMENTAS MANUAIS SEM CORTE, NÃO ACIONADAS  POR  FORÇA  MOTRIZ","04939","FERRAMENTA","Mosquetão oval aço trava rosca 25kn.",44663,"Media","UNIDADE","INTEGRAL","CUSTO SUPORTE - MATERIAL",null,4,22.9,91.6]
["BASE",543,24,"MATERIAL P/ MANUT.DE BENS IMOVEIS/INSTALACOES",51,"FERRAMENTAS MANUAIS",5120,"FERRAMENTAS MANUAIS SEM CORTE, NÃO ACIONADAS  POR  FORÇA  MOTRIZ","04939","FERRAMENTA","Nível de Alumínio Robusto de 3 Bolhas, horizontal, vertical e transversal com 600 mm.",44663,"Media","UNIDADE","INTEGRAL","CUSTO SUPORTE - MATERIAL",null,5,19.899999999999999,99.5]
["BASE",544,24,"MATERIAL P/ MANUT.DE BENS IMOVEIS/INSTALACOES",56,"MATERIAIS PARA CONSTRUÇÃO",5680,"MATERIAIS DIVERSOS PARA CONSTRUÇÃO","11106","MATERIAL PARA MANUTENÇÃO BENS IMÓVEIS","Nivelador porcelanato piso Kit 400 pcs + cunhas 2,5mm.",44663,"Media","UNIDADE","INTEGRAL","CUSTO SUPORTE - MATERIAL",null,4,90,360]
["BASE",545,24,"MATERIAL P/ MANUT.DE BENS IMOVEIS/INSTALACOES",42,"EQUIPAMENTO PARA COMBATE A INCÊNDIO, RESGATE E SEGURANÇA",4240,"EQUIPAMENTO PARA SEGURANÇA E SALVAMENTO","01377","ÓCULOS PROTEÇÃO","Óculos de proteção Anti UV lente cinza. Anti risco.  Com hastes em nylon flexível, com ajuste multidirecional.",44663,"Media","UNIDADE","INTEGRAL","CUSTO SUPORTE - MATERIAL",null,10,38.9,389]
["BASE",546,24,"MATERIAL P/ MANUT.DE BENS IMOVEIS/INSTALACOES",42,"EQUIPAMENTO PARA COMBATE A INCÊNDIO, RESGATE E SEGURANÇA",4240,"EQUIPAMENTO PARA SEGURANÇA E SALVAMENTO","01377","ÓCULOS PROTEÇÃO","Óculos de proteção Anti UV lente verde. Anti risco. Com hastes em nylon flexível, com ajuste multidirecional.",44663,"Media","UNIDADE","INTEGRAL","CUSTO SUPORTE - MATERIAL",null,30,36.020000000000003,1080.5999999999999]
["BASE",547,24,"MATERIAL P/ MANUT.DE BENS IMOVEIS/INSTALACOES",42,"EQUIPAMENTO PARA COMBATE A INCÊNDIO, RESGATE E SEGURANÇA",4240,"EQUIPAMENTO PARA SEGURANÇA E SALVAMENTO","01377","ÓCULOS PROTEÇÃO","Óculos de Proteção Incolor Anti-Risco. Com hastes em nylon flexível, com ajuste multidirecional.",44663,"Media","UNIDADE","INTEGRAL","CUSTO SUPORTE - MATERIAL",null,30,9.99,299.7]
["BASE",548,24,"MATERIAL P/ MANUT.DE BENS IMOVEIS/INSTALACOES",51,"FERRAMENTAS MANUAIS",5110,"FERRAMENTAS MANUAIS DE CORTE, NÃO ACIONADAS POR FORÇA MOTRIZ","10269","PÁ - CORTE","Pá Cortadeira de Bico nº 3 com Cabo de Madeira. Fabricada em chapa com acabamento laminado. Com tratamento temperado e revenido. Dimensões: 275 x 215 mm. Comprimento do Cabo: 1480 mm.",44663,"Media","UNIDADE","INTEGRAL","CUSTO SUPORTE - MATERIAL",null,5,24,120]
["BASE",549,24,"MATERIAL P/ MANUT.DE BENS IMOVEIS/INSTALACOES",51,"FERRAMENTAS MANUAIS",5120,"FERRAMENTAS MANUAIS SEM CORTE, NÃO ACIONADAS  POR  FORÇA  MOTRIZ","10273","PÁ","Pá Quadrada de aço carbono especial. Altura da pá: 29 cm, Com Cabo de Madeira de 120cm. Similar ou melhor qualidade a Marca TRAMONTINA.",44663,"Media","UNIDADE","INTEGRAL","CUSTO SUPORTE - MATERIAL",null,5,39.9,199.5]
["BASE",550,24,"MATERIAL P/ MANUT.DE BENS IMOVEIS/INSTALACOES",56,"MATERIAIS PARA CONSTRUÇÃO",5680,"MATERIAIS DIVERSOS PARA CONSTRUÇÃO","00856","POSTE CONCRETO","Palito de concreto com armação de ferro Comprimento: 1,5 metros.",44663,"Media","UNIDADE","INTEGRAL","CUSTO SUPORTE - MATERIAL",null,2,29.9,59.8]
["BASE",551,24,"MATERIAL P/ MANUT.DE BENS IMOVEIS/INSTALACOES",56,"MATERIAIS PARA CONSTRUÇÃO",5680,"MATERIAIS DIVERSOS PARA CONSTRUÇÃO","00856","POSTE CONCRETO","Palito de concreto com armação de ferro. Comprimento: 2 metros.",44663,"Media","UNIDADE","INTEGRAL","CUSTO SUPORTE - MATERIAL",null,2,77.7,155.4]
["BASE",552,24,"MATERIAL P/ MANUT.DE BENS IMOVEIS/INSTALACOES",53,"FERRAGENS E ABRASIVOS",5305,"PARAFUSOS SEM PORCA","18793","PARAFUSO","Par de parafuso para fixação de vaso sanitário, espessura: 10mm. Com bucha arruela e ponteira. Acabamento: Cromado.",44663,"Media","UNIDADE","INTEGRAL","CUSTO SUPORTE - MATERIAL",null,2,89.79,179.58]
["BASE",553,24,"MATERIAL P/ MANUT.DE BENS IMOVEIS/INSTALACOES",53,"FERRAGENS E ABRASIVOS",5305,"PARAFUSOS SEM PORCA","18793","PARAFUSO","Parafuso Brocante P/forros PVC Drywall 4,2 X 19mm 100 Peças.",44663,"Media","UNIDADE","INTEGRAL","CUSTO SUPORTE - MATERIAL",null,5,8.84,44.2]
["BASE",554,24,"MATERIAL P/ MANUT.DE BENS IMOVEIS/INSTALACOES",53,"FERRAGENS E ABRASIVOS",5305,"PARAFUSOS SEM PORCA","18793","PARAFUSO","Parafuso brocante para forro PVC. 4,2 X 19mm 100 Peças.",44663,"Media","UNIDADE","INTEGRAL","CUSTO SUPORTE - MATERIAL",null,10,11.92,119.2]
["BASE",555,24,"MATERIAL P/ MANUT.DE BENS IMOVEIS/INSTALACOES",53,"FERRAGENS E ABRASIVOS",5305,"PARAFUSOS SEM PORCA","10453","PARAFUSO CABEÇA CHATA","Parafuso cabeça chata philips. Medida 3,5mm x 16mm Rosca soberba. Caixa com 500 unidades.",44663,"Media","UNIDADE","INTEGRAL","CUSTO SUPORTE - MATERIAL",null,5,22.9,114.5]
["BASE",556,24,"MATERIAL P/ MANUT.DE BENS IMOVEIS/INSTALACOES",53,"FERRAGENS E ABRASIVOS",5305,"PARAFUSOS SEM PORCA","10453","PARAFUSO CABEÇA CHATA","Parafuso cabeça chata philips. Medida 3,5mm x 30mm Rosca soberba. Caixa com 500 unidades.",44663,"Media","UNIDADE","INTEGRAL","CUSTO SUPORTE - MATERIAL",null,5,17.68,88.4]
["BASE",557,24,"MATERIAL P/ MANUT.DE BENS IMOVEIS/INSTALACOES",53,"FERRAGENS E ABRASIVOS",5305,"PARAFUSOS SEM PORCA","10453","PARAFUSO CABEÇA CHATA","Parafuso cabeça chata philips. Medida 3,5mm x 35mm Rosca soberba. Caixa com 500 unidades.",44663,"Media","UNIDADE","INTEGRAL","CUSTO SUPORTE - MATERIAL",null,5,5.66,28.3]
["BASE",558,24,"MATERIAL P/ MANUT.DE BENS IMOVEIS/INSTALACOES",53,"FERRAGENS E ABRASIVOS",5305,"PARAFUSOS SEM PORCA","10453","PARAFUSO CABEÇA CHATA","Parafuso cabeça chata philips. Medida 4,0mm x 20mm Rosca soberba. Caixa com 500 unidades.",44663,"Media","UNIDADE","INTEGRAL","CUSTO SUPORTE - MATERIAL",null,5,38.9,194.5]
["BASE",559,24,"MATERIAL P/ MANUT.DE BENS IMOVEIS/INSTALACOES",53,"FERRAGENS E ABRASIVOS",5305,"PARAFUSOS SEM PORCA","10453","PARAFUSO CABEÇA CHATA","Parafuso cabeça chata philips. Medida 4,0mm x 25mm Rosca soberba. Caixa com 500 unidades.",44663,"Media","UNIDADE","INTEGRAL","CUSTO SUPORTE - MATERIAL",null,5,36.020000000000003,180.1]
["BASE",560,24,"MATERIAL P/ MANUT.DE BENS IMOVEIS/INSTALACOES",55,"TÁBUAS, ESQUADRIAS, COMPENSADOS E FOLHEADOS DE MADEIRA",5510,"TÁBUAS E ARTIGOS CORRELATOS À BASE DE MADEIRA","09015","MADEIRA CONSTRUÇÃO","Viga 2”x4”x6,00m cambará ou  cedro",44663,"Media","UNIDADE","INTEGRAL","CUSTO SUPORTE - MATERIAL",null,50,54,2700]
["BASE",561,24,"MATERIAL P/ MANUT.DE BENS IMOVEIS/INSTALACOES",55,"TÁBUAS, ESQUADRIAS, COMPENSADOS E FOLHEADOS DE MADEIRA",5510,"TÁBUAS E ARTIGOS CORRELATOS À BASE DE MADEIRA","09015","MADEIRA CONSTRUÇÃO","Viga 2”x5”x6,00m cambará ou  cedro",44663,"Media","UNIDADE","INTEGRAL","CUSTO SUPORTE - MATERIAL",null,50,6.41,320.5]
["BASE",562,24,"MATERIAL P/ MANUT.DE BENS IMOVEIS/INSTALACOES",55,"TÁBUAS, ESQUADRIAS, COMPENSADOS E FOLHEADOS DE MADEIRA",5510,"TÁBUAS E ARTIGOS CORRELATOS À BASE DE MADEIRA","09015","MADEIRA CONSTRUÇÃO","Viga 2”x6”x6,00m cambará ou  cedro",44663,"Media","UNIDADE","INTEGRAL","CUSTO SUPORTE - MATERIAL",null,50,72.900000000000006,3645]
["BASE",563,24,"MATERIAL P/ MANUT.DE BENS IMOVEIS/INSTALACOES",55,"TÁBUAS, ESQUADRIAS, COMPENSADOS E FOLHEADOS DE MADEIRA",5510,"TÁBUAS E ARTIGOS CORRELATOS À BASE DE MADEIRA","09015","MADEIRA CONSTRUÇÃO","Viga 2”x7”x6,00m cambará ou  cedro",44663,"Media","UNIDADE","INTEGRAL","CUSTO SUPORTE - MATERIAL",null,50,24.9,1245]
["BASE",564,24,"MATERIAL P/ MANUT.DE BENS IMOVEIS/INSTALACOES",55,"TÁBUAS, ESQUADRIAS, COMPENSADOS E FOLHEADOS DE MADEIRA",5510,"TÁBUAS E ARTIGOS CORRELATOS À BASE DE MADEIRA","09015","MADEIRA CONSTRUÇÃO","Viga 3”x5”x6,00m cambará ou  cedro",44663,"Media","UNIDADE","INTEGRAL","CUSTO SUPORTE - MATERIAL",null,50,41.5,2075]
["BASE",565,24,"MATERIAL P/ MANUT.DE BENS IMOVEIS/INSTALACOES",55,"TÁBUAS, ESQUADRIAS, COMPENSADOS E FOLHEADOS DE MADEIRA",5510,"TÁBUAS E ARTIGOS CORRELATOS À BASE DE MADEIRA","09015","MADEIRA CONSTRUÇÃO","Viga 3”x6”x6,00m cambará ou  cedro",44663,"Media","UNIDADE","INTEGRAL","CUSTO SUPORTE - MATERIAL",null,50,24.62,1231]
["BASE",566,24,"MATERIAL P/ MANUT.DE BENS IMOVEIS/INSTALACOES",55,"TÁBUAS, ESQUADRIAS, COMPENSADOS E FOLHEADOS DE MADEIRA",5510,"TÁBUAS E ARTIGOS CORRELATOS À BASE DE MADEIRA","09015","MADEIRA CONSTRUÇÃO","Viga 3”x7”x6,00m cambará ou  cedro",44663,"Media","UNIDADE","INTEGRAL","CUSTO SUPORTE - MATERIAL",null,50,43.7,2185]
["BASE",567,24,"MATERIAL P/ MANUT.DE BENS IMOVEIS/INSTALACOES",55,"TÁBUAS, ESQUADRIAS, COMPENSADOS E FOLHEADOS DE MADEIRA",5510,"TÁBUAS E ARTIGOS CORRELATOS À BASE DE MADEIRA","09015","MADEIRA CONSTRUÇÃO","Viga 2”x4”x5,00m cambará ou  cedro",44663,"Media","UNIDADE","INTEGRAL","CUSTO SUPORTE - MATERIAL",null,50,28.9,1445]
["BASE",568,24,"MATERIAL P/ MANUT.DE BENS IMOVEIS/INSTALACOES",55,"TÁBUAS, ESQUADRIAS, COMPENSADOS E FOLHEADOS DE MADEIRA",5510,"TÁBUAS E ARTIGOS CORRELATOS À BASE DE MADEIRA","09015","MADEIRA CONSTRUÇÃO","Viga 2”x5”x5,00m cambará ou  cedro",44663,"Media","METRO","INTEGRAL","CUSTO SUPORTE - MATERIAL",null,50,12.5,625]
["BASE",569,24,"MATERIAL P/ MANUT.DE BENS IMOVEIS/INSTALACOES",55,"TÁBUAS, ESQUADRIAS, COMPENSADOS E FOLHEADOS DE MADEIRA",5510,"TÁBUAS E ARTIGOS CORRELATOS À BASE DE MADEIRA","09015","MADEIRA CONSTRUÇÃO","Viga 2”x6”x5,00m cambará ou  cedro",44663,"Media","UNIDADE","INTEGRAL","CUSTO SUPORTE - MATERIAL",null,50,53.9,2695]
["BASE",570,24,"MATERIAL P/ MANUT.DE BENS IMOVEIS/INSTALACOES",55,"TÁBUAS, ESQUADRIAS, COMPENSADOS E FOLHEADOS DE MADEIRA",5510,"TÁBUAS E ARTIGOS CORRELATOS À BASE DE MADEIRA","09015","MADEIRA CONSTRUÇÃO","Viga 2”x7”x5,00m cambará ou  cedro",44663,"Media","UNIDADE","INTEGRAL","CUSTO SUPORTE - MATERIAL",null,50,36.92,1846]
["BASE",571,24,"MATERIAL P/ MANUT.DE BENS IMOVEIS/INSTALACOES",55,"TÁBUAS, ESQUADRIAS, COMPENSADOS E FOLHEADOS DE MADEIRA",5510,"TÁBUAS E ARTIGOS CORRELATOS À BASE DE MADEIRA","09015","MADEIRA CONSTRUÇÃO","Viga 3”x5”x5,00m cambará ou  cedro",44663,"Media","UNIDADE","INTEGRAL","CUSTO SUPORTE - MATERIAL",null,50,36,1800]
["BASE",572,24,"MATERIAL P/ MANUT.DE BENS IMOVEIS/INSTALACOES",55,"TÁBUAS, ESQUADRIAS, COMPENSADOS E FOLHEADOS DE MADEIRA",5510,"TÁBUAS E ARTIGOS CORRELATOS À BASE DE MADEIRA","09015","MADEIRA CONSTRUÇÃO","Viga 3”x6”x5,00m cambará ou  cedro",44663,"Media","UNIDADE","INTEGRAL","CUSTO SUPORTE - MATERIAL",null,50,69,3450]
["BASE",573,24,"MATERIAL P/ MANUT.DE BENS IMOVEIS/INSTALACOES",55,"TÁBUAS, ESQUADRIAS, COMPENSADOS E FOLHEADOS DE MADEIRA",5510,"TÁBUAS E ARTIGOS CORRELATOS À BASE DE MADEIRA","09015","MADEIRA CONSTRUÇÃO","Viga 3”x7”x5,00m cambará ou  cedro",44663,"Media","UNIDADE","INTEGRAL","CUSTO SUPORTE - MATERIAL",null,50,31,1550]
["BASE",574,24,"MATERIAL P/ MANUT.DE BENS IMOVEIS/INSTALACOES",55,"TÁBUAS, ESQUADRIAS, COMPENSADOS E FOLHEADOS DE MADEIRA",5510,"TÁBUAS E ARTIGOS CORRELATOS À BASE DE MADEIRA","09015","MADEIRA CONSTRUÇÃO","Viga 2”x4”x4,00m cambará ou  cedro",44663,"Media","UNIDADE","INTEGRAL","CUSTO SUPORTE - MATERIAL",null,50,119.9,5995]
["BASE",575,24,"MATERIAL P/ MANUT.DE BENS IMOVEIS/INSTALACOES",55,"TÁBUAS, ESQUADRIAS, COMPENSADOS E FOLHEADOS DE MADEIRA",5510,"TÁBUAS E ARTIGOS CORRELATOS À BASE DE MADEIRA","09015","MADEIRA CONSTRUÇÃO","Viga 2”x5”x4,00m cambará ou  cedro",44663,"Media","UNIDADE","INTEGRAL","CUSTO SUPORTE - MATERIAL",null,50,33.9,1695]
["BASE",576,24,"MATERIAL P/ MANUT.DE BENS IMOVEIS/INSTALACOES",55,"TÁBUAS, ESQUADRIAS, COMPENSADOS E FOLHEADOS DE MADEIRA",5510,"TÁBUAS E ARTIGOS CORRELATOS À BASE DE MADEIRA","09015","MADEIRA CONSTRUÇÃO","Viga 2”x6”x4,00m cambará ou  cedro",44663,"Media","UNIDADE","INTEGRAL","CUSTO SUPORTE - MATERIAL",null,50,9.69,484.5]
["BASE",577,24,"MATERIAL P/ MANUT.DE BENS IMOVEIS/INSTALACOES",55,"TÁBUAS, ESQUADRIAS, COMPENSADOS E FOLHEADOS DE MADEIRA",5510,"TÁBUAS E ARTIGOS CORRELATOS À BASE DE MADEIRA","09015","MADEIRA CONSTRUÇÃO","Viga 2”x7”x4,00m cambará ou  cedro",44663,"Media","UNIDADE","INTEGRAL","CUSTO SUPORTE - MATERIAL",null,50,11.76,588]
["BASE",578,24,"MATERIAL P/ MANUT.DE BENS IMOVEIS/INSTALACOES",55,"TÁBUAS, ESQUADRIAS, COMPENSADOS E FOLHEADOS DE MADEIRA",5510,"TÁBUAS E ARTIGOS CORRELATOS À BASE DE MADEIRA","09015","MADEIRA CONSTRUÇÃO","Viga 3”x5”x4,00m cambará ou  cedro",44663,"Media","UNIDADE","INTEGRAL","CUSTO SUPORTE - MATERIAL",null,50,23.6,1180]
["BASE",579,24,"MATERIAL P/ MANUT.DE BENS IMOVEIS/INSTALACOES",55,"TÁBUAS, ESQUADRIAS, COMPENSADOS E FOLHEADOS DE MADEIRA",5510,"TÁBUAS E ARTIGOS CORRELATOS À BASE DE MADEIRA","09015","MADEIRA CONSTRUÇÃO","Viga 3”x6”x4,00m cambará ou  cedro",44754,"Media","UNIDADE","INTEGRAL","CUSTO SUPORTE - MATERIAL",null,50,27.9,1395]
["BASE",580,24,"MATERIAL P/ MANUT.DE BENS IMOVEIS/INSTALACOES",55,"TÁBUAS, ESQUADRIAS, COMPENSADOS E FOLHEADOS DE MADEIRA",5510,"TÁBUAS E ARTIGOS CORRELATOS À BASE DE MADEIRA","09015","MADEIRA CONSTRUÇÃO","Viga 3”x7”x4,00m cambará ou  cedro",44754,"Media","UNIDADE","INTEGRAL","CUSTO SUPORTE - MATERIAL",null,50,19,950]
["BASE",581,24,"MATERIAL P/ MANUT.DE BENS IMOVEIS/INSTALACOES",55,"TÁBUAS, ESQUADRIAS, COMPENSADOS E FOLHEADOS DE MADEIRA",5510,"TÁBUAS E ARTIGOS CORRELATOS À BASE DE MADEIRA","09015","MADEIRA CONSTRUÇÃO","Viga 2”x4”x4,00m cambará ou  cedro",44754,"Media","UNIDADE","INTEGRAL","CUSTO SUPORTE - MATERIAL",null,50,90,4500]
["BASE",582,24,"MATERIAL P/ MANUT.DE BENS IMOVEIS/INSTALACOES",55,"TÁBUAS, ESQUADRIAS, COMPENSADOS E FOLHEADOS DE MADEIRA",5510,"TÁBUAS E ARTIGOS CORRELATOS À BASE DE MADEIRA","09015","MADEIRA CONSTRUÇÃO","Viga 2”x5”x2,50m cambará ou  cedro",44754,"Media","UNIDADE","INTEGRAL","CUSTO SUPORTE - MATERIAL",null,50,9.0399999999999991,452]
["BASE",583,24,"MATERIAL P/ MANUT.DE BENS IMOVEIS/INSTALACOES",55,"TÁBUAS, ESQUADRIAS, COMPENSADOS E FOLHEADOS DE MADEIRA",5510,"TÁBUAS E ARTIGOS CORRELATOS À BASE DE MADEIRA","09015","MADEIRA CONSTRUÇÃO","Viga 2”x6”x4,00m cambará ou  cedro",44754,"Media","UNIDADE","INTEGRAL","CUSTO SUPORTE - MATERIAL",null,50,14.9,745]
["BASE",584,24,"MATERIAL P/ MANUT.DE BENS IMOVEIS/INSTALACOES",55,"TÁBUAS, ESQUADRIAS, COMPENSADOS E FOLHEADOS DE MADEIRA",5510,"TÁBUAS E ARTIGOS CORRELATOS À BASE DE MADEIRA","09015","MADEIRA CONSTRUÇÃO","Viga 2”x7”x4,00m cambará ou  cedro",44754,"Media","UNIDADE","INTEGRAL","CUSTO SUPORTE - MATERIAL",null,50,9.99,499.5]
["BASE",585,24,"MATERIAL P/ MANUT.DE BENS IMOVEIS/INSTALACOES",55,"TÁBUAS, ESQUADRIAS, COMPENSADOS E FOLHEADOS DE MADEIRA",5510,"TÁBUAS E ARTIGOS CORRELATOS À BASE DE MADEIRA","09015","MADEIRA CONSTRUÇÃO","Viga 3”x5”x4,00m cambará ou  cedro",44754,"Media","UNIDADE","INTEGRAL","CUSTO SUPORTE - MATERIAL",null,50,24,1200]
["BASE",586,24,"MATERIAL P/ MANUT.DE BENS IMOVEIS/INSTALACOES",55,"TÁBUAS, ESQUADRIAS, COMPENSADOS E FOLHEADOS DE MADEIRA",5510,"TÁBUAS E ARTIGOS CORRELATOS À BASE DE MADEIRA","09015","MADEIRA CONSTRUÇÃO","Viga 3”x6”x2,50m cambará ou  cedro",44754,"Media","UNIDADE","INTEGRAL","CUSTO SUPORTE - MATERIAL",null,50,39.9,1995]
["BASE",587,24,"MATERIAL P/ MANUT.DE BENS IMOVEIS/INSTALACOES",55,"TÁBUAS, ESQUADRIAS, COMPENSADOS E FOLHEADOS DE MADEIRA",5510,"TÁBUAS E ARTIGOS CORRELATOS À BASE DE MADEIRA","09015","MADEIRA CONSTRUÇÃO","Viga 3”x7”x4,00m cambará ou  cedro",44754,"Media","UNIDADE","INTEGRAL","CUSTO SUPORTE - MATERIAL",null,50,29.9,1495]
["BASE",588,24,"MATERIAL P/ MANUT.DE BENS IMOVEIS/INSTALACOES",55,"TÁBUAS, ESQUADRIAS, COMPENSADOS E FOLHEADOS DE MADEIRA",5510,"TÁBUAS E ARTIGOS CORRELATOS À BASE DE MADEIRA","09015","MADEIRA CONSTRUÇÃO","Viga 2”x4”x5,00m cambará ou cedro",44754,"Media","UNIDADE","INTEGRAL","CUSTO SUPORTE - MATERIAL",null,50,77.7,3885]
["BASE",589,24,"MATERIAL P/ MANUT.DE BENS IMOVEIS/INSTALACOES",55,"TÁBUAS, ESQUADRIAS, COMPENSADOS E FOLHEADOS DE MADEIRA",5510,"TÁBUAS E ARTIGOS CORRELATOS À BASE DE MADEIRA","09015","MADEIRA CONSTRUÇÃO","Viga 2”x4”x4,00m cambará ou cedro",44754,"Media","UNIDADE","INTEGRAL","CUSTO SUPORTE - MATERIAL",null,50,89.79,4489.5]
["BASE",590,24,"MATERIAL P/ MANUT.DE BENS IMOVEIS/INSTALACOES",55,"TÁBUAS, ESQUADRIAS, COMPENSADOS E FOLHEADOS DE MADEIRA",5510,"TÁBUAS E ARTIGOS CORRELATOS À BASE DE MADEIRA","09015","MADEIRA CONSTRUÇÃO","Viga 2”x4”x3,50m cambará ou cedro",44754,"Media","UNIDADE","INTEGRAL","CUSTO SUPORTE - MATERIAL",null,50,8.84,442]
["BASE",591,24,"MATERIAL P/ MANUT.DE BENS IMOVEIS/INSTALACOES",55,"TÁBUAS, ESQUADRIAS, COMPENSADOS E FOLHEADOS DE MADEIRA",5510,"TÁBUAS E ARTIGOS CORRELATOS À BASE DE MADEIRA","09015","MADEIRA CONSTRUÇÃO","Viga 2”x4”x3,00m cambará ou cedro",44754,"Media","PACOTE","INTEGRAL","CUSTO SUPORTE - MATERIAL",null,50,11.92,596]
["BASE",592,24,"MATERIAL P/ MANUT.DE BENS IMOVEIS/INSTALACOES",55,"TÁBUAS, ESQUADRIAS, COMPENSADOS E FOLHEADOS DE MADEIRA",5510,"TÁBUAS E ARTIGOS CORRELATOS À BASE DE MADEIRA","09015","MADEIRA CONSTRUÇÃO","Viga 2”x3”x6,00m cambará ou cedro",44754,"Media","CAIXA","INTEGRAL","CUSTO SUPORTE - MATERIAL",null,50,22.9,1145]
["BASE",593,24,"MATERIAL P/ MANUT.DE BENS IMOVEIS/INSTALACOES",55,"TÁBUAS, ESQUADRIAS, COMPENSADOS E FOLHEADOS DE MADEIRA",5510,"TÁBUAS E ARTIGOS CORRELATOS À BASE DE MADEIRA","09015","MADEIRA CONSTRUÇÃO","Viga 2”x3”x5,00m cambará ou cedro",44754,"Media","CAIXA","INTEGRAL","CUSTO SUPORTE - MATERIAL",null,50,17.68,884]
["BASE",594,24,"MATERIAL P/ MANUT.DE BENS IMOVEIS/INSTALACOES",55,"TÁBUAS, ESQUADRIAS, COMPENSADOS E FOLHEADOS DE MADEIRA",5510,"TÁBUAS E ARTIGOS CORRELATOS À BASE DE MADEIRA","09015","MADEIRA CONSTRUÇÃO","Viga 2”x3”x4,00m cambará ou cedro",44754,"Media","CAIXA","INTEGRAL","CUSTO SUPORTE - MATERIAL",null,50,5.66,283]
["BASE",595,24,"MATERIAL P/ MANUT.DE BENS IMOVEIS/INSTALACOES",55,"TÁBUAS, ESQUADRIAS, COMPENSADOS E FOLHEADOS DE MADEIRA",5510,"TÁBUAS E ARTIGOS CORRELATOS À BASE DE MADEIRA","09015","MADEIRA CONSTRUÇÃO","Viga 2”x”x6,00m cambará ou  cedro",44754,"Media","CAIXA","INTEGRAL","CUSTO SUPORTE - MATERIAL",null,50,38.9,1945]
["BASE",596,24,"MATERIAL P/ MANUT.DE BENS IMOVEIS/INSTALACOES",55,"TÁBUAS, ESQUADRIAS, COMPENSADOS E FOLHEADOS DE MADEIRA",5510,"TÁBUAS E ARTIGOS CORRELATOS À BASE DE MADEIRA","09015","MADEIRA CONSTRUÇÃO","Viga 2”x4”x2,50m cambará ou cedro",44754,"Media","CAIXA","INTEGRAL","CUSTO SUPORTE - MATERIAL",null,50,36.020000000000003,1801]
["BASE",597,24,"MATERIAL P/ MANUT.DE BENS IMOVEIS/INSTALACOES",55,"TÁBUAS, ESQUADRIAS, COMPENSADOS E FOLHEADOS DE MADEIRA",5510,"TÁBUAS E ARTIGOS CORRELATOS À BASE DE MADEIRA","09015","MADEIRA CONSTRUÇÃO","Viga 2”x4”x4,00m cambará ou cedro",44754,"Media","UNIDADE","INTEGRAL","CUSTO SUPORTE - MATERIAL",null,50,25,1250]
["BASE",598,24,"MATERIAL P/ MANUT.DE BENS IMOVEIS/INSTALACOES",55,"TÁBUAS, ESQUADRIAS, COMPENSADOS E FOLHEADOS DE MADEIRA",5510,"TÁBUAS E ARTIGOS CORRELATOS À BASE DE MADEIRA","09015","MADEIRA CONSTRUÇÃO","Viga 2”x3”x6,00m cambará ou cedro",44754,"Media","UNIDADE","INTEGRAL","CUSTO SUPORTE - MATERIAL",null,50,25,1250]
["BASE",599,24,"MATERIAL P/ MANUT.DE BENS IMOVEIS/INSTALACOES",55,"TÁBUAS, ESQUADRIAS, COMPENSADOS E FOLHEADOS DE MADEIRA",5510,"TÁBUAS E ARTIGOS CORRELATOS À BASE DE MADEIRA","09015","MADEIRA CONSTRUÇÃO","Viga 2”x3”x5,00m cambará ou cedro",44754,"Media","UNIDADE","INTEGRAL","CUSTO SUPORTE - MATERIAL",null,50,25,1250]
["BASE",600,24,"MATERIAL P/ MANUT.DE BENS IMOVEIS/INSTALACOES",55,"TÁBUAS, ESQUADRIAS, COMPENSADOS E FOLHEADOS DE MADEIRA",5510,"TÁBUAS E ARTIGOS CORRELATOS À BASE DE MADEIRA","09015","MADEIRA CONSTRUÇÃO","Viga 2”x3”x4,00m cambará ou cedro",44754,"Media","UNIDADE","INTEGRAL","CUSTO SUPORTE - MATERIAL",null,50,25,1250]
["BASE",601,24,"MATERIAL P/ MANUT.DE BENS IMOVEIS/INSTALACOES",55,"TÁBUAS, ESQUADRIAS, COMPENSADOS E FOLHEADOS DE MADEIRA",5510,"TÁBUAS E ARTIGOS CORRELATOS À BASE DE MADEIRA","11753","RIPA","Ripão 1'x2'x6m cambará ou cedro",44754,"Media","UNIDADE","INTEGRAL","CUSTO SUPORTE - MATERIAL",null,50,15,750]
["BASE",602,24,"MATERIAL P/ MANUT.DE BENS IMOVEIS/INSTALACOES",55,"TÁBUAS, ESQUADRIAS, COMPENSADOS E FOLHEADOS DE MADEIRA",5510,"TÁBUAS E ARTIGOS CORRELATOS À BASE DE MADEIRA","11753","RIPA","Ripão 1'x2'x5m cambará ou cedro",44754,"Media","UNIDADE","INTEGRAL","CUSTO SUPORTE - MATERIAL",null,50,15,750]
["BASE",603,24,"MATERIAL P/ MANUT.DE BENS IMOVEIS/INSTALACOES",55,"TÁBUAS, ESQUADRIAS, COMPENSADOS E FOLHEADOS DE MADEIRA",5510,"TÁBUAS E ARTIGOS CORRELATOS À BASE DE MADEIRA","11753","RIPA","Ripão 1'x2'x4m cambará ou cedro",44663,"Media","UNIDADE","INTEGRAL","CUSTO SUPORTE - MATERIAL",null,50,15,750]
["BASE",604,24,"MATERIAL P/ MANUT.DE BENS IMOVEIS/INSTALACOES",55,"TÁBUAS, ESQUADRIAS, COMPENSADOS E FOLHEADOS DE MADEIRA",5510,"TÁBUAS E ARTIGOS CORRELATOS À BASE DE MADEIRA","09015","MADEIRA CONSTRUÇÃO","Viga 2'x4'x2,50m pinus",44663,"Media","UNIDADE","INTEGRAL","CUSTO SUPORTE - MATERIAL",null,50,25,1250]
["BASE",605,24,"MATERIAL P/ MANUT.DE BENS IMOVEIS/INSTALACOES",55,"TÁBUAS, ESQUADRIAS, COMPENSADOS E FOLHEADOS DE MADEIRA",5510,"TÁBUAS E ARTIGOS CORRELATOS À BASE DE MADEIRA","09015","MADEIRA CONSTRUÇÃO","Viga 2'x3'x2,50m pinus",44663,"Media","UNIDADE","INTEGRAL","CUSTO SUPORTE - MATERIAL",null,50,25,1250]
["BASE",606,24,"MATERIAL P/ MANUT.DE BENS IMOVEIS/INSTALACOES",55,"TÁBUAS, ESQUADRIAS, COMPENSADOS E FOLHEADOS DE MADEIRA",5510,"TÁBUAS E ARTIGOS CORRELATOS À BASE DE MADEIRA","11753","RIPA","Ripão 1'x2'x2,50m pinus",44663,"Media","UNIDADE","INTEGRAL","CUSTO SUPORTE - MATERIAL",null,50,15,750]
["BASE",607,24,"MATERIAL P/ MANUT.DE BENS IMOVEIS/INSTALACOES",55,"TÁBUAS, ESQUADRIAS, COMPENSADOS E FOLHEADOS DE MADEIRA",5510,"TÁBUAS E ARTIGOS CORRELATOS À BASE DE MADEIRA","11753","RIPA","Ripão 1'x3x2,50m pinus",44663,"Media","UNIDADE","INTEGRAL","CUSTO SUPORTE - MATERIAL",null,50,15,750]
["BASE",608,24,"MATERIAL P/ MANUT.DE BENS IMOVEIS/INSTALACOES",55,"TÁBUAS, ESQUADRIAS, COMPENSADOS E FOLHEADOS DE MADEIRA",5510,"TÁBUAS E ARTIGOS CORRELATOS À BASE DE MADEIRA","12463","TÁBUA MADEIRA","Tábua pinus 1'x6'x2,50m",44663,"Media","UNIDADE","INTEGRAL","CUSTO SUPORTE - MATERIAL",null,50,30,1500]
["BASE",609,24,"MATERIAL P/ MANUT.DE BENS IMOVEIS/INSTALACOES",55,"TÁBUAS, ESQUADRIAS, COMPENSADOS E FOLHEADOS DE MADEIRA",5510,"TÁBUAS E ARTIGOS CORRELATOS À BASE DE MADEIRA","12463","TÁBUA MADEIRA","Tábua pinus 1'x7'x2,50m",44663,"Media","UNIDADE","INTEGRAL","CUSTO SUPORTE - MATERIAL",null,50,30,1500]
["BASE",610,24,"MATERIAL P/ MANUT.DE BENS IMOVEIS/INSTALACOES",55,"TÁBUAS, ESQUADRIAS, COMPENSADOS E FOLHEADOS DE MADEIRA",5510,"TÁBUAS E ARTIGOS CORRELATOS À BASE DE MADEIRA","12463","TÁBUA MADEIRA","Tábua pinus 1'x8'x2,50m",44663,"Media","UNIDADE","INTEGRAL","CUSTO SUPORTE - MATERIAL",null,50,30,1500]
["BASE",611,24,"MATERIAL P/ MANUT.DE BENS IMOVEIS/INSTALACOES",55,"TÁBUAS, ESQUADRIAS, COMPENSADOS E FOLHEADOS DE MADEIRA",5510,"TÁBUAS E ARTIGOS CORRELATOS À BASE DE MADEIRA","12463","TÁBUA MADEIRA","Tábua pinus 1'x10'x2,50m",44663,"Media","UNIDADE","INTEGRAL","CUSTO SUPORTE - MATERIAL",null,50,30,1500]
["BASE",612,24,"MATERIAL P/ MANUT.DE BENS IMOVEIS/INSTALACOES",55,"TÁBUAS, ESQUADRIAS, COMPENSADOS E FOLHEADOS DE MADEIRA",5510,"TÁBUAS E ARTIGOS CORRELATOS À BASE DE MADEIRA","12463","TÁBUA MADEIRA","Tábua pinus 1'x12'x2,50m",44663,"Media","UNIDADE","INTEGRAL","CUSTO SUPORTE - MATERIAL",null,50,30,1500]
["BASE",613,24,"MATERIAL P/ MANUT.DE BENS IMOVEIS/INSTALACOES",55,"TÁBUAS, ESQUADRIAS, COMPENSADOS E FOLHEADOS DE MADEIRA",5510,"TÁBUAS E ARTIGOS CORRELATOS À BASE DE MADEIRA","12463","TÁBUA MADEIRA","Tábua cedro 1'x6'x5,00m",44663,"Media","UNIDADE","INTEGRAL","CUSTO SUPORTE - MATERIAL",null,50,30,1500]
["BASE",614,24,"MATERIAL P/ MANUT.DE BENS IMOVEIS/INSTALACOES",55,"TÁBUAS, ESQUADRIAS, COMPENSADOS E FOLHEADOS DE MADEIRA",5510,"TÁBUAS E ARTIGOS CORRELATOS À BASE DE MADEIRA","12463","TÁBUA MADEIRA","Tábua cedro 1'x8'x5,00m",44663,"Media","UNIDADE","INTEGRAL","CUSTO SUPORTE - MATERIAL",null,50,30,1500]
["BASE",615,24,"MATERIAL P/ MANUT.DE BENS IMOVEIS/INSTALACOES",55,"TÁBUAS, ESQUADRIAS, COMPENSADOS E FOLHEADOS DE MADEIRA",5510,"TÁBUAS E ARTIGOS CORRELATOS À BASE DE MADEIRA","12463","TÁBUA MADEIRA","Tábua cedro 1'x10'x5,00m",44663,"Media","UNIDADE","INTEGRAL","CUSTO SUPORTE - MATERIAL",null,50,30,1500]
["BASE",616,24,"MATERIAL P/ MANUT.DE BENS IMOVEIS/INSTALACOES",55,"TÁBUAS, ESQUADRIAS, COMPENSADOS E FOLHEADOS DE MADEIRA",5510,"TÁBUAS E ARTIGOS CORRELATOS À BASE DE MADEIRA","12463","TÁBUA MADEIRA","Tábua cedro 1'x12'x5,00m",44663,"Media","UNIDADE","INTEGRAL","CUSTO SUPORTE - MATERIAL",null,50,30,1500]
["BASE",617,24,"MATERIAL P/ MANUT.DE BENS IMOVEIS/INSTALACOES",55,"TÁBUAS, ESQUADRIAS, COMPENSADOS E FOLHEADOS DE MADEIRA",5530,"COMPENSADOS E FOLHEADOS","14744","PLACA MADEIRA","Placa madeira, MDF, comprimento: 2,75m, largura: 1,83m, espessura: 18mm, acabamento superficial: revestimento em laminado melaninico, cor: amadeirado escuro, características adicionais: revestimento em duas faces, sem bordas.",44663,"Media","UNIDADE","INTEGRAL","CUSTO SUPORTE - MATERIAL",null,15,300,4500]
["BASE",618,24,"MATERIAL P/ MANUT.DE BENS IMOVEIS/INSTALACOES",55,"TÁBUAS, ESQUADRIAS, COMPENSADOS E FOLHEADOS DE MADEIRA",5530,"COMPENSADOS E FOLHEADOS","14744","PLACA MADEIRA","Placa madeira, MDF, comprimento: 2,75m, largura: 1,83m, espessura: 15mm, acabamento superficial: revestimento em laminado melaninico, cor: amadeirado escuro, características adicionais: revestimento em duas faces, sem bordas.",44663,"Media","UNIDADE","INTEGRAL","CUSTO SUPORTE - MATERIAL",null,15,300,4500]
["BASE",619,24,"MATERIAL P/ MANUT.DE BENS IMOVEIS/INSTALACOES",55,"TÁBUAS, ESQUADRIAS, COMPENSADOS E FOLHEADOS DE MADEIRA",5530,"COMPENSADOS E FOLHEADOS","14744","PLACA MADEIRA","Placa madeira, MDF, comprimento: 2,75m, largura: 1,83m, espessura: 6mm, acabamento superficial: revestimento em laminado melaninico, cor: amadeirado escuro, características adicionais: revestimento em duas faces, sem bordas.",44663,"Media","UNIDADE","INTEGRAL","CUSTO SUPORTE - MATERIAL",null,15,300,4500]
["BASE",620,24,"MATERIAL P/ MANUT.DE BENS IMOVEIS/INSTALACOES",55,"TÁBUAS, ESQUADRIAS, COMPENSADOS E FOLHEADOS DE MADEIRA",5530,"COMPENSADOS E FOLHEADOS","14744","PLACA MADEIRA","Placa madeira, MDF, comprimento: 2,75m, largura: 1,83m, espessura: 18mm, acabamento superficial: revestimento em laminado melaninico, cor: branco, características adicionais: revestimento em duas faces, sem bordas.",44663,"Media","UNIDADE","INTEGRAL","CUSTO SUPORTE - MATERIAL",null,15,300,4500]
["BASE",621,24,"MATERIAL P/ MANUT.DE BENS IMOVEIS/INSTALACOES",55,"TÁBUAS, ESQUADRIAS, COMPENSADOS E FOLHEADOS DE MADEIRA",5530,"COMPENSADOS E FOLHEADOS","14744","PLACA MADEIRA","Placa madeira, MDF, comprimento: 2,75m, largura: 1,83m, espessura: 15mm, acabamento superficial: revestimento em laminado melaninico, cor: branco, características adicionais: revestimento em duas faces, sem bordas.",44663,"Media","UNIDADE","INTEGRAL","CUSTO SUPORTE - MATERIAL",null,15,300,4500]
["BASE",622,24,"MATERIAL P/ MANUT.DE BENS IMOVEIS/INSTALACOES",55,"TÁBUAS, ESQUADRIAS, COMPENSADOS E FOLHEADOS DE MADEIRA",5530,"COMPENSADOS E FOLHEADOS","14744","PLACA MADEIRA","Placa madeira, MDF, comprimento: 2,75m, largura: 1,83m, espessura: 6mm, acabamento superficial: revestimento em laminado melaninico, cor: branco, características adicionais: revestimento em duas faces, sem bordas.",44663,"Media","UNIDADE","INTEGRAL","CUSTO SUPORTE - MATERIAL",null,15,300,4500]
["BASE",623,24,"MATERIAL P/ MANUT.DE BENS IMOVEIS/INSTALACOES",55,"TÁBUAS, ESQUADRIAS, COMPENSADOS E FOLHEADOS DE MADEIRA",5520,"ESQUADRIAS","07055","FITA BORDA","Fita de borda PVC TX, cor branca, 22mm, rolo com 50m",44663,"Media","ROLO","INTEGRAL","CUSTO SUPORTE - MATERIAL",null,10,35,350]
["BASE",624,24,"MATERIAL P/ MANUT.DE BENS IMOVEIS/INSTALACOES",55,"TÁBUAS, ESQUADRIAS, COMPENSADOS E FOLHEADOS DE MADEIRA",5520,"ESQUADRIAS","07055","FITA BORDA","Fita de borda PVC TX, cor  branca, 40mm, rolo com 50m",44663,"Media","ROLO","INTEGRAL","CUSTO SUPORTE - MATERIAL",null,10,50,500]
["BASE",625,24,"MATERIAL P/ MANUT.DE BENS IMOVEIS/INSTALACOES",55,"TÁBUAS, ESQUADRIAS, COMPENSADOS E FOLHEADOS DE MADEIRA",5520,"ESQUADRIAS","07055","FITA BORDA","Fita de borda PVC TX, cor  amadeirado escuro, 40mm, rolo com 50m",44663,"Media","ROLO","INTEGRAL","CUSTO SUPORTE - MATERIAL",null,10,35,350]
["BASE",626,24,"MATERIAL P/ MANUT.DE BENS IMOVEIS/INSTALACOES",55,"TÁBUAS, ESQUADRIAS, COMPENSADOS E FOLHEADOS DE MADEIRA",5520,"ESQUADRIAS","07055","FITA BORDA","Fita de borda PVC TX, cor amadeirado escuro, 40mm, rolo com 50m",44663,"Media","ROLO","INTEGRAL","CUSTO SUPORTE - MATERIAL",null,10,50,500]
["BASE",627,24,"MATERIAL P/ MANUT.DE BENS IMOVEIS/INSTALACOES",53,"FERRAGENS E ABRASIVOS",5340,"FERRAGENS DIVERSAS","07377","FERRAGEM DE MARCENARIA","Corrediça telescópica de abertura total com curso prolongado em 27mm do comprimento nominal – 25Kg – 400mm. Deslizante através de esferas de aço. Peça única de montagem lateral e autotravante no final do curso com travas que permitem a retirada da gaveta. Acabamento cromatizado zincado – fixação lateral - PAR",44663,"Media","PARES","INTEGRAL","CUSTO SUPORTE - MATERIAL",null,30,30,900]
["BASE",628,24,"MATERIAL P/ MANUT.DE BENS IMOVEIS/INSTALACOES",53,"FERRAGENS E ABRASIVOS",5340,"FERRAGENS DIVERSAS","07377","FERRAGEM DE MARCENARIA","Corrediça telescópica de abertura total com curso prolongado em 27mm do comprimento nominal – 25Kg – 450mm. Deslizante através de esferas de aço. Peça única de montagem lateral e autotravante no final do curso com travas que permitem a retirada da gaveta. Acabamento cromatizado zincado – fixação lateral - PAR",44663,"Media","PARES","INTEGRAL","CUSTO SUPORTE - MATERIAL",null,30,35,1050]
["BASE",629,24,"MATERIAL P/ MANUT.DE BENS IMOVEIS/INSTALACOES",53,"FERRAGENS E ABRASIVOS",5340,"FERRAGENS DIVERSAS","07377","FERRAGEM DE MARCENARIA","Corrediça telescópica de abertura total com curso prolongado em 25mm do comprimento nominal – 45Kg – 500mm. Deslizante através de esferas de aço. Peça única de montagem lateral e autotravante no final do curso com travas que permitem a retirada da gaveta. Acabamento cromatizado zincado – fixação lateral - PAR",44663,"Media","PARES","INTEGRAL","CUSTO SUPORTE - MATERIAL",null,30,60,1800]
["BASE",630,24,"MATERIAL P/ MANUT.DE BENS IMOVEIS/INSTALACOES",53,"FERRAGENS E ABRASIVOS",5340,"FERRAGENS DIVERSAS","13880","DOBRADIÇA","Dobradiça 35mm MS SLOW 105º graus, curva com calço, fabricada em aço zincado, com 04 furos para melhor regulagem e fixação. Fornecida com calço, abertura de 105º graus, para portas com espessura de 12 a 26mm. Indicada para o setor moveleiro em geral.",44663,"Media","UNIDADE","INTEGRAL","CUSTO SUPORTE - MATERIAL",null,40,5,200]
["BASE",631,24,"MATERIAL P/ MANUT.DE BENS IMOVEIS/INSTALACOES",53,"FERRAGENS E ABRASIVOS",5340,"FERRAGENS DIVERSAS","13880","DOBRADIÇA","Dobradiça 35mm MS SLOW 105º graus, reta, fabricada em aço zincado, com 04 furos para melhor regulagem e fixação. Fornecida com calço, abertura de 105º graus, para portas com espessura de 12 a 26mm. Indicada para o setor moveleiro em geral.",44663,"Media","UNIDADE","INTEGRAL","CUSTO SUPORTE - MATERIAL",null,40,5,200]
["BASE",632,24,"MATERIAL P/ MANUT.DE BENS IMOVEIS/INSTALACOES",53,"FERRAGENS E ABRASIVOS",5340,"FERRAGENS DIVERSAS","07377","FERRAGEM DE MARCENARIA","MOVITOM 100 mini cantoneira 13x13 cadeirinha em aço",44663,"Media","CAIXA","INTEGRAL","CUSTO SUPORTE - MATERIAL",null,50,40,2000]
["BASE",633,24,"MATERIAL P/ MANUT.DE BENS IMOVEIS/INSTALACOES",53,"FERRAGENS E ABRASIVOS",5305,"PARAFUSOS SEM PORCA","10453","PARAFUSO CABEÇA CHATA","Parafuso clipboard com rosca auto cortante, cabeça chata philips, utilizado para montagem/estruturação de móveis de mareiras leves, aglomerados, compensados, mdf e outros derivados de madeira. Parafuso fabricado em aço sae 1015/1018 temperado e cementado com acabamento bicromatizado, tamanho 4x40mm, caixa com 500 unidades",44663,"Media","CAIXA","INTEGRAL","CUSTO SUPORTE - MATERIAL",null,4,25,100]
["BASE",634,24,"MATERIAL P/ MANUT.DE BENS IMOVEIS/INSTALACOES",53,"FERRAGENS E ABRASIVOS",5305,"PARAFUSOS SEM PORCA","10453","PARAFUSO CABEÇA CHATA","Parafuso clipboard com rosca auto cortante, cabeça chata philips, utilizado para montagem/estruturação de móveis de mareiras leves, aglomerados, compensados, mdf e outros derivados de madeira. Parafuso fabricado em aço sae 1015/1018 temperado e cementado com acabamento bicromatizado, tamanho 5x60mm, caixa com 500 unidades",44663,"Media","CAIXA","INTEGRAL","CUSTO SUPORTE - MATERIAL",null,4,25,100]
["BASE",635,24,"MATERIAL P/ MANUT.DE BENS IMOVEIS/INSTALACOES",53,"FERRAGENS E ABRASIVOS",5305,"PARAFUSOS SEM PORCA","10453","PARAFUSO CABEÇA CHATA","Parafuso clipboard com rosca auto cortante, cabeça chata philips, utilizado para montagem/estruturação de móveis de mareiras leves, aglomerados, compensados, mdf e outros derivados de madeira. Parafuso fabricado em aço sae 1015/1018 temperado e cementado com acabamento bicromatizado, tamanho 4,5x50mm, caixa com 500 unidades",44663,"Media","CAIXA","INTEGRAL","CUSTO SUPORTE - MATERIAL",null,4,25,100]
["BASE",636,24,"MATERIAL P/ MANUT.DE BENS IMOVEIS/INSTALACOES",53,"FERRAGENS E ABRASIVOS",5305,"PARAFUSOS SEM PORCA","10453","PARAFUSO CABEÇA CHATA","Parafuso clipboard com rosca auto cortante, cabeça chata philips, utilizado para montagem/estruturação de móveis de mareiras leves, aglomerados, compensados, mdf e outros derivados de madeira. Parafuso fabricado em aço sae 1015/1018 temperado e cementado com acabamento bicromatizado, tamanho 4,0x45mm, caixa com 500 unidades",44663,"Media","CAIXA","INTEGRAL","CUSTO SUPORTE - MATERIAL",null,4,25,100]
["BASE",637,24,"MATERIAL P/ MANUT.DE BENS IMOVEIS/INSTALACOES",53,"FERRAGENS E ABRASIVOS",5305,"PARAFUSOS SEM PORCA","10453","PARAFUSO CABEÇA CHATA","Parafuso clipboard com rosca auto cortante, cabeça chata philips, utilizado para montagem/estruturação de móveis de mareiras leves, aglomerados, compensados, mdf e outros derivados de madeira. Parafuso fabricado em aço sae 1015/1018 temperado e cementado com acabamento bicromatizado, tamanho 3,5x40mm, caixa com 500 unidades",44663,"Media","CAIXA","INTEGRAL","CUSTO SUPORTE - MATERIAL",null,4,25,100]
["BASE",638,24,"MATERIAL P/ MANUT.DE BENS IMOVEIS/INSTALACOES",53,"FERRAGENS E ABRASIVOS",5305,"PARAFUSOS SEM PORCA","10453","PARAFUSO CABEÇA CHATA","Parafuso clipboard com rosca auto cortante, cabeça chata philips, utilizado para montagem/estruturação de móveis de mareiras leves, aglomerados, compensados, mdf e outros derivados de madeira. Parafuso fabricado em aço sae 1015/1018 temperado e cementado com acabamento bicromatizado, tamanho 3,5x40mm, caixa com 500 unidades",44663,"Media","CAIXA","INTEGRAL","CUSTO SUPORTE - MATERIAL",null,4,25,100]
["BASE",639,24,"MATERIAL P/ MANUT.DE BENS IMOVEIS/INSTALACOES",53,"FERRAGENS E ABRASIVOS",5305,"PARAFUSOS SEM PORCA","10453","PARAFUSO CABEÇA CHATA","Parafuso clipboard com rosca auto cortante, cabeça chata philips, utilizado para montagem/estruturação de móveis de mareiras leves, aglomerados, compensados, mdf e outros derivados de madeira. Parafuso fabricado em aço sae 1015/1018 temperado e cementado com acabamento bicromatizado, tamanho 3,5x30mm, caixa com 500 unidades",44663,"Media","CAIXA","INTEGRAL","CUSTO SUPORTE - MATERIAL",null,4,25,100]
["BASE",640,24,"MATERIAL P/ MANUT.DE BENS IMOVEIS/INSTALACOES",53,"FERRAGENS E ABRASIVOS",5305,"PARAFUSOS SEM PORCA","10453","PARAFUSO CABEÇA CHATA","Parafuso clipboard com rosca auto cortante, cabeça chata philips, utilizado para montagem/estruturação de móveis de mareiras leves, aglomerados, compensados, mdf e outros derivados de madeira. Parafuso fabricado em aço sae 1015/1018 temperado e cementado com acabamento bicromatizado, tamanho 3,5x25mm, caixa com 500 unidades",44663,"Media","CAIXA","INTEGRAL","CUSTO SUPORTE - MATERIAL",null,4,25,100]
["BASE",641,24,"MATERIAL P/ MANUT.DE BENS IMOVEIS/INSTALACOES",53,"FERRAGENS E ABRASIVOS",5305,"PARAFUSOS SEM PORCA","10453","PARAFUSO CABEÇA CHATA","Parafuso clipboard com rosca auto cortante, cabeça chata philips, utilizado para montagem/estruturação de móveis de mareiras leves, aglomerados, compensados, mdf e outros derivados de madeira. Parafuso fabricado em aço sae 1015/1018 temperado e cementado com acabamento bicromatizado, tamanho 3,5x16mm, caixa com 500 unidades",44663,"Media","CAIXA","INTEGRAL","CUSTO SUPORTE - MATERIAL",null,4,25,100]
["BASE",642,24,"MATERIAL P/ MANUT.DE BENS IMOVEIS/INSTALACOES",53,"FERRAGENS E ABRASIVOS",5305,"PARAFUSOS SEM PORCA","10453","PARAFUSO CABEÇA CHATA","Parafuso clipboard com rosca auto cortante, cabeça chata philips, utilizado para montagem/estruturação de móveis de mareiras leves, aglomerados, compensados, mdf e outros derivados de madeira. Parafuso fabricado em aço sae 1015/1018 temperado e cementado com acabamento bicromatizado, tamanho 3,5x50mm, caixa com 500 unidades",44663,"Media","CAIXA","INTEGRAL","CUSTO SUPORTE - MATERIAL",null,13,25,325]
["BASE",643,24,"MATERIAL P/ MANUT.DE BENS IMOVEIS/INSTALACOES",53,"FERRAGENS E ABRASIVOS",5340,"FERRAGENS DIVERSAS","11345","PUXADOR","Puxador para móveis barra gossa redonda de 1/2” sem freio",44663,"Media","UNIDADE","INTEGRAL","CUSTO SUPORTE - MATERIAL",null,30,10,300]
["BASE",644,24,"MATERIAL P/ MANUT.DE BENS IMOVEIS/INSTALACOES",53,"FERRAGENS E ABRASIVOS",5340,"FERRAGENS DIVERSAS","11345","PUXADOR","Puxador perfil 15mm em alumínio para porta de 15mm ",44663,"Media","UNIDADE","INTEGRAL","CUSTO SUPORTE - MATERIAL",null,40,50,2000]
["BASE",645,24,"MATERIAL P/ MANUT.DE BENS IMOVEIS/INSTALACOES",53,"FERRAGENS E ABRASIVOS",5340,"FERRAGENS DIVERSAS","11345","PUXADOR","Puxador Móveis Armário Aço Escovado Italy Line Il 606 96mm",44663,"Media","UNIDADE","INTEGRAL","CUSTO SUPORTE - MATERIAL",null,50,10,500]
["BASE",646,24,"MATERIAL P/ MANUT.DE BENS IMOVEIS/INSTALACOES",80,"PINCÉIS, TINTAS, VEDANTES E ADESIVOS",8040,"ADESIVOS","13894","COLA","Cola Adesivo de contato (cascola henkel 730g)",44663,"Media","UNIDADE","INTEGRAL","CUSTO SUPORTE - MATERIAL",null,20,30,600]
["BASE",647,24,"MATERIAL P/ MANUT.DE BENS IMOVEIS/INSTALACOES",80,"PINCÉIS, TINTAS, VEDANTES E ADESIVOS",8040,"ADESIVOS","02104","ADESIVO COLAGEM","Adesivo Instantâneo Ciano Extra Forte 100g – TYTAN-40031, embalagem de 100g",44663,"Media","UNIDADE","INTEGRAL","CUSTO SUPORTE - MATERIAL",null,20,30,600]
["BASE",648,24,"MATERIAL P/ MANUT.DE BENS IMOVEIS/INSTALACOES",55,"TÁBUAS, ESQUADRIAS, COMPENSADOS E FOLHEADOS DE MADEIRA",5520,"ESQUADRIAS","09378","PORTAL MADEIRA","Porta padrão angelim, tipo lisa, uso interno,acabamento superficial, base pintura, 70x210x3, com caixilho",44663,"Media","UNIDADE","INTEGRAL","CUSTO SUPORTE - MATERIAL",null,10,200,2000]
["BASE",649,24,"MATERIAL P/ MANUT.DE BENS IMOVEIS/INSTALACOES",55,"TÁBUAS, ESQUADRIAS, COMPENSADOS E FOLHEADOS DE MADEIRA",5520,"ESQUADRIAS","09378","PORTAL MADEIRA","Porta padrão angelim, tipo lisa, uso interno, acabamento superficial, base pintura, 80x210x3, com caixilho",44663,"Media","UNIDADE","INTEGRAL","CUSTO SUPORTE - MATERIAL",null,10,200,2000]
["BASE",650,24,"MATERIAL P/ MANUT.DE BENS IMOVEIS/INSTALACOES",55,"TÁBUAS, ESQUADRIAS, COMPENSADOS E FOLHEADOS DE MADEIRA",5520,"ESQUADRIAS","09378","PORTAL MADEIRA","Porta padrão angelim, tipo lisa, uso externo, acabamento superficial, base pintura, 80x210x3, com caixilho",44663,"Media","UNIDADE","INTEGRAL","CUSTO SUPORTE - MATERIAL",null,10,200,2000]
["BASE",651,24,"MATERIAL P/ MANUT.DE BENS IMOVEIS/INSTALACOES",55,"TÁBUAS, ESQUADRIAS, COMPENSADOS E FOLHEADOS DE MADEIRA",5520,"ESQUADRIAS","09378","PORTAL MADEIRA","Porta padrão angelim, tipo lisa, uso externo, acabamento superficial, base pintura, 80x210x3, com caixilho",44663,"Media","UNIDADE","INTEGRAL","CUSTO SUPORTE - MATERIAL",null,10,200,2000]
["BASE",652,24,"MATERIAL P/ MANUT.DE BENS IMOVEIS/INSTALACOES",55,"TÁBUAS, ESQUADRIAS, COMPENSADOS E FOLHEADOS DE MADEIRA",5520,"ESQUADRIAS","04181","CAIXILHO MADEIRA","Caixilho em madeira 90x210 ",44663,"Media","UNIDADE","INTEGRAL","CUSTO SUPORTE - MATERIAL",null,20,160,3200]
["BASE",653,24,"MATERIAL P/ MANUT.DE BENS IMOVEIS/INSTALACOES",55,"TÁBUAS, ESQUADRIAS, COMPENSADOS E FOLHEADOS DE MADEIRA",5520,"ESQUADRIAS","04181","CAIXILHO MADEIRA","Porta padrão angelim, tipo lisa, uso externo, acabamento superficial, base pintura, 90x210x3, com caixilho",44663,"Media","UNIDADE","INTEGRAL","CUSTO SUPORTE - MATERIAL",null,12,200,2400]
["BASE",654,24,"MATERIAL P/ MANUT.DE BENS IMOVEIS/INSTALACOES",32,"MÁQUINAS E EQUIPAMENTOS PARA TRABALHOS EM MADEIRA",3230,"FERRAMENTAS E ACESSÓRIOS DE MÁQUINAS PARA TRABALHO EM  MADEIRA","08616","LÂMINA DE MÁQUINA PARA TRABALHO EM MADEIRA","Jogo de lâminas serra fita com três unidades, 1/8 (15 dentes) ,¼ (06 dentes), 3/8 (06 dentes),comprimento das lâminas: 151,13 cm. Similar melhor qualidade Starrett",44663,"Media","UNIDADE","INTEGRAL","CUSTO SUPORTE - MATERIAL",null,2,210,420]
["BASE",655,24,"MATERIAL P/ MANUT.DE BENS IMOVEIS/INSTALACOES",53,"FERRAGENS E ABRASIVOS",5345,"DISCOS E PEDRAS ABRASIVOS","00569","DISCO DESBASTE","Disco de Lixa Flap 4.1/2 Grãos 60",44663,"Media","UNIDADE","INTEGRAL","CUSTO SUPORTE - MATERIAL",null,10,5,50]
["BASE",656,24,"MATERIAL P/ MANUT.DE BENS IMOVEIS/INSTALACOES",53,"FERRAGENS E ABRASIVOS",5345,"DISCOS E PEDRAS ABRASIVOS","00569","DISCO DESBASTE","Disco de Lixa Flap 4.1/2 Grãos 80",44663,"Media","UNIDADE","INTEGRAL","CUSTO SUPORTE - MATERIAL",null,80,6,480]
["BASE",657,24,"MATERIAL P/ MANUT.DE BENS IMOVEIS/INSTALACOES",53,"FERRAGENS E ABRASIVOS",5345,"DISCOS E PEDRAS ABRASIVOS","00569","DISCO DESBASTE","Disco de Lixa Flap 4.1/2 Grãos 100",44663,"Media","UNIDADE","INTEGRAL","CUSTO SUPORTE - MATERIAL",null,80,7,560]
["BASE",658,24,"MATERIAL P/ MANUT.DE BENS IMOVEIS/INSTALACOES",53,"FERRAGENS E ABRASIVOS",5345,"DISCOS E PEDRAS ABRASIVOS","00569","DISCO DESBASTE","Disco de Lixa Flap 4.1/2 Grãos 120",44663,"Media","UNIDADE","INTEGRAL","CUSTO SUPORTE - MATERIAL",null,80,8,640]
["BASE",659,24,"MATERIAL P/ MANUT.DE BENS IMOVEIS/INSTALACOES",53,"FERRAGENS E ABRASIVOS",5345,"DISCOS E PEDRAS ABRASIVOS","14901","DISCO CORTE","Disco de corte de serra circular para bancada MDF 300mm de 80 dentes",44663,"Media","UNIDADE","INTEGRAL","CUSTO SUPORTE - MATERIAL",null,3,100,300]
["BASE",660,24,"MATERIAL P/ MANUT.DE BENS IMOVEIS/INSTALACOES",53,"FERRAGENS E ABRASIVOS",5345,"DISCOS E PEDRAS ABRASIVOS","14901","DISCO CORTE","Disco de corte de serra circular de bancada para madeira 300mm de 60 dentes",44663,"Media","UNIDADE","INTEGRAL","CUSTO SUPORTE - MATERIAL",null,4,130,520]
["BASE",661,24,"MATERIAL P/ MANUT.DE BENS IMOVEIS/INSTALACOES",51,"FERRAMENTAS MANUAIS",5180,"JOGOS E CONJUNTOS DE FERRAMENTAS MANUAIS","08546","JOGO DE FERRAMENTA","Kit formão (01 Formão 06,0mm (1/4\"); 01 Formão 12,0mm (1/2\");01 Formão 18,0mm (23/32\"); 01 Formão 24,0mm (15/16\").",44663,"Media","UNIDADE","INTEGRAL","CUSTO SUPORTE - MATERIAL",null,5,110,550]
["BASE",662,24,"MATERIAL P/ MANUT.DE BENS IMOVEIS/INSTALACOES",80,"PINCÉIS, TINTAS, VEDANTES E ADESIVOS",8040,"ADESIVOS","13894","COLA","Cola Branca Universal 1kg",44663,"Media","UNIDADE","INTEGRAL","CUSTO SUPORTE - MATERIAL",null,80,20,1600]
["BASE",663,24,"MATERIAL P/ MANUT.DE BENS IMOVEIS/INSTALACOES",80,"PINCÉIS, TINTAS, VEDANTES E ADESIVOS",8040,"ADESIVOS","13894","COLA","Cola para madeira 1,03kg",44663,"Media","UNIDADE","INTEGRAL","CUSTO SUPORTE - MATERIAL",null,40,65,2600]
["BASE",664,24,"MATERIAL P/ MANUT.DE BENS IMOVEIS/INSTALACOES",80,"PINCÉIS, TINTAS, VEDANTES E ADESIVOS",8040,"ADESIVOS","13894","COLA","Cola de contato 2,8 kg",44663,"Media","UNIDADE","INTEGRAL","CUSTO SUPORTE - MATERIAL",null,80,80,6400]
["BASE",665,24,"MATERIAL P/ MANUT.DE BENS IMOVEIS/INSTALACOES",80,"PINCÉIS, TINTAS, VEDANTES E ADESIVOS",8020,"PINCEL PARA ARTISTAS E PINTORES","03306","BANDEJA PINTURA","BANDEJA PINTURA, MATERIAL:PLÁSTICO, COMPRIMENTO:34,50 CM, LARGURA:26 CM, CARACTERÍSTICAS ADICIONAIS:COM ESCORREDOR DE TINTA E ALÇA METÁLICA, CAPACIDADE MÍNIMA:10 L, TIPO:BALDE / CAÇAMBA, FORMATO:RETANGULAR",44663,"Media","UNIDADE","INTEGRAL","CUSTO SUPORTE - MATERIAL",null,15,20,300]
["BASE",666,24,"MATERIAL P/ MANUT.DE BENS IMOVEIS/INSTALACOES",80,"PINCÉIS, TINTAS, VEDANTES E ADESIVOS",8020,"PINCEL PARA ARTISTAS E PINTORES","03306","BANDEJA PINTURA","Bandeja pintura, material plástico,  comprimento 35,  largura  28, características adicionais para rolo de 23 cm",44663,"Media","UNIDADE","INTEGRAL","CUSTO SUPORTE - MATERIAL",null,15,15,225]
["BASE",667,24,"MATERIAL P/ MANUT.DE BENS IMOVEIS/INSTALACOES",56,"MATERIAIS PARA CONSTRUÇÃO",5610,"MATERIAIS DE ORIGEM MINERAL PARA CONSTRUÇÃO, A GRANEL","04184","CAL HIDRATADA","Cal hidratada, material hidróxido de cálcio, aspecto físico pó, cor branca, aplicação construção civil",44663,"Media","SACO","INTEGRAL","CUSTO SUPORTE - MATERIAL",null,10,20,200]
["BASE",668,24,"MATERIAL P/ MANUT.DE BENS IMOVEIS/INSTALACOES",80,"PINCÉIS, TINTAS, VEDANTES E ADESIVOS",8040,"ADESIVOS","13894","COLA","Cola, composição: polivinil acetato - pva, cor: branca, aplicação: papel e madeira, características adicionais: atóxica, tipo: líquido",44663,"Media","FRASCO","INTEGRAL","CUSTO SUPORTE - MATERIAL",null,50,15,750]
["BASE",669,24,"MATERIAL P/ MANUT.DE BENS IMOVEIS/INSTALACOES",51,"FERRAMENTAS MANUAIS",5120,"FERRAMENTAS MANUAIS SEM CORTE, NÃO ACIONADAS  POR  FORÇA  MOTRIZ","06084","DESEMPENADEIRA MANUAL","Desempenadeira plástica com esponja, dimensões 240 x 140 mm.",44663,"Media","UNIDADE","INTEGRAL","CUSTO SUPORTE - MATERIAL",null,5,15,75]
["BASE",670,24,"MATERIAL P/ MANUT.DE BENS IMOVEIS/INSTALACOES",51,"FERRAMENTAS MANUAIS",5120,"FERRAMENTAS MANUAIS SEM CORTE, NÃO ACIONADAS  POR  FORÇA  MOTRIZ","06084","DESEMPENADEIRA MANUAL","Desempenadeira plástica, poliestireno, lisa, 22cm",44663,"Media","UNIDADE","INTEGRAL","CUSTO SUPORTE - MATERIAL",null,5,30,150]
["BASE",671,24,"MATERIAL P/ MANUT.DE BENS IMOVEIS/INSTALACOES",51,"FERRAMENTAS MANUAIS",5120,"FERRAMENTAS MANUAIS SEM CORTE, NÃO ACIONADAS  POR  FORÇA  MOTRIZ","06084","DESEMPENADEIRA MANUAL","Desempenadeira em aço, lisa, 14 cm x 27 cm, com cabo de madeira",44663,"Media","UNIDADE","INTEGRAL","CUSTO SUPORTE - MATERIAL",null,5,30,150]
["BASE",672,24,"MATERIAL P/ MANUT.DE BENS IMOVEIS/INSTALACOES",51,"FERRAMENTAS MANUAIS",5120,"FERRAMENTAS MANUAIS SEM CORTE, NÃO ACIONADAS  POR  FORÇA  MOTRIZ","14036","ESPÁTULA","ESPÁTULA, MATERIAL LÂMINA:METAL, MATERIAL CABO:MADEIRA, TAMANHO:4 CM, APLICAÇÃO:MASSA E RASPAGEM",44663,"Media","UNIDADE","INTEGRAL","CUSTO SUPORTE - MATERIAL",null,15,15,225]
["BASE",673,24,"MATERIAL P/ MANUT.DE BENS IMOVEIS/INSTALACOES",51,"FERRAMENTAS MANUAIS",5120,"FERRAMENTAS MANUAIS SEM CORTE, NÃO ACIONADAS  POR  FORÇA  MOTRIZ","14036","ESPÁTULA","ESPÁTULA, MATERIAL LÂMINA:METAL, MATERIAL CABO:MADEIRA, TAMANHO:10 CM, APLICAÇÃO:MASSA E RASPAGEM",44663,"Media","UNIDADE","INTEGRAL","CUSTO SUPORTE - MATERIAL",null,15,20,300]
["BASE",674,24,"MATERIAL P/ MANUT.DE BENS IMOVEIS/INSTALACOES",75,"UTENSÍLIOS DE ESCRITÓRIO E MATERIAL DE EXPEDIENTE",7520,"ACESSÓRIOS E DISPOSITIVOS PARA ESCRITÓRIO","01499","ESTILETE","ESTILETE, TIPO:LÂMINA RETRÁTIL, ESPESSURA:18 MM, MATERIAL CORPO:PLÁSTICO, COMPRIMENTO:100 MM, CARACTERÍSTICAS ADICIONAIS:TRAVA SEGURANÇA, TRILHO METÁLICO PARA LÂMINA",44663,"Media","UNIDADE","INTEGRAL","CUSTO SUPORTE - MATERIAL",null,6,15,90]
["BASE",675,24,"MATERIAL P/ MANUT.DE BENS IMOVEIS/INSTALACOES",75,"UTENSÍLIOS DE ESCRITÓRIO E MATERIAL DE EXPEDIENTE",7510,"ARTIGOS PARA ESCRITÓRIO","14929","FITA","FITA ADESIVA, MATERIAL:CREPE, TIPO:MONOFACE, LARGURA:18 MM, COMPRIMENTO:50 M, COR:BEGE, APLICAÇÃO:MULTIUSO",44663,"Media","ROLO","INTEGRAL","CUSTO SUPORTE - MATERIAL",null,100,5,500]
["BASE",676,24,"MATERIAL P/ MANUT.DE BENS IMOVEIS/INSTALACOES",75,"UTENSÍLIOS DE ESCRITÓRIO E MATERIAL DE EXPEDIENTE",7510,"ARTIGOS PARA ESCRITÓRIO","14929","FITA","FITA ADESIVA, MATERIAL:CREPE, TIPO:MONOFACE, LARGURA:48 MM, COMPRIMENTO:50 M, COR:BEGE",44663,"Media","ROLO","INTEGRAL","CUSTO SUPORTE - MATERIAL",null,100,5,500]
["BASE",677,24,"MATERIAL P/ MANUT.DE BENS IMOVEIS/INSTALACOES",75,"UTENSÍLIOS DE ESCRITÓRIO E MATERIAL DE EXPEDIENTE",7510,"ARTIGOS PARA ESCRITÓRIO","14929","FITA","FITA ADESIVA, MATERIAL:CREPE, TIPO:MONOFACE, LARGURA:18 MM, COMPRIMENTO:50 M, COR:AZUL, APLICAÇÃO:MULTIUSO",44663,"Media","ROLO","INTEGRAL","CUSTO SUPORTE - MATERIAL",null,50,5,250]
["BASE",678,24,"MATERIAL P/ MANUT.DE BENS IMOVEIS/INSTALACOES",56,"MATERIAIS PARA CONSTRUÇÃO",5680,"MATERIAIS DIVERSOS PARA CONSTRUÇÃO","07993","GESSO","GESSO, ORIGEM:MINERAL, TIPO:ESTUQUE, ASPECTO FÍSICO:PÓ, COR:BRANCO, APLICAÇÃO:CONSTRUÇÃO CIVIL",44663,"Media","QUILOGRAMA","INTEGRAL","CUSTO SUPORTE - MATERIAL",null,60,3,180]
["BASE",679,24,"MATERIAL P/ MANUT.DE BENS IMOVEIS/INSTALACOES",80,"PINCÉIS, TINTAS, VEDANTES E ADESIVOS",8030,"COMPOSTOS PRESERVATIVOS E VEDANTES","08295","IMPERMEABILIZANTE","Impermeabilizante, composição básica: emulsão acrílica, função: impermeabilização de lajes, alicerces, paredes, aplicação: construção civil, consumo: 360 a 400 g/m2, por demão, cor: branca",44663,"Media","BALDE","INTEGRAL","CUSTO SUPORTE - MATERIAL",null,10,300,3000]
["BASE",680,24,"MATERIAL P/ MANUT.DE BENS IMOVEIS/INSTALACOES",53,"FERRAGENS E ABRASIVOS",5350,"MATERIAIS ABRASIVOS","00585","LIXA","LIXA, MATERIAL:ÓXIDO ALUMÍNIO, TIPO:LIXA MASSA, APRESENTAÇÃO:FOLHA, TIPO GRÃO:120, COMPRIMENTO:275 MM, LARGURA:225 MM, DIÂMETRO:NÃO APLICÁVEL MM, ESPESSURA:NÃO APLICÁVEL MM",44663,"Media","FOLHA","INTEGRAL","CUSTO SUPORTE - MATERIAL",null,500,5,2500]
["BASE",681,24,"MATERIAL P/ MANUT.DE BENS IMOVEIS/INSTALACOES",53,"FERRAGENS E ABRASIVOS",5350,"MATERIAIS ABRASIVOS","00585","LIXA","LIXA, MATERIAL:ÓXIDO ALUMÍNIO, TIPO:LIXA MASSA, APRESENTAÇÃO:FOLHA, TIPO GRÃO:80, COMPRIMENTO:275 MM, LARGURA:225 MM, DIÂMETRO:NÃO APLICÁVEL MM, ESPESSURA:NÃO APLICÁVEL MM",44663,"Media","FOLHA","INTEGRAL","CUSTO SUPORTE - MATERIAL",null,500,5,2500]
["BASE",682,24,"MATERIAL P/ MANUT.DE BENS IMOVEIS/INSTALACOES",53,"FERRAGENS E ABRASIVOS",5350,"MATERIAIS ABRASIVOS","00585","LIXA","LIXA, MATERIAL:ÓXIDO ALUMÍNIO, TIPO:LIXA FERRO, APRESENTAÇÃO:FOLHA, TIPO GRÃO:80, COMPRIMENTO:275 MM, LARGURA:225 MM",44663,"Media","FOLHA","INTEGRAL","CUSTO SUPORTE - MATERIAL",null,200,5,1000]
["BASE",683,24,"MATERIAL P/ MANUT.DE BENS IMOVEIS/INSTALACOES",53,"FERRAGENS E ABRASIVOS",5350,"MATERIAIS ABRASIVOS","00585","LIXA","LIXA, MATERIAL:ÓXIDO ALUMÍNIO, TIPO:LIXA FERRO, APRESENTAÇÃO:FOLHA, TIPO GRÃO:220, COMPRIMENTO:275 MM, LARGURA:225 MM",44663,"Media","FOLHA","INTEGRAL","CUSTO SUPORTE - MATERIAL",null,300,5,1500]
["BASE",684,24,"MATERIAL P/ MANUT.DE BENS IMOVEIS/INSTALACOES",53,"FERRAGENS E ABRASIVOS",5350,"MATERIAIS ABRASIVOS","00585","LIXA","LIXA, MATERIAL:ÓXIDO ALUMÍNIO, TIPO:LIXA MASSA, APRESENTAÇÃO:FOLHA, TIPO GRÃO:60, COMPRIMENTO:275 MM, LARGURA:225 MM, DIÂMETRO:NÃO APLICÁVEL MM, ESPESSURA:NÃO APLICÁVEL MM",44663,"Media","FOLHA","INTEGRAL","CUSTO SUPORTE - MATERIAL",null,150,5,750]
["BASE",685,24,"MATERIAL P/ MANUT.DE BENS IMOVEIS/INSTALACOES",53,"FERRAGENS E ABRASIVOS",5350,"MATERIAIS ABRASIVOS","00585","LIXA","LIXA, MATERIAL:ÓXIDO ALUMÍNIO, TIPO:LIXA LACA E VERNIZ, APRESENTAÇÃO:FOLHA, TIPO GRÃO:180, COMPRIMENTO:275 MM, LARGURA:225 MM, DIÂMETRO:NÃO APLICÁVEL MM, ESPESSURA:NÃO APLICÁVEL MM",44663,"Media","FOLHA","INTEGRAL","CUSTO SUPORTE - MATERIAL",null,300,5,1500]
["BASE",686,24,"MATERIAL P/ MANUT.DE BENS IMOVEIS/INSTALACOES",83,"TECIDOS, COUROS, PELES, AVIAMENTOS, BARRACAS E BANDEIRAS",8305,"TECIDOS","08914","LONA","LONA PLÁSTICA, ESPESSURA:0,10 MM, LARGURA:4 M, COMPRIMENTO:10 M, COR:PRETA, APLICAÇÃO:PROTEÇÃO PISOS E OUTROS MATERIAIS EM REFORMAS., MATERIAL:PLÁSTICO SINTÉTICO",44663,"Media","ROLO","INTEGRAL","CUSTO SUPORTE - MATERIAL",null,5,120,600]
["BASE",687,24,"MATERIAL P/ MANUT.DE BENS IMOVEIS/INSTALACOES",42,"EQUIPAMENTO PARA COMBATE A INCÊNDIO, RESGATE E SEGURANÇA",4240,"EQUIPAMENTO PARA SEGURANÇA E SALVAMENTO","02740","MÁSCARA AUTÔNOMA","MÁSCARA DESCARTÁVEL USO GERAL, MATERIAL:POLIÉSTER E MICROFIBRAS SINTÉTICAS, TIPO FIXAÇÃO:TIRA ELÁSTICA, CARACTERÍSTICAS ADICIONAIS:FORMATO EM CONCHA",44663,"Media","CAIXA COM 20 UNIDADES","INTEGRAL","CUSTO SUPORTE - MATERIAL",null,150,30,4500]
["BASE",688,24,"MATERIAL P/ MANUT.DE BENS IMOVEIS/INSTALACOES",80,"PINCÉIS, TINTAS, VEDANTES E ADESIVOS",8010,"TINTAS, VERNIZES E PRODUTOS CORRELATOS","01508","MASSA CORRIDA","Massa corrida, método aplicação: com espátula, tempo secagem: 3 h, composição básica: resina acrílica, solubilidade: água, aplicação: imperfeição superfície interna para pintura",44663,"Media","LATA","INTEGRAL","CUSTO SUPORTE - MATERIAL",null,50,70,3500]
["BASE",689,24,"MATERIAL P/ MANUT.DE BENS IMOVEIS/INSTALACOES",80,"PINCÉIS, TINTAS, VEDANTES E ADESIVOS",8010,"TINTAS, VERNIZES E PRODUTOS CORRELATOS","01508","MASSA CORRIDA","Massa corrida, método aplicação: com espátula e desempenadeira, tempo secagem: 3 h, composição básica: resina acrílica, solubilidade: água, aplicação: imperfeição superfície externa para pintura",44663,"Media","LATA","INTEGRAL","CUSTO SUPORTE - MATERIAL",null,50,130,6500]
["BASE",690,24,"MATERIAL P/ MANUT.DE BENS IMOVEIS/INSTALACOES",80,"PINCÉIS, TINTAS, VEDANTES E ADESIVOS",8010,"TINTAS, VERNIZES E PRODUTOS CORRELATOS","01508","MASSA CORRIDA","Massa corrida, método aplicação: com espátula e desempenadeira, tempo secagem: 3 h, composição básica: pva - policloreto de vinila, solubilidade: água, aplicação: imperfeição superfície interna para pintura",44663,"Media","LATA","INTEGRAL","CUSTO SUPORTE - MATERIAL",null,50,40,2000]
["BASE",691,24,"MATERIAL P/ MANUT.DE BENS IMOVEIS/INSTALACOES",56,"MATERIAIS PARA CONSTRUÇÃO",5680,"MATERIAIS DIVERSOS PARA CONSTRUÇÃO","11106","MATERIAL PARA MANUTENÇÃO BENS IMÓVEIS","Massa extrafina para drywall",44663,"Media","BALDE","INTEGRAL","CUSTO SUPORTE - MATERIAL",null,5,80,400]
["BASE",692,24,"MATERIAL P/ MANUT.DE BENS IMOVEIS/INSTALACOES",80,"PINCÉIS, TINTAS, VEDANTES E ADESIVOS",8020,"PINCEL PARA ARTISTAS E PINTORES","15394","CONJUNTO (KIT) - PINTURA","Misturador, material: aço carbono, tipo: haste metálica com hélice, aplicação: mistururador de tinta, características adicionais: compatível com mandril de 3,8\"(10mm)",44663,"Media","UNIDADE","INTEGRAL","CUSTO SUPORTE - MATERIAL",null,4,40,160]
["BASE",693,24,"MATERIAL P/ MANUT.DE BENS IMOVEIS/INSTALACOES",42,"EQUIPAMENTO PARA COMBATE A INCÊNDIO, RESGATE E SEGURANÇA",4240,"EQUIPAMENTO PARA SEGURANÇA E SALVAMENTO","10145","OCULOS - VISAO NOTURNA","ÓCULOS PROTEÇÃO, MATERIAL ARMAÇÃO:PVC TRANSPARENTE, TIPO PROTEÇÃO:AMPLA VISÃO, TIPO AJUSTE HASTE:TIRANTE EM ELÁSTICO PRETO, COR LENTE:INCOLOR, APLICAÇÃO:PROTEÇÃO GERAL, CARACTERÍSTICAS ADICIONAIS:SISTEMA VENTILAÇÃO DIRETA COMPOSTA DE 75 ORIFÍCIOS, MATERIAL LENTE:POLICARBONATO",44663,"Media","UNIDADE","INTEGRAL","CUSTO SUPORTE - MATERIAL",null,10,10,100]
["BASE",694,24,"MATERIAL P/ MANUT.DE BENS IMOVEIS/INSTALACOES",80,"PINCÉIS, TINTAS, VEDANTES E ADESIVOS",8020,"PINCEL PARA ARTISTAS E PINTORES","01573","TRINCHA","TRINCHA, MATERIAL CABO:MADEIRA LAQUEADA, MATERIAL CERDAS:GRIS DUPLA, TAMANHO:1 POL, TIPO CABO:ANATÔMICO",44663,"Media","UNIDADE","INTEGRAL","CUSTO SUPORTE - MATERIAL",null,20,5,100]
["BASE",695,24,"MATERIAL P/ MANUT.DE BENS IMOVEIS/INSTALACOES",80,"PINCÉIS, TINTAS, VEDANTES E ADESIVOS",8020,"PINCEL PARA ARTISTAS E PINTORES","01573","TRINCHA","TRINCHA, MATERIAL CABO:MADEIRA LAQUEADA, MATERIAL CERDAS:GRIS DUPLA, TAMANHO:1/2 POL, TIPO CABO:ANATÔMICO",44663,"Media","UNIDADE","INTEGRAL","CUSTO SUPORTE - MATERIAL",null,20,5,100]
["BASE",696,24,"MATERIAL P/ MANUT.DE BENS IMOVEIS/INSTALACOES",80,"PINCÉIS, TINTAS, VEDANTES E ADESIVOS",8020,"PINCEL PARA ARTISTAS E PINTORES","01573","TRINCHA","TRINCHA, MATERIAL CABO:MADEIRA LAQUEADA, MATERIAL CERDAS:GRIS DUPLA, TAMANHO:3 POL, TIPO CABO:ANATÔMICO",44663,"Media","UNIDADE","INTEGRAL","CUSTO SUPORTE - MATERIAL",null,15,5,75]
["BASE",697,24,"MATERIAL P/ MANUT.DE BENS IMOVEIS/INSTALACOES",80,"PINCÉIS, TINTAS, VEDANTES E ADESIVOS",8020,"PINCEL PARA ARTISTAS E PINTORES","01573","TRINCHA","TRINCHA, MATERIAL CABO:MADEIRA LAQUEADA, MATERIAL CERDAS:GRIS DUPLA, TAMANHO:4 POL, TIPO CABO:ANATÔMICO",44663,"Media","UNIDADE","INTEGRAL","CUSTO SUPORTE - MATERIAL",null,15,5,75]
["BASE",698,24,"MATERIAL P/ MANUT.DE BENS IMOVEIS/INSTALACOES",80,"PINCÉIS, TINTAS, VEDANTES E ADESIVOS",8020,"PINCEL PARA ARTISTAS E PINTORES","01567","BROXA PINTURA","BROXA PINTURA, MATERIAL BASE:PLÁSTICO, MATERIAL CABO:PLÁSTICO, MATERIAL CERDAS:NYLON, FORMATO:REDONDO, APLICAÇÃO:PINTURA E CAIAÇÃO, BITOLA:75 MM, COMPRIMENTO:25 CM",44663,"Media","UNIDADE","INTEGRAL","CUSTO SUPORTE - MATERIAL",null,10,15,150]
["BASE",699,24,"MATERIAL P/ MANUT.DE BENS IMOVEIS/INSTALACOES",80,"PINCÉIS, TINTAS, VEDANTES E ADESIVOS",8020,"PINCEL PARA ARTISTAS E PINTORES","01567","BROXA PINTURA","BROXA PINTURA, MATERIAL BASE:MADEIRA, MATERIAL CABO:MADEIRA, MATERIAL CERDAS:NYLON, FORMATO:RETANGULAR, APLICAÇÃO:PINTURA E CAIAÇÃO, COMPRIMENTO:19,6 CM, LARGURA:5,6 CM",44663,"Media","UNIDADE","INTEGRAL","CUSTO SUPORTE - MATERIAL",null,15,10,150]
["BASE",700,24,"MATERIAL P/ MANUT.DE BENS IMOVEIS/INSTALACOES",80,"PINCÉIS, TINTAS, VEDANTES E ADESIVOS",8010,"TINTAS, VERNIZES E PRODUTOS CORRELATOS","13917","REMOVEDOR FERRUGEM","Removedor de ferrugem",44663,"Media","FRASCO","INTEGRAL","CUSTO SUPORTE - MATERIAL",null,5,40,200]
["BASE",701,24,"MATERIAL P/ MANUT.DE BENS IMOVEIS/INSTALACOES",80,"PINCÉIS, TINTAS, VEDANTES E ADESIVOS",8010,"TINTAS, VERNIZES E PRODUTOS CORRELATOS","01594","REMOVEDOR TINTA","REMOVEDOR TINTA, REMOVEDOR DE TINTA",44663,"Media","LATA","INTEGRAL","CUSTO SUPORTE - MATERIAL",null,20,50,1000]
["BASE",702,24,"MATERIAL P/ MANUT.DE BENS IMOVEIS/INSTALACOES",80,"PINCÉIS, TINTAS, VEDANTES E ADESIVOS",8020,"PINCEL PARA ARTISTAS E PINTORES","01572","ROLO PINTURA PREDIAL","ROLO PINTURA PREDIAL,  Rolo de lã sintética antirrespingo, altura da lã 9mm, COMPRIMENTO:23 CM.",44663,"Media","UNIDADE","INTEGRAL","CUSTO SUPORTE - MATERIAL",null,30,20,600]
["BASE",703,24,"MATERIAL P/ MANUT.DE BENS IMOVEIS/INSTALACOES",80,"PINCÉIS, TINTAS, VEDANTES E ADESIVOS",8020,"PINCEL PARA ARTISTAS E PINTORES","01572","ROLO PINTURA PREDIAL","ROLO PINTURA PREDIAL, MATERIAL:ESPUMA POLIÉSTER, COMPRIMENTO:15 CM, CARACTERÍSTICAS ADICIONAIS:COM SUPORTE/GARFO DE AÇO GALVANIZADO",44663,"Media","UNIDADE","INTEGRAL","CUSTO SUPORTE - MATERIAL",null,50,15,750]
["BASE",704,24,"MATERIAL P/ MANUT.DE BENS IMOVEIS/INSTALACOES",80,"PINCÉIS, TINTAS, VEDANTES E ADESIVOS",8020,"PINCEL PARA ARTISTAS E PINTORES","01572","ROLO PINTURA PREDIAL","ROLO PINTURA PREDIAL, MATERIAL:LÃ DE CARNEIRO, COMPRIMENTO:15 CM, CARACTERÍSTICAS ADICIONAIS:COM SUPORTE/GARFO DE AÇO GALVANIZADO",44663,"Media","UNIDADE","INTEGRAL","CUSTO SUPORTE - MATERIAL",null,25,30,750]
["BASE",705,24,"MATERIAL P/ MANUT.DE BENS IMOVEIS/INSTALACOES",80,"PINCÉIS, TINTAS, VEDANTES E ADESIVOS",8020,"PINCEL PARA ARTISTAS E PINTORES","01572","ROLO PINTURA PREDIAL","ROLO PINTURA PREDIAL, MATERIAL:LÃ DE CARNEIRO, MATERIAL TUBO:PLÁSTICO, APLICAÇÃO:SUPERFÍCIE LISA/LÁTEX E ACRÍLICA, COMPRIMENTO:23 CM, MATERIAL CABO:PLÁSTICO RESISTENTE, CARACTERÍSTICAS ADICIONAIS:COM SUPORTE/GARFO DE AÇO GALVANIZADO",44663,"Media","UNIDADE","INTEGRAL","CUSTO SUPORTE - MATERIAL",null,25,45,1125]
["BASE",706,24,"MATERIAL P/ MANUT.DE BENS IMOVEIS/INSTALACOES",80,"PINCÉIS, TINTAS, VEDANTES E ADESIVOS",8020,"PINCEL PARA ARTISTAS E PINTORES","01572","ROLO PINTURA PREDIAL","ROLO PINTURA PREDIAL, MATERIAL:ESPUMA SINTÉTICA, COMPRIMENTO:5 CM, CARACTERÍSTICAS ADICIONAIS:COM SUPORTE/GARFO DE AÇO GALVANIZADO",44663,"Media","UNIDADE","INTEGRAL","CUSTO SUPORTE - MATERIAL",null,50,8,400]
["BASE",707,24,"MATERIAL P/ MANUT.DE BENS IMOVEIS/INSTALACOES",80,"PINCÉIS, TINTAS, VEDANTES E ADESIVOS",8010,"TINTAS, VERNIZES E PRODUTOS CORRELATOS","11979","SELADOR / FUNDO PREPARADOR","SELADOR / FUNDO PREPARADOR, COMPOSIÇÃO:À BASE DE NITROCELULOSE, APLICAÇÃO:TRATAMENTO COR NATURAL EM MÓVEIS, COR:INCOLOR, ACABAMENTO:FOSCO, MÉTODO APLICAÇÃO:ROLO, PINCEL, PISTOLA OU BONECA",44663,"Media","GALÃO","INTEGRAL","CUSTO SUPORTE - MATERIAL",null,10,230,2300]
["BASE",708,24,"MATERIAL P/ MANUT.DE BENS IMOVEIS/INSTALACOES",80,"PINCÉIS, TINTAS, VEDANTES E ADESIVOS",8010,"TINTAS, VERNIZES E PRODUTOS CORRELATOS","01509","SELADOR TINTA PREDIAL","SELADOR TINTA PREDIAL, ASPECTO FÍSICO:LÍQUIDO, TIPO:ACRÍLICO",44663,"Media","LATA","INTEGRAL","CUSTO SUPORTE - MATERIAL",null,10,100,1000]
["BASE",709,24,"MATERIAL P/ MANUT.DE BENS IMOVEIS/INSTALACOES",80,"PINCÉIS, TINTAS, VEDANTES E ADESIVOS",8010,"TINTAS, VERNIZES E PRODUTOS CORRELATOS","06210","DILUENTE TINTA","THINNER, DILUENTE TINTA, COMPOSIÇÃO:HIDROCARBONETOS AROMÁTICOS/ÁLCOOL/ÉSTERES GLICÓIS, ASPECTO FÍSICO:LÍQUIDO, COR:INCOLOR",44663,"Media","LATA","INTEGRAL","CUSTO SUPORTE - MATERIAL",null,40,15,600]
["BASE",710,24,"MATERIAL P/ MANUT.DE BENS IMOVEIS/INSTALACOES",80,"PINCÉIS, TINTAS, VEDANTES E ADESIVOS",8010,"TINTAS, VERNIZES E PRODUTOS CORRELATOS","01469","AGUARRÁS","AGUARRÁS, DILUENTE TINTA, COMPOSIÇÃO:HIDROCARBONETOS AROMÁTICOS, SOLVENTES  AROMÁTICOS,, ASPECTO FÍSICO:LÍQUIDO, COR:INCOLOR, APLICAÇÃO:DISSOLVENTE TINTAS E LIMPEZA SUPERFÍCIES, 5LT",44663,"Media","GALÃO","INTEGRAL","CUSTO SUPORTE - MATERIAL",null,100,49.9,4990]
["BASE",711,24,"MATERIAL P/ MANUT.DE BENS IMOVEIS/INSTALACOES",80,"PINCÉIS, TINTAS, VEDANTES E ADESIVOS",8010,"TINTAS, VERNIZES E PRODUTOS CORRELATOS","18210","TINTA","TINTA ACRÍLICA, COMPONENTES:ÁGUA/RESINA ACRÍLICA/PIGMENTOS ORGÂNICOS E INORGÂN, ASPECTO FÍSICO:LÍQUIDO VISCOSO COLORIDO, COR:AMARELA, PRAZO VALIDADE:6 MÊS, RENDIMENTO:30 A 40 M2/GL, APLICAÇÃO:SUPERFÍCIES POROSAS REBOCO/GESSO/CONCRETO/MADEIRA",44663,"Media","LATA","INTEGRAL","CUSTO SUPORTE - MATERIAL",null,50,100,5000]
["BASE",712,24,"MATERIAL P/ MANUT.DE BENS IMOVEIS/INSTALACOES",80,"PINCÉIS, TINTAS, VEDANTES E ADESIVOS",8010,"TINTAS, VERNIZES E PRODUTOS CORRELATOS","18210","TINTA","Tinta base água, composição básica: água e emulsão acrílica, aspecto físico: líquido, tipo acabamento: semi-brilho, cor: azul del rey",44663,"Media","LATA","INTEGRAL","CUSTO SUPORTE - MATERIAL",null,50,100,5000]
["BASE",713,24,"MATERIAL P/ MANUT.DE BENS IMOVEIS/INSTALACOES",80,"PINCÉIS, TINTAS, VEDANTES E ADESIVOS",8010,"TINTAS, VERNIZES E PRODUTOS CORRELATOS","18210","TINTA","Tinta acrílica 1ª qualidade, semi-brilho, cor branca gelo, embalagem 18 L. Obrigatório selo ABRAFATI. Val min 24 meses.",44663,"Media","LATA","INTEGRAL","CUSTO SUPORTE - MATERIAL",null,15,450,6750]
["BASE",714,24,"MATERIAL P/ MANUT.DE BENS IMOVEIS/INSTALACOES",80,"PINCÉIS, TINTAS, VEDANTES E ADESIVOS",8010,"TINTAS, VERNIZES E PRODUTOS CORRELATOS","18210","TINTA","Tinta acrílica 1ª qualidade, semi-brilho, cor branca neve, embalagem 18 L. Obrigatório selo ABRAFATI. Val min 24 meses.",44663,"Media","LATA","INTEGRAL","CUSTO SUPORTE - MATERIAL",null,20,400,8000]
["BASE",715,24,"MATERIAL P/ MANUT.DE BENS IMOVEIS/INSTALACOES",80,"PINCÉIS, TINTAS, VEDANTES E ADESIVOS",8010,"TINTAS, VERNIZES E PRODUTOS CORRELATOS","18210","TINTA","Tinta acrílica 1ª qualidade, semi-brilho, cor a ser definida pelo órgão solcitante, embalagem 18 L. Obrigatório selo ABRAFATI. Val min 24 meses",44663,"Media","LATA","INTEGRAL","CUSTO SUPORTE - MATERIAL",null,20,400,8000]
["BASE",716,24,"MATERIAL P/ MANUT.DE BENS IMOVEIS/INSTALACOES",80,"PINCÉIS, TINTAS, VEDANTES E ADESIVOS",8010,"TINTAS, VERNIZES E PRODUTOS CORRELATOS","18210","TINTA","TINTA INDUSTRIAL, TIPO:EPOXI-RESINA, APRESENTAÇÃO:BICOMPONENTE, COR:CINZA, TIPO ACABAMENTO:BRILHANTE",44663,"Media","GALÃO","INTEGRAL","CUSTO SUPORTE - MATERIAL",null,10,220,2200]
["BASE",717,24,"MATERIAL P/ MANUT.DE BENS IMOVEIS/INSTALACOES",80,"PINCÉIS, TINTAS, VEDANTES E ADESIVOS",8010,"TINTAS, VERNIZES E PRODUTOS CORRELATOS","13399","VERNIZ","VERNIZ INDUSTRIAL, COMPOSIÇÃO BÁSICA:PRIMER EPÓXI MODIFICADO, ASPECTO FÍSICO:LÍQUIDO VISCOSO, COR:INCOLOR, TIPO ACABAMENTO:BRILHANTE, MÉTODO APLICAÇÃO:ROLO/PINCEL E PISTOLA, APLICAÇÃO:INTERNA E EXTERNA",44663,"Media","GALÃO","INTEGRAL","CUSTO SUPORTE - MATERIAL",null,10,200,2000]
["BASE",718,24,"MATERIAL P/ MANUT.DE BENS IMOVEIS/INSTALACOES",80,"PINCÉIS, TINTAS, VEDANTES E ADESIVOS",8010,"TINTAS, VERNIZES E PRODUTOS CORRELATOS","18210","TINTA","TINTA ESMALTE, TIPO ACABAMENTO:FOSCO, COR:AZUL MAR, APLICAÇÃO:SUPERFÍCIES MADEIRA E METAL/INTERIORES/EXTERIORES., MATERIAL:RESINA ALQUÍDICA, PIGMENTOS ORGÂNICOS/INORGÂNICOS,, ASPECTO FÍSICO:LÍQUIDO E VISCOSO, CARACTERÍSTICAS ADICIONAIS:TIPO SINTÉTICO",44663,"Media","GALÃO","INTEGRAL","CUSTO SUPORTE - MATERIAL",null,3,200,600]
["BASE",719,24,"MATERIAL P/ MANUT.DE BENS IMOVEIS/INSTALACOES",80,"PINCÉIS, TINTAS, VEDANTES E ADESIVOS",8010,"TINTAS, VERNIZES E PRODUTOS CORRELATOS","18210","TINTA","TINTA ESMALTE, TIPO ACABAMENTO:ALTO BRILHO, COR:AMARELA, DILUENTE INDICADO:AGUARRÁS, MÉTODO APLICAÇÃO:ROLO/PINCEL E PISTOLA, APLICAÇÃO:SUPERFÍCIES MADEIRA E METAL/INTERIORES/EXTERIORES., MATERIAL:TINTA À BASE DE RESINAS ALQUÍDICAS/PIGMENTOS, RENDIMENTO:40 A 50 M2/GL/DEMÃO, PRAZO ARMAZENAGEM:36 MÊS",44663,"Media","GALÃO","INTEGRAL","CUSTO SUPORTE - MATERIAL",null,0,200,0]
["BASE",720,24,"MATERIAL P/ MANUT.DE BENS IMOVEIS/INSTALACOES",80,"PINCÉIS, TINTAS, VEDANTES E ADESIVOS",8010,"TINTAS, VERNIZES E PRODUTOS CORRELATOS","18210","TINTA","TINTA ESMALTE, TIPO ACABAMENTO:ALTO BRILHO, COR:AZUL DEL REY, DILUENTE INDICADO:AGUARRÁS, MÉTODO APLICAÇÃO:ROLO/PINCEL E PISTOLA, APLICAÇÃO:SUPERFÍCIES MADEIRA E METAL/INTERIORES/EXTERIORES., MATERIAL:TINTA À BASE DE RESINAS ALQUÍDICAS/PIGMENTOS, RENDIMENTO:40 A 50 M2/GL/DEMÃO, PRAZO ARMAZENAGEM:36 MÊS",44663,"Media","GALÃO","INTEGRAL","CUSTO SUPORTE - MATERIAL",null,2,200,400]
["BASE",721,24,"MATERIAL P/ MANUT.DE BENS IMOVEIS/INSTALACOES",80,"PINCÉIS, TINTAS, VEDANTES E ADESIVOS",8010,"TINTAS, VERNIZES E PRODUTOS CORRELATOS","18210","TINTA","TINTA ESMALTE, TIPO ACABAMENTO:ALTO BRILHO, COR:GELO, DILUENTE INDICADO:AGUARRÁS, MÉTODO APLICAÇÃO:ROLO/PINCEL E PISTOLA, APLICAÇÃO:SUPERFÍCIES MADEIRA E METAL/INTERIORES/EXTERIORES., MATERIAL:TINTA À BASE DE RESINAS ALQUÍDICAS/PIGMENTOS, RENDIMENTO:40 A 50 M2/GL/DEMÃO, PRAZO ARMAZENAGEM:36 MÊS",44663,"Media","GALÃO","INTEGRAL","CUSTO SUPORTE - MATERIAL",null,0,200,0]
["BASE",722,24,"MATERIAL P/ MANUT.DE BENS IMOVEIS/INSTALACOES",80,"PINCÉIS, TINTAS, VEDANTES E ADESIVOS",8010,"TINTAS, VERNIZES E PRODUTOS CORRELATOS","18210","TINTA","TINTA ESMALTE, TIPO ACABAMENTO:ALTO BRILHO, COR:CINZA, DILUENTE INDICADO:AGUARRÁS, MÉTODO APLICAÇÃO:ROLO/PINCEL E PISTOLA, APLICAÇÃO:SUPERFÍCIES MADEIRA E METAL/INTERIORES/EXTERIORES., MATERIAL:TINTA À BASE DE RESINAS ALQUÍDICAS/PIGMENTOS, RENDIMENTO:40 A 50 M2/GL/DEMÃO, PRAZO ARMAZENAGEM:36 MÊS",44663,"Media","GALÃO","INTEGRAL","CUSTO SUPORTE - MATERIAL",null,0,200,0]
["BASE",723,24,"MATERIAL P/ MANUT.DE BENS IMOVEIS/INSTALACOES",80,"PINCÉIS, TINTAS, VEDANTES E ADESIVOS",8010,"TINTAS, VERNIZES E PRODUTOS CORRELATOS","18210","TINTA","TINTA ESMALTE, TIPO ACABAMENTO:ALTO BRILHO, COR:PRETA, DILUENTE INDICADO:AGUARRÁS, MÉTODO APLICAÇÃO:ROLO/PINCEL E PISTOLA, APLICAÇÃO:SUPERFÍCIES MADEIRA E METAL/INTERIORES/EXTERIORES., MATERIAL:TINTA A BASE DE RESINAS ALQUÍDICAS/PIGMENTOS ORGÂ, RENDIMENTO:40 A 50 M2/GL/DEMÃO, PRAZO ARMAZENAGEM:36 MESES",44663,"Media","GALÃO","INTEGRAL","CUSTO SUPORTE - MATERIAL",null,0,200,0]
["BASE",724,24,"MATERIAL P/ MANUT.DE BENS IMOVEIS/INSTALACOES",80,"PINCÉIS, TINTAS, VEDANTES E ADESIVOS",8010,"TINTAS, VERNIZES E PRODUTOS CORRELATOS","18210","TINTA","TINTA ESMALTE, TIPO ACABAMENTO:ALTO BRILHO, COR:VERDE, DILUENTE INDICADO:AGUARRÁS, MÉTODO APLICAÇÃO:ROLO/PINCEL E PISTOLA, APLICAÇÃO:SUPERFÍCIES MADEIRA E METAL/INTERIORES/EXTERIORES., MATERIAL:TINTA À BASE DE RESINAS ALQUÍDICAS/PIGMENTOS, RENDIMENTO:40 A 50 M2/GL/DEMÃO, PRAZO ARMAZENAGEM:36 MÊS",44663,"Media","GALÃO","INTEGRAL","CUSTO SUPORTE - MATERIAL",null,0,200,0]
["BASE",725,24,"MATERIAL P/ MANUT.DE BENS IMOVEIS/INSTALACOES",80,"PINCÉIS, TINTAS, VEDANTES E ADESIVOS",8010,"TINTAS, VERNIZES E PRODUTOS CORRELATOS","18210","TINTA","TINTA ESMALTE, TIPO ACABAMENTO:ALTO BRILHO, COR:VERMELHA, DILUENTE INDICADO:AGUARRÁS, MÉTODO APLICAÇÃO:ROLO/PINCEL E PISTOLA, APLICAÇÃO:SUPERFÍCIES MADEIRA E METAL/INTERIORES/EXTERIORES., MATERIAL:TINTA À BASE DE RESINAS ALQUÍDICAS/PIGMENTOS, RENDIMENTO:40 A 50 M2/GL/DEMÃO, PRAZO ARMAZENAGEM:36 MÊS",44663,"Media","GALÃO","INTEGRAL","CUSTO SUPORTE - MATERIAL",null,3,200,600]
["BASE",726,24,"MATERIAL P/ MANUT.DE BENS IMOVEIS/INSTALACOES",80,"PINCÉIS, TINTAS, VEDANTES E ADESIVOS",8010,"TINTAS, VERNIZES E PRODUTOS CORRELATOS","13399","VERNIZ","VERNIZ, ACABAMENTO:BRILHANTE, COR:TRANSPARENTE, MÉTODO APLICAÇÃO:ROLO/PINCEL E PISTOLA, APLICAÇÃO:INTERIOR E EXTERIOR, CARACTERÍSTICAS ADICIONAIS:SECAGEM RÁPIDA, TIPO:MARÍTIMO",44663,"Media","GALÃO","INTEGRAL","CUSTO SUPORTE - MATERIAL",null,3,400,1200]
["BASE",727,24,"MATERIAL P/ MANUT.DE BENS IMOVEIS/INSTALACOES",80,"PINCÉIS, TINTAS, VEDANTES E ADESIVOS",8010,"TINTAS, VERNIZES E PRODUTOS CORRELATOS","13399","VERNIZ","VERNIZ, ACABAMENTO:BRILHANTE, COR:INCOLOR, APLICAÇÃO:MADEIRA, CARACTERÍSTICAS ADICIONAIS:SECAGEM RÁPIDA",44663,"Media","GALÃO","INTEGRAL","CUSTO SUPORTE - MATERIAL",null,3,70,210]
["BASE",728,24,"MATERIAL P/ MANUT.DE BENS IMOVEIS/INSTALACOES",80,"PINCÉIS, TINTAS, VEDANTES E ADESIVOS",8020,"PINCEL PARA ARTISTAS E PINTORES","04034","CABO ROLO DE PINTURA","CABO ROLO DE PINTURA, TIPO:EXTENSOR, TAMANHO:3 A 7 M, MATERIAL:FIBRA DE VIDRO",44663,"Media","UNIDADE","INTEGRAL","CUSTO SUPORTE - MATERIAL",null,10,65,650]
["BASE",729,24,"MATERIAL P/ MANUT.DE BENS IMOVEIS/INSTALACOES",80,"PINCÉIS, TINTAS, VEDANTES E ADESIVOS",8020,"PINCEL PARA ARTISTAS E PINTORES","04034","CABO ROLO DE PINTURA","CABO ROLO DE PINTURA, TIPO:GAIOLA, TAMANHO:23 CM",44663,"Media","UNIDADE","INTEGRAL","CUSTO SUPORTE - MATERIAL",null,20,10,200]
["BASE",730,24,"MATERIAL P/ MANUT.DE BENS IMOVEIS/INSTALACOES",80,"PINCÉIS, TINTAS, VEDANTES E ADESIVOS",8020,"PINCEL PARA ARTISTAS E PINTORES","18334","CAMISA ROLO","CAMISA ROLO, COMPRIMENTO:23 CM, APLICAÇÃO:ROLO PINTURA, MATERIAL:LÃ DE CARNEIRO",44663,"Media","UNIDADE","INTEGRAL","CUSTO SUPORTE - MATERIAL",null,20,35,700]
["BASE",731,24,"MATERIAL P/ MANUT.DE BENS IMOVEIS/INSTALACOES",80,"PINCÉIS, TINTAS, VEDANTES E ADESIVOS",8010,"TINTAS, VERNIZES E PRODUTOS CORRELATOS","01469","AGUARRÁS","Aguarrás. Ideal para diluição de vernizes e Esmaltes. Embalagem: 5 Litros. Similar ou melhor qualidade a marca Suvinil.",44663,"Media","GALÃO","INTEGRAL","CUSTO SUPORTE - MATERIAL",null,0,90,0]
["BASE",732,24,"MATERIAL P/ MANUT.DE BENS IMOVEIS/INSTALACOES",80,"PINCÉIS, TINTAS, VEDANTES E ADESIVOS",8020,"PINCEL PARA ARTISTAS E PINTORES","03306","BANDEJA PINTURA","Caçamba Plástica para Tinta 10 Litros. Similar ou melhor qualidade a marca Roma",44663,"Media","UNIDADE","INTEGRAL","CUSTO SUPORTE - MATERIAL",null,0,20,0]
["BASE",733,24,"MATERIAL P/ MANUT.DE BENS IMOVEIS/INSTALACOES",56,"MATERIAIS PARA CONSTRUÇÃO",5610,"MATERIAIS DE ORIGEM MINERAL PARA CONSTRUÇÃO, A GRANEL","04184","CAL HIDRATADA","Cal para pintura com fixador. Peso líquido 5 KG. Indicação de uso: Pinturas internas e externas.",44663,"Media","SACO","INTEGRAL","CUSTO SUPORTE - MATERIAL",null,0,15,0]
["BASE",734,24,"MATERIAL P/ MANUT.DE BENS IMOVEIS/INSTALACOES",80,"PINCÉIS, TINTAS, VEDANTES E ADESIVOS",8010,"TINTAS, VERNIZES E PRODUTOS CORRELATOS","01480","CORANTE TINTA","Corante liquido para tintas. Embalagem com 50ml, cor amarela.",44663,"Media","UNIDADE","INTEGRAL","CUSTO SUPORTE - MATERIAL",null,90,5,450]
["BASE",735,24,"MATERIAL P/ MANUT.DE BENS IMOVEIS/INSTALACOES",80,"PINCÉIS, TINTAS, VEDANTES E ADESIVOS",8010,"TINTAS, VERNIZES E PRODUTOS CORRELATOS","01480","CORANTE TINTA","Corante liquido para tintas. Embalagem com 50ml, cor azul.",44663,"Media","UNIDADE","INTEGRAL","CUSTO SUPORTE - MATERIAL",null,90,5,450]
["BASE",736,24,"MATERIAL P/ MANUT.DE BENS IMOVEIS/INSTALACOES",80,"PINCÉIS, TINTAS, VEDANTES E ADESIVOS",8010,"TINTAS, VERNIZES E PRODUTOS CORRELATOS","01480","CORANTE TINTA","Corante liquido para tintas. Embalagem com 50ml, cor preto.",44663,"Media","UNIDADE","INTEGRAL","CUSTO SUPORTE - MATERIAL",null,90,5,450]
["BASE",737,24,"MATERIAL P/ MANUT.DE BENS IMOVEIS/INSTALACOES",80,"PINCÉIS, TINTAS, VEDANTES E ADESIVOS",8010,"TINTAS, VERNIZES E PRODUTOS CORRELATOS","01480","CORANTE TINTA","Corante liquido para tintas. Embalagem com 50ml, cor verde.",44663,"Media","UNIDADE","INTEGRAL","CUSTO SUPORTE - MATERIAL",null,90,5,450]
["BASE",738,24,"MATERIAL P/ MANUT.DE BENS IMOVEIS/INSTALACOES",80,"PINCÉIS, TINTAS, VEDANTES E ADESIVOS",8010,"TINTAS, VERNIZES E PRODUTOS CORRELATOS","01480","CORANTE TINTA","Corante liquido para tintas. Embalagem com 50ml, cor vermelho.",44663,"Media","UNIDADE","INTEGRAL","CUSTO SUPORTE - MATERIAL",null,90,5,450]
["BASE",739,24,"MATERIAL P/ MANUT.DE BENS IMOVEIS/INSTALACOES",80,"PINCÉIS, TINTAS, VEDANTES E ADESIVOS",8010,"TINTAS, VERNIZES E PRODUTOS CORRELATOS","11979","SELADOR / FUNDO PREPARADOR","Fundo Para Madeira. Embalagem com 3,6 Litros.",44663,"Media","GALÃO","INTEGRAL","CUSTO SUPORTE - MATERIAL",null,0,100,0]
["BASE",740,24,"MATERIAL P/ MANUT.DE BENS IMOVEIS/INSTALACOES",80,"PINCÉIS, TINTAS, VEDANTES E ADESIVOS",8010,"TINTAS, VERNIZES E PRODUTOS CORRELATOS","11979","SELADOR / FUNDO PREPARADOR","Fundo Preparador de Paredes . Embalagem com 18 Litros.",44663,"Media","LATA","INTEGRAL","CUSTO SUPORTE - MATERIAL",null,0,230,0]
["BASE",741,24,"MATERIAL P/ MANUT.DE BENS IMOVEIS/INSTALACOES",53,"FERRAGENS E ABRASIVOS",5350,"MATERIAIS ABRASIVOS","00585","LIXA","Lixa nº 100 para aplicações de desbaste e acabamento em superfícies de madeira em geral. Pacote com 50 unidades.",44663,"Media","PACOTE","INTEGRAL","CUSTO SUPORTE - MATERIAL",null,0,50,0]
["BASE",742,24,"MATERIAL P/ MANUT.DE BENS IMOVEIS/INSTALACOES",53,"FERRAGENS E ABRASIVOS",5350,"MATERIAIS ABRASIVOS","00585","LIXA","Lixa nº 120 para aplicações de desbaste e acabamento em superfícies de madeira em geral. Pacote com 50 unidades.",44663,"Media","PACOTE","INTEGRAL","CUSTO SUPORTE - MATERIAL",null,0,50,0]
["BASE",743,24,"MATERIAL P/ MANUT.DE BENS IMOVEIS/INSTALACOES",53,"FERRAGENS E ABRASIVOS",5350,"MATERIAIS ABRASIVOS","00585","LIXA","Lixa nº 120 para ferro. Pacote com 50 unidades.",44663,"Media","UNIDADE","INTEGRAL","CUSTO SUPORTE - MATERIAL",null,0,50,0]
["BASE",744,24,"MATERIAL P/ MANUT.DE BENS IMOVEIS/INSTALACOES",53,"FERRAGENS E ABRASIVOS",5350,"MATERIAIS ABRASIVOS","00585","LIXA","Lixa nº 150 para aplicações de desbaste e acabamento em superfícies de madeira em geral. Pacote com 50 unidades.",44663,"Media","PACOTE","INTEGRAL","CUSTO SUPORTE - MATERIAL",null,0,50,0]
["BASE",745,24,"MATERIAL P/ MANUT.DE BENS IMOVEIS/INSTALACOES",53,"FERRAGENS E ABRASIVOS",5350,"MATERIAIS ABRASIVOS","00585","LIXA","Lixa nº 180 para aplicações de desbaste e acabamento em superfícies de madeira em geral. Pacote com 50 unidades.",44663,"Media","PACOTE","INTEGRAL","CUSTO SUPORTE - MATERIAL",null,0,50,0]
["BASE",746,24,"MATERIAL P/ MANUT.DE BENS IMOVEIS/INSTALACOES",53,"FERRAGENS E ABRASIVOS",5350,"MATERIAIS ABRASIVOS","00585","LIXA","Lixa nº 220 para aplicações de desbaste e acabamento em superfícies de madeira em geral. Pacote com 50 unidades.",44663,"Media","PACOTE","INTEGRAL","CUSTO SUPORTE - MATERIAL",null,0,50,0]
["BASE",747,24,"MATERIAL P/ MANUT.DE BENS IMOVEIS/INSTALACOES",53,"FERRAGENS E ABRASIVOS",5350,"MATERIAIS ABRASIVOS","00585","LIXA","Lixa nº 60 para aplicações de desbaste e acabamento em superfícies de madeira em geral. Pacote com 50 unidades.",44663,"Media","UNIDADE","INTEGRAL","CUSTO SUPORTE - MATERIAL",null,0,50,0]
["BASE",748,24,"MATERIAL P/ MANUT.DE BENS IMOVEIS/INSTALACOES",53,"FERRAGENS E ABRASIVOS",5350,"MATERIAIS ABRASIVOS","00585","LIXA","Lixa nº 60 para ferro. Pacote com 50 unidades.",44663,"Media","UNIDADE","INTEGRAL","CUSTO SUPORTE - MATERIAL",null,0,50,0]
["BASE",749,24,"MATERIAL P/ MANUT.DE BENS IMOVEIS/INSTALACOES",53,"FERRAGENS E ABRASIVOS",5350,"MATERIAIS ABRASIVOS","00585","LIXA","Lixa nº 80 para aplicações de desbaste e acabamento em superfícies de madeira em geral. Pacote com 50 unidades.",44663,"Media","PACOTE","INTEGRAL","CUSTO SUPORTE - MATERIAL",null,0,50,0]
["BASE",750,24,"MATERIAL P/ MANUT.DE BENS IMOVEIS/INSTALACOES",53,"FERRAGENS E ABRASIVOS",5350,"MATERIAIS ABRASIVOS","00585","LIXA","Lixa para massa grão 100. Pacote com 50 unidades",44663,"Media","PACOTE","INTEGRAL","CUSTO SUPORTE - MATERIAL",null,0,50,0]
["BASE",751,24,"MATERIAL P/ MANUT.DE BENS IMOVEIS/INSTALACOES",53,"FERRAGENS E ABRASIVOS",5350,"MATERIAIS ABRASIVOS","00585","LIXA","Lixa para massa grão 150. Pacote com 50 unidades",44663,"Media","PACOTE","INTEGRAL","CUSTO SUPORTE - MATERIAL",null,0,50,0]
["BASE",752,24,"MATERIAL P/ MANUT.DE BENS IMOVEIS/INSTALACOES",53,"FERRAGENS E ABRASIVOS",5350,"MATERIAIS ABRASIVOS","00585","LIXA","Lixa para massa grão 220. Pacote com 50 unidades",44663,"Media","UNIDADE","INTEGRAL","CUSTO SUPORTE - MATERIAL",null,0,50,0]
["BASE",753,24,"MATERIAL P/ MANUT.DE BENS IMOVEIS/INSTALACOES",80,"PINCÉIS, TINTAS, VEDANTES E ADESIVOS",8010,"TINTAS, VERNIZES E PRODUTOS CORRELATOS","01565","MASSA PONÇAR MADEIRA","Massa para Madeira. Embalagem com 1,5 kg. Similar ou melhor qualidade a marca Renner.",44663,"Media","GALÃO","INTEGRAL","CUSTO SUPORTE - MATERIAL",null,0,25,0]
["BASE",754,24,"MATERIAL P/ MANUT.DE BENS IMOVEIS/INSTALACOES",80,"PINCÉIS, TINTAS, VEDANTES E ADESIVOS",8010,"TINTAS, VERNIZES E PRODUTOS CORRELATOS","01565","MASSA PONÇAR MADEIRA","Massa texturizada acrílica lisa. Barrica 25 kg. Rendimento 20 à 35 m². ADERÊNCIA: Norma ASTM D 3359-74 – 5-A.",44663,"Media","UNIDADE","INTEGRAL","CUSTO SUPORTE - MATERIAL",null,0,90,0]
["BASE",755,24,"MATERIAL P/ MANUT.DE BENS IMOVEIS/INSTALACOES",91,"COMBUSTÍVEIS, LUBRIFICANTES, ÓLEOS E CERAS",9140,"ÓLEOS COMBUSTÍVEIS","19741","QUEROSENE","Querosene. Conteúdo: 900ml. Indicado para remoção de graxas e óleos em geral. Produto classificado conforme a norma NBR 11702 de 07/10",44663,"Media","LATA","INTEGRAL","CUSTO SUPORTE - MATERIAL",null,20,38.5,770]
["BASE",756,24,"MATERIAL P/ MANUT.DE BENS IMOVEIS/INSTALACOES",80,"PINCÉIS, TINTAS, VEDANTES E ADESIVOS",8020,"PINCEL PARA ARTISTAS E PINTORES","01572","ROLO PINTURA PREDIAL","Refil de rolo para Pintura em lá sintética. Tamanho 23cm.",44663,"Media","UNIDADE","INTEGRAL","CUSTO SUPORTE - MATERIAL",null,0,15,0]
["BASE",757,24,"MATERIAL P/ MANUT.DE BENS IMOVEIS/INSTALACOES",80,"PINCÉIS, TINTAS, VEDANTES E ADESIVOS",8010,"TINTAS, VERNIZES E PRODUTOS CORRELATOS","01299","SOLVENTE","Resina acrílica base solvente. Indicado para telha e piso, incolor. rendimento até 380 m² por demão, aplicação. Método aplicação rolo/pincel e pistola.  Embalagem 18L",44663,"Media","LATA","INTEGRAL","CUSTO SUPORTE - MATERIAL",null,0,550,0]
["BASE",758,24,"MATERIAL P/ MANUT.DE BENS IMOVEIS/INSTALACOES",80,"PINCÉIS, TINTAS, VEDANTES E ADESIVOS",8010,"TINTAS, VERNIZES E PRODUTOS CORRELATOS","13399","VERNIZ","Resina para madeira. Brilhante incolor. Rendimento até 30m². Embalagem: 900ml",44663,"Media","LATA","INTEGRAL","CUSTO SUPORTE - MATERIAL",null,0,80,0]
["BASE",759,24,"MATERIAL P/ MANUT.DE BENS IMOVEIS/INSTALACOES",80,"PINCÉIS, TINTAS, VEDANTES E ADESIVOS",8010,"TINTAS, VERNIZES E PRODUTOS CORRELATOS","01509","SELADOR TINTA PREDIAL","Selador Acrílico 18lts. Similar ou melhor qualidade a marca Suvinil",44663,"Media","LATA","INTEGRAL","CUSTO SUPORTE - MATERIAL",null,0,130,0]
["BASE",760,24,"MATERIAL P/ MANUT.DE BENS IMOVEIS/INSTALACOES",80,"PINCÉIS, TINTAS, VEDANTES E ADESIVOS",8010,"TINTAS, VERNIZES E PRODUTOS CORRELATOS","01509","SELADOR TINTA PREDIAL","Seladora concentrada para madeira 3,6 litros.",44663,"Media","GALÃO","INTEGRAL","CUSTO SUPORTE - MATERIAL",null,0,100,0]
["BASE",761,24,"MATERIAL P/ MANUT.DE BENS IMOVEIS/INSTALACOES",80,"PINCÉIS, TINTAS, VEDANTES E ADESIVOS",8010,"TINTAS, VERNIZES E PRODUTOS CORRELATOS","13399","VERNIZ","Stain acetinado,  a base d'água. Cor: Mogno, indicado para pintura de decks, portas, portões, janelas, esquadrias, cercas, lambris. Protege e garante durabilidade às madeiras. Embalagem com 3,6 Litros.",44663,"Media","GALÃO","INTEGRAL","CUSTO SUPORTE - MATERIAL",null,10,89.9,899]
["BASE",762,24,"MATERIAL P/ MANUT.DE BENS IMOVEIS/INSTALACOES",80,"PINCÉIS, TINTAS, VEDANTES E ADESIVOS",8010,"TINTAS, VERNIZES E PRODUTOS CORRELATOS","18210","TINTA","Tinta acrílica acetinada, premium. cor:  Areia, com certificação ISO 9001 e ABRAFATI, rendimento até 380 m² por demão, aplicação superfícies porosas reboco/ gesso/ concreto/ madeira, método aplicação rolo/pincel e pistola.  Embalagem 18L.",44663,"Media","LATA","INTEGRAL","CUSTO SUPORTE - MATERIAL",null,5,287.85000000000002,1439.25]
["BASE",763,24,"MATERIAL P/ MANUT.DE BENS IMOVEIS/INSTALACOES",80,"PINCÉIS, TINTAS, VEDANTES E ADESIVOS",8010,"TINTAS, VERNIZES E PRODUTOS CORRELATOS","18210","TINTA","Tinta acrílica acetinada, premium. cor:  Branco Gelo, com certificação  ISO 9001 e ABRAFATI, rendimento até 380 m² por demão, aplicação superfícies porosas reboco/ gesso/ concreto/ madeira, método aplicação rolo/pincel e pistola.  embalagem 18L.",44663,"Media","LATA","INTEGRAL","CUSTO SUPORTE - MATERIAL",null,0,287.85000000000002,0]
["BASE",764,24,"MATERIAL P/ MANUT.DE BENS IMOVEIS/INSTALACOES",80,"PINCÉIS, TINTAS, VEDANTES E ADESIVOS",8010,"TINTAS, VERNIZES E PRODUTOS CORRELATOS","18210","TINTA","Tinta acrílica acetinada, premium. cor:  Palha, com certificação  ISO 9001 e ABRAFATI, rendimento até até 380 m² por demão, aplicação superfícies porosas reboco/ gesso/ concreto/ madeira, método aplicação rolo/pincel e pistola.  Embalagem 18L.",44663,"Media","LATA","INTEGRAL","CUSTO SUPORTE - MATERIAL",null,0,287.85000000000002,0]
["BASE",765,24,"MATERIAL P/ MANUT.DE BENS IMOVEIS/INSTALACOES",80,"PINCÉIS, TINTAS, VEDANTES E ADESIVOS",8010,"TINTAS, VERNIZES E PRODUTOS CORRELATOS","18210","TINTA","Tinta acrílica acetinada, premium. Cor: Branco Neve, com certificação  ISO 9001 e ABRAFATI, rendimento até 500 m² por demão, aplicação superfícies porosas reboco/ gesso/ concreto/ madeira, método aplicação rolo/pincel e pistola.  Embalagem 18L.",44663,"Media","LATA","INTEGRAL","CUSTO SUPORTE - MATERIAL",null,0,287.85000000000002,0]
["BASE",766,24,"MATERIAL P/ MANUT.DE BENS IMOVEIS/INSTALACOES",80,"PINCÉIS, TINTAS, VEDANTES E ADESIVOS",8010,"TINTAS, VERNIZES E PRODUTOS CORRELATOS","18210","TINTA","Tinta acrílica para piso, cor cinza. Acabamento fosco. Uso interno e externo, Rendimento: 250 a 350 m² por demão. Com Certificação da ABRAFATI. Categoria Premium. Similar ou melhor qualidade a marca: Sherwin Williams. Embalagem 18L.",44663,"Media","LATA","INTEGRAL","CUSTO SUPORTE - MATERIAL",null,0,287.85000000000002,0]
["BASE",767,24,"MATERIAL P/ MANUT.DE BENS IMOVEIS/INSTALACOES",80,"PINCÉIS, TINTAS, VEDANTES E ADESIVOS",8010,"TINTAS, VERNIZES E PRODUTOS CORRELATOS","18210","TINTA","Tinta acrílica, premium. Cor: Concreto, com certificação  ISO 9001 e ABRAFATI,  acabamento acetinado, rendimento até 380 m² por demão, aplicação superfícies porosas reboco/ gesso/ concreto/ madeira, método aplicação rolo/pincel e pistola.  Embalagem 18L.",44663,"Media","LATA","INTEGRAL","CUSTO SUPORTE - MATERIAL",null,5,287.85000000000002,1439.25]
["BASE",768,24,"MATERIAL P/ MANUT.DE BENS IMOVEIS/INSTALACOES",80,"PINCÉIS, TINTAS, VEDANTES E ADESIVOS",8010,"TINTAS, VERNIZES E PRODUTOS CORRELATOS","18210","TINTA","Tinta Acrilica, Premium. Cor: Verde Folha, aplicação pisos de concreto e asfalto. Rendimento de 50 a 75 m² por demão. Com certificação  ISO 9001 e ABRAFATI. Embalagem: 3,6L.",44663,"Media","GALÃO","INTEGRAL","CUSTO SUPORTE - MATERIAL",null,2,130,260]
["BASE",769,24,"MATERIAL P/ MANUT.DE BENS IMOVEIS/INSTALACOES",80,"PINCÉIS, TINTAS, VEDANTES E ADESIVOS",8010,"TINTAS, VERNIZES E PRODUTOS CORRELATOS","18210","TINTA","Tinta acrílica, Standart. Cor: Branco gelo, com certificação ISO 9001 e ABRAFATI, acabamento acetinado, rendimento até 380 m² por demão. Embalagem 18L.",44663,"Media","LATA","INTEGRAL","CUSTO SUPORTE - MATERIAL",null,0,287.85000000000002,0]
["BASE",770,24,"MATERIAL P/ MANUT.DE BENS IMOVEIS/INSTALACOES",80,"PINCÉIS, TINTAS, VEDANTES E ADESIVOS",8010,"TINTAS, VERNIZES E PRODUTOS CORRELATOS","18210","TINTA","Tinta acrílica, Standart. Cor: Branco Neve, com certificação ISO 9001 e ABRAFATI,  acabamento acetinado, rendimento até 380 m² por demão.  Embalagem 18L.",44663,"Media","LATA","INTEGRAL","CUSTO SUPORTE - MATERIAL",null,0,287.85000000000002,0]
["BASE",771,24,"MATERIAL P/ MANUT.DE BENS IMOVEIS/INSTALACOES",80,"PINCÉIS, TINTAS, VEDANTES E ADESIVOS",8010,"TINTAS, VERNIZES E PRODUTOS CORRELATOS","18210","TINTA","Tinta acrílica, Standart. Cor: concreto, com certificação ISO 9001 e ABRAFATI, acabamento acetinado, rendimento até 380 m² por demão. Embalagem 18L.",44663,"Media","LATA","INTEGRAL","CUSTO SUPORTE - MATERIAL",null,0,287.85000000000002,0]
["BASE",772,24,"MATERIAL P/ MANUT.DE BENS IMOVEIS/INSTALACOES",80,"PINCÉIS, TINTAS, VEDANTES E ADESIVOS",8010,"TINTAS, VERNIZES E PRODUTOS CORRELATOS","18210","TINTA","Tinta acrílica, Standart. Cor: Telha cerâmica, com certificação ISO 9001 e ABRAFATI,  acabamento semibrilho, rendimento até 380 m² por demão.  Embalagem 18L.",44663,"Media","LATA","INTEGRAL","CUSTO SUPORTE - MATERIAL",null,2,287.85000000000002,575.70000000000005]
["BASE",773,24,"MATERIAL P/ MANUT.DE BENS IMOVEIS/INSTALACOES",80,"PINCÉIS, TINTAS, VEDANTES E ADESIVOS",8010,"TINTAS, VERNIZES E PRODUTOS CORRELATOS","18210","TINTA","Tinta Acrilica. Cor: Concreto. Aplicação: piso, com certificação ISO 9001 e  ABRAFATI. rendimento até 380m² por demão. Embalagem: 18L.",44663,"Media","LATA","INTEGRAL","CUSTO SUPORTE - MATERIAL",null,0,287.85000000000002,0]
["BASE",774,24,"MATERIAL P/ MANUT.DE BENS IMOVEIS/INSTALACOES",80,"PINCÉIS, TINTAS, VEDANTES E ADESIVOS",8010,"TINTAS, VERNIZES E PRODUTOS CORRELATOS","18210","TINTA","Tinta Epoxi. Cor: Branco Neve, a base d’água. Rendimento de 50 a 75 m² por demão. Aplicação: alvenaria, azulejo, madeira e metal. madeiras e metais. Com certificação ISO 9001 e  ABRAFATI. Embalagem: 3,6L.",44663,"Media","GALÃO","INTEGRAL","CUSTO SUPORTE - MATERIAL",null,0,150,0]
["BASE",775,24,"MATERIAL P/ MANUT.DE BENS IMOVEIS/INSTALACOES",80,"PINCÉIS, TINTAS, VEDANTES E ADESIVOS",8010,"TINTAS, VERNIZES E PRODUTOS CORRELATOS","18210","TINTA","Tinta Epoxi. Cor: Preta, a base d’água. Rendimento de 50 a 75 m² por demão. Aplicação: alvenaria, azulejo, madeira e metal. madeiras e metais. Com certificação ISO 9001 e  ABRAFATI. Embalagem: 3,6L.",44663,"Media","GALÃO","INTEGRAL","CUSTO SUPORTE - MATERIAL",null,2,200,400]
["BASE",776,24,"MATERIAL P/ MANUT.DE BENS IMOVEIS/INSTALACOES",80,"PINCÉIS, TINTAS, VEDANTES E ADESIVOS",8010,"TINTAS, VERNIZES E PRODUTOS CORRELATOS","18210","TINTA","Tinta Esmalte  Premium. Cor: Azul Celeste. Rendimento de 50 a 75 m² por demão. Com certificação ISO 9001 e  ABRAFATI. Aplicação: Paredes internas e externas. Embalagem: 3,6L",44663,"Media","GALÃO","INTEGRAL","CUSTO SUPORTE - MATERIAL",null,2,100,200]
["BASE",777,24,"MATERIAL P/ MANUT.DE BENS IMOVEIS/INSTALACOES",80,"PINCÉIS, TINTAS, VEDANTES E ADESIVOS",8010,"TINTAS, VERNIZES E PRODUTOS CORRELATOS","18210","TINTA","Tinta Esmalte Premium, a base d’água. Cor: Amarela Ouro. Rendimento de 50 a 75 m² por demão. Aplicação: madeiras e metais. Com certificação ISO 9001 e  ABRAFATI. Embalagem: 3,6L",44663,"Media","GALÃO","INTEGRAL","CUSTO SUPORTE - MATERIAL",null,2,100,200]
["BASE",778,24,"MATERIAL P/ MANUT.DE BENS IMOVEIS/INSTALACOES",80,"PINCÉIS, TINTAS, VEDANTES E ADESIVOS",8010,"TINTAS, VERNIZES E PRODUTOS CORRELATOS","18210","TINTA","Tinta Esmalte Premium, a base d’água. Cor: Platina. Rendimento de 50 a 75 m² por demão. Aplicação: madeiras e metais. Com certificação ISO 9001 e  ABRAFATI. Embalagem: 3,6L.",44663,"Media","GALÃO","INTEGRAL","CUSTO SUPORTE - MATERIAL",null,2,170,340]
["BASE",779,24,"MATERIAL P/ MANUT.DE BENS IMOVEIS/INSTALACOES",80,"PINCÉIS, TINTAS, VEDANTES E ADESIVOS",8010,"TINTAS, VERNIZES E PRODUTOS CORRELATOS","18210","TINTA","Tinta Esmalte sintético, a base d’água. Cor: alumínio, de 3,6 L – Com certificação ABNT NBR 11.702 de 04/92 e ABRAFATI. Rendimento de 40 a 75m² por de mão, indicado para paredes (externas e internas), metais ferrosos e madeiras.",44663,"Media","GALÃO","INTEGRAL","CUSTO SUPORTE - MATERIAL",null,0,100,0]
["BASE",780,24,"MATERIAL P/ MANUT.DE BENS IMOVEIS/INSTALACOES",80,"PINCÉIS, TINTAS, VEDANTES E ADESIVOS",8010,"TINTAS, VERNIZES E PRODUTOS CORRELATOS","18210","TINTA","Tinta para demarcação de asfalto com ótima aderência cor: amarela ouro, similar ou melhor qualidade a marca Sherwin Williams",44663,"Media","GALÃO","INTEGRAL","CUSTO SUPORTE - MATERIAL",null,0,400,0]
["BASE",781,24,"MATERIAL P/ MANUT.DE BENS IMOVEIS/INSTALACOES",80,"PINCÉIS, TINTAS, VEDANTES E ADESIVOS",8010,"TINTAS, VERNIZES E PRODUTOS CORRELATOS","18210","TINTA","Tinta para demarcação de asfalto com ótima aderência cor: branco, similar ou melhor qualidade a marca Sherwin Williams",44663,"Media","GALÃO","INTEGRAL","CUSTO SUPORTE - MATERIAL",null,0,250,0]
["BASE",782,24,"MATERIAL P/ MANUT.DE BENS IMOVEIS/INSTALACOES",80,"PINCÉIS, TINTAS, VEDANTES E ADESIVOS",8010,"TINTAS, VERNIZES E PRODUTOS CORRELATOS","18210","TINTA","Tinta Spray Dourado. Conteúdo: 350ml à 400ml",44663,"Media","UNIDADE","INTEGRAL","CUSTO SUPORTE - MATERIAL",null,10,15,150]
["BASE",783,24,"MATERIAL P/ MANUT.DE BENS IMOVEIS/INSTALACOES",80,"PINCÉIS, TINTAS, VEDANTES E ADESIVOS",8010,"TINTAS, VERNIZES E PRODUTOS CORRELATOS","18210","TINTA","Tinta Spray Metálico Prata. Conteúdo: 350ml à 400ml",44663,"Media","UNIDADE","INTEGRAL","CUSTO SUPORTE - MATERIAL",null,10,15,150]
["BASE",784,24,"MATERIAL P/ MANUT.DE BENS IMOVEIS/INSTALACOES",80,"PINCÉIS, TINTAS, VEDANTES E ADESIVOS",8010,"TINTAS, VERNIZES E PRODUTOS CORRELATOS","18210","TINTA","Tinta Spray Preta para alta temperatura. Conteúdo: 350ml à 400ml",44663,"Media","UNIDADE","INTEGRAL","CUSTO SUPORTE - MATERIAL",null,10,15,150]
["BASE",785,24,"MATERIAL P/ MANUT.DE BENS IMOVEIS/INSTALACOES",80,"PINCÉIS, TINTAS, VEDANTES E ADESIVOS",8020,"PINCEL PARA ARTISTAS E PINTORES","01573","TRINCHA","Tinta zarcão, cor laranja. Indicação para fundos de metais ferrosos. Composição a base de resina alquídica. Embalagem:3,6L. Similar ou melhor Qualidade a marca SUVINIL.",44663,"Media","GALÃO","INTEGRAL","CUSTO SUPORTE - MATERIAL",null,20,100,2000]
["BASE",786,24,"MATERIAL P/ MANUT.DE BENS IMOVEIS/INSTALACOES",80,"PINCÉIS, TINTAS, VEDANTES E ADESIVOS",8010,"TINTAS, VERNIZES E PRODUTOS CORRELATOS","13399","VERNIZ","Trincha simples para pintura cabo em madeira ou plástico. Tamanho 2 Pol. Uso: latex e Acrílica.",44663,"Media","UNIDADE","INTEGRAL","CUSTO SUPORTE - MATERIAL",null,0,5,0]
["BASE",787,24,"MATERIAL P/ MANUT.DE BENS IMOVEIS/INSTALACOES",80,"PINCÉIS, TINTAS, VEDANTES E ADESIVOS",8010,"TINTAS, VERNIZES E PRODUTOS CORRELATOS","13399","VERNIZ","Verniz marítimo -  alto brilho Cor: Imbuia. Rendimento aprox. 38m² a 50m² por demão. Com certificação ISO 9001 e  ABRAFATI. Embalagem:3,6L.",44663,"Media","GALÃO","INTEGRAL","CUSTO SUPORTE - MATERIAL",null,4,100,400]
["BASE",788,24,"MATERIAL P/ MANUT.DE BENS IMOVEIS/INSTALACOES",80,"PINCÉIS, TINTAS, VEDANTES E ADESIVOS",8010,"TINTAS, VERNIZES E PRODUTOS CORRELATOS","13399","VERNIZ","Verniz marítimo -  alto brilho Cor: Mogno. Rendimento aprox. 38m² a 50m² por demão. Com certificação ISO 9001 e  ABRAFATI. Embalagem:3,6L.",44663,"Media","GALÃO","INTEGRAL","CUSTO SUPORTE - MATERIAL",null,4,100,400]
["BASE",789,24,"MATERIAL P/ MANUT.DE BENS IMOVEIS/INSTALACOES",80,"PINCÉIS, TINTAS, VEDANTES E ADESIVOS",8010,"TINTAS, VERNIZES E PRODUTOS CORRELATOS","13399","VERNIZ","Verniz Premium para Assoalho de Madeira, incolor, brilhante, galão com 3,6Lt.",44663,"Media","GALÃO","INTEGRAL","CUSTO SUPORTE - MATERIAL",null,5,130,650]
["BASE",790,24,"MATERIAL P/ MANUT.DE BENS IMOVEIS/INSTALACOES",53,"FERRAGENS E ABRASIVOS",5305,"PARAFUSOS SEM PORCA","10453","PARAFUSO CABEÇA CHATA","Parafuso cabeça chata philips. Medida 4,0mm x 35mm Rosca soberba. Caixa com 500 unidades.",44663,"Media","CAIXA","INTEGRAL","CUSTO SUPORTE - MATERIAL",null,10,37.020000000000003,370.2]
["BASE",791,24,"MATERIAL P/ MANUT.DE BENS IMOVEIS/INSTALACOES",53,"FERRAGENS E ABRASIVOS",5305,"PARAFUSOS SEM PORCA","10453","PARAFUSO CABEÇA CHATA","Parafuso cabeça chata philips. Medida 4,0mm x 50mm Rosca soberba. Caixa com 500 unidades.",44663,"Media","CAIXA","INTEGRAL","CUSTO SUPORTE - MATERIAL",null,10,38.9,389]
["BASE",792,24,"MATERIAL P/ MANUT.DE BENS IMOVEIS/INSTALACOES",53,"FERRAGENS E ABRASIVOS",5305,"PARAFUSOS SEM PORCA","10453","PARAFUSO CABEÇA CHATA","Parafuso cabeça chata philips. Medida 4,5mm x 40mm Rosca soberba. Caixa com 500 unidades.",44663,"Media","CAIXA","INTEGRAL","CUSTO SUPORTE - MATERIAL",null,10,40.82,408.2]
["BASE",793,24,"MATERIAL P/ MANUT.DE BENS IMOVEIS/INSTALACOES",53,"FERRAGENS E ABRASIVOS",5305,"PARAFUSOS SEM PORCA","10453","PARAFUSO CABEÇA CHATA","Parafuso cabeça chata phillips. Medida 4,5mm x 60mm – 500 unidades.",44663,"Media","CAIXA","INTEGRAL","CUSTO SUPORTE - MATERIAL",null,10,14.19,141.9]
["BASE",794,24,"MATERIAL P/ MANUT.DE BENS IMOVEIS/INSTALACOES",53,"FERRAGENS E ABRASIVOS",5305,"PARAFUSOS SEM PORCA","10453","PARAFUSO CABEÇA CHATA","Parafuso cabeça chata phillips. Medida 4,5mm x 75mm – 500 unidades.",44663,"Media","CAIXA","INTEGRAL","CUSTO SUPORTE - MATERIAL",null,10,38.9,389]
["BASE",795,24,"MATERIAL P/ MANUT.DE BENS IMOVEIS/INSTALACOES",53,"FERRAGENS E ABRASIVOS",5305,"PARAFUSOS SEM PORCA","10435","PARAFUSO FIXAÇÃO TELHADO","Parafuso de Vedação para Telha. Tamanho: (C) x (L) 16,5cm x 8mm. Pacote com 10 unidades: incluso parafusos, arruelas de metal e arruelas de borracha",44663,"Media","PACOTE","INTEGRAL","CUSTO SUPORTE - MATERIAL",null,40,21.2,848]
["BASE",796,24,"MATERIAL P/ MANUT.DE BENS IMOVEIS/INSTALACOES",53,"FERRAGENS E ABRASIVOS",5305,"PARAFUSOS SEM PORCA","18793","PARAFUSO","Parafuso para Fixação 2 1/2\",  20 peças.",44663,"Media","PACOTE","INTEGRAL","CUSTO SUPORTE - MATERIAL",null,10,77.83,778.3]
["BASE",797,24,"MATERIAL P/ MANUT.DE BENS IMOVEIS/INSTALACOES",53,"FERRAGENS E ABRASIVOS",5305,"PARAFUSOS SEM PORCA","10435","PARAFUSO FIXAÇÃO TELHADO","Parafuso Para Telha 6mm - 110mm C/ Vedação. Pacote com 50 unidades.",44663,"Media","PACOTE","INTEGRAL","CUSTO SUPORTE - MATERIAL",null,10,34.69,346.9]
["BASE",798,24,"MATERIAL P/ MANUT.DE BENS IMOVEIS/INSTALACOES",53,"FERRAGENS E ABRASIVOS",5305,"PARAFUSOS SEM PORCA","18793","PARAFUSO","Parafuso sextavado parcial zincado 1/4\" x 2\" com 50 peças.",44663,"Media","CAIXA","INTEGRAL","CUSTO SUPORTE - MATERIAL",null,10,78.900000000000006,789]
["BASE",799,24,"MATERIAL P/ MANUT.DE BENS IMOVEIS/INSTALACOES",53,"FERRAGENS E ABRASIVOS",5305,"PARAFUSOS SEM PORCA","18793","PARAFUSO","Parafuso sextavado zincado 1/4\" x 1.1/2\" com 50 peças.",44663,"Media","CAIXA","INTEGRAL","CUSTO SUPORTE - MATERIAL",null,10,39.5,395]
["BASE",800,24,"MATERIAL P/ MANUT.DE BENS IMOVEIS/INSTALACOES",53,"FERRAGENS E ABRASIVOS",5305,"PARAFUSOS SEM PORCA","18793","PARAFUSO","Parafuso sextavado zincado 5/16\" x 1\" com 50 peças",44663,"Media","CAIXA","INTEGRAL","CUSTO SUPORTE - MATERIAL",null,10,55.35,553.5]
["BASE",801,24,"MATERIAL P/ MANUT.DE BENS IMOVEIS/INSTALACOES",53,"FERRAGENS E ABRASIVOS",5305,"PARAFUSOS SEM PORCA","18793","PARAFUSO","Parafuso sextavado zincado 5/16\" x 2\" com 50 peças.",44663,"Media","CAIXA","INTEGRAL","CUSTO SUPORTE - MATERIAL",null,10,70,700]
["BASE",802,24,"MATERIAL P/ MANUT.DE BENS IMOVEIS/INSTALACOES",53,"FERRAGENS E ABRASIVOS",5305,"PARAFUSOS SEM PORCA","18793","PARAFUSO","Parafuso sextavado zincado 6 x 16 mm com 50 peças.",44663,"Media","CAIXA","INTEGRAL","CUSTO SUPORTE - MATERIAL",null,10,80,800]
["BASE",803,24,"MATERIAL P/ MANUT.DE BENS IMOVEIS/INSTALACOES",53,"FERRAGENS E ABRASIVOS",5306,"PARAFUSOS COM PORCA","10429","PARAFUSO COM PORCA","Parafuso tipo francês zincado com porca. Tamanho: ¼ Pol  x 2.1/2 Pol. Embalagem com 50 unidades.",44663,"Media","CAIXA","INTEGRAL","CUSTO SUPORTE - MATERIAL",null,10,56.9,569]
["BASE",804,24,"MATERIAL P/ MANUT.DE BENS IMOVEIS/INSTALACOES",53,"FERRAGENS E ABRASIVOS",5306,"PARAFUSOS COM PORCA","10429","PARAFUSO COM PORCA","Parafuso tipo francês zincado com porca. Tamanho: ¼ Pol x 2 Pol. Embalagem com 50 unidades.",44663,"Media","CAIXA","INTEGRAL","CUSTO SUPORTE - MATERIAL",null,10,48.9,489]
["BASE",805,24,"MATERIAL P/ MANUT.DE BENS IMOVEIS/INSTALACOES",53,"FERRAGENS E ABRASIVOS",5306,"PARAFUSOS COM PORCA","10429","PARAFUSO COM PORCA","Parafuso tipo francês zincado com porca. Tamanho: ¼ Pol x 3.1/2 Pol. Embalagem com 50 unidades.",44663,"Media","CAIXA","INTEGRAL","CUSTO SUPORTE - MATERIAL",null,10,80,800]
["BASE",806,24,"MATERIAL P/ MANUT.DE BENS IMOVEIS/INSTALACOES",56,"MATERIAIS PARA CONSTRUÇÃO",5620,"VIDROS, TELHAS, TIJOLOS E BLOCOS PARA CONSTRUÇÃO","10455","PARALELEPIPEDO","Paver material em concreto. Medidas: 20x10x6 cm.",44663,"Media","METRO QUADRADO","INTEGRAL","CUSTO SUPORTE - MATERIAL",null,80,31.95,2556]
["BASE",807,24,"MATERIAL P/ MANUT.DE BENS IMOVEIS/INSTALACOES",51,"FERRAMENTAS MANUAIS",5120,"FERRAMENTAS MANUAIS SEM CORTE, NÃO ACIONADAS  POR  FORÇA  MOTRIZ","10518","PE - DE - CABRA ( FERRAMENTA )","Pé de cabra. Descrição: em aço forjado e temperado, envernizado. Comprimento 60 cm.",44663,"Media","UNIDADE","INTEGRAL","CUSTO SUPORTE - MATERIAL",null,7,47.99,335.93]
["BASE",808,24,"MATERIAL P/ MANUT.DE BENS IMOVEIS/INSTALACOES",56,"MATERIAIS PARA CONSTRUÇÃO",5680,"MATERIAIS DIVERSOS PARA CONSTRUÇÃO","10616","PENEIRA","Peneira redonda, aro em aço para areia 55cm",44663,"Media","UNIDADE","INTEGRAL","CUSTO SUPORTE - MATERIAL",null,10,27.72,277.2]
["BASE",809,24,"MATERIAL P/ MANUT.DE BENS IMOVEIS/INSTALACOES",51,"FERRAMENTAS MANUAIS",5120,"FERRAMENTAS MANUAIS SEM CORTE, NÃO ACIONADAS  POR  FORÇA  MOTRIZ","10700","PICARETA","Picareta chibanca com cabo em madeira 90cm à 100cm.  Utilizada para cavar terrenos duros com a pá e para cortar com machadadas. Estrutura em aço, ferramenta 100% forjada proporciona maior resistência e durabilidade.",44663,"Media","UNIDADE","INTEGRAL","CUSTO SUPORTE - MATERIAL",null,10,79.52,795.2]
["BASE",810,24,"MATERIAL P/ MANUT.DE BENS IMOVEIS/INSTALACOES",56,"MATERIAIS PARA CONSTRUÇÃO",5680,"MATERIAIS DIVERSOS PARA CONSTRUÇÃO","11106","MATERIAL PARA MANUTENÇÃO BENS IMÓVEIS","Piso vinílico 2mm mogno.",44663,"Media","METRO QUADRADO","INTEGRAL","CUSTO SUPORTE - MATERIAL",null,50,57.9,2895]
["BASE",811,24,"MATERIAL P/ MANUT.DE BENS IMOVEIS/INSTALACOES",56,"MATERIAIS PARA CONSTRUÇÃO",5620,"VIDROS, TELHAS, TIJOLOS E BLOCOS PARA CONSTRUÇÃO","11737","PLACA CONCRETO","Placa Cimentícia 10 x 1200 x 2400 mm.",44663,"Media","UNIDADE","INTEGRAL","CUSTO SUPORTE - MATERIAL",null,30,114.9,3447]
["BASE",812,24,"MATERIAL P/ MANUT.DE BENS IMOVEIS/INSTALACOES",56,"MATERIAIS PARA CONSTRUÇÃO",5620,"VIDROS, TELHAS, TIJOLOS E BLOCOS PARA CONSTRUÇÃO","11737","PLACA CONCRETO","Placa Cimentícia 8 x 1200 x 2400 mm.",44663,"Media","UNIDADE","INTEGRAL","CUSTO SUPORTE - MATERIAL",null,30,96.15,2884.5]
["BASE",813,24,"MATERIAL P/ MANUT.DE BENS IMOVEIS/INSTALACOES",56,"MATERIAIS PARA CONSTRUÇÃO",5640,"PAINEL DE PAPELÃO,PAPEL EMPREGADO EM CONSTRUÇÃO E MATERIAIS DE ISOLAMENTO TÉRMICO","10301","PAINEL DE PAPELAO ( ISOLANTE TERMICO)","Placa de drywall acartonada 12,5mm x 120cm x 180cm. Material resistente ao fogo",44663,"Media","UNIDADE","INTEGRAL","CUSTO SUPORTE - MATERIAL",null,30,33.9,1017]
["BASE",814,24,"MATERIAL P/ MANUT.DE BENS IMOVEIS/INSTALACOES",51,"FERRAMENTAS MANUAIS",5110,"FERRAMENTAS MANUAIS DE CORTE, NÃO ACIONADAS POR FORÇA MOTRIZ","01353","PLAINA","Plaina manual para madeira, em metal. Nº3. Comprimento: 9-1/4\" (235 mm). Lâmina em aço temperado.",44663,"Media","UNIDADE","INTEGRAL","CUSTO SUPORTE - MATERIAL",null,5,133.51,667.55]
["BASE",815,24,"MATERIAL P/ MANUT.DE BENS IMOVEIS/INSTALACOES",26,"PNEUS E CÂMARAS DE AR",2610,"PNEUS E CÂMARAS DE AR, EXCETO OS DE AERONAVES","16145","PNEU CARRINHO MÃO","Pneu carrinho de mão, Material Borracha, Tamanho Aro 3,25 X 8. Características adicionais maciço, aro reforçado.",44663,"Media","UNIDADE","INTEGRAL","CUSTO SUPORTE - MATERIAL",null,12,79.900000000000006,958.8]
["BASE",816,24,"MATERIAL P/ MANUT.DE BENS IMOVEIS/INSTALACOES",26,"PNEUS E CÂMARAS DE AR",2610,"PNEUS E CÂMARAS DE AR, EXCETO OS DE AERONAVES","16145","PNEU CARRINHO MÃO","Pneu carrinho de mão, Material Borracha, Tamanho Aro 3,50 X 8. Características adicionais maciço, aro reforçado.",44663,"Media","UNIDADE","INTEGRAL","CUSTO SUPORTE - MATERIAL",null,12,32.78,393.36]
["BASE",817,24,"MATERIAL P/ MANUT.DE BENS IMOVEIS/INSTALACOES",56,"MATERIAIS PARA CONSTRUÇÃO",5610,"MATERIAIS DE ORIGEM MINERAL PARA CONSTRUÇÃO, A GRANEL","00869","PÓ DE PEDRA","Pó de brita.",44663,"Media","METRO CÚBICO","INTEGRAL","CUSTO SUPORTE - MATERIAL",null,10,85,850]
["BASE",818,24,"MATERIAL P/ MANUT.DE BENS IMOVEIS/INSTALACOES",56,"MATERIAIS PARA CONSTRUÇÃO",5680,"MATERIAIS DIVERSOS PARA CONSTRUÇÃO","11106","MATERIAL PARA MANUTENÇÃO BENS IMÓVEIS","Polidor de Metais 200ml.",44663,"Media","UNIDADE","INTEGRAL","CUSTO SUPORTE - MATERIAL",null,8,33.9,271.2]
["BASE",819,24,"MATERIAL P/ MANUT.DE BENS IMOVEIS/INSTALACOES",51,"FERRAMENTAS MANUAIS",5120,"FERRAMENTAS MANUAIS SEM CORTE, NÃO ACIONADAS  POR  FORÇA  MOTRIZ","14667","PONTEIRO","Ponteira SDS-plus 20 x 250 mm.",44663,"Media","UNIDADE","INTEGRAL","CUSTO SUPORTE - MATERIAL",null,20,13.61,272.2]
["BASE",820,24,"MATERIAL P/ MANUT.DE BENS IMOVEIS/INSTALACOES",51,"FERRAMENTAS MANUAIS",5120,"FERRAMENTAS MANUAIS SEM CORTE, NÃO ACIONADAS  POR  FORÇA  MOTRIZ","14667","PONTEIRO","Ponteira sextavada 12 polegadas, com empunhadura, Aço temperado seguindo especificações de segurança.",44663,"Media","UNIDADE","INTEGRAL","CUSTO SUPORTE - MATERIAL",null,20,28.19,563.79999999999995]
["BASE",821,24,"MATERIAL P/ MANUT.DE BENS IMOVEIS/INSTALACOES",53,"FERRAGENS E ABRASIVOS",5310,"PORCAS E ARRUELAS","11026","PORCA","Porca Dupla UNC 3/4\" - 10 Chave 1.1/16\" Ferro Classe 2 Polido. Pacote 50 pçs.",44663,"Media","PACOTE","INTEGRAL","CUSTO SUPORTE - MATERIAL",null,5,60,300]
["BASE",822,24,"MATERIAL P/ MANUT.DE BENS IMOVEIS/INSTALACOES",53,"FERRAGENS E ABRASIVOS",5310,"PORCAS E ARRUELAS","11026","PORCA","Porca Sextavada UNC 3/4\" - 10 Chave 1.1/8\" Ferro Grau 2 Zincado Branco. Pacote 50 pçs.",44663,"Media","PACOTE","INTEGRAL","CUSTO SUPORTE - MATERIAL",null,5,61,305]
["BASE",823,24,"MATERIAL P/ MANUT.DE BENS IMOVEIS/INSTALACOES",53,"FERRAGENS E ABRASIVOS",5310,"PORCAS E ARRUELAS","11026","PORCA","Porca Sextavada UNC 3/4\" - 10 Chave 1.1/8\" Ferro Grau 2 Zincado. Pacote com 50 peças.",44663,"Media","PACOTE","INTEGRAL","CUSTO SUPORTE - MATERIAL",null,5,62,310]
["BASE",824,24,"MATERIAL P/ MANUT.DE BENS IMOVEIS/INSTALACOES",53,"FERRAGENS E ABRASIVOS",5310,"PORCAS E ARRUELAS","11026","PORCA","Porca sextavada zincada tamanho: ½”. Com 50 peças.",44663,"Media","PACOTE","INTEGRAL","CUSTO SUPORTE - MATERIAL",null,5,17.600000000000001,88]
["BASE",825,24,"MATERIAL P/ MANUT.DE BENS IMOVEIS/INSTALACOES",53,"FERRAGENS E ABRASIVOS",5310,"PORCAS E ARRUELAS","11026","PORCA","Porca sextavada zincada tamanho: ¼”. Com 50 peças.",44663,"Media","PACOTE","INTEGRAL","CUSTO SUPORTE - MATERIAL",null,5,19.899999999999999,99.5]
["BASE",826,24,"MATERIAL P/ MANUT.DE BENS IMOVEIS/INSTALACOES",53,"FERRAGENS E ABRASIVOS",5310,"PORCAS E ARRUELAS","11026","PORCA","Porca sextavada zincada tamanho: 3/8”. Com 50 peças.",44663,"Media","PACOTE","INTEGRAL","CUSTO SUPORTE - MATERIAL",null,5,9.9,49.5]
["BASE",827,24,"MATERIAL P/ MANUT.DE BENS IMOVEIS/INSTALACOES",53,"FERRAGENS E ABRASIVOS",5310,"PORCAS E ARRUELAS","11026","PORCA","Porca sextavada zincada tamanho: 5/16”. Com 50 peças.",44663,"Media","PACOTE","INTEGRAL","CUSTO SUPORTE - MATERIAL",null,5,19.899999999999999,99.5]
["BASE",828,24,"MATERIAL P/ MANUT.DE BENS IMOVEIS/INSTALACOES",53,"FERRAGENS E ABRASIVOS",5310,"PORCAS E ARRUELAS","11026","PORCA","Porca sextavada zincada tamanho: 7/16”. Com 50 peças.",44663,"Media","PACOTE","INTEGRAL","CUSTO SUPORTE - MATERIAL",null,5,17.600000000000001,88]
["BASE",829,24,"MATERIAL P/ MANUT.DE BENS IMOVEIS/INSTALACOES",56,"MATERIAIS PARA CONSTRUÇÃO",5680,"MATERIAIS DIVERSOS PARA CONSTRUÇÃO","11106","MATERIAL PARA MANUTENÇÃO BENS IMÓVEIS","Porcelanato acetinado, Alta Resistência 60 x 60cm. Para uso em ambientes interno e externo. Cor a ser definida pelo cliente.",44663,"Media","METRO QUADRADO","INTEGRAL","CUSTO SUPORTE - MATERIAL",null,20,69.67,1393.4]
["BASE",830,24,"MATERIAL P/ MANUT.DE BENS IMOVEIS/INSTALACOES",56,"MATERIAIS PARA CONSTRUÇÃO",5680,"MATERIAIS DIVERSOS PARA CONSTRUÇÃO","11106","MATERIAL PARA MANUTENÇÃO BENS IMÓVEIS","Porcelanato acetinado, Alta Resistência 80 x 80cm. Para uso em ambientes interno e externo. Cor a ser definida pelo cliente.",44663,"Media","METRO QUADRADO","INTEGRAL","CUSTO SUPORTE - MATERIAL",null,20,84.19,1683.8]
["BASE",831,24,"MATERIAL P/ MANUT.DE BENS IMOVEIS/INSTALACOES",53,"FERRAGENS E ABRASIVOS",5340,"FERRAGENS DIVERSAS","02271","ALDRABA","Porta cadeado. Medidas aproximadas: 6,5cm x 2,8cm x 1,5cm. Material em aço galvanizado. Acompanha parafusos para instalação. UTILIZAÇÃO: Ideal para ser utilizado em portas e janelas.",44663,"Media","UNIDADE","INTEGRAL","CUSTO SUPORTE - MATERIAL",null,50,10.82,541]
["BASE",832,24,"MATERIAL P/ MANUT.DE BENS IMOVEIS/INSTALACOES",53,"FERRAGENS E ABRASIVOS",5340,"FERRAGENS DIVERSAS","02271","ALDRABA","Porta cadeado. Medidas aproximadas: 9cm x 4cm x 2cm. Material em aço galvanizado. Acompanha parafusos para instalação. UTILIZAÇÃO: Ideal para ser utilizado em portas e janelas.",44663,"Media","UNIDADE","INTEGRAL","CUSTO SUPORTE - MATERIAL",null,50,8.8800000000000008,444]
["BASE",833,24,"MATERIAL P/ MANUT.DE BENS IMOVEIS/INSTALACOES",53,"FERRAGENS E ABRASIVOS",5315,"PREGOS, CHAVETAS E PINOS","11160","PREGO COM CABECA DUPLA","Prego Cabeça Dupla 17X27 1KG",44663,"Media","PACOTE","INTEGRAL","CUSTO SUPORTE - MATERIAL",null,20,20.8,416]
["BASE",834,24,"MATERIAL P/ MANUT.DE BENS IMOVEIS/INSTALACOES",53,"FERRAGENS E ABRASIVOS",5315,"PREGOS, CHAVETAS E PINOS","11159","PREGO COM CABECA","Prego com cabeça 12x12. Material em aço.",44663,"Media","PACOTE","INTEGRAL","CUSTO SUPORTE - MATERIAL",null,20,16.899999999999999,338]
["BASE",835,24,"MATERIAL P/ MANUT.DE BENS IMOVEIS/INSTALACOES",53,"FERRAGENS E ABRASIVOS",5315,"PREGOS, CHAVETAS E PINOS","11159","PREGO COM CABECA","Prego com cabeça 14x18. Material em aço.",44663,"Media","PACOTE","INTEGRAL","CUSTO SUPORTE - MATERIAL",null,20,13.46,269.2]
["BASE",836,24,"MATERIAL P/ MANUT.DE BENS IMOVEIS/INSTALACOES",53,"FERRAGENS E ABRASIVOS",5315,"PREGOS, CHAVETAS E PINOS","11159","PREGO COM CABECA","Prego com cabeça 15x15. Material em aço.",44663,"Media","PACOTE","INTEGRAL","CUSTO SUPORTE - MATERIAL",null,20,6.8,136]
["BASE",837,24,"MATERIAL P/ MANUT.DE BENS IMOVEIS/INSTALACOES",53,"FERRAGENS E ABRASIVOS",5315,"PREGOS, CHAVETAS E PINOS","11159","PREGO COM CABECA","Prego com cabeça 16x24. Material em aço.",44663,"Media","PACOTE","INTEGRAL","CUSTO SUPORTE - MATERIAL",null,20,20.8,416]
["BASE",838,24,"MATERIAL P/ MANUT.DE BENS IMOVEIS/INSTALACOES",53,"FERRAGENS E ABRASIVOS",5315,"PREGOS, CHAVETAS E PINOS","11159","PREGO COM CABECA","Prego com cabeça 17x27. Material em aço.",44663,"Media","PACOTE","INTEGRAL","CUSTO SUPORTE - MATERIAL",null,20,11.9,238]
["BASE",839,24,"MATERIAL P/ MANUT.DE BENS IMOVEIS/INSTALACOES",53,"FERRAGENS E ABRASIVOS",5315,"PREGOS, CHAVETAS E PINOS","11159","PREGO COM CABECA","Prego com cabeça 19x36. Material em aço.",44663,"Media","PACOTE","INTEGRAL","CUSTO SUPORTE - MATERIAL",null,20,16.899999999999999,338]
["BASE",840,24,"MATERIAL P/ MANUT.DE BENS IMOVEIS/INSTALACOES",42,"EQUIPAMENTO PARA COMBATE A INCÊNDIO, RESGATE E SEGURANÇA",4240,"EQUIPAMENTO PARA SEGURANÇA E SALVAMENTO","01214","PROTETOR AURICULAR","Protetor auditivo tipo concha. Montados simetricamente nas extremidades de uma haste-suporte ajustável, em forma de arco, adaptável a cabeça humana, permitindo que cada abafador se aplique sob pressão, aos respectivos pavilhões auriculares.",44663,"Media","UNIDADE","INTEGRAL","CUSTO SUPORTE - MATERIAL",null,15,34.9,523.5]
["BASE",841,24,"MATERIAL P/ MANUT.DE BENS IMOVEIS/INSTALACOES",42,"EQUIPAMENTO PARA COMBATE A INCÊNDIO, RESGATE E SEGURANÇA",4240,"EQUIPAMENTO PARA SEGURANÇA E SALVAMENTO","01214","PROTETOR AURICULAR","Protetor de espuma moldável, tipo plug com cordão e caixinha.",44663,"Media","UNIDADE","INTEGRAL","CUSTO SUPORTE - MATERIAL",null,20,1.95,39]
["BASE",842,24,"MATERIAL P/ MANUT.DE BENS IMOVEIS/INSTALACOES",51,"FERRAMENTAS MANUAIS",5120,"FERRAMENTAS MANUAIS SEM CORTE, NÃO ACIONADAS  POR  FORÇA  MOTRIZ","04939","FERRAMENTA","Prumo de Aço 750gr , calço guia em madeira com cordão nylon de 2 metros.",44663,"Media","UNIDADE","INTEGRAL","CUSTO SUPORTE - MATERIAL",null,10,52.9,529]
["BASE",843,24,"MATERIAL P/ MANUT.DE BENS IMOVEIS/INSTALACOES",53,"FERRAGENS E ABRASIVOS",5340,"FERRAGENS DIVERSAS","11345","PUXADOR","Puxador Gaveta Porta Móveis Cromado 128mm Plástico.",44663,"Media","UNIDADE","INTEGRAL","CUSTO SUPORTE - MATERIAL",null,20,2.6,52]
["BASE",844,24,"MATERIAL P/ MANUT.DE BENS IMOVEIS/INSTALACOES",53,"FERRAGENS E ABRASIVOS",5340,"FERRAGENS DIVERSAS","11345","PUXADOR","Puxador Gaveta Porta Móveis Cromado 256mm.",44663,"Media","UNIDADE","INTEGRAL","CUSTO SUPORTE - MATERIAL",null,20,3.73,74.599999999999994]
["BASE",845,24,"MATERIAL P/ MANUT.DE BENS IMOVEIS/INSTALACOES",53,"FERRAGENS E ABRASIVOS",5340,"FERRAGENS DIVERSAS","11345","PUXADOR","Puxador para Móveis Sobrepor Inox 160mm.",44663,"Media","UNIDADE","INTEGRAL","CUSTO SUPORTE - MATERIAL",null,20,12.9,258]
["BASE",846,24,"MATERIAL P/ MANUT.DE BENS IMOVEIS/INSTALACOES",91,"COMBUSTÍVEIS, LUBRIFICANTES, ÓLEOS E CERAS",9140,"ÓLEOS COMBUSTÍVEIS","19741","QUEROSENE","Querosene. Conteúdo: 900ml. Indicado para remoção de graxas e óleos em geral. Produto classificado conforme a norma NBR 11702 de 07/10.",44663,"Media","LATA","INTEGRAL","CUSTO SUPORTE - MATERIAL",null,10,24.78,247.8]
["BASE",847,24,"MATERIAL P/ MANUT.DE BENS IMOVEIS/INSTALACOES",51,"FERRAMENTAS MANUAIS",5120,"FERRAMENTAS MANUAIS SEM CORTE, NÃO ACIONADAS  POR  FORÇA  MOTRIZ","04939","FERRAMENTA","Rebitador Manual Tipo Alavanca. Similar ou melhor qualidade a marca VONDER",44663,"Media","UNIDADE","INTEGRAL","CUSTO SUPORTE - MATERIAL",null,5,57.9,289.5]
["BASE",848,24,"MATERIAL P/ MANUT.DE BENS IMOVEIS/INSTALACOES",53,"FERRAGENS E ABRASIVOS",5320,"REBITES","00610","REBITE POP","Rebitador manual tipo alavanca. Similar ou melhor qualidade a marca Vonder.",44663,"Media","UNIDADE","INTEGRAL","CUSTO SUPORTE - MATERIAL",null,5,159.99,799.95]
["BASE",849,24,"MATERIAL P/ MANUT.DE BENS IMOVEIS/INSTALACOES",53,"FERRAGENS E ABRASIVOS",5320,"REBITES","00610","REBITE POP","Rebite, tamanho: 3,2x19mm. Cartela com 100 unidades.",44663,"Media","UNIDADE","INTEGRAL","CUSTO SUPORTE - MATERIAL",null,5,16.989999999999998,84.95]
["BASE",850,24,"MATERIAL P/ MANUT.DE BENS IMOVEIS/INSTALACOES",53,"FERRAGENS E ABRASIVOS",5320,"REBITES","00610","REBITE POP","Rebite, tamanho: 4,8x18mm. Cartela com 100 unidades.",44663,"Media","UNIDADE","INTEGRAL","CUSTO SUPORTE - MATERIAL",null,5,16.989999999999998,84.95]
["BASE",851,24,"MATERIAL P/ MANUT.DE BENS IMOVEIS/INSTALACOES",53,"FERRAGENS E ABRASIVOS",5320,"REBITES","00610","REBITE POP","Rebite, tamanho: 4x10mm. Cartela com 100 unidades.  ",44663,"Media","UNIDADE","INTEGRAL","CUSTO SUPORTE - MATERIAL",null,5,16.989999999999998,84.95]
["BASE",852,24,"MATERIAL P/ MANUT.DE BENS IMOVEIS/INSTALACOES",53,"FERRAGENS E ABRASIVOS",5320,"REBITES","00610","REBITE POP","Rebite, tamanho: 4x6mm. Cartela com 100 unidades.",44663,"Media","UNIDADE","INTEGRAL","CUSTO SUPORTE - MATERIAL",null,5,16.989999999999998,84.95]
["BASE",853,24,"MATERIAL P/ MANUT.DE BENS IMOVEIS/INSTALACOES",46,"EQUIPAMENTOS PARA PURIFICAÇÃO DE ÁGUAS E TRATAMENTO DE ESGO-TOS",4610,"EQUIPAMENTOS PARA PURIFICAÇÃO DE ÁGUA","14571","FILTRO GEOMECÂNICO","Refil Filtro Bebedouro com 3 estágios de filtração. Dimensões: 77 x 142 x 77 mm.",44663,"Media","UNIDADE","INTEGRAL","CUSTO SUPORTE - MATERIAL",null,15,46.99,704.85]
["BASE",854,24,"MATERIAL P/ MANUT.DE BENS IMOVEIS/INSTALACOES",41,"EQUIPAMENTOS PARA REFRIGERAÇÃO, AR CONDICIONADO E CIRCULAÇÃODE AR",4130,"COMPONENTES DE EQUIPAMENTOS PARA REFRIGERAÇÃO E AR  CONDICIONADO","13530","REFIL","Refil para gás co2 400g.",44663,"Media","UNIDADE","INTEGRAL","CUSTO SUPORTE - MATERIAL",null,10,50,500]
["BASE",855,24,"MATERIAL P/ MANUT.DE BENS IMOVEIS/INSTALACOES",41,"EQUIPAMENTOS PARA REFRIGERAÇÃO, AR CONDICIONADO E CIRCULAÇÃODE AR",4130,"COMPONENTES DE EQUIPAMENTOS PARA REFRIGERAÇÃO E AR  CONDICIONADO","13530","REFIL","Refil, cilindro, gás Mapp para maçarico, com 400g.",44663,"Media","UNIDADE","INTEGRAL","CUSTO SUPORTE - MATERIAL",null,10,50,500]
["BASE",856,24,"MATERIAL P/ MANUT.DE BENS IMOVEIS/INSTALACOES",51,"FERRAMENTAS MANUAIS",5120,"FERRAMENTAS MANUAIS SEM CORTE, NÃO ACIONADAS  POR  FORÇA  MOTRIZ","11571","RÉGUA PEDREIRO","Régua de pedreiro, material alumínio. Dimensões (C x L x A): 200.00 x 5.00 x 2.50 cm",44663,"Media","UNIDADE","INTEGRAL","CUSTO SUPORTE - MATERIAL",null,15,33.82,507.3]
["BASE",857,24,"MATERIAL P/ MANUT.DE BENS IMOVEIS/INSTALACOES",53,"FERRAGENS E ABRASIVOS",5355,"BOTÕES E PONTEIROS","09912","MOSTRADOR DE BALANCA","Regulador relógio de gás argônio. 1 manômetro de vazão de saída 1 manômetro de pressão do cilindro. Material em latão. Ideal para MIG e TIG.",44663,"Media","UNIDADE","INTEGRAL","CUSTO SUPORTE - MATERIAL",null,4,200,800]
["BASE",858,24,"MATERIAL P/ MANUT.DE BENS IMOVEIS/INSTALACOES",56,"MATERIAIS PARA CONSTRUÇÃO",5680,"MATERIAIS DIVERSOS PARA CONSTRUÇÃO","11106","MATERIAL PARA MANUTENÇÃO BENS IMÓVEIS","Rejunte Flexível para ambientes internos e externos, pacote 1kg. Cinza platina.",44663,"Media","PACOTE","INTEGRAL","CUSTO SUPORTE - MATERIAL",null,20,3.5,70]
["BASE",859,24,"MATERIAL P/ MANUT.DE BENS IMOVEIS/INSTALACOES",56,"MATERIAIS PARA CONSTRUÇÃO",5680,"MATERIAIS DIVERSOS PARA CONSTRUÇÃO","11106","MATERIAL PARA MANUTENÇÃO BENS IMÓVEIS","Rejunte Flexível para ambientes internos e externos, pacote 1kg. Cor Branco.",44663,"Media","PACOTE","INTEGRAL","CUSTO SUPORTE - MATERIAL",null,20,3.36,67.2]
["BASE",860,24,"MATERIAL P/ MANUT.DE BENS IMOVEIS/INSTALACOES",56,"MATERIAIS PARA CONSTRUÇÃO",5680,"MATERIAIS DIVERSOS PARA CONSTRUÇÃO","11106","MATERIAL PARA MANUTENÇÃO BENS IMÓVEIS","Rejunte Flexível para ambientes internos e externos, pacote 1kg. Cor Preto.",44663,"Media","PACOTE","INTEGRAL","CUSTO SUPORTE - MATERIAL",null,20,3.36,67.2]
["BASE",861,24,"MATERIAL P/ MANUT.DE BENS IMOVEIS/INSTALACOES",26,"PNEUS E CÂMARAS DE AR",2640,"MATERIAL PARA REFORMA E REPARO DE PNEUS E CÂMARAS DE AR","11627","REMENDO CAMARA DE AR","Remendo para câmara de ar com 100 unidades.",44663,"Media","CAIXA","INTEGRAL","CUSTO SUPORTE - MATERIAL",null,5,38.25,191.25]
["BASE",862,24,"MATERIAL P/ MANUT.DE BENS IMOVEIS/INSTALACOES",26,"PNEUS E CÂMARAS DE AR",2640,"MATERIAL PARA REFORMA E REPARO DE PNEUS E CÂMARAS DE AR","11627","REMENDO CAMARA DE AR","Removedor de tinta pastoso, lata com 1kg.",44663,"Media","LATA","INTEGRAL","CUSTO SUPORTE - MATERIAL",null,5,31.9,159.5]
["BASE",863,24,"MATERIAL P/ MANUT.DE BENS IMOVEIS/INSTALACOES",42,"EQUIPAMENTO PARA COMBATE A INCÊNDIO, RESGATE E SEGURANÇA",4240,"EQUIPAMENTO PARA SEGURANÇA E SALVAMENTO","02740","MÁSCARA AUTÔNOMA","Respirador descartável tipo concha cor branca. Com duas tiras elásticas e grampo com ajuste nasal moldável em alumínio. Similar ou melhor qualidade a marca 3M.",44663,"Media","UNIDADE","INTEGRAL","CUSTO SUPORTE - MATERIAL",null,50,11.9,595]
["BASE",864,24,"MATERIAL P/ MANUT.DE BENS IMOVEIS/INSTALACOES",42,"EQUIPAMENTO PARA COMBATE A INCÊNDIO, RESGATE E SEGURANÇA",4240,"EQUIPAMENTO PARA SEGURANÇA E SALVAMENTO","02740","MÁSCARA AUTÔNOMA","Respirador PFF2 com Válvula – Camper, pacote com 100 unidades.",44663,"Media","PACOTE","INTEGRAL","CUSTO SUPORTE - MATERIAL",null,10,129,1290]
["BASE",865,24,"MATERIAL P/ MANUT.DE BENS IMOVEIS/INSTALACOES",56,"MATERIAIS PARA CONSTRUÇÃO",5680,"MATERIAIS DIVERSOS PARA CONSTRUÇÃO","11106","MATERIAL PARA MANUTENÇÃO BENS IMÓVEIS","Rodapé de Poliestireno Branco 70mm ",44663,"Media","METRO","INTEGRAL","CUSTO SUPORTE - MATERIAL",null,20,45.3,906]
["BASE",866,24,"MATERIAL P/ MANUT.DE BENS IMOVEIS/INSTALACOES",53,"FERRAGENS E ABRASIVOS",5340,"FERRAGENS DIVERSAS","07377","FERRAGEM DE MARCENARIA","Rodízio solto reforçado de 125 mm com rolamento de esferas duplo, 60X125X125mm",44663,"Media","UNIDADE","INTEGRAL","CUSTO SUPORTE - MATERIAL",null,12,162.80000000000001,1953.6]
["BASE",867,24,"MATERIAL P/ MANUT.DE BENS IMOVEIS/INSTALACOES",56,"MATERIAIS PARA CONSTRUÇÃO",5680,"MATERIAIS DIVERSOS PARA CONSTRUÇÃO","11106","MATERIAL PARA MANUTENÇÃO BENS IMÓVEIS","Separador de piso cerâmico 2 mm pacote com 100",44663,"Media","PACOTE","INTEGRAL","CUSTO SUPORTE - MATERIAL",null,15,8,120]
["BASE",868,24,"MATERIAL P/ MANUT.DE BENS IMOVEIS/INSTALACOES",56,"MATERIAIS PARA CONSTRUÇÃO",5680,"MATERIAIS DIVERSOS PARA CONSTRUÇÃO","11106","MATERIAL PARA MANUTENÇÃO BENS IMÓVEIS","Separador de piso cerâmico 3 mm, pacote com 100",44663,"Media","PACOTE","INTEGRAL","CUSTO SUPORTE - MATERIAL",null,15,10,150]
["BASE",869,24,"MATERIAL P/ MANUT.DE BENS IMOVEIS/INSTALACOES",51,"FERRAMENTAS MANUAIS",5110,"FERRAMENTAS MANUAIS DE CORTE, NÃO ACIONADAS POR FORÇA MOTRIZ","00627","SERROTE CARPINTEIRO","Serrote carpinteiro profissional, material lâmina aço especial temperado, dureza alta dureza, material cabo plástico, quantidade furos 3, tipo travado, comprimento 26”, espessura 0,90 m.",44663,"Media","UNIDADE","INTEGRAL","CUSTO SUPORTE - MATERIAL",null,8,47.24,377.92]
["BASE",870,24,"MATERIAL P/ MANUT.DE BENS IMOVEIS/INSTALACOES",51,"FERRAMENTAS MANUAIS",5110,"FERRAMENTAS MANUAIS DE CORTE, NÃO ACIONADAS POR FORÇA MOTRIZ","00627","SERROTE CARPINTEIRO","Serrote carpinteiro, material lâmina aço especial temperado, dureza alta dureza, material cabo plástico, quantidade furos 3, tipo travado e afiado, comprimento 22”, espessura 0,80 m.",44663,"Media","UNIDADE","INTEGRAL","CUSTO SUPORTE - MATERIAL",null,8,48.7,389.6]
["BASE",871,24,"MATERIAL P/ MANUT.DE BENS IMOVEIS/INSTALACOES",80,"PINCÉIS, TINTAS, VEDANTES E ADESIVOS",8030,"COMPOSTOS PRESERVATIVOS E VEDANTES","12061","SÍLICA GEL","Silicone Multiúso incolor 280g. Indicado para vedação em materiais como vidro, esmaltados, alumínio, calhas, superfícies vitrificadas, fibras de vidro, madeira, cerâmica e alguns tipos de plásticos",44663,"Media","UNIDADE","INTEGRAL","CUSTO SUPORTE - MATERIAL",null,40,18.100000000000001,724]
["BASE",872,24,"MATERIAL P/ MANUT.DE BENS IMOVEIS/INSTALACOES",53,"FERRAGENS E ABRASIVOS",5340,"FERRAGENS DIVERSAS","14500","SUPORTE PRATELEIRA","Suporte cantoneira mão francesa na cor Preto ou Metal. Com sustentação na diagonal.  Material em aço. Dimensão 15,5x1,5x23,5cm.",44663,"Media","UNIDADE","INTEGRAL","CUSTO SUPORTE - MATERIAL",null,20,50,1000]
["BASE",873,24,"MATERIAL P/ MANUT.DE BENS IMOVEIS/INSTALACOES",53,"FERRAGENS E ABRASIVOS",5340,"FERRAGENS DIVERSAS","16474","SUPORTE FIXAÇÃO SERRA COPO","Suporte Serra Copo 1/4 32-210mm 724969. Características: Para serra copo bi-metal acima de 30mm; Para serra copo Matrix com diâmetro de 14 a 83mm – 72414 e 72483; Haste sextavada; Acompanha broca piloto HSS.",44663,"Media","UNIDADE","INTEGRAL","CUSTO SUPORTE - MATERIAL",null,10,23.85,238.5]
["BASE",874,24,"MATERIAL P/ MANUT.DE BENS IMOVEIS/INSTALACOES",42,"EQUIPAMENTO PARA COMBATE A INCÊNDIO, RESGATE E SEGURANÇA",4240,"EQUIPAMENTO PARA SEGURANÇA E SALVAMENTO","12486","TALABARTE DE SALVAMENTO E SEGURANCA","Talabarte em \"Y\", confeccionado em fita de poliéster;02 ganchos dupla trava Com abertura de 55 mm; 01 Absorvedor de Energia Com gancho olhal dupla trava Com abertura de 18 mm. Conforme Normas: (NBR 14629:2010, NBR 15834:2010 e NBR 15837:2010).",44663,"Media","UNIDADE","INTEGRAL","CUSTO SUPORTE - MATERIAL",null,5,299.25,1496.25]
["BASE",875,24,"MATERIAL P/ MANUT.DE BENS IMOVEIS/INSTALACOES",42,"EQUIPAMENTO PARA COMBATE A INCÊNDIO, RESGATE E SEGURANÇA",4240,"EQUIPAMENTO PARA SEGURANÇA E SALVAMENTO","12486","TALABARTE DE SALVAMENTO E SEGURANCA","Talabarte em i 1,30m com ABS Gancho 55mm e mosquetão incluso. Similar ou melhor qualidade a marca: Altiseg",44663,"Media","UNIDADE","INTEGRAL","CUSTO SUPORTE - MATERIAL",null,5,275.98,1379.9]
["BASE",876,24,"MATERIAL P/ MANUT.DE BENS IMOVEIS/INSTALACOES",51,"FERRAMENTAS MANUAIS",5110,"FERRAMENTAS MANUAIS DE CORTE, NÃO ACIONADAS POR FORÇA MOTRIZ","00628","TALHADEIRA","Talhadeira acabamento de alta visibilidade. Aço temperado seguindo especificações de segurança. Tamanho ¾ x 12 Polegadas. Similar ou melhor qualidade â marca TRAMONTINA ou STANTEY",44663,"Media","UNIDADE","INTEGRAL","CUSTO SUPORTE - MATERIAL",null,10,79.900000000000006,799]
["BASE",877,24,"MATERIAL P/ MANUT.DE BENS IMOVEIS/INSTALACOES",51,"FERRAMENTAS MANUAIS",5110,"FERRAMENTAS MANUAIS DE CORTE, NÃO ACIONADAS POR FORÇA MOTRIZ","00628","TALHADEIRA","Talhadeira SDS-plus 20 x 250 mm",44663,"Media","UNIDADE","INTEGRAL","CUSTO SUPORTE - MATERIAL",null,7,13.61,95.27]
["BASE",878,24,"MATERIAL P/ MANUT.DE BENS IMOVEIS/INSTALACOES",56,"MATERIAIS PARA CONSTRUÇÃO",5660,"CERCAS, GRADES E PORTÕES","16199","TELA PARA AVIÁRIO","Tela de Poliéster para impermeabilização, 73cmx10m, Branco. Similar ou melhor qualidade a marca Vedacit.",44663,"Media","UNIDADE","INTEGRAL","CUSTO SUPORTE - MATERIAL",null,20,63.73,1274.5999999999999]
["BASE",879,24,"MATERIAL P/ MANUT.DE BENS IMOVEIS/INSTALACOES",56,"MATERIAIS PARA CONSTRUÇÃO",5660,"CERCAS, GRADES E PORTÕES","16199","TELA PARA AVIÁRIO","Tela mosqueteiro em malha de alumínio 14 fio 31 mm.",44663,"Media","METRO QUADRADO","INTEGRAL","CUSTO SUPORTE - MATERIAL",null,10,25.77,257.7]
["BASE",880,24,"MATERIAL P/ MANUT.DE BENS IMOVEIS/INSTALACOES",56,"MATERIAIS PARA CONSTRUÇÃO",5650,"MATERIAIS PARA TELHADOS E REVESTIMENTO DE PAREDES","00813","TELHA","Telha fibrocimento ondulada 244 cm x 110 cm x 6 mm.",44663,"Media","UNIDADE","INTEGRAL","CUSTO SUPORTE - MATERIAL",null,10,35.9,359]
["BASE",881,24,"MATERIAL P/ MANUT.DE BENS IMOVEIS/INSTALACOES",56,"MATERIAIS PARA CONSTRUÇÃO",5650,"MATERIAIS PARA TELHADOS E REVESTIMENTO DE PAREDES","00813","TELHA","Telha fibrocimento ondulada 244 cm x 110 cm x 8 mm.",44663,"Media","UNIDADE","INTEGRAL","CUSTO SUPORTE - MATERIAL",null,10,41.9,419]
["BASE",882,24,"MATERIAL P/ MANUT.DE BENS IMOVEIS/INSTALACOES",51,"FERRAMENTAS MANUAIS",5110,"FERRAMENTAS MANUAIS DE CORTE, NÃO ACIONADAS POR FORÇA MOTRIZ","12689","TESOURA FUNILARIA","Tesoura Corta Vergalhão de 30 Pol. Sistema de alavanca com 3 pontos de apoio, com cabo emborrachado. Corpo de aço com acabamento em pintura, Capacidade de corte: 3/8\" – 10mm. Similar ou melhor qualidade a marca BLACK JACK.",44663,"Media","UNIDADE","INTEGRAL","CUSTO SUPORTE - MATERIAL",null,3,190,570]
["BASE",883,24,"MATERIAL P/ MANUT.DE BENS IMOVEIS/INSTALACOES",56,"MATERIAIS PARA CONSTRUÇÃO",5620,"VIDROS, TELHAS, TIJOLOS E BLOCOS PARA CONSTRUÇÃO","00811","TIJOLO","Tijolo de barro de 6 furos (milheiro).",44663,"Media","MILHEIRO","INTEGRAL","CUSTO SUPORTE - MATERIAL",null,2,450,900]
["BASE",884,24,"MATERIAL P/ MANUT.DE BENS IMOVEIS/INSTALACOES",53,"FERRAGENS E ABRASIVOS",5340,"FERRAGENS DIVERSAS","02431","AMORTECEDOR DE VIBRACAO ( FERRAGEM )","Trava de Porta de Piso, material cromado. Acompanha parafuso para instalação.",44663,"Media","UNIDADE","INTEGRAL","CUSTO SUPORTE - MATERIAL",null,10,29.59,295.89999999999998]
["BASE",885,24,"MATERIAL P/ MANUT.DE BENS IMOVEIS/INSTALACOES",51,"FERRAMENTAS MANUAIS",5120,"FERRAMENTAS MANUAIS SEM CORTE, NÃO ACIONADAS  POR  FORÇA  MOTRIZ","04939","FERRAMENTA","Trena Curta Elástica 10m. Descrição: Ponta magnética com dois imãs, graduação em milímetros e polegadas, corpo emborrachado, desenho ergonômico. Largura: 25 mm. Similar ou melhor qualidade a marca BLACK JACK.",44663,"Media","UNIDADE","INTEGRAL","CUSTO SUPORTE - MATERIAL",null,0,29.59,0]
["BASE",886,24,"MATERIAL P/ MANUT.DE BENS IMOVEIS/INSTALACOES",80,"PINCÉIS, TINTAS, VEDANTES E ADESIVOS",8040,"ADESIVOS","17252","ADESIVO VEDA-CALHA","Veda calha, cor alumínio, tubo com 280g.",44663,"Media","UNIDADE","INTEGRAL","CUSTO SUPORTE - MATERIAL",null,50,14.36,718]
["BASE",887,24,"MATERIAL P/ MANUT.DE BENS IMOVEIS/INSTALACOES",51,"FERRAMENTAS MANUAIS",5120,"FERRAMENTAS MANUAIS SEM CORTE, NÃO ACIONADAS  POR  FORÇA  MOTRIZ","04939","FERRAMENTA","Ventosa dupla de alumínio, para transporte de vidros, marmores e porcelanatos. Dimesões: diâmetro 123mm e comprimento 320mm.",44663,"Media","UNIDADE","INTEGRAL","CUSTO SUPORTE - MATERIAL",null,7,75.900000000000006,531.29999999999995]
["BASE",888,24,"MATERIAL P/ MANUT.DE BENS IMOVEIS/INSTALACOES",56,"MATERIAIS PARA CONSTRUÇÃO",5620,"VIDROS, TELHAS, TIJOLOS E BLOCOS PARA CONSTRUÇÃO","13915","VIDRO LAMINADO","Vidro Canelado, incolor de 4mm, cortado nas medidas conforme pedido. Instalado, (para substituição em esquadrias metálicas, de madeira, divisórias, Etc.).",44663,"Media","METRO QUADRADO","INTEGRAL","CUSTO SUPORTE - MATERIAL",null,10,100,1000]
["BASE",889,24,"MATERIAL P/ MANUT.DE BENS IMOVEIS/INSTALACOES",56,"MATERIAIS PARA CONSTRUÇÃO",5620,"VIDROS, TELHAS, TIJOLOS E BLOCOS PARA CONSTRUÇÃO","13915","VIDRO LAMINADO","Vidro Liso, incolor de 4mm, cortado nas medidas conforme pedido. Instalado, (para substituição em esquadrias metálicas, de madeira, divisórias, Etc.).",44663,"Media","METRO QUADRADO","INTEGRAL","CUSTO SUPORTE - MATERIAL",null,10,119.9,1199]
["BASE",890,24,"MATERIAL P/ MANUT.DE BENS IMOVEIS/INSTALACOES",59,"COMPONENTES DE EQUIPAMENTOS ELÉTRICOS E ELETRÔNICOS",5975,"FERRAGENS E SUPRIMENTOS DE ELETRICIDADE","16574","ALÇA PREFORMADA","Alça Pré-formada para Cabo Multiplex 25MM² ",44663,"Media","PEÇA","INTEGRAL","CUSTO SUPORTE - MATERIAL",null,0,17.440000000000001,0]
["BASE",891,24,"MATERIAL P/ MANUT.DE BENS IMOVEIS/INSTALACOES",59,"COMPONENTES DE EQUIPAMENTOS ELÉTRICOS E ELETRÔNICOS",5975,"FERRAGENS E SUPRIMENTOS DE ELETRICIDADE","16574","ALÇA PREFORMADA","Alça Pré-formada para Cabo Multiplex 35MM² ",44663,"Media","PEÇA","INTEGRAL","CUSTO SUPORTE - MATERIAL",null,0,10.61,0]
["BASE",892,24,"MATERIAL P/ MANUT.DE BENS IMOVEIS/INSTALACOES",59,"COMPONENTES DE EQUIPAMENTOS ELÉTRICOS E ELETRÔNICOS",5905,"RESISTORES","15141","RESISTÊNCIA ELÉTRICA","Resistência para chuveiro elétrico 5400W-220VOLTS -Modelo Lorenzetti.",44663,"Media","UNIDADE","INTEGRAL","CUSTO SUPORTE - MATERIAL",null,20,11.38,227.6]
["BASE",893,24,"MATERIAL P/ MANUT.DE BENS IMOVEIS/INSTALACOES",34,"MAQUINAS PARA TRABALHO EM METAIS",3439,"SUPRIMENTOS E ACESSÓRIOS PARA SOLDAS DIVERSAS, FRACAS E  FORTES","01141","SOLDA ESTANHO","Estanhos para solda; com resina; carretéis com 500grs; espessura de 1,0mm composição estanho chumbo 40x60.",44663,"Media","UNIDADE","INTEGRAL","CUSTO SUPORTE - MATERIAL",null,35,128.61000000000001,4501.3500000000004]
["BASE",894,24,"MATERIAL P/ MANUT.DE BENS IMOVEIS/INSTALACOES",75,"UTENSÍLIOS DE ESCRITÓRIO E MATERIAL DE EXPEDIENTE",7510,"ARTIGOS PARA ESCRITÓRIO","00021","ETIQUETA ADESIVA","Etiqueta de voltagem autocolante 127 volts, cartela com 10 etiquetas autocolante.",44663,"Media","CARTELA","INTEGRAL","CUSTO SUPORTE - MATERIAL",null,100,179,17900]
["BASE",895,24,"MATERIAL P/ MANUT.DE BENS IMOVEIS/INSTALACOES",75,"UTENSÍLIOS DE ESCRITÓRIO E MATERIAL DE EXPEDIENTE",7510,"ARTIGOS PARA ESCRITÓRIO","00021","ETIQUETA ADESIVA","Etiqueta de voltagem autocolante 220 volts, cartela com 10 etiquetas autocolante.",44663,"Media","CARTELA","INTEGRAL","CUSTO SUPORTE - MATERIAL",null,150,9.9,1485]
["BASE",896,24,"MATERIAL P/ MANUT.DE BENS IMOVEIS/INSTALACOES",61,"CONDUTORES ELÉTRICOS E EQUIPAMENTOS PARA GERAÇÃO  E  DISTRI-BUIÇÃO DE ENERGIA",6145,"FIOS E CABOS ELÉTRICOS","04009","CABO ELÉTRICO FLEXÍVEL","Cabo flexível elétrico 1x16 mm², revestimento baixa tensão, material condutor TOMBACH ou similar 85-15, material isolamento borracha silicone vulcanizada COR VERMELHO, Rolo com 100m.",44663,"Media","ROLO","INTEGRAL","CUSTO SUPORTE - MATERIAL",null,1,1900,1900]
["BASE",897,24,"MATERIAL P/ MANUT.DE BENS IMOVEIS/INSTALACOES",61,"CONDUTORES ELÉTRICOS E EQUIPAMENTOS PARA GERAÇÃO  E  DISTRI-BUIÇÃO DE ENERGIA",6145,"FIOS E CABOS ELÉTRICOS","04009","CABO ELÉTRICO FLEXÍVEL","Cabo flexível elétrico 1x16 mm², revestimento baixa tensão, material condutor TOMBACH ou similar 85-15, material isolamento borracha silicone vulcanizada COR PRETO Rolo com 100m.",44663,"Media","ROLO","INTEGRAL","CUSTO SUPORTE - MATERIAL",null,1,1900,1900]
["BASE",898,24,"MATERIAL P/ MANUT.DE BENS IMOVEIS/INSTALACOES",61,"CONDUTORES ELÉTRICOS E EQUIPAMENTOS PARA GERAÇÃO  E  DISTRI-BUIÇÃO DE ENERGIA",6145,"FIOS E CABOS ELÉTRICOS","04009","CABO ELÉTRICO FLEXÍVEL","Cabo flexível elétrico 1x16 mm², revestimento baixa tensão, material condutor TOMBACH ou similar 85-15, material isolamento borracha silicone vulcanizada COR AZUL, Rolo com 100m.",44663,"Media","ROLO","INTEGRAL","CUSTO SUPORTE - MATERIAL",null,1,1900,1900]
["BASE",899,24,"MATERIAL P/ MANUT.DE BENS IMOVEIS/INSTALACOES",61,"CONDUTORES ELÉTRICOS E EQUIPAMENTOS PARA GERAÇÃO  E  DISTRI-BUIÇÃO DE ENERGIA",6145,"FIOS E CABOS ELÉTRICOS","04009","CABO ELÉTRICO FLEXÍVEL","Cabo flexível elétrico 1x16 mm², revestimento baixa tensão, material condutor TOMBACH ou similar 85-15, material isolamento borracha silicone vulcanizada COR AMARELO Rolo com 100m.",44663,"Media","ROLO","INTEGRAL","CUSTO SUPORTE - MATERIAL",null,1,1900,1900]
["BASE",900,24,"MATERIAL P/ MANUT.DE BENS IMOVEIS/INSTALACOES",61,"CONDUTORES ELÉTRICOS E EQUIPAMENTOS PARA GERAÇÃO  E  DISTRI-BUIÇÃO DE ENERGIA",6145,"FIOS E CABOS ELÉTRICOS","04009","CABO ELÉTRICO FLEXÍVEL","Cabo flexível elétrico 1x16 mm², revestimento baixa tensão, material condutor TOMBACH ou similar 85-15, material isolamento borracha silicone vulcanizada COR  BRANCO Rolo com 100m.",44663,"Media","ROLO","INTEGRAL","CUSTO SUPORTE - MATERIAL",null,1,1900,1900]
["BASE",901,24,"MATERIAL P/ MANUT.DE BENS IMOVEIS/INSTALACOES",61,"CONDUTORES ELÉTRICOS E EQUIPAMENTOS PARA GERAÇÃO  E  DISTRI-BUIÇÃO DE ENERGIA",6145,"FIOS E CABOS ELÉTRICOS","04009","CABO ELÉTRICO FLEXÍVEL","Cabo flexível elétrico 1x16 mm², revestimento baixa tensão, material condutor TOMBACH ou similar 85-15, material isolamento borracha silicone vulcanizada COR  VERDE Rolo com 100m.",44663,"Media","ROLO","INTEGRAL","CUSTO SUPORTE - MATERIAL",null,1,1900,1900]
["BASE",902,24,"MATERIAL P/ MANUT.DE BENS IMOVEIS/INSTALACOES",59,"COMPONENTES DE EQUIPAMENTOS ELÉTRICOS E ELETRÔNICOS",5935,"CONECTORES ELÉTRICOS","18552","CONECTOR","Conector parafuso fendido – Split bolt, acabamento em latão estanhado 16 mm², modelo simples.",44663,"Media","UNIDADE","INTEGRAL","CUSTO SUPORTE - MATERIAL",null,20,13,260]
["BASE",903,24,"MATERIAL P/ MANUT.DE BENS IMOVEIS/INSTALACOES",62,"EQUIPAMENTOS DE ILUMINAÇÃO E LÂMPADAS",6240,"LÂMPADAS ELÉTRICAS","19095","LÂMPADA LED","Lampada LED Tubular 40w 240cm T8 Branco Frio - Informações técnicas: modelo T8, leitosa Cor, 6500k (branco) Voltagem: AC100-260V (Bivolt)  Potência: 36w Quantidade de Leds: 48 Ângulo de iluminação: 360º Luminosidade: 3.400 lúmens durabilidade: até 30.000 horas dimensões: 240cm x 3,0cm. Características:  Economia de até 90% em energia elétrica, ampla gama de utilização, fácil instalação, não necessita de reator.",44663,"Media","UNIDADE","INTEGRAL","CUSTO SUPORTE - MATERIAL",null,30,43.67,1310.0999999999999]
["BASE",904,24,"MATERIAL P/ MANUT.DE BENS IMOVEIS/INSTALACOES",62,"EQUIPAMENTOS DE ILUMINAÇÃO E LÂMPADAS",6240,"LÂMPADAS ELÉTRICAS","19095","LÂMPADA LED","Lampada LED Tubular T8 18W 120cm  Branco Frio - 6000K LED tubular T8 de 18W e 1200mm, tensão 85~265V AC (Bivolt) Quantidade de LED,  base, G13, Vida útil 30.000 h.",44663,"Media","UNIDADE","INTEGRAL","CUSTO SUPORTE - MATERIAL",null,20,73.150000000000006,1463]
["BASE",905,24,"MATERIAL P/ MANUT.DE BENS IMOVEIS/INSTALACOES",62,"EQUIPAMENTOS DE ILUMINAÇÃO E LÂMPADAS",6240,"LÂMPADAS ELÉTRICAS","19095","LÂMPADA LED","Lampada LED 20W Branco Frio 6.500K Bivolt. Características: Modelo: T8 Fluorescente Base: G13Vida útil: 25.000 horas Tensão: Bivolt Tensão de entrada: 100 a 240VAbertura de Facho: 240ºPotência: 20 W Temperatura de Cor: 6500KComprimento: 1200 mm Altura: 27 mm",44663,"Media","UNIDADE","INTEGRAL","CUSTO SUPORTE - MATERIAL",null,40,30,1200]
["BASE",906,24,"MATERIAL P/ MANUT.DE BENS IMOVEIS/INSTALACOES",62,"EQUIPAMENTOS DE ILUMINAÇÃO E LÂMPADAS",6240,"LÂMPADAS ELÉTRICAS","19095","LÂMPADA LED","Lampada led Modelo Bulbo: Potência: 10W Fluxo Luminoso: 850lm±10% Tensão: Bivolt 110V~220V Temp. De Cor: 6.500k Cor: Branco Frio Base: E27 Dimensões: 60x118mm Temp. Operação: -20ºc ~ +40ºc IRC: >70 LBU-10W001 Frequência: 50/60Hz Ângulo De Facho: 230º Durabilidade: 30.000h Eficiência Luminosa: >80lm/W Fator de Potência: Corrente nominal: 0,07A > 0.75 ",44663,"Media","UNIDADE","INTEGRAL","CUSTO SUPORTE - MATERIAL",null,70,15.92,1114.4000000000001]
["BASE",907,24,"MATERIAL P/ MANUT.DE BENS IMOVEIS/INSTALACOES",62,"EQUIPAMENTOS DE ILUMINAÇÃO E LÂMPADAS",6240,"LÂMPADAS ELÉTRICAS","19095","LÂMPADA LED","Lampada led Modelo Bulbo: Potência: 6W : 110 - 240VFrequência: 50/60 Hz Fator de Potência: 0,7 Vida Útil: 25.000h Fluxo Luminoso: 510 lm Ângulo de abertura: 200° Temp. de Cor: 6500K Branca Fria IRC 80 Eficiência Luminosa: 85 lm/W Dimensões: 60 x 110mmA Lâmpada Bulbo LED - 6W - E27 - 6500k - Branco Frio - Elgin - Bivolt, energia. 6.500k Branca Fria ",44663,"Media","UNIDADE","INTEGRAL","CUSTO SUPORTE - MATERIAL",null,25,50,1250]
["BASE",908,24,"MATERIAL P/ MANUT.DE BENS IMOVEIS/INSTALACOES",62,"EQUIPAMENTOS DE ILUMINAÇÃO E LÂMPADAS",6240,"LÂMPADAS ELÉTRICAS","19095","LÂMPADA LED","Lampada led Modelo Bulbo: Potencia: 4W - Fria 6400k - Iluminação \"\"60W\"\"  Bivolt: 110 - 220V Alto Fator de Potência: 0,94  Vida útil: 30.000 horas  (1,0m) Branco Frio: 6400k (Branco Azulado)    ",44663,"Media","UNIDADE","INTEGRAL","CUSTO SUPORTE - MATERIAL",null,20,68.900000000000006,1378]
["BASE",909,24,"MATERIAL P/ MANUT.DE BENS IMOVEIS/INSTALACOES",62,"EQUIPAMENTOS DE ILUMINAÇÃO E LÂMPADAS",6240,"LÂMPADAS ELÉTRICAS","19095","LÂMPADA LED","Lampada led Modelo Bulbo Potência: 8w Tensão: 100-230v Fluxo Luminoso: 806lm Base: E27 Emissão De Cor: Branca – 6500k Abertura Do Fecho: 200°  Vida Útil: 15.000Horas",44663,"Media","UNIDADE","INTEGRAL","CUSTO SUPORTE - MATERIAL",null,100,9.9700000000000006,997]
["BASE",910,24,"MATERIAL P/ MANUT.DE BENS IMOVEIS/INSTALACOES",42,"EQUIPAMENTO PARA COMBATE A INCÊNDIO, RESGATE E SEGURANÇA",4240,"EQUIPAMENTO PARA SEGURANÇA E SALVAMENTO","06883","ESCADA EXTENSÍVEL","Escada Multifuncional 4x4 em alumínio 16 degraus suporta até 150kg com plataforma.",44663,"Media","UNIDADE","INTEGRAL","CUSTO SUPORTE - MATERIAL",null,2,649.9,1299.8]
["BASE",911,24,"MATERIAL P/ MANUT.DE BENS IMOVEIS/INSTALACOES",42,"EQUIPAMENTO PARA COMBATE A INCÊNDIO, RESGATE E SEGURANÇA",4240,"EQUIPAMENTO PARA SEGURANÇA E SALVAMENTO","06883","ESCADA EXTENSÍVEL","Escada alumínio 7 degraus capacidade de 120 Kg Comprimento 1,05 m Largura  49 cm Altura 2 m Peso Liquido 4,90 Kg.",44663,"Media","UNIDADE","INTEGRAL","CUSTO SUPORTE - MATERIAL",null,5,212,1060]
["BASE",912,24,"MATERIAL P/ MANUT.DE BENS IMOVEIS/INSTALACOES",59,"COMPONENTES DE EQUIPAMENTOS ELÉTRICOS E ELETRÔNICOS",5905,"RESISTORES","15141","RESISTÊNCIA ELÉTRICA","Resistência para ducha higiênica 3 temperaturas 220volts ",44663,"Media","UNIDADE","INTEGRAL","CUSTO SUPORTE - MATERIAL",null,150,36.049999999999997,5407.5]
["BASE",913,24,"MATERIAL P/ MANUT.DE BENS IMOVEIS/INSTALACOES",53,"FERRAGENS E ABRASIVOS",5310,"PORCAS E ARRUELAS","00642","ARRUELA","Arruela eletroduto, material aço, tratamento superficial galvanizado, tamanho 1 pol.",44663,"Media","UNIDADE","INTEGRAL","CUSTO SUPORTE - MATERIAL",null,80,6.38,510.4]
["BASE",914,24,"MATERIAL P/ MANUT.DE BENS IMOVEIS/INSTALACOES",59,"COMPONENTES DE EQUIPAMENTOS ELÉTRICOS E ELETRÔNICOS",5945,"RELÉS E SOLENÓIDES","13630","RELÉ FOTELÉTRICO","Base relé fotoelétrico iluminação, tensão nominal 127/220 v, tipo montagem poste, referência b10-a (tecno watt) ou similar, aplicação iluminação pública, componentes adicionais alça de fixação em aço galvanizado a fogo.",44663,"Media","UNIDADE","INTEGRAL","CUSTO SUPORTE - MATERIAL",null,70,64.95,4546.5]
["BASE",915,24,"MATERIAL P/ MANUT.DE BENS IMOVEIS/INSTALACOES",47,"CANOS, TUBOS, MANGUEIRAS E ACESSÓRIOS",4730,"ACESSÓRIOS E FERRAGENS ESPECIAIS PARA  MANGUEIRAS, CANOS  E TUBOS","14778","BRAÇADEIRA ASPERSOR","Braçadeira eletroduto, material ferro galvanizado, bitola 1 pol. Tipo D com parafuso.",44663,"Media","UNIDADE","INTEGRAL","CUSTO SUPORTE - MATERIAL",null,100,6.09,609]
["BASE",916,24,"MATERIAL P/ MANUT.DE BENS IMOVEIS/INSTALACOES",47,"CANOS, TUBOS, MANGUEIRAS E ACESSÓRIOS",4730,"ACESSÓRIOS E FERRAGENS ESPECIAIS PARA  MANGUEIRAS, CANOS  E TUBOS","00665","BUCHA INSTALAÇÃO PREDIAL ÁGUA FRIA","Bucha eletroduto, material aço, tratamento superficial galvanizado, tamanho 1 pol.",44663,"Media","UNIDADE","INTEGRAL","CUSTO SUPORTE - MATERIAL",null,70,1.52,106.4]
["BASE",917,24,"MATERIAL P/ MANUT.DE BENS IMOVEIS/INSTALACOES",61,"CONDUTORES ELÉTRICOS E EQUIPAMENTOS PARA GERAÇÃO  E  DISTRI-BUIÇÃO DE ENERGIA",6145,"FIOS E CABOS ELÉTRICOS","04009","CABO ELÉTRICO FLEXÍVEL","Cabo elétrico flexível, tensão isolamento 750 v, tipo PP, têmpera condutor mole, formação do cabo 3 x 2,5 mm², material do condutor cobre.",44663,"Media","METRO","INTEGRAL","CUSTO SUPORTE - MATERIAL",null,15,400,6000]
["BASE",918,24,"MATERIAL P/ MANUT.DE BENS IMOVEIS/INSTALACOES",61,"CONDUTORES ELÉTRICOS E EQUIPAMENTOS PARA GERAÇÃO  E  DISTRI-BUIÇÃO DE ENERGIA",6145,"FIOS E CABOS ELÉTRICOS","04009","CABO ELÉTRICO FLEXÍVEL","Cabo elétrico flexível, tipo paralelo, aplicação manutenção elétrica, formação do cabo 2 x 2,5 mm2, material do condutor cobre, material isolamento PVC, cor da isolação branca.",44663,"Media","METRO","INTEGRAL","CUSTO SUPORTE - MATERIAL",null,5,224.57,1122.8499999999999]
["BASE",919,24,"MATERIAL P/ MANUT.DE BENS IMOVEIS/INSTALACOES",61,"CONDUTORES ELÉTRICOS E EQUIPAMENTOS PARA GERAÇÃO  E  DISTRI-BUIÇÃO DE ENERGIA",6145,"FIOS E CABOS ELÉTRICOS","04009","CABO ELÉTRICO FLEXÍVEL","Cabo elétrico flexível, tipo paralelo, aplicação manutenção elétrica, formação do cabo 2 x 4,00mm2, material do condutor cobre, material isolamento PVC, cor da isolação branca.",44663,"Media","METRO","INTEGRAL","CUSTO SUPORTE - MATERIAL",null,5,400,2000]
["BASE",920,24,"MATERIAL P/ MANUT.DE BENS IMOVEIS/INSTALACOES",61,"CONDUTORES ELÉTRICOS E EQUIPAMENTOS PARA GERAÇÃO  E  DISTRI-BUIÇÃO DE ENERGIA",6145,"FIOS E CABOS ELÉTRICOS","04009","CABO ELÉTRICO FLEXÍVEL","Cabo elétrico flexível, tipo pp multipolar, formação condutor 3 x 10 mm, material do condutor cobre, material isolamento PVC antichama.",44663,"Media","METRO","INTEGRAL","CUSTO SUPORTE - MATERIAL",null,5,900,4500]
["BASE",921,24,"MATERIAL P/ MANUT.DE BENS IMOVEIS/INSTALACOES",61,"CONDUTORES ELÉTRICOS E EQUIPAMENTOS PARA GERAÇÃO  E  DISTRI-BUIÇÃO DE ENERGIA",6145,"FIOS E CABOS ELÉTRICOS","15322","CABO ELÉTRICO NÚ COBRE","Cabo elétrico nucobre, tensão isolamento 750 v, têmpera condutor meio duro, aplicação sistema de aterramento, formação condutor 7 fios, seção nominal 50 mm2, diâmetro nominal 3 mm.",44663,"Media","METRO","INTEGRAL","CUSTO SUPORTE - MATERIAL",null,10,35.9,359]
["BASE",922,24,"MATERIAL P/ MANUT.DE BENS IMOVEIS/INSTALACOES",59,"COMPONENTES DE EQUIPAMENTOS ELÉTRICOS E ELETRÔNICOS",5999,"COMPONENTES ELÉTRICOS E ELETRÔNICOS DIVERSOS","04861","CHASSI PARA EQUIPAMENTO ELETRONICO","Caixa passagem, material alumínio fundido, cor cinza texturizado, grau proteção IP65, modelo necl3-y (nutsteel), uso ligação, derivação e passagem de condutores elétrico, bitola 1 pol, código necl320e03ny (nutsteel).",44663,"Media","UNIDADE","INTEGRAL","CUSTO SUPORTE - MATERIAL",null,4,456.94,1827.76]
["BASE",923,24,"MATERIAL P/ MANUT.DE BENS IMOVEIS/INSTALACOES",59,"COMPONENTES DE EQUIPAMENTOS ELÉTRICOS E ELETRÔNICOS",5975,"FERRAGENS E SUPRIMENTOS DE ELETRICIDADE","14260","CANALETA","Canaleta, material PVC cloreto de polivinila, tipo com tampa, largura 20 mm, altura 10 mm, comprimento 2,10 m, características adicionais sem divisória, referência sistema \"x\".",44663,"Media","UNIDADE","INTEGRAL","CUSTO SUPORTE - MATERIAL",null,30,8.2899999999999991,248.7]
["BASE",924,24,"MATERIAL P/ MANUT.DE BENS IMOVEIS/INSTALACOES",59,"COMPONENTES DE EQUIPAMENTOS ELÉTRICOS E ELETRÔNICOS",5975,"FERRAGENS E SUPRIMENTOS DE ELETRICIDADE","05545","CONDULETE","Condulete, material alumínio, tipo \"x\", cor cinza, bitola 1 pol, características adicionais multiúso. Múltiplo, tipo X, 5 furos, sem tampa, acompanha parafusos para instalação da tampa.",44663,"Media","UNIDADE","INTEGRAL","CUSTO SUPORTE - MATERIAL",null,20,9.68,193.6]
["BASE",925,24,"MATERIAL P/ MANUT.DE BENS IMOVEIS/INSTALACOES",59,"COMPONENTES DE EQUIPAMENTOS ELÉTRICOS E ELETRÔNICOS",5975,"FERRAGENS E SUPRIMENTOS DE ELETRICIDADE","06462","ELETRODUTO","Conexão eletroduto, material alumínio silício, acabamento superficial pintura epóxi-poliéster, tipo reto, bitola 1 pol, aplicação box eletroduto, características adicionais com rosca.",44663,"Media","UNIDADE","INTEGRAL","CUSTO SUPORTE - MATERIAL",null,20,4.49,89.8]
["BASE",926,24,"MATERIAL P/ MANUT.DE BENS IMOVEIS/INSTALACOES",59,"COMPONENTES DE EQUIPAMENTOS ELÉTRICOS E ELETRÔNICOS",5975,"FERRAGENS E SUPRIMENTOS DE ELETRICIDADE","06462","ELETRODUTO","Conexão eletroduto, tipo uniduto reto, bitola 1 pol.",44663,"Media","UNIDADE","INTEGRAL","CUSTO SUPORTE - MATERIAL",null,10,3.79,37.9]
["BASE",927,24,"MATERIAL P/ MANUT.DE BENS IMOVEIS/INSTALACOES",59,"COMPONENTES DE EQUIPAMENTOS ELÉTRICOS E ELETRÔNICOS",5930,"CHAVES ELÉTRICAS","14517","CONTATOR","Contator, tensão trabalho 220 v, frequência 60 hz, corrente térmica nominal 80 a, modelo1 3rt10 45-1an10 (siemens).",44663,"Media","UNIDADE","INTEGRAL","CUSTO SUPORTE - MATERIAL",null,10,190,1900]
["BASE",928,24,"MATERIAL P/ MANUT.DE BENS IMOVEIS/INSTALACOES",59,"COMPONENTES DE EQUIPAMENTOS ELÉTRICOS E ELETRÔNICOS",5930,"CHAVES ELÉTRICAS","14517","CONTATOR","Contator, tipo 2na + 2nf/ tripolar, tensão nominal bobina 220 v, corrente trabalho 25 a, frequência 60 hz.",44663,"Media","UNIDADE","INTEGRAL","CUSTO SUPORTE - MATERIAL",null,15,110.58,1658.7]
["BASE",929,24,"MATERIAL P/ MANUT.DE BENS IMOVEIS/INSTALACOES",59,"COMPONENTES DE EQUIPAMENTOS ELÉTRICOS E ELETRÔNICOS",5975,"FERRAGENS E SUPRIMENTOS DE ELETRICIDADE","14336","COTOVELO 90°","Cotovelo Reto 90º, largura 100 mm, altura 50 mm, acabamento galvanizado a fogo, com tampa.",44663,"Media","UNIDADE","INTEGRAL","CUSTO SUPORTE - MATERIAL",null,30,27.01,810.3]
["BASE",930,24,"MATERIAL P/ MANUT.DE BENS IMOVEIS/INSTALACOES",56,"MATERIAIS PARA CONSTRUÇÃO",5680,"MATERIAIS DIVERSOS PARA CONSTRUÇÃO","05991","CRUZETA","Cruzeta Reta, largura 100 mm, altura 50 mm, acabamento galvanizado a fogo, com tampa.",44663,"Media","UNIDADE","INTEGRAL","CUSTO SUPORTE - MATERIAL",null,20,62,1240]
["BASE",931,24,"MATERIAL P/ MANUT.DE BENS IMOVEIS/INSTALACOES",59,"COMPONENTES DE EQUIPAMENTOS ELÉTRICOS E ELETRÔNICOS",5975,"FERRAGENS E SUPRIMENTOS DE ELETRICIDADE","06462","ELETRODUTO","Curva eletroduto, angulação 90, tipo rosqueada, tamanho 32 mm, material aço-carbono, normas técnicas NBR5624, aplicação cabeamento, diâmetro nominal 1 pol.",44663,"Media","UNIDADE","INTEGRAL","CUSTO SUPORTE - MATERIAL",null,40,6.46,258.39999999999998]
["BASE",932,24,"MATERIAL P/ MANUT.DE BENS IMOVEIS/INSTALACOES",59,"COMPONENTES DE EQUIPAMENTOS ELÉTRICOS E ELETRÔNICOS",5975,"FERRAGENS E SUPRIMENTOS DE ELETRICIDADE","14343","CURVA ELETRODUTO","Curva de Inversão, largura 100 mm, altura 50 mm, acabamento galvanizado a fogo, com tampa.",44663,"Media","UNIDADE","INTEGRAL","CUSTO SUPORTE - MATERIAL",null,10,39.9,399]
["BASE",933,24,"MATERIAL P/ MANUT.DE BENS IMOVEIS/INSTALACOES",62,"EQUIPAMENTOS DE ILUMINAÇÃO E LÂMPADAS",6240,"LÂMPADAS ELÉTRICAS","00416","LÂMPADA VAPOR SÓDIO ALTA PRESSÃO","Lâmpada vapor sódio alta pressão, potência nominal 150, tipo base e-27 mm, tipo bulbo elíptico, tensão nominal 220",44663,"Media","UNIDADE","INTEGRAL","CUSTO SUPORTE - MATERIAL",null,40,34.06,1362.4]
["BASE",934,24,"MATERIAL P/ MANUT.DE BENS IMOVEIS/INSTALACOES",59,"COMPONENTES DE EQUIPAMENTOS ELÉTRICOS E ELETRÔNICOS",5920,"FUSÍVEIS INTERRUPTORES, ISOLANTES E PROTETORES","00495","HASTE ATERRAMENTO","Haste aterramento, material cobre, tipo cooperweld, comprimento 2.400 mm, diâmetro 5/8 pol.",44663,"Media","UNIDADE","INTEGRAL","CUSTO SUPORTE - MATERIAL",null,30,49.9,1497]
["BASE",935,24,"MATERIAL P/ MANUT.DE BENS IMOVEIS/INSTALACOES",59,"COMPONENTES DE EQUIPAMENTOS ELÉTRICOS E ELETRÔNICOS",5920,"FUSÍVEIS INTERRUPTORES, ISOLANTES E PROTETORES","16617","INTERRUPTOR AUTOMÁTICO DE CIRCUITO","Interruptor, tipo bipolar, características adicionais teclas simples fosforescentes com tampa, aplicações instalações elétricas, referência 2006 (pial), corrente nominal 20 a",44663,"Media","UNIDADE","INTEGRAL","CUSTO SUPORTE - MATERIAL",null,40,33.9,1356]
["BASE",936,24,"MATERIAL P/ MANUT.DE BENS IMOVEIS/INSTALACOES",59,"COMPONENTES DE EQUIPAMENTOS ELÉTRICOS E ELETRÔNICOS",5920,"FUSÍVEIS INTERRUPTORES, ISOLANTES E PROTETORES","16617","INTERRUPTOR AUTOMÁTICO DE CIRCUITO","Interruptor, tipo paralelo, quantidades seções 1 un, características adicionais de embutir, com placa termoplástica e tecla fosforescente, cor cinza, tensão 220 v",44663,"Media","UNIDADE","INTEGRAL","CUSTO SUPORTE - MATERIAL",null,100,12,1200]
["BASE",937,24,"MATERIAL P/ MANUT.DE BENS IMOVEIS/INSTALACOES",62,"EQUIPAMENTOS DE ILUMINAÇÃO E LÂMPADAS",6240,"LÂMPADAS ELÉTRICAS","08662","LÂMPADA FLUORESCENTE COMPACTA","Lâmpada fluorescente compacta. Lâmpada fluorescente compacta eletrônica de 45 W, espiral, 220 V, base E-27, cor branca, 8.000 horas.",44663,"Media","UNIDADE","INTEGRAL","CUSTO SUPORTE - MATERIAL",null,40,39.9,1596]
["BASE",938,24,"MATERIAL P/ MANUT.DE BENS IMOVEIS/INSTALACOES",62,"EQUIPAMENTOS DE ILUMINAÇÃO E LÂMPADAS",6240,"LÂMPADAS ELÉTRICAS","19095","LÂMPADA LED","Lâmpada led, tensão nominal bivolt 90/265 v, potência nominal 18 w, tipo base G13, características adicionais baixo consumo, ótimo desempenho baixa temperatura s, cor branca, aplicação ambiente interno, tipo bulbo T8, formato. Não utiliza reator driver incorporado na lâmpada, cor branca 6.000k 6.500K, fator de potência ≥0,92.",44663,"Media","UNIDADE","INTEGRAL","CUSTO SUPORTE - MATERIAL",null,80,14.16,1132.8]
["BASE",939,24,"MATERIAL P/ MANUT.DE BENS IMOVEIS/INSTALACOES",62,"EQUIPAMENTOS DE ILUMINAÇÃO E LÂMPADAS",6240,"LÂMPADAS ELÉTRICAS","19095","LÂMPADA LED","Lâmpada led, tensão nominal bivolt v, potência nominal 9 w, tipo base G13, formato tubular T8, equivalência fluorescente de 20 w. Lâmpada led, tensão nominal bivolt v, potência nominal 9 w, tipo base G13, formato tubular T8. equivalência fluorescente de 20w.",44663,"Media","UNIDADE","INTEGRAL","CUSTO SUPORTE - MATERIAL",null,50,24.9,1245]
["BASE",940,24,"MATERIAL P/ MANUT.DE BENS IMOVEIS/INSTALACOES",62,"EQUIPAMENTOS DE ILUMINAÇÃO E LÂMPADAS",6240,"LÂMPADAS ELÉTRICAS","08672","LÂMPADA VAPOR METÁLICO","Lâmpada vapor metálico, potência 400, voltagem 220, características adicionais altos fatores de proteção uso externo tubular.",44663,"Media","UNIDADE","INTEGRAL","CUSTO SUPORTE - MATERIAL",null,20,69.83,1396.6]
["BASE",941,24,"MATERIAL P/ MANUT.DE BENS IMOVEIS/INSTALACOES",59,"COMPONENTES DE EQUIPAMENTOS ELÉTRICOS E ELETRÔNICOS",5975,"FERRAGENS E SUPRIMENTOS DE ELETRICIDADE","06462","ELETRODUTO","Luva eletroduto, material aço, tratamento superficial galvanizado, tipo leve, tipo fixação roscável, bitola 1 pol.",44663,"Media","UNIDADE","INTEGRAL","CUSTO SUPORTE - MATERIAL",null,50,2.15,107.5]
["BASE",942,24,"MATERIAL P/ MANUT.DE BENS IMOVEIS/INSTALACOES",59,"COMPONENTES DE EQUIPAMENTOS ELÉTRICOS E ELETRÔNICOS",5961,"DISPOSITIVOS A SEMICONDUTOR E PLACAS ASSOCIADAS (CIRCUITOS)","14239","PLACA ELETRÔNICA","Placa cega, aplicação tampa caixa rede elétrica, dimensões 4 x 2 pol. Placa em termoplástico.",44663,"Media","UNIDADE","INTEGRAL","CUSTO SUPORTE - MATERIAL",null,50,4.99,249.5]
["BASE",943,24,"MATERIAL P/ MANUT.DE BENS IMOVEIS/INSTALACOES",59,"COMPONENTES DE EQUIPAMENTOS ELÉTRICOS E ELETRÔNICOS",5935,"CONECTORES ELÉTRICOS","00480","PLUGUE","Plugue fêmea, 10a/250v, para confecção de extensão de acordo com a norma da ABNT NBR 147136:2012.",44663,"Media","UNIDADE","INTEGRAL","CUSTO SUPORTE - MATERIAL",null,200,9.7899999999999991,1958]
["BASE",944,24,"MATERIAL P/ MANUT.DE BENS IMOVEIS/INSTALACOES",59,"COMPONENTES DE EQUIPAMENTOS ELÉTRICOS E ELETRÔNICOS",5935,"CONECTORES ELÉTRICOS","00480","PLUGUE","Plugue fêmea, 20A/250V, para confecção de extensão de acordo com a norma da ABNT NBR 147136:2002 atualizada.",44663,"Media","UNIDADE","INTEGRAL","CUSTO SUPORTE - MATERIAL",null,100,12.29,1229]
["BASE",945,24,"MATERIAL P/ MANUT.DE BENS IMOVEIS/INSTALACOES",59,"COMPONENTES DE EQUIPAMENTOS ELÉTRICOS E ELETRÔNICOS",5935,"CONECTORES ELÉTRICOS","00480","PLUGUE","Plugue macho, de 10a/250v para confecção de extensão de acordo com a norma da ABNT NBR 14136:2012.",44663,"Media","UNIDADE","INTEGRAL","CUSTO SUPORTE - MATERIAL",null,50,16,800]
["BASE",946,24,"MATERIAL P/ MANUT.DE BENS IMOVEIS/INSTALACOES",59,"COMPONENTES DE EQUIPAMENTOS ELÉTRICOS E ELETRÔNICOS",5935,"CONECTORES ELÉTRICOS","00480","PLUGUE","Plugue macho, de 20 A/250V para confecção de extensão de acordo com a norma da ABNT NBR 14136:2002 atualizada.",44663,"Media","UNIDADE","INTEGRAL","CUSTO SUPORTE - MATERIAL",null,100,9.81,981]
["BASE",947,24,"MATERIAL P/ MANUT.DE BENS IMOVEIS/INSTALACOES",62,"EQUIPAMENTOS DE ILUMINAÇÃO E LÂMPADAS",6250,"LUSTRES, SUPORTES PARA LÂMPADAS E ELEMENTOS DE PARTIDA","11433","REATOR LÂMPADA VAPOR METÁLICO","Reator lâmpada vapor metálico, tipo uso externo, potência nominal lâmpada 400 w, tensão nominal 220 v, fator potência alto.",44663,"Media","UNIDADE","INTEGRAL","CUSTO SUPORTE - MATERIAL",null,15,73.92,1108.8]
["BASE",948,24,"MATERIAL P/ MANUT.DE BENS IMOVEIS/INSTALACOES",59,"COMPONENTES DE EQUIPAMENTOS ELÉTRICOS E ELETRÔNICOS",5975,"FERRAGENS E SUPRIMENTOS DE ELETRICIDADE","06462","ELETRODUTO","Saída Horizontal para Eletroduto bitola 1\".",44663,"Media","UNIDADE","INTEGRAL","CUSTO SUPORTE - MATERIAL",null,100,1.29,129]
["BASE",949,24,"MATERIAL P/ MANUT.DE BENS IMOVEIS/INSTALACOES",59,"COMPONENTES DE EQUIPAMENTOS ELÉTRICOS E ELETRÔNICOS",5975,"FERRAGENS E SUPRIMENTOS DE ELETRICIDADE","06462","ELETRODUTO","Saída Horizontal para Eletroduto bitola 1 ½\".",44663,"Media","UNIDADE","INTEGRAL","CUSTO SUPORTE - MATERIAL",null,100,3.13,313]
["BASE",950,24,"MATERIAL P/ MANUT.DE BENS IMOVEIS/INSTALACOES",62,"EQUIPAMENTOS DE ILUMINAÇÃO E LÂMPADAS",5935,"CONECTORES ELÉTRICOS","01294","SOQUETE COMPONENTE ELETRÔNICO","Soquete para lâmpadas, porcelana, rosca E-27.",44663,"Media","UNIDADE","INTEGRAL","CUSTO SUPORTE - MATERIAL",null,300,2.82,846]
["BASE",951,24,"MATERIAL P/ MANUT.DE BENS IMOVEIS/INSTALACOES",62,"EQUIPAMENTOS DE ILUMINAÇÃO E LÂMPADAS",5935,"CONECTORES ELÉTRICOS","01294","SOQUETE COMPONENTE ELETRÔNICO","Soquete para lâmpadas, porcelana, rosca E-40.",44663,"Media","UNIDADE","INTEGRAL","CUSTO SUPORTE - MATERIAL",null,80,40,3200]
["BASE",952,24,"MATERIAL P/ MANUT.DE BENS IMOVEIS/INSTALACOES",56,"MATERIAIS PARA CONSTRUÇÃO",5680,"MATERIAIS DIVERSOS PARA CONSTRUÇÃO","11106","MATERIAL PARA MANUTENÇÃO BENS IMÓVEIS","Suporte caixa, aplicação fixação/encaixe de tomadas e interruptores, uso módulo vertical 4\"x 2\", referência 612121.",44663,"Media","UNIDADE","INTEGRAL","CUSTO SUPORTE - MATERIAL",null,150,1.59,238.5]
["BASE",953,24,"MATERIAL P/ MANUT.DE BENS IMOVEIS/INSTALACOES",56,"MATERIAIS PARA CONSTRUÇÃO",5680,"MATERIAIS DIVERSOS PARA CONSTRUÇÃO","11106","MATERIAL PARA MANUTENÇÃO BENS IMÓVEIS","Suporte caixa, aplicação fixação/encaixe de tomadas e interruptores, uso para 6 módulos horizontais 4\" x 4\", compatibilidade PIALPLUS ou similar-legrand.",44663,"Media","UNIDADE","INTEGRAL","CUSTO SUPORTE - MATERIAL",null,200,2.2999999999999998,460]
["BASE",954,24,"MATERIAL P/ MANUT.DE BENS IMOVEIS/INSTALACOES",59,"COMPONENTES DE EQUIPAMENTOS ELÉTRICOS E ELETRÔNICOS",5975,"FERRAGENS E SUPRIMENTOS DE ELETRICIDADE","15619","TAMPÃO CONDULETE","Tampa condulete, material alumínio, cor cinza, bitola 1 pol, características adicionais cega.",44663,"Media","UNIDADE","INTEGRAL","CUSTO SUPORTE - MATERIAL",null,60,3.43,205.8]
["BASE",955,24,"MATERIAL P/ MANUT.DE BENS IMOVEIS/INSTALACOES",59,"COMPONENTES DE EQUIPAMENTOS ELÉTRICOS E ELETRÔNICOS",5935,"CONECTORES ELÉTRICOS","00484","TOMADA","Tomada de embutir 2P+T com espelho na cor branca, de 10A /250V, de acordo com a norma da ABNT NBR14136:2012.",44663,"Media","UNIDADE","INTEGRAL","CUSTO SUPORTE - MATERIAL",null,380,5.66,2150.8000000000002]
["BASE",956,24,"MATERIAL P/ MANUT.DE BENS IMOVEIS/INSTALACOES",59,"COMPONENTES DE EQUIPAMENTOS ELÉTRICOS E ELETRÔNICOS",5935,"CONECTORES ELÉTRICOS","00484","TOMADA","Tomada de embutir 2P+T com espelho na cor branca, de 20A /250V, de acordo com a norma da ABNT NBR14136:2012.",44663,"Media","UNIDADE","INTEGRAL","CUSTO SUPORTE - MATERIAL",null,50,22.9,1145]
["BASE",957,24,"MATERIAL P/ MANUT.DE BENS IMOVEIS/INSTALACOES",59,"COMPONENTES DE EQUIPAMENTOS ELÉTRICOS E ELETRÔNICOS",5935,"CONECTORES ELÉTRICOS","00484","TOMADA","Tomada dupla 2 x 2P+T de 20A /250V, de acordo com a norma da ABNT NBR14136:2012, aplicação em conduletes de alumínio 1\".",44663,"Media","UNIDADE","INTEGRAL","CUSTO SUPORTE - MATERIAL",null,50,19.7,985]
["BASE",958,24,"MATERIAL P/ MANUT.DE BENS IMOVEIS/INSTALACOES",59,"COMPONENTES DE EQUIPAMENTOS ELÉTRICOS E ELETRÔNICOS",5935,"CONECTORES ELÉTRICOS","00484","TOMADA","Tomada dupla 2 x 2P+T de 20A /250V, de acordo com a norma da ABNT NBR14136:2012, aplicação em conduletes de alumínio 3/4\".",44663,"Media","UNIDADE","INTEGRAL","CUSTO SUPORTE - MATERIAL",null,50,16.989999999999998,849.5]
["BASE",959,24,"MATERIAL P/ MANUT.DE BENS IMOVEIS/INSTALACOES",59,"COMPONENTES DE EQUIPAMENTOS ELÉTRICOS E ELETRÔNICOS",5935,"CONECTORES ELÉTRICOS","00484","TOMADA","Tomada dupla de embutir 2 x 2P+T com espelho na cor branca, de 20A /250V, de acordo com a norma da ABNT NBR14136:2012.",44663,"Media","UNIDADE","INTEGRAL","CUSTO SUPORTE - MATERIAL",null,20,90,1800]
["BASE",960,24,"MATERIAL P/ MANUT.DE BENS IMOVEIS/INSTALACOES",59,"COMPONENTES DE EQUIPAMENTOS ELÉTRICOS E ELETRÔNICOS",5935,"CONECTORES ELÉTRICOS","00484","TOMADA","Tomada, modelo 2p + T, formato contato redondo, cor corpo branca, corrente nominal 20 a, tensão nominal 250 v, número pólos 2 p + t, características adicionais sistemas x c/ caixa de sobrepor, normas técnicas nbr14136, aplicação.",44663,"Media","UNIDADE","INTEGRAL","CUSTO SUPORTE - MATERIAL",null,50,5,250]
["BASE",961,24,"MATERIAL P/ MANUT.DE BENS IMOVEIS/INSTALACOES",59,"COMPONENTES DE EQUIPAMENTOS ELÉTRICOS E ELETRÔNICOS",5935,"CONECTORES ELÉTRICOS","00484","TOMADA","Tomada, tipo sobrepor, formato contato universal, formato corpo redondo, cor corpo branca, corrente nominal 10 a, tensão nominal 250 v, número pólos 2 p, características adicionais sistema x com caixa 75x75mm, aplicação Caixa. Tomada 2P+T, Norma Técnica ABNT NBR 14136:2012.",44663,"Media","UNIDADE","INTEGRAL","CUSTO SUPORTE - MATERIAL",null,50,8.6999999999999993,435]
["BASE",962,24,"MATERIAL P/ MANUT.DE BENS IMOVEIS/INSTALACOES",59,"COMPONENTES DE EQUIPAMENTOS ELÉTRICOS E ELETRÔNICOS",5920,"FUSÍVEIS INTERRUPTORES, ISOLANTES E PROTETORES","16617","INTERRUPTOR AUTOMÁTICO DE CIRCUITO","Interruptor, tipo embutir, quantidade seções 2, características adicionais conjugado com espelho, corrente 10, tensão 220",44663,"Media","UNIDADE","INTEGRAL","CUSTO SUPORTE - MATERIAL",null,30,106,3180]
["BASE",963,24,"MATERIAL P/ MANUT.DE BENS IMOVEIS/INSTALACOES",59,"COMPONENTES DE EQUIPAMENTOS ELÉTRICOS E ELETRÔNICOS",5920,"FUSÍVEIS INTERRUPTORES, ISOLANTES E PROTETORES","16617","INTERRUPTOR AUTOMÁTICO DE CIRCUITO","Interruptor, tipo embutir, quantidade seções 3, características adicionais conjugado com espelho, corrente 10, tensão 220",44663,"Media","UNIDADE","INTEGRAL","CUSTO SUPORTE - MATERIAL",null,20,59.98,1199.5999999999999]
["BASE",964,24,"MATERIAL P/ MANUT.DE BENS IMOVEIS/INSTALACOES",59,"COMPONENTES DE EQUIPAMENTOS ELÉTRICOS E ELETRÔNICOS",5920,"FUSÍVEIS INTERRUPTORES, ISOLANTES E PROTETORES","16617","INTERRUPTOR AUTOMÁTICO DE CIRCUITO","Tomada .tipo sobrepor, formato contato universal, formato corpo redondo, cor corpo branca, corrente nominal 10 a, tensão noninal 250 v, numero pólos 2 p, caracteristicas adicionais sistema x com caixa 75x75, aplicação Caixa. Tomada 2P + T, Norma Técnica ABNT NBR 14136:2012.",44663,"Media","UNIDADE","INTEGRAL","CUSTO SUPORTE - MATERIAL",null,20,8.6999999999999993,174]
["BASE",965,24,"MATERIAL P/ MANUT.DE BENS IMOVEIS/INSTALACOES",59,"COMPONENTES DE EQUIPAMENTOS ELÉTRICOS E ELETRÔNICOS",5920,"FUSÍVEIS INTERRUPTORES, ISOLANTES E PROTETORES","16617","INTERRUPTOR AUTOMÁTICO DE CIRCUITO","Interruptor, tipo embutir, quantidade seções 2, características adicionais conjugado com espelho, corrente 10, tensão 220",44663,"Media","UNIDADE","INTEGRAL","CUSTO SUPORTE - MATERIAL",null,35,11.25,393.75]
["BASE",966,24,"MATERIAL P/ MANUT.DE BENS IMOVEIS/INSTALACOES",59,"COMPONENTES DE EQUIPAMENTOS ELÉTRICOS E ELETRÔNICOS",5920,"FUSÍVEIS INTERRUPTORES, ISOLANTES E PROTETORES","16617","INTERRUPTOR AUTOMÁTICO DE CIRCUITO","Interruptor, tipo embutir, quantidade seções 2, características adicionais conjugado com espelho, corrente 10, tensão 220",44663,"Media","UNIDADE","INTEGRAL","CUSTO SUPORTE - MATERIAL",null,30,106,3180]
["BASE",967,24,"MATERIAL P/ MANUT.DE BENS IMOVEIS/INSTALACOES",45,"EQUIPAMENTO DE INSTALAÇÕES HIDRÁULICAS E DE AQUECIMENTO",4520,"EQUIPAMENTOS PARA CALEFAÇÃO E AQUECEDORES DOMÉSTICOS DE ÁGUA","02921","AQUECEDOR DE ÁGUA ELÉTRICO","Aquecedor de água elétrico, material corpo plástico, tensão 127, potência mínima 2.000, características adicionais niple saída/entrada 1/2 polegada, tampa quente e, aplicação pias, bidês e lavatórios",44663,"Media","UNIDADE","INTEGRAL","CUSTO SUPORTE - MATERIAL",null,10,139.9,1399]
["BASE",968,24,"MATERIAL P/ MANUT.DE BENS IMOVEIS/INSTALACOES",59,"COMPONENTES DE EQUIPAMENTOS ELÉTRICOS E ELETRÔNICOS",5999,"COMPONENTES ELÉTRICOS E ELETRÔNICOS DIVERSOS","12010","SENSOR ELETRÔNICO","Sensor de presença",44663,"Media","UNIDADE","INTEGRAL","CUSTO SUPORTE - MATERIAL",null,20,57,1140]
["BASE",969,24,"MATERIAL P/ MANUT.DE BENS IMOVEIS/INSTALACOES",59,"COMPONENTES DE EQUIPAMENTOS ELÉTRICOS E ELETRÔNICOS",5999,"COMPONENTES ELÉTRICOS E ELETRÔNICOS DIVERSOS","12010","SENSOR ELETRÔNICO","Sensor de presença com soquete para lâmpada g-27",44663,"Media","UNIDADE","INTEGRAL","CUSTO SUPORTE - MATERIAL",null,15,28.8,432]
["BASE",970,24,"MATERIAL P/ MANUT.DE BENS IMOVEIS/INSTALACOES",61,"CONDUTORES ELÉTRICOS E EQUIPAMENTOS PARA GERAÇÃO  E  DISTRI-BUIÇÃO DE ENERGIA",6110,"EQUIPAMENTOS DE CONTROLE ELÉTRICO","11360","QUADRO DISTRIBUIÇÃO","Quadro de distribuição de 32 disjuntores DIN com barramento",44663,"Media","UNIDADE","INTEGRAL","CUSTO SUPORTE - MATERIAL",null,10,75.430000000000007,754.3]
["BASE",971,24,"MATERIAL P/ MANUT.DE BENS IMOVEIS/INSTALACOES",59,"COMPONENTES DE EQUIPAMENTOS ELÉTRICOS E ELETRÔNICOS",6110,"EQUIPAMENTOS DE CONTROLE ELÉTRICO","11360","QUADRO DISTRIBUIÇÃO","Quadro de distribuição de 16 disjuntores DIN com barramento",44663,"Media","UNIDADE","INTEGRAL","CUSTO SUPORTE - MATERIAL",null,10,143.1,1431]
["BASE",972,24,"MATERIAL P/ MANUT.DE BENS IMOVEIS/INSTALACOES",59,"COMPONENTES DE EQUIPAMENTOS ELÉTRICOS E ELETRÔNICOS",6110,"EQUIPAMENTOS DE CONTROLE ELÉTRICO","11360","QUADRO DISTRIBUIÇÃO","Quadro de distribuição de  08 disjuntores DIN com barramento",44663,"Media","UNIDADE","INTEGRAL","CUSTO SUPORTE - MATERIAL",null,10,49.9,499]
["BASE",973,24,"MATERIAL P/ MANUT.DE BENS IMOVEIS/INSTALACOES",56,"MATERIAIS PARA CONSTRUÇÃO",5680,"MATERIAIS DIVERSOS PARA CONSTRUÇÃO","11106","MATERIAL PARA MANUTENÇÃO BENS IMÓVEIS","Plafon com bocal g-27",44663,"Media","UNIDADE","INTEGRAL","CUSTO SUPORTE - MATERIAL",null,150,3.84,576]
["BASE",974,24,"MATERIAL P/ MANUT.DE BENS IMOVEIS/INSTALACOES",59,"COMPONENTES DE EQUIPAMENTOS ELÉTRICOS E ELETRÔNICOS",5999,"COMPONENTES ELÉTRICOS E ELETRÔNICOS DIVERSOS","10306","PAINEL ELETRÔNICO","Painel plafon led sobrepor luz fria 25wW",44663,"Media","UNIDADE","INTEGRAL","CUSTO SUPORTE - MATERIAL",null,20,29.61,592.20000000000005]
["BASE",975,24,"MATERIAL P/ MANUT.DE BENS IMOVEIS/INSTALACOES",62,"EQUIPAMENTOS DE ILUMINAÇÃO E LÂMPADAS",5935,"CONECTORES ELÉTRICOS","01294","SOQUETE COMPONENTE ELETRÔNICO","Par soquete T8 lâmpada fluorencente luminária com parafuso",44663,"Media","UNIDADE","INTEGRAL","CUSTO SUPORTE - MATERIAL",null,50,18,900]
["BASE",976,24,"MATERIAL P/ MANUT.DE BENS IMOVEIS/INSTALACOES",62,"EQUIPAMENTOS DE ILUMINAÇÃO E LÂMPADAS",6210,"APARELHOS DE ILUMINAÇÃO ELÉTRICA DE USO INTERNO E EXTERNO","00412","LUMINÁRIA ILUMINAÇÃO PÚBLICA","Luminária publica led 150W para poste de rua cob frio 6000k",44663,"Media","UNIDADE","INTEGRAL","CUSTO SUPORTE - MATERIAL",null,30,259.35000000000002,7780.5]
["BASE",977,24,"MATERIAL P/ MANUT.DE BENS IMOVEIS/INSTALACOES",62,"EQUIPAMENTOS DE ILUMINAÇÃO E LÂMPADAS",6210,"APARELHOS DE ILUMINAÇÃO ELÉTRICA DE USO INTERNO E EXTERNO","00412","LUMINÁRIA ILUMINAÇÃO PÚBLICA","Luminária publica led 100W para poste de rua cob frio 6000k",44663,"Media","UNIDADE","INTEGRAL","CUSTO SUPORTE - MATERIAL",null,70,369.9,25893]
["BASE",978,24,"MATERIAL P/ MANUT.DE BENS IMOVEIS/INSTALACOES",62,"EQUIPAMENTOS DE ILUMINAÇÃO E LÂMPADAS",6210,"APARELHOS DE ILUMINAÇÃO ELÉTRICA DE USO INTERNO E EXTERNO","00412","LUMINÁRIA ILUMINAÇÃO PÚBLICA","Luminária publica led 50W para poste de rua cob frio 6000k",44663,"Media","UNIDADE","INTEGRAL","CUSTO SUPORTE - MATERIAL",null,50,102.41,5120.5]
["BASE",979,24,"MATERIAL P/ MANUT.DE BENS IMOVEIS/INSTALACOES",62,"EQUIPAMENTOS DE ILUMINAÇÃO E LÂMPADAS",6210,"APARELHOS DE ILUMINAÇÃO ELÉTRICA DE USO INTERNO E EXTERNO","11526","REFLETOR ILUMINAÇÃO","Refletor Holofote microled sliw 300W branco frio ",44663,"Media","UNIDADE","INTEGRAL","CUSTO SUPORTE - MATERIAL",null,30,179.1,5373]
["BASE",980,24,"MATERIAL P/ MANUT.DE BENS IMOVEIS/INSTALACOES",62,"EQUIPAMENTOS DE ILUMINAÇÃO E LÂMPADAS",6210,"APARELHOS DE ILUMINAÇÃO ELÉTRICA DE USO INTERNO E EXTERNO","11526","REFLETOR ILUMINAÇÃO","Refletor Holofote microled sliw 100W branco frio",44663,"Media","UNIDADE","INTEGRAL","CUSTO SUPORTE - MATERIAL",null,50,56.61,2830.5]
["BASE",981,24,"MATERIAL P/ MANUT.DE BENS IMOVEIS/INSTALACOES",62,"EQUIPAMENTOS DE ILUMINAÇÃO E LÂMPADAS",6210,"APARELHOS DE ILUMINAÇÃO ELÉTRICA DE USO INTERNO E EXTERNO","11526","REFLETOR ILUMINAÇÃO","Refletor Holofote microled sliw 50W branco frio ",44663,"Media","UNIDADE","INTEGRAL","CUSTO SUPORTE - MATERIAL",null,50,38.61,1930.5]
["BASE",982,24,"MATERIAL P/ MANUT.DE BENS IMOVEIS/INSTALACOES",47,"CANOS, TUBOS, MANGUEIRAS E ACESSÓRIOS",4710,"CANOS E TUBOS","00660","TUBO PVC ROSCÁVEL","Tubo eletroduto roscável Antichama, material PVC rígido para instalações elétricas de baixa tensão ( NBR 6150), bitola ¾ '', barra de 3Metros. Referência TIGRE, AMANCO, ou melhor qualidade.",44663,"Media","UNIDADE","INTEGRAL","CUSTO SUPORTE - MATERIAL",null,20,20,400]
["BASE",983,24,"MATERIAL P/ MANUT.DE BENS IMOVEIS/INSTALACOES",47,"CANOS, TUBOS, MANGUEIRAS E ACESSÓRIOS",4710,"CANOS E TUBOS","00660","TUBO PVC ROSCÁVEL","Tubo eletroduto roscável Antichama, material PVC rígido para instalações elétricas de baixa tensão ( NBR 6150), bitola 1'', barra de 3Metros. Referência TIGRE, AMANCO, ou melhor qualidade.",44663,"Media","UNIDADE","INTEGRAL","CUSTO SUPORTE - MATERIAL",null,20,30,600]
["BASE",984,24,"MATERIAL P/ MANUT.DE BENS IMOVEIS/INSTALACOES",59,"COMPONENTES DE EQUIPAMENTOS ELÉTRICOS E ELETRÔNICOS",5975,"FERRAGENS E SUPRIMENTOS DE ELETRICIDADE","14343","CURVA ELETRODUTO","Curva 90º para etetroduto roscável, material PVC rígido para instalações elétricas de baixa tensão ( NBR 6150), bitola ¾ ''. Referência TIGRE, AMANCO, ou melhor qualidade.",44663,"Media","UNIDADE","INTEGRAL","CUSTO SUPORTE - MATERIAL",null,10,20,200]
["BASE",985,24,"MATERIAL P/ MANUT.DE BENS IMOVEIS/INSTALACOES",59,"COMPONENTES DE EQUIPAMENTOS ELÉTRICOS E ELETRÔNICOS",5975,"FERRAGENS E SUPRIMENTOS DE ELETRICIDADE","14343","CURVA ELETRODUTO","Curva 90º para Eletroduto roscável, material PVC rígido para instalações elétricas de baixa tensão ( NBR 6150), bitola 1'' . Referência TIGRE, AMANCO, ou melhor qualidade.",44663,"Media","UNIDADE","INTEGRAL","CUSTO SUPORTE - MATERIAL",null,10,35,350]
["BASE",986,24,"MATERIAL P/ MANUT.DE BENS IMOVEIS/INSTALACOES",47,"CANOS, TUBOS, MANGUEIRAS E ACESSÓRIOS",4730,"ACESSÓRIOS E FERRAGENS ESPECIAIS PARA  MANGUEIRAS, CANOS  E TUBOS","05626","LUVA CONEXÃO","Luva para Eletroduto roscável, material PVC rígido para instalações elétricas de baixa tensão ( NBR 6150), bitola ¾''. Referência TIGRE, AMANCO, ou melhor qualidade.",44663,"Media","UNIDADE","INTEGRAL","CUSTO SUPORTE - MATERIAL",null,20,5,100]
["BASE",987,24,"MATERIAL P/ MANUT.DE BENS IMOVEIS/INSTALACOES",47,"CANOS, TUBOS, MANGUEIRAS E ACESSÓRIOS",4730,"ACESSÓRIOS E FERRAGENS ESPECIAIS PARA  MANGUEIRAS, CANOS  E TUBOS","05626","LUVA CONEXÃO","Luva para Eletroduto roscável, material PVC rígido para instalações elétricas de baixa tensão ( NBR 6150), bitola 1''. Referência TIGRE, AMANCO, ou melhor qualidade.",44663,"Media","UNIDADE","INTEGRAL","CUSTO SUPORTE - MATERIAL",null,20,5,100]
["BASE",988,24,"MATERIAL P/ MANUT.DE BENS IMOVEIS/INSTALACOES",59,"COMPONENTES DE EQUIPAMENTOS ELÉTRICOS E ELETRÔNICOS",5975,"FERRAGENS E SUPRIMENTOS DE ELETRICIDADE","05545","CONDULETE","Condulete de Alumínio Silício ¾ '', tipo BSR , corpo e tampa de Alumínio Silício injetado de alta resistência mecânica e a corrosão, sem rosca, parafusos em aço zincado bi cromatizado, tampas intercambiáveis com outros modelos equipados com tomada, interruptores, etc. Acabamento em epóxi poliéster na cor cinza, alta resistência mecânica e grande versatilidade em aplicações industriais, comerciais e residenciais. Referência WETZEL, 1ª Linha.",44663,"Media","UNIDADE","INTEGRAL","CUSTO SUPORTE - MATERIAL",null,20,22,440]
["BASE",989,24,"MATERIAL P/ MANUT.DE BENS IMOVEIS/INSTALACOES",59,"COMPONENTES DE EQUIPAMENTOS ELÉTRICOS E ELETRÔNICOS",5975,"FERRAGENS E SUPRIMENTOS DE ELETRICIDADE","15621","TAMPA CONDULETE","Tampa para condulete ¾'', para 01 interruptor simples 10A-205v, fabricada em Alumínio Silício, intercambiáveis, permitem a montagem de inúmeras combinações de equipamentos elétricos, parafusos de aço bi cromatizados, acabamento em epóxi poliéster na cor cinza. Referência WETZEL, 1ª Linha.",44663,"Media","UNIDADE","INTEGRAL","CUSTO SUPORTE - MATERIAL",null,10,5,50]
["BASE",990,24,"MATERIAL P/ MANUT.DE BENS IMOVEIS/INSTALACOES",59,"COMPONENTES DE EQUIPAMENTOS ELÉTRICOS E ELETRÔNICOS",5975,"FERRAGENS E SUPRIMENTOS DE ELETRICIDADE","15621","TAMPA CONDULETE","Tampa para condulete ¾'', para 02 interruptor simples 10A-205v, fabricada em Alumínio Silício, intercambiáveis, permitem a montagem de inúmeras combinações de equipamentos elétricos, parafusos de aço bi cromatizados, acabamento em epóxi poliéster na cor cinza. Referência WETZEL, 1ª Linha.",44663,"Media","UNIDADE","INTEGRAL","CUSTO SUPORTE - MATERIAL",null,10,10,100]
["BASE",991,24,"MATERIAL P/ MANUT.DE BENS IMOVEIS/INSTALACOES",59,"COMPONENTES DE EQUIPAMENTOS ELÉTRICOS E ELETRÔNICOS",5975,"FERRAGENS E SUPRIMENTOS DE ELETRICIDADE","15621","TAMPA CONDULETE","Tampa para condulete ¾'' , para 01 tomada universal 2p+ T 10A-205v, fabricada em Alumínio Silício, intercambiáveis, permitem a montagem de inúmeras combinações de equipamentos elétricos, parafusos de aço bi cromatizados, acabamento em epóxi-poliéster na cor cinza. Referência WETZEL, 1ª Linha.",44663,"Media","UNIDADE","INTEGRAL","CUSTO SUPORTE - MATERIAL",null,20,5,100]
["BASE",992,24,"MATERIAL P/ MANUT.DE BENS IMOVEIS/INSTALACOES",59,"COMPONENTES DE EQUIPAMENTOS ELÉTRICOS E ELETRÔNICOS",5975,"FERRAGENS E SUPRIMENTOS DE ELETRICIDADE","15621","TAMPA CONDULETE","Tampa para condulete ¾'' , para 02 tomada universal 2p+ T 10A-205v, fabricada em Alumínio Silício, intercambiáveis, permitem a montagem de inúmeras combinações de equipamentos elétricos, parafusos de aço bi cromatizados, acabamento em epóxi poliéster na cor cinza. Referência WETZEL, 1ª Linha.",44663,"Media","UNIDADE","INTEGRAL","CUSTO SUPORTE - MATERIAL",null,20,10,200]
["BASE",993,24,"MATERIAL P/ MANUT.DE BENS IMOVEIS/INSTALACOES",61,"CONDUTORES ELÉTRICOS E EQUIPAMENTOS PARA GERAÇÃO  E  DISTRI-BUIÇÃO DE ENERGIA",6110,"EQUIPAMENTOS DE CONTROLE ELÉTRICO","11360","QUADRO DISTRIBUIÇÃO","Quadro de Distribuição Universal no FUSE DIN/UL -QDSTN-U 44/32 - 100A, Sobrepor, Trifásico, Tampa e Caixa: Cor Bege(RAL 7032), Pintura eletrostática epóxi a pó, Placa de Montagem: Chapa Zincada a quente(galvanizada), Dimensões: A-334mm; B-649mm; C-100mm; D-296mm; E-185mm; F-5664mm, Capacidade Barramento 100A; Quantidade de Disjuntores UL-32; DIN-44. Referência CEMAR (completo)",44663,"Media","UNIDADE","INTEGRAL","CUSTO SUPORTE - MATERIAL",null,2,700,1400]
["BASE",994,24,"MATERIAL P/ MANUT.DE BENS IMOVEIS/INSTALACOES",99,"DIVERSOS",9999,"ITENS DIVERSOS","16898","PEÇAS / ACESSÓRIOS EQUIPAMENTOS ESPECIALIZADOS","Abraçadeira- Linha Sel; característica: construída em poliamida 6.6(Nylon), com aditivo U.V.  Referência SEL.3.212 Preta CSS-30-LL ; Dimensões:A-3,5mm; B-280mm; C-5,5mm; D-4,0mm; E-1,0mm, pacotes com 100 unidades",44663,"Media","PACOTE","INTEGRAL","CUSTO SUPORTE - MATERIAL",null,20,25,500]
["BASE",995,24,"MATERIAL P/ MANUT.DE BENS IMOVEIS/INSTALACOES",99,"DIVERSOS",9999,"ITENS DIVERSOS","16898","PEÇAS / ACESSÓRIOS EQUIPAMENTOS ESPECIALIZADOS","Abraçadeira- Linha Sel; característica: construída em poliamida 6.6(Nylon), com aditivo U.V.  Referência SEL.3.211 Preta CSS-30-L ; Dimensões:A-3,5mm; B-200mm; C-5,5mm; D-4,0mm; E-1,0mm, pacotes com 100 unidades",44663,"Media","PACOTE","INTEGRAL","CUSTO SUPORTE - MATERIAL",null,20,25,500]
["BASE",996,24,"MATERIAL P/ MANUT.DE BENS IMOVEIS/INSTALACOES",61,"CONDUTORES ELÉTRICOS E EQUIPAMENTOS PARA GERAÇÃO  E  DISTRI-BUIÇÃO DE ENERGIA",6110,"EQUIPAMENTOS DE CONTROLE ELÉTRICO","19175","PEÇA/ACESSÓRIO QUADRO DISTRIBUIÇÃO","Terminal Olhal- AZ – 3MM; Terminal elétrico tipo olhal na cor azul de 3mm",44663,"Media","CAIXA COM 100 UNIDADES","INTEGRAL","CUSTO SUPORTE - MATERIAL",null,10,30,300]
["BASE",997,24,"MATERIAL P/ MANUT.DE BENS IMOVEIS/INSTALACOES",61,"CONDUTORES ELÉTRICOS E EQUIPAMENTOS PARA GERAÇÃO  E  DISTRI-BUIÇÃO DE ENERGIA",6110,"EQUIPAMENTOS DE CONTROLE ELÉTRICO","19175","PEÇA/ACESSÓRIO QUADRO DISTRIBUIÇÃO","Terminal Olhal- VM – 4MM; Terminal elétrico tipo olhal na cor vermelho de 4mm",44663,"Media","CAIXA COM 100 UNIDADES","INTEGRAL","CUSTO SUPORTE - MATERIAL",null,10,15,150]
["BASE",998,24,"MATERIAL P/ MANUT.DE BENS IMOVEIS/INSTALACOES",61,"CONDUTORES ELÉTRICOS E EQUIPAMENTOS PARA GERAÇÃO  E  DISTRI-BUIÇÃO DE ENERGIA",6110,"EQUIPAMENTOS DE CONTROLE ELÉTRICO","19175","PEÇA/ACESSÓRIO QUADRO DISTRIBUIÇÃO","Terminal Olhal- AM – 6MM; Terminal elétrico tipo olhal na cor  amarelo de 6mm",44663,"Media","CAIXA COM 100 UNIDADES","INTEGRAL","CUSTO SUPORTE - MATERIAL",null,10,40,400]
["BASE",999,24,"MATERIAL P/ MANUT.DE BENS IMOVEIS/INSTALACOES",61,"CONDUTORES ELÉTRICOS E EQUIPAMENTOS PARA GERAÇÃO  E  DISTRI-BUIÇÃO DE ENERGIA",6110,"EQUIPAMENTOS DE CONTROLE ELÉTRICO","19175","PEÇA/ACESSÓRIO QUADRO DISTRIBUIÇÃO","Terminal Olhal- AZ – 10MM ; Terminal elétrico tipo olhal na cor azul de 10mm.",44663,"Media","CAIXA COM 100 UNIDADES","INTEGRAL","CUSTO SUPORTE - MATERIAL",null,10,50,500]
["BASE",1000,24,"MATERIAL P/ MANUT.DE BENS IMOVEIS/INSTALACOES",61,"CONDUTORES ELÉTRICOS E EQUIPAMENTOS PARA GERAÇÃO  E  DISTRI-BUIÇÃO DE ENERGIA",6110,"EQUIPAMENTOS DE CONTROLE ELÉTRICO","19175","PEÇA/ACESSÓRIO QUADRO DISTRIBUIÇÃO","Terminal Olhal- AZ – 16MM ; Terminal elétrico tipo olhal na cor azul de 16mm.",44663,"Media","CAIXA COM 100 UNIDADES","INTEGRAL","CUSTO SUPORTE - MATERIAL",null,10,60,600]
["BASE",1001,24,"MATERIAL P/ MANUT.DE BENS IMOVEIS/INSTALACOES",59,"COMPONENTES DE EQUIPAMENTOS ELÉTRICOS E ELETRÔNICOS",5935,"CONECTORES ELÉTRICOS","19096","PINO CONTATO","Terminal Pino Curto- AZ – 3MM; Terminal elétrico tipo pino curto na cor azul de 3mm",44663,"Media","CAIXA COM 100 UNIDADES","INTEGRAL","CUSTO SUPORTE - MATERIAL",null,10,20,200]
["BASE",1002,24,"MATERIAL P/ MANUT.DE BENS IMOVEIS/INSTALACOES",59,"COMPONENTES DE EQUIPAMENTOS ELÉTRICOS E ELETRÔNICOS",5935,"CONECTORES ELÉTRICOS","19096","PINO CONTATO","Terminal Pino Curto- VM – 4MM; Terminal elétrico tipo pino curto na cor azul de 4mm",44663,"Media","CAIXA COM 100 UNIDADES","INTEGRAL","CUSTO SUPORTE - MATERIAL",null,10,50,500]
["BASE",1003,24,"MATERIAL P/ MANUT.DE BENS IMOVEIS/INSTALACOES",59,"COMPONENTES DE EQUIPAMENTOS ELÉTRICOS E ELETRÔNICOS",5935,"CONECTORES ELÉTRICOS","19096","PINO CONTATO","Terminal Pino Curto- VM – 6MM; Terminal elétrico tipo pino curto na cor vermelho de 6mm.",44663,"Media","CAIXA COM 100 UNIDADES","INTEGRAL","CUSTO SUPORTE - MATERIAL",null,10,50,500]
["BASE",1004,24,"MATERIAL P/ MANUT.DE BENS IMOVEIS/INSTALACOES",59,"COMPONENTES DE EQUIPAMENTOS ELÉTRICOS E ELETRÔNICOS",5935,"CONECTORES ELÉTRICOS","19096","PINO CONTATO","Terminal Pino Curto- VM – 10MM; Terminal elétrico tipo pino curto na cor vermelho de 10mm.",44663,"Media","CAIXA COM 100 UNIDADES","INTEGRAL","CUSTO SUPORTE - MATERIAL",null,10,50,500]
["BASE",1005,24,"MATERIAL P/ MANUT.DE BENS IMOVEIS/INSTALACOES",59,"COMPONENTES DE EQUIPAMENTOS ELÉTRICOS E ELETRÔNICOS",5935,"CONECTORES ELÉTRICOS","19096","PINO CONTATO","Terminal Pino Curto- AZ – 16MM; Terminal elétrico tipo pino curto na cor azul de 3mm.",44663,"Media","CAIXA COM 100 UNIDADES","INTEGRAL","CUSTO SUPORTE - MATERIAL",null,10,80,800]
["BASE",1006,24,"MATERIAL P/ MANUT.DE BENS IMOVEIS/INSTALACOES",53,"FERRAGENS E ABRASIVOS",5306,"PARAFUSOS COM PORCA","15217","PARAFUSO COM BUCHA E PORCA","Parafuso Rosca Soberba Cabeça Redonda 4,2 x 32 S-6. com bucha de nylon.",44663,"Media","CAIXA COM 100 UNIDADES","INTEGRAL","CUSTO SUPORTE - MATERIAL",null,10,60,600]
["BASE",1007,24,"MATERIAL P/ MANUT.DE BENS IMOVEIS/INSTALACOES",40,"CORDAS, CABOS, CORRENTES E SEUS ACESSÓRIOS",4030,"ACESSÓRIOS PARA CORDAS, CABOS E CORRENTES","01223","BRAÇADEIRA CABO AÇO","Abraçadeira Tipo '' D '' com Chaveta bitola ¾ '' Galvanizada.",44663,"Media","CAIXA COM 100 UNIDADES","INTEGRAL","CUSTO SUPORTE - MATERIAL",null,5,150,750]
["BASE",1008,24,"MATERIAL P/ MANUT.DE BENS IMOVEIS/INSTALACOES",40,"CORDAS, CABOS, CORRENTES E SEUS ACESSÓRIOS",4030,"ACESSÓRIOS PARA CORDAS, CABOS E CORRENTES","01223","BRAÇADEIRA CABO AÇO","Abraçadeira Tipo '' D '' com Chaveta bitola 1'' Galvanizada.",44663,"Media","CAIXA COM 100 UNIDADES","INTEGRAL","CUSTO SUPORTE - MATERIAL",null,5,280,1400]
["BASE",1009,24,"MATERIAL P/ MANUT.DE BENS IMOVEIS/INSTALACOES",40,"CORDAS, CABOS, CORRENTES E SEUS ACESSÓRIOS",4030,"ACESSÓRIOS PARA CORDAS, CABOS E CORRENTES","01223","BRAÇADEIRA CABO AÇO","Abraçadeira Tipo '' U '' bitola ¾ '' Galvanizada.",44663,"Media","CAIXA COM 100 UNIDADES","INTEGRAL","CUSTO SUPORTE - MATERIAL",null,5,70,350]
["BASE",1010,24,"MATERIAL P/ MANUT.DE BENS IMOVEIS/INSTALACOES",40,"CORDAS, CABOS, CORRENTES E SEUS ACESSÓRIOS",4030,"ACESSÓRIOS PARA CORDAS, CABOS E CORRENTES","01223","BRAÇADEIRA CABO AÇO","Abraçadeira Tipo '' U '' bitola 1 '' Galvanizada.",44663,"Media","CAIXA COM 100 UNIDADES","INTEGRAL","CUSTO SUPORTE - MATERIAL",null,5,70,350]
["BASE",1011,24,"MATERIAL P/ MANUT.DE BENS IMOVEIS/INSTALACOES",45,"EQUIPAMENTO DE INSTALAÇÕES HIDRÁULICAS E DE AQUECIMENTO",4510,"DISPOSITIVOS E ACESSÓRIOS PARA INSTALAÇÕES HIDRÁULICAS","06410","DUCHA HIGIÊNICA","Ducha Higiênica 3 temperaturas 220volts 4300w. Marca de referência LORENZETTI,  FAME, ou melhor qualidade.",44663,"Media","UNIDADE","INTEGRAL","CUSTO SUPORTE - MATERIAL",null,10,80,800]
["BASE",1012,24,"MATERIAL P/ MANUT.DE BENS IMOVEIS/INSTALACOES",45,"EQUIPAMENTO DE INSTALAÇÕES HIDRÁULICAS E DE AQUECIMENTO",4510,"DISPOSITIVOS E ACESSÓRIOS PARA INSTALAÇÕES HIDRÁULICAS","12820","TORNEIRA","Torneira eletrica 220 Volts, 5400W, 3 Temperaturas Bica Móvel, arejador articulado, registro de ¼ de volta. Marca de referência LORENZETTI,  FAME, ou melhor qualidade.",44663,"Media","UNIDADE","INTEGRAL","CUSTO SUPORTE - MATERIAL",null,10,150,1500]
["BASE",1013,24,"MATERIAL P/ MANUT.DE BENS IMOVEIS/INSTALACOES",45,"EQUIPAMENTO DE INSTALAÇÕES HIDRÁULICAS E DE AQUECIMENTO",4510,"DISPOSITIVOS E ACESSÓRIOS PARA INSTALAÇÕES HIDRÁULICAS","04976","CHUVEIRO ELÉTRICO","Chuveiro 220 V - modelo maxi ducha – chuveiro elétrico, material termoplástico, variações temperaturas águas 3, cor branca, potência 5.400, tensão operação 220, características adicionais capa isolante interna/contatos liga prata. Marca de referência LORENZETTI, FAME, ou melhor qualidade.",44663,"Media","UNIDADE","INTEGRAL","CUSTO SUPORTE - MATERIAL",null,10,80,800]
["BASE",1014,24,"MATERIAL P/ MANUT.DE BENS IMOVEIS/INSTALACOES",45,"EQUIPAMENTO DE INSTALAÇÕES HIDRÁULICAS E DE AQUECIMENTO",4520,"EQUIPAMENTOS PARA CALEFAÇÃO E AQUECEDORES DOMÉSTICOS DE ÁGUA","02921","AQUECEDOR DE ÁGUA ELÉTRICO","Aquecedor versátil 3 temperaturas 220volts 6400w. Marca de referencia LORENZETTI, FAME, ou melhor qualidade.",44663,"Media","UNIDADE","INTEGRAL","CUSTO SUPORTE - MATERIAL",null,4,250,1000]
["BASE",1015,24,"MATERIAL P/ MANUT.DE BENS IMOVEIS/INSTALACOES",59,"COMPONENTES DE EQUIPAMENTOS ELÉTRICOS E ELETRÔNICOS",5970,"ISOLADORES ELÉTRICOS E MATERIAIS ISOLANTES","14929","FITA","Fita isolante preta19mm x 20 m – composição: fita de dorso vinílico auto extinguível, recoberto com camada de adesivo à base de borracha sensível à pressão. Aplicação isolação de fios e cabos elétricos, em geral até 750 volts. Temperatura máxima de trabalho: 80º C, comprimento 20 Metros, largura 19mm, características adicionais maiores aderência e mais resistente.",44663,"Media","UNIDADE","INTEGRAL","CUSTO SUPORTE - MATERIAL",null,100,10,1000]
["BASE",1016,24,"MATERIAL P/ MANUT.DE BENS IMOVEIS/INSTALACOES",59,"COMPONENTES DE EQUIPAMENTOS ELÉTRICOS E ELETRÔNICOS",5970,"ISOLADORES ELÉTRICOS E MATERIAIS ISOLANTES","18853","FITA ISOLANTE ELÉTRICA ADESIVA","Fita elétrica isolante de AUTOFUSÃO – rolo de 19 mm x 10m x 0,76mm – Fita aglomerante isolante a base de borracha EPR para recomposição da isolação de cabos elétricos em emendas e terminações para tensões até 69KV.  Atende todos os requisito da norma ASTM-D-4388- Classe de temperatura: 90º C. Utilização de cabos de classe de tensão até 69KV selamento contra penetração de umidade em cabos elétricos em geral e revestimento de borracha em peças e ferramentas em geral.",44663,"Media","UNIDADE","INTEGRAL","CUSTO SUPORTE - MATERIAL",null,50,25,1250]
["BASE",1017,24,"MATERIAL P/ MANUT.DE BENS IMOVEIS/INSTALACOES",99,"DIVERSOS",9999,"ITENS DIVERSOS","16898","PEÇAS / ACESSÓRIOS EQUIPAMENTOS ESPECIALIZADOS","Silicone 280g incolor - silicone adesivo, material à base de borracha de silicone, aspecto físico pastoso, cor incolor, aplicação selante para vedação de áreas úmidas como boxes.",44663,"Media","UNIDADE","INTEGRAL","CUSTO SUPORTE - MATERIAL",null,50,25,1250]
["BASE",1018,24,"MATERIAL P/ MANUT.DE BENS IMOVEIS/INSTALACOES",38,"EQUIPAMENTOS PARA CONSTRUÇÃO, MINERAÇÃO, TERRAPLENAGEM E MA-NUTENÇÃO DE ESTRADAS",3820,"EQUIPAMENTOS PARA MINERAÇÃO, PERFURAÇÃO DE ROCHAS, TERRA  E CORRELATOS","14629","BITS DE PERFURAÇÃO","Broca Vídea 6mm - broca vídea, nome broca vídea.",44663,"Media","UNIDADE","INTEGRAL","CUSTO SUPORTE - MATERIAL",null,15,10,150]
["BASE",1019,24,"MATERIAL P/ MANUT.DE BENS IMOVEIS/INSTALACOES",38,"EQUIPAMENTOS PARA CONSTRUÇÃO, MINERAÇÃO, TERRAPLENAGEM E MA-NUTENÇÃO DE ESTRADAS",3820,"EQUIPAMENTOS PARA MINERAÇÃO, PERFURAÇÃO DE ROCHAS, TERRA  E CORRELATOS","14629","BITS DE PERFURAÇÃO","Broca Vídea 8mm - broca vídea, nome broca vídea.",44663,"Media","UNIDADE","INTEGRAL","CUSTO SUPORTE - MATERIAL",null,15,10,150]
["BASE",1020,24,"MATERIAL P/ MANUT.DE BENS IMOVEIS/INSTALACOES",38,"EQUIPAMENTOS PARA CONSTRUÇÃO, MINERAÇÃO, TERRAPLENAGEM E MA-NUTENÇÃO DE ESTRADAS",3820,"EQUIPAMENTOS PARA MINERAÇÃO, PERFURAÇÃO DE ROCHAS, TERRA  E CORRELATOS","14629","BITS DE PERFURAÇÃO","Broca Vídea 10mm - broca vídea, nome broca vídea.",44663,"Media","UNIDADE","INTEGRAL","CUSTO SUPORTE - MATERIAL",null,15,10,150]
["BASE",1021,24,"MATERIAL P/ MANUT.DE BENS IMOVEIS/INSTALACOES",38,"EQUIPAMENTOS PARA CONSTRUÇÃO, MINERAÇÃO, TERRAPLENAGEM E MA-NUTENÇÃO DE ESTRADAS",3820,"EQUIPAMENTOS PARA MINERAÇÃO, PERFURAÇÃO DE ROCHAS, TERRA  E CORRELATOS","14629","BITS DE PERFURAÇÃO","Broca de Aço Rápido para Metal 4 mm.",44663,"Media","UNIDADE","INTEGRAL","CUSTO SUPORTE - MATERIAL",null,15,10,150]
["BASE",1022,24,"MATERIAL P/ MANUT.DE BENS IMOVEIS/INSTALACOES",38,"EQUIPAMENTOS PARA CONSTRUÇÃO, MINERAÇÃO, TERRAPLENAGEM E MA-NUTENÇÃO DE ESTRADAS",3820,"EQUIPAMENTOS PARA MINERAÇÃO, PERFURAÇÃO DE ROCHAS, TERRA  E CORRELATOS","14629","BITS DE PERFURAÇÃO","Broca de Aço Rápido para Metal 6 mm.",44663,"Media","UNIDADE","INTEGRAL","CUSTO SUPORTE - MATERIAL",null,15,10,150]
["BASE",1023,24,"MATERIAL P/ MANUT.DE BENS IMOVEIS/INSTALACOES",38,"EQUIPAMENTOS PARA CONSTRUÇÃO, MINERAÇÃO, TERRAPLENAGEM E MA-NUTENÇÃO DE ESTRADAS",3820,"EQUIPAMENTOS PARA MINERAÇÃO, PERFURAÇÃO DE ROCHAS, TERRA  E CORRELATOS","14629","BITS DE PERFURAÇÃO","Broca de Aço Rápido para Metal 8 mm.",44663,"Media","UNIDADE","INTEGRAL","CUSTO SUPORTE - MATERIAL",null,15,10,150]
["BASE",1024,24,"MATERIAL P/ MANUT.DE BENS IMOVEIS/INSTALACOES",38,"EQUIPAMENTOS PARA CONSTRUÇÃO, MINERAÇÃO, TERRAPLENAGEM E MA-NUTENÇÃO DE ESTRADAS",3820,"EQUIPAMENTOS PARA MINERAÇÃO, PERFURAÇÃO DE ROCHAS, TERRA  E CORRELATOS","14629","BITS DE PERFURAÇÃO","Broca de Aço Rápido para Metal 10 mm.",44663,"Media","UNIDADE","INTEGRAL","CUSTO SUPORTE - MATERIAL",null,15,10,150]
["BASE",1025,24,"MATERIAL P/ MANUT.DE BENS IMOVEIS/INSTALACOES",38,"EQUIPAMENTOS PARA CONSTRUÇÃO, MINERAÇÃO, TERRAPLENAGEM E MA-NUTENÇÃO DE ESTRADAS",3820,"EQUIPAMENTOS PARA MINERAÇÃO, PERFURAÇÃO DE ROCHAS, TERRA  E CORRELATOS","14629","BITS DE PERFURAÇÃO","Broca de Aço Rápido para Metal 12 mm.",44663,"Media","UNIDADE","INTEGRAL","CUSTO SUPORTE - MATERIAL",null,15,10,150]
["BASE",1026,24,"MATERIAL P/ MANUT.DE BENS IMOVEIS/INSTALACOES",59,"COMPONENTES DE EQUIPAMENTOS ELÉTRICOS E ELETRÔNICOS",5975,"FERRAGENS E SUPRIMENTOS DE ELETRICIDADE","06462","ELETRODUTO","Eletroduto flexível corrugado – eletroduto, material pvc, tipo flexível corrugado, cor amarela, diâmetro nominal 1″.",44663,"Media","METRO","INTEGRAL","CUSTO SUPORTE - MATERIAL",null,10,10,100]
["BASE",1027,24,"MATERIAL P/ MANUT.DE BENS IMOVEIS/INSTALACOES",59,"COMPONENTES DE EQUIPAMENTOS ELÉTRICOS E ELETRÔNICOS",5975,"FERRAGENS E SUPRIMENTOS DE ELETRICIDADE","06462","ELETRODUTO","Eletroduto flexível corrugado – eletroduto, material pvc, tipo flexível corrugado, cor amarela, diâmetro nominal ¾.",44663,"Media","METRO","INTEGRAL","CUSTO SUPORTE - MATERIAL",null,10,10,100]
["BASE",1028,24,"MATERIAL P/ MANUT.DE BENS IMOVEIS/INSTALACOES",59,"COMPONENTES DE EQUIPAMENTOS ELÉTRICOS E ELETRÔNICOS",5935,"CONECTORES ELÉTRICOS","19194","PINO TOMADA","Pino Macho 10A Branco - plugue, tipo macho, número pinos 2, formato pinos redondo, formato redondo, cor corpo cinza, corrente nominal 10, tensão nominal 250, número pólos 2 p, normas técnicas NBR 6.147/80.",44663,"Media","UNIDADE","INTEGRAL","CUSTO SUPORTE - MATERIAL",null,10,8,80]
["BASE",1029,24,"MATERIAL P/ MANUT.DE BENS IMOVEIS/INSTALACOES",62,"EQUIPAMENTOS DE ILUMINAÇÃO E LÂMPADAS",6240,"LÂMPADAS ELÉTRICAS","08658","LÂMPADA FLUORESCENTE","Lâmpada fluorescente extra luz do dia especial TL-T RS  20w/75.",44663,"Media","UNIDADE","INTEGRAL","CUSTO SUPORTE - MATERIAL",null,20,20,400]
["BASE",1030,24,"MATERIAL P/ MANUT.DE BENS IMOVEIS/INSTALACOES",62,"EQUIPAMENTOS DE ILUMINAÇÃO E LÂMPADAS",6240,"LÂMPADAS ELÉTRICAS","08658","LÂMPADA FLUORESCENTE","Lâmpada fluorescente extra luz do dia especial TL-T RS  40w/75.",44663,"Media","UNIDADE","INTEGRAL","CUSTO SUPORTE - MATERIAL",null,20,20,400]
["BASE",1031,24,"MATERIAL P/ MANUT.DE BENS IMOVEIS/INSTALACOES",62,"EQUIPAMENTOS DE ILUMINAÇÃO E LÂMPADAS",6240,"LÂMPADAS ELÉTRICAS","00414","LÂMPADA LUZ MISTA","Lâmpada mista 500W/220 volts 50/60 hz E-40.",44663,"Media","UNIDADE","INTEGRAL","CUSTO SUPORTE - MATERIAL",null,20,150,3000]
["BASE",1032,24,"MATERIAL P/ MANUT.DE BENS IMOVEIS/INSTALACOES",62,"EQUIPAMENTOS DE ILUMINAÇÃO E LÂMPADAS",6240,"LÂMPADAS ELÉTRICAS","00414","LÂMPADA LUZ MISTA","Lâmpada mista 250W/220 volts 50/60 hz E-40.",44663,"Media","UNIDADE","INTEGRAL","CUSTO SUPORTE - MATERIAL",null,20,150,3000]
["BASE",1033,24,"MATERIAL P/ MANUT.DE BENS IMOVEIS/INSTALACOES",59,"COMPONENTES DE EQUIPAMENTOS ELÉTRICOS E ELETRÔNICOS",5945,"RELÉS E SOLENÓIDES","00586","BASE RELÉ FOTOELÉTRICO ILUMINAÇÃO","Base para Relé Fotoelétrico Corrente (A):10,Tensão(v):100 à 240; Material do produto: Plástico.",44663,"Media","UNIDADE","INTEGRAL","CUSTO SUPORTE - MATERIAL",null,20,30,600]
["BASE",1034,24,"MATERIAL P/ MANUT.DE BENS IMOVEIS/INSTALACOES",59,"COMPONENTES DE EQUIPAMENTOS ELÉTRICOS E ELETRÔNICOS",5945,"RELÉS E SOLENÓIDES","13630","RELÉ FOTELÉTRICO","Relê foto elétrico modelo RM-10 50/60 Hz 220/254 volts NF carga 1000 W – 1800VA (FP< 0,5) / 500VA( FT> 0,92).",44663,"Media","UNIDADE","INTEGRAL","CUSTO SUPORTE - MATERIAL",null,20,45,900]
["BASE",1035,24,"MATERIAL P/ MANUT.DE BENS IMOVEIS/INSTALACOES",45,"EQUIPAMENTO DE INSTALAÇÕES HIDRÁULICAS E DE AQUECIMENTO",4510,"DISPOSITIVOS E ACESSÓRIOS PARA INSTALAÇÕES HIDRÁULICAS","17465","BRAÇO CHUVEIRO","Haste p/ chuveiro 40 cm, em PVC.",44663,"Media","UNIDADE","INTEGRAL","CUSTO SUPORTE - MATERIAL",null,20,20,400]
["BASE",1036,24,"MATERIAL P/ MANUT.DE BENS IMOVEIS/INSTALACOES",59,"COMPONENTES DE EQUIPAMENTOS ELÉTRICOS E ELETRÔNICOS",5925,"DISJUNTORES","00469","DISJUNTOR","Disjuntor termomagnético DIN BIPOLAR 10A capacidade de  interrupção 3kA curva C.",44663,"Media","UNIDADE","INTEGRAL","CUSTO SUPORTE - MATERIAL",null,20,20,400]
["BASE",1037,24,"MATERIAL P/ MANUT.DE BENS IMOVEIS/INSTALACOES",59,"COMPONENTES DE EQUIPAMENTOS ELÉTRICOS E ELETRÔNICOS",5925,"DISJUNTORES","00469","DISJUNTOR","Disjuntor termomagnético DIN BIPOLAR 20A capacidade de  interrupção 3kA curva C.",44663,"Media","UNIDADE","INTEGRAL","CUSTO SUPORTE - MATERIAL",null,20,20,400]
["BASE",1038,24,"MATERIAL P/ MANUT.DE BENS IMOVEIS/INSTALACOES",59,"COMPONENTES DE EQUIPAMENTOS ELÉTRICOS E ELETRÔNICOS",5925,"DISJUNTORES","00469","DISJUNTOR","Disjuntor termomagnético DIN BIPOLAR 25A capacidade de  interrupção 3kA curva C.",44663,"Media","UNIDADE","INTEGRAL","CUSTO SUPORTE - MATERIAL",null,20,20,400]
["BASE",1039,24,"MATERIAL P/ MANUT.DE BENS IMOVEIS/INSTALACOES",59,"COMPONENTES DE EQUIPAMENTOS ELÉTRICOS E ELETRÔNICOS",5925,"DISJUNTORES","00469","DISJUNTOR","Disjuntor termomagnético DIN BIPOLAR 32A capacidade de  interrupção 3kA curva C.",44663,"Media","UNIDADE","INTEGRAL","CUSTO SUPORTE - MATERIAL",null,20,20,400]
["BASE",1040,24,"MATERIAL P/ MANUT.DE BENS IMOVEIS/INSTALACOES",59,"COMPONENTES DE EQUIPAMENTOS ELÉTRICOS E ELETRÔNICOS",5925,"DISJUNTORES","00469","DISJUNTOR","Disjuntor termomagnético DIN BIPOLAR 40A capacidade de  interrupção 3kA curva C.",44663,"Media","UNIDADE","INTEGRAL","CUSTO SUPORTE - MATERIAL",null,20,20,400]
["BASE",1041,24,"MATERIAL P/ MANUT.DE BENS IMOVEIS/INSTALACOES",59,"COMPONENTES DE EQUIPAMENTOS ELÉTRICOS E ELETRÔNICOS",5925,"DISJUNTORES","00469","DISJUNTOR","Disjuntor termomagnético DIN BIPOLAR 50A capacidade de  interrupção 3kA curva C.",44663,"Media","UNIDADE","INTEGRAL","CUSTO SUPORTE - MATERIAL",null,20,20,400]
["BASE",1042,24,"MATERIAL P/ MANUT.DE BENS IMOVEIS/INSTALACOES",59,"COMPONENTES DE EQUIPAMENTOS ELÉTRICOS E ELETRÔNICOS",5925,"DISJUNTORES","00469","DISJUNTOR","Disjuntor termomagnético DIN BIPOLAR 63A capacidade de  interrupção 3kA curva C.",44663,"Media","UNIDADE","INTEGRAL","CUSTO SUPORTE - MATERIAL",null,20,20,400]
["BASE",1043,24,"MATERIAL P/ MANUT.DE BENS IMOVEIS/INSTALACOES",59,"COMPONENTES DE EQUIPAMENTOS ELÉTRICOS E ELETRÔNICOS",5925,"DISJUNTORES","00469","DISJUNTOR","Disjuntor termomagnético DIN BIPOLAR 80A capacidade de  interrupção 3kA curva C.",44663,"Media","UNIDADE","INTEGRAL","CUSTO SUPORTE - MATERIAL",null,20,20,400]
["BASE",1044,24,"MATERIAL P/ MANUT.DE BENS IMOVEIS/INSTALACOES",59,"COMPONENTES DE EQUIPAMENTOS ELÉTRICOS E ELETRÔNICOS",5925,"DISJUNTORES","00469","DISJUNTOR","Disjuntor termomagnético DIN TRIPOLAR 50A capacidade de  interrupção 3kA curva C.",44663,"Media","UNIDADE","INTEGRAL","CUSTO SUPORTE - MATERIAL",null,20,20,400]
["BASE",1045,24,"MATERIAL P/ MANUT.DE BENS IMOVEIS/INSTALACOES",59,"COMPONENTES DE EQUIPAMENTOS ELÉTRICOS E ELETRÔNICOS",5925,"DISJUNTORES","00469","DISJUNTOR","Disjuntor termomagnético DIN TRIPOLAR 63A capacidade de  interrupção 3kA curva C.",44663,"Media","UNIDADE","INTEGRAL","CUSTO SUPORTE - MATERIAL",null,20,20,400]
["BASE",1046,24,"MATERIAL P/ MANUT.DE BENS IMOVEIS/INSTALACOES",59,"COMPONENTES DE EQUIPAMENTOS ELÉTRICOS E ELETRÔNICOS",5925,"DISJUNTORES","00469","DISJUNTOR","Disjuntor termomagnético DIN TRIPOLAR 80A capacidade de  interrupção 3kA curva C.",44663,"Media","UNIDADE","INTEGRAL","CUSTO SUPORTE - MATERIAL",null,20,20,400]
["BASE",1047,24,"MATERIAL P/ MANUT.DE BENS IMOVEIS/INSTALACOES",59,"COMPONENTES DE EQUIPAMENTOS ELÉTRICOS E ELETRÔNICOS",5925,"DISJUNTORES","00469","DISJUNTOR","Disjuntor termomagnético DIN TRIPOLAR 100A capacidade de  interrupção 3kA curva C.",44663,"Media","UNIDADE","INTEGRAL","CUSTO SUPORTE - MATERIAL",null,20,20,400]
["BASE",1048,24,"MATERIAL P/ MANUT.DE BENS IMOVEIS/INSTALACOES",59,"COMPONENTES DE EQUIPAMENTOS ELÉTRICOS E ELETRÔNICOS",5925,"DISJUNTORES","00469","DISJUNTOR","Disjuntor termomagnético DIN TRIPOLAR 125A capacidade de  interrupção 3kA curva C.",44663,"Media","UNIDADE","INTEGRAL","CUSTO SUPORTE - MATERIAL",null,20,20,400]
["BASE",1049,24,"MATERIAL P/ MANUT.DE BENS IMOVEIS/INSTALACOES",59,"COMPONENTES DE EQUIPAMENTOS ELÉTRICOS E ELETRÔNICOS",5925,"DISJUNTORES","00469","DISJUNTOR","Disjuntor termomagnético DIN MONOPOLAR 50A capacidade de  interrupção 3kA curva C.",44663,"Media","UNIDADE","INTEGRAL","CUSTO SUPORTE - MATERIAL",null,20,20,400]
["BASE",1050,24,"MATERIAL P/ MANUT.DE BENS IMOVEIS/INSTALACOES",59,"COMPONENTES DE EQUIPAMENTOS ELÉTRICOS E ELETRÔNICOS",5925,"DISJUNTORES","00469","DISJUNTOR","Disjuntor termomagnético DIN MONOPOLAR 32A capacidade de  interrupção 3kA curva C.",44663,"Media","UNIDADE","INTEGRAL","CUSTO SUPORTE - MATERIAL",null,20,20,400]
["BASE",1051,24,"MATERIAL P/ MANUT.DE BENS IMOVEIS/INSTALACOES",59,"COMPONENTES DE EQUIPAMENTOS ELÉTRICOS E ELETRÔNICOS",5925,"DISJUNTORES","00469","DISJUNTOR","Disjuntor termomagnético DIN MONOPOLAR 25A capacidade de  interrupção 3kA curva C.",44663,"Media","UNIDADE","INTEGRAL","CUSTO SUPORTE - MATERIAL",null,20,20,400]
["BASE",1052,24,"MATERIAL P/ MANUT.DE BENS IMOVEIS/INSTALACOES",59,"COMPONENTES DE EQUIPAMENTOS ELÉTRICOS E ELETRÔNICOS",5925,"DISJUNTORES","00469","DISJUNTOR","Disjuntor termomagnético DIN MONOPOLAR 20A capacidade de  interrupção 3kA curva C.",44663,"Media","UNIDADE","INTEGRAL","CUSTO SUPORTE - MATERIAL",null,20,20,400]
["BASE",1053,24,"MATERIAL P/ MANUT.DE BENS IMOVEIS/INSTALACOES",59,"COMPONENTES DE EQUIPAMENTOS ELÉTRICOS E ELETRÔNICOS",5925,"DISJUNTORES","00469","DISJUNTOR","Disjuntor termomagnético DIN MONOPOLAR 10A capacidade de  interrupção 3kA curva C.",44663,"Media","UNIDADE","INTEGRAL","CUSTO SUPORTE - MATERIAL",null,20,20,400]
["BASE",1054,24,"MATERIAL P/ MANUT.DE BENS IMOVEIS/INSTALACOES",59,"COMPONENTES DE EQUIPAMENTOS ELÉTRICOS E ELETRÔNICOS",5935,"CONECTORES ELÉTRICOS","18552","CONECTOR","Conector louça 10mm2 - 25A 600 - tripolar conecção para chuveiro.",44663,"Media","UNIDADE","INTEGRAL","CUSTO SUPORTE - MATERIAL",null,20,10,200]
["BASE",1055,24,"MATERIAL P/ MANUT.DE BENS IMOVEIS/INSTALACOES",59,"COMPONENTES DE EQUIPAMENTOS ELÉTRICOS E ELETRÔNICOS",5935,"CONECTORES ELÉTRICOS","00480","PLUGUE","Plugue bip com aterramento (2p+T) móvel saída de cabo 180º junção – macho - cinza padrão 10A – 250V- sobrepor.",44663,"Media","UNIDADE","INTEGRAL","CUSTO SUPORTE - MATERIAL",null,20,10,200]
["BASE",1056,24,"MATERIAL P/ MANUT.DE BENS IMOVEIS/INSTALACOES",59,"COMPONENTES DE EQUIPAMENTOS ELÉTRICOS E ELETRÔNICOS",5935,"CONECTORES ELÉTRICOS","00484","TOMADA","Tomada bip com aterramento (2p+T) móvel saída de cabo 180º junção – fêmea - cinza padrão 10A – 250V- sobrepor.",44663,"Media","UNIDADE","INTEGRAL","CUSTO SUPORTE - MATERIAL",null,20,10,200]
["BASE",1057,24,"MATERIAL P/ MANUT.DE BENS IMOVEIS/INSTALACOES",59,"COMPONENTES DE EQUIPAMENTOS ELÉTRICOS E ELETRÔNICOS",5975,"FERRAGENS E SUPRIMENTOS DE ELETRICIDADE","04148","CAIXA PASSAGEM","Caixa de luz 4x2 – caixa passagem, material  PVC, na cor amarela, referência fabricante  (TIGRE, AMANCO, ou melhor qualidade.",44663,"Media","UNIDADE","INTEGRAL","CUSTO SUPORTE - MATERIAL",null,20,5,100]
["BASE",1058,24,"MATERIAL P/ MANUT.DE BENS IMOVEIS/INSTALACOES",59,"COMPONENTES DE EQUIPAMENTOS ELÉTRICOS E ELETRÔNICOS",5975,"FERRAGENS E SUPRIMENTOS DE ELETRICIDADE","04148","CAIXA PASSAGEM","Caixa de luz 4x4 -caixa passagem, material  PVC, na cor amarela, referência fabricante  (TIGRE, AMANCO, ou melhor qualidade.",44663,"Media","UNIDADE","INTEGRAL","CUSTO SUPORTE - MATERIAL",null,20,5,100]
["BASE",1059,24,"MATERIAL P/ MANUT.DE BENS IMOVEIS/INSTALACOES",59,"COMPONENTES DE EQUIPAMENTOS ELÉTRICOS E ELETRÔNICOS",5930,"CHAVES ELÉTRICAS","00472","INTERRUPTOR","Interruptor branco 01 tecla simples para sobrepor 10A - interruptor, tipo simples, quantidade pólos 2, características adicionais tecla branca gravada com l-o (ligado-desligado), cor branca, referência linha SILENTOQUE, acabamento com placa e parafuso, posição relativa embutir, tensão nominal 250, corrente nominal 25.",44663,"Media","UNIDADE","INTEGRAL","CUSTO SUPORTE - MATERIAL",null,20,15,300]
["BASE",1060,24,"MATERIAL P/ MANUT.DE BENS IMOVEIS/INSTALACOES",59,"COMPONENTES DE EQUIPAMENTOS ELÉTRICOS E ELETRÔNICOS",5930,"CHAVES ELÉTRICAS","00472","INTERRUPTOR","Interruptor branco 02 teclas simples para sobrepor 10A - interruptor, tipo duplo, quantidade pólos 2, quantidades seções 2, quantidades alavancas 2, características adicionais conjugado com espelho, cor branca, tensão máxima permitida 250, aplicações instalações elétricas, tipo acionamento tecla dupla, referência PIALPLUS ou similar, dimensões 4 x 2, posição relativa embutir, tensão nominal 220, corrente nominal 10.",44663,"Media","UNIDADE","INTEGRAL","CUSTO SUPORTE - MATERIAL",null,20,15,300]
["BASE",1061,24,"MATERIAL P/ MANUT.DE BENS IMOVEIS/INSTALACOES",59,"COMPONENTES DE EQUIPAMENTOS ELÉTRICOS E ELETRÔNICOS",5930,"CHAVES ELÉTRICAS","00472","INTERRUPTOR","Interruptor branco 03 teclas simples para sobrepor 10A - interruptor, tipo triplo, quantidade pólos 2, quantidades seções 2, quantidades alavancas 2, características adicionais conjugados com espelho, cor branca, tensão máxima permitida 250, aplicações instalações elétricas, tipo acionamento tecla dupla, referência PIALPLUS ou similar, dimensões 4 x 2, posição relativa embutir, tensão nominal 220, corrente nominal 10.",44663,"Media","UNIDADE","INTEGRAL","CUSTO SUPORTE - MATERIAL",null,20,15,300]
["BASE",1062,24,"MATERIAL P/ MANUT.DE BENS IMOVEIS/INSTALACOES",59,"COMPONENTES DE EQUIPAMENTOS ELÉTRICOS E ELETRÔNICOS",5930,"CHAVES ELÉTRICAS","00472","INTERRUPTOR","Interruptor branco 01 tecla simples + 01 tomada para sobrepor 10 A - interruptor, tipo simples, quantidades seções 1(uma) e 1 (uma) tomada, características adicionais com placa 4x2 na cor branca.",44663,"Media","UNIDADE","INTEGRAL","CUSTO SUPORTE - MATERIAL",null,20,15,300]
["BASE",1063,24,"MATERIAL P/ MANUT.DE BENS IMOVEIS/INSTALACOES",59,"COMPONENTES DE EQUIPAMENTOS ELÉTRICOS E ELETRÔNICOS",5930,"CHAVES ELÉTRICAS","00472","INTERRUPTOR","Interruptor branco 02 teclas simples + 01 tomada para sobrepor 10 A - interruptor, tipo simples, quantidades seções 2(dois) e 1 (uma) tomada, características adicionais com placa 4x2 na cor branca.",44663,"Media","UNIDADE","INTEGRAL","CUSTO SUPORTE - MATERIAL",null,20,15,300]
["BASE",1064,24,"MATERIAL P/ MANUT.DE BENS IMOVEIS/INSTALACOES",59,"COMPONENTES DE EQUIPAMENTOS ELÉTRICOS E ELETRÔNICOS",5935,"CONECTORES ELÉTRICOS","00484","TOMADA","Tomada branca com 02 tomadas para sobrepor 10ª – tomada, modelo dupla, número contato 3, formato contato redondo , formato corpo retangular, cor corpo branca, corrente nominal 10 AMP, tensão nominal 250, número pólos 2 p, características adicionais com espelho 4´ x 2´, aplicação instalação elétrica, referência PIALPLUS ou similar equivalente, posição relativa embutir.",44663,"Media","UNIDADE","INTEGRAL","CUSTO SUPORTE - MATERIAL",null,20,40,800]
["BASE",1065,24,"MATERIAL P/ MANUT.DE BENS IMOVEIS/INSTALACOES",59,"COMPONENTES DE EQUIPAMENTOS ELÉTRICOS E ELETRÔNICOS",5935,"CONECTORES ELÉTRICOS","00484","TOMADA","Tomada branca com 01 tomadas para sobrepor 10ª – tomada, modelo simples, número contato 2, formato contato redondo e chato, formato corpo retangular, cor corpo branca, corrente nominal 10 AMP , tensão nominal 250, número pólos 2 p, características adicionais com espelho 4´ x 2´, aplicação instalação elétrica, referência PIALPLUS ou similar equivalente, posição relativa embutir.",44663,"Media","UNIDADE","INTEGRAL","CUSTO SUPORTE - MATERIAL",null,20,20,400]
["BASE",1066,24,"MATERIAL P/ MANUT.DE BENS IMOVEIS/INSTALACOES",59,"COMPONENTES DE EQUIPAMENTOS ELÉTRICOS E ELETRÔNICOS",5935,"CONECTORES ELÉTRICOS","00484","TOMADA","Tomada branca com 01 tomadas para sobrepor 20A – tomada, modelo Simples, número contato 2, formato contato redondo e chato, formato corpo retangular, cor corpo branca, corrente nominal 15, tensão nominal 250, número pólos 2 p, características adicionais com espelho 4´ x 2´, aplicação instalação elétrica, referência PIALPLUS ou similar equivalente, posição relativa embutir.",44663,"Media","UNIDADE","INTEGRAL","CUSTO SUPORTE - MATERIAL",null,20,30,600]
["BASE",1067,24,"MATERIAL P/ MANUT.DE BENS IMOVEIS/INSTALACOES",61,"CONDUTORES ELÉTRICOS E EQUIPAMENTOS PARA GERAÇÃO  E  DISTRI-BUIÇÃO DE ENERGIA",6145,"FIOS E CABOS ELÉTRICOS","04009","CABO ELÉTRICO FLEXÍVEL","Cabo flexível elétrico 1x10,00 mm², revestimento baixa tensão, material condutor TOMBACH ou similar 85-15, material isolamento borracha silicone vulcanizada COR VERMELHO, Rolo com 100m.",44663,"Media","METRO","INTEGRAL","CUSTO SUPORTE - MATERIAL",null,4,900,3600]
["BASE",1068,24,"MATERIAL P/ MANUT.DE BENS IMOVEIS/INSTALACOES",61,"CONDUTORES ELÉTRICOS E EQUIPAMENTOS PARA GERAÇÃO  E  DISTRI-BUIÇÃO DE ENERGIA",6145,"FIOS E CABOS ELÉTRICOS","04009","CABO ELÉTRICO FLEXÍVEL","Cabo flexível elétrico 1x10,00 mm², revestimento baixa tensão, material condutor TOMBACH ou similar 85-15, material isolamento borracha silicone vulcanizada COR PRETO Rolo com 100m.",44663,"Media","METRO","INTEGRAL","CUSTO SUPORTE - MATERIAL",null,4,900,3600]
["BASE",1069,24,"MATERIAL P/ MANUT.DE BENS IMOVEIS/INSTALACOES",61,"CONDUTORES ELÉTRICOS E EQUIPAMENTOS PARA GERAÇÃO  E  DISTRI-BUIÇÃO DE ENERGIA",6145,"FIOS E CABOS ELÉTRICOS","04009","CABO ELÉTRICO FLEXÍVEL","Cabo flexível elétrico 1x10,00 mm², revestimento baixa tensão, material condutor TOMBACH ou similar 85-15, material isolamento borracha silicone vulcanizada COR AZUL, amarelo), Rolo com 100m.",44663,"Media","ROLO","INTEGRAL","CUSTO SUPORTE - MATERIAL",null,1,900,900]
["BASE",1070,24,"MATERIAL P/ MANUT.DE BENS IMOVEIS/INSTALACOES",61,"CONDUTORES ELÉTRICOS E EQUIPAMENTOS PARA GERAÇÃO  E  DISTRI-BUIÇÃO DE ENERGIA",6145,"FIOS E CABOS ELÉTRICOS","04009","CABO ELÉTRICO FLEXÍVEL","Cabo flexível elétrico 1x10,00 mm², revestimento baixa tensão, material condutor TOMBACH ou similar 85-15, material isolamento borracha silicone vulcanizada COR AMARELO, Rolo com 100m.",44663,"Media","ROLO","INTEGRAL","CUSTO SUPORTE - MATERIAL",null,1,900,900]
["BASE",1071,24,"MATERIAL P/ MANUT.DE BENS IMOVEIS/INSTALACOES",61,"CONDUTORES ELÉTRICOS E EQUIPAMENTOS PARA GERAÇÃO  E  DISTRI-BUIÇÃO DE ENERGIA",6145,"FIOS E CABOS ELÉTRICOS","04009","CABO ELÉTRICO FLEXÍVEL","Cabo flexível elétrico 1x10,00 mm², revestimento baixa tensão, material condutor TOMBACH ou similar 85-15, material isolamento borracha silicone vulcanizada COR BRANCO, Rolo com 100m.",44663,"Media","ROLO","INTEGRAL","CUSTO SUPORTE - MATERIAL",null,1,900,900]
["BASE",1072,24,"MATERIAL P/ MANUT.DE BENS IMOVEIS/INSTALACOES",61,"CONDUTORES ELÉTRICOS E EQUIPAMENTOS PARA GERAÇÃO  E  DISTRI-BUIÇÃO DE ENERGIA",6145,"FIOS E CABOS ELÉTRICOS","04009","CABO ELÉTRICO FLEXÍVEL","Cabo flexível elétrico 1x 10mm², revestimento baixa tensão, material condutor TOMBACH ou similar 85-15, material isolamento borracha silicone vulcanizada COR VERDE, Rolo com 100m.",44663,"Media","ROLO","INTEGRAL","CUSTO SUPORTE - MATERIAL",null,1,900,900]
["BASE",1073,24,"MATERIAL P/ MANUT.DE BENS IMOVEIS/INSTALACOES",61,"CONDUTORES ELÉTRICOS E EQUIPAMENTOS PARA GERAÇÃO  E  DISTRI-BUIÇÃO DE ENERGIA",6145,"FIOS E CABOS ELÉTRICOS","04009","CABO ELÉTRICO FLEXÍVEL","Cabo flexível elétrico 1x 6mm², revestimento baixa tensão, material condutor TOMBACH ou similar 85-15, material isolamento borracha silicone vulcanizada COR PRETO, amarelo), Rolo com 100m.",44663,"Media","ROLO","INTEGRAL","CUSTO SUPORTE - MATERIAL",null,4,530,2120]
["BASE",1074,24,"MATERIAL P/ MANUT.DE BENS IMOVEIS/INSTALACOES",61,"CONDUTORES ELÉTRICOS E EQUIPAMENTOS PARA GERAÇÃO  E  DISTRI-BUIÇÃO DE ENERGIA",6145,"FIOS E CABOS ELÉTRICOS","04009","CABO ELÉTRICO FLEXÍVEL","Cabo flexível elétrico 1x 6mm², revestimento baixa tensão, material condutor TOMBACH ou similar 85-15, material isolamento borracha silicone vulcanizada COR AZUL, Rolo com 100m.",44663,"Media","ROLO","INTEGRAL","CUSTO SUPORTE - MATERIAL",null,1,530,530]
["BASE",1075,24,"MATERIAL P/ MANUT.DE BENS IMOVEIS/INSTALACOES",61,"CONDUTORES ELÉTRICOS E EQUIPAMENTOS PARA GERAÇÃO  E  DISTRI-BUIÇÃO DE ENERGIA",6145,"FIOS E CABOS ELÉTRICOS","04009","CABO ELÉTRICO FLEXÍVEL","Cabo flexível elétrico 1x 6mm², revestimento baixa tensão, material condutor TOMBACH ou similar 85-15, material isolamento borracha silicone vulcanizada COR AMARELO, Rolo com 100m.",44663,"Media","ROLO","INTEGRAL","CUSTO SUPORTE - MATERIAL",null,1,530,530]
["BASE",1076,24,"MATERIAL P/ MANUT.DE BENS IMOVEIS/INSTALACOES",61,"CONDUTORES ELÉTRICOS E EQUIPAMENTOS PARA GERAÇÃO  E  DISTRI-BUIÇÃO DE ENERGIA",6145,"FIOS E CABOS ELÉTRICOS","04009","CABO ELÉTRICO FLEXÍVEL","Cabo flexível elétrico 1x 6mm², revestimento baixa tensão, material condutor TOMBACH ou similar 85-15, material isolamento borracha silicone vulcanizada COR BRANCO, Rolo com 100m.",44663,"Media","ROLO","INTEGRAL","CUSTO SUPORTE - MATERIAL",null,1,530,530]
["BASE",1077,24,"MATERIAL P/ MANUT.DE BENS IMOVEIS/INSTALACOES",61,"CONDUTORES ELÉTRICOS E EQUIPAMENTOS PARA GERAÇÃO  E  DISTRI-BUIÇÃO DE ENERGIA",6145,"FIOS E CABOS ELÉTRICOS","04009","CABO ELÉTRICO FLEXÍVEL","Cabo flexível elétrico 1x 6mm², revestimento baixa tensão, material condutor TOMBACH ou similar 85-15, material isolamento borracha silicone vulcanizada COR VERDE Rolo com 100m.",44663,"Media","ROLO","INTEGRAL","CUSTO SUPORTE - MATERIAL",null,1,530,530]
["BASE",1078,24,"MATERIAL P/ MANUT.DE BENS IMOVEIS/INSTALACOES",61,"CONDUTORES ELÉTRICOS E EQUIPAMENTOS PARA GERAÇÃO  E  DISTRI-BUIÇÃO DE ENERGIA",6145,"FIOS E CABOS ELÉTRICOS","04009","CABO ELÉTRICO FLEXÍVEL","Cabo flexível elétrico 1x 4mm² revestimento baixa tensão, material condutor TOMBACH ou similar 85-15, material isolamento borracha silicone vulcanizada COR VERMELHO, amarelo), Rolo com 100m.",44663,"Media","ROLO","INTEGRAL","CUSTO SUPORTE - MATERIAL",null,4,360,1440]
["BASE",1079,24,"MATERIAL P/ MANUT.DE BENS IMOVEIS/INSTALACOES",61,"CONDUTORES ELÉTRICOS E EQUIPAMENTOS PARA GERAÇÃO  E  DISTRI-BUIÇÃO DE ENERGIA",6145,"FIOS E CABOS ELÉTRICOS","04009","CABO ELÉTRICO FLEXÍVEL","Cabo flexível elétrico 1x 4mm² revestimento baixa tensão, material condutor TOMBACH ou similar 85-15, material isolamento borracha silicone vulcanizada COR PRETO, Rolo com 100m.",44663,"Media","ROLO","INTEGRAL","CUSTO SUPORTE - MATERIAL",null,4,360,1440]
["BASE",1080,24,"MATERIAL P/ MANUT.DE BENS IMOVEIS/INSTALACOES",61,"CONDUTORES ELÉTRICOS E EQUIPAMENTOS PARA GERAÇÃO  E  DISTRI-BUIÇÃO DE ENERGIA",6145,"FIOS E CABOS ELÉTRICOS","04009","CABO ELÉTRICO FLEXÍVEL","Cabo flexível elétrico 1x 4mm², revestimento baixa tensão, material condutor TOMBACH ou similar 85-15, material isolamento borracha silicone vulcanizada COR AZUL, Rolo com 100m.",44663,"Media","ROLO","INTEGRAL","CUSTO SUPORTE - MATERIAL",null,1,360,360]
["BASE",1081,24,"MATERIAL P/ MANUT.DE BENS IMOVEIS/INSTALACOES",61,"CONDUTORES ELÉTRICOS E EQUIPAMENTOS PARA GERAÇÃO  E  DISTRI-BUIÇÃO DE ENERGIA",6145,"FIOS E CABOS ELÉTRICOS","04009","CABO ELÉTRICO FLEXÍVEL","Cabo flexível elétrico 1x 4mm², revestimento baixa tensão, material condutor TOMBACH ou similar 85-15, material isolamento borracha silicone vulcanizada COR AMARELO, Rolo com 100m.",44663,"Media","ROLO","INTEGRAL","CUSTO SUPORTE - MATERIAL",null,1,360,360]
["BASE",1082,24,"MATERIAL P/ MANUT.DE BENS IMOVEIS/INSTALACOES",61,"CONDUTORES ELÉTRICOS E EQUIPAMENTOS PARA GERAÇÃO  E  DISTRI-BUIÇÃO DE ENERGIA",6145,"FIOS E CABOS ELÉTRICOS","04009","CABO ELÉTRICO FLEXÍVEL","Cabo flexível elétrico 1x 4mm², revestimento baixa tensão, material condutor TOMBACH ou similar 85-15, material isolamento borracha silicone vulcanizada COR BRANCO Rolo com 100m.",44663,"Media","ROLO","INTEGRAL","CUSTO SUPORTE - MATERIAL",null,1,360,360]
["BASE",1083,24,"MATERIAL P/ MANUT.DE BENS IMOVEIS/INSTALACOES",61,"CONDUTORES ELÉTRICOS E EQUIPAMENTOS PARA GERAÇÃO  E  DISTRI-BUIÇÃO DE ENERGIA",6145,"FIOS E CABOS ELÉTRICOS","04009","CABO ELÉTRICO FLEXÍVEL","Cabo flexível elétrico 1x 4mm² revestimento baixa tensão, material condutor TOMBACH ou similar 85-15, material isolamento borracha silicone vulcanizada COR VERDE, Rolo com 100m.",44663,"Media","ROLO","INTEGRAL","CUSTO SUPORTE - MATERIAL",null,1,360,360]
["BASE",1084,24,"MATERIAL P/ MANUT.DE BENS IMOVEIS/INSTALACOES",61,"CONDUTORES ELÉTRICOS E EQUIPAMENTOS PARA GERAÇÃO  E  DISTRI-BUIÇÃO DE ENERGIA",6145,"FIOS E CABOS ELÉTRICOS","04009","CABO ELÉTRICO FLEXÍVEL","Cabo flexível elétrico 1x 2,5mm² revestimento baixa tensão, material condutor TOMBACH ou similar 85-15, material isolamento borracha silicone vulcanizada COR VERMELHO, Rolo com 100m.",44663,"Media","ROLO","INTEGRAL","CUSTO SUPORTE - MATERIAL",null,4,220,880]
["BASE",1085,24,"MATERIAL P/ MANUT.DE BENS IMOVEIS/INSTALACOES",61,"CONDUTORES ELÉTRICOS E EQUIPAMENTOS PARA GERAÇÃO  E  DISTRI-BUIÇÃO DE ENERGIA",6145,"FIOS E CABOS ELÉTRICOS","04009","CABO ELÉTRICO FLEXÍVEL","Cabo flexível elétrico 1x 2,5mm², revestimento baixa tensão, material condutor TOMBACH ou similar 85-15, material isolamento borracha silicone vulcanizada COR PRETO, Rolo com 100m.",44663,"Media","ROLO","INTEGRAL","CUSTO SUPORTE - MATERIAL",null,4,220,880]
["BASE",1086,24,"MATERIAL P/ MANUT.DE BENS IMOVEIS/INSTALACOES",61,"CONDUTORES ELÉTRICOS E EQUIPAMENTOS PARA GERAÇÃO  E  DISTRI-BUIÇÃO DE ENERGIA",6145,"FIOS E CABOS ELÉTRICOS","04009","CABO ELÉTRICO FLEXÍVEL","Cabo flexível elétrico 1x 2,5mm², revestimento baixa tensão, material condutor TOMBACH ou similar 85-15, material isolamento borracha silicone vulcanizada COR AZUL, Rolo com 100m.",44663,"Media","ROLO","INTEGRAL","CUSTO SUPORTE - MATERIAL",null,1,220,220]
["BASE",1087,24,"MATERIAL P/ MANUT.DE BENS IMOVEIS/INSTALACOES",61,"CONDUTORES ELÉTRICOS E EQUIPAMENTOS PARA GERAÇÃO  E  DISTRI-BUIÇÃO DE ENERGIA",6145,"FIOS E CABOS ELÉTRICOS","04009","CABO ELÉTRICO FLEXÍVEL","Cabo flexível elétrico 1x 2,5mm², revestimento baixa tensão, material condutor TOMBACH ou similar 85-15, material isolamento borracha silicone vulcanizada COR AMARELO Rolo com 100m.",44663,"Media","ROLO","INTEGRAL","CUSTO SUPORTE - MATERIAL",null,1,220,220]
["BASE",1088,24,"MATERIAL P/ MANUT.DE BENS IMOVEIS/INSTALACOES",61,"CONDUTORES ELÉTRICOS E EQUIPAMENTOS PARA GERAÇÃO  E  DISTRI-BUIÇÃO DE ENERGIA",6145,"FIOS E CABOS ELÉTRICOS","04009","CABO ELÉTRICO FLEXÍVEL","Cabo flexível elétrico 1x 2,5mm² revestimento baixa tensão, material condutor TOMBACH ou similar 85-15, material isolamento borracha silicone vulcanizada COR BRANCO, amarelo), Rolo com 100m.",44663,"Media","ROLO","INTEGRAL","CUSTO SUPORTE - MATERIAL",null,1,220,220]
["BASE",1089,24,"MATERIAL P/ MANUT.DE BENS IMOVEIS/INSTALACOES",61,"CONDUTORES ELÉTRICOS E EQUIPAMENTOS PARA GERAÇÃO  E  DISTRI-BUIÇÃO DE ENERGIA",6145,"FIOS E CABOS ELÉTRICOS","04009","CABO ELÉTRICO FLEXÍVEL","Cabo flexível elétrico 1x 2,5mm² revestimento baixa tensão, material condutor TOMBACH ou similar 85-15, material isolamento borracha silicone vulcanizada COR VERDE, Rolo com 100m.",44663,"Media","ROLO","INTEGRAL","CUSTO SUPORTE - MATERIAL",null,1,220,220]
["BASE",1090,24,"MATERIAL P/ MANUT.DE BENS IMOVEIS/INSTALACOES",61,"CONDUTORES ELÉTRICOS E EQUIPAMENTOS PARA GERAÇÃO  E  DISTRI-BUIÇÃO DE ENERGIA",6145,"FIOS E CABOS ELÉTRICOS","04009","CABO ELÉTRICO FLEXÍVEL","Cabo flexível elétrico 1x 1,5mm² revestimento baixa tensão, material condutor TOMBACH ou similar 85-15, material isolamento borracha silicone vulcanizada COR VERMELHO, Rolo com 100m.",44663,"Media","ROLO","INTEGRAL","CUSTO SUPORTE - MATERIAL",null,5,200,1000]
["BASE",1091,24,"MATERIAL P/ MANUT.DE BENS IMOVEIS/INSTALACOES",61,"CONDUTORES ELÉTRICOS E EQUIPAMENTOS PARA GERAÇÃO  E  DISTRI-BUIÇÃO DE ENERGIA",6145,"FIOS E CABOS ELÉTRICOS","04009","CABO ELÉTRICO FLEXÍVEL","Cabo flexível elétrico 1x 1,5mm², revestimento baixa tensão, material condutor TOMBACH ou similar 85-15, material isolamento borracha silicone vulcanizada COR PRETO, Rolo com 100m.",44663,"Media","ROLO","INTEGRAL","CUSTO SUPORTE - MATERIAL",null,5,200,1000]
["BASE",1092,24,"MATERIAL P/ MANUT.DE BENS IMOVEIS/INSTALACOES",61,"CONDUTORES ELÉTRICOS E EQUIPAMENTOS PARA GERAÇÃO  E  DISTRI-BUIÇÃO DE ENERGIA",6145,"FIOS E CABOS ELÉTRICOS","04009","CABO ELÉTRICO FLEXÍVEL","Cabo flexível elétrico 1x 1,5mm², revestimento baixa tensão, material condutor TOMBACH ou similar 85-15, material isolamento borracha silicone vulcanizada COR AZUL, Rolo com 100m.",44663,"Media","ROLO","INTEGRAL","CUSTO SUPORTE - MATERIAL",null,1,200,200]
["BASE",1093,24,"MATERIAL P/ MANUT.DE BENS IMOVEIS/INSTALACOES",61,"CONDUTORES ELÉTRICOS E EQUIPAMENTOS PARA GERAÇÃO  E  DISTRI-BUIÇÃO DE ENERGIA",6145,"FIOS E CABOS ELÉTRICOS","04009","CABO ELÉTRICO FLEXÍVEL","Cabo flexível elétrico 1x 1,5mm², revestimento baixa tensão, material condutor TOMBACH ou similar 85-15, material isolamento borracha silicone vulcanizada COR AMARELO Rolo com 100m.",44663,"Media","ROLO","INTEGRAL","CUSTO SUPORTE - MATERIAL",null,1,200,200]
["BASE",1094,24,"MATERIAL P/ MANUT.DE BENS IMOVEIS/INSTALACOES",61,"CONDUTORES ELÉTRICOS E EQUIPAMENTOS PARA GERAÇÃO  E  DISTRI-BUIÇÃO DE ENERGIA",6145,"FIOS E CABOS ELÉTRICOS","04009","CABO ELÉTRICO FLEXÍVEL","Cabo flexível elétrico 1x 2,5mm² revestimento baixa tensão, material condutor TOMBACH ou similar 85-15, material isolamento borracha silicone vulcanizada COR BRANCO, amarelo), Rolo com 100m.",44663,"Media","ROLO","INTEGRAL","CUSTO SUPORTE - MATERIAL",null,0,1400,0]
["BASE",1095,24,"MATERIAL P/ MANUT.DE BENS IMOVEIS/INSTALACOES",61,"CONDUTORES ELÉTRICOS E EQUIPAMENTOS PARA GERAÇÃO  E  DISTRI-BUIÇÃO DE ENERGIA",6145,"FIOS E CABOS ELÉTRICOS","04009","CABO ELÉTRICO FLEXÍVEL","Cabo flexível elétrico 1x 2,5mm² revestimento baixa tensão, material condutor TOMBACH ou similar 85-15, material isolamento borracha silicone vulcanizada COR VERDE, amarelo), Rolo com 100m.",44663,"Media","ROLO","INTEGRAL","CUSTO SUPORTE - MATERIAL",null,0,1400,0]
["BASE",1096,24,"MATERIAL P/ MANUT.DE BENS IMOVEIS/INSTALACOES",61,"CONDUTORES ELÉTRICOS E EQUIPAMENTOS PARA GERAÇÃO  E  DISTRI-BUIÇÃO DE ENERGIA",6145,"FIOS E CABOS ELÉTRICOS","04009","CABO ELÉTRICO FLEXÍVEL","Cabo flexível 3x6 0,67 Kv Cu/PVC/A-ST1 NBR 7288,revestimento baixa tensão, material condutor TOMBACH ou similar 85-15, material isolamento borracha silicone vulcanizada.  ",44663,"Media","ROLO","INTEGRAL","CUSTO SUPORTE - MATERIAL",null,2,1400,2800]
["BASE",1097,24,"MATERIAL P/ MANUT.DE BENS IMOVEIS/INSTALACOES",61,"CONDUTORES ELÉTRICOS E EQUIPAMENTOS PARA GERAÇÃO  E  DISTRI-BUIÇÃO DE ENERGIA",6145,"FIOS E CABOS ELÉTRICOS","07533","FIO ELETRICO","Fio paralelo 2x2,5mm - fio elétrico, tipo flexível / paralelo, bitola 2 x2,5, material condutor cobre, material isolamento PVC, Rolo com 100m, COR BRANCO, antichamas.",44663,"Media","ROLO","INTEGRAL","CUSTO SUPORTE - MATERIAL",null,2,600,1200]
["BASE",1098,24,"MATERIAL P/ MANUT.DE BENS IMOVEIS/INSTALACOES",61,"CONDUTORES ELÉTRICOS E EQUIPAMENTOS PARA GERAÇÃO  E  DISTRI-BUIÇÃO DE ENERGIA",6145,"FIOS E CABOS ELÉTRICOS","07533","FIO ELETRICO","Fio paralelo 2x4mm2 – fio elétrico tipo flexível/ paralelo, bitola 2x4mm2 – material condutor cobre, material de isolamento borracha de silicone vulcanizada, Rolo com 100m, COR BRANCO, antichamas.",44663,"Media","ROLO","INTEGRAL","CUSTO SUPORTE - MATERIAL",null,2,600,1200]
["BASE",1099,24,"MATERIAL P/ MANUT.DE BENS IMOVEIS/INSTALACOES",61,"CONDUTORES ELÉTRICOS E EQUIPAMENTOS PARA GERAÇÃO  E  DISTRI-BUIÇÃO DE ENERGIA",6145,"FIOS E CABOS ELÉTRICOS","18817","CABO ELÉTRICO MULTIPLEXADO","Cabo Elétrico de Alumínio Multiplexado 3 x 1(25+25) Polietileno Termoplástico CQUA25-NN-CA 1ª Linha.",44663,"Media","ROLO","INTEGRAL","CUSTO SUPORTE - MATERIAL",null,2,1900,3800]
["BASE",1100,24,"MATERIAL P/ MANUT.DE BENS IMOVEIS/INSTALACOES",61,"CONDUTORES ELÉTRICOS E EQUIPAMENTOS PARA GERAÇÃO  E  DISTRI-BUIÇÃO DE ENERGIA",6145,"FIOS E CABOS ELÉTRICOS","18817","CABO ELÉTRICO MULTIPLEXADO","Cabo Elétrico de Alumínio Multiplexado 3 x 1(16+16) Polietileno Termoplástico CQUA16-NN-CA-PE 1ª Linha.",44663,"Media","ROLO","INTEGRAL","CUSTO SUPORTE - MATERIAL",null,2,1100,2200]
["BASE",1,39,"MATERIAL P/ MANUTENCAO DE VEICULOS",25,"COMPONENTES DE VEÍCULOS",2590,"COMPONENTES DIVERSOS PARA VEÍCULOS","16805","COMPONENTES DIVERSOS PARA VEÍCULOS","FILTRO DE ÓLEO HILUX SW4 ",null,"Alta","UNIDADE","INTEGRAL","CUSTO FINALÍSTICO - MATERIAL","REPOSIÇÃO DE PEÇAS EM ESTOQUE DE MANUTENÇÃO DE 1º ESCALÃO DE VIATURAS",2,22,44]
["BASE",2,39,"MATERIAL P/ MANUTENCAO DE VEICULOS",25,"COMPONENTES DE VEÍCULOS",2590,"COMPONENTES DIVERSOS PARA VEÍCULOS","16805","COMPONENTES DIVERSOS PARA VEÍCULOS","FILTRO DE COMBUSTÍVEL HILUX SW4",null,"Alta","UNIDADE","INTEGRAL","CUSTO FINALÍSTICO - MATERIAL","REPOSIÇÃO DE PEÇAS EM ESTOQUE DE MANUTENÇÃO DE 1º ESCALÃO DE VIATURAS",2,69.489999999999995,138.97999999999999]
["BASE",3,39,"MATERIAL P/ MANUTENCAO DE VEICULOS",25,"COMPONENTES DE VEÍCULOS",2590,"COMPONENTES DIVERSOS PARA VEÍCULOS","16805","COMPONENTES DIVERSOS PARA VEÍCULOS","FILTRO DE AR  HILUX SW4",null,"Alta","UNIDADE","INTEGRAL","CUSTO FINALÍSTICO - MATERIAL","REPOSIÇÃO DE PEÇAS EM ESTOQUE DE MANUTENÇÃO DE 1º ESCALÃO DE VIATURAS",2,65.83,131.66]
["BASE",4,39,"MATERIAL P/ MANUTENCAO DE VEICULOS",25,"COMPONENTES DE VEÍCULOS",2590,"COMPONENTES DIVERSOS PARA VEÍCULOS","16805","COMPONENTES DIVERSOS PARA VEÍCULOS","FILTRO DE AR CONDICIONADO  HILUX SW4",null,"Alta","UNIDADE","INTEGRAL","CUSTO FINALÍSTICO - MATERIAL","REPOSIÇÃO DE PEÇAS EM ESTOQUE DE MANUTENÇÃO DE 1º ESCALÃO DE VIATURAS",2,29.64,59.28]
["BASE",5,39,"MATERIAL P/ MANUTENCAO DE VEICULOS",25,"COMPONENTES DE VEÍCULOS",2590,"COMPONENTES DIVERSOS PARA VEÍCULOS","16805","COMPONENTES DIVERSOS PARA VEÍCULOS","PASTILHA DE FREIO DIANTEIRO HILUX SW4",null,"Media","JOGO","INTEGRAL","CUSTO FINALÍSTICO - MATERIAL","REPOSIÇÃO DE PEÇAS EM ESTOQUE DE MANUTENÇÃO DE 1º ESCALÃO DE VIATURAS",1,161.9,161.9]
["BASE",6,39,"MATERIAL P/ MANUTENCAO DE VEICULOS",25,"COMPONENTES DE VEÍCULOS",2590,"COMPONENTES DIVERSOS PARA VEÍCULOS","16805","COMPONENTES DIVERSOS PARA VEÍCULOS","PASTILHA DE FREIO TRASEIRO  HILUX SW4",null,"Media","JOGO","INTEGRAL","CUSTO FINALÍSTICO - MATERIAL","REPOSIÇÃO DE PEÇAS EM ESTOQUE DE MANUTENÇÃO DE 1º ESCALÃO DE VIATURAS",1,179.9,179.9]
["BASE",7,39,"MATERIAL P/ MANUTENCAO DE VEICULOS",25,"COMPONENTES DE VEÍCULOS",2590,"COMPONENTES DIVERSOS PARA VEÍCULOS","16805","COMPONENTES DIVERSOS PARA VEÍCULOS","PALHETA LIMPADOR PARABRISA HILUX SW4 ",null,"Media","JOGO","INTEGRAL","CUSTO FINALÍSTICO - MATERIAL","REPOSIÇÃO DE PEÇAS EM ESTOQUE DE MANUTENÇÃO DE 1º ESCALÃO DE VIATURAS",2,75.33,150.66]
["BASE",8,39,"MATERIAL P/ MANUTENCAO DE VEICULOS",25,"COMPONENTES DE VEÍCULOS",2590,"COMPONENTES DIVERSOS PARA VEÍCULOS","16805","COMPONENTES DIVERSOS PARA VEÍCULOS","PALHETA LIMPADOR VIDRO TRASEIRO  HILUX  SW4",null,"Media","UNIDADE","INTEGRAL","CUSTO FINALÍSTICO - MATERIAL","REPOSIÇÃO DE PEÇAS EM ESTOQUE DE MANUTENÇÃO DE 1º ESCALÃO DE VIATURAS",1,37.700000000000003,37.700000000000003]
["BASE",9,39,"MATERIAL P/ MANUTENCAO DE VEICULOS",25,"COMPONENTES DE VEÍCULOS",2590,"COMPONENTES DIVERSOS PARA VEÍCULOS","16805","COMPONENTES DIVERSOS PARA VEÍCULOS","DISCO DE FREIO DIANTEIRO HILUX SW4",null,"Media","JOGO","INTEGRAL","CUSTO FINALÍSTICO - MATERIAL","REPOSIÇÃO DE PEÇAS EM ESTOQUE DE MANUTENÇÃO DE 1º ESCALÃO DE VIATURAS",2,326,652]
["BASE",10,39,"MATERIAL P/ MANUTENCAO DE VEICULOS",25,"COMPONENTES DE VEÍCULOS",2590,"COMPONENTES DIVERSOS PARA VEÍCULOS","16805","COMPONENTES DIVERSOS PARA VEÍCULOS","DISCO DE FREIO TRASEIRO HILUX SW4",null,"Media","JOGO","INTEGRAL","CUSTO FINALÍSTICO - MATERIAL","REPOSIÇÃO DE PEÇAS EM ESTOQUE DE MANUTENÇÃO DE 1º ESCALÃO DE VIATURAS",2,552.9,1105.8]
["BASE",11,39,"MATERIAL P/ MANUTENCAO DE VEICULOS",25,"COMPONENTES DE VEÍCULOS",2590,"COMPONENTES DIVERSOS PARA VEÍCULOS","16805","COMPONENTES DIVERSOS PARA VEÍCULOS","AMORTECEDOR HILUX SW4",null,"Media","JOGO","INTEGRAL","CUSTO FINALÍSTICO - MATERIAL","REPOSIÇÃO DE PEÇAS EM ESTOQUE DE MANUTENÇÃO DE 1º ESCALÃO DE VIATURAS",2,661,1322]
["BASE",12,39,"MATERIAL P/ MANUTENCAO DE VEICULOS",25,"COMPONENTES DE VEÍCULOS",2590,"COMPONENTES DIVERSOS PARA VEÍCULOS","16805","COMPONENTES DIVERSOS PARA VEÍCULOS","FILTRO DE ÓLEO PEUGEOT 408",null,"Alta","UNIDADE","INTEGRAL","CUSTO FINALÍSTICO - MATERIAL","REPOSIÇÃO DE PEÇAS EM ESTOQUE DE MANUTENÇÃO DE 1º ESCALÃO DE VIATURAS",2,29.9,59.8]
["BASE",13,39,"MATERIAL P/ MANUTENCAO DE VEICULOS",25,"COMPONENTES DE VEÍCULOS",2590,"COMPONENTES DIVERSOS PARA VEÍCULOS","16805","COMPONENTES DIVERSOS PARA VEÍCULOS","FILTRO DE COMBUSTÍVEL PEUGEOT",null,"Alta","UNIDADE","INTEGRAL","CUSTO FINALÍSTICO - MATERIAL","REPOSIÇÃO DE PEÇAS EM ESTOQUE DE MANUTENÇÃO DE 1º ESCALÃO DE VIATURAS",2,37.9,75.8]
["BASE",14,39,"MATERIAL P/ MANUTENCAO DE VEICULOS",25,"COMPONENTES DE VEÍCULOS",2590,"COMPONENTES DIVERSOS PARA VEÍCULOS","16805","COMPONENTES DIVERSOS PARA VEÍCULOS","FILTRO DE AR  PEUGEOT 408",null,"Alta","UNIDADE","INTEGRAL","CUSTO FINALÍSTICO - MATERIAL","REPOSIÇÃO DE PEÇAS EM ESTOQUE DE MANUTENÇÃO DE 1º ESCALÃO DE VIATURAS",2,57.7,115.4]
["BASE",15,39,"MATERIAL P/ MANUTENCAO DE VEICULOS",25,"COMPONENTES DE VEÍCULOS",2590,"COMPONENTES DIVERSOS PARA VEÍCULOS","16805","COMPONENTES DIVERSOS PARA VEÍCULOS","FILTRO DE AR CONDICIONADO  PEUGEOT 408 ",null,"Media","UNIDADE","INTEGRAL","CUSTO FINALÍSTICO - MATERIAL","REPOSIÇÃO DE PEÇAS EM ESTOQUE DE MANUTENÇÃO DE 1º ESCALÃO DE VIATURAS",2,39.5,79]
["BASE",16,39,"MATERIAL P/ MANUTENCAO DE VEICULOS",25,"COMPONENTES DE VEÍCULOS",2590,"COMPONENTES DIVERSOS PARA VEÍCULOS","16805","COMPONENTES DIVERSOS PARA VEÍCULOS","PASTILHA DE FREIO DIANTEIRO PEUGEOT 408 ",null,"Media","JOGO","INTEGRAL","CUSTO FINALÍSTICO - MATERIAL","REPOSIÇÃO DE PEÇAS EM ESTOQUE DE MANUTENÇÃO DE 1º ESCALÃO DE VIATURAS",1,169,169]
["BASE",17,39,"MATERIAL P/ MANUTENCAO DE VEICULOS",25,"COMPONENTES DE VEÍCULOS",2590,"COMPONENTES DIVERSOS PARA VEÍCULOS","16805","COMPONENTES DIVERSOS PARA VEÍCULOS","PASTILHA DE FREIO TRASEIRO  PEUGEOT 408 ",null,"Media","JOGO","INTEGRAL","CUSTO FINALÍSTICO - MATERIAL","REPOSIÇÃO DE PEÇAS EM ESTOQUE DE MANUTENÇÃO DE 1º ESCALÃO DE VIATURAS",1,97,97]
["BASE",18,39,"MATERIAL P/ MANUTENCAO DE VEICULOS",25,"COMPONENTES DE VEÍCULOS",2590,"COMPONENTES DIVERSOS PARA VEÍCULOS","16805","COMPONENTES DIVERSOS PARA VEÍCULOS","PALHETA LIMPADOR PARABRISA PEUGEOT 408 ",null,"Media","JOGO","INTEGRAL","CUSTO FINALÍSTICO - MATERIAL","REPOSIÇÃO DE PEÇAS EM ESTOQUE DE MANUTENÇÃO DE 1º ESCALÃO DE VIATURAS",1,79.900000000000006,79.900000000000006]
["BASE",19,39,"MATERIAL P/ MANUTENCAO DE VEICULOS",25,"COMPONENTES DE VEÍCULOS",2590,"COMPONENTES DIVERSOS PARA VEÍCULOS","16805","COMPONENTES DIVERSOS PARA VEÍCULOS","CORREIA DENTADA MAIS TENSIONADOR DE CORREIA 408",null,"Baixa","JOGO","INTEGRAL","CUSTO FINALÍSTICO - MATERIAL","REPOSIÇÃO DE PEÇAS EM ESTOQUE DE MANUTENÇÃO DE 1º ESCALÃO DE VIATURAS",1,429,429]
["BASE",20,39,"MATERIAL P/ MANUTENCAO DE VEICULOS",25,"COMPONENTES DE VEÍCULOS",2590,"COMPONENTES DIVERSOS PARA VEÍCULOS","16805","COMPONENTES DIVERSOS PARA VEÍCULOS","JOGO DE VELA  PEUGEOT 408 PLACA",null,"Media","JOGO","INTEGRAL","CUSTO FINALÍSTICO - MATERIAL","REPOSIÇÃO DE PEÇAS EM ESTOQUE DE MANUTENÇÃO DE 1º ESCALÃO DE VIATURAS",1,225.9,225.9]
["BASE",21,39,"MATERIAL P/ MANUTENCAO DE VEICULOS",25,"COMPONENTES DE VEÍCULOS",2590,"COMPONENTES DIVERSOS PARA VEÍCULOS","16805","COMPONENTES DIVERSOS PARA VEÍCULOS","BICO INJETOR PEUGEOT 408",null,"Baixa","UNIDADE","INTEGRAL","CUSTO FINALÍSTICO - MATERIAL","REPOSIÇÃO DE PEÇAS EM ESTOQUE DE MANUTENÇÃO DE 1º ESCALÃO DE VIATURAS",1,214.04,214.04]
["BASE",22,39,"MATERIAL P/ MANUTENCAO DE VEICULOS",25,"COMPONENTES DE VEÍCULOS",2590,"COMPONENTES DIVERSOS PARA VEÍCULOS","16805","COMPONENTES DIVERSOS PARA VEÍCULOS","DISCO DE FREIO DIANTEIRO  PEUGEOT 408",null,"Baixa","JOGO","INTEGRAL","CUSTO FINALÍSTICO - MATERIAL","REPOSIÇÃO DE PEÇAS EM ESTOQUE DE MANUTENÇÃO DE 1º ESCALÃO DE VIATURAS",1,321.97000000000003,321.97000000000003]
["BASE",23,39,"MATERIAL P/ MANUTENCAO DE VEICULOS",25,"COMPONENTES DE VEÍCULOS",2590,"COMPONENTES DIVERSOS PARA VEÍCULOS","16805","COMPONENTES DIVERSOS PARA VEÍCULOS","DISCO DE FREIO TRASEIRO  PEUGEOT 408",null,"Baixa","JOGO","INTEGRAL","CUSTO FINALÍSTICO - MATERIAL","REPOSIÇÃO DE PEÇAS EM ESTOQUE DE MANUTENÇÃO DE 1º ESCALÃO DE VIATURAS",1,220.9,220.9]
["BASE",24,39,"MATERIAL P/ MANUTENCAO DE VEICULOS",25,"COMPONENTES DE VEÍCULOS",2590,"COMPONENTES DIVERSOS PARA VEÍCULOS","16805","COMPONENTES DIVERSOS PARA VEÍCULOS","FILTRO DE ÓLEO RENAULT FLUENCE MOTOR 2.0 16 V ",null,"Alta","UNIDADE","INTEGRAL","CUSTO FINALÍSTICO - MATERIAL","REPOSIÇÃO DE PEÇAS EM ESTOQUE DE MANUTENÇÃO DE 1º ESCALÃO DE VIATURAS",2,27,54]
["BASE",25,39,"MATERIAL P/ MANUTENCAO DE VEICULOS",25,"COMPONENTES DE VEÍCULOS",2590,"COMPONENTES DIVERSOS PARA VEÍCULOS","16805","COMPONENTES DIVERSOS PARA VEÍCULOS","FILTRO DE COMBUSTÍVEL RENAULT FLUENCEMOTOR 2.0 16 V ",null,"Alta","UNIDADE","INTEGRAL","CUSTO FINALÍSTICO - MATERIAL","REPOSIÇÃO DE PEÇAS EM ESTOQUE DE MANUTENÇÃO DE 1º ESCALÃO DE VIATURAS",2,26,52]
["BASE",26,39,"MATERIAL P/ MANUTENCAO DE VEICULOS",25,"COMPONENTES DE VEÍCULOS",2590,"COMPONENTES DIVERSOS PARA VEÍCULOS","16805","COMPONENTES DIVERSOS PARA VEÍCULOS","FILTRO DE AR   RENAULT FLUENCE MOTOR 2.0 16 V ",null,"Alta","UNIDADE","INTEGRAL","CUSTO FINALÍSTICO - MATERIAL","REPOSIÇÃO DE PEÇAS EM ESTOQUE DE MANUTENÇÃO DE 1º ESCALÃO DE VIATURAS",2,57.88,115.76]
["BASE",27,39,"MATERIAL P/ MANUTENCAO DE VEICULOS",25,"COMPONENTES DE VEÍCULOS",2590,"COMPONENTES DIVERSOS PARA VEÍCULOS","16805","COMPONENTES DIVERSOS PARA VEÍCULOS","FILTRO DE AR CONDICIONADO  RENAULT FLUENCE MOTOR 2.0 16 V ",null,"Alta","UNIDADE","INTEGRAL","CUSTO FINALÍSTICO - MATERIAL","REPOSIÇÃO DE PEÇAS EM ESTOQUE DE MANUTENÇÃO DE 1º ESCALÃO DE VIATURAS",2,24.9,49.8]
["BASE",28,39,"MATERIAL P/ MANUTENCAO DE VEICULOS",25,"COMPONENTES DE VEÍCULOS",2590,"COMPONENTES DIVERSOS PARA VEÍCULOS","16805","COMPONENTES DIVERSOS PARA VEÍCULOS","PASTILHA DE FREIO DIANTEIRO  RENAULT FLUENCE MOTOR 2.0 16 V ",null,"Media","UNIDADE","INTEGRAL","CUSTO FINALÍSTICO - MATERIAL","REPOSIÇÃO DE PEÇAS EM ESTOQUE DE MANUTENÇÃO DE 1º ESCALÃO DE VIATURAS",1,95,95]
["BASE",29,39,"MATERIAL P/ MANUTENCAO DE VEICULOS",25,"COMPONENTES DE VEÍCULOS",2590,"COMPONENTES DIVERSOS PARA VEÍCULOS","16805","COMPONENTES DIVERSOS PARA VEÍCULOS","PASTILHA DE FREIO TRASEIRO  RENAULT FLUENCE MOTOR 2.0 16 V ",null,"Media","UNIDADE","INTEGRAL","CUSTO FINALÍSTICO - MATERIAL","REPOSIÇÃO DE PEÇAS EM ESTOQUE DE MANUTENÇÃO DE 1º ESCALÃO DE VIATURAS",1,88.9,88.9]
["BASE",30,39,"MATERIAL P/ MANUTENCAO DE VEICULOS",25,"COMPONENTES DE VEÍCULOS",2590,"COMPONENTES DIVERSOS PARA VEÍCULOS","16805","COMPONENTES DIVERSOS PARA VEÍCULOS","PALHETA LIMPADOR PARABRISA  RENAULT FLUENCE MOTOR 2.0 16 V ",null,"Baixa","JOGO","INTEGRAL","CUSTO FINALÍSTICO - MATERIAL","REPOSIÇÃO DE PEÇAS EM ESTOQUE DE MANUTENÇÃO DE 1º ESCALÃO DE VIATURAS",1,90.79,90.79]
["BASE",31,39,"MATERIAL P/ MANUTENCAO DE VEICULOS",25,"COMPONENTES DE VEÍCULOS",2590,"COMPONENTES DIVERSOS PARA VEÍCULOS","16805","COMPONENTES DIVERSOS PARA VEÍCULOS","CORREIA DENTADA MAIS TENSIONADOR DE CORREIA  RENAULT FLUENCE MOTOR 2.0 16 V ",null,"Baixa","JOGO","INTEGRAL","CUSTO FINALÍSTICO - MATERIAL","REPOSIÇÃO DE PEÇAS EM ESTOQUE DE MANUTENÇÃO DE 1º ESCALÃO DE VIATURAS",1,469.99,469.99]
["BASE",32,39,"MATERIAL P/ MANUTENCAO DE VEICULOS",25,"COMPONENTES DE VEÍCULOS",2590,"COMPONENTES DIVERSOS PARA VEÍCULOS","16805","COMPONENTES DIVERSOS PARA VEÍCULOS","JOGO DE VELA 408 MOTOR 2.0 16 V ",null,"Media","JOGO","INTEGRAL","CUSTO FINALÍSTICO - MATERIAL","REPOSIÇÃO DE PEÇAS EM ESTOQUE DE MANUTENÇÃO DE 1º ESCALÃO DE VIATURAS",1,260.87,260.87]
["BASE",33,39,"MATERIAL P/ MANUTENCAO DE VEICULOS",25,"COMPONENTES DE VEÍCULOS",2590,"COMPONENTES DIVERSOS PARA VEÍCULOS","16805","COMPONENTES DIVERSOS PARA VEÍCULOS","BICO INJETOR RENAULT FLUENCE MOTOR 2.0 16 V ",null,"Baixa","UNIDADE","INTEGRAL","CUSTO FINALÍSTICO - MATERIAL","REPOSIÇÃO DE PEÇAS EM ESTOQUE DE MANUTENÇÃO DE 1º ESCALÃO DE VIATURAS",1,285,285]
["BASE",34,39,"MATERIAL P/ MANUTENCAO DE VEICULOS",25,"COMPONENTES DE VEÍCULOS",2590,"COMPONENTES DIVERSOS PARA VEÍCULOS","16805","COMPONENTES DIVERSOS PARA VEÍCULOS","DISCO DE FREIO DIANTEIRO  RENAULT FLUENCE MOTOR 2.0 16 V ",null,"Baixa","JOGO","INTEGRAL","CUSTO FINALÍSTICO - MATERIAL","REPOSIÇÃO DE PEÇAS EM ESTOQUE DE MANUTENÇÃO DE 1º ESCALÃO DE VIATURAS",1,215.9,215.9]
["BASE",35,39,"MATERIAL P/ MANUTENCAO DE VEICULOS",25,"COMPONENTES DE VEÍCULOS",2590,"COMPONENTES DIVERSOS PARA VEÍCULOS","16805","COMPONENTES DIVERSOS PARA VEÍCULOS","DISCO DE FREIO TRASEIRO  RENAULT FLUENCE MOTOR 2.0 16 V ",null,"Baixa","JOGO","INTEGRAL","CUSTO FINALÍSTICO - MATERIAL","REPOSIÇÃO DE PEÇAS EM ESTOQUE DE MANUTENÇÃO DE 1º ESCALÃO DE VIATURAS",1,215.9,215.9]
["BASE",36,39,"MATERIAL P/ MANUTENCAO DE VEICULOS",25,"COMPONENTES DE VEÍCULOS",2590,"COMPONENTES DIVERSOS PARA VEÍCULOS","16805","COMPONENTES DIVERSOS PARA VEÍCULOS","FILTRO DE ÓLEO RENAULT LOGAN MOTOR 1.6 8V",null,"Alta","UNIDADE","INTEGRAL","CUSTO FINALÍSTICO - MATERIAL","REPOSIÇÃO DE PEÇAS EM ESTOQUE DE MANUTENÇÃO DE 1º ESCALÃO DE VIATURAS",6,36.799999999999997,220.8]
["BASE",37,39,"MATERIAL P/ MANUTENCAO DE VEICULOS",25,"COMPONENTES DE VEÍCULOS",2590,"COMPONENTES DIVERSOS PARA VEÍCULOS","16805","COMPONENTES DIVERSOS PARA VEÍCULOS","FILTRO DE COMBUSTÍVEL RENAULT LOGAN MOTOR 1.6 8V",null,"Alta","UNIDADE","INTEGRAL","CUSTO FINALÍSTICO - MATERIAL","REPOSIÇÃO DE PEÇAS EM ESTOQUE DE MANUTENÇÃO DE 1º ESCALÃO DE VIATURAS",6,24.9,149.4]
["BASE",38,39,"MATERIAL P/ MANUTENCAO DE VEICULOS",25,"COMPONENTES DE VEÍCULOS",2590,"COMPONENTES DIVERSOS PARA VEÍCULOS","16805","COMPONENTES DIVERSOS PARA VEÍCULOS","FILTRO DE AR   RENAULT FLUENCE LOGAN MOTOR 1.6 8V",null,"Alta","UNIDADE","INTEGRAL","CUSTO FINALÍSTICO - MATERIAL","REPOSIÇÃO DE PEÇAS EM ESTOQUE DE MANUTENÇÃO DE 1º ESCALÃO DE VIATURAS",6,43.96,263.76]
["BASE",39,39,"MATERIAL P/ MANUTENCAO DE VEICULOS",25,"COMPONENTES DE VEÍCULOS",2590,"COMPONENTES DIVERSOS PARA VEÍCULOS","16805","COMPONENTES DIVERSOS PARA VEÍCULOS","FILTRO DE AR CONDICIONADO  RENAULT  LOGAN MOTOR 1.6 8V",null,"Alta","UNIDADE","INTEGRAL","CUSTO FINALÍSTICO - MATERIAL","REPOSIÇÃO DE PEÇAS EM ESTOQUE DE MANUTENÇÃO DE 1º ESCALÃO DE VIATURAS",6,29.9,179.4]
["BASE",40,39,"MATERIAL P/ MANUTENCAO DE VEICULOS",25,"COMPONENTES DE VEÍCULOS",2590,"COMPONENTES DIVERSOS PARA VEÍCULOS","16805","COMPONENTES DIVERSOS PARA VEÍCULOS","PASTILHA DE FREIO DIANTEIRO  RENAULT LOGAN MOTOR 1.6 8V",null,"Media","UNIDADE","INTEGRAL","CUSTO FINALÍSTICO - MATERIAL","REPOSIÇÃO DE PEÇAS EM ESTOQUE DE MANUTENÇÃO DE 1º ESCALÃO DE VIATURAS",4,82.6,330.4]
["BASE",41,39,"MATERIAL P/ MANUTENCAO DE VEICULOS",25,"COMPONENTES DE VEÍCULOS",2590,"COMPONENTES DIVERSOS PARA VEÍCULOS","16805","COMPONENTES DIVERSOS PARA VEÍCULOS","JOGO DE SAPATA  RENAULT  LOGAN MOTOR 1.6 8V",null,"Media","JOGO","INTEGRAL","CUSTO FINALÍSTICO - MATERIAL","REPOSIÇÃO DE PEÇAS EM ESTOQUE DE MANUTENÇÃO DE 1º ESCALÃO DE VIATURAS",4,125.86,503.44]
["BASE",42,39,"MATERIAL P/ MANUTENCAO DE VEICULOS",25,"COMPONENTES DE VEÍCULOS",2590,"COMPONENTES DIVERSOS PARA VEÍCULOS","16805","COMPONENTES DIVERSOS PARA VEÍCULOS","PALHETA LIMPADOR PARABRISA  RENAULT  LOGAN MOTOR 1.6 8V",null,"Baixa","JOGO","INTEGRAL","CUSTO FINALÍSTICO - MATERIAL","REPOSIÇÃO DE PEÇAS EM ESTOQUE DE MANUTENÇÃO DE 1º ESCALÃO DE VIATURAS",4,108.97,435.88]
["BASE",43,39,"MATERIAL P/ MANUTENCAO DE VEICULOS",25,"COMPONENTES DE VEÍCULOS",2590,"COMPONENTES DIVERSOS PARA VEÍCULOS","16805","COMPONENTES DIVERSOS PARA VEÍCULOS","CORREIA DENTADA MAIS TENSIONADOR DE CORREIA  RENAULT  LOGAN MOTOR 1.6 8V",null,"Baixa","JOGO","INTEGRAL","CUSTO FINALÍSTICO - MATERIAL","REPOSIÇÃO DE PEÇAS EM ESTOQUE DE MANUTENÇÃO DE 1º ESCALÃO DE VIATURAS",3,227.9,683.7]
["BASE",44,39,"MATERIAL P/ MANUTENCAO DE VEICULOS",25,"COMPONENTES DE VEÍCULOS",2590,"COMPONENTES DIVERSOS PARA VEÍCULOS","16805","COMPONENTES DIVERSOS PARA VEÍCULOS","JOGO DE VELA  RENAULT LOGAN MOTOR 1.6 8V",null,"Media","JOGO","INTEGRAL","CUSTO FINALÍSTICO - MATERIAL","REPOSIÇÃO DE PEÇAS EM ESTOQUE DE MANUTENÇÃO DE 1º ESCALÃO DE VIATURAS",6,88,528]
["BASE",45,39,"MATERIAL P/ MANUTENCAO DE VEICULOS",25,"COMPONENTES DE VEÍCULOS",2590,"COMPONENTES DIVERSOS PARA VEÍCULOS","16805","COMPONENTES DIVERSOS PARA VEÍCULOS","BICO INJETOR RENAULT LOGAN MOTOR 1.6 8V",null,"Baixa","UNIDADE","INTEGRAL","CUSTO FINALÍSTICO - MATERIAL","REPOSIÇÃO DE PEÇAS EM ESTOQUE DE MANUTENÇÃO DE 1º ESCALÃO DE VIATURAS",3,126.5,379.5]
["BASE",46,39,"MATERIAL P/ MANUTENCAO DE VEICULOS",25,"COMPONENTES DE VEÍCULOS",2590,"COMPONENTES DIVERSOS PARA VEÍCULOS","16805","COMPONENTES DIVERSOS PARA VEÍCULOS","DISCO DE FREIO DIANTEIRO  RENAULT LOGAN MOTOR 1.6 8V",null,"Baixa","JOGO","INTEGRAL","CUSTO FINALÍSTICO - MATERIAL","REPOSIÇÃO DE PEÇAS EM ESTOQUE DE MANUTENÇÃO DE 1º ESCALÃO DE VIATURAS",3,180.03,540.09]
["BASE",47,39,"MATERIAL P/ MANUTENCAO DE VEICULOS",25,"COMPONENTES DE VEÍCULOS",2590,"COMPONENTES DIVERSOS PARA VEÍCULOS","16805","COMPONENTES DIVERSOS PARA VEÍCULOS","TAMBOR DE FREIO  RENAULT LOGAN MOTOR 1.6 8V",null,"Baixa","JOGO","INTEGRAL","CUSTO FINALÍSTICO - MATERIAL","REPOSIÇÃO DE PEÇAS EM ESTOQUE DE MANUTENÇÃO DE 1º ESCALÃO DE VIATURAS",3,273.5,820.5]
["BASE",48,39,"MATERIAL P/ MANUTENCAO DE VEICULOS",25,"COMPONENTES DE VEÍCULOS",2590,"COMPONENTES DIVERSOS PARA VEÍCULOS","16805","COMPONENTES DIVERSOS PARA VEÍCULOS","FILTRO DE ÓLEO FORD FOCUS 2.0 16V DURATEC",null,"Alta","UNIDADE","INTEGRAL","CUSTO FINALÍSTICO - MATERIAL","REPOSIÇÃO DE PEÇAS EM ESTOQUE DE MANUTENÇÃO DE 1º ESCALÃO DE VIATURAS",8,25.6,204.8]
["BASE",49,39,"MATERIAL P/ MANUTENCAO DE VEICULOS",25,"COMPONENTES DE VEÍCULOS",2590,"COMPONENTES DIVERSOS PARA VEÍCULOS","16805","COMPONENTES DIVERSOS PARA VEÍCULOS","FILTRO DE COMBUSTÍVEL FORD FOCUS 2.0 16V DURATEC",null,"Alta","UNIDADE","INTEGRAL","CUSTO FINALÍSTICO - MATERIAL","REPOSIÇÃO DE PEÇAS EM ESTOQUE DE MANUTENÇÃO DE 1º ESCALÃO DE VIATURAS",8,38.29,306.32]
["BASE",50,39,"MATERIAL P/ MANUTENCAO DE VEICULOS",25,"COMPONENTES DE VEÍCULOS",2590,"COMPONENTES DIVERSOS PARA VEÍCULOS","16805","COMPONENTES DIVERSOS PARA VEÍCULOS","FILTRO DE AR  FORD FOCUS 2.0 16V DURATEC",null,"Alta","UNIDADE","INTEGRAL","CUSTO FINALÍSTICO - MATERIAL","REPOSIÇÃO DE PEÇAS EM ESTOQUE DE MANUTENÇÃO DE 1º ESCALÃO DE VIATURAS",8,49.16,393.28]
["BASE",51,39,"MATERIAL P/ MANUTENCAO DE VEICULOS",25,"COMPONENTES DE VEÍCULOS",2590,"COMPONENTES DIVERSOS PARA VEÍCULOS","16805","COMPONENTES DIVERSOS PARA VEÍCULOS","FILTRO DE AR CONDICIONADO  FORD FOCUS 2.0 16V DURATEC",null,"Alta","UNIDADE","INTEGRAL","CUSTO FINALÍSTICO - MATERIAL","REPOSIÇÃO DE PEÇAS EM ESTOQUE DE MANUTENÇÃO DE 1º ESCALÃO DE VIATURAS",8,44,352]
["BASE",52,39,"MATERIAL P/ MANUTENCAO DE VEICULOS",25,"COMPONENTES DE VEÍCULOS",2590,"COMPONENTES DIVERSOS PARA VEÍCULOS","16805","COMPONENTES DIVERSOS PARA VEÍCULOS","PASTILHA DE FREIO DIANTEIRO  FORD FOCUS 2.0 16V DURATEC",null,"Media","JOGO","INTEGRAL","CUSTO FINALÍSTICO - MATERIAL","REPOSIÇÃO DE PEÇAS EM ESTOQUE DE MANUTENÇÃO DE 1º ESCALÃO DE VIATURAS",8,129.9,1039.2]
["BASE",53,39,"MATERIAL P/ MANUTENCAO DE VEICULOS",25,"COMPONENTES DE VEÍCULOS",2590,"COMPONENTES DIVERSOS PARA VEÍCULOS","16805","COMPONENTES DIVERSOS PARA VEÍCULOS","PASTILHA DE FREIO TRASEIRO FORD FOCUS 2.0 16V DURATEC",null,"Media","JOGO","INTEGRAL","CUSTO FINALÍSTICO - MATERIAL","REPOSIÇÃO DE PEÇAS EM ESTOQUE DE MANUTENÇÃO DE 1º ESCALÃO DE VIATURAS",4,116.9,467.6]
["BASE",54,39,"MATERIAL P/ MANUTENCAO DE VEICULOS",25,"COMPONENTES DE VEÍCULOS",2590,"COMPONENTES DIVERSOS PARA VEÍCULOS","16805","COMPONENTES DIVERSOS PARA VEÍCULOS","PALHETA LIMPADOR PARABRISA  FORD FOCUS 2.0 16V DURATEC",null,"Baixa","JOGO","INTEGRAL","CUSTO FINALÍSTICO - MATERIAL","REPOSIÇÃO DE PEÇAS EM ESTOQUE DE MANUTENÇÃO DE 1º ESCALÃO DE VIATURAS",4,52.9,211.6]
["BASE",55,39,"MATERIAL P/ MANUTENCAO DE VEICULOS",25,"COMPONENTES DE VEÍCULOS",2590,"COMPONENTES DIVERSOS PARA VEÍCULOS","16805","COMPONENTES DIVERSOS PARA VEÍCULOS","CORREIA DENTADA MAIS TENSIONADOR DE CORREIA  FORD FOCUS 2.0 16V DURATEC",null,"Baixa","JOGO","INTEGRAL","CUSTO FINALÍSTICO - MATERIAL","REPOSIÇÃO DE PEÇAS EM ESTOQUE DE MANUTENÇÃO DE 1º ESCALÃO DE VIATURAS",4,441.11,1764.44]
["BASE",56,39,"MATERIAL P/ MANUTENCAO DE VEICULOS",25,"COMPONENTES DE VEÍCULOS",2590,"COMPONENTES DIVERSOS PARA VEÍCULOS","16805","COMPONENTES DIVERSOS PARA VEÍCULOS","JOGO DE VELA  FORD FOCUS 2.0 16V DURATEC",null,"Media","JOGO","INTEGRAL","CUSTO FINALÍSTICO - MATERIAL","REPOSIÇÃO DE PEÇAS EM ESTOQUE DE MANUTENÇÃO DE 1º ESCALÃO DE VIATURAS",4,190,760]
["BASE",57,39,"MATERIAL P/ MANUTENCAO DE VEICULOS",25,"COMPONENTES DE VEÍCULOS",2590,"COMPONENTES DIVERSOS PARA VEÍCULOS","16805","COMPONENTES DIVERSOS PARA VEÍCULOS","BICO INJETOR FORD FOCUS 2.0 16V DURATEC",null,"Baixa","UNIDADE","INTEGRAL","CUSTO FINALÍSTICO - MATERIAL","REPOSIÇÃO DE PEÇAS EM ESTOQUE DE MANUTENÇÃO DE 1º ESCALÃO DE VIATURAS",4,84,336]
["BASE",58,39,"MATERIAL P/ MANUTENCAO DE VEICULOS",25,"COMPONENTES DE VEÍCULOS",2590,"COMPONENTES DIVERSOS PARA VEÍCULOS","16805","COMPONENTES DIVERSOS PARA VEÍCULOS","DISCO DE FREIO DIANTEIRO FORD FOCUS 2.0 16V DURATEC",null,"Baixa","JOGO","INTEGRAL","CUSTO FINALÍSTICO - MATERIAL","REPOSIÇÃO DE PEÇAS EM ESTOQUE DE MANUTENÇÃO DE 1º ESCALÃO DE VIATURAS",4,236.74,946.96]
["BASE",59,39,"MATERIAL P/ MANUTENCAO DE VEICULOS",25,"COMPONENTES DE VEÍCULOS",2590,"COMPONENTES DIVERSOS PARA VEÍCULOS","16805","COMPONENTES DIVERSOS PARA VEÍCULOS","DISCO DE FREIO TRASEIRO FORD FOCUS 2.0 16V DURATEC",null,"Baixa","JOGO","INTEGRAL","CUSTO FINALÍSTICO - MATERIAL","REPOSIÇÃO DE PEÇAS EM ESTOQUE DE MANUTENÇÃO DE 1º ESCALÃO DE VIATURAS",4,172.56,690.24]
["BASE",60,39,"MATERIAL P/ MANUTENCAO DE VEICULOS",25,"COMPONENTES DE VEÍCULOS",2590,"COMPONENTES DIVERSOS PARA VEÍCULOS","16805","COMPONENTES DIVERSOS PARA VEÍCULOS","FILTRO DE ÓLEO FIAT DUCATO 2.8 DIESEL",null,"Alta","UNIDADE","INTEGRAL","CUSTO FINALÍSTICO - MATERIAL","REPOSIÇÃO DE PEÇAS EM ESTOQUE DE MANUTENÇÃO DE 1º ESCALÃO DE VIATURAS",6,51.81,310.86]
["BASE",61,39,"MATERIAL P/ MANUTENCAO DE VEICULOS",25,"COMPONENTES DE VEÍCULOS",2590,"COMPONENTES DIVERSOS PARA VEÍCULOS","16805","COMPONENTES DIVERSOS PARA VEÍCULOS","FILTRO DE COMBUSTÍVEL  FIAT DUCATO 2.8 DIESEL",null,"Alta","UNIDADE","INTEGRAL","CUSTO FINALÍSTICO - MATERIAL","REPOSIÇÃO DE PEÇAS EM ESTOQUE DE MANUTENÇÃO DE 1º ESCALÃO DE VIATURAS",6,57.8,346.8]
["BASE",62,39,"MATERIAL P/ MANUTENCAO DE VEICULOS",25,"COMPONENTES DE VEÍCULOS",2590,"COMPONENTES DIVERSOS PARA VEÍCULOS","16805","COMPONENTES DIVERSOS PARA VEÍCULOS","FILTRO DE AR  FIAT DUCATO 2.8 DIESEL",null,"Alta","UNIDADE","INTEGRAL","CUSTO FINALÍSTICO - MATERIAL","REPOSIÇÃO DE PEÇAS EM ESTOQUE DE MANUTENÇÃO DE 1º ESCALÃO DE VIATURAS",6,58.9,353.4]
["BASE",63,39,"MATERIAL P/ MANUTENCAO DE VEICULOS",25,"COMPONENTES DE VEÍCULOS",2590,"COMPONENTES DIVERSOS PARA VEÍCULOS","16805","COMPONENTES DIVERSOS PARA VEÍCULOS","PAR DE BIELETA  DA SUSPENSÃO FIAT DUCATO 2.8 DIESEL",null,"Media","JOGO","INTEGRAL","CUSTO FINALÍSTICO - MATERIAL","REPOSIÇÃO DE PEÇAS EM ESTOQUE DE MANUTENÇÃO DE 1º ESCALÃO DE VIATURAS",6,76.900000000000006,461.4]
["BASE",64,39,"MATERIAL P/ MANUTENCAO DE VEICULOS",25,"COMPONENTES DE VEÍCULOS",2590,"COMPONENTES DIVERSOS PARA VEÍCULOS","16805","COMPONENTES DIVERSOS PARA VEÍCULOS","PASTILHA DE FREIO FIAT DUCATO 2.8 DIESEL",null,"Media","JOGO","INTEGRAL","CUSTO FINALÍSTICO - MATERIAL","REPOSIÇÃO DE PEÇAS EM ESTOQUE DE MANUTENÇÃO DE 1º ESCALÃO DE VIATURAS",6,95.9,575.4]
["BASE",65,39,"MATERIAL P/ MANUTENCAO DE VEICULOS",25,"COMPONENTES DE VEÍCULOS",2590,"COMPONENTES DIVERSOS PARA VEÍCULOS","16805","COMPONENTES DIVERSOS PARA VEÍCULOS","PASTILHA DE FREIO FIAT DUCATO 2.8 DIESEL",null,"Media","JOGO","INTEGRAL","CUSTO FINALÍSTICO - MATERIAL","REPOSIÇÃO DE PEÇAS EM ESTOQUE DE MANUTENÇÃO DE 1º ESCALÃO DE VIATURAS",6,79.900000000000006,479.4]
["BASE",66,39,"MATERIAL P/ MANUTENCAO DE VEICULOS",25,"COMPONENTES DE VEÍCULOS",2590,"COMPONENTES DIVERSOS PARA VEÍCULOS","16805","COMPONENTES DIVERSOS PARA VEÍCULOS","PALHETA LIMPADOR PARABRISA   FIAT DUCATO 2.8 DIESEL",null,"Baixa","JOGO","INTEGRAL","CUSTO FINALÍSTICO - MATERIAL","REPOSIÇÃO DE PEÇAS EM ESTOQUE DE MANUTENÇÃO DE 1º ESCALÃO DE VIATURAS",3,59.88,179.64]
["BASE",67,39,"MATERIAL P/ MANUTENCAO DE VEICULOS",25,"COMPONENTES DE VEÍCULOS",2590,"COMPONENTES DIVERSOS PARA VEÍCULOS","16805","COMPONENTES DIVERSOS PARA VEÍCULOS","CORREIA DENTADA MAIS TENSIONADOR DE CORREIA   FIAT DUCATO 2.8 DIESEL",null,"Media","JOGO","INTEGRAL","CUSTO FINALÍSTICO - MATERIAL","REPOSIÇÃO DE PEÇAS EM ESTOQUE DE MANUTENÇÃO DE 1º ESCALÃO DE VIATURAS",2,349.99,699.98]
["BASE",68,39,"MATERIAL P/ MANUTENCAO DE VEICULOS",25,"COMPONENTES DE VEÍCULOS",2590,"COMPONENTES DIVERSOS PARA VEÍCULOS","16805","COMPONENTES DIVERSOS PARA VEÍCULOS","DISCO DE FREIO DIANTEIRO FIAT DUCATO 2.8 DIESEL",null,"Media","UNIDADE","INTEGRAL","CUSTO FINALÍSTICO - MATERIAL","REPOSIÇÃO DE PEÇAS EM ESTOQUE DE MANUTENÇÃO DE 1º ESCALÃO DE VIATURAS",2,135,270]
["BASE",69,39,"MATERIAL P/ MANUTENCAO DE VEICULOS",25,"COMPONENTES DE VEÍCULOS",2590,"COMPONENTES DIVERSOS PARA VEÍCULOS","16805","COMPONENTES DIVERSOS PARA VEÍCULOS","DISCO DE FREIO TRASEIRO FIAT DUCATO 2.8 DIESEL",null,"Media","UNIDADE","INTEGRAL","CUSTO FINALÍSTICO - MATERIAL","REPOSIÇÃO DE PEÇAS EM ESTOQUE DE MANUTENÇÃO DE 1º ESCALÃO DE VIATURAS",2,135,270]
["BASE",70,39,"MATERIAL P/ MANUTENCAO DE VEICULOS",25,"COMPONENTES DE VEÍCULOS",2590,"COMPONENTES DIVERSOS PARA VEÍCULOS","16805","COMPONENTES DIVERSOS PARA VEÍCULOS","FILTRO DE ÓLEO AGRALE MARRUA",null,"Alta","UNIDADE","INTEGRAL","CUSTO FINALÍSTICO - MATERIAL","REPOSIÇÃO DE PEÇAS EM ESTOQUE DE MANUTENÇÃO DE 1º ESCALÃO DE VIATURAS",4,69.7,278.8]
["BASE",71,39,"MATERIAL P/ MANUTENCAO DE VEICULOS",25,"COMPONENTES DE VEÍCULOS",2590,"COMPONENTES DIVERSOS PARA VEÍCULOS","16805","COMPONENTES DIVERSOS PARA VEÍCULOS","FILTRO DE COMBUSTÍVEL AGRALE MARRUA",null,"Alta","UNIDADE","INTEGRAL","CUSTO FINALÍSTICO - MATERIAL","REPOSIÇÃO DE PEÇAS EM ESTOQUE DE MANUTENÇÃO DE 1º ESCALÃO DE VIATURAS",4,79.599999999999994,318.39999999999998]
["BASE",72,39,"MATERIAL P/ MANUTENCAO DE VEICULOS",25,"COMPONENTES DE VEÍCULOS",2590,"COMPONENTES DIVERSOS PARA VEÍCULOS","16805","COMPONENTES DIVERSOS PARA VEÍCULOS","FILTRO DE AR PRIMÁRIO AGRALE MARRUA",null,"Alta","UNIDADE","INTEGRAL","CUSTO FINALÍSTICO - MATERIAL","REPOSIÇÃO DE PEÇAS EM ESTOQUE DE MANUTENÇÃO DE 1º ESCALÃO DE VIATURAS",4,108.9,435.6]
["BASE",73,39,"MATERIAL P/ MANUTENCAO DE VEICULOS",25,"COMPONENTES DE VEÍCULOS",2590,"COMPONENTES DIVERSOS PARA VEÍCULOS","16805","COMPONENTES DIVERSOS PARA VEÍCULOS","FILTRO DE AR SECUNDÁRIO AGRALE MARRUA",null,"Alta","UNIDADE","INTEGRAL","CUSTO FINALÍSTICO - MATERIAL","REPOSIÇÃO DE PEÇAS EM ESTOQUE DE MANUTENÇÃO DE 1º ESCALÃO DE VIATURAS",4,89.34,357.36]
["BASE",74,39,"MATERIAL P/ MANUTENCAO DE VEICULOS",25,"COMPONENTES DE VEÍCULOS",2590,"COMPONENTES DIVERSOS PARA VEÍCULOS","16805","COMPONENTES DIVERSOS PARA VEÍCULOS","BUCHA PANHARD AGRALE MARRUA",null,"Alta","JOGO","INTEGRAL","CUSTO FINALÍSTICO - MATERIAL","REPOSIÇÃO DE PEÇAS EM ESTOQUE DE MANUTENÇÃO DE 1º ESCALÃO DE VIATURAS",8,149.82,1198.56]
["BASE",75,39,"MATERIAL P/ MANUTENCAO DE VEICULOS",25,"COMPONENTES DE VEÍCULOS",2590,"COMPONENTES DIVERSOS PARA VEÍCULOS","16805","COMPONENTES DIVERSOS PARA VEÍCULOS","PASTILHA DE FREIO DIANTEIRO AGRALE MARRUA",null,"Media","JOGO","INTEGRAL","CUSTO FINALÍSTICO - MATERIAL","REPOSIÇÃO DE PEÇAS EM ESTOQUE DE MANUTENÇÃO DE 1º ESCALÃO DE VIATURAS",4,80.959999999999994,323.83999999999997]
["BASE",76,39,"MATERIAL P/ MANUTENCAO DE VEICULOS",25,"COMPONENTES DE VEÍCULOS",2590,"COMPONENTES DIVERSOS PARA VEÍCULOS","16805","COMPONENTES DIVERSOS PARA VEÍCULOS","SAPATA DE FREIO AGRALE MARRUA",null,"Media","JOGO","INTEGRAL","CUSTO FINALÍSTICO - MATERIAL","REPOSIÇÃO DE PEÇAS EM ESTOQUE DE MANUTENÇÃO DE 1º ESCALÃO DE VIATURAS",4,120.22,480.88]
["BASE",77,39,"MATERIAL P/ MANUTENCAO DE VEICULOS",25,"COMPONENTES DE VEÍCULOS",2590,"COMPONENTES DIVERSOS PARA VEÍCULOS","16805","COMPONENTES DIVERSOS PARA VEÍCULOS","PALHETA LIMPADOR DO PARABRISA AGRALE MARRUA",null,"Baixa","JOGO","INTEGRAL","CUSTO FINALÍSTICO - MATERIAL","REPOSIÇÃO DE PEÇAS EM ESTOQUE DE MANUTENÇÃO DE 1º ESCALÃO DE VIATURAS",4,49.75,199]
["BASE",78,39,"MATERIAL P/ MANUTENCAO DE VEICULOS",25,"COMPONENTES DE VEÍCULOS",2590,"COMPONENTES DIVERSOS PARA VEÍCULOS","16805","COMPONENTES DIVERSOS PARA VEÍCULOS","DISCO DE FREIO AGRALE MARRUA",null,"Baixa","JOGO","INTEGRAL","CUSTO FINALÍSTICO - MATERIAL","REPOSIÇÃO DE PEÇAS EM ESTOQUE DE MANUTENÇÃO DE 1º ESCALÃO DE VIATURAS",2,371,742]
["BASE",79,39,"MATERIAL P/ MANUTENCAO DE VEICULOS",25,"COMPONENTES DE VEÍCULOS",2590,"COMPONENTES DIVERSOS PARA VEÍCULOS","16805","COMPONENTES DIVERSOS PARA VEÍCULOS","TABOR DE FREIO AGRALE MARRUA",null,"Baixa","JOGO","INTEGRAL","CUSTO FINALÍSTICO - MATERIAL","REPOSIÇÃO DE PEÇAS EM ESTOQUE DE MANUTENÇÃO DE 1º ESCALÃO DE VIATURAS",2,273,546]
["BASE",80,39,"MATERIAL P/ MANUTENCAO DE VEICULOS",25,"COMPONENTES DE VEÍCULOS",2590,"COMPONENTES DIVERSOS PARA VEÍCULOS","16805","COMPONENTES DIVERSOS PARA VEÍCULOS","LNATERNA TRASEIRA AGRALE MARRUA",null,"Baixa","JOGO","INTEGRAL","CUSTO FINALÍSTICO - MATERIAL","REPOSIÇÃO DE PEÇAS EM ESTOQUE DE MANUTENÇÃO DE 1º ESCALÃO DE VIATURAS",15,47.91,718.65]
["BASE",81,39,"MATERIAL P/ MANUTENCAO DE VEICULOS",25,"COMPONENTES DE VEÍCULOS",2590,"COMPONENTES DIVERSOS PARA VEÍCULOS","16805","COMPONENTES DIVERSOS PARA VEÍCULOS","CHAVE NATO MARRUA",null,"Baixa","UNIDADE","INTEGRAL","CUSTO FINALÍSTICO - MATERIAL","REPOSIÇÃO DE PEÇAS EM ESTOQUE DE MANUTENÇÃO DE 1º ESCALÃO DE VIATURAS",4,1450,5800]
["BASE",82,39,"MATERIAL P/ MANUTENCAO DE VEICULOS",25,"COMPONENTES DE VEÍCULOS",2590,"COMPONENTES DIVERSOS PARA VEÍCULOS","16805","COMPONENTES DIVERSOS PARA VEÍCULOS","FILTRO DE ÓLEO ATEGO 1725 OM 906 – 6.2 L ",null,"Alta","UNIDADE","INTEGRAL","CUSTO FINALÍSTICO - MATERIAL","REPOSIÇÃO DE PEÇAS EM ESTOQUE DE MANUTENÇÃO DE 1º ESCALÃO DE VIATURAS",10,49.99,499.9]
["BASE",83,39,"MATERIAL P/ MANUTENCAO DE VEICULOS",25,"COMPONENTES DE VEÍCULOS",2590,"COMPONENTES DIVERSOS PARA VEÍCULOS","16805","COMPONENTES DIVERSOS PARA VEÍCULOS","FILTRO DE AR ATEGO 1725 OM 906 – 6.2 L ",null,"Alta","UNIDADE","INTEGRAL","CUSTO FINALÍSTICO - MATERIAL","REPOSIÇÃO DE PEÇAS EM ESTOQUE DE MANUTENÇÃO DE 1º ESCALÃO DE VIATURAS",10,140,1400]
["BASE",84,39,"MATERIAL P/ MANUTENCAO DE VEICULOS",25,"COMPONENTES DE VEÍCULOS",2590,"COMPONENTES DIVERSOS PARA VEÍCULOS","16805","COMPONENTES DIVERSOS PARA VEÍCULOS","FILTRO DE COMBUSTÍVEL ATEGO 1725 OM 906 – 6.2 L ",null,"Alta","UNIDADE","INTEGRAL","CUSTO FINALÍSTICO - MATERIAL","REPOSIÇÃO DE PEÇAS EM ESTOQUE DE MANUTENÇÃO DE 1º ESCALÃO DE VIATURAS",10,58.2,582]
["BASE",85,39,"MATERIAL P/ MANUTENCAO DE VEICULOS",25,"COMPONENTES DE VEÍCULOS",2590,"COMPONENTES DIVERSOS PARA VEÍCULOS","16805","COMPONENTES DIVERSOS PARA VEÍCULOS","FILTRO SECADOR DE VÁLVULA  ATEGO 1725 OM 906 – 6.2 L ",null,"Media","UNIDADE","INTEGRAL","CUSTO FINALÍSTICO - MATERIAL","REPOSIÇÃO DE PEÇAS EM ESTOQUE DE MANUTENÇÃO DE 1º ESCALÃO DE VIATURAS",10,103,1030]
["BASE",86,39,"MATERIAL P/ MANUTENCAO DE VEICULOS",25,"COMPONENTES DE VEÍCULOS",2590,"COMPONENTES DIVERSOS PARA VEÍCULOS","16805","COMPONENTES DIVERSOS PARA VEÍCULOS","FILTRO DE DIREÇÃO HIDRÁULICA    ATEGO 1725 OM 906 – 6.2 L ",null,"Baixa","UNIDADE","INTEGRAL","CUSTO FINALÍSTICO - MATERIAL","REPOSIÇÃO DE PEÇAS EM ESTOQUE DE MANUTENÇÃO DE 1º ESCALÃO DE VIATURAS",5,22,110]
["BASE",87,39,"MATERIAL P/ MANUTENCAO DE VEICULOS",25,"COMPONENTES DE VEÍCULOS",2590,"COMPONENTES DIVERSOS PARA VEÍCULOS","16805","COMPONENTES DIVERSOS PARA VEÍCULOS","FILTRO SEPARADOR DE ÁGUA   ATEGO 1725 OM 906 – 6.2 L ",null,"Baixa","UNIDADE","INTEGRAL","CUSTO FINALÍSTICO - MATERIAL","REPOSIÇÃO DE PEÇAS EM ESTOQUE DE MANUTENÇÃO DE 1º ESCALÃO DE VIATURAS",5,81.78,408.9]
["BASE",88,39,"MATERIAL P/ MANUTENCAO DE VEICULOS",25,"COMPONENTES DE VEÍCULOS",2590,"COMPONENTES DIVERSOS PARA VEÍCULOS","16805","COMPONENTES DIVERSOS PARA VEÍCULOS","PALHETA LIMPADOR DO PARABRISA   ATEGO 1725 OM 906 – 6.2 L ",null,"Baixa","JOGO","INTEGRAL","CUSTO FINALÍSTICO - MATERIAL","REPOSIÇÃO DE PEÇAS EM ESTOQUE DE MANUTENÇÃO DE 1º ESCALÃO DE VIATURAS",10,96.77,967.7]
["BASE",89,39,"MATERIAL P/ MANUTENCAO DE VEICULOS",25,"COMPONENTES DE VEÍCULOS",2590,"COMPONENTES DIVERSOS PARA VEÍCULOS","16805","COMPONENTES DIVERSOS PARA VEÍCULOS","LANTERNA TRASEIRA VERMELHA   ATEGO 1725 OM 906 – 6.2 L ",null,"Baixa","UNIDADE","INTEGRAL","CUSTO FINALÍSTICO - MATERIAL","REPOSIÇÃO DE PEÇAS EM ESTOQUE DE MANUTENÇÃO DE 1º ESCALÃO DE VIATURAS",4,40.99,163.96]
["BASE",90,39,"MATERIAL P/ MANUTENCAO DE VEICULOS",25,"COMPONENTES DE VEÍCULOS",2590,"COMPONENTES DIVERSOS PARA VEÍCULOS","16805","COMPONENTES DIVERSOS PARA VEÍCULOS","LANTERNA TRASEIRA LUZ DE RÉ   ATEGO 1725 OM 906 – 6.2 L ",null,"Baixa","UNIDADE","INTEGRAL","CUSTO FINALÍSTICO - MATERIAL","REPOSIÇÃO DE PEÇAS EM ESTOQUE DE MANUTENÇÃO DE 1º ESCALÃO DE VIATURAS",4,59.9,239.6]
["BASE",91,39,"MATERIAL P/ MANUTENCAO DE VEICULOS",25,"COMPONENTES DE VEÍCULOS",2590,"COMPONENTES DIVERSOS PARA VEÍCULOS","16805","COMPONENTES DIVERSOS PARA VEÍCULOS","EXTINTOR 2 KG   ATEGO 1725 OM 906 – 6.2 L ",null,"Alta","UNIDADE","INTEGRAL","CUSTO FINALÍSTICO - MATERIAL","REPOSIÇÃO DE PEÇAS EM ESTOQUE DE MANUTENÇÃO DE 1º ESCALÃO DE VIATURAS",10,78,780]
["BASE",92,39,"MATERIAL P/ MANUTENCAO DE VEICULOS",25,"COMPONENTES DE VEÍCULOS",2590,"COMPONENTES DIVERSOS PARA VEÍCULOS","16805","COMPONENTES DIVERSOS PARA VEÍCULOS","FILTRO DE ÓLEO NISSAN FRONTIER 2.5 SEL",null,"Alta","UNIDADE","INTEGRAL","CUSTO FINALÍSTICO - MATERIAL","REPOSIÇÃO DE PEÇAS EM ESTOQUE DE MANUTENÇÃO DE 1º ESCALÃO DE VIATURAS",2,38.49,76.98]
["BASE",93,39,"MATERIAL P/ MANUTENCAO DE VEICULOS",25,"COMPONENTES DE VEÍCULOS",2590,"COMPONENTES DIVERSOS PARA VEÍCULOS","16805","COMPONENTES DIVERSOS PARA VEÍCULOS","FILTRO DE AR CONDICIONADO NISSAN FRONTIER 2.5 SEL",null,"Alta","UNIDADE","INTEGRAL","CUSTO FINALÍSTICO - MATERIAL","REPOSIÇÃO DE PEÇAS EM ESTOQUE DE MANUTENÇÃO DE 1º ESCALÃO DE VIATURAS",2,49,98]
["BASE",94,39,"MATERIAL P/ MANUTENCAO DE VEICULOS",25,"COMPONENTES DE VEÍCULOS",2590,"COMPONENTES DIVERSOS PARA VEÍCULOS","16805","COMPONENTES DIVERSOS PARA VEÍCULOS","FILTRO DE AR  NISSAN FRONTIER 2.5 SEL",null,"Alta","UNIDADE","INTEGRAL","CUSTO FINALÍSTICO - MATERIAL","REPOSIÇÃO DE PEÇAS EM ESTOQUE DE MANUTENÇÃO DE 1º ESCALÃO DE VIATURAS",2,39,78]
["BASE",95,39,"MATERIAL P/ MANUTENCAO DE VEICULOS",25,"COMPONENTES DE VEÍCULOS",2590,"COMPONENTES DIVERSOS PARA VEÍCULOS","16805","COMPONENTES DIVERSOS PARA VEÍCULOS","FILTRO DE COMBUSTÍVEL  FRONTIER 2.5 SEL",null,"Alta","UNIDADE","INTEGRAL","CUSTO FINALÍSTICO - MATERIAL","REPOSIÇÃO DE PEÇAS EM ESTOQUE DE MANUTENÇÃO DE 1º ESCALÃO DE VIATURAS",2,79,158]
["BASE",96,39,"MATERIAL P/ MANUTENCAO DE VEICULOS",25,"COMPONENTES DE VEÍCULOS",2590,"COMPONENTES DIVERSOS PARA VEÍCULOS","16805","COMPONENTES DIVERSOS PARA VEÍCULOS","PASTILHA DE FREIO DIANTEIRO FRONTIER 2.5 SEL",null,"Media","JOGO","INTEGRAL","CUSTO FINALÍSTICO - MATERIAL","REPOSIÇÃO DE PEÇAS EM ESTOQUE DE MANUTENÇÃO DE 1º ESCALÃO DE VIATURAS",1,154.51,154.51]
["BASE",97,39,"MATERIAL P/ MANUTENCAO DE VEICULOS",25,"COMPONENTES DE VEÍCULOS",2590,"COMPONENTES DIVERSOS PARA VEÍCULOS","16805","COMPONENTES DIVERSOS PARA VEÍCULOS","PALHETA LIMPADOR DO PARABRISA  FRONTIER 2.5 SEL",null,"Media","UNIDADE","INTEGRAL","CUSTO FINALÍSTICO - MATERIAL","REPOSIÇÃO DE PEÇAS EM ESTOQUE DE MANUTENÇÃO DE 1º ESCALÃO DE VIATURAS",1,60.8,60.8]
["BASE",98,39,"MATERIAL P/ MANUTENCAO DE VEICULOS",25,"COMPONENTES DE VEÍCULOS",2590,"COMPONENTES DIVERSOS PARA VEÍCULOS","16805","COMPONENTES DIVERSOS PARA VEÍCULOS","DISCO DE FREIO NISSAN FRONTIER 2.5 SEL",null,"Baixa","JOGO","INTEGRAL","CUSTO FINALÍSTICO - MATERIAL","REPOSIÇÃO DE PEÇAS EM ESTOQUE DE MANUTENÇÃO DE 1º ESCALÃO DE VIATURAS",1,321,321]
["BASE",99,39,"MATERIAL P/ MANUTENCAO DE VEICULOS",25,"COMPONENTES DE VEÍCULOS",2590,"COMPONENTES DIVERSOS PARA VEÍCULOS","16805","COMPONENTES DIVERSOS PARA VEÍCULOS","SAPATA DE FREIO NISSAN FRONTIER 2.5 SEL",null,"Baixa","JOGO","INTEGRAL","CUSTO FINALÍSTICO - MATERIAL","REPOSIÇÃO DE PEÇAS EM ESTOQUE DE MANUTENÇÃO DE 1º ESCALÃO DE VIATURAS",1,322,322]
["BASE",100,39,"MATERIAL P/ MANUTENCAO DE VEICULOS",25,"COMPONENTES DE VEÍCULOS",2590,"COMPONENTES DIVERSOS PARA VEÍCULOS","16805","COMPONENTES DIVERSOS PARA VEÍCULOS","FILTRO DE ÓLEO NISSAN SENTRA 2.0 16V",null,"Alta","UNIDADE","INTEGRAL","CUSTO FINALÍSTICO - MATERIAL","REPOSIÇÃO DE PEÇAS EM ESTOQUE DE MANUTENÇÃO DE 1º ESCALÃO DE VIATURAS",4,32.26,129.04]
["BASE",101,39,"MATERIAL P/ MANUTENCAO DE VEICULOS",25,"COMPONENTES DE VEÍCULOS",2590,"COMPONENTES DIVERSOS PARA VEÍCULOS","16805","COMPONENTES DIVERSOS PARA VEÍCULOS","FILTRO DE AR   NISSAN SENTRA 2.0 16V",null,"Alta","UNIDADE","INTEGRAL","CUSTO FINALÍSTICO - MATERIAL","REPOSIÇÃO DE PEÇAS EM ESTOQUE DE MANUTENÇÃO DE 1º ESCALÃO DE VIATURAS",4,67.989999999999995,271.95999999999998]
["BASE",102,39,"MATERIAL P/ MANUTENCAO DE VEICULOS",25,"COMPONENTES DE VEÍCULOS",2590,"COMPONENTES DIVERSOS PARA VEÍCULOS","16805","COMPONENTES DIVERSOS PARA VEÍCULOS","FILTRO DE AR CONDICIONADO NISSAN SENTRA 2.0 16V",null,"Alta","UNIDADE","INTEGRAL","CUSTO FINALÍSTICO - MATERIAL","REPOSIÇÃO DE PEÇAS EM ESTOQUE DE MANUTENÇÃO DE 1º ESCALÃO DE VIATURAS",4,29.5,118]
["BASE",103,39,"MATERIAL P/ MANUTENCAO DE VEICULOS",25,"COMPONENTES DE VEÍCULOS",2590,"COMPONENTES DIVERSOS PARA VEÍCULOS","16805","COMPONENTES DIVERSOS PARA VEÍCULOS","FILTRO DE COMBUSTÍVEL NISSAN SENTRA 2.0 16V",null,"Alta","UNIDADE","INTEGRAL","CUSTO FINALÍSTICO - MATERIAL","REPOSIÇÃO DE PEÇAS EM ESTOQUE DE MANUTENÇÃO DE 1º ESCALÃO DE VIATURAS",4,17.48,69.92]
["BASE",104,39,"MATERIAL P/ MANUTENCAO DE VEICULOS",25,"COMPONENTES DE VEÍCULOS",2590,"COMPONENTES DIVERSOS PARA VEÍCULOS","16805","COMPONENTES DIVERSOS PARA VEÍCULOS","LIMPADOR DO PARABRISA NISSAN SENTRA 2.0 16V",null,"Baixa","JOGO","INTEGRAL","CUSTO FINALÍSTICO - MATERIAL","REPOSIÇÃO DE PEÇAS EM ESTOQUE DE MANUTENÇÃO DE 1º ESCALÃO DE VIATURAS",2,159,318]
["BASE",105,39,"MATERIAL P/ MANUTENCAO DE VEICULOS",25,"COMPONENTES DE VEÍCULOS",2590,"COMPONENTES DIVERSOS PARA VEÍCULOS","16805","COMPONENTES DIVERSOS PARA VEÍCULOS","PASTILHA DE FREIO DIANTEIRO NISSAN SENTRA 2.0 16V",null,"Media","JOGO","INTEGRAL","CUSTO FINALÍSTICO - MATERIAL","REPOSIÇÃO DE PEÇAS EM ESTOQUE DE MANUTENÇÃO DE 1º ESCALÃO DE VIATURAS",2,239,478]
["BASE",106,39,"MATERIAL P/ MANUTENCAO DE VEICULOS",25,"COMPONENTES DE VEÍCULOS",2590,"COMPONENTES DIVERSOS PARA VEÍCULOS","16805","COMPONENTES DIVERSOS PARA VEÍCULOS","JOGO DE VELA NISSAN SENTRA 2.0 16V",null,"Media","JOGO","INTEGRAL","CUSTO FINALÍSTICO - MATERIAL","REPOSIÇÃO DE PEÇAS EM ESTOQUE DE MANUTENÇÃO DE 1º ESCALÃO DE VIATURAS",2,326.87,653.74]
["BASE",107,39,"MATERIAL P/ MANUTENCAO DE VEICULOS",25,"COMPONENTES DE VEÍCULOS",2590,"COMPONENTES DIVERSOS PARA VEÍCULOS","16805","COMPONENTES DIVERSOS PARA VEÍCULOS","FILTRO DE ÓLEO RENAULT MEGANE 2.0 16V ",null,"Alta","UNIDADE","INTEGRAL","CUSTO FINALÍSTICO - MATERIAL","REPOSIÇÃO DE PEÇAS EM ESTOQUE DE MANUTENÇÃO DE 1º ESCALÃO DE VIATURAS",2,46.03,92.06]
["BASE",108,39,"MATERIAL P/ MANUTENCAO DE VEICULOS",25,"COMPONENTES DE VEÍCULOS",2590,"COMPONENTES DIVERSOS PARA VEÍCULOS","16805","COMPONENTES DIVERSOS PARA VEÍCULOS","FILTRO DE AR RENAULT MEGANE 2.0 16V",null,"Alta","UNIDADE","INTEGRAL","CUSTO FINALÍSTICO - MATERIAL","REPOSIÇÃO DE PEÇAS EM ESTOQUE DE MANUTENÇÃO DE 1º ESCALÃO DE VIATURAS",2,54.9,109.8]
["BASE",109,39,"MATERIAL P/ MANUTENCAO DE VEICULOS",25,"COMPONENTES DE VEÍCULOS",2590,"COMPONENTES DIVERSOS PARA VEÍCULOS","16805","COMPONENTES DIVERSOS PARA VEÍCULOS","FILTRO DE AR CONDICIONADO RENAULT MEGANE 2.0 16V",null,"Alta","UNIDADE","INTEGRAL","CUSTO FINALÍSTICO - MATERIAL","REPOSIÇÃO DE PEÇAS EM ESTOQUE DE MANUTENÇÃO DE 1º ESCALÃO DE VIATURAS",2,39.200000000000003,78.400000000000006]
["BASE",110,39,"MATERIAL P/ MANUTENCAO DE VEICULOS",25,"COMPONENTES DE VEÍCULOS",2590,"COMPONENTES DIVERSOS PARA VEÍCULOS","16805","COMPONENTES DIVERSOS PARA VEÍCULOS","FILTRO DE COMBUSTÍVEL RENAULT MEGANE 2.0 16V",null,"Alta","UNIDADE","INTEGRAL","CUSTO FINALÍSTICO - MATERIAL","REPOSIÇÃO DE PEÇAS EM ESTOQUE DE MANUTENÇÃO DE 1º ESCALÃO DE VIATURAS",2,24.9,49.8]
["BASE",111,39,"MATERIAL P/ MANUTENCAO DE VEICULOS",25,"COMPONENTES DE VEÍCULOS",2590,"COMPONENTES DIVERSOS PARA VEÍCULOS","16805","COMPONENTES DIVERSOS PARA VEÍCULOS","PASTILHA DE FREIO DIANTEIRO RENAULT MEGANE 2.0 16V",null,"Media","UNIDADE","INTEGRAL","CUSTO FINALÍSTICO - MATERIAL","REPOSIÇÃO DE PEÇAS EM ESTOQUE DE MANUTENÇÃO DE 1º ESCALÃO DE VIATURAS",1,217.9,217.9]
["BASE",112,39,"MATERIAL P/ MANUTENCAO DE VEICULOS",25,"COMPONENTES DE VEÍCULOS",2590,"COMPONENTES DIVERSOS PARA VEÍCULOS","16805","COMPONENTES DIVERSOS PARA VEÍCULOS","PASTILHA DE FREIO TRASEIRO RENAULT MEGANE 2.0 16V",null,"Media","UNIDADE","INTEGRAL","CUSTO FINALÍSTICO - MATERIAL","REPOSIÇÃO DE PEÇAS EM ESTOQUE DE MANUTENÇÃO DE 1º ESCALÃO DE VIATURAS",1,150.9,150.9]
["BASE",113,39,"MATERIAL P/ MANUTENCAO DE VEICULOS",25,"COMPONENTES DE VEÍCULOS",2590,"COMPONENTES DIVERSOS PARA VEÍCULOS","16805","COMPONENTES DIVERSOS PARA VEÍCULOS","DISCO DE FREIO DIANTEIRO RENAULT MEGANE 2.0 16V",null,"Baixa","UNIDADE","INTEGRAL","CUSTO FINALÍSTICO - MATERIAL","REPOSIÇÃO DE PEÇAS EM ESTOQUE DE MANUTENÇÃO DE 1º ESCALÃO DE VIATURAS",1,239.33,239.33]
["BASE",114,39,"MATERIAL P/ MANUTENCAO DE VEICULOS",25,"COMPONENTES DE VEÍCULOS",2590,"COMPONENTES DIVERSOS PARA VEÍCULOS","16805","COMPONENTES DIVERSOS PARA VEÍCULOS","DISCO DE FREIO TRASEIRO RENAULT MEGANE 2.0 16V",null,"Baixa","UNIDADE","INTEGRAL","CUSTO FINALÍSTICO - MATERIAL","REPOSIÇÃO DE PEÇAS EM ESTOQUE DE MANUTENÇÃO DE 1º ESCALÃO DE VIATURAS",1,239.33,239.33]
["BASE",115,39,"MATERIAL P/ MANUTENCAO DE VEICULOS",25,"COMPONENTES DE VEÍCULOS",2590,"COMPONENTES DIVERSOS PARA VEÍCULOS","16805","COMPONENTES DIVERSOS PARA VEÍCULOS","PALHETA LIMPADOR DO PARABRISA RENAULT MEGANE 2.0 16V",null,"Media","UNIDADE","INTEGRAL","CUSTO FINALÍSTICO - MATERIAL","REPOSIÇÃO DE PEÇAS EM ESTOQUE DE MANUTENÇÃO DE 1º ESCALÃO DE VIATURAS",1,73.400000000000006,73.400000000000006]
["BASE",116,39,"MATERIAL P/ MANUTENCAO DE VEICULOS",25,"COMPONENTES DE VEÍCULOS",2590,"COMPONENTES DIVERSOS PARA VEÍCULOS","16805","COMPONENTES DIVERSOS PARA VEÍCULOS","JOGO DE VELA RENAULT MEGANE 2.0 16V",null,"Media","JOGO","INTEGRAL","CUSTO FINALÍSTICO - MATERIAL","REPOSIÇÃO DE PEÇAS EM ESTOQUE DE MANUTENÇÃO DE 1º ESCALÃO DE VIATURAS",1,88,88]
["BASE",117,39,"MATERIAL P/ MANUTENCAO DE VEICULOS",25,"COMPONENTES DE VEÍCULOS",2590,"COMPONENTES DIVERSOS PARA VEÍCULOS","16805","COMPONENTES DIVERSOS PARA VEÍCULOS","FILTRO DE ÓLEO FIAT LINEA 1.9 16V",null,"Alta","UNIDADE","INTEGRAL","CUSTO FINALÍSTICO - MATERIAL","REPOSIÇÃO DE PEÇAS EM ESTOQUE DE MANUTENÇÃO DE 1º ESCALÃO DE VIATURAS",4,37.299999999999997,149.19999999999999]
["BASE",118,39,"MATERIAL P/ MANUTENCAO DE VEICULOS",25,"COMPONENTES DE VEÍCULOS",2590,"COMPONENTES DIVERSOS PARA VEÍCULOS","16805","COMPONENTES DIVERSOS PARA VEÍCULOS","FILTRO DE AR FIAT LINEA 1.9 16V",null,"Alta","UNIDADE","INTEGRAL","CUSTO FINALÍSTICO - MATERIAL","REPOSIÇÃO DE PEÇAS EM ESTOQUE DE MANUTENÇÃO DE 1º ESCALÃO DE VIATURAS",4,37.9,151.6]
["BASE",119,39,"MATERIAL P/ MANUTENCAO DE VEICULOS",25,"COMPONENTES DE VEÍCULOS",2590,"COMPONENTES DIVERSOS PARA VEÍCULOS","16805","COMPONENTES DIVERSOS PARA VEÍCULOS","FILTRO DE AR CONDICIONADO FIAT LINEA 1.9 16V",null,"Alta","UNIDADE","INTEGRAL","CUSTO FINALÍSTICO - MATERIAL","REPOSIÇÃO DE PEÇAS EM ESTOQUE DE MANUTENÇÃO DE 1º ESCALÃO DE VIATURAS",4,31,124]
["BASE",120,39,"MATERIAL P/ MANUTENCAO DE VEICULOS",25,"COMPONENTES DE VEÍCULOS",2590,"COMPONENTES DIVERSOS PARA VEÍCULOS","16805","COMPONENTES DIVERSOS PARA VEÍCULOS","CORREIA DENTADA COM TENSIONADOR FIAT LINEA 1.9 16V",null,"Media","UNIDADE","INTEGRAL","CUSTO FINALÍSTICO - MATERIAL","REPOSIÇÃO DE PEÇAS EM ESTOQUE DE MANUTENÇÃO DE 1º ESCALÃO DE VIATURAS",2,176.25,352.5]
["BASE",121,39,"MATERIAL P/ MANUTENCAO DE VEICULOS",25,"COMPONENTES DE VEÍCULOS",2590,"COMPONENTES DIVERSOS PARA VEÍCULOS","16805","COMPONENTES DIVERSOS PARA VEÍCULOS","PASTILHA DE FREIO DIANTEIRO FIAT LINEA 1.9 16V",null,"Media","JOGO","INTEGRAL","CUSTO FINALÍSTICO - MATERIAL","REPOSIÇÃO DE PEÇAS EM ESTOQUE DE MANUTENÇÃO DE 1º ESCALÃO DE VIATURAS",2,140.9,281.8]
["BASE",122,39,"MATERIAL P/ MANUTENCAO DE VEICULOS",25,"COMPONENTES DE VEÍCULOS",2590,"COMPONENTES DIVERSOS PARA VEÍCULOS","16805","COMPONENTES DIVERSOS PARA VEÍCULOS","PASTILHA DE FREIO TRASEIRO FIAT LINEA 1.9 16V",null,"Media","JOGO","INTEGRAL","CUSTO FINALÍSTICO - MATERIAL","REPOSIÇÃO DE PEÇAS EM ESTOQUE DE MANUTENÇÃO DE 1º ESCALÃO DE VIATURAS",2,78.900000000000006,157.80000000000001]
["BASE",123,39,"MATERIAL P/ MANUTENCAO DE VEICULOS",25,"COMPONENTES DE VEÍCULOS",2590,"COMPONENTES DIVERSOS PARA VEÍCULOS","16805","COMPONENTES DIVERSOS PARA VEÍCULOS","DISCO DE FREIO DIANTEIRO FIAT LINEA 1.9 16V",null,"Baixa","JOGO","INTEGRAL","CUSTO FINALÍSTICO - MATERIAL","REPOSIÇÃO DE PEÇAS EM ESTOQUE DE MANUTENÇÃO DE 1º ESCALÃO DE VIATURAS",2,184.91,369.82]
["BASE",124,39,"MATERIAL P/ MANUTENCAO DE VEICULOS",25,"COMPONENTES DE VEÍCULOS",2590,"COMPONENTES DIVERSOS PARA VEÍCULOS","16805","COMPONENTES DIVERSOS PARA VEÍCULOS","DISCO DE FREIO TRASEIRO FIAT LINEA 1.9 16V",null,"Baixa","JOGO","INTEGRAL","CUSTO FINALÍSTICO - MATERIAL","REPOSIÇÃO DE PEÇAS EM ESTOQUE DE MANUTENÇÃO DE 1º ESCALÃO DE VIATURAS",2,182,364]
["BASE",125,39,"MATERIAL P/ MANUTENCAO DE VEICULOS",25,"COMPONENTES DE VEÍCULOS",2590,"COMPONENTES DIVERSOS PARA VEÍCULOS","16805","COMPONENTES DIVERSOS PARA VEÍCULOS","PALHETA LIMPADOR DO PARABRISA FIAT LINEA 1.9 16V",null,"Media","JOGO","INTEGRAL","CUSTO FINALÍSTICO - MATERIAL","REPOSIÇÃO DE PEÇAS EM ESTOQUE DE MANUTENÇÃO DE 1º ESCALÃO DE VIATURAS",2,97.44,194.88]
["BASE",126,39,"MATERIAL P/ MANUTENCAO DE VEICULOS",25,"COMPONENTES DE VEÍCULOS",2590,"COMPONENTES DIVERSOS PARA VEÍCULOS","16805","COMPONENTES DIVERSOS PARA VEÍCULOS","JOGO DE VELA FIAT LINEA 1.9 16V",null,"Media","JOGO","INTEGRAL","CUSTO FINALÍSTICO - MATERIAL","REPOSIÇÃO DE PEÇAS EM ESTOQUE DE MANUTENÇÃO DE 1º ESCALÃO DE VIATURAS",2,122.29,244.58]
["BASE",127,39,"MATERIAL P/ MANUTENCAO DE VEICULOS",25,"COMPONENTES DE VEÍCULOS",2590,"COMPONENTES DIVERSOS PARA VEÍCULOS","16805","COMPONENTES DIVERSOS PARA VEÍCULOS","CABO DE VELA FIAT LINEA 1.9 16V",null,"Baixa","JOGO","INTEGRAL","CUSTO FINALÍSTICO - MATERIAL","REPOSIÇÃO DE PEÇAS EM ESTOQUE DE MANUTENÇÃO DE 1º ESCALÃO DE VIATURAS",2,207.8,415.6]
["BASE",128,39,"MATERIAL P/ MANUTENCAO DE VEICULOS",25,"COMPONENTES DE VEÍCULOS",2590,"COMPONENTES DIVERSOS PARA VEÍCULOS","16805","COMPONENTES DIVERSOS PARA VEÍCULOS","FILTRO DE ÓLEO RENAULT CLIO 1.6V",null,"Alta","UNIDADE","INTEGRAL","CUSTO FINALÍSTICO - MATERIAL","REPOSIÇÃO DE PEÇAS EM ESTOQUE DE MANUTENÇÃO DE 1º ESCALÃO DE VIATURAS",2,35.39,70.78]
["BASE",129,39,"MATERIAL P/ MANUTENCAO DE VEICULOS",25,"COMPONENTES DE VEÍCULOS",2590,"COMPONENTES DIVERSOS PARA VEÍCULOS","16805","COMPONENTES DIVERSOS PARA VEÍCULOS","FILTRO DE AR RENAULT CLIO 1.6 16V",null,"Alta","UNIDADE","INTEGRAL","CUSTO FINALÍSTICO - MATERIAL","REPOSIÇÃO DE PEÇAS EM ESTOQUE DE MANUTENÇÃO DE 1º ESCALÃO DE VIATURAS",2,38.74,77.48]
["BASE",130,39,"MATERIAL P/ MANUTENCAO DE VEICULOS",25,"COMPONENTES DE VEÍCULOS",2590,"COMPONENTES DIVERSOS PARA VEÍCULOS","16805","COMPONENTES DIVERSOS PARA VEÍCULOS","FILTRO DE COMBUSTÍVEL RENAULT CLIO 1.6 16V",null,"Alta","UNIDADE","INTEGRAL","CUSTO FINALÍSTICO - MATERIAL","REPOSIÇÃO DE PEÇAS EM ESTOQUE DE MANUTENÇÃO DE 1º ESCALÃO DE VIATURAS",2,20.32,40.64]
["BASE",131,39,"MATERIAL P/ MANUTENCAO DE VEICULOS",25,"COMPONENTES DE VEÍCULOS",2590,"COMPONENTES DIVERSOS PARA VEÍCULOS","16805","COMPONENTES DIVERSOS PARA VEÍCULOS","FILTRO DE AR CONDICIONADO RENAULT CLIO 1.6 16V",null,"Alta","UNIDADE","INTEGRAL","CUSTO FINALÍSTICO - MATERIAL","REPOSIÇÃO DE PEÇAS EM ESTOQUE DE MANUTENÇÃO DE 1º ESCALÃO DE VIATURAS",2,29.8,59.6]
["BASE",132,39,"MATERIAL P/ MANUTENCAO DE VEICULOS",25,"COMPONENTES DE VEÍCULOS",2590,"COMPONENTES DIVERSOS PARA VEÍCULOS","16805","COMPONENTES DIVERSOS PARA VEÍCULOS","PASTILHA DE FREIO RENAULT CLIO 1.6 16V",null,"Media","JOGO","INTEGRAL","CUSTO FINALÍSTICO - MATERIAL","REPOSIÇÃO DE PEÇAS EM ESTOQUE DE MANUTENÇÃO DE 1º ESCALÃO DE VIATURAS",1,49.9,49.9]
["BASE",133,39,"MATERIAL P/ MANUTENCAO DE VEICULOS",25,"COMPONENTES DE VEÍCULOS",2590,"COMPONENTES DIVERSOS PARA VEÍCULOS","16805","COMPONENTES DIVERSOS PARA VEÍCULOS","SAPATA DE FREIO RENAULT CLIO 1.6 16V",null,"Media","JOGO","INTEGRAL","CUSTO FINALÍSTICO - MATERIAL","REPOSIÇÃO DE PEÇAS EM ESTOQUE DE MANUTENÇÃO DE 1º ESCALÃO DE VIATURAS",1,78.38,78.38]
["BASE",134,39,"MATERIAL P/ MANUTENCAO DE VEICULOS",25,"COMPONENTES DE VEÍCULOS",2590,"COMPONENTES DIVERSOS PARA VEÍCULOS","16805","COMPONENTES DIVERSOS PARA VEÍCULOS","DISCO DE FREIO RENAULT CLIO 1.6 16V",null,"Baixa","JOGO","INTEGRAL","CUSTO FINALÍSTICO - MATERIAL","REPOSIÇÃO DE PEÇAS EM ESTOQUE DE MANUTENÇÃO DE 1º ESCALÃO DE VIATURAS",1,185,185]
["BASE",135,39,"MATERIAL P/ MANUTENCAO DE VEICULOS",25,"COMPONENTES DE VEÍCULOS",2590,"COMPONENTES DIVERSOS PARA VEÍCULOS","16805","COMPONENTES DIVERSOS PARA VEÍCULOS","PALHETA LIMPADOR DO PARABRISA RENAULT CLIO 1.6 16V",null,"Media","JOGO","INTEGRAL","CUSTO FINALÍSTICO - MATERIAL","REPOSIÇÃO DE PEÇAS EM ESTOQUE DE MANUTENÇÃO DE 1º ESCALÃO DE VIATURAS",1,44.9,44.9]
["BASE",136,39,"MATERIAL P/ MANUTENCAO DE VEICULOS",25,"COMPONENTES DE VEÍCULOS",2590,"COMPONENTES DIVERSOS PARA VEÍCULOS","16805","COMPONENTES DIVERSOS PARA VEÍCULOS","PALHETA LIMPADOR DO VIDRO TRASEIRO RENAULT CLIO 1.6 16V",null,"Media","UNIDADE","INTEGRAL","CUSTO FINALÍSTICO - MATERIAL","REPOSIÇÃO DE PEÇAS EM ESTOQUE DE MANUTENÇÃO DE 1º ESCALÃO DE VIATURAS",1,48.32,48.32]
["BASE",137,39,"MATERIAL P/ MANUTENCAO DE VEICULOS",25,"COMPONENTES DE VEÍCULOS",2590,"COMPONENTES DIVERSOS PARA VEÍCULOS","16805","COMPONENTES DIVERSOS PARA VEÍCULOS","JOGO DE VELA REANUL CLIO 1.6 16V",null,"Baixa","JOGO","INTEGRAL","CUSTO FINALÍSTICO - MATERIAL","REPOSIÇÃO DE PEÇAS EM ESTOQUE DE MANUTENÇÃO DE 1º ESCALÃO DE VIATURAS",1,84.94,84.94]
["BASE",138,39,"MATERIAL P/ MANUTENCAO DE VEICULOS",25,"COMPONENTES DE VEÍCULOS",2590,"COMPONENTES DIVERSOS PARA VEÍCULOS","16805","COMPONENTES DIVERSOS PARA VEÍCULOS","CABO DE VELA RENAULT CLIO 1.6 16V",null,"Baixa","JOGO","INTEGRAL","CUSTO FINALÍSTICO - MATERIAL","REPOSIÇÃO DE PEÇAS EM ESTOQUE DE MANUTENÇÃO DE 1º ESCALÃO DE VIATURAS",1,89.9,89.9]
["BASE",139,39,"MATERIAL P/ MANUTENCAO DE VEICULOS",25,"COMPONENTES DE VEÍCULOS",2590,"COMPONENTES DIVERSOS PARA VEÍCULOS","16805","COMPONENTES DIVERSOS PARA VEÍCULOS","FILTRO DE ÓLEO PALIO WEEKEND 1.8 16V",null,"Alta","UNIDADE","INTEGRAL","CUSTO FINALÍSTICO - MATERIAL","REPOSIÇÃO DE PEÇAS EM ESTOQUE DE MANUTENÇÃO DE 1º ESCALÃO DE VIATURAS",2,23.98,47.96]
["BASE",140,39,"MATERIAL P/ MANUTENCAO DE VEICULOS",25,"COMPONENTES DE VEÍCULOS",2590,"COMPONENTES DIVERSOS PARA VEÍCULOS","16805","COMPONENTES DIVERSOS PARA VEÍCULOS","FILTRO DE AR PALIO WEEKEND 1.8 16V",null,"Alta","UNIDADE","INTEGRAL","CUSTO FINALÍSTICO - MATERIAL","REPOSIÇÃO DE PEÇAS EM ESTOQUE DE MANUTENÇÃO DE 1º ESCALÃO DE VIATURAS",2,38.9,77.8]
["BASE",141,39,"MATERIAL P/ MANUTENCAO DE VEICULOS",25,"COMPONENTES DE VEÍCULOS",2590,"COMPONENTES DIVERSOS PARA VEÍCULOS","16805","COMPONENTES DIVERSOS PARA VEÍCULOS","FILTRO DE AR CONDICIONADO PALIO WEEKEND 1.8 16V",null,"Alta","UNIDADE","INTEGRAL","CUSTO FINALÍSTICO - MATERIAL","REPOSIÇÃO DE PEÇAS EM ESTOQUE DE MANUTENÇÃO DE 1º ESCALÃO DE VIATURAS",2,21.13,42.26]
["BASE",142,39,"MATERIAL P/ MANUTENCAO DE VEICULOS",25,"COMPONENTES DE VEÍCULOS",2590,"COMPONENTES DIVERSOS PARA VEÍCULOS","16805","COMPONENTES DIVERSOS PARA VEÍCULOS","FILTRO DE COMBUSTÍVEL PALIO WEEKEND 1.8 16V",null,"Alta","UNIDADE","INTEGRAL","CUSTO FINALÍSTICO - MATERIAL","REPOSIÇÃO DE PEÇAS EM ESTOQUE DE MANUTENÇÃO DE 1º ESCALÃO DE VIATURAS",2,47.3,94.6]
["BASE",143,39,"MATERIAL P/ MANUTENCAO DE VEICULOS",25,"COMPONENTES DE VEÍCULOS",2590,"COMPONENTES DIVERSOS PARA VEÍCULOS","16805","COMPONENTES DIVERSOS PARA VEÍCULOS","PASTILHA DE FREIO DIANTEIRO PALIO WEEKEND 1.8 16V",null,"Media","JOGO","INTEGRAL","CUSTO FINALÍSTICO - MATERIAL","REPOSIÇÃO DE PEÇAS EM ESTOQUE DE MANUTENÇÃO DE 1º ESCALÃO DE VIATURAS",1,87.9,87.9]
["BASE",144,39,"MATERIAL P/ MANUTENCAO DE VEICULOS",25,"COMPONENTES DE VEÍCULOS",2590,"COMPONENTES DIVERSOS PARA VEÍCULOS","16805","COMPONENTES DIVERSOS PARA VEÍCULOS","DISCO DE FREIO PALIO WEEKEND 1.8 16V",null,"Media","JOGO","INTEGRAL","CUSTO FINALÍSTICO - MATERIAL","REPOSIÇÃO DE PEÇAS EM ESTOQUE DE MANUTENÇÃO DE 1º ESCALÃO DE VIATURAS",1,199.19,199.19]
["BASE",145,39,"MATERIAL P/ MANUTENCAO DE VEICULOS",25,"COMPONENTES DE VEÍCULOS",2590,"COMPONENTES DIVERSOS PARA VEÍCULOS","16805","COMPONENTES DIVERSOS PARA VEÍCULOS","SAPATA DE FREIO PALIO WEEKEND 1.8 16V",null,"Baixa","JOGO","INTEGRAL","CUSTO FINALÍSTICO - MATERIAL","REPOSIÇÃO DE PEÇAS EM ESTOQUE DE MANUTENÇÃO DE 1º ESCALÃO DE VIATURAS",1,98,98]
["BASE",146,39,"MATERIAL P/ MANUTENCAO DE VEICULOS",25,"COMPONENTES DE VEÍCULOS",2590,"COMPONENTES DIVERSOS PARA VEÍCULOS","16805","COMPONENTES DIVERSOS PARA VEÍCULOS","CORREIA DENTADA COM TENSIONADOR PALIO WEEKEN 1.8 16V",null,"Baixa","UNIDADE","INTEGRAL","CUSTO FINALÍSTICO - MATERIAL","REPOSIÇÃO DE PEÇAS EM ESTOQUE DE MANUTENÇÃO DE 1º ESCALÃO DE VIATURAS",1,141.9,141.9]
["BASE",147,39,"MATERIAL P/ MANUTENCAO DE VEICULOS",25,"COMPONENTES DE VEÍCULOS",2590,"COMPONENTES DIVERSOS PARA VEÍCULOS","16805","COMPONENTES DIVERSOS PARA VEÍCULOS","JOGO DE VELA PALIO WEEKEND 1.8 16V",null,"Baixa","JOGO","INTEGRAL","CUSTO FINALÍSTICO - MATERIAL","REPOSIÇÃO DE PEÇAS EM ESTOQUE DE MANUTENÇÃO DE 1º ESCALÃO DE VIATURAS",1,87,87]
["BASE",148,39,"MATERIAL P/ MANUTENCAO DE VEICULOS",25,"COMPONENTES DE VEÍCULOS",2590,"COMPONENTES DIVERSOS PARA VEÍCULOS","16805","COMPONENTES DIVERSOS PARA VEÍCULOS","CABO DE VELA PALIO WEEKEND 1.6 16V",null,"Baixa","JOGO","INTEGRAL","CUSTO FINALÍSTICO - MATERIAL","REPOSIÇÃO DE PEÇAS EM ESTOQUE DE MANUTENÇÃO DE 1º ESCALÃO DE VIATURAS",1,138,138]
["BASE",149,39,"MATERIAL P/ MANUTENCAO DE VEICULOS",25,"COMPONENTES DE VEÍCULOS",2590,"COMPONENTES DIVERSOS PARA VEÍCULOS","16805","COMPONENTES DIVERSOS PARA VEÍCULOS","PALHETA LIMPADOR DO PARABRISA PALIO WEEKEND 1.8 16V",null,"Baixa","JOGO","INTEGRAL","CUSTO FINALÍSTICO - MATERIAL","REPOSIÇÃO DE PEÇAS EM ESTOQUE DE MANUTENÇÃO DE 1º ESCALÃO DE VIATURAS",1,60.8,60.8]
["BASE",150,39,"MATERIAL P/ MANUTENCAO DE VEICULOS",25,"COMPONENTES DE VEÍCULOS",2590,"COMPONENTES DIVERSOS PARA VEÍCULOS","16805","COMPONENTES DIVERSOS PARA VEÍCULOS","PALHETA LIMPADOR DO VIDRO TRASEIRO PALIO WEEKEND 1.8 16V",null,"Baixa","UNIDADE","INTEGRAL","CUSTO FINALÍSTICO - MATERIAL","REPOSIÇÃO DE PEÇAS EM ESTOQUE DE MANUTENÇÃO DE 1º ESCALÃO DE VIATURAS",1,55.97,55.97]
["BASE",151,39,"MATERIAL P/ MANUTENCAO DE VEICULOS",25,"COMPONENTES DE VEÍCULOS",2590,"COMPONENTES DIVERSOS PARA VEÍCULOS","16805","COMPONENTES DIVERSOS PARA VEÍCULOS","FILTRO DE ÓLEO FORD CARGO 2629",null,"Alta","UNIDADE","INTEGRAL","CUSTO FINALÍSTICO - MATERIAL","REPOSIÇÃO DE PEÇAS EM ESTOQUE DE MANUTENÇÃO DE 1º ESCALÃO DE VIATURAS",2,135,270]
["BASE",152,39,"MATERIAL P/ MANUTENCAO DE VEICULOS",25,"COMPONENTES DE VEÍCULOS",2590,"COMPONENTES DIVERSOS PARA VEÍCULOS","16805","COMPONENTES DIVERSOS PARA VEÍCULOS","FILTRO DE AR PRIMÁRIO FORD CARGO 2629",null,"Alta","UNIDADE","INTEGRAL","CUSTO FINALÍSTICO - MATERIAL","REPOSIÇÃO DE PEÇAS EM ESTOQUE DE MANUTENÇÃO DE 1º ESCALÃO DE VIATURAS",2,164.11,328.22]
["BASE",153,39,"MATERIAL P/ MANUTENCAO DE VEICULOS",25,"COMPONENTES DE VEÍCULOS",2590,"COMPONENTES DIVERSOS PARA VEÍCULOS","16805","COMPONENTES DIVERSOS PARA VEÍCULOS","FILTRO DE AR SECUNDÁRIO FORD CARGO 2629",null,"Alta","UNIDADE","INTEGRAL","CUSTO FINALÍSTICO - MATERIAL","REPOSIÇÃO DE PEÇAS EM ESTOQUE DE MANUTENÇÃO DE 1º ESCALÃO DE VIATURAS",2,108.71,217.42]
["BASE",154,39,"MATERIAL P/ MANUTENCAO DE VEICULOS",25,"COMPONENTES DE VEÍCULOS",2590,"COMPONENTES DIVERSOS PARA VEÍCULOS","16805","COMPONENTES DIVERSOS PARA VEÍCULOS","FILTRO DE AR CONDICIONADO FORD CARGO 2629",null,"Media","UNIDADE","INTEGRAL","CUSTO FINALÍSTICO - MATERIAL","REPOSIÇÃO DE PEÇAS EM ESTOQUE DE MANUTENÇÃO DE 1º ESCALÃO DE VIATURAS",2,21.9,43.8]
["BASE",155,39,"MATERIAL P/ MANUTENCAO DE VEICULOS",25,"COMPONENTES DE VEÍCULOS",2590,"COMPONENTES DIVERSOS PARA VEÍCULOS","16805","COMPONENTES DIVERSOS PARA VEÍCULOS","FILTRO DE COMBUSTÍVEL FORD CARGO 2629",null,"Alta","UNIDADE","INTEGRAL","CUSTO FINALÍSTICO - MATERIAL","REPOSIÇÃO DE PEÇAS EM ESTOQUE DE MANUTENÇÃO DE 1º ESCALÃO DE VIATURAS",2,49.55,99.1]
["BASE",156,39,"MATERIAL P/ MANUTENCAO DE VEICULOS",25,"COMPONENTES DE VEÍCULOS",2590,"COMPONENTES DIVERSOS PARA VEÍCULOS","16805","COMPONENTES DIVERSOS PARA VEÍCULOS","FILTRO DE ÓLEO DIREÇÃO FORD CARGO 2629",null,"Media","UNIDADE","INTEGRAL","CUSTO FINALÍSTICO - MATERIAL","REPOSIÇÃO DE PEÇAS EM ESTOQUE DE MANUTENÇÃO DE 1º ESCALÃO DE VIATURAS",2,24.99,49.98]
["BASE",157,39,"MATERIAL P/ MANUTENCAO DE VEICULOS",25,"COMPONENTES DE VEÍCULOS",2590,"COMPONENTES DIVERSOS PARA VEÍCULOS","16805","COMPONENTES DIVERSOS PARA VEÍCULOS","FILTRO SEDIMENTADOR FORD CARGO 2629",null,"Media","UNIDADE","INTEGRAL","CUSTO FINALÍSTICO - MATERIAL","REPOSIÇÃO DE PEÇAS EM ESTOQUE DE MANUTENÇÃO DE 1º ESCALÃO DE VIATURAS",2,97.99,195.98]
["BASE",158,39,"MATERIAL P/ MANUTENCAO DE VEICULOS",25,"COMPONENTES DE VEÍCULOS",2590,"COMPONENTES DIVERSOS PARA VEÍCULOS","16805","COMPONENTES DIVERSOS PARA VEÍCULOS","PALHETA LIMPADOR DO PARABRISA FORD CARGO 2629",null,"Media","JOGO","INTEGRAL","CUSTO FINALÍSTICO - MATERIAL","REPOSIÇÃO DE PEÇAS EM ESTOQUE DE MANUTENÇÃO DE 1º ESCALÃO DE VIATURAS",1,89,89]
["BASE",159,39,"MATERIAL P/ MANUTENCAO DE VEICULOS",25,"COMPONENTES DE VEÍCULOS",2590,"COMPONENTES DIVERSOS PARA VEÍCULOS","16805","COMPONENTES DIVERSOS PARA VEÍCULOS","FILTRO DE ÓLEO FORD CARGO 816",null,"Alta","UNIDADE","INTEGRAL","CUSTO FINALÍSTICO - MATERIAL","REPOSIÇÃO DE PEÇAS EM ESTOQUE DE MANUTENÇÃO DE 1º ESCALÃO DE VIATURAS",2,50.46,100.92]
["BASE",160,39,"MATERIAL P/ MANUTENCAO DE VEICULOS",25,"COMPONENTES DE VEÍCULOS",2590,"COMPONENTES DIVERSOS PARA VEÍCULOS","16805","COMPONENTES DIVERSOS PARA VEÍCULOS","FILTRO DE AR FORD CARGO 816",null,"Alta","UNIDADE","INTEGRAL","CUSTO FINALÍSTICO - MATERIAL","REPOSIÇÃO DE PEÇAS EM ESTOQUE DE MANUTENÇÃO DE 1º ESCALÃO DE VIATURAS",2,65,130]
["BASE",161,39,"MATERIAL P/ MANUTENCAO DE VEICULOS",25,"COMPONENTES DE VEÍCULOS",2590,"COMPONENTES DIVERSOS PARA VEÍCULOS","16805","COMPONENTES DIVERSOS PARA VEÍCULOS","FILTRO DE AR SECUNDÁRIO FORD CARGO 816",null,"Alta","UNIDADE","INTEGRAL","CUSTO FINALÍSTICO - MATERIAL","REPOSIÇÃO DE PEÇAS EM ESTOQUE DE MANUTENÇÃO DE 1º ESCALÃO DE VIATURAS",2,45.3,90.6]
["BASE",162,39,"MATERIAL P/ MANUTENCAO DE VEICULOS",25,"COMPONENTES DE VEÍCULOS",2590,"COMPONENTES DIVERSOS PARA VEÍCULOS","16805","COMPONENTES DIVERSOS PARA VEÍCULOS","FILTRO DE COMBUSTÍVEL FORD CARGO 816",null,"Alta","UNIDADE","INTEGRAL","CUSTO FINALÍSTICO - MATERIAL","REPOSIÇÃO DE PEÇAS EM ESTOQUE DE MANUTENÇÃO DE 1º ESCALÃO DE VIATURAS",2,70.38,140.76]
["BASE",163,39,"MATERIAL P/ MANUTENCAO DE VEICULOS",25,"COMPONENTES DE VEÍCULOS",2590,"COMPONENTES DIVERSOS PARA VEÍCULOS","16805","COMPONENTES DIVERSOS PARA VEÍCULOS","FILTRO SEDIMENTADOR FORD CARGO 816",null,"Alta","UNIDADE","INTEGRAL","CUSTO FINALÍSTICO - MATERIAL","REPOSIÇÃO DE PEÇAS EM ESTOQUE DE MANUTENÇÃO DE 1º ESCALÃO DE VIATURAS",2,94.9,189.8]
["BASE",164,39,"MATERIAL P/ MANUTENCAO DE VEICULOS",25,"COMPONENTES DE VEÍCULOS",2590,"COMPONENTES DIVERSOS PARA VEÍCULOS","16805","COMPONENTES DIVERSOS PARA VEÍCULOS","PALHETA LIMPADOR DO PARABRISA FORD CARGO 816",null,"Media","JOGO","INTEGRAL","CUSTO FINALÍSTICO - MATERIAL","REPOSIÇÃO DE PEÇAS EM ESTOQUE DE MANUTENÇÃO DE 1º ESCALÃO DE VIATURAS",1,79,79]
["BASE",165,39,"MATERIAL P/ MANUTENCAO DE VEICULOS",25,"COMPONENTES DE VEÍCULOS",2590,"COMPONENTES DIVERSOS PARA VEÍCULOS","16805","COMPONENTES DIVERSOS PARA VEÍCULOS","FILTRO DE ÓLEO VOLKSWAGEN ONIBUS 18320",null,"Alta","UNIDADE","INTEGRAL","CUSTO FINALÍSTICO - MATERIAL","REPOSIÇÃO DE PEÇAS EM ESTOQUE DE MANUTENÇÃO DE 1º ESCALÃO DE VIATURAS",2,76.239999999999995,152.47999999999999]
["BASE",166,39,"MATERIAL P/ MANUTENCAO DE VEICULOS",25,"COMPONENTES DE VEÍCULOS",2590,"COMPONENTES DIVERSOS PARA VEÍCULOS","16805","COMPONENTES DIVERSOS PARA VEÍCULOS","FILTRO DE AR VOLKSWAGEN ONIBUS 18320",null,"Alta","UNIDADE","INTEGRAL","CUSTO FINALÍSTICO - MATERIAL","REPOSIÇÃO DE PEÇAS EM ESTOQUE DE MANUTENÇÃO DE 1º ESCALÃO DE VIATURAS",2,120,240]
["BASE",167,39,"MATERIAL P/ MANUTENCAO DE VEICULOS",25,"COMPONENTES DE VEÍCULOS",2590,"COMPONENTES DIVERSOS PARA VEÍCULOS","16805","COMPONENTES DIVERSOS PARA VEÍCULOS","FILTRO DE AR SECUNDÁRIO VOLKSWAGEN ONIBUS 18320",null,"Alta","UNIDADE","INTEGRAL","CUSTO FINALÍSTICO - MATERIAL","REPOSIÇÃO DE PEÇAS EM ESTOQUE DE MANUTENÇÃO DE 1º ESCALÃO DE VIATURAS",2,45.62,91.24]
["BASE",168,39,"MATERIAL P/ MANUTENCAO DE VEICULOS",25,"COMPONENTES DE VEÍCULOS",2590,"COMPONENTES DIVERSOS PARA VEÍCULOS","16805","COMPONENTES DIVERSOS PARA VEÍCULOS","FILTRO SEDIMENTADOR VOLKSWAGEN ONIBUS 18320",null,"Media","UNIDADE","INTEGRAL","CUSTO FINALÍSTICO - MATERIAL","REPOSIÇÃO DE PEÇAS EM ESTOQUE DE MANUTENÇÃO DE 1º ESCALÃO DE VIATURAS",2,49.3,98.6]
["BASE",169,39,"MATERIAL P/ MANUTENCAO DE VEICULOS",25,"COMPONENTES DE VEÍCULOS",2590,"COMPONENTES DIVERSOS PARA VEÍCULOS","16805","COMPONENTES DIVERSOS PARA VEÍCULOS","DESUMIDIFICADOR VOLKSWAGEN ONIBUS 18320",null,"Media","UNIDADE","INTEGRAL","CUSTO FINALÍSTICO - MATERIAL","REPOSIÇÃO DE PEÇAS EM ESTOQUE DE MANUTENÇÃO DE 1º ESCALÃO DE VIATURAS",2,109.21,218.42]
["BASE",170,39,"MATERIAL P/ MANUTENCAO DE VEICULOS",25,"COMPONENTES DE VEÍCULOS",2590,"COMPONENTES DIVERSOS PARA VEÍCULOS","16805","COMPONENTES DIVERSOS PARA VEÍCULOS","FILTRO SEPARADOR DE DIESEL VOLKSWAGEN ONIBUS 18320",null,"Media","UNIDADE","INTEGRAL","CUSTO FINALÍSTICO - MATERIAL","REPOSIÇÃO DE PEÇAS EM ESTOQUE DE MANUTENÇÃO DE 1º ESCALÃO DE VIATURAS",2,71.56,143.12]
["BASE",171,39,"MATERIAL P/ MANUTENCAO DE VEICULOS",25,"COMPONENTES DE VEÍCULOS",2590,"COMPONENTES DIVERSOS PARA VEÍCULOS","16805","COMPONENTES DIVERSOS PARA VEÍCULOS","CORREIA POLI V VOLKSWAGEN ONIBUS 18320",null,"Baixa","UNIDADE","INTEGRAL","CUSTO FINALÍSTICO - MATERIAL","REPOSIÇÃO DE PEÇAS EM ESTOQUE DE MANUTENÇÃO DE 1º ESCALÃO DE VIATURAS",1,368.66,368.66]
["BASE",172,39,"MATERIAL P/ MANUTENCAO DE VEICULOS",25,"COMPONENTES DE VEÍCULOS",2590,"COMPONENTES DIVERSOS PARA VEÍCULOS","16805","COMPONENTES DIVERSOS PARA VEÍCULOS","LANTERNA REDONDA 12MM COMIL LED CRISTAL VOLKSWAGEN ONIBUS 18320",null,"Media","UNIDADE","INTEGRAL","CUSTO FINALÍSTICO - MATERIAL","REPOSIÇÃO DE PEÇAS EM ESTOQUE DE MANUTENÇÃO DE 1º ESCALÃO DE VIATURAS",2,114.75,229.5]
["BASE",173,39,"MATERIAL P/ MANUTENCAO DE VEICULOS",25,"COMPONENTES DE VEÍCULOS",2590,"COMPONENTES DIVERSOS PARA VEÍCULOS","16805","COMPONENTES DIVERSOS PARA VEÍCULOS","LANTERNA REDONDA 12MM COMIL LED VERMELHA VOLKSWAGEN ONIBUS 18320",null,"Media","UNIDADE","INTEGRAL","CUSTO FINALÍSTICO - MATERIAL","REPOSIÇÃO DE PEÇAS EM ESTOQUE DE MANUTENÇÃO DE 1º ESCALÃO DE VIATURAS",4,114.75,459]
["BASE",174,39,"MATERIAL P/ MANUTENCAO DE VEICULOS",25,"COMPONENTES DE VEÍCULOS",2590,"COMPONENTES DIVERSOS PARA VEÍCULOS","16805","COMPONENTES DIVERSOS PARA VEÍCULOS","LANTERNA REDONDA 12MM COMIL LED PISCA VOLKSWAGEN ONIBUS 18320",null,"Media","UNIDADE","INTEGRAL","CUSTO FINALÍSTICO - MATERIAL","REPOSIÇÃO DE PEÇAS EM ESTOQUE DE MANUTENÇÃO DE 1º ESCALÃO DE VIATURAS",2,114.75,229.5]
["BASE",175,39,"MATERIAL P/ MANUTENCAO DE VEICULOS",25,"COMPONENTES DE VEÍCULOS",2590,"COMPONENTES DIVERSOS PARA VEÍCULOS","16805","COMPONENTES DIVERSOS PARA VEÍCULOS","CORREIA DO MOTOR 100 . AX92  VOLKSWAGEN ONIBUS 18320",null,"Media","UNIDADE","INTEGRAL","CUSTO FINALÍSTICO - MATERIAL","REPOSIÇÃO DE PEÇAS EM ESTOQUE DE MANUTENÇÃO DE 1º ESCALÃO DE VIATURAS",2,225,450]
["BASE",176,39,"MATERIAL P/ MANUTENCAO DE VEICULOS",25,"COMPONENTES DE VEÍCULOS",2590,"COMPONENTES DIVERSOS PARA VEÍCULOS","16805","COMPONENTES DIVERSOS PARA VEÍCULOS","CORREIA DO MOTOR 100.1020  VOLKSWAGEN ONIBUS 18320",null,"Media","UNIDADE","INTEGRAL","CUSTO FINALÍSTICO - MATERIAL","REPOSIÇÃO DE PEÇAS EM ESTOQUE DE MANUTENÇÃO DE 1º ESCALÃO DE VIATURAS",2,60,120]
["BASE",177,39,"MATERIAL P/ MANUTENCAO DE VEICULOS",25,"COMPONENTES DE VEÍCULOS",2590,"COMPONENTES DIVERSOS PARA VEÍCULOS","16805","COMPONENTES DIVERSOS PARA VEÍCULOS","CORREIA DO MOTOR 100.8PK 1910",null,"Media","UNIDADE","INTEGRAL","CUSTO FINALÍSTICO - MATERIAL","REPOSIÇÃO DE PEÇAS EM ESTOQUE DE MANUTENÇÃO DE 1º ESCALÃO DE VIATURAS",1,170,170]
["BASE",178,39,"MATERIAL P/ MANUTENCAO DE VEICULOS",25,"COMPONENTES DE VEÍCULOS",2590,"COMPONENTES DIVERSOS PARA VEÍCULOS","16805","COMPONENTES DIVERSOS PARA VEÍCULOS","PALHETA LIMPADOR DO PARABRISA  VOLKSWAGEN ONIBUS 18320",null,"Media","UNIDADE","INTEGRAL","CUSTO FINALÍSTICO - MATERIAL","REPOSIÇÃO DE PEÇAS EM ESTOQUE DE MANUTENÇÃO DE 1º ESCALÃO DE VIATURAS",1,83.92,83.92]
["BASE",179,39,"MATERIAL P/ MANUTENCAO DE VEICULOS",25,"COMPONENTES DE VEÍCULOS",2590,"COMPONENTES DIVERSOS PARA VEÍCULOS","16805","COMPONENTES DIVERSOS PARA VEÍCULOS","FILTRO DE ÓLEO VOLKSWAGEN ONIBUS 8160",null,"Alta","UNIDADE","INTEGRAL","CUSTO FINALÍSTICO - MATERIAL","REPOSIÇÃO DE PEÇAS EM ESTOQUE DE MANUTENÇÃO DE 1º ESCALÃO DE VIATURAS",2,159,318]
["BASE",180,39,"MATERIAL P/ MANUTENCAO DE VEICULOS",25,"COMPONENTES DE VEÍCULOS",2590,"COMPONENTES DIVERSOS PARA VEÍCULOS","16805","COMPONENTES DIVERSOS PARA VEÍCULOS","FILTRO DE AR VOLKSWAGEN ONIBUS 8160",null,"Alta","UNIDADE","INTEGRAL","CUSTO FINALÍSTICO - MATERIAL","REPOSIÇÃO DE PEÇAS EM ESTOQUE DE MANUTENÇÃO DE 1º ESCALÃO DE VIATURAS",2,147.15,294.3]
["BASE",181,39,"MATERIAL P/ MANUTENCAO DE VEICULOS",25,"COMPONENTES DE VEÍCULOS",2590,"COMPONENTES DIVERSOS PARA VEÍCULOS","16805","COMPONENTES DIVERSOS PARA VEÍCULOS","FILTRO DE AR SECUNDÁRIO VOLKSWAGEN ONIBUS 8160",null,"Alta","UNIDADE","INTEGRAL","CUSTO FINALÍSTICO - MATERIAL","REPOSIÇÃO DE PEÇAS EM ESTOQUE DE MANUTENÇÃO DE 1º ESCALÃO DE VIATURAS",2,76,152]
["BASE",182,39,"MATERIAL P/ MANUTENCAO DE VEICULOS",25,"COMPONENTES DE VEÍCULOS",2590,"COMPONENTES DIVERSOS PARA VEÍCULOS","16805","COMPONENTES DIVERSOS PARA VEÍCULOS","FILTRO DE ÓLEO HIDRAULICO VOLKSWAGEN 8160",null,"Media","UNIDADE","INTEGRAL","CUSTO FINALÍSTICO - MATERIAL","REPOSIÇÃO DE PEÇAS EM ESTOQUE DE MANUTENÇÃO DE 1º ESCALÃO DE VIATURAS",1,24.99,24.99]
["BASE",183,39,"MATERIAL P/ MANUTENCAO DE VEICULOS",25,"COMPONENTES DE VEÍCULOS",2590,"COMPONENTES DIVERSOS PARA VEÍCULOS","16805","COMPONENTES DIVERSOS PARA VEÍCULOS","FILTRO SECADOR DE VÁLVULA  VOLKSWAGEN 8160",null,"Media","UNIDADE","INTEGRAL","CUSTO FINALÍSTICO - MATERIAL","REPOSIÇÃO DE PEÇAS EM ESTOQUE DE MANUTENÇÃO DE 1º ESCALÃO DE VIATURAS",1,179,179]
["BASE",184,39,"MATERIAL P/ MANUTENCAO DE VEICULOS",25,"COMPONENTES DE VEÍCULOS",2590,"COMPONENTES DIVERSOS PARA VEÍCULOS","16805","COMPONENTES DIVERSOS PARA VEÍCULOS","FILTRO DE ARLA VOLKSWAGEN 8160",null,"Media","UNIDADE","INTEGRAL","CUSTO FINALÍSTICO - MATERIAL","REPOSIÇÃO DE PEÇAS EM ESTOQUE DE MANUTENÇÃO DE 1º ESCALÃO DE VIATURAS",1,101.41,101.41]
["BASE",185,39,"MATERIAL P/ MANUTENCAO DE VEICULOS",25,"COMPONENTES DE VEÍCULOS",2590,"COMPONENTES DIVERSOS PARA VEÍCULOS","16805","COMPONENTES DIVERSOS PARA VEÍCULOS","PALHETA LIMPADOR DO PARABRISA VOLKSWAGEN 8160",null,"Media","JOGO","INTEGRAL","CUSTO FINALÍSTICO - MATERIAL","REPOSIÇÃO DE PEÇAS EM ESTOQUE DE MANUTENÇÃO DE 1º ESCALÃO DE VIATURAS",1,83.92,83.92]
["BASE",186,39,"MATERIAL P/ MANUTENCAO DE VEICULOS",25,"COMPONENTES DE VEÍCULOS",2590,"COMPONENTES DIVERSOS PARA VEÍCULOS","16805","COMPONENTES DIVERSOS PARA VEÍCULOS","LANTERNA REDONDA 12MM COMIL LED CRISTAL VOLKSWAGEN ONIBUS 18320",null,"Media","UNIDADE","INTEGRAL","CUSTO FINALÍSTICO - MATERIAL","REPOSIÇÃO DE PEÇAS EM ESTOQUE DE MANUTENÇÃO DE 1º ESCALÃO DE VIATURAS",2,114.75,229.5]
["BASE",187,39,"MATERIAL P/ MANUTENCAO DE VEICULOS",25,"COMPONENTES DE VEÍCULOS",2590,"COMPONENTES DIVERSOS PARA VEÍCULOS","16805","COMPONENTES DIVERSOS PARA VEÍCULOS","LANTERNA REDONDA 12MM COMIL LED VERMELHA VOLKSWAGEN ONIBUS 18320",null,"Media","UNIDADE","INTEGRAL","CUSTO FINALÍSTICO - MATERIAL","REPOSIÇÃO DE PEÇAS EM ESTOQUE DE MANUTENÇÃO DE 1º ESCALÃO DE VIATURAS",4,114.75,459]
["BASE",188,39,"MATERIAL P/ MANUTENCAO DE VEICULOS",25,"COMPONENTES DE VEÍCULOS",2590,"COMPONENTES DIVERSOS PARA VEÍCULOS","16805","COMPONENTES DIVERSOS PARA VEÍCULOS","LANTERNA REDONDA 12MM COMIL LED PISCA VOLKSWAGEN ONIBUS 18320",null,"Media","UNIDADE","INTEGRAL","CUSTO FINALÍSTICO - MATERIAL","REPOSIÇÃO DE PEÇAS EM ESTOQUE DE MANUTENÇÃO DE 1º ESCALÃO DE VIATURAS",2,114.75,229.5]
["BASE",189,39,"MATERIAL P/ MANUTENCAO DE VEICULOS",25,"COMPONENTES DE VEÍCULOS",2590,"COMPONENTES DIVERSOS PARA VEÍCULOS","16805","COMPONENTES DIVERSOS PARA VEÍCULOS","FILTRO DE ÓLEO VOLKSWAGEN ONIBUS 9160",null,"Alta","UNIDADE","INTEGRAL","CUSTO FINALÍSTICO - MATERIAL","REPOSIÇÃO DE PEÇAS EM ESTOQUE DE MANUTENÇÃO DE 1º ESCALÃO DE VIATURAS",2,120,240]
["BASE",190,39,"MATERIAL P/ MANUTENCAO DE VEICULOS",25,"COMPONENTES DE VEÍCULOS",2590,"COMPONENTES DIVERSOS PARA VEÍCULOS","16805","COMPONENTES DIVERSOS PARA VEÍCULOS","FILTRO DE AR VOLKSWAGEN ONIBUS 9160",null,"Alta","UNIDADE","INTEGRAL","CUSTO FINALÍSTICO - MATERIAL","REPOSIÇÃO DE PEÇAS EM ESTOQUE DE MANUTENÇÃO DE 1º ESCALÃO DE VIATURAS",2,98,196]
["BASE",191,39,"MATERIAL P/ MANUTENCAO DE VEICULOS",25,"COMPONENTES DE VEÍCULOS",2590,"COMPONENTES DIVERSOS PARA VEÍCULOS","16805","COMPONENTES DIVERSOS PARA VEÍCULOS","FILTRO DE COMBUSTÍVEL VOLKSWAGEN ONIBUS 9160",null,"Alta","UNIDADE","INTEGRAL","CUSTO FINALÍSTICO - MATERIAL","REPOSIÇÃO DE PEÇAS EM ESTOQUE DE MANUTENÇÃO DE 1º ESCALÃO DE VIATURAS",2,260,520]
["BASE",192,39,"MATERIAL P/ MANUTENCAO DE VEICULOS",25,"COMPONENTES DE VEÍCULOS",2590,"COMPONENTES DIVERSOS PARA VEÍCULOS","16805","COMPONENTES DIVERSOS PARA VEÍCULOS","FILTRO SEPARADOR VOLKSWAGEN 9160",null,"Alta","UNIDADE","INTEGRAL","CUSTO FINALÍSTICO - MATERIAL","REPOSIÇÃO DE PEÇAS EM ESTOQUE DE MANUTENÇÃO DE 1º ESCALÃO DE VIATURAS",2,120,240]
["BASE",193,39,"MATERIAL P/ MANUTENCAO DE VEICULOS",25,"COMPONENTES DE VEÍCULOS",2590,"COMPONENTES DIVERSOS PARA VEÍCULOS","16805","COMPONENTES DIVERSOS PARA VEÍCULOS","FILTRO DE ARLA VOLKSWAGEN 9160",null,"Alta","UNIDADE","INTEGRAL","CUSTO FINALÍSTICO - MATERIAL","REPOSIÇÃO DE PEÇAS EM ESTOQUE DE MANUTENÇÃO DE 1º ESCALÃO DE VIATURAS",2,96.9,193.8]
["BASE",194,39,"MATERIAL P/ MANUTENCAO DE VEICULOS",25,"COMPONENTES DE VEÍCULOS",2590,"COMPONENTES DIVERSOS PARA VEÍCULOS","16805","COMPONENTES DIVERSOS PARA VEÍCULOS","PALHETA LIMPADOR DO PARABRISA VOLKSWAGEN 9160",null,"Media","JOGO","INTEGRAL","CUSTO FINALÍSTICO - MATERIAL","REPOSIÇÃO DE PEÇAS EM ESTOQUE DE MANUTENÇÃO DE 1º ESCALÃO DE VIATURAS",1,89.9,89.9]
["BASE",195,39,"MATERIAL P/ MANUTENCAO DE VEICULOS",25,"COMPONENTES DE VEÍCULOS",2590,"COMPONENTES DIVERSOS PARA VEÍCULOS","16805","COMPONENTES DIVERSOS PARA VEÍCULOS","FILTRO DE ÓLEO HILUX 3.0 16V",null,"Alta","UNIDADE","INTEGRAL","CUSTO FINALÍSTICO - MATERIAL","REPOSIÇÃO DE PEÇAS EM ESTOQUE DE MANUTENÇÃO DE 1º ESCALÃO DE VIATURAS",6,40,240]
["BASE",196,39,"MATERIAL P/ MANUTENCAO DE VEICULOS",25,"COMPONENTES DE VEÍCULOS",2590,"COMPONENTES DIVERSOS PARA VEÍCULOS","16805","COMPONENTES DIVERSOS PARA VEÍCULOS","FILTRO DE AR HILUX 3.0 16V",null,"Alta","UNIDADE","INTEGRAL","CUSTO FINALÍSTICO - MATERIAL","REPOSIÇÃO DE PEÇAS EM ESTOQUE DE MANUTENÇÃO DE 1º ESCALÃO DE VIATURAS",6,70.989999999999995,425.94]
["BASE",197,39,"MATERIAL P/ MANUTENCAO DE VEICULOS",25,"COMPONENTES DE VEÍCULOS",2590,"COMPONENTES DIVERSOS PARA VEÍCULOS","16805","COMPONENTES DIVERSOS PARA VEÍCULOS","FILTRO DE COMBUSTÍVEL HILUX 3.0 16V",null,"Alta","UNIDADE","INTEGRAL","CUSTO FINALÍSTICO - MATERIAL","REPOSIÇÃO DE PEÇAS EM ESTOQUE DE MANUTENÇÃO DE 1º ESCALÃO DE VIATURAS",6,57.85,347.1]
["BASE",198,39,"MATERIAL P/ MANUTENCAO DE VEICULOS",25,"COMPONENTES DE VEÍCULOS",2590,"COMPONENTES DIVERSOS PARA VEÍCULOS","16805","COMPONENTES DIVERSOS PARA VEÍCULOS","FILTRO DE COMBUSTÍVEL SECUNDÁRIO HILUX 3.0 16V",null,"Media","UNIDADE","INTEGRAL","CUSTO FINALÍSTICO - MATERIAL","REPOSIÇÃO DE PEÇAS EM ESTOQUE DE MANUTENÇÃO DE 1º ESCALÃO DE VIATURAS",3,57.8,173.4]
["BASE",199,39,"MATERIAL P/ MANUTENCAO DE VEICULOS",25,"COMPONENTES DE VEÍCULOS",2590,"COMPONENTES DIVERSOS PARA VEÍCULOS","16805","COMPONENTES DIVERSOS PARA VEÍCULOS","PASTILHA DE FREIO DIANTEIRO HILUX 3.0 16V",null,"Media","JOGO","INTEGRAL","CUSTO FINALÍSTICO - MATERIAL","REPOSIÇÃO DE PEÇAS EM ESTOQUE DE MANUTENÇÃO DE 1º ESCALÃO DE VIATURAS",3,196,588]
["BASE",200,39,"MATERIAL P/ MANUTENCAO DE VEICULOS",25,"COMPONENTES DE VEÍCULOS",2590,"COMPONENTES DIVERSOS PARA VEÍCULOS","16805","COMPONENTES DIVERSOS PARA VEÍCULOS","DISCO DE FREIO DIANTEIRO HILUX 3.0 16V",null,"Media","JOGO","INTEGRAL","CUSTO FINALÍSTICO - MATERIAL","REPOSIÇÃO DE PEÇAS EM ESTOQUE DE MANUTENÇÃO DE 1º ESCALÃO DE VIATURAS",3,370,1110]
["BASE",201,39,"MATERIAL P/ MANUTENCAO DE VEICULOS",25,"COMPONENTES DE VEÍCULOS",2590,"COMPONENTES DIVERSOS PARA VEÍCULOS","16805","COMPONENTES DIVERSOS PARA VEÍCULOS","PALHETA LIMPADOR DO PARABRISA HILUX 3.0 16V",null,"Media","JOGO","INTEGRAL","CUSTO FINALÍSTICO - MATERIAL","REPOSIÇÃO DE PEÇAS EM ESTOQUE DE MANUTENÇÃO DE 1º ESCALÃO DE VIATURAS",3,69.8,209.4]
["BASE",202,39,"MATERIAL P/ MANUTENCAO DE VEICULOS",25,"COMPONENTES DE VEÍCULOS",2590,"COMPONENTES DIVERSOS PARA VEÍCULOS","16805","COMPONENTES DIVERSOS PARA VEÍCULOS","FILTRO DE ÓLEO LAND ROVER DEFENDER 2.5 110",null,"Alta","UNIDADE","INTEGRAL","CUSTO FINALÍSTICO - MATERIAL","REPOSIÇÃO DE PEÇAS EM ESTOQUE DE MANUTENÇÃO DE 1º ESCALÃO DE VIATURAS",2,28.9,57.8]
["BASE",203,39,"MATERIAL P/ MANUTENCAO DE VEICULOS",25,"COMPONENTES DE VEÍCULOS",2590,"COMPONENTES DIVERSOS PARA VEÍCULOS","16805","COMPONENTES DIVERSOS PARA VEÍCULOS","FILTRO DE AR LAND ROVER DEFENDER 2.5 110",null,"Alta","UNIDADE","INTEGRAL","CUSTO FINALÍSTICO - MATERIAL","REPOSIÇÃO DE PEÇAS EM ESTOQUE DE MANUTENÇÃO DE 1º ESCALÃO DE VIATURAS",2,53.95,107.9]
["BASE",204,39,"MATERIAL P/ MANUTENCAO DE VEICULOS",25,"COMPONENTES DE VEÍCULOS",2590,"COMPONENTES DIVERSOS PARA VEÍCULOS","16805","COMPONENTES DIVERSOS PARA VEÍCULOS","FILTRO DE COMBUSTÍVEL LAND ROVER 2.5 110",null,"Alta","UNIDADE","INTEGRAL","CUSTO FINALÍSTICO - MATERIAL","REPOSIÇÃO DE PEÇAS EM ESTOQUE DE MANUTENÇÃO DE 1º ESCALÃO DE VIATURAS",2,31.98,63.96]
["BASE",205,39,"MATERIAL P/ MANUTENCAO DE VEICULOS",25,"COMPONENTES DE VEÍCULOS",2590,"COMPONENTES DIVERSOS PARA VEÍCULOS","16805","COMPONENTES DIVERSOS PARA VEÍCULOS","PALHETA LIMPADOR DO PARABRISA LAND ROVER DEFENDER 2.5 110",null,"Media","JOGO","INTEGRAL","CUSTO FINALÍSTICO - MATERIAL","REPOSIÇÃO DE PEÇAS EM ESTOQUE DE MANUTENÇÃO DE 1º ESCALÃO DE VIATURAS",1,120,120]
["BASE",206,39,"MATERIAL P/ MANUTENCAO DE VEICULOS",25,"COMPONENTES DE VEÍCULOS",2590,"COMPONENTES DIVERSOS PARA VEÍCULOS","16805","COMPONENTES DIVERSOS PARA VEÍCULOS","PASTILHA DE FREIO DIANTEIRO LAND ROVER DEFENDER 2.5 110",null,"Media","JOGO","INTEGRAL","CUSTO FINALÍSTICO - MATERIAL","REPOSIÇÃO DE PEÇAS EM ESTOQUE DE MANUTENÇÃO DE 1º ESCALÃO DE VIATURAS",1,75,75]
["BASE",207,39,"MATERIAL P/ MANUTENCAO DE VEICULOS",25,"COMPONENTES DE VEÍCULOS",2590,"COMPONENTES DIVERSOS PARA VEÍCULOS","16805","COMPONENTES DIVERSOS PARA VEÍCULOS","PASTILHA DE FREIO TRASEIRO LAND ROVER DEFENDER 2.5 110",null,"Media","JOGO","INTEGRAL","CUSTO FINALÍSTICO - MATERIAL","REPOSIÇÃO DE PEÇAS EM ESTOQUE DE MANUTENÇÃO DE 1º ESCALÃO DE VIATURAS",1,52.5,52.5]
["BASE",208,39,"MATERIAL P/ MANUTENCAO DE VEICULOS",25,"COMPONENTES DE VEÍCULOS",2590,"COMPONENTES DIVERSOS PARA VEÍCULOS","16805","COMPONENTES DIVERSOS PARA VEÍCULOS","DISCO DE FREIO DIANTEIRO LAND ROVER DEFENDER 2.5 110",null,"Baixa","JOGO","INTEGRAL","CUSTO FINALÍSTICO - MATERIAL","REPOSIÇÃO DE PEÇAS EM ESTOQUE DE MANUTENÇÃO DE 1º ESCALÃO DE VIATURAS",1,347.9,347.9]
["BASE",209,39,"MATERIAL P/ MANUTENCAO DE VEICULOS",25,"COMPONENTES DE VEÍCULOS",2590,"COMPONENTES DIVERSOS PARA VEÍCULOS","16805","COMPONENTES DIVERSOS PARA VEÍCULOS","DISCO DE FREIO TRASEIRO LAND ROVER DEFENDER 2.5 110",null,"Baixa","JOGO","INTEGRAL","CUSTO FINALÍSTICO - MATERIAL","REPOSIÇÃO DE PEÇAS EM ESTOQUE DE MANUTENÇÃO DE 1º ESCALÃO DE VIATURAS",1,384,384]
["BASE",210,39,"MATERIAL P/ MANUTENCAO DE VEICULOS",25,"COMPONENTES DE VEÍCULOS",2590,"COMPONENTES DIVERSOS PARA VEÍCULOS","16805","COMPONENTES DIVERSOS PARA VEÍCULOS","FILTRO DE ÓLEO VOLVO B270F",null,"Alta","UNIDADE","INTEGRAL","CUSTO FINALÍSTICO - MATERIAL","REPOSIÇÃO DE PEÇAS EM ESTOQUE DE MANUTENÇÃO DE 1º ESCALÃO DE VIATURAS",2,138.55000000000001,277.10000000000002]
["BASE",211,39,"MATERIAL P/ MANUTENCAO DE VEICULOS",25,"COMPONENTES DE VEÍCULOS",2590,"COMPONENTES DIVERSOS PARA VEÍCULOS","16805","COMPONENTES DIVERSOS PARA VEÍCULOS","FILTRO DE AR VOLVO B270F",null,"Alta","UNIDADE","INTEGRAL","CUSTO FINALÍSTICO - MATERIAL","REPOSIÇÃO DE PEÇAS EM ESTOQUE DE MANUTENÇÃO DE 1º ESCALÃO DE VIATURAS",2,293.89999999999998,587.79999999999995]
["BASE",212,39,"MATERIAL P/ MANUTENCAO DE VEICULOS",25,"COMPONENTES DE VEÍCULOS",2590,"COMPONENTES DIVERSOS PARA VEÍCULOS","16805","COMPONENTES DIVERSOS PARA VEÍCULOS","FILTRO DE COMBUSTÍVEL VOLVO B270F",null,"Alta","UNIDADE","INTEGRAL","CUSTO FINALÍSTICO - MATERIAL","REPOSIÇÃO DE PEÇAS EM ESTOQUE DE MANUTENÇÃO DE 1º ESCALÃO DE VIATURAS",2,155.99,311.98]
["BASE",213,39,"MATERIAL P/ MANUTENCAO DE VEICULOS",25,"COMPONENTES DE VEÍCULOS",2590,"COMPONENTES DIVERSOS PARA VEÍCULOS","16805","COMPONENTES DIVERSOS PARA VEÍCULOS","FILTRO SEPARADOR DE ÁGUA VOLVO B270F",null,"Alta","UNIDADE","INTEGRAL","CUSTO FINALÍSTICO - MATERIAL","REPOSIÇÃO DE PEÇAS EM ESTOQUE DE MANUTENÇÃO DE 1º ESCALÃO DE VIATURAS",2,151.31,302.62]
["BASE",214,39,"MATERIAL P/ MANUTENCAO DE VEICULOS",25,"COMPONENTES DE VEÍCULOS",2590,"COMPONENTES DIVERSOS PARA VEÍCULOS","16805","COMPONENTES DIVERSOS PARA VEÍCULOS","PALHETA LIMPADOR DO PARABRISA VOLVO B270F",null,"Media","JOGO","INTEGRAL","CUSTO FINALÍSTICO - MATERIAL","REPOSIÇÃO DE PEÇAS EM ESTOQUE DE MANUTENÇÃO DE 1º ESCALÃO DE VIATURAS",1,132.79,132.79]
["BASE",215,39,"MATERIAL P/ MANUTENCAO DE VEICULOS",25,"COMPONENTES DE VEÍCULOS",2590,"COMPONENTES DIVERSOS PARA VEÍCULOS","16805","COMPONENTES DIVERSOS PARA VEÍCULOS","LANTERNA REDONDA 12MM COMIL LED CRISTAL VOLVO B270F",null,"Media","UNIDADE","INTEGRAL","CUSTO FINALÍSTICO - MATERIAL","REPOSIÇÃO DE PEÇAS EM ESTOQUE DE MANUTENÇÃO DE 1º ESCALÃO DE VIATURAS",2,114.75,229.5]
["BASE",216,39,"MATERIAL P/ MANUTENCAO DE VEICULOS",25,"COMPONENTES DE VEÍCULOS",2590,"COMPONENTES DIVERSOS PARA VEÍCULOS","16805","COMPONENTES DIVERSOS PARA VEÍCULOS","LANTERNA REDONDA 12MM COMIL LED VERMELHA VOLVO B270F",null,"Media","UNIDADE","INTEGRAL","CUSTO FINALÍSTICO - MATERIAL","REPOSIÇÃO DE PEÇAS EM ESTOQUE DE MANUTENÇÃO DE 1º ESCALÃO DE VIATURAS",4,114.75,459]
["BASE",217,39,"MATERIAL P/ MANUTENCAO DE VEICULOS",25,"COMPONENTES DE VEÍCULOS",2590,"COMPONENTES DIVERSOS PARA VEÍCULOS","16805","COMPONENTES DIVERSOS PARA VEÍCULOS","LANTERNA REDONDA 12MM COMIL LED PISCA VOLVO B270F",null,"Media","UNIDADE","INTEGRAL","CUSTO FINALÍSTICO - MATERIAL","REPOSIÇÃO DE PEÇAS EM ESTOQUE DE MANUTENÇÃO DE 1º ESCALÃO DE VIATURAS",2,114.75,229.5]
["BASE",218,39,"MATERIAL P/ MANUTENCAO DE VEICULOS",25,"COMPONENTES DE VEÍCULOS",2590,"COMPONENTES DIVERSOS PARA VEÍCULOS","16805","COMPONENTES DIVERSOS PARA VEÍCULOS","FILTRO DE ÓLEO FORD RANGER 3.0",null,"Alta","UNIDADE","INTEGRAL","CUSTO FINALÍSTICO - MATERIAL","REPOSIÇÃO DE PEÇAS EM ESTOQUE DE MANUTENÇÃO DE 1º ESCALÃO DE VIATURAS",4,52.9,211.6]
["BASE",219,39,"MATERIAL P/ MANUTENCAO DE VEICULOS",25,"COMPONENTES DE VEÍCULOS",2590,"COMPONENTES DIVERSOS PARA VEÍCULOS","16805","COMPONENTES DIVERSOS PARA VEÍCULOS","FILTRO DE AR FORD RANGER 3.0",null,"Alta","UNIDADE","INTEGRAL","CUSTO FINALÍSTICO - MATERIAL","REPOSIÇÃO DE PEÇAS EM ESTOQUE DE MANUTENÇÃO DE 1º ESCALÃO DE VIATURAS",4,68,272]
["BASE",220,39,"MATERIAL P/ MANUTENCAO DE VEICULOS",25,"COMPONENTES DE VEÍCULOS",2590,"COMPONENTES DIVERSOS PARA VEÍCULOS","16805","COMPONENTES DIVERSOS PARA VEÍCULOS","FILTRO DE COMBUSTÍVEL FORD RANGER 3.0",null,"Alta","UNIDADE","INTEGRAL","CUSTO FINALÍSTICO - MATERIAL","REPOSIÇÃO DE PEÇAS EM ESTOQUE DE MANUTENÇÃO DE 1º ESCALÃO DE VIATURAS",4,61.9,247.6]
["BASE",221,39,"MATERIAL P/ MANUTENCAO DE VEICULOS",25,"COMPONENTES DE VEÍCULOS",2590,"COMPONENTES DIVERSOS PARA VEÍCULOS","16805","COMPONENTES DIVERSOS PARA VEÍCULOS","FILTRO DE COMBUSTÍVEL SECUNDÁRIO FORD RANGER 3.0",null,"Alta","UNIDADE","INTEGRAL","CUSTO FINALÍSTICO - MATERIAL","REPOSIÇÃO DE PEÇAS EM ESTOQUE DE MANUTENÇÃO DE 1º ESCALÃO DE VIATURAS",4,44,176]
["BASE",222,39,"MATERIAL P/ MANUTENCAO DE VEICULOS",25,"COMPONENTES DE VEÍCULOS",2590,"COMPONENTES DIVERSOS PARA VEÍCULOS","16805","COMPONENTES DIVERSOS PARA VEÍCULOS","PASTILHA DE FREIO DIANTEIRO FORD RANGER 3.0",null,"Media","JOGO","INTEGRAL","CUSTO FINALÍSTICO - MATERIAL","REPOSIÇÃO DE PEÇAS EM ESTOQUE DE MANUTENÇÃO DE 1º ESCALÃO DE VIATURAS",2,188.96,377.92]
["BASE",223,39,"MATERIAL P/ MANUTENCAO DE VEICULOS",25,"COMPONENTES DE VEÍCULOS",2590,"COMPONENTES DIVERSOS PARA VEÍCULOS","16805","COMPONENTES DIVERSOS PARA VEÍCULOS","DISCO DE FREIO FORD RANGER 3.0",null,"Media","JOGO","INTEGRAL","CUSTO FINALÍSTICO - MATERIAL","REPOSIÇÃO DE PEÇAS EM ESTOQUE DE MANUTENÇÃO DE 1º ESCALÃO DE VIATURAS",2,320,640]
["BASE",224,39,"MATERIAL P/ MANUTENCAO DE VEICULOS",25,"COMPONENTES DE VEÍCULOS",2590,"COMPONENTES DIVERSOS PARA VEÍCULOS","16805","COMPONENTES DIVERSOS PARA VEÍCULOS","CORREIA DO MOTOR MAIS TENSIONADOR FORD RANGER 3.0",null,"Baixa","JOGO","INTEGRAL","CUSTO FINALÍSTICO - MATERIAL","REPOSIÇÃO DE PEÇAS EM ESTOQUE DE MANUTENÇÃO DE 1º ESCALÃO DE VIATURAS",2,293,586]
["BASE",225,39,"MATERIAL P/ MANUTENCAO DE VEICULOS",25,"COMPONENTES DE VEÍCULOS",2590,"COMPONENTES DIVERSOS PARA VEÍCULOS","16805","COMPONENTES DIVERSOS PARA VEÍCULOS","PALHETA LIMPADOR DO PARABRISA FORD RANGER 3.0",null,"Baixa","JOGO","INTEGRAL","CUSTO FINALÍSTICO - MATERIAL","REPOSIÇÃO DE PEÇAS EM ESTOQUE DE MANUTENÇÃO DE 1º ESCALÃO DE VIATURAS",3,58.9,176.7]
["BASE",226,39,"MATERIAL P/ MANUTENCAO DE VEICULOS",25,"COMPONENTES DE VEÍCULOS",2590,"COMPONENTES DIVERSOS PARA VEÍCULOS","16805","COMPONENTES DIVERSOS PARA VEÍCULOS","FILTRO DE ÓLEO SSANGYOUNG 2.0",null,"Alta","UNIDADE","INTEGRAL","CUSTO FINALÍSTICO - MATERIAL","REPOSIÇÃO DE PEÇAS EM ESTOQUE DE MANUTENÇÃO DE 1º ESCALÃO DE VIATURAS",4,97.42,389.68]
["BASE",227,39,"MATERIAL P/ MANUTENCAO DE VEICULOS",25,"COMPONENTES DE VEÍCULOS",2590,"COMPONENTES DIVERSOS PARA VEÍCULOS","16805","COMPONENTES DIVERSOS PARA VEÍCULOS","FILTRO DE AR SSANGYOUNG 2.0 TURBO",null,"Alta","UNIDADE","INTEGRAL","CUSTO FINALÍSTICO - MATERIAL","REPOSIÇÃO DE PEÇAS EM ESTOQUE DE MANUTENÇÃO DE 1º ESCALÃO DE VIATURAS",4,95.35,381.4]
["BASE",228,39,"MATERIAL P/ MANUTENCAO DE VEICULOS",25,"COMPONENTES DE VEÍCULOS",2590,"COMPONENTES DIVERSOS PARA VEÍCULOS","16805","COMPONENTES DIVERSOS PARA VEÍCULOS","FILTRO DE AR CONDICIONADO SSANGYOUNG 2.0 TURBO",null,"Alta","UNIDADE","INTEGRAL","CUSTO FINALÍSTICO - MATERIAL","REPOSIÇÃO DE PEÇAS EM ESTOQUE DE MANUTENÇÃO DE 1º ESCALÃO DE VIATURAS",4,45,180]
["BASE",229,39,"MATERIAL P/ MANUTENCAO DE VEICULOS",25,"COMPONENTES DE VEÍCULOS",2590,"COMPONENTES DIVERSOS PARA VEÍCULOS","16805","COMPONENTES DIVERSOS PARA VEÍCULOS","FILTRO DE COMBUSTÍVEL SSANGYOUNG 2.0 TURBO",null,"Alta","UNIDADE","INTEGRAL","CUSTO FINALÍSTICO - MATERIAL","REPOSIÇÃO DE PEÇAS EM ESTOQUE DE MANUTENÇÃO DE 1º ESCALÃO DE VIATURAS",4,118,472]
["BASE",230,39,"MATERIAL P/ MANUTENCAO DE VEICULOS",25,"COMPONENTES DE VEÍCULOS",2590,"COMPONENTES DIVERSOS PARA VEÍCULOS","16805","COMPONENTES DIVERSOS PARA VEÍCULOS","PASTILHA DE FREIO SSANGYOUNG 2.0 TURBO",null,"Media","JOGO","INTEGRAL","CUSTO FINALÍSTICO - MATERIAL","REPOSIÇÃO DE PEÇAS EM ESTOQUE DE MANUTENÇÃO DE 1º ESCALÃO DE VIATURAS",2,278.44,556.88]
["BASE",231,39,"MATERIAL P/ MANUTENCAO DE VEICULOS",25,"COMPONENTES DE VEÍCULOS",2590,"COMPONENTES DIVERSOS PARA VEÍCULOS","16805","COMPONENTES DIVERSOS PARA VEÍCULOS","DISCO DE FREIO SSANGYOUNG 2.0 TURBO",null,"Baixa","JOGO","INTEGRAL","CUSTO FINALÍSTICO - MATERIAL","REPOSIÇÃO DE PEÇAS EM ESTOQUE DE MANUTENÇÃO DE 1º ESCALÃO DE VIATURAS",2,448,896]
["BASE",232,39,"MATERIAL P/ MANUTENCAO DE VEICULOS",25,"COMPONENTES DE VEÍCULOS",2590,"COMPONENTES DIVERSOS PARA VEÍCULOS","16805","COMPONENTES DIVERSOS PARA VEÍCULOS","PASTILHA DE FREIO TRASEIRO SSANGYOUNG 2.0 TURBO",null,"Baixa","JOGO","INTEGRAL","CUSTO FINALÍSTICO - MATERIAL","REPOSIÇÃO DE PEÇAS EM ESTOQUE DE MANUTENÇÃO DE 1º ESCALÃO DE VIATURAS",2,119.35,238.7]
["BASE",233,39,"MATERIAL P/ MANUTENCAO DE VEICULOS",25,"COMPONENTES DE VEÍCULOS",2590,"COMPONENTES DIVERSOS PARA VEÍCULOS","16805","COMPONENTES DIVERSOS PARA VEÍCULOS","PALHETA LIMPADOR DO PARABRISA SSANGYOUNG 2.0 TURBO",null,"Media","JOGO","INTEGRAL","CUSTO FINALÍSTICO - MATERIAL","REPOSIÇÃO DE PEÇAS EM ESTOQUE DE MANUTENÇÃO DE 1º ESCALÃO DE VIATURAS",4,80.66,322.64]
["BASE",234,39,"MATERIAL P/ MANUTENCAO DE VEICULOS",25,"COMPONENTES DE VEÍCULOS",2590,"COMPONENTES DIVERSOS PARA VEÍCULOS","16805","COMPONENTES DIVERSOS PARA VEÍCULOS","FILTRO DE ÓLEO TRAILBLAZER 2.8 TURBO",null,"Alta","UNIDADE","INTEGRAL","CUSTO FINALÍSTICO - MATERIAL","REPOSIÇÃO DE PEÇAS EM ESTOQUE DE MANUTENÇÃO DE 1º ESCALÃO DE VIATURAS",2,98.48,196.96]
["BASE",235,39,"MATERIAL P/ MANUTENCAO DE VEICULOS",25,"COMPONENTES DE VEÍCULOS",2590,"COMPONENTES DIVERSOS PARA VEÍCULOS","16805","COMPONENTES DIVERSOS PARA VEÍCULOS","FILTRO DE AR TRAILBLAZER 2.8 TURBO",null,"Alta","UNIDADE","INTEGRAL","CUSTO FINALÍSTICO - MATERIAL","REPOSIÇÃO DE PEÇAS EM ESTOQUE DE MANUTENÇÃO DE 1º ESCALÃO DE VIATURAS",2,63.88,127.76]
["BASE",236,39,"MATERIAL P/ MANUTENCAO DE VEICULOS",25,"COMPONENTES DE VEÍCULOS",2590,"COMPONENTES DIVERSOS PARA VEÍCULOS","16805","COMPONENTES DIVERSOS PARA VEÍCULOS","FILTRO DE AR CONDICIONADO TRAILBLAZER 2.8 TURBO",null,"Alta","UNIDADE","INTEGRAL","CUSTO FINALÍSTICO - MATERIAL","REPOSIÇÃO DE PEÇAS EM ESTOQUE DE MANUTENÇÃO DE 1º ESCALÃO DE VIATURAS",2,54.3,108.6]
["BASE",237,39,"MATERIAL P/ MANUTENCAO DE VEICULOS",25,"COMPONENTES DE VEÍCULOS",2590,"COMPONENTES DIVERSOS PARA VEÍCULOS","16805","COMPONENTES DIVERSOS PARA VEÍCULOS","FILTRO DE COMBUSTÍVEL TRAILBLAZER 2.8 TURBO",null,"Alta","UNIDADE","INTEGRAL","CUSTO FINALÍSTICO - MATERIAL","REPOSIÇÃO DE PEÇAS EM ESTOQUE DE MANUTENÇÃO DE 1º ESCALÃO DE VIATURAS",2,165,330]
["BASE",238,39,"MATERIAL P/ MANUTENCAO DE VEICULOS",25,"COMPONENTES DE VEÍCULOS",2590,"COMPONENTES DIVERSOS PARA VEÍCULOS","16805","COMPONENTES DIVERSOS PARA VEÍCULOS","PASTILHA DE FREIO TRAILBLAZER 2.8 TURBO",null,"Media","JOGO","INTEGRAL","CUSTO FINALÍSTICO - MATERIAL","REPOSIÇÃO DE PEÇAS EM ESTOQUE DE MANUTENÇÃO DE 1º ESCALÃO DE VIATURAS",1,210,210]
["BASE",239,39,"MATERIAL P/ MANUTENCAO DE VEICULOS",25,"COMPONENTES DE VEÍCULOS",2590,"COMPONENTES DIVERSOS PARA VEÍCULOS","16805","COMPONENTES DIVERSOS PARA VEÍCULOS","PASTILHA DE FREIO TRASEIRO TRAILBLAZER 2.8 TURBO",null,"Media","JOGO","INTEGRAL","CUSTO FINALÍSTICO - MATERIAL","REPOSIÇÃO DE PEÇAS EM ESTOQUE DE MANUTENÇÃO DE 1º ESCALÃO DE VIATURAS",1,179.9,179.9]
["BASE",240,39,"MATERIAL P/ MANUTENCAO DE VEICULOS",25,"COMPONENTES DE VEÍCULOS",2590,"COMPONENTES DIVERSOS PARA VEÍCULOS","16805","COMPONENTES DIVERSOS PARA VEÍCULOS","DISCO DE FREIO TRASEIRO TRAILBLAZER 2.8 TURBO",null,"Baixa","JOGO","INTEGRAL","CUSTO FINALÍSTICO - MATERIAL","REPOSIÇÃO DE PEÇAS EM ESTOQUE DE MANUTENÇÃO DE 1º ESCALÃO DE VIATURAS",1,348.98,348.98]
["BASE",241,39,"MATERIAL P/ MANUTENCAO DE VEICULOS",25,"COMPONENTES DE VEÍCULOS",2590,"COMPONENTES DIVERSOS PARA VEÍCULOS","16805","COMPONENTES DIVERSOS PARA VEÍCULOS","DISCO DE FREIO DIANTEIRO TRAILBLAZER 2.8 TURBO",null,"Baixa","JOGO","INTEGRAL","CUSTO FINALÍSTICO - MATERIAL","REPOSIÇÃO DE PEÇAS EM ESTOQUE DE MANUTENÇÃO DE 1º ESCALÃO DE VIATURAS",1,419.68,419.68]
["BASE",242,39,"MATERIAL P/ MANUTENCAO DE VEICULOS",25,"COMPONENTES DE VEÍCULOS",2590,"COMPONENTES DIVERSOS PARA VEÍCULOS","16805","COMPONENTES DIVERSOS PARA VEÍCULOS","PALHETA LIMPADOR DO PARABRISA TRAILBLAZER 2.8 TURBO",null,"Baixa","JOGO","INTEGRAL","CUSTO FINALÍSTICO - MATERIAL","REPOSIÇÃO DE PEÇAS EM ESTOQUE DE MANUTENÇÃO DE 1º ESCALÃO DE VIATURAS",2,75.48,150.96]
["BASE",243,39,"MATERIAL P/ MANUTENCAO DE VEICULOS",25,"COMPONENTES DE VEÍCULOS",2590,"COMPONENTES DIVERSOS PARA VEÍCULOS","16805","COMPONENTES DIVERSOS PARA VEÍCULOS","FILTRO DE ÓLEO BLAZER 2.4 GASOLINA",null,"Alta","UNIDADE","INTEGRAL","CUSTO FINALÍSTICO - MATERIAL","REPOSIÇÃO DE PEÇAS EM ESTOQUE DE MANUTENÇÃO DE 1º ESCALÃO DE VIATURAS",2,41.05,82.1]
["BASE",244,39,"MATERIAL P/ MANUTENCAO DE VEICULOS",25,"COMPONENTES DE VEÍCULOS",2590,"COMPONENTES DIVERSOS PARA VEÍCULOS","16805","COMPONENTES DIVERSOS PARA VEÍCULOS","FILTRO DE AR BLAZER 2.4 GASOLINA",null,"Alta","UNIDADE","INTEGRAL","CUSTO FINALÍSTICO - MATERIAL","REPOSIÇÃO DE PEÇAS EM ESTOQUE DE MANUTENÇÃO DE 1º ESCALÃO DE VIATURAS",2,52.69,105.38]
["BASE",245,39,"MATERIAL P/ MANUTENCAO DE VEICULOS",25,"COMPONENTES DE VEÍCULOS",2590,"COMPONENTES DIVERSOS PARA VEÍCULOS","16805","COMPONENTES DIVERSOS PARA VEÍCULOS","FILTRO DE GASOLINA BLAZER 2.4 GASOLINA",null,"Alta","UNIDADE","INTEGRAL","CUSTO FINALÍSTICO - MATERIAL","REPOSIÇÃO DE PEÇAS EM ESTOQUE DE MANUTENÇÃO DE 1º ESCALÃO DE VIATURAS",2,41,82]
["BASE",246,39,"MATERIAL P/ MANUTENCAO DE VEICULOS",25,"COMPONENTES DE VEÍCULOS",2590,"COMPONENTES DIVERSOS PARA VEÍCULOS","16805","COMPONENTES DIVERSOS PARA VEÍCULOS","PASTILHA DE FREIO DIANTEIRO BLAZER 2.4 GASOLINA",null,"Media","JOGO","INTEGRAL","CUSTO FINALÍSTICO - MATERIAL","REPOSIÇÃO DE PEÇAS EM ESTOQUE DE MANUTENÇÃO DE 1º ESCALÃO DE VIATURAS",1,90.12,90.12]
["BASE",247,39,"MATERIAL P/ MANUTENCAO DE VEICULOS",25,"COMPONENTES DE VEÍCULOS",2590,"COMPONENTES DIVERSOS PARA VEÍCULOS","16805","COMPONENTES DIVERSOS PARA VEÍCULOS","CORREIA DENTADA COM TENSIONADOR BLAZER 2.4 GASOLINA",null,"Baixa","UNIDADE","INTEGRAL","CUSTO FINALÍSTICO - MATERIAL","REPOSIÇÃO DE PEÇAS EM ESTOQUE DE MANUTENÇÃO DE 1º ESCALÃO DE VIATURAS",1,202.74,202.74]
["BASE",248,39,"MATERIAL P/ MANUTENCAO DE VEICULOS",25,"COMPONENTES DE VEÍCULOS",2590,"COMPONENTES DIVERSOS PARA VEÍCULOS","16805","COMPONENTES DIVERSOS PARA VEÍCULOS","JOGO DE VELA BLAZER 2.4 GASOLINA",null,"Baixa","JOGO","INTEGRAL","CUSTO FINALÍSTICO - MATERIAL","REPOSIÇÃO DE PEÇAS EM ESTOQUE DE MANUTENÇÃO DE 1º ESCALÃO DE VIATURAS",2,63.9,127.8]
["BASE",249,39,"MATERIAL P/ MANUTENCAO DE VEICULOS",25,"COMPONENTES DE VEÍCULOS",2590,"COMPONENTES DIVERSOS PARA VEÍCULOS","16805","COMPONENTES DIVERSOS PARA VEÍCULOS","DISCO DE FREIO BLAZER 2.4 GASOLINA",null,"Baixa","JOGO","INTEGRAL","CUSTO FINALÍSTICO - MATERIAL","REPOSIÇÃO DE PEÇAS EM ESTOQUE DE MANUTENÇÃO DE 1º ESCALÃO DE VIATURAS",1,107.06,107.06]
["BASE",250,39,"MATERIAL P/ MANUTENCAO DE VEICULOS",25,"COMPONENTES DE VEÍCULOS",2590,"COMPONENTES DIVERSOS PARA VEÍCULOS","16805","COMPONENTES DIVERSOS PARA VEÍCULOS","PALHETA LIMPADOR DO PARABRISA BLAZER 2.4 GASOLINA",null,"Baixa","JOGO","INTEGRAL","CUSTO FINALÍSTICO - MATERIAL","REPOSIÇÃO DE PEÇAS EM ESTOQUE DE MANUTENÇÃO DE 1º ESCALÃO DE VIATURAS",2,88.89,177.78]
["BASE",251,39,"MATERIAL P/ MANUTENCAO DE VEICULOS",25,"COMPONENTES DE VEÍCULOS",2590,"COMPONENTES DIVERSOS PARA VEÍCULOS","16805","COMPONENTES DIVERSOS PARA VEÍCULOS","LAMPADA H7 12V",null,"Alta","UNIDADE","INTEGRAL","CUSTO FINALÍSTICO - MATERIAL","REPOSIÇÃO DE PEÇAS EM ESTOQUE DE MANUTENÇÃO DE 1º ESCALÃO DE VIATURAS",100,31.73,3173]
["BASE",252,39,"MATERIAL P/ MANUTENCAO DE VEICULOS",25,"COMPONENTES DE VEÍCULOS",2590,"COMPONENTES DIVERSOS PARA VEÍCULOS","16805","COMPONENTES DIVERSOS PARA VEÍCULOS","LAMPADA H4 12V",null,"Alta","UNIDADE","INTEGRAL","CUSTO FINALÍSTICO - MATERIAL","REPOSIÇÃO DE PEÇAS EM ESTOQUE DE MANUTENÇÃO DE 1º ESCALÃO DE VIATURAS",20,27.01,540.20000000000005]
["BASE",253,39,"MATERIAL P/ MANUTENCAO DE VEICULOS",25,"COMPONENTES DE VEÍCULOS",2590,"COMPONENTES DIVERSOS PARA VEÍCULOS","16805","COMPONENTES DIVERSOS PARA VEÍCULOS","LAMPADA H7 24V",null,"Alta","UNIDADE","INTEGRAL","CUSTO FINALÍSTICO - MATERIAL","REPOSIÇÃO DE PEÇAS EM ESTOQUE DE MANUTENÇÃO DE 1º ESCALÃO DE VIATURAS",20,60.57,1211.4000000000001]
["BASE",254,39,"MATERIAL P/ MANUTENCAO DE VEICULOS",25,"COMPONENTES DE VEÍCULOS",2590,"COMPONENTES DIVERSOS PARA VEÍCULOS","16805","COMPONENTES DIVERSOS PARA VEÍCULOS","LAMPADA H1 12V",null,"Alta","UNIDADE","INTEGRAL","CUSTO FINALÍSTICO - MATERIAL","REPOSIÇÃO DE PEÇAS EM ESTOQUE DE MANUTENÇÃO DE 1º ESCALÃO DE VIATURAS",50,15.9,795]
["BASE",255,39,"MATERIAL P/ MANUTENCAO DE VEICULOS",25,"COMPONENTES DE VEÍCULOS",2590,"COMPONENTES DIVERSOS PARA VEÍCULOS","16805","COMPONENTES DIVERSOS PARA VEÍCULOS","LAMPADA W5W 12V",null,"Alta","UNIDADE","INTEGRAL","CUSTO FINALÍSTICO - MATERIAL","REPOSIÇÃO DE PEÇAS EM ESTOQUE DE MANUTENÇÃO DE 1º ESCALÃO DE VIATURAS",150,6.9,1035]
["BASE",256,39,"MATERIAL P/ MANUTENCAO DE VEICULOS",25,"COMPONENTES DE VEÍCULOS",2590,"COMPONENTES DIVERSOS PARA VEÍCULOS","16805","COMPONENTES DIVERSOS PARA VEÍCULOS","LAMPADA W5W 24V",null,"Alta","UNIDADE","INTEGRAL","CUSTO FINALÍSTICO - MATERIAL","REPOSIÇÃO DE PEÇAS EM ESTOQUE DE MANUTENÇÃO DE 1º ESCALÃO DE VIATURAS",20,10.9,218]
["BASE",257,39,"MATERIAL P/ MANUTENCAO DE VEICULOS",25,"COMPONENTES DE VEÍCULOS",2590,"COMPONENTES DIVERSOS PARA VEÍCULOS","16805","COMPONENTES DIVERSOS PARA VEÍCULOS","LAMPADA 21/5W 12V",null,"Alta","UNIDADE","INTEGRAL","CUSTO FINALÍSTICO - MATERIAL","REPOSIÇÃO DE PEÇAS EM ESTOQUE DE MANUTENÇÃO DE 1º ESCALÃO DE VIATURAS",200,5.34,1068]
["BASE",258,39,"MATERIAL P/ MANUTENCAO DE VEICULOS",25,"COMPONENTES DE VEÍCULOS",2590,"COMPONENTES DIVERSOS PARA VEÍCULOS","16805","COMPONENTES DIVERSOS PARA VEÍCULOS","LAMPADA 21W 12V",null,"Alta","UNIDADE","INTEGRAL","CUSTO FINALÍSTICO - MATERIAL","REPOSIÇÃO DE PEÇAS EM ESTOQUE DE MANUTENÇÃO DE 1º ESCALÃO DE VIATURAS",200,8,1600]
["BASE",259,39,"MATERIAL P/ MANUTENCAO DE VEICULOS",25,"COMPONENTES DE VEÍCULOS",2590,"COMPONENTES DIVERSOS PARA VEÍCULOS","16805","COMPONENTES DIVERSOS PARA VEÍCULOS","LAMPADA 21/5W 24V",null,"Media","UNIDADE","INTEGRAL","CUSTO FINALÍSTICO - MATERIAL","REPOSIÇÃO DE PEÇAS EM ESTOQUE DE MANUTENÇÃO DE 1º ESCALÃO DE VIATURAS",50,5.34,267]
["BASE",260,39,"MATERIAL P/ MANUTENCAO DE VEICULOS",25,"COMPONENTES DE VEÍCULOS",2590,"COMPONENTES DIVERSOS PARA VEÍCULOS","16805","COMPONENTES DIVERSOS PARA VEÍCULOS","LAMPADA 21W 24V",null,"Media","UNIDADE","INTEGRAL","CUSTO FINALÍSTICO - MATERIAL","REPOSIÇÃO DE PEÇAS EM ESTOQUE DE MANUTENÇÃO DE 1º ESCALÃO DE VIATURAS",50,8,400]
["BASE",261,39,"MATERIAL P/ MANUTENCAO DE VEICULOS",25,"COMPONENTES DE VEÍCULOS",2590,"COMPONENTES DIVERSOS PARA VEÍCULOS","16805","COMPONENTES DIVERSOS PARA VEÍCULOS","FUSÍVEL  LAMINA MÉDIO 10A",null,"Alta","UNIDADE","INTEGRAL","CUSTO FINALÍSTICO - MATERIAL","REPOSIÇÃO DE PEÇAS EM ESTOQUE DE MANUTENÇÃO DE 1º ESCALÃO DE VIATURAS",200,0.21,42]
["BASE",262,39,"MATERIAL P/ MANUTENCAO DE VEICULOS",25,"COMPONENTES DE VEÍCULOS",2590,"COMPONENTES DIVERSOS PARA VEÍCULOS","16805","COMPONENTES DIVERSOS PARA VEÍCULOS","FUSÍVEL  LAMINA MÉDIO 20A",null,"Alta","UNIDADE","INTEGRAL","CUSTO FINALÍSTICO - MATERIAL","REPOSIÇÃO DE PEÇAS EM ESTOQUE DE MANUTENÇÃO DE 1º ESCALÃO DE VIATURAS",200,0.21,42]
["BASE",263,39,"MATERIAL P/ MANUTENCAO DE VEICULOS",25,"COMPONENTES DE VEÍCULOS",2590,"COMPONENTES DIVERSOS PARA VEÍCULOS","16805","COMPONENTES DIVERSOS PARA VEÍCULOS","FUSÍVEL  LAMINA MÉDIO 30A",null,"Alta","UNIDADE","INTEGRAL","CUSTO FINALÍSTICO - MATERIAL","REPOSIÇÃO DE PEÇAS EM ESTOQUE DE MANUTENÇÃO DE 1º ESCALÃO DE VIATURAS",200,0.21,42]
["BASE",264,39,"MATERIAL P/ MANUTENCAO DE VEICULOS",25,"COMPONENTES DE VEÍCULOS",2590,"COMPONENTES DIVERSOS PARA VEÍCULOS","16805","COMPONENTES DIVERSOS PARA VEÍCULOS","FUSÍVEL  LAMINA MINI 10A",null,"Alta","UNIDADE","INTEGRAL","CUSTO FINALÍSTICO - MATERIAL","REPOSIÇÃO DE PEÇAS EM ESTOQUE DE MANUTENÇÃO DE 1º ESCALÃO DE VIATURAS",200,0.16,32]
["BASE",265,39,"MATERIAL P/ MANUTENCAO DE VEICULOS",25,"COMPONENTES DE VEÍCULOS",2590,"COMPONENTES DIVERSOS PARA VEÍCULOS","16805","COMPONENTES DIVERSOS PARA VEÍCULOS","FUSÍVEL  LAMINA MINI 20A",null,"Alta","UNIDADE","INTEGRAL","CUSTO FINALÍSTICO - MATERIAL","REPOSIÇÃO DE PEÇAS EM ESTOQUE DE MANUTENÇÃO DE 1º ESCALÃO DE VIATURAS",200,0.16,32]
["BASE",266,39,"MATERIAL P/ MANUTENCAO DE VEICULOS",25,"COMPONENTES DE VEÍCULOS",2590,"COMPONENTES DIVERSOS PARA VEÍCULOS","16805","COMPONENTES DIVERSOS PARA VEÍCULOS","FUSÍVEL  LAMINA MINI 30A",null,"Alta","UNIDADE","INTEGRAL","CUSTO FINALÍSTICO - MATERIAL","REPOSIÇÃO DE PEÇAS EM ESTOQUE DE MANUTENÇÃO DE 1º ESCALÃO DE VIATURAS",200,0.16,32]
["BASE",267,39,"MATERIAL P/ MANUTENCAO DE VEICULOS",25,"COMPONENTES DE VEÍCULOS",2590,"COMPONENTES DIVERSOS PARA VEÍCULOS","16805","COMPONENTES DIVERSOS PARA VEÍCULOS","FILTRO DE ÓLEO FIAT DOBLO 1.8 8V",null,"Alta","UNIDADE","INTEGRAL","CUSTO FINALÍSTICO - MATERIAL","REPOSIÇÃO DE PEÇAS EM ESTOQUE DE MANUTENÇÃO DE 1º ESCALÃO DE VIATURAS",2,27.7,55.4]
["BASE",268,39,"MATERIAL P/ MANUTENCAO DE VEICULOS",25,"COMPONENTES DE VEÍCULOS",2590,"COMPONENTES DIVERSOS PARA VEÍCULOS","16805","COMPONENTES DIVERSOS PARA VEÍCULOS","FILTRO DE AR FIAT DOLBLO 1.8 8V",null,"Alta","UNIDADE","INTEGRAL","CUSTO FINALÍSTICO - MATERIAL","REPOSIÇÃO DE PEÇAS EM ESTOQUE DE MANUTENÇÃO DE 1º ESCALÃO DE VIATURAS",2,38.9,77.8]
["BASE",269,39,"MATERIAL P/ MANUTENCAO DE VEICULOS",25,"COMPONENTES DE VEÍCULOS",2590,"COMPONENTES DIVERSOS PARA VEÍCULOS","16805","COMPONENTES DIVERSOS PARA VEÍCULOS","FILTRO DE AR CONDICIONADO FIAT DOBLO 1.8 8V",null,"Alta","UNIDADE","INTEGRAL","CUSTO FINALÍSTICO - MATERIAL","REPOSIÇÃO DE PEÇAS EM ESTOQUE DE MANUTENÇÃO DE 1º ESCALÃO DE VIATURAS",2,23.38,46.76]
["BASE",270,39,"MATERIAL P/ MANUTENCAO DE VEICULOS",25,"COMPONENTES DE VEÍCULOS",2590,"COMPONENTES DIVERSOS PARA VEÍCULOS","16805","COMPONENTES DIVERSOS PARA VEÍCULOS","FILTRO DE COMBUSTÍVEL FIAT DOBLO 1.8 8V",null,"Alta","UNIDADE","INTEGRAL","CUSTO FINALÍSTICO - MATERIAL","REPOSIÇÃO DE PEÇAS EM ESTOQUE DE MANUTENÇÃO DE 1º ESCALÃO DE VIATURAS",2,22.4,44.8]
["BASE",271,39,"MATERIAL P/ MANUTENCAO DE VEICULOS",25,"COMPONENTES DE VEÍCULOS",2590,"COMPONENTES DIVERSOS PARA VEÍCULOS","16805","COMPONENTES DIVERSOS PARA VEÍCULOS","PASTILHA DE FREIO DIANTEIRA FIAT DOBLO 1.8 8V",null,"Media","JOGO","INTEGRAL","CUSTO FINALÍSTICO - MATERIAL","REPOSIÇÃO DE PEÇAS EM ESTOQUE DE MANUTENÇÃO DE 1º ESCALÃO DE VIATURAS",2,67.8,135.6]
["BASE",272,39,"MATERIAL P/ MANUTENCAO DE VEICULOS",25,"COMPONENTES DE VEÍCULOS",2590,"COMPONENTES DIVERSOS PARA VEÍCULOS","16805","COMPONENTES DIVERSOS PARA VEÍCULOS","DISCO DE FREIO DIANTEIRO DOBLO 1.8 8V",null,"Media","JOGO","INTEGRAL","CUSTO FINALÍSTICO - MATERIAL","REPOSIÇÃO DE PEÇAS EM ESTOQUE DE MANUTENÇÃO DE 1º ESCALÃO DE VIATURAS",1,289,289]
["BASE",273,39,"MATERIAL P/ MANUTENCAO DE VEICULOS",25,"COMPONENTES DE VEÍCULOS",2590,"COMPONENTES DIVERSOS PARA VEÍCULOS","16805","COMPONENTES DIVERSOS PARA VEÍCULOS","VELA DE IGNIÇÃO FIAT DOBLO 1.8 8V",null,"Media","JOGO","INTEGRAL","CUSTO FINALÍSTICO - MATERIAL","REPOSIÇÃO DE PEÇAS EM ESTOQUE DE MANUTENÇÃO DE 1º ESCALÃO DE VIATURAS",2,113.24,226.48]
["BASE",274,39,"MATERIAL P/ MANUTENCAO DE VEICULOS",25,"COMPONENTES DE VEÍCULOS",2590,"COMPONENTES DIVERSOS PARA VEÍCULOS","16805","COMPONENTES DIVERSOS PARA VEÍCULOS","CORREIA DENTADA COM TENSIONADOR FIAT DOBLO 1.8 8V",null,"Media","JOGO","INTEGRAL","CUSTO FINALÍSTICO - MATERIAL","REPOSIÇÃO DE PEÇAS EM ESTOQUE DE MANUTENÇÃO DE 1º ESCALÃO DE VIATURAS",2,153.80000000000001,307.60000000000002]
["BASE",275,39,"MATERIAL P/ MANUTENCAO DE VEICULOS",25,"COMPONENTES DE VEÍCULOS",2590,"COMPONENTES DIVERSOS PARA VEÍCULOS","16805","COMPONENTES DIVERSOS PARA VEÍCULOS","PALHETA LIMPADOR DO PARABRISA FIAT DOBLO 1.8 8V",null,"Media","JOGO","INTEGRAL","CUSTO FINALÍSTICO - MATERIAL","REPOSIÇÃO DE PEÇAS EM ESTOQUE DE MANUTENÇÃO DE 1º ESCALÃO DE VIATURAS",2,60.8,121.6]
["BASE",1,23,"UNIFORMES, TECIDOS E AVIAMENTOS",84,"VESTUÁRIOS, EQUIPAMENTOS INDIVIDUAIS E INSÍGNIAS",8415,"VESTUÁRIO PARA FINS ESPECIAIS","07289","FARDAMENTO / ACESSÓRIO","Conjunto de Uniformes Histórico do Forte Marechal Luz","2º SEMESTRE 2021","Alta","CONJUNTO","INTEGRAL","CUSTO SUPORTE - SERVIÇO","Uniforme histórico para emprego em formaturas e guarda de honra.",1,126700,126700]
["BASE",2,7,"MAQUINAS, UTENSILIOS E EQUIPAMENTOS DIVERSOS",72,"UTENSILIOS E UTILIDADES DE USO DOMESTICO E COMERCIAL",9999,"ITENS DIVERSOS","16898","PEÇAS / ACESSÓRIOS EQUIPAMENTOS ESPECIALIZADOS","Necessaire masculina ","1º SEMESTRE 2022","Alta","UNIDADE","PARCELADA","CUSTO SUPORTE - SERVIÇO","Material empregado no enxoval do EV.",255,38,9690]
["BASE",9,7,"MAQUINAS, UTENSILIOS E EQUIPAMENTOS DIVERSOS",99,"DIVERSOS",9999,"ITENS DIVERSOS","16898","PEÇAS / ACESSÓRIOS EQUIPAMENTOS ESPECIALIZADOS","Pneu maciço para carro plataforma","2º SEMESTRE 2021","Media","UNIDADE","INTEGRAL","CUSTO SUPORTE - SERVIÇO","Material empregado em atividades de manutenção.",8,168.39,1347.12]
["BASE",8,7,"MAQUINAS, UTENSILIOS E EQUIPAMENTOS DIVERSOS",99,"DIVERSOS",9999,"ITENS DIVERSOS","16898","PEÇAS / ACESSÓRIOS EQUIPAMENTOS ESPECIALIZADOS","Conjunto de irrigação","2º SEMESTRE 2021","Media","UNIDADE","INTEGRAL","CUSTO SUPORTE - SERVIÇO","Material empregado em atividades de manutenção e campo.",10,24.81,248.1]
["BASE",3,7,"MAQUINAS, UTENSILIOS E EQUIPAMENTOS DIVERSOS",72,"UTENSILIOS E UTILIDADES DE USO DOMESTICO E COMERCIAL",9999,"ITENS DIVERSOS","16898","PEÇAS / ACESSÓRIOS EQUIPAMENTOS ESPECIALIZADOS","Caneco Plástico","1º e 2º SEMESTRE 2022","Alta","UNIDADE","PARCELADA","CUSTO SUPORTE - SERVIÇO","Material empregado no enxoval do EV.",255,6,1530]
["BASE",4,7,"MAQUINAS, UTENSILIOS E EQUIPAMENTOS DIVERSOS",72,"UTENSILIOS E UTILIDADES DE USO DOMESTICO E COMERCIAL",9999,"ITENS DIVERSOS","16898","PEÇAS / ACESSÓRIOS EQUIPAMENTOS ESPECIALIZADOS","Graxa para sapato","1º e 2º SEMESTRE 2022","Alta","UNIDADE","PARCELADA","CUSTO SUPORTE - SERVIÇO","Material empregado no enxoval do EV.",255,6,1530]
["BASE",5,7,"MAQUINAS, UTENSILIOS E EQUIPAMENTOS DIVERSOS",72,"UTENSILIOS E UTILIDADES DE USO DOMESTICO E COMERCIAL",9999,"ITENS DIVERSOS","16898","PEÇAS / ACESSÓRIOS EQUIPAMENTOS ESPECIALIZADOS","Escova pra limpeza","1º e 2º SEMESTRE 2022","Alta","UNIDADE","PARCELADA","CUSTO SUPORTE - SERVIÇO","Material empregado no enxoval do EV.",255,12,3060]
["BASE",6,7,"MAQUINAS, UTENSILIOS E EQUIPAMENTOS DIVERSOS",72,"UTENSILIOS E UTILIDADES DE USO DOMESTICO E COMERCIAL",9999,"ITENS DIVERSOS","16898","PEÇAS / ACESSÓRIOS EQUIPAMENTOS ESPECIALIZADOS","Bombacho elástico","1º e 2º SEMESTRE 2022","Alta","UNIDADE","PARCELADA","CUSTO SUPORTE - SERVIÇO","Material empregado no enxoval do EV.",255,1.6,408]
["BASE",7,7,"MAQUINAS, UTENSILIOS E EQUIPAMENTOS DIVERSOS",72,"UTENSILIOS E UTILIDADES DE USO DOMESTICO E COMERCIAL",9999,"ITENS DIVERSOS","16898","PEÇAS / ACESSÓRIOS EQUIPAMENTOS ESPECIALIZADOS","Cadeado com segredo","1º e 2º SEMESTRE 2022","Alta","UNIDADE","PARCELADA","CUSTO SUPORTE - SERVIÇO","Material empregado no enxoval do EV.",255,25,6375]
["5RM",null,17,"MATERIAL DE PROCESSAMENTO DE DADOS",70,"INFORMÁTICA - EQUIPAMENTOS,  PEÇAS, ACESSÓRIOS E SUPRIMENTOSDE TIC",7080,"PEÇAS, ACESSÓRIOS E FERRAMENTAS PARA REDES DE TIC","00208","CABO REDE COMPUTADOR","Caixa de Cabo cat6","1º SEMESTRE 2021","Alta","CAIXA","INTEGRAL","CUSTO SUPORTE - MATERIAL","PDTI",10,800,8000]
["5RM",null,17,"MATERIAL DE PROCESSAMENTO DE DADOS",70,"INFORMÁTICA - EQUIPAMENTOS,  PEÇAS, ACESSÓRIOS E SUPRIMENTOSDE TIC",7080,"PEÇAS, ACESSÓRIOS E FERRAMENTAS PARA REDES DE TIC","00208","CABO REDE COMPUTADOR","Caixa de Cabo cat6 Blindado","1º SEMESTRE 2021","Alta","CAIXA","INTEGRAL","CUSTO SUPORTE - MATERIAL","PDTI",2,1200,2400]
["5RM",null,17,"MATERIAL DE PROCESSAMENTO DE DADOS",70,"INFORMÁTICA - EQUIPAMENTOS,  PEÇAS, ACESSÓRIOS E SUPRIMENTOSDE TIC",7030,"EQUIPAMENTOS DE ARMAZENAMENTO DE DADOS","00244","UNIDADE DISCO","Hard Disk (SSD)","1º SEMESTRE 2021","Alta","UNIDADE","INTEGRAL","CUSTO SUPORTE - MATERIAL","PDTI",250,500,125000]
["5RM",null,17,"MATERIAL DE PROCESSAMENTO DE DADOS",70,"INFORMÁTICA - EQUIPAMENTOS,  PEÇAS, ACESSÓRIOS E SUPRIMENTOSDE TIC",7030,"EQUIPAMENTOS DE ARMAZENAMENTO DE DADOS","00244","UNIDADE DISCO","Hard Disk (SATA)","1º SEMESTRE 2021","Alta","UNIDADE","INTEGRAL","CUSTO SUPORTE - MATERIAL","PDTI",15,380,5700]
["5RM",null,17,"MATERIAL DE PROCESSAMENTO DE DADOS",70,"INFORMÁTICA - EQUIPAMENTOS,  PEÇAS, ACESSÓRIOS E SUPRIMENTOSDE TIC",7060,"PEÇAS E ACESSÓRIOS PARA COMPUTADORES","05409","MOUSE COMPUTADOR","Mouse","1º SEMESTRE 2021","Alta","UNIDADE","INTEGRAL","CUSTO FINALÍSTICO - MATERIAL","PDTI",300,15,4500]
["5RM",null,17,"MATERIAL DE PROCESSAMENTO DE DADOS",70,"INFORMÁTICA - EQUIPAMENTOS,  PEÇAS, ACESSÓRIOS E SUPRIMENTOSDE TIC",7060,"PEÇAS E ACESSÓRIOS PARA COMPUTADORES","06669","MONITOR COMPUTADOR","Monitor de Compurador","1º SEMESTRE 2021","Alta","UNIDADE","INTEGRAL","CUSTO FINALÍSTICO - MATERIAL","PDTI",170,1000,170000]
["5RM",null,17,"MATERIAL DE PROCESSAMENTO DE DADOS",70,"INFORMÁTICA - EQUIPAMENTOS,  PEÇAS, ACESSÓRIOS E SUPRIMENTOSDE TIC",7060,"PEÇAS E ACESSÓRIOS PARA COMPUTADORES","16415","FONTE ESTAÇÃO TRABALHO","Fonte de Compurador","1º SEMESTRE 2021","Alta","UNIDADE","INTEGRAL","CUSTO FINALÍSTICO - MATERIAL","PDTI",70,110,7700]
["5RM",null,17,"MATERIAL DE PROCESSAMENTO DE DADOS",70,"INFORMÁTICA - EQUIPAMENTOS,  PEÇAS, ACESSÓRIOS E SUPRIMENTOSDE TIC",7060,"PEÇAS E ACESSÓRIOS PARA COMPUTADORES","00214","CONVERSOR VÍDEO","Adaptador DVI - VGA","2º SEMESTRE 2021","Alta","UNIDADE","INTEGRAL","CUSTO FINALÍSTICO - MATERIAL","PDTI",60,20,1200]
["5RM",null,17,"MATERIAL DE PROCESSAMENTO DE DADOS",70,"INFORMÁTICA - EQUIPAMENTOS,  PEÇAS, ACESSÓRIOS E SUPRIMENTOSDE TIC",7060,"PEÇAS E ACESSÓRIOS PARA COMPUTADORES","14256","PENTE DE MEMÓRIA","Memória DDR2","2º SEMESTRE 2021","Alta","UNIDADE","INTEGRAL","CUSTO FINALÍSTICO - MATERIAL","PDTI",20,110,2200]
["5RM",null,17,"MATERIAL DE PROCESSAMENTO DE DADOS",70,"INFORMÁTICA - EQUIPAMENTOS,  PEÇAS, ACESSÓRIOS E SUPRIMENTOSDE TIC",7060,"PEÇAS E ACESSÓRIOS PARA COMPUTADORES","14256","PENTE DE MEMÓRIA","Memória DDR3","1º SEMESTRE 2021","Alta","UNIDADE","INTEGRAL","CUSTO FINALÍSTICO - MATERIAL","PDTI",40,130,5200]
["5RM",null,17,"MATERIAL DE PROCESSAMENTO DE DADOS",70,"INFORMÁTICA - EQUIPAMENTOS,  PEÇAS, ACESSÓRIOS E SUPRIMENTOSDE TIC",7060,"PEÇAS E ACESSÓRIOS PARA COMPUTADORES","14256","PENTE DE MEMÓRIA","Memória DDR4","1º SEMESTRE 2021","Alta","UNIDADE","INTEGRAL","CUSTO FINALÍSTICO - MATERIAL","PDTI",40,130,5200]
["5RM",null,17,"MATERIAL DE PROCESSAMENTO DE DADOS",70,"INFORMÁTICA - EQUIPAMENTOS,  PEÇAS, ACESSÓRIOS E SUPRIMENTOSDE TIC",7060,"PEÇAS E ACESSÓRIOS PARA COMPUTADORES","00235","PLACA CONTROLADORA VÍDEO","Placa de Vídeo","2º SEMESTRE 2021","Alta","UNIDADE","INTEGRAL","CUSTO FINALÍSTICO - MATERIAL","PDTI",50,160,8000]
["5RM",1,17,"MATERIAL DE PROCESSAMENTO DE DADOS",70,"INFORMÁTICA - EQUIPAMENTOS,  PEÇAS, ACESSÓRIOS E SUPRIMENTOSDE TIC",7060,"PEÇAS E ACESSÓRIOS PARA COMPUTADORES","13510","TECLADO MICROCOMPUTADOR","Teclado","1º SEMESTRE 2021","Alta","UNIDADE","INTEGRAL","CUSTO FINALÍSTICO - MATERIAL","PDTI",300,35,10500]
["5RM",2,17,"MATERIAL DE PROCESSAMENTO DE DADOS",70,"INFORMÁTICA - EQUIPAMENTOS,  PEÇAS, ACESSÓRIOS E SUPRIMENTOSDE TIC",7060,"PEÇAS E ACESSÓRIOS PARA COMPUTADORES","15410","ADAPTADOR CONECTOR","RJ45","2º SEMESTRE 2021","Alta","PACOTE","INTEGRAL","CUSTO FINALÍSTICO - MATERIAL","PDTI",2000,0.3,600]
["5RM",3,17,"MATERIAL DE PROCESSAMENTO DE DADOS",70,"INFORMÁTICA - EQUIPAMENTOS,  PEÇAS, ACESSÓRIOS E SUPRIMENTOSDE TIC",7060,"PEÇAS E ACESSÓRIOS PARA COMPUTADORES","00214","CONVERSOR VÍDEO","Cabo HDMI","1º SEMESTRE 2021","Alta","UNIDADE","INTEGRAL","CUSTO FINALÍSTICO - MATERIAL","PDTI",60,80,4800]
["5RM",4,17,"MATERIAL DE PROCESSAMENTO DE DADOS",70,"INFORMÁTICA - EQUIPAMENTOS,  PEÇAS, ACESSÓRIOS E SUPRIMENTOSDE TIC",7080,"PEÇAS, ACESSÓRIOS E FERRAMENTAS PARA REDES DE TIC","14610","ANALISADOR CABEAMENTO REDE","Zumbidor","1º SEMESTRE 2021","Alta","UNIDADE","INTEGRAL","CUSTO FINALÍSTICO - MATERIAL","PDTI",2,130,260]
["5RM",5,17,"MATERIAL DE PROCESSAMENTO DE DADOS",70,"INFORMÁTICA - EQUIPAMENTOS,  PEÇAS, ACESSÓRIOS E SUPRIMENTOSDE TIC",7080,"PEÇAS, ACESSÓRIOS E FERRAMENTAS PARA REDES DE TIC","14755","ORGANIZADOR CABOS","\"Espiral Tube\"","1º SEMESTRE 2021","Media","METRO","INTEGRAL","CUSTO FINALÍSTICO - MATERIAL","PDTI",200,10,2000]
["5RM",6,17,"MATERIAL DE PROCESSAMENTO DE DADOS",70,"INFORMÁTICA - EQUIPAMENTOS,  PEÇAS, ACESSÓRIOS E SUPRIMENTOSDE TIC",7080,"PEÇAS, ACESSÓRIOS E FERRAMENTAS PARA REDES DE TIC","11508","REDE INFORMÁTICA - PEÇA / ACESSÓRIO","Patch Panel","1º SEMESTRE 2021","Baixa","UNIDADE","INTEGRAL","CUSTO FINALÍSTICO - MATERIAL","PDTI",10,300,3000]
["5RM",7,17,"MATERIAL DE PROCESSAMENTO DE DADOS",70,"INFORMÁTICA - EQUIPAMENTOS,  PEÇAS, ACESSÓRIOS E SUPRIMENTOSDE TIC",7080,"PEÇAS, ACESSÓRIOS E FERRAMENTAS PARA REDES DE TIC","00231","PLACA REDE","Placa de Rede","1º SEMESTRE 2021","Baixa","UNIDADE","INTEGRAL","CUSTO FINALÍSTICO - MATERIAL","PDTI",30,100,3000]
["5RM",8,17,"MATERIAL DE PROCESSAMENTO DE DADOS",59,"COMPONENTES DE EQUIPAMENTOS ELÉTRICOS E ELETRÔNICOS",5915,"FILTROS E REDES","07488","FILTRO LINHA","Filtro e Linha","1º SEMESTRE 2021","Alta","UNIDADE","INTEGRAL","CUSTO FINALÍSTICO - MATERIAL","PDTI",100,50,5000]
["5DE",null,16,"MATERIAL DE EXPEDIENTE",75,"UTENSÍLIOS DE ESCRITÓRIO E MATERIAL DE EXPEDIENTE",7520,"ACESSÓRIOS E DISPOSITIVOS PARA ESCRITÓRIO","00047","PORTA-LÁPIS/CLIPE/LEMBRETE","Clipe 2mm ","2º SEMESTRE 2021","Baixa","CAIXA COM 10 UNIDADES","PARCELADA","CUSTO FINALÍSTICO - MATERIAL",null,10,1.8,18]
["5DE",null,16,"MATERIAL DE EXPEDIENTE",75,"UTENSÍLIOS DE ESCRITÓRIO E MATERIAL DE EXPEDIENTE",7520,"ACESSÓRIOS E DISPOSITIVOS PARA ESCRITÓRIO","09369","MARCADOR DE LIVRO","Marcador várias cores","1º SEMESTRE 2021","Media","CAIXA COM 50 UNIDADES","PARCELADA","CUSTO FINALÍSTICO - MATERIAL",null,30,5.5,165]
["5DE",null,26,"MATERIAL ELETRICO E ELETRONICO",70,"INFORMÁTICA - EQUIPAMENTOS,  PEÇAS, ACESSÓRIOS E SUPRIMENTOSDE TIC",7060,"PEÇAS E ACESSÓRIOS PARA COMPUTADORES","10001","\"MOUSE\"","mouse USB","1º SEMESTRE 2021","Alta","CAIXA","PARCELADA","CUSTO FINALÍSTICO - MATERIAL",null,100,25,2500]
["5DE",null,26,"MATERIAL ELETRICO E ELETRONICO",67,"EQUIPAMENTOS FOTOGRÁFICOS",6750,"SUPRIMENTOS FOTOGRÁFICOS","10567","PECA/COMPONENTE MAQUINA PROVA DE COR","BATERIA DJI MAVIC PRO 3830 MAH","1º SEMESTRE 2021","Media","UNIDADE","PARCELADA","CUSTO FINALÍSTICO - MATERIAL","em função da pandemia foi criada uma nova demanda de transmissão on line",2,900,1800]
["5DE",null,26,"MATERIAL ELETRICO E ELETRONICO",67,"EQUIPAMENTOS FOTOGRÁFICOS",6750,"SUPRIMENTOS FOTOGRÁFICOS","10567","PECA/COMPONENTE MAQUINA PROVA DE COR","BATERIA PARA MAQUINA 5D MARK 4","1º SEMESTRE 2021","Media","UNIDADE","PARCELADA","CUSTO FINALÍSTICO - MATERIAL","em função da pandemia foi criada uma nova demanda de transmissão on line",2,900,1800]
["5DE",null,26,"MATERIAL ELETRICO E ELETRONICO",67,"EQUIPAMENTOS FOTOGRÁFICOS",6750,"SUPRIMENTOS FOTOGRÁFICOS","10567","PECA/COMPONENTE MAQUINA PROVA DE COR","BATERIA PARA MAQUINA 5D MARK 4","1º SEMESTRE 2021","Media","UNIDADE","PARCELADA","CUSTO FINALÍSTICO - MATERIAL","em função da pandemia foi criada uma nova demanda de transmissão on line",6,750,4500]
["5DE",null,16,"MATERIAL DE EXPEDIENTE",70,"INFORMÁTICA - EQUIPAMENTOS,  PEÇAS, ACESSÓRIOS E SUPRIMENTOSDE TIC",7090,"SUPRIMENTOS DE INFORMÁTICA - TIC","18048","CARTUCHO DE TINTA","PENDRIVE","1º SEMESTRE 2021","Media","UNIDADE","PARCELADA","CUSTO FINALÍSTICO - MATERIAL","materiais objeto desta licitação visam a atender impressões de cartas operacionais.",5,40,200]
["5DE",null,16,"MATERIAL DE EXPEDIENTE",70,"INFORMÁTICA - EQUIPAMENTOS,  PEÇAS, ACESSÓRIOS E SUPRIMENTOSDE TIC",7070,"PEÇAS E ACESSÓRIOS PARA IMPRESSORAS","18048","CARTUCHO DE TINTA","Cartucho HP711 preto CZ129A 80ML","1º SEMESTRE 2021","Alta","UNIDADE","PARCELADA","CUSTO FINALÍSTICO - MATERIAL","materiais objeto desta licitação visam a atender impressões de cartas operacionais.",8,400,3200]
["5DE",null,16,"MATERIAL DE EXPEDIENTE",70,"INFORMÁTICA - EQUIPAMENTOS,  PEÇAS, ACESSÓRIOS E SUPRIMENTOSDE TIC",7070,"PEÇAS E ACESSÓRIOS PARA IMPRESSORAS","18048","CARTUCHO DE TINTA","Cartucho HP711 ciano CZ130AB 29ML","1º SEMESTRE 2021","Alta","UNIDADE","PARCELADA","CUSTO FINALÍSTICO - MATERIAL","materiais objeto desta licitação visam a atender impressões de cartas operacionais.",8,400,3200]
["5DE",null,16,"MATERIAL DE EXPEDIENTE",70,"INFORMÁTICA - EQUIPAMENTOS,  PEÇAS, ACESSÓRIOS E SUPRIMENTOSDE TIC",7070,"PEÇAS E ACESSÓRIOS PARA IMPRESSORAS","18048","CARTUCHO DE TINTA","Cartucho HP711 magenta 29ml","1º SEMESTRE 2022","Alta","UNIDADE","PARCELADA","CUSTO FINALÍSTICO - MATERIAL","materiais objeto desta licitação visam a atender impressões de cartas operacionais.",8,400,3200]
["5DE",null,16,"MATERIAL DE EXPEDIENTE",70,"INFORMÁTICA - EQUIPAMENTOS,  PEÇAS, ACESSÓRIOS E SUPRIMENTOSDE TIC",7070,"PEÇAS E ACESSÓRIOS PARA IMPRESSORAS","18048","CARTUCHO DE TINTA","Cartucho HP 711 - Tinta Amarelo 29 ml – CZ136A","1º SEMESTRE 2022","Alta","UNIDADE","PARCELADA","CUSTO FINALÍSTICO - MATERIAL","materiais objeto desta licitação visam a atender impressões de cartas operacionais.",8,400,3200]
["5DE",null,16,"MATERIAL DE EXPEDIENTE",70,"INFORMÁTICA - EQUIPAMENTOS,  PEÇAS, ACESSÓRIOS E SUPRIMENTOSDE TIC",7070,"PEÇAS E ACESSÓRIOS PARA IMPRESSORAS","18048","CARTUCHO DE TINTA","Cartucho HP728 preto","1º SEMESTRE 2022","Alta","UNIDADE","PARCELADA","CUSTO FINALÍSTICO - MATERIAL","materiais objeto desta licitação visam a atender impressões de cartas operacionais.",2,1650,3300]
["5DE",null,16,"MATERIAL DE EXPEDIENTE",70,"INFORMÁTICA - EQUIPAMENTOS,  PEÇAS, ACESSÓRIOS E SUPRIMENTOSDE TIC",7070,"PEÇAS E ACESSÓRIOS PARA IMPRESSORAS","18048","CARTUCHO DE TINTA","Cartucho HP728 ciano","1º SEMESTRE 2022","Alta","UNIDADE","PARCELADA","CUSTO FINALÍSTICO - MATERIAL","materiais objeto desta licitação visam a atender impressões de cartas operacionais.",2,1650,3300]
["5DE",null,16,"MATERIAL DE EXPEDIENTE",70,"INFORMÁTICA - EQUIPAMENTOS,  PEÇAS, ACESSÓRIOS E SUPRIMENTOSDE TIC",7070,"PEÇAS E ACESSÓRIOS PARA IMPRESSORAS","18048","CARTUCHO DE TINTA","Cartucho HP728 magenta ","1º SEMESTRE 2022","Alta","UNIDADE","PARCELADA","CUSTO FINALÍSTICO - MATERIAL","materiais objeto desta licitação visam a atender impressões de cartas operacionais.",2,1650,3300]
["5DE",null,16,"MATERIAL DE EXPEDIENTE",70,"INFORMÁTICA - EQUIPAMENTOS,  PEÇAS, ACESSÓRIOS E SUPRIMENTOSDE TIC",7070,"PEÇAS E ACESSÓRIOS PARA IMPRESSORAS","18048","CARTUCHO DE TINTA","Cartucho HP 728 - Tinta AmareLO","1º SEMESTRE 2022","Alta","UNIDADE","PARCELADA","CUSTO FINALÍSTICO - MATERIAL","materiais objeto desta licitação visam a atender impressões de cartas operacionais.",2,1650,3300]
["5DE",null,16,"MATERIAL DE EXPEDIENTE",75,"UTENSÍLIOS DE ESCRITÓRIO E MATERIAL DE EXPEDIENTE",7510,"ARTIGOS PARA ESCRITÓRIO","00192","\"PAPEL XEROGRÁFICO\"","Papel Para Plotter Fotográfico Glossy Brilhante | 230g Rolo 914mm X 30m","1º SEMESTRE 2022","Media","UNIDADE","PARCELADA","CUSTO FINALÍSTICO - MATERIAL","materiais objeto desta licitação visam a atender impressões de cartas operacionais.",3,455,1365]
["5DE",null,16,"MATERIAL DE EXPEDIENTE",75,"UTENSÍLIOS DE ESCRITÓRIO E MATERIAL DE EXPEDIENTE",7060,"PEÇAS E ACESSÓRIOS PARA COMPUTADORES","00192","\"PAPEL XEROGRÁFICO\"","Papel para plotter sulfite | 75g rolo 914mm x 30m","1º SEMESTRE 2022","Media","UNIDADE","PARCELADA","CUSTO FINALÍSTICO - MATERIAL","materiais objeto desta licitação visam a atender impressões de cartas operacionais.",3,180,540]
["5DE",null,16,"MATERIAL DE EXPEDIENTE",75,"UTENSÍLIOS DE ESCRITÓRIO E MATERIAL DE EXPEDIENTE",7060,"PEÇAS E ACESSÓRIOS PARA COMPUTADORES","",null,"Mídia gravável DVD-R, 4,7GB, preferencialmente com arte incolor ou branca na face","1º SEMESTRE 2022","Media","UNIDADE","PARCELADA","CUSTO FINALÍSTICO - MATERIAL","materiais objeto desta licitação visam a atender impressões de cartas operacionais.",100,78,7800]
["5DE",null,16,"MATERIAL DE EXPEDIENTE",75,"UTENSÍLIOS DE ESCRITÓRIO E MATERIAL DE EXPEDIENTE",7060,"PEÇAS E ACESSÓRIOS PARA COMPUTADORES","",null,"Pacote Com 50 Etiquetas Para Cd/Dvd, Folha Formato Carta","1º SEMESTRE 2022","Media","UNIDADE","PARCELADA","CUSTO FINALÍSTICO - MATERIAL","materiais objeto desta licitação visam a atender impressões de cartas operacionais.",100,95,9500]
["5DE",null,16,"MATERIAL DE EXPEDIENTE",70,"INFORMÁTICA - EQUIPAMENTOS,  PEÇAS, ACESSÓRIOS E SUPRIMENTOSDE TIC",7060,"PEÇAS E ACESSÓRIOS PARA COMPUTADORES","",null,"Cápsulas de sílica gel para conservação / desumidificação de materiais eletrônicos – pacote com 50 ou 100","1º SEMESTRE 2022","Media","UNIDADE","PARCELADA","CUSTO FINALÍSTICO - MATERIAL","materiais objeto desta licitação visam a atender impressões de cartas operacionais.",2,140,280]
["5DE",null,16,"MATERIAL DE EXPEDIENTE",75,"UTENSÍLIOS DE ESCRITÓRIO E MATERIAL DE EXPEDIENTE",7060,"PEÇAS E ACESSÓRIOS PARA COMPUTADORES","",null,"Papel Fotográfico A4  130g Glossy Brilhante","1º SEMESTRE 2022","Media","UNIDADE","PARCELADA","CUSTO FINALÍSTICO - MATERIAL","materiais objeto desta licitação visam a atender impressões de cartas operacionais.",20,198,3960]
["5DE",null,16,"MATERIAL DE EXPEDIENTE",75,"UTENSÍLIOS DE ESCRITÓRIO E MATERIAL DE EXPEDIENTE",7060,"PEÇAS E ACESSÓRIOS PARA COMPUTADORES","",null,"Papel Adesivo Fotográfico 100 Folhas A4 130g Glossy Brilhante","1º SEMESTRE 2022","Media","UNIDADE","PARCELADA","CUSTO FINALÍSTICO - MATERIAL","materiais objeto desta licitação visam a atender impressões de cartas operacionais.",20,95,1900]
["5DE",null,16,"MATERIAL DE EXPEDIENTE",75,"UTENSÍLIOS DE ESCRITÓRIO E MATERIAL DE EXPEDIENTE",7060,"PEÇAS E ACESSÓRIOS PARA COMPUTADORES","",null,"Fita adesiva dupla face 9,5mmx20m Scotch 3M BT 40M","1º SEMESTRE 2022","Media","UNIDADE","PARCELADA","CUSTO FINALÍSTICO - MATERIAL","materiais objeto desta licitação visam a atender impressões de cartas operacionais.",40,75,3000]
["5DE",null,16,"MATERIAL DE EXPEDIENTE",75,"UTENSÍLIOS DE ESCRITÓRIO E MATERIAL DE EXPEDIENTE",7060,"PEÇAS E ACESSÓRIOS PARA COMPUTADORES","",null,"Caixa plástica em pvc com bolsa de plástico acetato, em cor preta ou branca, com espaço para uma (1) mídia dvd.","1º SEMESTRE 2022","Media","UNIDADE","PARCELADA","CUSTO FINALÍSTICO - MATERIAL","materiais objeto desta licitação visam a atender impressões de cartas operacionais.",100,20,2000]
["5DE",null,16,"MATERIAL DE EXPEDIENTE",75,"UTENSÍLIOS DE ESCRITÓRIO E MATERIAL DE EXPEDIENTE",7060,"PEÇAS E ACESSÓRIOS PARA COMPUTADORES","",null,"Agenda tipo permanente, 100 fls, capa dura em papel cartão 3mm revestido com impressão 4x0 cores e acabamento plastificação fosca ou brilhante na capa e contra-capa. Miolo de páginas internas com as primeiras 8 páginas personalizáveis com conteúdo do contratante, demais páginas padrão sem personalização. Encadernação tipo garra inglesa.","1º SEMESTRE 2022","Media","UNIDADE","PARCELADA","CUSTO FINALÍSTICO - SERVIÇO"," materiais objeto desta licitação visam a distribuição e serão ofertados em palestras, congressos e encontros da área .",100,60,6000]
["5DE",null,16,"MATERIAL DE EXPEDIENTE",99,"DIVERSOS",7060,"PEÇAS E ACESSÓRIOS PARA COMPUTADORES","",null,"Miniatura de Blindado Guarani em madeira, peças móveis (metralhadora, escotilhas e rodas), acabamento pintura/verniz.Acompanha base em MDF, placa de identificação e brasão personalizado da 5ªDE.Comprimento 180mm, altura 80mm, largura 73mm.Base 210 x 150 x 12 mm.","1º SEMESTRE 2022","Alta","UNIDADE","PARCELADA","CUSTO FINALÍSTICO - SERVIÇO"," materiais objeto desta licitação visam a distribuição e serão ofertados em palestras, congressos e encontros da área .",20,45,900]
["5DE",null,16,"MATERIAL DE EXPEDIENTE",99,"DIVERSOS",7060,"PEÇAS E ACESSÓRIOS PARA COMPUTADORES","",null,"Miniatura de Blindado Leopard em madeira, peças móveis (torre 360º, canhão, escotilhas e lagartas), acabamento pintura/verniz.Acompanha base em MDF, placa de identificação e brasão personalizado da 5ªDE.Comprimento 190mm, altura 85mm, largura 90mm.Base 210 x 150 x 12 mm.","1º SEMESTRE 2022","Alta","UNIDADE","PARCELADA","CUSTO FINALÍSTICO - SERVIÇO"," materiais objeto desta licitação visam a distribuição e serão ofertados em palestras, congressos e encontros da área .",20,45,900]
["5DE",null,16,"MATERIAL DE EXPEDIENTE",99,"DIVERSOS",7060,"PEÇAS E ACESSÓRIOS PARA COMPUTADORES","",null,"Placa acrílico com base em granito ou madeira 18x 13 cm; gravação padrão 4x0 cores no acrílico + placa metal 8x3cm com gravação com fita dupla face separada para afixação. a serem definidos pelo contratante.","1º SEMESTRE 2022","Alta","UNIDADE","PARCELADA","CUSTO FINALÍSTICO - SERVIÇO"," materiais objeto desta licitação visam a distribuição e serão ofertados em palestras, congressos e encontros da área .",25,130,3250]
["5DE",null,16,"MATERIAL DE EXPEDIENTE",99,"DIVERSOS",7060,"PEÇAS E ACESSÓRIOS PARA COMPUTADORES","",null,"Porta-bloco em couro com 2 furos e 2 ganchos, incluso bloco branco sem impressão","1º SEMESTRE 2022","Alta","UNIDADE","PARCELADA","CUSTO FINALÍSTICO - SERVIÇO"," materiais objeto desta licitação visam a distribuição e serão ofertados em palestras, congressos e encontros da área .",50,90,4500]
["5DE",null,16,"MATERIAL DE EXPEDIENTE",99,"DIVERSOS",7060,"PEÇAS E ACESSÓRIOS PARA COMPUTADORES","",null,"Porta bloco de rascunho em couro sintético contendo bloco de 100 folhas sem impressão, bolso para cartões e porta caneta central, forrado em tecido, todo pespontado em fino acabamento. Embalado em caixa kraft com gravação em hot stamping. Tamanho aproximado: 22,0 x 15,5 x 3,0 cm (AxCxE)","1º SEMESTRE 2022","Alta","UNIDADE","PARCELADA","CUSTO FINALÍSTICO - SERVIÇO"," materiais objeto desta licitação visam a distribuição e serão ofertados em palestras, congressos e encontros da área .",50,90,4500]
["5DE",null,16,"MATERIAL DE EXPEDIENTE",99,"DIVERSOS",7060,"PEÇAS E ACESSÓRIOS PARA COMPUTADORES","",null,"SUPORTE DE BOLSA METÁLICO FEMININO PERSONALIZADO COM LOGO","1º SEMESTRE 2022","Alta","UNIDADE","PARCELADA","CUSTO FINALÍSTICO - SERVIÇO"," materiais objeto desta licitação visam a distribuição e serão ofertados em palestras, congressos e encontros da área .",50,40,2000]
["5DE",null,16,"MATERIAL DE EXPEDIENTE",99,"DIVERSOS",7060,"PEÇAS E ACESSÓRIOS PARA COMPUTADORES","",null,"NECESSAIRE COURO 26X16X10CM","1º SEMESTRE 2022","Alta","UNIDADE","PARCELADA","CUSTO FINALÍSTICO - SERVIÇO"," materiais objeto desta licitação visam a distribuição e serão ofertados em palestras, congressos e encontros da área .",50,40,2000]
["5DE",null,16,"MATERIAL DE EXPEDIENTE",99,"DIVERSOS",7060,"PEÇAS E ACESSÓRIOS PARA COMPUTADORES","",null,"Espelho com abertura / fechamento e gravação da logomarca em 4x0 cores na face externa. Acabamento plástico do material externo, espelho de vidro na parte interna.","1º SEMESTRE 2022","Alta","UNIDADE","PARCELADA","CUSTO FINALÍSTICO - SERVIÇO"," materiais objeto desta licitação visam a distribuição e serão ofertados em palestras, congressos e encontros da área .",50,15,750]
["5DE",null,16,"MATERIAL DE EXPEDIENTE",99,"DIVERSOS",7060,"PEÇAS E ACESSÓRIOS PARA COMPUTADORES","",null,"Pen card 4GB / 8G branca personalizada com impressão 4x4 cores, base branca e “clip” com abertura e fechamento","1º SEMESTRE 2022","Alta","UNIDADE","PARCELADA","CUSTO FINALÍSTICO - SERVIÇO"," materiais objeto desta licitação visam a distribuição e serão ofertados em palestras, congressos e encontros da área .",50,25,1250]
["5DE",null,16,"MATERIAL DE EXPEDIENTE",99,"DIVERSOS",7060,"PEÇAS E ACESSÓRIOS PARA COMPUTADORES","",null,"Pen drive 8GB em aço inox, formato chaveiro, com gravação a laser da logomarca e legendas.","1º SEMESTRE 2022","Alta","UNIDADE","PARCELADA","CUSTO FINALÍSTICO - SERVIÇO"," materiais objeto desta licitação visam a distribuição e serão ofertados em palestras, congressos e encontros da área .",50,15,750]
["5DE",null,16,"MATERIAL DE EXPEDIENTE",99,"DIVERSOS",7060,"PEÇAS E ACESSÓRIOS PARA COMPUTADORES","",null,"Distintivo OM Brasão Leão em resina;4x0 cores, em resina, modelo masculino e feminino","1º SEMESTRE 2022","Alta","UNIDADE","PARCELADA","CUSTO FINALÍSTICO - SERVIÇO"," materiais objeto desta licitação visam a distribuição e serão ofertados em palestras, congressos e encontros da área .",50,30,1500]
["5DE",null,16,"MATERIAL DE EXPEDIENTE",99,"DIVERSOS",7060,"PEÇAS E ACESSÓRIOS PARA COMPUTADORES","",null,"Caneta plástica com acabamento imitando metal Gravação da logomarca colorida ou a laser 1 cor","1º SEMESTRE 2022","Alta","UNIDADE","PARCELADA","CUSTO FINALÍSTICO - SERVIÇO"," materiais objeto desta licitação visam a distribuição e serão ofertados em palestras, congressos e encontros da área .",500,10,5000]
["5DE",null,16,"MATERIAL DE EXPEDIENTE",99,"DIVERSOS",7060,"PEÇAS E ACESSÓRIOS PARA COMPUTADORES","",null,"Placa de Homenagem, Aço Inoxidável, 26x36cm, Gravação Colorida em Alto Revelo, Estojo em Veludo Preto.","1º SEMESTRE 2022","Alta","UNIDADE","PARCELADA","CUSTO FINALÍSTICO - SERVIÇO"," materiais objeto desta licitação visam a distribuição e serão ofertados em palestras, congressos e encontros da área .",50,315,15750]
["5DE",null,16,"MATERIAL DE EXPEDIENTE",99,"DIVERSOS",7060,"PEÇAS E ACESSÓRIOS PARA COMPUTADORES","",null,"CAIXA COM 2 XÍCARAS 160ml com pires e logo da 5ªDE, impressão 4x0 cores nos 4 itens (xícaras e pires), acondicionadas em embalagem caixa de papelão sem impressão para transporte.","1º SEMESTRE 2022","Alta","UNIDADE","PARCELADA","CUSTO FINALÍSTICO - SERVIÇO"," materiais objeto desta licitação visam a distribuição e serão ofertados em palestras, congressos e encontros da área .",30,150,4500]
["5DE",null,19,"MATERIAL DE ACONDICIONAMENTO E EMBALAGEM",99,"DIVERSOS",7060,"PEÇAS E ACESSÓRIOS PARA COMPUTADORES","",null,"SACOLA PAPEL KRAFTou TRIPLEX com plastificação ALTA GRAMATURA, impressão 4x0, alça vazada ou 2 furos e fita, faca especial. Tamanho aproximado: 30 x 35 x 9 cm vertical","1º SEMESTRE 2022","Alta","UNIDADE","PARCELADA","CUSTO FINALÍSTICO - SERVIÇO"," materiais objeto desta licitação visam a distribuição e serão ofertados em palestras, congressos e encontros da área .",200,50,10000]
["5DE",null,19,"MATERIAL DE ACONDICIONAMENTO E EMBALAGEM",99,"DIVERSOS",7060,"PEÇAS E ACESSÓRIOS PARA COMPUTADORES","",null,"SACOLA PARA 01 (UMA) GARRAFA DE VINHO, com alça vazada e fechamento / faca especial, alta gramatura, 4x0,  Sacola de Papel 11x37x09cm","1º SEMESTRE 2022","Alta","UNIDADE","PARCELADA","CUSTO FINALÍSTICO - SERVIÇO"," materiais objeto desta licitação visam a distribuição e serão ofertados em palestras, congressos e encontros da área .",60,5.7,342]
["5DE",null,19,"MATERIAL DE ACONDICIONAMENTO E EMBALAGEM",99,"DIVERSOS",7060,"PEÇAS E ACESSÓRIOS PARA COMPUTADORES","",null,"Caixa personalizada formato retangular. Papel colorplus preto.Formato montado 16,5 x 3,8 x 5,5 cm Tampa formato aberto:29 x 18 cm, 12 dobras (6vert/6horiz), Papel Colorplus preto faca especial. Verniz UV Localizado (logo). Base formato aberto:33 x 21,6 cm / 12 dobras (6vert/6horiz) / faca especial","1º SEMESTRE 2022","Alta","UNIDADE","PARCELADA","CUSTO FINALÍSTICO - SERVIÇO"," materiais objeto desta licitação visam a distribuição e serão ofertados em palestras, congressos e encontros da área .",120,9,1080]
["5DE",null,19,"MATERIAL DE ACONDICIONAMENTO E EMBALAGEM",99,"DIVERSOS",7060,"PEÇAS E ACESSÓRIOS PARA COMPUTADORES","",null,"Base Triplex 20x37 cm,  4x0 cores / 3 dobras, Miolo Couche 120g,13 lâminas 4x4 cores, acabamento garra inglesa branca.","1º SEMESTRE 2022","Alta","UNIDADE","PARCELADA","CUSTO FINALÍSTICO - SERVIÇO"," materiais objeto desta licitação visam a distribuição e serão ofertados em palestras, congressos e encontros da área .",150,22,3300]
["5DE",null,16,"MATERIAL DE EXPEDIENTE",70,"INFORMÁTICA - EQUIPAMENTOS,  PEÇAS, ACESSÓRIOS E SUPRIMENTOSDE TIC",7060,"PEÇAS E ACESSÓRIOS PARA COMPUTADORES","",null,"TONNER EPSON l395 - 664Y","1º SEMESTRE 2022","Alta","UNIDADE","PARCELADA","CUSTO FINALÍSTICO - MATERIAL"," materiais objeto desta licitação visam a distribuição e serão ofertados em palestras, congressos e encontros da área .",5,150,750]
["5DE",null,16,"MATERIAL DE EXPEDIENTE",70,"INFORMÁTICA - EQUIPAMENTOS,  PEÇAS, ACESSÓRIOS E SUPRIMENTOSDE TIC",7060,"PEÇAS E ACESSÓRIOS PARA COMPUTADORES","",null,"TONNER EPSON l395 -  664M","1º SEMESTRE 2022","Alta","UNIDADE","PARCELADA","CUSTO FINALÍSTICO - MATERIAL"," materiais objeto desta licitação visam a distribuição e serão ofertados em palestras, congressos e encontros da área .",5,150,750]
["5DE",null,16,"MATERIAL DE EXPEDIENTE",70,"INFORMÁTICA - EQUIPAMENTOS,  PEÇAS, ACESSÓRIOS E SUPRIMENTOSDE TIC",7060,"PEÇAS E ACESSÓRIOS PARA COMPUTADORES","",null,"TONNER EPSON l395 – 664C","1º SEMESTRE 2022","Alta","UNIDADE","PARCELADA","CUSTO FINALÍSTICO - MATERIAL"," materiais objeto desta licitação visam a distribuição e serão ofertados em palestras, congressos e encontros da área .",5,150,750]
["5DE",null,16,"MATERIAL DE EXPEDIENTE",70,"INFORMÁTICA - EQUIPAMENTOS,  PEÇAS, ACESSÓRIOS E SUPRIMENTOSDE TIC",7060,"PEÇAS E ACESSÓRIOS PARA COMPUTADORES","",null,"TONNER EPSON l395 - 664BK","1º SEMESTRE 2022","Alta","UNIDADE","PARCELADA","CUSTO FINALÍSTICO - MATERIAL"," materiais objeto desta licitação visam a distribuição e serão ofertados em palestras, congressos e encontros da área .",5,150,750]
["5DE",null,16,"MATERIAL DE EXPEDIENTE",70,"INFORMÁTICA - EQUIPAMENTOS,  PEÇAS, ACESSÓRIOS E SUPRIMENTOSDE TIC",7060,"PEÇAS E ACESSÓRIOS PARA COMPUTADORES","",null,"tonner hp laserjetpro 2606dn – tonner 278A CE278A","1º SEMESTRE 2022","Alta","UNIDADE","PARCELADA","CUSTO FINALÍSTICO - MATERIAL"," materiais objeto desta licitação visam a distribuição e serão ofertados em palestras, congressos e encontros da área .",5,250,1250]
["5DE",null,16,"MATERIAL DE EXPEDIENTE",70,"INFORMÁTICA - EQUIPAMENTOS,  PEÇAS, ACESSÓRIOS E SUPRIMENTOSDE TIC",7060,"PEÇAS E ACESSÓRIOS PARA COMPUTADORES","",null,"tonner impressora samsung scx 4833fd – tonnerd205","1º SEMESTRE 2022","Alta","UNIDADE","PARCELADA","CUSTO FINALÍSTICO - MATERIAL"," materiais objeto desta licitação visam a distribuição e serão ofertados em palestras, congressos e encontros da área .",5,300,1500]
["5DE",null,16,"MATERIAL DE EXPEDIENTE",70,"INFORMÁTICA - EQUIPAMENTOS,  PEÇAS, ACESSÓRIOS E SUPRIMENTOSDE TIC",7060,"PEÇAS E ACESSÓRIOS PARA COMPUTADORES","",null,"tonner impressora hp – cf212 a y","1º SEMESTRE 2022","Alta","UNIDADE","PARCELADA","CUSTO FINALÍSTICO - MATERIAL"," materiais objeto desta licitação visam a distribuição e serão ofertados em palestras, congressos e encontros da área .",5,300,1500]
["5DE",null,16,"MATERIAL DE EXPEDIENTE",70,"INFORMÁTICA - EQUIPAMENTOS,  PEÇAS, ACESSÓRIOS E SUPRIMENTOSDE TIC",7060,"PEÇAS E ACESSÓRIOS PARA COMPUTADORES","",null,"tonner impressora hp – cf213 A m","1º SEMESTRE 2022","Alta","UNIDADE","PARCELADA","CUSTO FINALÍSTICO - MATERIAL"," materiais objeto desta licitação visam a distribuição e serão ofertados em palestras, congressos e encontros da área .",5,300,1500]
["5DE",null,16,"MATERIAL DE EXPEDIENTE",70,"INFORMÁTICA - EQUIPAMENTOS,  PEÇAS, ACESSÓRIOS E SUPRIMENTOSDE TIC",7060,"PEÇAS E ACESSÓRIOS PARA COMPUTADORES","",null,"tonner impressora hp – cf211 A C","1º SEMESTRE 2022","Alta","UNIDADE","PARCELADA","CUSTO FINALÍSTICO - MATERIAL"," materiais objeto desta licitação visam a distribuição e serão ofertados em palestras, congressos e encontros da área .",5,300,1500]
["5DE",null,16,"MATERIAL DE EXPEDIENTE",70,"INFORMÁTICA - EQUIPAMENTOS,  PEÇAS, ACESSÓRIOS E SUPRIMENTOSDE TIC",7060,"PEÇAS E ACESSÓRIOS PARA COMPUTADORES","",null,"tonner impressora hp – cf210 X  B","1º SEMESTRE 2022","Alta","UNIDADE","PARCELADA","CUSTO FINALÍSTICO - MATERIAL"," materiais objeto desta licitação visam a distribuição e serão ofertados em palestras, congressos e encontros da área .",5,300,1500]
["5DE",null,47,"AQUISICAO DE SOFTWARES DE BASE",99,"DIVERSOS",7060,"PEÇAS E ACESSÓRIOS PARA COMPUTADORES","",null,"Assinatura anual do aplicativo online News Monitor, com as funcionalidades de clipagem eletrônica e monitoramento de mídia, criação de alertas de veiculação regionais personalizados.","1º SEMESTRE 2022","Alta","UNIDADE","INTEGRAL","CUSTO FINALÍSTICO - SERVIÇO","Assinaturas necessárias para atender as demandas de criação dematerial gráfico, produtos de audio visual e produtos para as redes sociais com a finalidade de ",3,2500,7500]
["5DE",null,47,"AQUISICAO DE SOFTWARES DE BASE",99,"DIVERSOS",7060,"PEÇAS E ACESSÓRIOS PARA COMPUTADORES","",null,"Aplicativo online para edição de informativos interativos com galerias de fotos e vídeos, dentre outras peças de comunicação.","1º SEMESTRE 2022","Alta","UNIDADE","INTEGRAL","CUSTO FINALÍSTICO - SERVIÇO","Assinaturas necessárias para atender as demandas de criação dematerial gráfico, produtos de audio visual e produtos para as redes sociais com a finalidade de ",3,90,270]
["5DE",null,47,"AQUISICAO DE SOFTWARES DE BASE",99,"DIVERSOS",7060,"PEÇAS E ACESSÓRIOS PARA COMPUTADORES","",null,"Pacote de softwares incluindo aplicativos de diagramação (Adobe Illustrator e In Design), tratamento de imagens (Photoshop e Lightroom), páginas de internet (Dreamweaver), edição de vídeos (Premiere e After Effects).","1º SEMESTRE 2022","Alta","UNIDADE","INTEGRAL","CUSTO FINALÍSTICO - SERVIÇO","Assinaturas necessárias para atender as demandas de criação dematerial gráfico, produtos de audio visual e produtos para as redes sociais com a finalidade de ",3,1500,4500]
["5DE",null,47,"AQUISICAO DE SOFTWARES DE BASE",99,"DIVERSOS",7060,"PEÇAS E ACESSÓRIOS PARA COMPUTADORES","",null,"Assinatura anual do software (programa) Adobe After Effects, utilizado para edição de vídeos de alto padrão, a ser instalado no computador dos usuários a partir de instaladores fornecidos pela fabricante em seu website, com direito a upgrades automáticos configuráveis durante o período vigente da assinatura","1º SEMESTRE 2022","Alta","UNIDADE","INTEGRAL","CUSTO FINALÍSTICO - SERVIÇO","Assinaturas necessárias para atender as demandas de criação dematerial gráfico, produtos de audio visual e produtos para as redes sociais com a finalidade de ",3,600,1800]
["5DE",null,47,"AQUISICAO DE SOFTWARES DE BASE",99,null,7060,"PEÇAS E ACESSÓRIOS PARA COMPUTADORES","",null,"Empenho Global para material impresso digital em lona ou vinil para confecção de banners, adesivos ou placas sinalizadoras mediante demanda. 250M²","1º SEMESTRE 2022","Alta","UNIDADE","INTEGRAL","CUSTO FINALÍSTICO - SERVIÇO","materiais objeto desta licitação visam a atender impressões de produtos operacionais.",1,5000,5000]
["5DE",null,47,"AQUISICAO DE SOFTWARES DE BASE",99,null,7060,"PEÇAS E ACESSÓRIOS PARA COMPUTADORES","",null,"Pastas 4x0 cores papel triplex ou duo design, formato aberto 45x31cm / formato fechado 22,5x31cm, com bolsa sem impressão colada; acabamento plastificação fosca","1º SEMESTRE 2022","Alta","UNIDADE","INTEGRAL","CUSTO FINALÍSTICO - SERVIÇO","materiais objeto desta licitação visam a atender impressões de produtos operacionais.",600,1.5,900]
["5DE",null,47,"AQUISICAO DE SOFTWARES DE BASE",99,null,7060,"PEÇAS E ACESSÓRIOS PARA COMPUTADORES","",null,"SACOLA PAPEL KRAFT ou TRIPLEX com plastificação ALTA GRAMATURA, impressão 4x0, alça vazada ou 2 furos e fita, faca especial. Tamanho aproximado: 30 x 35 x 9 cm vertical","1º SEMESTRE 2022","Alta","UNIDADE","INTEGRAL","CUSTO FINALÍSTICO - SERVIÇO","materiais objeto desta licitação visam a atender impressões de produtos operacionais.",300,2.5,750]
["5DE",null,47,"AQUISICAO DE SOFTWARES DE BASE",99,null,7060,"PEÇAS E ACESSÓRIOS PARA COMPUTADORES","",null,"SACOLA PARA 01 (UMA) GARRAFA DE VINHO, com alça vazada e fechamento / faca especial, alta gramatura, 4x0,  Sacola de Papel 11x37x09cm","1º SEMESTRE 2022","Alta","UNIDADE","INTEGRAL","CUSTO FINALÍSTICO - SERVIÇO","materiais objeto desta licitação visam a atender impressões de produtos operacionais.",300,2.5,750]
["5DE",null,47,"AQUISICAO DE SOFTWARES DE BASE",99,null,7060,"PEÇAS E ACESSÓRIOS PARA COMPUTADORES","",null,"FOLHETO (FLYER) A5 - Formato 15 x 21 cm, Impressão 4x4 cores, Couche 115g","1º SEMESTRE 2022","Alta","UNIDADE","INTEGRAL","CUSTO FINALÍSTICO - SERVIÇO","materiais objeto desta licitação visam a atender impressões de produtos operacionais.",1000,0.4,400]
["5DE",null,47,"AQUISICAO DE SOFTWARES DE BASE",99,null,7060,"PEÇAS E ACESSÓRIOS PARA COMPUTADORES","",null,"FOLDER A3 - Formato Aberto 42x30cm, com 1 ou 2 dobras - Impressão 4x4 cores - Papel couche 230g","1º SEMESTRE 2022","Alta","UNIDADE","INTEGRAL","CUSTO FINALÍSTICO - SERVIÇO","materiais objeto desta licitação visam a atender impressões de produtos operacionais.",1000,0.6,600]
["11CT",null,24,"MATERIAL P/ MANUT.DE BENS IMOVEIS/INSTALACOES",56,"MATERIAIS PARA CONSTRUÇÃO",5680,"MATERIAIS DIVERSOS PARA CONSTRUÇÃO","11106","MATERIAL PARA MANUTENÇÃO BENS IMÓVEIS","Adaptador De Tomada Padrão Novo E Antigo Universal","2º SEMESTRE 2021","Media","UNIDADE","INTEGRAL","CUSTO SUPORTE - MATERIAL","Manutenção de estruturação e parque de máquinas do 11º CT",10,1.5,15]
["11CT",null,26,"MATERIAL ELETRICO E ELETRONICO",70,"INFORMÁTICA - EQUIPAMENTOS,  PEÇAS, ACESSÓRIOS E SUPRIMENTOSDE TIC",7060,"PEÇAS E ACESSÓRIOS PARA COMPUTADORES","17762","CONJUNTO ATUALIZAÇÃO MICROCOMPUTADOR","PLUG ADAPTADOR DE TOMADA 2P+T PARA 3P 20A ","2º SEMESTRE 2021","Media","UNIDADE","INTEGRAL","CUSTO SUPORTE - MATERIAL","Manutenção de estruturação e parque de máquinas do 11º CT",10,1.5,15]
["11CT",null,26,"MATERIAL ELETRICO E ELETRONICO",70,"INFORMÁTICA - EQUIPAMENTOS,  PEÇAS, ACESSÓRIOS E SUPRIMENTOSDE TIC",7060,"PEÇAS E ACESSÓRIOS PARA COMPUTADORES","17762","CONJUNTO ATUALIZAÇÃO MICROCOMPUTADOR","Gravador externo de DVD/CD Slim porta USB","2º SEMESTRE 2021","Media","UNIDADE","INTEGRAL","CUSTO SUPORTE - MATERIAL","Manutenção de estruturação e parque de máquinas do 11º CT",1,200,200]
["11CT",null,26,"MATERIAL ELETRICO E ELETRONICO",70,"INFORMÁTICA - EQUIPAMENTOS,  PEÇAS, ACESSÓRIOS E SUPRIMENTOSDE TIC",7060,"PEÇAS E ACESSÓRIOS PARA COMPUTADORES","17762","CONJUNTO ATUALIZAÇÃO MICROCOMPUTADOR","CASE EXTERNO PARA HD SATA 2.5","2º SEMESTRE 2021","Media","UNIDADE","INTEGRAL","CUSTO SUPORTE - MATERIAL","Manutenção de estruturação e parque de máquinas do 11º CT",2,50,100]
["11CT",null,26,"MATERIAL ELETRICO E ELETRONICO",70,"INFORMÁTICA - EQUIPAMENTOS,  PEÇAS, ACESSÓRIOS E SUPRIMENTOSDE TIC",7060,"PEÇAS E ACESSÓRIOS PARA COMPUTADORES","17762","CONJUNTO ATUALIZAÇÃO MICROCOMPUTADOR","Pilha Bateria Recarregável 9v 250mah","2º SEMESTRE 2021","Media","UNIDADE","INTEGRAL","CUSTO SUPORTE - MATERIAL","Manutenção de estruturação e parque de máquinas do 11º CT",6,10,60]
["11CT",null,16,"MATERIAL DE EXPEDIENTE",75,"UTENSÍLIOS DE ESCRITÓRIO E MATERIAL DE EXPEDIENTE",7520,"ACESSÓRIOS E DISPOSITIVOS PARA ESCRITÓRIO","01499","ESTILETE","ESTILETE 18MM METAL LARGO EMBORRACHADO","2º SEMESTRE 2021","Media","UNIDADE","INTEGRAL","CUSTO SUPORTE - MATERIAL","Manutenção de estruturação e parque de máquinas do 11º CT",3,7,21]
["5CIAPE",null,16,"MATERIAL DE EXPEDIENTE",75,"UTENSÍLIOS DE ESCRITÓRIO E MATERIAL DE EXPEDIENTE",7520,"ACESSÓRIOS E DISPOSITIVOS PARA ESCRITÓRIO","00047","PORTA-LÁPIS/CLIPE/LEMBRETE","Clipe 2mm ","2º SEMESTRE 2021","Baixa","CAIXA COM 10 UNIDADES",null,null,null,10,1.8,18]
["5CIAPE",null,16,"MATERIAL DE EXPEDIENTE",75,"UTENSÍLIOS DE ESCRITÓRIO E MATERIAL DE EXPEDIENTE",7520,"ACESSÓRIOS E DISPOSITIVOS PARA ESCRITÓRIO","09369","MARCADOR DE LIVRO","Marcador várias cores","1º SEMESTRE 2021","Media","CAIXA COM 50 UNIDADES",null,null,null,30,5.5,165]
["5CIAPE",null,26,"MATERIAL ELETRICO E ELETRONICO",70,"INFORMÁTICA - EQUIPAMENTOS,  PEÇAS, ACESSÓRIOS E SUPRIMENTOSDE TIC",7060,"PEÇAS E ACESSÓRIOS PARA COMPUTADORES","10001","\"MOUSE\"","mouse USB","1º SEMESTRE 2021","Alta","CAIXA",null,null,null,100,25,2500]
["5CIAPE",null,47,"AQUISICAO DE SOFTWARES DE BASE",70,"INFORMÁTICA - EQUIPAMENTOS,  PEÇAS, ACESSÓRIOS E SUPRIMENTOSDE TIC",7099,"OUTROS","12100","SISTEMA  ( EQUIPAMENTO / SOFTWARE ) GERENCIAMENTO","ADOBE CREATIVE","1º SEMESTRE 2021","Alta","PACOTE",null,null,null,2,6500,13000]
["5CIAPE",null,4,"GAS E OUTROS MATERIAIS ENGARRAFADOS",45,"EQUIPAMENTO DE INSTALAÇÕES HIDRÁULICAS E DE AQUECIMENTO",4520,"EQUIPAMENTOS PARA CALEFAÇÃO E AQUECEDORES DOMÉSTICOS DE ÁGUA","02918","AQUECEDOR DE AGUA A GAS","Aquecedor dos alojamentos","1º SEMESTRE 2021","Alta","METRO CÚBICO",null,null,null,10,195,1950]
["5CIAPE",null,22,"MATERIAL DE LIMPEZA E PROD. DE HIGIENIZAÇÃO",79,"EQUIPAMENTOS E MATERIAIS PARA LIMPEZA",7920,"VASSOURAS, ESCOVAS, RODOS, ESPONJAS E ESFREGÕES","13327","VASSOURA","Vassoura","1º SEMESTRE 2021","Baixa","UNIDADE",null,null,null,40,12,480]
["5CIAPE",null,22,"MATERIAL DE LIMPEZA E PROD. DE HIGIENIZAÇÃO",79,"EQUIPAMENTOS E MATERIAIS PARA LIMPEZA",7930,"COMPOSTOS E PREPARADOS PARA LIMPEZA E POLIMENTO","11865","SABÃO PÓ","sabão em pó","1º SEMESTRE 2021","Media","CAIXA",null,null,null,50,9.5,475]
["5CIAPE",null,22,"MATERIAL DE LIMPEZA E PROD. DE HIGIENIZAÇÃO",79,"EQUIPAMENTOS E MATERIAIS PARA LIMPEZA",7930,"COMPOSTOS E PREPARADOS PARA LIMPEZA E POLIMENTO","14576","AROMATIZANTE AMBIENTAL","frasco em aerossol","2º SEMESTRE 2021","Baixa","UNIDADE",null,null,null,100,6.5,650]
["5CIAPE",null,26,"MATERIAL ELETRICO E ELETRONICO",70,"INFORMÁTICA - EQUIPAMENTOS,  PEÇAS, ACESSÓRIOS E SUPRIMENTOSDE TIC",7060,"PEÇAS E ACESSÓRIOS PARA COMPUTADORES","15410","ADAPTADOR CONECTOR","Adaptador para USB","2º SEMESTRE 2021","Media","UNIDADE",null,null,null,80,12,960]
["5CIAPE",null,26,"MATERIAL ELETRICO E ELETRONICO",46,"EQUIPAMENTOS PARA PURIFICAÇÃO DE ÁGUAS E TRATAMENTO DE ESGO-TOS",4610,"EQUIPAMENTOS PARA PURIFICAÇÃO DE ÁGUA","13361","VELA DE FILTRO","Vela para filtro Libel ","1º SEMESTRE 2021","Alta","UNIDADE",null,null,null,12,50,600]
["5CIAPE",null,41,"MATERIAL P/ UTILIZACAO EM GRAFICA",76,"LIVROS, MAPAS E OUTRAS PUBLICAÇÕES",7690,"IMPRESSOS DIVERSOS","08306","IMPRESSO PRONTO","conforme demanda E7","1º SEMESTRE 2021","Media","FOLHA",null,null,null,20,80,1600]
["5CIAPE",null,22,"MATERIAL DE LIMPEZA E PROD. DE HIGIENIZAÇÃO",79,"EQUIPAMENTOS E MATERIAIS PARA LIMPEZA",7930,"COMPOSTOS E PREPARADOS PARA LIMPEZA E POLIMENTO","11200","SOLUÇÃO LIMPEZA MULTIUSO","Limpeza de vidros","2º SEMESTRE 2021","Baixa","VASILHAME",null,null,null,100,5.3,530]
["5CIAPE",null,22,"MATERIAL DE LIMPEZA E PROD. DE HIGIENIZAÇÃO",79,"EQUIPAMENTOS E MATERIAIS PARA LIMPEZA",7930,"COMPOSTOS E PREPARADOS PARA LIMPEZA E POLIMENTO","06136","DETERGENTE","Líquido 500 ml","1º SEMESTRE 2021","Baixa","VASILHAME",null,null,null,300,8,2400]
["5CIAPE",null,16,"MATERIAL DE EXPEDIENTE",79,"EQUIPAMENTOS E MATERIAIS PARA LIMPEZA",7930,"COMPOSTOS E PREPARADOS PARA LIMPEZA E POLIMENTO","16496","LIMPA PNEU","Líquido 500 ml","2º SEMESTRE 2021","Baixa","VASILHAME",null,null,null,100,4,400]
["5CIAPE",null,41,"MATERIAL P/ UTILIZACAO EM GRAFICA",99,"DIVERSOS",9999,"ITENS DIVERSOS","17350","BRINDE","Impressão gráfica folheto","1º SEMESTRE 2021","Media","UNIDADE",null,null,null,2500,1.25,3125]
["5CIAPE",null,22,"MATERIAL DE LIMPEZA E PROD. DE HIGIENIZAÇÃO",85,"ARTIGOS DE HIGIENE",8540,"ARTIGOS DE PAPEL PARA HIGIENE","10383","PAPEL HIGIÊNICO",null,"2º SEMESTRE 2021","Media","FARDO",null,null,null,1000,4.3,4300]
["5CIAPE",null,22,"MATERIAL DE LIMPEZA E PROD. DE HIGIENIZAÇÃO",85,"ARTIGOS DE HIGIENE",8540,"ARTIGOS DE PAPEL PARA HIGIENE","08122","GUARDANAPO DE PAPEL",null,"2º SEMESTRE 2021","Media","FARDO",null,null,null,1000,8,8000]
["CIAAP",1,23,"UNIFORMES, TECIDOS E AVIAMENTOS",84,"VESTUÁRIOS, EQUIPAMENTOS INDIVIDUAIS E INSÍGNIAS",8415,"VESTUÁRIO PARA FINS ESPECIAIS","07289","FARDAMENTO / ACESSÓRIO","Conjunto de Uniformes Histórico do Forte Marechal Luz","2º SEMESTRE 2021","Alta","CONJUNTO","INTEGRAL","CUSTO SUPORTE - SERVIÇO","Uniforme histórico para emprego em formaturas e guarda de honra.",1,126700,126700]
["CIAAP",2,7,"MAQUINAS, UTENSILIOS E EQUIPAMENTOS DIVERSOS",72,"UTENSILIOS E UTILIDADES DE USO DOMESTICO E COMERCIAL",9999,"ITENS DIVERSOS","16898","PEÇAS / ACESSÓRIOS EQUIPAMENTOS ESPECIALIZADOS","Necessaire masculina ","1º SEMESTRE 2022","Alta","UNIDADE","PARCELADA","CUSTO SUPORTE - SERVIÇO","Material empregado no enxoval do EV.",255,38,9690]
["CIAAP",9,7,"MAQUINAS, UTENSILIOS E EQUIPAMENTOS DIVERSOS",99,"DIVERSOS",9999,"ITENS DIVERSOS","16898","PEÇAS / ACESSÓRIOS EQUIPAMENTOS ESPECIALIZADOS","Pneu maciço para carro plataforma","2º SEMESTRE 2021","Media","UNIDADE","INTEGRAL","CUSTO SUPORTE - SERVIÇO","Material empregado em atividades de manutenção.",8,168.39,1347.12]
["CIAAP",8,7,"MAQUINAS, UTENSILIOS E EQUIPAMENTOS DIVERSOS",99,"DIVERSOS",9999,"ITENS DIVERSOS","16898","PEÇAS / ACESSÓRIOS EQUIPAMENTOS ESPECIALIZADOS","Conjunto de irrigação","2º SEMESTRE 2021","Media","UNIDADE","INTEGRAL","CUSTO SUPORTE - SERVIÇO","Material empregado em atividades de manutenção e campo.",10,24.81,248.1]
["CIAAP",3,7,"MAQUINAS, UTENSILIOS E EQUIPAMENTOS DIVERSOS",72,"UTENSILIOS E UTILIDADES DE USO DOMESTICO E COMERCIAL",9999,"ITENS DIVERSOS","16898","PEÇAS / ACESSÓRIOS EQUIPAMENTOS ESPECIALIZADOS","Caneco Plástico","1º e 2º SEMESTRE 2022","Alta","UNIDADE","PARCELADA","CUSTO SUPORTE - SERVIÇO","Material empregado no enxoval do EV.",255,6,1530]
["CIAAP",4,7,"MAQUINAS, UTENSILIOS E EQUIPAMENTOS DIVERSOS",72,"UTENSILIOS E UTILIDADES DE USO DOMESTICO E COMERCIAL",9999,"ITENS DIVERSOS","16898","PEÇAS / ACESSÓRIOS EQUIPAMENTOS ESPECIALIZADOS","Graxa para sapato","1º e 2º SEMESTRE 2022","Alta","UNIDADE","PARCELADA","CUSTO SUPORTE - SERVIÇO","Material empregado no enxoval do EV.",255,6,1530]
["CIAAP",5,7,"MAQUINAS, UTENSILIOS E EQUIPAMENTOS DIVERSOS",72,"UTENSILIOS E UTILIDADES DE USO DOMESTICO E COMERCIAL",9999,"ITENS DIVERSOS","16898","PEÇAS / ACESSÓRIOS EQUIPAMENTOS ESPECIALIZADOS","Escova pra limpeza","1º e 2º SEMESTRE 2022","Alta","UNIDADE","PARCELADA","CUSTO SUPORTE - SERVIÇO","Material empregado no enxoval do EV.",255,12,3060]
["CIAAP",6,7,"MAQUINAS, UTENSILIOS E EQUIPAMENTOS DIVERSOS",72,"UTENSILIOS E UTILIDADES DE USO DOMESTICO E COMERCIAL",9999,"ITENS DIVERSOS","16898","PEÇAS / ACESSÓRIOS EQUIPAMENTOS ESPECIALIZADOS","Bombacho elástico","1º e 2º SEMESTRE 2022","Alta","UNIDADE","PARCELADA","CUSTO SUPORTE - SERVIÇO","Material empregado no enxoval do EV.",255,1.6,408]
["CIAAP",7,7,"MAQUINAS, UTENSILIOS E EQUIPAMENTOS DIVERSOS",72,"UTENSILIOS E UTILIDADES DE USO DOMESTICO E COMERCIAL",9999,"ITENS DIVERSOS","16898","PEÇAS / ACESSÓRIOS EQUIPAMENTOS ESPECIALIZADOS","Cadeado com segredo","1º e 2º SEMESTRE 2022","Alta","UNIDADE","PARCELADA","CUSTO SUPORTE - SERVIÇO","Material empregado no enxoval do EV.",255,25,6375]
["AD5",null,16,"MATERIAL DE EXPEDIENTE",75,"UTENSÍLIOS DE ESCRITÓRIO E MATERIAL DE EXPEDIENTE",7520,"ACESSÓRIOS E DISPOSITIVOS PARA ESCRITÓRIO","00047","PORTA-LÁPIS/CLIPE/LEMBRETE","Clipe 2mm ","2º SEMESTRE 2021","Baixa","CAIXA COM 10 UNIDADES",null,null,null,10,1.8,18]
["AD5",null,16,"MATERIAL DE EXPEDIENTE",75,"UTENSÍLIOS DE ESCRITÓRIO E MATERIAL DE EXPEDIENTE",7520,"ACESSÓRIOS E DISPOSITIVOS PARA ESCRITÓRIO","09369","MARCADOR DE LIVRO","Marcador várias cores","1º SEMESTRE 2021","Media","CAIXA COM 50 UNIDADES",null,null,null,30,5.5,165]
["AD5",null,26,"MATERIAL ELETRICO E ELETRONICO",70,"INFORMÁTICA - EQUIPAMENTOS,  PEÇAS, ACESSÓRIOS E SUPRIMENTOSDE TIC",7060,"PEÇAS E ACESSÓRIOS PARA COMPUTADORES","10001","\"MOUSE\"","mouse USB","1º SEMESTRE 2021","Alta","CAIXA",null,null,null,100,25,2500]
["AD5",null,47,"AQUISICAO DE SOFTWARES DE BASE",70,"INFORMÁTICA - EQUIPAMENTOS,  PEÇAS, ACESSÓRIOS E SUPRIMENTOSDE TIC",7099,"OUTROS","12100","SISTEMA  ( EQUIPAMENTO / SOFTWARE ) GERENCIAMENTO","ADOBE CREATIVE","1º SEMESTRE 2021","Alta","PACOTE",null,null,null,2,6500,13000]
["AD5",null,4,"GAS E OUTROS MATERIAIS ENGARRAFADOS",45,"EQUIPAMENTO DE INSTALAÇÕES HIDRÁULICAS E DE AQUECIMENTO",4520,"EQUIPAMENTOS PARA CALEFAÇÃO E AQUECEDORES DOMÉSTICOS DE ÁGUA","02918","AQUECEDOR DE AGUA A GAS","Aquecedor dos alojamentos","1º SEMESTRE 2021","Alta","METRO CÚBICO",null,null,null,10,195,1950]
["AD5",null,22,"MATERIAL DE LIMPEZA E PROD. DE HIGIENIZAÇÃO",79,"EQUIPAMENTOS E MATERIAIS PARA LIMPEZA",7920,"VASSOURAS, ESCOVAS, RODOS, ESPONJAS E ESFREGÕES","13327","VASSOURA","Vassoura","1º SEMESTRE 2021","Baixa","UNIDADE",null,null,null,40,12,480]
["AD5",null,22,"MATERIAL DE LIMPEZA E PROD. DE HIGIENIZAÇÃO",79,"EQUIPAMENTOS E MATERIAIS PARA LIMPEZA",7930,"COMPOSTOS E PREPARADOS PARA LIMPEZA E POLIMENTO","11865","SABÃO PÓ","sabão em pó","1º SEMESTRE 2021","Media","CAIXA",null,null,null,50,9.5,475]
["AD5",null,22,"MATERIAL DE LIMPEZA E PROD. DE HIGIENIZAÇÃO",79,"EQUIPAMENTOS E MATERIAIS PARA LIMPEZA",7930,"COMPOSTOS E PREPARADOS PARA LIMPEZA E POLIMENTO","14576","AROMATIZANTE AMBIENTAL","frasco em aerossol","2º SEMESTRE 2021","Baixa","UNIDADE",null,null,null,100,6.5,650]
["AD5",null,26,"MATERIAL ELETRICO E ELETRONICO",70,"INFORMÁTICA - EQUIPAMENTOS,  PEÇAS, ACESSÓRIOS E SUPRIMENTOSDE TIC",7060,"PEÇAS E ACESSÓRIOS PARA COMPUTADORES","15410","ADAPTADOR CONECTOR","Adaptador para USB","2º SEMESTRE 2021","Media","UNIDADE",null,null,null,80,12,960]
["AD5",null,26,"MATERIAL ELETRICO E ELETRONICO",46,"EQUIPAMENTOS PARA PURIFICAÇÃO DE ÁGUAS E TRATAMENTO DE ESGO-TOS",4610,"EQUIPAMENTOS PARA PURIFICAÇÃO DE ÁGUA","13361","VELA DE FILTRO","Vela para filtro Libel ","1º SEMESTRE 2021","Alta","UNIDADE",null,null,null,12,50,600]
["AD5",null,41,"MATERIAL P/ UTILIZACAO EM GRAFICA",76,"LIVROS, MAPAS E OUTRAS PUBLICAÇÕES",7690,"IMPRESSOS DIVERSOS","08306","IMPRESSO PRONTO","conforme demanda E7","1º SEMESTRE 2021","Media","FOLHA",null,null,null,20,80,1600]
["AD5",null,22,"MATERIAL DE LIMPEZA E PROD. DE HIGIENIZAÇÃO",79,"EQUIPAMENTOS E MATERIAIS PARA LIMPEZA",7930,"COMPOSTOS E PREPARADOS PARA LIMPEZA E POLIMENTO","11200","SOLUÇÃO LIMPEZA MULTIUSO","Limpeza de vidros","2º SEMESTRE 2021","Baixa","VASILHAME",null,null,null,100,5.3,530]
["AD5",null,22,"MATERIAL DE LIMPEZA E PROD. DE HIGIENIZAÇÃO",79,"EQUIPAMENTOS E MATERIAIS PARA LIMPEZA",7930,"COMPOSTOS E PREPARADOS PARA LIMPEZA E POLIMENTO","06136","DETERGENTE","Líquido 500 ml","1º SEMESTRE 2021","Baixa","VASILHAME",null,null,null,300,8,2400]
["AD5",null,16,"MATERIAL DE EXPEDIENTE",79,"EQUIPAMENTOS E MATERIAIS PARA LIMPEZA",7930,"COMPOSTOS E PREPARADOS PARA LIMPEZA E POLIMENTO","16496","LIMPA PNEU","Líquido 500 ml","2º SEMESTRE 2021","Baixa","VASILHAME",null,null,null,100,4,400]
["AD5",null,41,"MATERIAL P/ UTILIZACAO EM GRAFICA",99,"DIVERSOS",9999,"ITENS DIVERSOS","17350","BRINDE","Impressão gráfica folheto","1º SEMESTRE 2021","Media","UNIDADE",null,null,null,2500,1.25,3125]
["AD5",null,22,"MATERIAL DE LIMPEZA E PROD. DE HIGIENIZAÇÃO",85,"ARTIGOS DE HIGIENE",8540,"ARTIGOS DE PAPEL PARA HIGIENE","10383","PAPEL HIGIÊNICO",null,"2º SEMESTRE 2021","Media","FARDO",null,null,null,1000,4.3,4300]
["AD5",null,22,"MATERIAL DE LIMPEZA E PROD. DE HIGIENIZAÇÃO",85,"ARTIGOS DE HIGIENE",8540,"ARTIGOS DE PAPEL PARA HIGIENE","08122","GUARDANAPO DE PAPEL",null,"2º SEMESTRE 2021","Media","FARDO",null,null,null,1000,8,8000]
["AD5",null,17,"MATERIAL DE PROCESSAMENTO DE DADOS",70,"INFORMÁTICA - EQUIPAMENTOS,  PEÇAS, ACESSÓRIOS E SUPRIMENTOSDE TIC",7060,"PEÇAS E ACESSÓRIOS PARA COMPUTADORES","09597","MEMÓRIA RAM","Módulo de memória DDR4 4 GB; PC3L-12800; SDRAM 1600MHz; 1,5V; CL10; DIMM, 240 pinos; compatível com chipsets Intel P55, H67, P67, Z68, Z77, Z87 e H61; com capa e dissipador de calor assimétrico. Com garantia de 24 meses. (Marca de referência: Kingston/HyperX FURY ou similar)","2º SEMESTRE 2021","Media","UNIDADE",null,null,null,5,350,1750]
["AD5",null,17,"MATERIAL DE PROCESSAMENTO DE DADOS",70,"INFORMÁTICA - EQUIPAMENTOS,  PEÇAS, ACESSÓRIOS E SUPRIMENTOSDE TIC",7060,"PEÇAS E ACESSÓRIOS PARA COMPUTADORES","00206","APONTADOR MICROCOMPUTADOR","Apresentador laserpoint com ponteiro de laser vermelho, alcance mínimo de 20 metros, conexão USB sem fio e por Bluetooth 4.0 LE, cor grafite ou preto, quantidade mínima de 3 botões, compatível com MS Windows 7, Windows 8, Windows 10, iOS 8.0 ou posterior, Chrome OS, macOS 10.12, Android 5.0 ou posterior, Linux 2.6 ou posterior, alimentação bateria tipo AAA, similar ou superior ao modelo Logitech R500.","2º SEMESTRE 2021","Media","UNIDADE",null,null,null,5,180,900]
["AD5",null,17,"MATERIAL DE PROCESSAMENTO DE DADOS",70,"INFORMÁTICA - EQUIPAMENTOS,  PEÇAS, ACESSÓRIOS E SUPRIMENTOSDE TIC",7060,"PEÇAS E ACESSÓRIOS PARA COMPUTADORES","05409","MOUSE COMPUTADOR","MOUSE´, TIPO USB, MODELO ÓTICO, APLICAÇÃO COMPUTADOR, CARACTERÍSTICAS ADICIONAIS COM SCROLL, QUANTIDADE BOTÕES CONTROLE MÍNIMO 03 UN, RESOLUÇÃO 800 DPI, COR PRETA, COMPRIMENTO CABO 1,80 M","2º SEMESTRE 2021","Media","UNIDADE",null,null,null,50,9.5,475]
["AD5",null,17,"MATERIAL DE PROCESSAMENTO DE DADOS",70,"INFORMÁTICA - EQUIPAMENTOS,  PEÇAS, ACESSÓRIOS E SUPRIMENTOSDE TIC",7060,"PEÇAS E ACESSÓRIOS PARA COMPUTADORES","09597","MEMÓRIA RAM","Módulo de memória DDR3 8 GB; PC3-12800, SDRAM 1600MHz; tensão: 1,5V; CL10; DIMM, 240 pinos; compatível com chipsets Intel P55, H67, P67, Z68, Z77, Z87 e H61. Com garantia de 24 meses. (Marca de referência Kingston/HyperX FURY ou similar)","2º SEMESTRE 2021","Media","UNIDADE",null,null,null,5,280,1400]
["AD5",null,17,"MATERIAL DE PROCESSAMENTO DE DADOS",70,"INFORMÁTICA - EQUIPAMENTOS,  PEÇAS, ACESSÓRIOS E SUPRIMENTOSDE TIC",7060,"PEÇAS E ACESSÓRIOS PARA COMPUTADORES","09597","MEMÓRIA RAM","Módulo de memória DDR3 8 GB;DRAM 1600MHz; Para Notebook. Marca de referência Kingston/HyperX FURY ou similar)","2º SEMESTRE 2021","Media","UNIDADE",null,null,null,5,300,1500]
["AD5",null,17,"MATERIAL DE PROCESSAMENTO DE DADOS",70,"INFORMÁTICA - EQUIPAMENTOS,  PEÇAS, ACESSÓRIOS E SUPRIMENTOSDE TIC",7060,"PEÇAS E ACESSÓRIOS PARA COMPUTADORES","09597","MEMÓRIA RAM","Módulo de memória DDR4 8 GB;DRAM 2400MHz; Para Notebook. Marca de referência Kingston/HyperX FURY ou similar)","2º SEMESTRE 2021","Media","UNIDADE",null,null,null,15,350,5250]
["AD5",null,17,"MATERIAL DE PROCESSAMENTO DE DADOS",70,"INFORMÁTICA - EQUIPAMENTOS,  PEÇAS, ACESSÓRIOS E SUPRIMENTOSDE TIC",7060,"PEÇAS E ACESSÓRIOS PARA COMPUTADORES","09597","MEMÓRIA RAM","Módulo de memória DDR4 8 GB;DRAM 2133MHz; Para Notebook. Marca de referência Kingston/HyperX FURY ou similar)","2º SEMESTRE 2021","Media","UNIDADE",null,null,null,6,350,2100]
["CIMH",null,7,"GENEROS DE ALIMENTAÇÃO",89,"SUBSISTÊNCIA",8915,"FRUTAS, VERDURAS E LEGUMES","19789","FRUTA","MELAO","2º SEMESTRE 2021","Alta","QUILOGRAMA","Integral","CUSTO FINALÍSTICO - MATERIAL","Suprir necessidade de rancho",30,5.5,165]
["CIMH",null,7,"GENEROS DE ALIMENTAÇÃO",89,"SUBSISTÊNCIA",8915,"FRUTAS, VERDURAS E LEGUMES","19789","FRUTA","Maça","1º SEMESTRE 2021","Alta","QUILOGRAMA","Integral","CUSTO FINALÍSTICO - MATERIAL","Suprir necessidade de rancho",30,4.75,142.5]
["CIMH",null,7,"GENEROS DE ALIMENTAÇÃO",89,"SUBSISTÊNCIA",8915,"FRUTAS, VERDURAS E LEGUMES","19789","FRUTA","Laranja","1º SEMESTRE 2021","Alta","QUILOGRAMA","Integral","CUSTO FINALÍSTICO - MATERIAL","Suprir necessidade de rancho",30,3.75,112.5]
["CIMH",null,7,"GENEROS DE ALIMENTAÇÃO",89,"SUBSISTÊNCIA",8915,"FRUTAS, VERDURAS E LEGUMES","19789","FRUTA","Melancia","1º SEMESTRE 2021","Alta","UNIDADE","Integral","CUSTO FINALÍSTICO - MATERIAL","Suprir necessidade de rancho",30,10,300]
["CIMH",null,7,"GENEROS DE ALIMENTAÇÃO",89,"SUBSISTÊNCIA",8915,"FRUTAS, VERDURAS E LEGUMES","02207","AIPIM IN NATURA","Mandioca","1º SEMESTRE 2021","Alta","QUILOGRAMA","Integral","CUSTO FINALÍSTICO - MATERIAL","Suprir necessidade de rancho",30,3.89,116.7]
["CIMH",null,7,"GENEROS DE ALIMENTAÇÃO",89,"SUBSISTÊNCIA",8915,"FRUTAS, VERDURAS E LEGUMES","04716","CEBOLA IN NATURA","Cebola","1º SEMESTRE 2021","Alta","QUILOGRAMA","Integral","CUSTO FINALÍSTICO - MATERIAL","Suprir necessidade de rancho",130,2.7,351]
["CIMH",null,7,"GENEROS DE ALIMENTAÇÃO",89,"SUBSISTÊNCIA",8915,"FRUTAS, VERDURAS E LEGUMES","08751","LEGUME IN NATURA*","Beterraba","1º SEMESTRE 2021","Alta","QUILOGRAMA","Integral","CUSTO FINALÍSTICO - MATERIAL","Suprir necessidade de rancho",30,2.68,80.400000000000006]
["CIMH",null,7,"GENEROS DE ALIMENTAÇÃO",89,"SUBSISTÊNCIA",8915,"FRUTAS, VERDURAS E LEGUMES","04716","CEBOLA IN NATURA","Alho","2º SEMESTRE 2021","Alta","QUILOGRAMA","Integral","CUSTO FINALÍSTICO - MATERIAL","Suprir necessidade de rancho",100,15.5,1550]
["CIMH",null,7,"GENEROS DE ALIMENTAÇÃO",89,"SUBSISTÊNCIA",8915,"FRUTAS, VERDURAS E LEGUMES","19714","LEGUME EM CONSERVA","Pepino em conserva","2º SEMESTRE 2021","Alta","UNIDADE","Integral","CUSTO FINALÍSTICO - MATERIAL","Suprir necessidade de rancho",200,12,2400]
["CIMH",null,50,"BANDEIRAS, FLAMULAS E INSIGNIAS",83,"TECIDOS, COUROS, PELES, AVIAMENTOS, BARRACAS E BANDEIRAS",8345,"BANDEIRAS, FLAMULAS E PAVILHOES","03294","BANDEIRA EM GERAL","Bandeira do Brasil","1º SEMESTRE 2021","Alta","UNIDADE","Integral","CUSTO FINALÍSTICO - MATERIAL","Repor Bandeira Nacional existente na OM",3,250,750]
["CIMH",null,50,"BANDEIRAS, FLAMULAS E INSIGNIAS",83,"TECIDOS, COUROS, PELES, AVIAMENTOS, BARRACAS E BANDEIRAS",8345,"BANDEIRAS, FLAMULAS E PAVILHOES","07629","FLAMULA DISTINTIVA","Bandeira distindiva CMT OM","1º SEMESTRE 2021","Alta","UNIDADE","Integral","CUSTO FINALÍSTICO - MATERIAL","Repor distintivo de comandante de OMl existente",3,150,450]
["CIMH",null,1,"COMBUSTIVEIS E LUBRIFICANTES AUTOMOTIVOS",91,"COMBUSTÍVEIS, LUBRIFICANTES, ÓLEOS E CERAS",9150,"ÓLEOS E GRAXAS PARA CORTE, LUBRIFICAÇÃO E SISTEMAS  HIDRÁULICOS","10198","ÓLEO LUBRIFICANTE.","Oleo 500ml 2 tempo Castrol","1º SEMESTRE 2021","Alta","VASILHAME","Integral","CUSTO FINALÍSTICO - MATERIAL","Suprir necessidade de estoque do pelotão de obras",110,27,2970]
["CIMH",null,1,"COMBUSTIVEIS E LUBRIFICANTES AUTOMOTIVOS",91,"COMBUSTÍVEIS, LUBRIFICANTES, ÓLEOS E CERAS",9150,"ÓLEOS E GRAXAS PARA CORTE, LUBRIFICAÇÃO E SISTEMAS  HIDRÁULICOS","07650","FLUIDO DE SISTEMA DE FREIO","Líquido 500 ml","2º SEMESTRE 2021","Media","VASILHAME","Integral","CUSTO FINALÍSTICO - MATERIAL","Suprir necessidade de estoque da garagem dessa OM.",10,25,250]
["CIMH",null,3,"COMBUSTIVEIS E LUBRIF. P/ OUTRAS FINALIDADES",91,"COMBUSTÍVEIS, LUBRIFICANTES, ÓLEOS E CERAS",9150,"ÓLEOS E GRAXAS PARA CORTE, LUBRIFICAÇÃO E SISTEMAS  HIDRÁULICOS","14780","DESENGRIMPANTE","Spray aerrosol desingripante, lata 350ml","1º SEMESTRE 2021","Media","VASILHAME","Integral","CUSTO FINALÍSTICO - MATERIAL","Suprir necessidade de estoque da garagem dessa OM.",40,15,600]
["CIMH",null,42,"FERRAMENTAS",51,"FERRAMENTAS MANUAIS",5180,"JOGOS E CONJUNTOS DE FERRAMENTAS MANUAIS","14636","CONJUNTO FERRAMENTAS","Jogo de Ferramentas ","1º SEMESTRE 2021","Alta","KIT","Integral","CUSTO FINALÍSTICO - MATERIAL","Suprir necessidade da garagem.",50,110,5500]
["CIMH",null,4,"GAS E OUTROS MATERIAIS ENGARRAFADOS",68,"SUBSTÂNCIAS E PRODUTOS QUÍMICOS",6830,"GASES COMPRIMIDOS E LIQUEFEITOS","19744","GÁS REFINO DE PETRÓLEO","Recarga vale gas p13 e p45","1º SEMESTRE 2021","Alta","UNIDADE","Integral","CUSTO FINALÍSTICO - MATERIAL","Suprir necessidade de rancho",95,105,9975]
["CIMH",null,19,"MATERIAL DE ACONDICIONAMENTO E EMBALAGEM",73,"EQUIPAMENTOS PARA PREPARAR E SERVIR ALIMENTOS",7310,"EQUIPAMENTOS PARA COZINHAR, ASSAR E SERVIR ALIMENTOS","09384","MARMITA PARA REFEICAO","Bandeja marmitex Isopor nº8 750ml fardo 20 un","2º SEMESTRE 2021","Media","FARDO","Integral","CUSTO FINALÍSTICO - MATERIAL","Suprir necessidade de expediente desta OM.",20,27,540]
["CIMH",null,16,"MATERIAL DE EXPEDIENTE",79,"EQUIPAMENTOS E MATERIAIS PARA LIMPEZA",7930,"COMPOSTOS E PREPARADOS PARA LIMPEZA E POLIMENTO","00715","ÁLCOOL ETÍLICO LIMPEZA DE AMBIENTES","Alcool Etilico Liquido galão 5 Lt","2º SEMESTRE 2021","Media","GALÃO","Integral","CUSTO FINALÍSTICO - MATERIAL","Suprir necessidade de expediente desta OM.",50,46,2300]
["CIMH",null,22,"MATERIAL DE LIMPEZA E PROD. DE HIGIENIZAÇÃO",79,"EQUIPAMENTOS E MATERIAIS PARA LIMPEZA",7930,"COMPOSTOS E PREPARADOS PARA LIMPEZA E POLIMENTO","02166","ÁGUA SANITÁRIA","Agua Sanitaria galçao 5 Lt","2º SEMESTRE 2021","Media","GALÃO","Integral","CUSTO FINALÍSTICO - MATERIAL","Suprir necessidade de expediente desta OM.",50,8.4,420]
["CIMH",null,22,"MATERIAL DE LIMPEZA E PROD. DE HIGIENIZAÇÃO",79,"EQUIPAMENTOS E MATERIAIS PARA LIMPEZA",7930,"COMPOSTOS E PREPARADOS PARA LIMPEZA E POLIMENTO","04780","CERA POLIMENTO PISO","Cera Liquida ","1º SEMESTRE 2021","Media","UNIDADE","Integral","CUSTO FINALÍSTICO - MATERIAL","Suprir necessidade de expediente desta OM.",60,18.5,1110]
["CIMH",null,22,"MATERIAL DE LIMPEZA E PROD. DE HIGIENIZAÇÃO",79,"EQUIPAMENTOS E MATERIAIS PARA LIMPEZA",7930,"COMPOSTOS E PREPARADOS PARA LIMPEZA E POLIMENTO","06136","DETERGENTE","Detergente neutro","1º SEMESTRE 2021","Media","GALÃO","Integral","CUSTO FINALÍSTICO - MATERIAL","Suprir necessidade de expediente desta OM.",60,51,3060]
["CIMH",null,22,"MATERIAL DE LIMPEZA E PROD. DE HIGIENIZAÇÃO",79,"EQUIPAMENTOS E MATERIAIS PARA LIMPEZA",7930,"COMPOSTOS E PREPARADOS PARA LIMPEZA E POLIMENTO","11863","SABÃO BARRA","Sabao em Barra","2º SEMESTRE 2021","Media","CAIXA COM 5 UNIDADES","Integral","CUSTO FINALÍSTICO - MATERIAL","Suprir necessidade de expediente desta OM.",80,9.8000000000000007,784]
["CIMH",null,22,"MATERIAL DE LIMPEZA E PROD. DE HIGIENIZAÇÃO",79,"EQUIPAMENTOS E MATERIAIS PARA LIMPEZA",7930,"COMPOSTOS E PREPARADOS PARA LIMPEZA E POLIMENTO","11865","SABÃO PÓ","Sabão em Pó ","1º SEMESTRE 2021","Media","PACOTE","Integral","CUSTO FINALÍSTICO - MATERIAL","Suprir necessidade de expediente desta OM.",60,24,1440]
["CIMH",null,22,"MATERIAL DE LIMPEZA E PROD. DE HIGIENIZAÇÃO",79,"EQUIPAMENTOS E MATERIAIS PARA LIMPEZA",7920,"VASSOURAS, ESCOVAS, RODOS, ESPONJAS E ESFREGÕES","06950","ESCOVA LIMPEZA GERAL","Escova de Nylon para limpeza","1º SEMESTRE 2021","Media","UNIDADE","Integral","CUSTO FINALÍSTICO - MATERIAL","Suprir necessidade de expediente desta OM.",30,4.99,149.70000000000002]
["CIMH",null,22,"MATERIAL DE LIMPEZA E PROD. DE HIGIENIZAÇÃO",79,"EQUIPAMENTOS E MATERIAIS PARA LIMPEZA",7920,"VASSOURAS, ESCOVAS, RODOS, ESPONJAS E ESFREGÕES","06986","ESPANADOR","Espanador","2º SEMESTRE 2021","Media","UNIDADE","Integral","CUSTO FINALÍSTICO - MATERIAL","Suprir necessidade de expediente desta OM.",10,8,80]
["CIMH",null,22,"MATERIAL DE LIMPEZA E PROD. DE HIGIENIZAÇÃO",79,"EQUIPAMENTOS E MATERIAIS PARA LIMPEZA",7920,"VASSOURAS, ESCOVAS, RODOS, ESPONJAS E ESFREGÕES","07042","ESPONJA LIMPEZA","Bucha esponja de limpeza pacote 5 unidade","2º SEMESTRE 2021","Media","PACOTE","Integral","CUSTO FINALÍSTICO - MATERIAL","Suprir necessidade de expediente desta OM.",80,14,1120]
["CIMH",null,22,"MATERIAL DE LIMPEZA E PROD. DE HIGIENIZAÇÃO",79,"EQUIPAMENTOS E MATERIAIS PARA LIMPEZA",7920,"VASSOURAS, ESCOVAS, RODOS, ESPONJAS E ESFREGÕES","07630","FLANELA","Flanela multiuso","2º SEMESTRE 2021","Media","DUZIA","Integral","CUSTO FINALÍSTICO - MATERIAL","Suprir necessidade de expediente desta OM.",40,15.75,630]
["CIMH",null,22,"MATERIAL DE LIMPEZA E PROD. DE HIGIENIZAÇÃO",79,"EQUIPAMENTOS E MATERIAIS PARA LIMPEZA",7920,"VASSOURAS, ESCOVAS, RODOS, ESPONJAS E ESFREGÕES","10319","PALHA AÇO","Palha de aço fina","1º SEMESTRE 2021","Media","PACOTE","Integral","CUSTO FINALÍSTICO - MATERIAL","Suprir necessidade de expediente desta OM.",50,5,250]
["CIMH",null,22,"MATERIAL DE LIMPEZA E PROD. DE HIGIENIZAÇÃO",79,"EQUIPAMENTOS E MATERIAIS PARA LIMPEZA",7920,"VASSOURAS, ESCOVAS, RODOS, ESPONJAS E ESFREGÕES","11781","RODO","Rodo de limpeza","2º SEMESTRE 2021","Media","UNIDADE","Integral","CUSTO FINALÍSTICO - MATERIAL","Suprir necessidade de expediente desta OM.",25,15,375]
["CIMH",null,22,"MATERIAL DE LIMPEZA E PROD. DE HIGIENIZAÇÃO",79,"EQUIPAMENTOS E MATERIAIS PARA LIMPEZA",7920,"VASSOURAS, ESCOVAS, RODOS, ESPONJAS E ESFREGÕES","13327","VASSOURA","Vassoura de nylon","2º SEMESTRE 2021","Media","UNIDADE","Integral","CUSTO FINALÍSTICO - MATERIAL","Suprir necessidade de expediente desta OM.",25,15,375]
["CIMH",null,22,"MATERIAL DE LIMPEZA E PROD. DE HIGIENIZAÇÃO",79,"EQUIPAMENTOS E MATERIAIS PARA LIMPEZA",7920,"VASSOURAS, ESCOVAS, RODOS, ESPONJAS E ESFREGÕES","14017","PÁ COLETORA LIXO","Pá plastica para coletar lixo","1º SEMESTRE 2021","Media","UNIDADE","Integral","CUSTO FINALÍSTICO - MATERIAL","Suprir necessidade de expediente desta OM.",25,10.5,262.5]
["CIMH",null,22,"MATERIAL DE LIMPEZA E PROD. DE HIGIENIZAÇÃO",79,"EQUIPAMENTOS E MATERIAIS PARA LIMPEZA",7920,"VASSOURAS, ESCOVAS, RODOS, ESPONJAS E ESFREGÕES","14039","BALDE APLICADOR CERA","Balde plastico 15 Lt","1º SEMESTRE 2021","Media","UNIDADE","Integral","CUSTO FINALÍSTICO - MATERIAL","Suprir necessidade de expediente desta OM.",15,15.3,229.5]
["CIMH",null,54,"MATERIAL P/MANUT.CONSERV.DE ESTRADAS E VIAS",56,"MATERIAIS PARA CONSTRUÇÃO",5610,"MATERIAIS DE ORIGEM MINERAL PARA CONSTRUÇÃO, A GRANEL","04689","CASCALHO","Cascalho Britado","1º SEMESTRE 2021","Alta","METRO CÚBICO","Integral","CUSTO FINALÍSTICO - MATERIAL","Suprir necessidade de material para manutencão das estradas da Area de Manobras",1700,40,68000]
["CIMH",null,24,"MATERIAL P/ MANUT.DE BENS IMOVEIS/INSTALACOES",56,"MATERIAIS PARA CONSTRUÇÃO",5670,"COMPONENTES PRÉ-FABRICADOS PARA CONSTRUÇÃO","03269","BANCADA","Bancada ","2º SEMESTRE 2021","Media","UNIDADE","Integral","CUSTO FINALÍSTICO - MATERIAL","Suprir a necessidade de material da garagem dessa OM.",2,350,700]
["CIMH",null,24,"MATERIAL P/ MANUT.DE BENS IMOVEIS/INSTALACOES",56,"MATERIAIS PARA CONSTRUÇÃO",5610,"MATERIAIS DE ORIGEM MINERAL PARA CONSTRUÇÃO, A GRANEL","00862","AREIA","Areia lavada","1º SEMESTRE 2021","Alta","METRO CÚBICO","Integral","CUSTO FINALÍSTICO - MATERIAL","Suprir necessidades de material necessario para manutenção e melhoria de instalações",90,128,11520]
["CIMH",null,24,"MATERIAL P/ MANUT.DE BENS IMOVEIS/INSTALACOES",56,"MATERIAIS PARA CONSTRUÇÃO",5610,"MATERIAIS DE ORIGEM MINERAL PARA CONSTRUÇÃO, A GRANEL","00863","BRITA","Brita N1","1º SEMESTRE 2021","Alta","METRO CÚBICO","Integral","CUSTO FINALÍSTICO - MATERIAL","Suprir necessidades de material necessario para manutenção e melhoria de instalações",90,105,9450]
["CIMH",null,24,"MATERIAL P/ MANUT.DE BENS IMOVEIS/INSTALACOES",56,"MATERIAIS PARA CONSTRUÇÃO",5610,"MATERIAIS DE ORIGEM MINERAL PARA CONSTRUÇÃO, A GRANEL","00867","CIMENTO PORTLAND","Cimento ","1º SEMESTRE 2021","Alta","SACO","Integral","CUSTO FINALÍSTICO - MATERIAL","Suprir necessidades de material necessario para manutenção e melhoria de instalações",90,32,2880]
["CIMH",null,24,"MATERIAL P/ MANUT.DE BENS IMOVEIS/INSTALACOES",56,"MATERIAIS PARA CONSTRUÇÃO",5610,"MATERIAIS DE ORIGEM MINERAL PARA CONSTRUÇÃO, A GRANEL","04184","CAL HIDRATADA","Cal Hidratada","1º SEMESTRE 2021","Alta","SACO","Integral","CUSTO FINALÍSTICO - MATERIAL","Suprir necessidades de material necessario para manutenção e melhoria de instalações",100,24,2400]
["CIMH",null,24,"MATERIAL P/ MANUT.DE BENS IMOVEIS/INSTALACOES",56,"MATERIAIS PARA CONSTRUÇÃO",5610,"MATERIAIS DE ORIGEM MINERAL PARA CONSTRUÇÃO, A GRANEL","14331","ARGAMASSA","Argamassa ","1º SEMESTRE 2021","Alta","SACO","Integral","CUSTO FINALÍSTICO - MATERIAL","Suprir necessidades de material necessario para manutenção e melhoria de instalações",50,12,600]
["CIMH",null,24,"MATERIAL P/ MANUT.DE BENS IMOVEIS/INSTALACOES",56,"MATERIAIS PARA CONSTRUÇÃO",5610,"MATERIAIS DE ORIGEM MINERAL PARA CONSTRUÇÃO, A GRANEL","14658","REBOCO PRONTO","Reboco pronto","1º SEMESTRE 2021","Alta","SACO","Integral","CUSTO FINALÍSTICO - MATERIAL","Suprir necessidades de material necessario para manutenção e melhoria de instalações",50,25,1250]
["CIMH",null,28,"MATERIAL DE PROTECAO E SEGURANCA",42,"EQUIPAMENTO PARA COMBATE A INCÊNDIO, RESGATE E SEGURANÇA",4210,"EQUIPAMENTOS PARA COMBATE A INCÊNDIO","01301","EXTINTOR INCÊNDIO","Recarga de cilindros de extintores 4kg, 6kg, 8kg e 10Lt","1º SEMESTRE 2021","Alta","UNIDADE","Integral","CUSTO SUPORTE - MATERIAL","Suprir necessidade de extintores desta OM.",40,55,2200]
["CIMH",null,24,"MATERIAL P/ MANUT.DE BENS IMOVEIS/INSTALACOES",56,"MATERIAIS PARA CONSTRUÇÃO",5680,"MATERIAIS DIVERSOS PARA CONSTRUÇÃO","11351","PVC - FORRO / REVESTIMENTO","Forro em Pvc para revestimento, cor a definir","1º SEMESTRE 2021","Media","METRO QUADRADO","Integral","CUSTO FINALÍSTICO - MATERIAL","Suprir necessidades de material necessario para manutenção e melhoria de instalações",100,24.9,2490]
["CIMH",null,24,"MATERIAL P/ MANUT.DE BENS IMOVEIS/INSTALACOES",56,"MATERIAIS PARA CONSTRUÇÃO",5620,"VIDROS, TELHAS, TIJOLOS E BLOCOS PARA CONSTRUÇÃO","00811","TIJOLO","Tijolo para obras em geral","1º SEMESTRE 2021","Alta","MILHEIRO","Integral","CUSTO FINALÍSTICO - MATERIAL","Suprir necessidades de material necessario para manutenção e melhoria de instalações",6,750,4500]
["CIMH",null,24,"MATERIAL P/ MANUT.DE BENS IMOVEIS/INSTALACOES",56,"MATERIAIS PARA CONSTRUÇÃO",5620,"VIDROS, TELHAS, TIJOLOS E BLOCOS PARA CONSTRUÇÃO","01242","AZULEJO","Azulejo para revestimentos de paredes e chãos ","1º SEMESTRE 2021","Alta","METRO QUADRADO","Integral","CUSTO FINALÍSTICO - MATERIAL","Suprir necessidades de material necessario para manutenção e melhoria de instalações",20,750,15000]
["CIMH",null,24,"MATERIAL P/ MANUT.DE BENS IMOVEIS/INSTALACOES",56,"MATERIAIS PARA CONSTRUÇÃO",5620,"VIDROS, TELHAS, TIJOLOS E BLOCOS PARA CONSTRUÇÃO","13892","REVESTIMENTO CERÂMICO","REVESTIMENTO CERÂMICO COR BRANCA","1º SEMESTRE 2021","Media","PACOTE","Integral","CUSTO FINALÍSTICO - MATERIAL","Suprir necessidades de material necessario para manutenção e melhoria de instalações",20,52,1040]
["CIMH",null,24,"MATERIAL P/ MANUT.DE BENS IMOVEIS/INSTALACOES",56,"MATERIAIS PARA CONSTRUÇÃO",5610,"MATERIAIS DE ORIGEM MINERAL PARA CONSTRUÇÃO, A GRANEL","04184","CAL HIDRATADA","Cal para pintura","1º SEMESTRE 2021","Media","UNIDADE","Integral","CUSTO FINALÍSTICO - MATERIAL","Suprir necessidades de material necessario para manutenção e melhoria de instalações",40,24,960]
["CIMH",null,24,"MATERIAL P/ MANUT.DE BENS IMOVEIS/INSTALACOES",96,"MINÉRIOS, MINERAIS E SEUS PRODUTOS PRIMÁRIOS",9640,"PRODUTOS SEMI-ACABADOS E PRODUTOS PRIMÁRIOS DE  FERRO  E DE AÇO","07396","FERRO CONSTRUÇÃO CIVIL","Ferro ½ e 3/8","1º SEMESTRE 2021","Media","BARRA","Integral","CUSTO SUPORTE - MATERIAL","Suprir necessidades de material necessario para manutenção e melhoria de instalações",60,32,1920]
["CIMH",null,25,"MATERIAL P/ MANUTENCAO DE BENS MOVEIS",80,"PINCÉIS, TINTAS, VEDANTES E ADESIVOS",8020,"PINCEL PARA ARTISTAS E PINTORES","10734","PINCEL PINTURA PREDIAL","Pincel de pintura cerdas gris","1º SEMESTRE 2021","Media","UNIDADE","INTEGRAL","CUSTO FINALÍSTICO - MATERIAL","Suprir necessidades de material necessario para manutenção e melhoria de instalações",15,10,150]

{"sheet":"Serviço","index":3,"n_rows":62,"n_cols":20,"rows_kept":62,"cut":false,"hidden":false,"merged":[[0,0,1,2],[2,1,4,1],[2,2,3,3],[2,4,2,19],[3,4,3,5],[3,6,3,7],[3,8,3,9],[3,10,4,10],[3,11,4,11],[3,12,4,12],[3,13,4,13],[3,19,4,19],[3,14,4,14],[3,15,4,15],[3,16,4,16],[3,17,4,17],[3,18,4,18],[2,0,4,0]]}
["Selecione Para Atualizar:"]
[]
["OM","Prioridade","Subitem da Natureza de Despesa",null,"Retirado do Catálogo de Materiais - Serviço"]
[null,null,null,null,"Grupo de Materiais ",null,"Classe de Material",null,"Descrição do Serviço",null,"Descrição Sucinta","Dt Estimada Aquisição","Prioridade Aquisição","Unidade de Fornecimento","Forma Contratação","Custo","Objetivo Estratégico","Qtde estimada","Valor Unit","Valor Total"]
[null,null,"Código subitem","Descrição Subitem","Codigo Grupo","Descrição Grupo","Código Classe","Descrição Classe","CATMAT","Descrição Geral"]
["BASE",5,57,"SERVICOS DE PROC. DE DADOS",174,"SERVIÇOS DE PROJETOS EM TECNOLOGIA DA INFORMAÇÃO E COMUNICA-ÇÃO (TIC)",1741,"SERVIÇOS DE PROJETOS EM TECNOLOGIA DA INFORMAÇÃO E COMUNICA-ÇÃO (TIC)",27359,"SERVICOS DE  PROJETO DE  REDES DE TECNOLOGIA DA INFORMACAO ECOMUNICACAO (TIC)",null,"1º SEMESTRE 2021","Alta","UNIDADE","INTEGRAL","CUSTO SUPORTE - SERVIÇO","PDTI / Wireless FML",1,500000,500000]
["BASE",6,57,"SERVICOS DE PROC. DE DADOS",174,"SERVIÇOS DE PROJETOS EM TECNOLOGIA DA INFORMAÇÃO E COMUNICA-ÇÃO (TIC)",1741,"SERVIÇOS DE PROJETOS EM TECNOLOGIA DA INFORMAÇÃO E COMUNICA-ÇÃO (TIC)",27359,"SERVICOS DE  PROJETO DE  REDES DE TECNOLOGIA DA INFORMACAO ECOMUNICACAO (TIC)",null,"1º SEMESTRE 2021","Media","UNIDADE","INTEGRAL","CUSTO FINALÍSTICO - MATERIAL","PDTI / Sistema de Vigilância",1,300000,300000]
["BASE",1,57,"SERVICOS DE PROC. DE DADOS",151,"OUTSOURCING DE IMPRESSÃO  -  MODALIDADE FRANQUIA  MAIS EXCE-DENTE DE PÁGINAS",1511,"OUTSOURCING DE IMPRESSÃO - PÁGINAS DENTRO DA FRANQUIA",26611,"OUTSOURCING DE  IMPRESSAO - PAGINAS A4 - POLICROMATICO - DENTRO DA FRANQUIA SEM PAPEL",null,"1º SEMESTRE 2021","Alta","CONJUNTO","PARCELADA","CUSTO FINALÍSTICO - SERVIÇO","PDTI / Solução de Impressão",130000,7.0000000000000007E-2,9100]
["BASE",2,57,"SERVICOS DE PROC. DE DADOS",151,"OUTSOURCING DE IMPRESSÃO  -  MODALIDADE FRANQUIA  MAIS EXCE-DENTE DE PÁGINAS",1512,"OUTSOURCING DE IMPRESSÃO - PÁGINAS EXCEDENTES A FRANQUIA",26697,"OUTSOURCING DE IMPRESSAO - PAGINAS A4 - POLICROMATICO - EXCEDENTE A FRANQUIA SEM PAPEL",null,"1º SEMESTRE 2021","Alta","CONJUNTO","PARCELADA","CUSTO FINALÍSTICO - SERVIÇO","PDTI / Solução de Impressão",80000,0.06,4800]
["BASE",3,57,"SERVICOS DE PROC. DE DADOS",151,"OUTSOURCING DE IMPRESSÃO  -  MODALIDADE FRANQUIA  MAIS EXCE-DENTE DE PÁGINAS",1511,"OUTSOURCING DE IMPRESSÃO - PÁGINAS DENTRO DA FRANQUIA",26603,"OUTSOURCING DE IMPRESSAO  - PAGINAS A3 - MONOCROMATICO - DENTRO DA FRANQUIA COM PAPEL",null,"1º SEMESTRE 2021","Alta","CONJUNTO","PARCELADA","CUSTO FINALÍSTICO - SERVIÇO","PDTI / Solução de Impressão",4000,0.44,1760]
["BASE",4,57,"SERVICOS DE PROC. DE DADOS",151,"OUTSOURCING DE IMPRESSÃO  -  MODALIDADE FRANQUIA  MAIS EXCE-DENTE DE PÁGINAS",1512,"OUTSOURCING DE IMPRESSÃO - PÁGINAS EXCEDENTES A FRANQUIA",26654,"OUTSOURCING DE IMPRESSAO - PAGINAS A4 - MONOCROMATICO - EXCEDENTE A FRANQUIA SEM PAPEL",null,"1º SEMESTRE 2021","Alta","CONJUNTO","PARCELADA","CUSTO FINALÍSTICO - SERVIÇO","PDTI / Solução de Impressão",2000,0.3,600]
["BASE",7,57,"SERVICOS DE PROC. DE DADOS",174,"SERVIÇOS DE PROJETOS EM TECNOLOGIA DA INFORMAÇÃO E COMUNICA-ÇÃO (TIC)",1741,"SERVIÇOS DE PROJETOS EM TECNOLOGIA DA INFORMAÇÃO E COMUNICA-ÇÃO (TIC)",27359,"SERVICOS DE  PROJETO DE  REDES DE TECNOLOGIA DA INFORMACAO ECOMUNICACAO (TIC)",null,"1º SEMESTRE 2021","Alta","CONJUNTO","INTEGRAL","CUSTO FINALÍSTICO - MATERIAL","PDTI / Projeto Rede Wireless",1,300000,300000]
["BASE",1,94,"AQUISICAO DE SOFTWARES DE APLICACAO.",112,"SERVIÇOS DE MANUTENÇÃO E SUSTENTAÇÃO DE SOFTWARE",1121,"SERVIÇOS DE MANUTENÇÃO E SUSTENTAÇÃO DE SOFTWARE",25992,"MANUTENCAO DE SOFTWARE (CORRETIVA, PREVENTIVA, ADAPTATIVA)",null,null,"Alta","KIT","INTEGRAL","CUSTO SUPORTE - MATERIAL",null,5,5000,25000]
["BASE",2,4,"DIREITOS AUTORAIS",859,"OUTROS SERVIÇOS DE SUPORTE",8599,"OUTROS SERVIÇOS DE SUPORTE N.C.P",14591,"PROMOCAO DE EVENTO",null,null,"Media","UNIDADE","INTEGRAL","CUSTO SUPORTE - MATERIAL",null,1,600,600]
["BASE",3,78,"LIMPEZA E CONSERVACAO",546,"SERVIÇOS DE INSTALAÇÃO",5469,"OUTROS SERVIÇOS DE INSTALAÇÃO",1546,"INSTALACOES PREDIAIS HIDRO-SANITARIAS",null,null,"Media","METRO QUADRADO","INTEGRAL","CUSTO SUPORTE - MATERIAL",null,225,45,10125]
["BASE",1,17,"MANUT. E CONSERV. DE MAQUINAS E EQUIPAMENTOS",871,"SERVIÇOS DE MANUTENÇÃO E REPARO DE PRODUTOS FABRICADOS DE METAL,MAQUINARIA E EQUIPAMENTOS",8715,"SERVIÇOS DE MANUTENÇÃO E REPARO DE OUTRAS MAQUINARIAS E EQUIPAMENTOS",5428,"MANUTENCAO APARELHOS MEDICOS - HOSPITALARES",null,2022,"Alta","UNIDADE","INTEGRAL","CUSTO FINALÍSTICO - SERVIÇO","MANUTENÇÃO EM ELETROCARDIÓGRAFO",1,798,798]
["BASE",2,17,"MANUT. E CONSERV. DE MAQUINAS E EQUIPAMENTOS",871,"SERVIÇOS DE MANUTENÇÃO E REPARO DE PRODUTOS FABRICADOS DE METAL,MAQUINARIA E EQUIPAMENTOS",8715,"SERVIÇOS DE MANUTENÇÃO E REPARO DE OUTRAS MAQUINARIAS E EQUIPAMENTOS",5428,"MANUTENCAO APARELHOS MEDICOS - HOSPITALARES",null,2022,"Alta","UNIDADE","INTEGRAL","CUSTO FINALÍSTICO - SERVIÇO","MANUTENÇÃO EM DESFIBRILADOR ELÉTRICO AUTOMÁTICO",1,759,759]
["BASE",3,17,"MANUT. E CONSERV. DE MAQUINAS E EQUIPAMENTOS",871,"SERVIÇOS DE MANUTENÇÃO E REPARO DE PRODUTOS FABRICADOS DE METAL,MAQUINARIA E EQUIPAMENTOS",8715,"SERVIÇOS DE MANUTENÇÃO E REPARO DE OUTRAS MAQUINARIAS E EQUIPAMENTOS",5428,"MANUTENCAO APARELHOS MEDICOS - HOSPITALARES",null,2022,"Alta","UNIDADE","INTEGRAL","CUSTO FINALÍSTICO - SERVIÇO","MANUTENÇÃO EM ELETROCARDIOGRAMA",1,990,990]
["BASE",4,17,"MANUT. E CONSERV. DE MAQUINAS E EQUIPAMENTOS",871,"SERVIÇOS DE MANUTENÇÃO E REPARO DE PRODUTOS FABRICADOS DE METAL,MAQUINARIA E EQUIPAMENTOS",8715,"SERVIÇOS DE MANUTENÇÃO E REPARO DE OUTRAS MAQUINARIAS E EQUIPAMENTOS",5428,"MANUTENCAO APARELHOS MEDICOS - HOSPITALARES",null,2022,"Alta","UNIDADE","INTEGRAL","CUSTO FINALÍSTICO - SERVIÇO","MANUTENÇÃO EM BALANÇA ANTROPOMÉTRICA",1,120,120]
["BASE",5,17,"MANUT. E CONSERV. DE MAQUINAS E EQUIPAMENTOS",871,"SERVIÇOS DE MANUTENÇÃO E REPARO DE PRODUTOS FABRICADOS DE METAL,MAQUINARIA E EQUIPAMENTOS",8715,"SERVIÇOS DE MANUTENÇÃO E REPARO DE OUTRAS MAQUINARIAS E EQUIPAMENTOS",5428,"MANUTENCAO APARELHOS MEDICOS - HOSPITALARES",null,2022,"Alta","UNIDADE","INTEGRAL","CUSTO FINALÍSTICO - SERVIÇO","MANUTENÇÃO EM MONITOR MULTIPARÂMETROS",1,790,790]
["BASE",6,17,"MANUT. E CONSERV. DE MAQUINAS E EQUIPAMENTOS",871,"SERVIÇOS DE MANUTENÇÃO E REPARO DE PRODUTOS FABRICADOS DE METAL,MAQUINARIA E EQUIPAMENTOS",8715,"SERVIÇOS DE MANUTENÇÃO E REPARO DE OUTRAS MAQUINARIAS E EQUIPAMENTOS",5428,"MANUTENCAO APARELHOS MEDICOS - HOSPITALARES",null,2022,"Alta","UNIDADE","INTEGRAL","CUSTO FINALÍSTICO - SERVIÇO","MANUTENÇÃO EM CARDIOVERSOR",1,759,759]
["BASE",7,17,"MANUT. E CONSERV. DE MAQUINAS E EQUIPAMENTOS",871,"SERVIÇOS DE MANUTENÇÃO E REPARO DE PRODUTOS FABRICADOS DE METAL,MAQUINARIA E EQUIPAMENTOS",8715,"SERVIÇOS DE MANUTENÇÃO E REPARO DE OUTRAS MAQUINARIAS E EQUIPAMENTOS",5428,"MANUTENCAO APARELHOS MEDICOS - HOSPITALARES",null,2022,"Alta","UNIDADE","INTEGRAL","CUSTO FINALÍSTICO - SERVIÇO","MANUTENÇÃO E CALIBRAÇÃO EM ESFIGMOMANÔMETRO",1,80,80]
["BASE",8,17,"MANUT. E CONSERV. DE MAQUINAS E EQUIPAMENTOS",871,"SERVIÇOS DE MANUTENÇÃO E REPARO DE PRODUTOS FABRICADOS DE METAL,MAQUINARIA E EQUIPAMENTOS",8715,"SERVIÇOS DE MANUTENÇÃO E REPARO DE OUTRAS MAQUINARIAS E EQUIPAMENTOS",5428,"MANUTENCAO APARELHOS MEDICOS - HOSPITALARES",null,2022,"Alta","UNIDADE","INTEGRAL","CUSTO FINALÍSTICO - SERVIÇO","MANUTENÇÃO EM APARELHO DE RAIO-X",1,1089,1089]
["BASE",9,17,"MANUT. E CONSERV. DE MAQUINAS E EQUIPAMENTOS",871,"SERVIÇOS DE MANUTENÇÃO E REPARO DE PRODUTOS FABRICADOS DE METAL,MAQUINARIA E EQUIPAMENTOS",8715,"SERVIÇOS DE MANUTENÇÃO E REPARO DE OUTRAS MAQUINARIAS E EQUIPAMENTOS",5428,"MANUTENCAO APARELHOS MEDICOS - HOSPITALARES",null,2022,"Alta","UNIDADE","INTEGRAL","CUSTO FINALÍSTICO - SERVIÇO","MANUTENÇÃO EM CANETA KAVO 605C ",1,120,120]
["BASE",10,17,"MANUT. E CONSERV. DE MAQUINAS E EQUIPAMENTOS",871,"SERVIÇOS DE MANUTENÇÃO E REPARO DE PRODUTOS FABRICADOS DE METAL,MAQUINARIA E EQUIPAMENTOS",8715,"SERVIÇOS DE MANUTENÇÃO E REPARO DE OUTRAS MAQUINARIAS E EQUIPAMENTOS",25267,"MANUTENCAO / REPARO MAQUINA GELO",null,2022,"Alta","UNIDADE","INTEGRAL","CUSTO FINALÍSTICO - SERVIÇO","MANUTENÇÃO SELADORA ",1,390,390]
["BASE",11,17,"MANUT. E CONSERV. DE MAQUINAS E EQUIPAMENTOS",871,"SERVIÇOS DE MANUTENÇÃO E REPARO DE PRODUTOS FABRICADOS DE METAL,MAQUINARIA E EQUIPAMENTOS",8715,"SERVIÇOS DE MANUTENÇÃO E REPARO DE OUTRAS MAQUINARIAS E EQUIPAMENTOS",5428,"MANUTENCAO APARELHOS MEDICOS - HOSPITALARES",null,2022,"Alta","UNIDADE","INTEGRAL","CUSTO FINALÍSTICO - SERVIÇO","MANUTENÇÃO AUTOCLAVE CRISTÓFOLI",1,219,219]
["BASE",12,17,"MANUT. E CONSERV. DE MAQUINAS E EQUIPAMENTOS",871,"SERVIÇOS DE MANUTENÇÃO E REPARO DE PRODUTOS FABRICADOS DE METAL,MAQUINARIA E EQUIPAMENTOS",8715,"SERVIÇOS DE MANUTENÇÃO E REPARO DE OUTRAS MAQUINARIAS E EQUIPAMENTOS",5428,"MANUTENCAO APARELHOS MEDICOS - HOSPITALARES",null,2022,"Alta","UNIDADE","INTEGRAL","CUSTO FINALÍSTICO - SERVIÇO","MANUTENÇÃO COMPRESSOR ODONTOLÓGICO",1,129,129]
["BASE",13,17,"MANUT. E CONSERV. DE MAQUINAS E EQUIPAMENTOS",871,"SERVIÇOS DE MANUTENÇÃO E REPARO DE PRODUTOS FABRICADOS DE METAL,MAQUINARIA E EQUIPAMENTOS",8715,"SERVIÇOS DE MANUTENÇÃO E REPARO DE OUTRAS MAQUINARIAS E EQUIPAMENTOS",5428,"MANUTENCAO APARELHOS MEDICOS - HOSPITALARES",null,2022,"Alta","UNIDADE","INTEGRAL","CUSTO FINALÍSTICO - SERVIÇO","MANUTENÇÃO DA ALTA ROTAÇÃO ",1,120,120]
["BASE",14,17,"MANUT. E CONSERV. DE MAQUINAS E EQUIPAMENTOS",871,"SERVIÇOS DE MANUTENÇÃO E REPARO DE PRODUTOS FABRICADOS DE METAL,MAQUINARIA E EQUIPAMENTOS",8715,"SERVIÇOS DE MANUTENÇÃO E REPARO DE OUTRAS MAQUINARIAS E EQUIPAMENTOS",5428,"MANUTENCAO APARELHOS MEDICOS - HOSPITALARES",null,2022,"Alta","UNIDADE","INTEGRAL","CUSTO FINALÍSTICO - SERVIÇO","MANUTENÇÃO DA BOMBA À VÁCUO",1,220,220]
["BASE",15,17,"MANUT. E CONSERV. DE MAQUINAS E EQUIPAMENTOS",871,"SERVIÇOS DE MANUTENÇÃO E REPARO DE PRODUTOS FABRICADOS DE METAL,MAQUINARIA E EQUIPAMENTOS",8715,"SERVIÇOS DE MANUTENÇÃO E REPARO DE OUTRAS MAQUINARIAS E EQUIPAMENTOS",5428,"MANUTENCAO APARELHOS MEDICOS - HOSPITALARES",null,2022,"Alta","UNIDADE","INTEGRAL","CUSTO FINALÍSTICO - SERVIÇO","MANUTENÇÃO EM FOTOPOLIMERIZADOR",1,79,79]
["BASE",1,16,"MANUTENCAO E CONSERV. DE BENS IMOVEIS",545,"TIPOS ESPECIAIS DE SERVIÇOS DE CONSTRUÇÃO",5456,"SERVIÇOS DE ALVENARIA",24813,"SERVICOS DE ALVENARIA","serviços alvenaria",null,"Media","UNIDADE","INTEGRAL","CUSTO SUPORTE - MATERIAL",null,1,250000,250000]
["BASE",2,16,"MANUTENCAO E CONSERV. DE BENS IMOVEIS",691,"SERVIÇOS DE DISTRIBUIÇÃO DE ELETRICIDADE E DISTRIBUIÇÃO DE  GÁS ATRAVÉS DE TUBULAÇÃO",6911,"SERVIÇOS DE TRANSMISSÃO E DISTRIBUIÇÃO DE ELETRICIDADE",4120,"ENERGIA ELETRICA - FORNECIMENTO","energia eletrica",null,"Media","UNIDADE","INTEGRAL","CUSTO SUPORTE - MATERIAL",null,1,50000,50000]
["BASE",1,70,"CONFECCAO DE UNIFORMES, BANDEIRAS E FLAMULAS",872,"SERVIÇOS DE REPARO DE OUTROS BENS",8729,"SERVIÇOS DE MANUTENÇÃO E REPARO DE OUTROS PRODUTOS N.C.P",17574,"REFORMA E REPARO - ARTIGO DE COURO / TECIDO / MATERIAL SINTETICO","REFORMA","2º SEMESTRE 2021","Alta","Unidade","PARCELADA","CUSTO SUPORTE - MATERIAL","Bordado de nome de guerra em sutache do conjunto camuflado como parte do enxoval do recruta.",250,6,1500]
["BASE",2,70,"CONFECCAO DE UNIFORMES, BANDEIRAS E FLAMULAS",872,"SERVIÇOS DE REPARO DE OUTROS BENS",8729,"SERVIÇOS DE MANUTENÇÃO E REPARO DE OUTROS PRODUTOS N.C.P",17574,"REFORMA E REPARO - ARTIGO DE COURO / TECIDO / MATERIAL SINTETICO","REFORMA","2º SEMESTRE 2021","Alta","Unidade","PARCELADA","CUSTO SUPORTE - MATERIAL","Bordado de nome de OM em sutache do conjunto camuflado como parte do enxoval do recruta.",250,6,1500]
["BASE",3,70,"CONFECCAO DE UNIFORMES, BANDEIRAS E FLAMULAS",872,"SERVIÇOS DE REPARO DE OUTROS BENS",8729,"SERVIÇOS DE MANUTENÇÃO E REPARO DE OUTROS PRODUTOS N.C.P",17574,"REFORMA E REPARO - ARTIGO DE COURO / TECIDO / MATERIAL SINTETICO","REFORMA","2º SEMESTRE 2021","Alta","Unidade","PARCELADA","CUSTO SUPORTE - MATERIAL","Bordado de tipagem sanguínea em sutache do conjunto camuflado como parte do enxoval do recruta.",250,4,1000]
["BASE",4,70,"CONFECCAO DE UNIFORMES, BANDEIRAS E FLAMULAS",872,"SERVIÇOS DE REPARO DE OUTROS BENS",8729,"SERVIÇOS DE MANUTENÇÃO E REPARO DE OUTROS PRODUTOS N.C.P",17574,"REFORMA E REPARO - ARTIGO DE COURO / TECIDO / MATERIAL SINTETICO","REFORMA","2º SEMESTRE 2021","Alta","Unidade","PARCELADA","CUSTO SUPORTE - MATERIAL","Bordado de posto graduação e nome de guerra em camiseta camuflada como parte do enxoval do recruta.",765,6,4590]
["BASE",5,70,"CONFECCAO DE UNIFORMES, BANDEIRAS E FLAMULAS",872,"SERVIÇOS DE REPARO DE OUTROS BENS",8729,"SERVIÇOS DE MANUTENÇÃO E REPARO DE OUTROS PRODUTOS N.C.P",17574,"REFORMA E REPARO - ARTIGO DE COURO / TECIDO / MATERIAL SINTETICO","REFORMA","2º SEMESTRE 2021","Alta","Unidade","PARCELADA","CUSTO SUPORTE - MATERIAL","Bordado de posto graduação e nome de guerra em camiseta branca de TFM como parte do enxoval do recruta.",510,6,3060]
["5RM",5,57,"SERVICOS DE PROC. DE DADOS",174,"SERVIÇOS DE PROJETOS EM TECNOLOGIA DA INFORMAÇÃO E COMUNICA-ÇÃO (TIC)",1741,"SERVIÇOS DE PROJETOS EM TECNOLOGIA DA INFORMAÇÃO E COMUNICA-ÇÃO (TIC)",27359,"SERVICOS DE  PROJETO DE  REDES DE TECNOLOGIA DA INFORMACAO ECOMUNICACAO (TIC)",null,"1º SEMESTRE 2021","Alta","UNIDADE","INTEGRAL","CUSTO SUPORTE - SERVIÇO","PDTI / Wireless FML",1,500000,500000]
["5RM",6,57,"SERVICOS DE PROC. DE DADOS",174,"SERVIÇOS DE PROJETOS EM TECNOLOGIA DA INFORMAÇÃO E COMUNICA-ÇÃO (TIC)",1741,"SERVIÇOS DE PROJETOS EM TECNOLOGIA DA INFORMAÇÃO E COMUNICA-ÇÃO (TIC)",27359,"SERVICOS DE  PROJETO DE  REDES DE TECNOLOGIA DA INFORMACAO ECOMUNICACAO (TIC)",null,"1º SEMESTRE 2021","Media","UNIDADE","INTEGRAL","CUSTO FINALÍSTICO - MATERIAL","PDTI / Sistema de Vigilância",1,300000,300000]
["5RM",1,57,"SERVICOS DE PROC. DE DADOS",151,"OUTSOURCING DE IMPRESSÃO  -  MODALIDADE FRANQUIA  MAIS EXCE-DENTE DE PÁGINAS",1511,"OUTSOURCING DE IMPRESSÃO - PÁGINAS DENTRO DA FRANQUIA",26611,"OUTSOURCING DE  IMPRESSAO - PAGINAS A4 - POLICROMATICO - DENTRO DA FRANQUIA SEM PAPEL",null,"1º SEMESTRE 2021","Alta","CONJUNTO","PARCELADA","CUSTO FINALÍSTICO - SERVIÇO","PDTI / Solução de Impressão",130000,7.0000000000000007E-2,9100]
["5RM",2,57,"SERVICOS DE PROC. DE DADOS",151,"OUTSOURCING DE IMPRESSÃO  -  MODALIDADE FRANQUIA  MAIS EXCE-DENTE DE PÁGINAS",1512,"OUTSOURCING DE IMPRESSÃO - PÁGINAS EXCEDENTES A FRANQUIA",26697,"OUTSOURCING DE IMPRESSAO - PAGINAS A4 - POLICROMATICO - EXCEDENTE A FRANQUIA SEM PAPEL",null,"1º SEMESTRE 2021","Alta","CONJUNTO","PARCELADA","CUSTO FINALÍSTICO - SERVIÇO","PDTI / Solução de Impressão",80000,0.06,4800]
["5RM",3,57,"SERVICOS DE PROC. DE DADOS",151,"OUTSOURCING DE IMPRESSÃO  -  MODALIDADE FRANQUIA  MAIS EXCE-DENTE DE PÁGINAS",1511,"OUTSOURCING DE IMPRESSÃO - PÁGINAS DENTRO DA FRANQUIA",26603,"OUTSOURCING DE IMPRESSAO  - PAGINAS A3 - MONOCROMATICO - DENTRO DA FRANQUIA COM PAPEL",null,"1º SEMESTRE 2021","Alta","CONJUNTO","PARCELADA","CUSTO FINALÍSTICO - SERVIÇO","PDTI / Solução de Impressão",4000,0.44,1760]
["5RM",4,57,"SERVICOS DE PROC. DE DADOS",151,"OUTSOURCING DE IMPRESSÃO  -  MODALIDADE FRANQUIA  MAIS EXCE-DENTE DE PÁGINAS",1512,"OUTSOURCING DE IMPRESSÃO - PÁGINAS EXCEDENTES A FRANQUIA",26654,"OUTSOURCING DE IMPRESSAO - PAGINAS A4 - MONOCROMATICO - EXCEDENTE A FRANQUIA SEM PAPEL",null,"1º SEMESTRE 2021","Alta","CONJUNTO","PARCELADA","CUSTO FINALÍSTICO - SERVIÇO","PDTI / Solução de Impressão",2000,0.3,600]
["5RM",7,57,"SERVICOS DE PROC. DE DADOS",174,"SERVIÇOS DE PROJETOS EM TECNOLOGIA DA INFORMAÇÃO E COMUNICA-ÇÃO (TIC)",1741,"SERVIÇOS DE PROJETOS EM TECNOLOGIA DA INFORMAÇÃO E COMUNICA-ÇÃO (TIC)",27359,"SERVICOS DE  PROJETO DE  REDES DE TECNOLOGIA DA INFORMACAO ECOMUNICACAO (TIC)",null,"1º SEMESTRE 2021","Alta","CONJUNTO","INTEGRAL","CUSTO FINALÍSTICO - MATERIAL","PDTI / Projeto Rede Wireless",1,300000,300000]
["5DE",null,99,"OUTROS SERVICOS DE TERCEIROS",836,"SERVIÇOS DE PUBLICIDADE",8369,"OUTROS SERVIÇOS DE PUBLICIDADE",21709,"CONFECCAO IMPRESSAO TAMPOGRAFICA",null,"Alta","KIT",null,null,null,null,5,5000,25000]
["5CIAPE",null,94,"AQUISICAO DE SOFTWARES DE APLICACAO.",112,"SERVIÇOS DE MANUTENÇÃO E SUSTENTAÇÃO DE SOFTWARE",1121,"SERVIÇOS DE MANUTENÇÃO E SUSTENTAÇÃO DE SOFTWARE",25992,"MANUTENCAO DE SOFTWARE (CORRETIVA, PREVENTIVA, ADAPTATIVA)",null,null,"Alta","KIT",null,null,null,5,5000,25000]
["CIAAP",null,70,"CONFECCAO DE UNIFORMES, BANDEIRAS E FLAMULAS",872,"SERVIÇOS DE REPARO DE OUTROS BENS",8729,"SERVIÇOS DE MANUTENÇÃO E REPARO DE OUTROS PRODUTOS N.C.P",17574,"REFORMA E REPARO - ARTIGO DE COURO / TECIDO / MATERIAL SINTETICO","Bordado de nome de guerra em sutache do conjunto camuflado como parte do enxoval do recruta.","2º SEMESTRE 2021","Alta","Unidade","PARCELADA","CUSTO SUPORTE - MATERIAL",null,250,6,1500]
["CIAAP",null,70,"CONFECCAO DE UNIFORMES, BANDEIRAS E FLAMULAS",872,"SERVIÇOS DE REPARO DE OUTROS BENS",8729,"SERVIÇOS DE MANUTENÇÃO E REPARO DE OUTROS PRODUTOS N.C.P",17574,"REFORMA E REPARO - ARTIGO DE COURO / TECIDO / MATERIAL SINTETICO","Bordado de nome de OM em sutache do conjunto camuflado como parte do enxoval do recruta.","2º SEMESTRE 2021","Alta","Unidade","PARCELADA","CUSTO SUPORTE - MATERIAL",null,250,6,1500]
["CIAAP",null,70,"CONFECCAO DE UNIFORMES, BANDEIRAS E FLAMULAS",872,"SERVIÇOS DE REPARO DE OUTROS BENS",8729,"SERVIÇOS DE MANUTENÇÃO E REPARO DE OUTROS PRODUTOS N.C.P",17574,"REFORMA E REPARO - ARTIGO DE COURO / TECIDO / MATERIAL SINTETICO","Bordado de tipagem sanguínea em sutache do conjunto camuflado como parte do enxoval do recruta.","2º SEMESTRE 2021","Alta","Unidade","PARCELADA","CUSTO SUPORTE - MATERIAL",null,250,4,1000]
["CIAAP",null,70,"CONFECCAO DE UNIFORMES, BANDEIRAS E FLAMULAS",872,"SERVIÇOS DE REPARO DE OUTROS BENS",8729,"SERVIÇOS DE MANUTENÇÃO E REPARO DE OUTROS PRODUTOS N.C.P",17574,"REFORMA E REPARO - ARTIGO DE COURO / TECIDO / MATERIAL SINTETICO","Bordado de posto graduação e nome de guerra em camiseta camuflada como parte do enxoval do recruta.","2º SEMESTRE 2021","Alta","Unidade","PARCELADA","CUSTO SUPORTE - MATERIAL",null,765,6,4590]
["CIAAP",null,70,"CONFECCAO DE UNIFORMES, BANDEIRAS E FLAMULAS",872,"SERVIÇOS DE REPARO DE OUTROS BENS",8729,"SERVIÇOS DE MANUTENÇÃO E REPARO DE OUTROS PRODUTOS N.C.P",17574,"REFORMA E REPARO - ARTIGO DE COURO / TECIDO / MATERIAL SINTETICO","Bordado de posto graduação e nome de guerra em camiseta branca de TFM como parte do enxoval do recruta.","2º SEMESTRE 2021","Alta","Unidade","PARCELADA","CUSTO SUPORTE - MATERIAL",null,510,6,3060]
["AD5",null,94,"AQUISICAO DE SOFTWARES DE APLICACAO.",112,"SERVIÇOS DE MANUTENÇÃO E SUSTENTAÇÃO DE SOFTWARE",1121,"SERVIÇOS DE MANUTENÇÃO E SUSTENTAÇÃO DE SOFTWARE",25992,"MANUTENCAO DE SOFTWARE (CORRETIVA, PREVENTIVA, ADAPTATIVA)",null,null,"Alta","KIT",null,null,null,5,5000,25000]
["AD5",null,4,"DIREITOS AUTORAIS",859,"OUTROS SERVIÇOS DE SUPORTE",8599,"OUTROS SERVIÇOS DE SUPORTE N.C.P",14591,"PROMOCAO DE EVENTO",null,null,"Media","UNIDADE",null,null,null,1,600,600]
["AD5",null,78,"LIMPEZA E CONSERVACAO",546,"SERVIÇOS DE INSTALAÇÃO",5469,"OUTROS SERVIÇOS DE INSTALAÇÃO",1546,"INSTALACOES PREDIAIS HIDRO-SANITARIAS",null,null,"Media","METRO QUADRADO",null,null,null,225,45,10125]
["AD5",null,94,"AQUISICAO DE SOFTWARES DE APLICACAO.",733,"SERVIÇOS DE LICENÇA PELO DIREITO DE USO DE ATIVOS NÃO-FINAN-CEIROS INTANGÍVEIS",7321,"SERVIÇOS DE LICENÇA PELO DIREITO DE USO DE ATIVOS NÃO-FINAN-CEIROS INTANGÍVEIS",24333,"SERVICO DE LICENCA PELO USO DE SOFTWARE","Licença para 3 anos do ADOBE CLOUD para utilização na 7ª Seção",null,"Alta","UNIDADE",null,null,null,1,15000,15000]
["AD5",null,94,"AQUISICAO DE SOFTWARES DE APLICACAO.",733,"SERVIÇOS DE LICENÇA PELO DIREITO DE USO DE ATIVOS NÃO-FINAN-CEIROS INTANGÍVEIS",7321,"SERVIÇOS DE LICENÇA PELO DIREITO DE USO DE ATIVOS NÃO-FINAN-CEIROS INTANGÍVEIS",16233,"REGISTRO DE PROGRAMA DE COMPUTADOR","Licença de Windows para máquinas da 2º Seção e 4 Seção, que acessam aplicativo que rodam apenas no windows",null,"Media","UNIDADE",null,null,null,7,500,3500]
["AD5",null,9,"ARMAZENAGEM",161,"SERVIÇOS ESPECIALIZADOS DE INSTALAÇÃO, TRANSIÇÃO, CONFIGURA-ÇÃO / CUSTOMIZAÇÃO DE SOFTWARE",1611,"SERVIÇOS ESPECIALIZADOS DE INSTALAÇÃO, TRANSIÇÃO, CONFIGURA-ÇÃO / CUSTOMIZAÇÃO DE SOFTWARE",26972,"SERVICOS DE INSTALACAO, TRANSICAO E CONFIGURACAO / PARAMETRIZACAO DE SOFTWARE","Serviço de Instalação de Storage",null,"Media","UNIDADE",null,null,null,3,10000,30000]
["AD5",null,31,"LOCACAO DE EQUIPAMENTOS DE PROC. DE DADOS",731,"SERVIÇOS DE LEASING OU ALUGUEL DE MAQUINARIA E EQUIPAMENTOS SEM OPERADOR",7327,"SERVIÇOS DE LEASING OU ALUGUEL DE MAQUINARIA E EQUIPAMENTOS SEM OPERADOR",15750,"INFORMATICA - LOCACAO EQUIPAMENTOS","Locação de Notebooks para apoiar nas atividades diárias do Comando.",null,"Media","UNIDADE",null,null,null,20,3000,60000]
["AD5",null,95,"MANUT.CONS.EQUIP. DE PROCESSAMENTO DE DADOS",166,"SERVIÇOS DE MANUTENÇÃO E INSTALAÇÃO DE EQUIPAMENTOS DE TIC",1661,"SERVIÇOS DE MANUTENÇÃO E INSTALAÇÃO DE EQUIPAMENTOS DE TIC",27138,"SERVICOS DE MANUTENCAO DE IMPRESSORAS, COPIADORAS, PLOTTER E SCANNERS","Serviço de Manutenção das impressoras que já estão sendo utilizadas no Comando",null,"Media","UNIDADE",null,null,null,1,10000,10000]
["CIMH",1,16,"MANUTENCAO E CONSERV. DE BENS IMOVEIS",546,"SERVIÇOS DE INSTALAÇÃO",5461,"SERVIÇOS DE INSTALAÇÃO ELÉTRICA",21687,"INSTALACAO/MANUTENCAO/OPERACAO - ELETRICA","Implantar postes padrôes exigidos pela empresa de energia local.","2º SEMESTRE 2022","Media","UNIDADE","INTEGRAL","CUSTO SUPORTE - SERVIÇO",null,5,3400,17000]
["CIMH",null,78,"LIMPEZA E CONSERVACAO",853,"SERVIÇOS DE LIMPEZA",8534,"SERVIÇO ESPECIALIZADO DE LIMPEZA",17159,"HIGIENIZACAO DE EQUIPAMENTOS","Realizar serviço de Dedetização e Desratização desta OM.","2º SEMESTRE 2022","Alta","UNIDADE","INTEGRAL","CUSTO FINALÍSTICO - MATERIAL",null,1,1000,1000]
["CIMH",null,78,"LIMPEZA E CONSERVACAO",853,"SERVIÇOS DE LIMPEZA",8534,"SERVIÇO ESPECIALIZADO DE LIMPEZA",17159,"HIGIENIZACAO DE EQUIPAMENTOS","Realizar manutenção nos arcondicionados da sede administrativa ","1º SEMESTRE 2022","Alta","UNIDADE","INTEGRAL","CUSTO FINALÍSTICO - SERVIÇO",null,6,350,2100]

{"sheet":"Tabelas Auxiliares","index":4,"n_rows":70,"n_cols":8,"rows_kept":70,"cut":false,"hidden":true,"merged":[[0,0,0,1],[0,3,0,4],[0,6,0,7]]}
["Subitem de Material de Consumo",null,null,"Subitem de Material Permanente",null,null,"Subitem de Serviços"]
["item","Descrição do Subitem",null,"item","Descrição do Subitem",null,"item","Descrição do Subitem"]
[1,"COMBUSTIVEIS E LUBRIFICANTES AUTOMOTIVOS",null,2,"AERONAVES",null,1,"ASSINATURAS DE PERIODICOS E ANUIDADES"]
[2,"COMBUSTIVEIS E LUBRIFICANTES DE AVIAÇÃO",null,4,"APARELHOS DE MEDICAO E ORIENTACAO",null,2,"CONDOMINIOS"]
[3,"COMBUSTIVEIS E LUBRIF. P/ OUTRAS FINALIDADES",null,6,"APARELHOS E EQUIPAMENTOS DE COMUNICACAO",null,4,"DIREITOS AUTORAIS"]
[4,"GAS E OUTROS MATERIAIS ENGARRAFADOS",null,8,"APAR.EQUIP.UTENS.MED.,ODONT,LABOR.HOSPIT.",null,5,"SERVICOS TECNICOS PROFISSIONAIS"]
[6,"ALIMENTOS PARA ANIMAIS ",null,10,"APARELHOS E EQUIP. P/ ESPORTES E DIVERSOES",null,6,"CAPATAZIA, ESTIVA E PESAGEM"]
[7,"GENEROS DE ALIMENTAÇÃO",null,12,"APARELHOS E UTENSILIOS DOMESTICOS",null,8,"MANUTENCAO DE SOFTWARE"]
[9,"MATERIAL FARMACOLOGICO",null,18,"COLECOES E MATERIAIS BIBLIOGRAFICOS",null,9,"ARMAZENAGEM"]
[10,"MATERIAL ODONTOLOGICO",null,19,"DISCOTECAS E FILMOTECAS",null,10,"LOCACAO DE IMOVEIS"]
[11,"MATERIAL QUIMICO",null,20,"EMBARCACOES",null,11,"LOCACAO DE SOFTWARES"]
[12,"MATERIAL DE COUDELARIA OU DE USO ZOOTECNICO",null,24,"EQUIPAMENTO DE PROTECAO, SEGURANCA E SOCORRO",null,12,"LOCACAO DE MAQUINAS E EQUIPAMENTOS"]
[13,"MATERIAL DE CACA E PESCA",null,26,"INSTRUMENTOS MUSICAIS E ARTISTICOS",null,14,"LOCACAO BENS MOV. OUT.NATUREZAS E INTANGIVEIS"]
[14,"MATERIAL EDUCATIVO E ESPORTIVO",null,28,"MAQUINAS E EQUIPAM. DE NATUREZA INDUSTRIAL",null,16,"MANUTENCAO E CONSERV. DE BENS IMOVEIS"]
[15,"MATERIAL P/ FESTIVIDADES E HOMENAGENS",null,30,"MAQUINAS E EQUIPAMENTOS ENERGETICOS",null,17,"MANUT. E CONSERV. DE MAQUINAS E EQUIPAMENTOS"]
[16,"MATERIAL DE EXPEDIENTE",null,32,"MAQUINAS E EQUIPAMENTOS GRAFICOS",null,18,"SERVICOS DE ESTACIONAMENTO DE VEICULOS"]
[17,"MATERIAL DE PROCESSAMENTO DE DADOS",null,33,"EQUIPAMENTOS PARA AUDIO, VIDEO E FOTO",null,19,"MANUTENCAO E CONSERV. DE VEICULOS"]
[18,"MATERIAIS E MEDICAMENTOS P/ USO VETERINARIO",null,34,"MAQUINAS, UTENSILIOS E EQUIPAMENTOS DIVERSOS",null,20,"MANUT.E CONS.DE B.MOVEIS DE OUTRAS NATUREZAS"]
[19,"MATERIAL DE ACONDICIONAMENTO E EMBALAGEM",null,35,"EQUIPAMENTOS DE PROCESSAMENTO DE DADOS",null,21,"MANUTENCAO E CONSERV. DE ESTRADAS E VIAS"]
[20,"MATERIAL DE CAMA, MESA E BANHO",null,36,"MAQUINAS, INSTALACOES E UTENS. DE ESCRITORIO",null,22,"EXPOSICOES, CONGRESSOS E CONFERENCIAS"]
[21,"MATERIAL DE COPA E COZINHA",null,38,"MAQ., FERRAMENTAS E UTENSILIOS DE OFICINA",null,23,"FESTIVIDADES E HOMENAGENS"]
[22,"MATERIAL DE LIMPEZA E PROD. DE HIGIENIZAÇÃO",null,39,"EQUIP. E UTENSILIOS HIDRAULICOS E ELETRICOS",null,24,"VISTOS CONSULARES"]
[23,"UNIFORMES, TECIDOS E AVIAMENTOS",null,40,"MAQUINAS E EQUIPAMENTOS AGRIC. E RODOVIARIOS",null,31,"LOCACAO DE EQUIPAMENTOS DE PROC. DE DADOS"]
[24,"MATERIAL P/ MANUT.DE BENS IMOVEIS/INSTALACOES",null,42,"MOBILIARIO EM GERAL",null,40,"PROGRAMA DE ALIMENTACAO DO TRABALHADOR"]
[25,"MATERIAL P/ MANUTENCAO DE BENS MOVEIS",null,44,"OBRAS DE ARTE E PECAS PARA EXPOSICAO",null,41,"FORNECIMENTO DE ALIMENTACAO"]
[26,"MATERIAL ELETRICO E ELETRONICO",null,46,"SEMOVENTES E EQUIPAMENTOS DE MONTARIA",null,43,"SERVICOS DE ENERGIA ELETRICA"]
[28,"MATERIAL DE PROTECAO E SEGURANCA",null,48,"VEICULOS DIVERSOS",null,44,"SERVICOS DE AGUA E ESGOTO"]
[29,"MATERIAL P/ AUDIO, VIDEO E FOTO",null,50,"VEICULOS FERROVIARIOS",null,45,"SERVICOS DE GAS"]
[30,"MATERIAL PARA COMUNICACOES",null,51,"PECAS NAO INCORPORAVEIS A IMOVEIS",null,46,"SERVICOS DOMESTICOS"]
[31,"SEMENTES, MUDAS DE PLANTAS E INSUMOS",null,52,"VEICULOS DE TRACAO MECANICA",null,47,"SERVICOS DE COMUNICACAO EM GERAL"]
[32,"SUPRIMENTO DE AVIACAO",null,54,"EQUIPAMENTOS, PECAS E ACESSORIOS AERONAUTICOS",null,48,"SERVICO DE SELECAO E TREINAMENTO"]
[33,"MATERIAL P/ PRODUCAO INDUSTRIAL",null,56,"EQUIPAMENTOS, PECAS E ACES.DE PROTECAO AO VOO",null,49,"PRODUCOES JORNALISTICAS"]
[34,"SOBRESSAL. MAQ.E MOTORES NAVIOS E EMBARCACOES",null,57,"ACESSORIOS PARA VEICULOS",null,50,"SERV.MEDICO"]
[35,"MATERIAL LABORATORIAL",null,58,"EQUIPAMENTOS DE MERGULHO E SALVAMENTO",null,51,"SERVICOS DE ANALISES E PESQUISAS CIENTIFICAS"]
[36,"MATERIAL HOSPITALAR",null,60,"EQUIPAMENTOS, PECAS E ACESSORIOS MARITIMOS",null,52,"SERVICOS DE REABILITACAO PROFISSIONAL"]
[38,"SUPRIMENTO DE PROTECAO AO VOO",null,83,"EQUIPAMENTOS E SISTEMA DE PROT.VIG.AMBIENTAL",null,53,"SERVICOS DE ASSISTENCIA SOCIAL"]
[39,"MATERIAL P/ MANUTENCAO DE VEICULOS",null,87,"MATERIAL DE CONSUMO DE USO DURADOURO",null,54,"SERVICOS DE CRECHES E ASSIST. PRE ESCOLAR"]
[40,"MATERIAL BIOLOGICO",null,99,"OUTROS MATERIAIS PERMANENTES",null,57,"SERVICOS DE PROC. DE DADOS"]
[41,"MATERIAL P/ UTILIZACAO EM GRAFICA",null,null,null,null,58,"SERVICOS DE TELECOMUNICACOES"]
[42,"FERRAMENTAS",null,null,null,null,59,"SERVICOS DE AUDIO, VIDEO E FOTO"]
[43,"MATERIAL P/ REABILITACAO PROFISSIONAL",null,null,null,null,62,"SERVICOS DE PRODUCAO INDUSTRIAL"]
[44,"MATERIAL DE SINALIZACAO VISUAL E OUTROS",null,null,null,null,63,"SERVICOS GRAFICOS E EDITORIAIS"]
[45,"MATERIAL TECNICO P/ SELECAO E TREINAMENTO",null,null,null,null,65,"SERVICOS DE APOIO AO ENSINO"]
[46,"MATERIAL BIBLIOGRAFICO",null,null,null,null,66,"SERVICOS JUDICIARIOS"]
[47,"AQUISICAO DE SOFTWARES DE BASE",null,null,null,null,67,"SERVICOS FUNERARIOS"]
[50,"BANDEIRAS, FLAMULAS E INSIGNIAS",null,null,null,null,68,"SERV. DE CONSERV. E REBENEF. DE MERCADORIAS"]
[51,"DISCOTECAS E FILMOTECAS NAO IMOBILIZAVEL",null,null,null,null,69,"SEGUROS EM GERAL"]
[53,"MATERIAL METEOROLOGICO",null,null,null,null,70,"CONFECCAO DE UNIFORMES, BANDEIRAS E FLAMULAS"]
[54,"MATERIAL P/MANUT.CONSERV.DE ESTRADAS E VIAS",null,null,null,null,71,"CONFECCAO DE MATERIAL DE ACONDIC. E EMBALAGEM"]
[99,"OUTROS MATERIAIS DE CONSUMO",null,null,null,null,72,"VALE TRANSPORTE"]
[null,null,null,null,null,null,73,"TRANSPORTE DE SERVIDORES"]
[null,null,null,null,null,null,74,"FRETES E TRANSP. DE ENCOMENDAS"]
[null,null,null,null,null,null,76,"CLASSIFICACAO DE PRODUTOS"]
[null,null,null,null,null,null,77,"VIGILANCIA OSTENSIVA/MONITORADA"]
[null,null,null,null,null,null,78,"LIMPEZA E CONSERVACAO"]
[null,null,null,null,null,null,79,"SERV. DE APOIO ADMIN., TECNICO E OPERACIONAL"]
[null,null,null,null,null,null,80,"HOSPEDAGENS"]
[null,null,null,null,null,null,82,"SERVICOS DE CONTROLE AMBIENTAL"]
[null,null,null,null,null,null,83,"SERVICOS DE COPIAS E REPRODUCAO DE DOCUMENTOS"]
[null,null,null,null,null,null,85,"SERVICOS EM ITENS REPARAVEIS DE AVIACAO"]
[null,null,null,null,null,null,86,"PATROCINIOS"]
[null,null,null,null,null,null,88,"PROMOCAO"]
[null,null,null,null,null,null,90,"SERVICOS DE PUBLICIDADE LEGAL"]
[null,null,null,null,null,null,91,"SERVICOS DE PUBLICIDADE MERCADOLOGICA"]
[null,null,null,null,null,null,92,"SERVICOS DE PUBLICIDADE INSTITUCIONAL"]
[null,null,null,null,null,null,93,"SERVICOS DE PUBLICIDADE DE UTILIDADE PUBLICA"]
[null,null,null,null,null,null,94,"AQUISICAO DE SOFTWARES DE APLICACAO."]
[null,null,null,null,null,null,95,"MANUT.CONS.EQUIP. DE PROCESSAMENTO DE DADOS"]
[null,null,null,null,null,null,97,"DESPESAS DE TELEPROCESSAMENTO"]
[null,null,null,null,null,null,99,"OUTROS SERVICOS DE TERCEIROS"]